{"text_format":"1","workbook":"xlsx","n_sheets":4,"sheets":["표준부품_기준가표","추가부품_기준가표","물품금액","구매내역"],"not_rendered":{"charts":0,"images":0,"macros":1,"external_links":0,"defined_names":6,"comments":1,"pivot_tables":0},"unopened":[],"bounds":{"document_bytes":16777216,"sheet_cells":100000,"rows_first":2000,"rows_last":500,"rows_between":2000,"halvings":0,"cell_chars":16384,"cell_head_chars":4096},"cells_cut":0,"cells_raw":0,"read":"whole","date_system":"1900"}

{"sheet":"표준부품_기준가표","index":0,"n_rows":270,"n_cols":14,"rows_kept":270,"cut":false,"hidden":false,"merged":[[115,4,120,4],[115,5,120,5],[109,4,114,4],[109,5,114,5],[102,4,108,4],[102,5,108,5],[96,4,101,4],[96,5,101,5],[88,4,95,4],[88,5,95,5],[71,4,80,4],[71,5,80,5],[81,4,87,4],[81,5,87,5],[54,4,58,4],[54,5,58,5],[42,4,44,4],[42,5,44,5],[45,4,51,4],[45,5,51,5],[34,5,41,5],[12,10,16,10],[12,11,16,11],[12,12,16,12],[45,10,51,10],[45,11,51,11],[45,12,51,12],[17,5,21,5],[22,4,29,4],[22,5,29,5],[12,4,16,4],[12,5,16,5],[54,10,58,10],[54,11,58,11],[12,3,16,3],[7,3,11,3],[30,3,33,3],[30,10,33,10],[30,11,33,11],[30,12,33,12],[42,3,44,3],[34,3,41,3],[34,10,41,10],[34,11,41,11],[42,10,44,10],[42,11,44,11],[42,12,44,12],[7,10,11,10],[7,11,11,11],[7,12,11,12],[7,4,11,4],[7,5,11,5],[17,4,21,4],[30,4,33,4],[30,5,33,5],[34,4,41,4],[96,1,101,1],[102,1,108,1],[109,1,114,1],[115,1,120,1],[1,1,1,2],[7,1,11,1],[12,1,16,1],[17,1,21,1],[22,1,29,1],[30,1,33,1],[34,1,41,1],[42,1,44,1],[45,1,51,1],[54,1,58,1],[22,2,29,2],[88,2,95,2],[61,1,70,1],[71,1,80,1],[81,1,87,1],[88,1,95,1],[12,2,16,2],[7,2,11,2],[42,2,44,2],[52,1,53,1],[115,13,120,13],[96,2,101,2],[96,3,101,3],[96,13,101,13],[115,2,120,2],[115,3,120,3],[115,10,120,10],[115,11,120,11],[115,12,120,12],[109,13,114,13],[109,2,114,2],[109,3,114,3],[102,2,108,2],[102,3,108,3],[102,10,108,10],[102,13,108,13],[109,10,114,10],[109,11,114,11],[109,12,114,12],[96,10,101,10],[102,11,108,11],[102,12,108,12],[96,11,101,11],[96,12,101,12],[22,13,29,13],[45,13,51,13],[34,13,41,13],[42,13,44,13],[81,13,87,13],[12,13,16,13],[7,13,11,13],[17,13,21,13],[30,13,33,13],[54,13,58,13],[52,13,53,13],[88,13,95,13],[61,2,70,2],[61,3,70,3],[61,10,70,10],[61,11,70,11],[61,12,70,12],[61,13,70,13],[71,2,80,2],[71,3,80,3],[71,13,80,13],[81,2,87,2],[81,3,87,3],[81,10,87,10],[81,11,87,11],[81,12,87,12],[88,11,95,11],[88,3,95,3],[88,10,95,10],[88,12,95,12],[61,4,70,4],[61,5,70,5],[71,10,80,10],[71,11,80,11],[71,12,80,12],[17,2,21,2],[17,3,21,3],[17,10,21,10],[17,11,21,11],[17,12,21,12],[54,2,58,2],[54,3,58,3],[30,2,33,2],[45,2,51,2],[45,3,51,3],[34,2,41,2],[34,12,41,12],[52,2,53,2],[52,3,53,3],[52,11,53,11],[52,12,53,12],[22,3,29,3],[22,10,29,10],[22,11,29,11],[22,12,29,12],[54,12,58,12],[52,10,53,10],[52,4,53,4],[52,5,53,5],[137,13,144,13],[137,1,144,1],[137,2,144,2],[137,3,144,3],[137,10,144,10],[137,11,144,11],[137,12,144,12],[129,10,136,10],[129,11,136,11],[129,12,136,12],[129,1,136,1],[129,2,136,2],[129,3,136,3],[129,13,136,13],[137,4,144,4],[137,5,144,5],[129,4,136,4],[129,5,136,5],[121,3,123,3],[121,10,123,10],[121,11,123,11],[121,12,123,12],[121,13,123,13],[124,1,127,1],[124,2,127,2],[124,3,127,3],[124,13,127,13],[124,10,127,10],[124,11,127,11],[124,12,127,12],[121,1,123,1],[121,2,123,2],[121,4,123,4],[121,5,123,5],[124,4,127,4],[124,5,127,5],[145,10,151,10],[145,11,151,11],[145,12,151,12],[145,13,151,13],[145,1,151,1],[145,2,151,2],[145,3,151,3],[145,4,151,4],[145,5,151,5]]}
[]
[null,"표준부품_기준가표"]
[]
[]
[null,"※ 부품/제작비 단가 변경시 실비적용"]
[null,"※ 건강보험환자가 기준품 외 다른 제품을 사용하는 경우 추가 부담금 발생 : (높은외산 부품의 +10%) - 기본부품비 = 본인부담금"]
[null,"구분","수가코드명","수가(A)","건보 추가금액(B)","산재 부담금\n(A-C)","부품/제작","표준구성_부품","표준_부품가","수량","부품비(C)","제작비","합계","비고"]
[null,"제작","어깨가슴의지 - 미관형",930000,227570,0,"부품비","의지상지-견갑장식세트(독일산) (의지재료) (의지재료)",530000,1,760000,397570,1157570]
[null,null,null,null,null,null,"부품비","의지상지-미관형의수실리콘리갈(외산) (의지재료) (의지재료)",230000,1]
[null,null,null,null,null,null,"제작비","어깨밴드 교환",24000,1]
[null,null,null,null,null,null,"제작비","위팔 의지 소켓 교환",201000,1]
[null,null,null,null,null,null,"제작비","위팔의지 폼카바 교환",172570,1]
[null,"제작","어깨관절의지 - 미관형",1020000,137570,0,"부품비","의지상지-견갑장식세트(독일산) (의지재료) (의지재료)",530000,1,760000,397570,1157570]
[null,null,null,null,null,null,"부품비","의지상지-미관형의수실리콘리갈(외산) (의지재료) (의지재료)",230000,1]
[null,null,null,null,null,null,"제작비","어깨밴드 교환",24000,1]
[null,null,null,null,null,null,"제작비","위팔 의지 소켓 교환",201000,1]
[null,null,null,null,null,null,"제작비","위팔의지 폼카바 교환",172570,1]
[null,"제작","위팔 의지 - 미관형",740000,162570,0,"부품비","의지상지-상박관절장식키트형(외산) (의지재료) (의지재료)",275000,1,505000,397570,902570,"원통형 엘보우 사용시 추가금 없음 (폼카바 및 상박관절 사용 안함)"]
[null,null,null,null,null,null,"부품비","의지상지-미관형의수실리콘리갈(외산) (의지재료) (의지재료)",230000,1]
[null,null,null,null,null,null,"제작비","어깨밴드 교환",24000,1]
[null,null,null,null,null,null,"제작비","위팔 의지 소켓 교환",201000,1]
[null,null,null,null,null,null,"제작비","위팔의지 폼카바 교환",172570,1]
[null,"제작","위팔 의지 - 기능형",1490000,295000,0,"부품비","의지상지-상박관절장식호스머(미국산) (의지재료) (의지재료)",760000,1,1412000,373000,1785000,"후크 525,000원 이하 사용 시 본인 부담금 없음"]
[null,null,null,null,null,null,"부품비","의지상지-손목장식국산(국산) (의지재료) (의지재료)",17000,1]
[null,null,null,null,null,null,"부품비","의지상지-반자동의수(독일산) (의지재료) (의지재료)",363000,1]
[null,null,null,null,null,null,"부품비","의지상지-미관형의수전자글러브레진(외산) (의지재료) (의지재료)",162000,1]
[null,null,null,null,null,null,"부품비","의지상지-케이블세트외산(독일산) (의지재료) (의지재료)",110000,1]
[null,null,null,null,null,null,"제작비","어깨밴드 교환",24000,1]
[null,null,null,null,null,null,"제작비","아래팔 의지 소켓 교환",148000,1]
[null,null,null,null,null,null,"제작비","위팔 의지 소켓 교환",201000,1]
[null,"제작","팔꿈치관절 의지 - 미관형",720000,0,0,"부품비","의지상지-미관형의수실리콘리갈(외산) (의지재료) (의지재료)",230000,1,230000,373000,603000]
[null,null,null,null,null,null,"제작비","어깨밴드 교환",24000,1]
[null,null,null,null,null,null,"제작비","위팔 의지 소켓 교환",201000,1]
[null,null,null,null,null,null,"제작비","아래팔 의지 소켓 교환",148000,1]
[null,"제작","팔꿈치관절 의지 - 기능형",1640000,285000,0,"부품비","의지상지-상박주관절장식(호스머)",900000,1,1552000,373000,1925000,"후크 525,000원 이하 사용 시 본인 부담금 없음"]
[null,null,null,null,null,null,"부품비","의지상지-손목장식국산(국산) (의지재료) (의지재료)",17000,1]
[null,null,null,null,null,null,"부품비","의지상지-반자동의수(독일산) (의지재료) (의지재료)",363000,1]
[null,null,null,null,null,null,"부품비","의지상지-미관형의수전자글러브레진(외산) (의지재료) (의지재료)",162000,1]
[null,null,null,null,null,null,"부품비","의지상지-케이블세트외산(독일산) (의지재료) (의지재료)",110000,1]
[null,null,null,null,null,null,"제작비","어깨밴드 교환",24000,1]
[null,null,null,null,null,null,"제작비","위팔 의지 소켓 교환",201000,1]
[null,null,null,null,null,null,"제작비","아래팔 의지 소켓 교환",148000,1]
[null,"제작","아래팔 의지 - 미관형",650000,0,0,"부품비","의지상지-미관형의수실리콘리갈(외산) (의지재료) (의지재료)",230000,1,230000,172000,402000]
[null,null,null,null,null,null,"제작비","상완밴드 교환",24000,1]
[null,null,null,null,null,null,"제작비","아래팔 의지 소켓 교환",148000,1]
[null,"제작","아래팔 의지 - 기능형",980000,0,0,"부품비","의지상지-손목장식국산(국산) (의지재료) (의지재료)",17000,1,652000,291000,943000,"후크 520,000원 이상 사용 시 본인 부담금 발생"]
[null,null,null,null,null,null,"부품비","의지상지-반자동의수(독일산) (의지재료) (의지재료)",363000,1]
[null,null,null,null,null,null,"부품비","의지상지-미관형의수전자글러브레진(외산) (의지재료) (의지재료)",162000,1]
[null,null,null,null,null,null,"부품비","의지상지-케이블세트외산(독일산) (의지재료) (의지재료)",110000,1]
[null,null,null,null,null,null,"제작비","어깨밴드 교환",24000,1]
[null,null,null,null,null,null,"제작비","케이블 교환",119000,1]
[null,null,null,null,null,null,"제작비","아래팔 의지 소켓 교환",148000,1]
[null,"제작","손목관절 의지 - 미관형",520000,0,0,"부품비","의지상지-미관형의수실리콘두손 (의지재료) (의지재료)",230000,1,230000,148000,378000]
[null,null,null,null,null,null,"제작비","아래팔 의지 소켓 교환",148000,1]
[null,"제작","손목관절 의지 - 기능형",830000,0,0,"부품비","의지상지-손목장식국산(국산) (의지재료) (의지재료)",17000,1,652000,148000,800000,"후크 520,000원 이상 사용 시 본인 부담금 발생"]
[null,null,null,null,null,null,"부품비","의지상지-반자동의수(독일산) (의지재료) (의지재료)",363000,1]
[null,null,null,null,null,null,"부품비","의지상지-미관형의수전자글러브레진(외산) (의지재료) (의지재료)",162000,1]
[null,null,null,null,null,null,"부품비","의지상지-케이블세트외산(독일산) (의지재료) (의지재료)",110000,1]
[null,null,null,null,null,null,"제작비","아래팔 의지 소켓 교환",148000,1]
[null,"제작","손 의지 - 미관형",330000,0,0,"부품비","의지상지-미관형의수실리콘두손 (의지재료) (의지재료)",230000,1,230000,null,230000]
[null,"제작","손가락 의지 - 미관형",150000,0,0,"부품비","의지상지-미관형의수지실리콘 (의지재료) (의지재료)",65000,1,65000,null,65000]
[null,"제작","골반 의지",2260000,1353000,670000,"부품비","의지하지-고관절장식7E7(독일산) (의지재료) (의지재료)",1300000,1,2930000,683000,3613000,"고관절 장식은 오토복 단일 품목이고, 고관절 세트 (관절장식, 소켓연결 아답터, 파이프)"]
[null,null,null,null,null,null,"부품비","의지하지-발Bk(국산) (의지재료)",188000,1]
[null,null,null,null,null,null,"부품비","의지하지-대퇴무릎장식Bk공압식(4절공압식) (의지재료) (의지재료)",777000,1]
[null,null,null,null,null,null,"부품비","의지하지-각도조절클램프티탄 (의지재료) (의지재료)",243000,1]
[null,null,null,null,null,null,"부품비","의지하지-4홀메일피라미드티타늄",83000,1]
[null,null,null,null,null,null,"부품비","의지하지-무릎회전장식Bk(국산) (의지재료) (의지재료)",226000,1]
[null,null,null,null,null,null,"부품비","의지하지-클램프알미늄(알미늄) (의지재료) (의지재료)",39000,2]
[null,null,null,null,null,null,"부품비","소모품-알미늄 튜브 910mm(성림)",35000,1]
[null,null,null,null,null,null,"제작비","엉덩이관절 의지 소켓 교환",546000,1]
[null,null,null,null,null,null,"제작비","넓적다리 의지 폼카바 교환",137000,1]
[null,"제작","엉덩이관절 의지",2260000,1353000,670000,"부품비","의지하지-고관절장식7E7(독일산) (의지재료) (의지재료)",1300000,1,2930000,683000,3613000,"고관절 장식은 오토복 단일 품목이고, 고관절 세트 (관절장식, 소켓연결 아답터, 파이프)"]
[null,null,null,null,null,null,"부품비","의지하지-발Bk(국산) (의지재료)",188000,1]
[null,null,null,null,null,null,"부품비","의지하지-대퇴무릎장식Bk공압식(4절공압식) (의지재료) (의지재료)",777000,1]
[null,null,null,null,null,null,"부품비","의지하지-각도조절클램프티탄 (의지재료) (의지재료)",243000,1]
[null,null,null,null,null,null,"부품비","의지하지-4홀메일피라미드티타늄",83000,1]
[null,null,null,null,null,null,"부품비","의지하지-무릎회전장식Bk(국산) (의지재료) (의지재료)",226000,1]
[null,null,null,null,null,null,"부품비","의지하지-클램프알미늄(알미늄) (의지재료) (의지재료)",39000,2]
[null,null,null,null,null,null,"부품비","소모품-알미늄 튜브 910mm(성림)",35000,1]
[null,null,null,null,null,null,"제작비","엉덩이관절 의지 소켓 교환",546000,1]
[null,null,null,null,null,null,"제작비","넓적다리 의지 폼카바 교환",137000,1]
[null,"제작","넓적다리 의지 - 일반형",1950000,0,0,"부품비","의지하지-대퇴무릎장식Bk공압식(4절공압식) (의지재료) (의지재료)",777000,1,1078000,581000,1659000,"넓적다리 의지 허리벨트 교환시 180,390원 추가"]
[null,null,null,null,null,null,"부품비","의지하지-발Bk(국산) (의지재료) (의지재료)",188000,1]
[null,null,null,null,null,null,"부품비","의지하지-클램프알미늄(알미늄) (의지재료) (의지재료)",39000,2]
[null,null,null,null,null,null,"부품비","소모품-알미늄 튜브 910mm(성림)",35000,1]
[null,null,null,null,null,null,"제작비","넓적다리 의지 소켓 교환",444000,1]
[null,null,null,null,null,null,"제작비","넓적다리 의지 폼카바 교환",137000,1]
[null,null,null,null,null,null,"부품","의지하지-무릎회전장식Bk(국산) (의지재료) (의지재료)",302000,1]
[null,"제작","넓적다리 의지 - 실리콘형",2960000,0,0,"부품비","의지하지-대퇴무릎장식Bk공압식(4절공압식) (의지재료) (의지재료)",777000,1,1924000,801000,2725000,"넓적다리 의지 허리벨트 교환시 180,390원 추가"]
[null,null,null,null,null,null,"부품비","의지하지-발Bk(국산) (의지재료) (의지재료)",188000,1]
[null,null,null,null,null,null,"부품비","의지하지-실리콘싹스(아이스로스 씰인X-TF(Set) (의지재료)",620000,1]
[null,null,null,null,null,null,"부품비","의지하지-무릎회전장식Bk(국산) (의지재료) (의지재료)",226000,1]
[null,null,null,null,null,null,"부품비","의지하지-클램프알미늄(알미늄) (의지재료) (의지재료)",39000,2]
[null,null,null,null,null,null,"부품비","소모품-알미늄 튜브 910mm(성림)",35000,1]
[null,null,null,null,null,null,"제작비","넓적다리 의지 소켓 교환(실리콘형)",664000,1]
[null,null,null,null,null,null,"제작비","넓적다리 의지 폼카바 교환",137000,1]
[null,"제작","무릎관절 의지 - 일반형",1930000,0,0,"부품비","의지하지-슬관절용무릎장식Bk(국산) (의지재료) (의지재료)",777000,1,1078000,581000,1659000]
[null,null,null,null,null,null,"부품비","의지하지-발Bk(국산) (의지재료) (의지재료)",188000,1]
[null,null,null,null,null,null,"부품비","의지하지-클램프알미늄(알미늄) (의지재료) (의지재료)",39000,2]
[null,null,null,null,null,null,"부품비","소모품-알미늄 튜브 910mm(성림)",35000,1]
[null,null,null,null,null,null,"제작비","넓적다리 의지 소켓 교환",444000,1]
[null,null,null,null,null,null,"제작비","넓적다리 의지 폼카바 교환",137000,1]
[null,"제작","무릎관절 의지 - 실리콘형",2610000,0,0,"부품비","의지하지-실리콘싹스(아이스로스 씰인X-TF(Set) (의지재료)",620000,1,1698000,801000,2499000]
[null,null,null,null,null,null,"부품비","의지하지-대퇴무릎장식Bk공압식(4절공압식) (의지재료) (의지재료)",777000,1]
[null,null,null,null,null,null,"부품비","의지하지-발Bk(국산) (의지재료) (의지재료)",188000,1]
[null,null,null,null,null,null,"부품비","의지하지-클램프알미늄(알미늄) (의지재료) (의지재료)",39000,2]
[null,null,null,null,null,null,"부품비","소모품-알미늄 튜브 910mm(성림)",35000,1]
[null,null,null,null,null,null,"제작비","넓적다리 의지 소켓 교환(실리콘형)",664000,1]
[null,null,null,null,null,null,"제작비","넓적다리 의지 폼카바 교환",137000,1]
[null,"제작","종아리 의지 - 일반형",1380000,0,0,"부품비","의지하지-발Bk(국산) (의지재료) (의지재료)",188000,1,301000,561000,862000,"짧은 종아리 의지 장식 / 짧은 종아리 의지 콜셋 밴드 추가시 본인 부담금 없음"]
[null,null,null,null,null,null,"부품비","의지하지-클램프알미늄(알미늄) (의지재료) (의지재료)",39000,2]
[null,null,null,null,null,null,"부품비","소모품-알미늄 튜브 910mm(성림)",35000,1]
[null,null,null,null,null,null,"제작비","종아리 의지 콜셋밴드 교환",41000,1]
[null,null,null,null,null,null,"제작비","종아리 의지 소켓 교환",416000,1]
[null,null,null,null,null,null,"제작비","종아리 의지 폼카바 교환",104000,1]
[null,"제작","종아리 의지 - 실리콘형",2230000,0,0,"부품비","의지하지-발Bk(국산) (의지재료) (의지재료)",188000,1,748000,706000,1454000,"짧은 종아리 의지 장식 / 짧은 종아리 의지 콜셋 밴드 추가시 본인 부담금 없음"]
[null,null,null,null,null,null,"부품비","의지하지-실리콘싹스스포츠(미국산) (의지재료) (의지재료)",430000,1]
[null,null,null,null,null,null,"부품비","의지하지-무릎슬리브(독일) (의지재료)",130000,1]
[null,null,null,null,null,null,"제작비","종아리 의지 소켓 교환(실리콘형)",527000,1]
[null,null,null,null,null,null,"제작비","다리 의지 파이프어답터 교환",75000,1]
[null,null,null,null,null,null,"제작비","종아리 의지 폼카바 교환",104000,1]
[null,"제작","발목 의지 - 일반형",680000,0,0,"부품비","의지하지-발Bk(국산) (의지재료)",188000,1,188000,457000,645000]
[null,null,null,null,null,null,"제작비","종아리 의지 콜셋밴드 교환",41000,1]
[null,null,null,null,null,null,"제작비","종아리 의지 소켓 교환",416000,1]
[null,"제작","발목 의지 - 실리콘형",1440000,0,0,"부품비","의지하지-발Bk(국산) (의지재료)",188000,1,748000,527000,1275000]
[null,null,null,null,null,null,"부품비","의지하지-실리콘싹스스포츠(미국산) (의지재료) (의지재료)",430000,1]
[null,null,null,null,null,null,"부품비","의지하지-무릎슬리브(독일) (의지재료)",130000,1]
[null,null,null,null,null,null,"제작비","종아리 의지 소켓 교환(실리콘형)",527000,1]
[null,"제작","발 의지 - 일반형",280000,0,0,"부품비","의지하지-미관형족지레진(두손) (의지재료)",90000,1,90000,null,90000]
[null,"제작","엉덩 – 무릎 – 발목 – 발 보조기(한쪽)",540000,25000,0,"부품비","보조기하지-고관절 장식",130000,1,188000,377000,565000]
[null,null,null,null,null,null,"부품비","보조기하지-장보조기장식(大) (의지재료) (의지재료)",40000,1]
[null,null,null,null,null,null,"부품비","보조기하지-발목장식보조기용 (의지재료) (의지재료)",18000,1]
[null,null,null,null,null,null,"제작비","다리보조기용 속신 교환",162000,1]
[null,null,null,null,null,null,"제작비","듀랄루민 커프 교환",25000,4]
[null,null,null,null,null,null,"제작비","발목장식 교환",33000,1]
[null,null,null,null,null,null,"제작비","커프용 가죽밴드 교환",21000,3]
[null,null,null,null,null,null,"제작비","무릎띠 교환",19000,1]
[null,"제작","엉덩 – 무릎 – 발목 – 발 보조기(양쪽)",790000,340000,0,"부품비","보조기하지-고관절 장식",130000,2,376000,754000,1130000]
[null,null,null,null,null,null,"부품비","보조기하지-장보조기장식(大) (의지재료) (의지재료)",40000,2]
[null,null,null,null,null,null,"부품비","보조기하지-발목장식보조기용 (의지재료) (의지재료)",18000,2]
[null,null,null,null,null,null,"제작비","다리보조기용 속신 교환",162000,2]
[null,null,null,null,null,null,"제작비","듀랄루민 커프 교환",25000,8]
[null,null,null,null,null,null,"제작비","발목장식 교환",33000,2]
[null,null,null,null,null,null,"제작비","커프용 가죽밴드 교환",21000,6]
[null,null,null,null,null,null,"제작비","무릎띠 교환",19000,2]
[null,"제작","무릎 – 발목 – 발 보조기(한쪽)",410000,0,0,"부품비","보조기하지-장보조기장식(大) (의지재료) (의지재료)",40000,1,58000,352000,410000,"① 속신 + 구두하는 경우\n   · 속신 : 긴다리보조기에 포함\n   · 구두 : 맞춤형 구두 수가 수납\n② 속신대신 정형구두 부착하는 경우\n   · 정형용 구두 기본 지급\n   · 기본이 아닌 경우 정형용 구두 수리수가 넘어가는 금액 본인부담"]
[null,null,null,null,null,null,"부품비","보조기하지-발목장식보조기용 (의지재료) (의지재료)",18000,1]
[null,null,null,null,null,null,"제작비","다리보조기용 속신 교환",162000,1]
[null,null,null,null,null,null,"제작비","듀랄루민 커프 교환",25000,3]
[null,null,null,null,null,null,"제작비","발목장식 교환",33000,1]
[null,null,null,null,null,null,"제작비","커프용 가죽밴드 교환",21000,3]
[null,null,null,null,null,null,"제작비","무릎띠 교환",19000,1]
[null,"수리","위팔 의지 소켓 교환",201000]
[null,"수리","위팔 의지 관절장식 교환",538000]
[null,"수리","위팔 의지 관절장식 교환(기능형)",930000]
[null,"수리","아래팔 의지 소켓 교환",148000]
[null,"수리","훅크 교환",351000]
[null,"수리","의수 교환(기능형)",532000]
[null,"수리","케이블 교환",119000]
[null,"수리","어깨밴드 교환",24000]
[null,"수리","실리콘 의수 교환(미관형)",237000]
[null,"수리","팔꿈치관절 의지 장식 교환(기능형)",964000]
[null,"수리","아주 짧은 아래팔 의지 장식 교환",454000]
[null,"수리","근전전동의수 소켓 교환",784000]
[null,"수리","근전전동의수 배터리 교환 : 2개 1세트",105000]
[null,"수리","근전전동의수 변속기부 교환",654510]
[null,"수리","근전전동의수 모터부 교환",444510]
[null,"수리","근전전동의수 기어부 교환",150510]
[null,"수리","근전전동의수 골격부 교환",948510]
[null,"수리","근전전동의수 센서부 교환",339510]
[null,"수리","근전전동의수 제어부 교환",444510]
[null,"수리","근전전동의수 외피 교환",194610]
[null,"수리","기능성 의수 내피 교환",156810]
[null,"수리","위팔의지 폼카바 교환",172570]
[null,"수리","위팔의지 스타키넷트 교환",30800]
[null,"수리","상완밴드 교환",24000]
[null,"수리","근전전동의수 손목꺾임장식",631510]
[null,"수리","넓적다리 의지 소켓 교환",444000]
[null,"수리","넓적다리 의지 허리벨트 교환",180390]
[null,"수리","넓적다리 의지 무릎관절장식 교환",865240]
[null,"수리","넓적다리 의지 무릎관절장식 교환(인공지능식)",2681980]
[null,"수리","무릎관절 의지 무릎관절장식 교환",1060000]
[null,"수리","발목장식 교환(일반형)",158000]
[null,"수리","넓적다리의지 발목장식 교환(고기능형)",638760]
[null,"수리","족부외피 교환",45850]
[null,"수리","넓적다리 의지 폼카바 교환",137000]
[null,"수리","흡인 밸브 교환",14000]
[null,"수리","넓적다리 의지 스타키넷트 교환",24000]
[null,"수리","종아리 의지 폼카바 교환",104000]
[null,"수리","종아리 의지 소켓 교환",416000]
[null,"수리","종아리 의지 스타키넷트 교환",21000]
[null,"수리","종아리 의지 스타키넷트카바 교환",18000]
[null,"수리","넓적다리 의지 스타키넷트카바 교환",21000]
[null,"수리","짧은 종아리 의지 장식 교환",119000]
[null,"수리","짧은 종아리 의지 콜셋밴드 교환",83000]
[null,"수리","종아리 의지 콜셋밴드 교환",41000]
[null,"수리","종아리 의지 실리콘 내피 교환",435000]
[null,"수리","다리 의지 파이프어답터 교환",75000]
[null,"수리","의지하지-무릎회전장식Bk(국산) (의지재료) (의지재료)",302000]
[null,"수리","넓적다리 의지 소켓 교환(실리콘형)",664000]
[null,"수리","종아리 의지 소켓 교환(실리콘형)",527000]
[null,"수리","엉덩이관절 의지 장식 교환",541000]
[null,"수리","엉덩이관절 의지 소켓 교환",546000]
[null,"수리","넓적다리 의지 실리콘내피 교환",646000]
[null,"수리","싸임식 발목관절 의지 실리콘내피 교환",517000]
[null,"수리","무릎관절용 소켓연결 어답터 교환",197000]
[null,"수리","더마실 교환",108000]
[null,"수리","디지털 컵 교환",113000]
[null,"수리","종아리의지 실리콘 슬리브 교환",168000]
[null,"수리","긴 다리 보조기 장식 교환",91000]
[null,"수리","듀랄루민 커프 교환",25000]
[null,"수리","발목장식 교환",33000]
[null,"수리","커프용 가죽밴드 교환",21000]
[null,"수리","무릎띠 교환",19000]
[null,"수리","크렌자크식 발목관절 보조기 장식 교환",68000]
[null,"수리","다리보조기용 속신 교환",162000]
[null,"수리","다리보조기용 정형용 구두 교환",100000]
[null,"수리","시트 교환(일반형)",27000]
[null,"수리","등받이 교환(일반형)",27000]
[null,"수리","뒷바퀴 전체 교환(일반형)",49000]
[null,"수리","뒷바퀴 타이어 교환(일반형)",12000]
[null,"수리","뒷바퀴 튜브 교환(일반형)",6000]
[null,"수리","뒷바퀴 타이어 교환(활동형)",14000]
[null,"수리","뒷바퀴 튜브 교환(활동형)",7000]
[null,"수리","앞바퀴 교환(일반형)",25000]
[null,"수리","앞바퀴 교환(전동)",31000]
[null,"수리","팔받침 교환(일반형)",12000]
[null,"수리","팔받침 교환(활동형)",13000]
[null,"수리","팔받침 교환(수·전동 바퀴분리형)",13000]
[null,"수리","발판 교환(일반형)",14000]
[null,"수리","핸드림 교환(일반형)",25000]
[null,"수리","브레이크 교환(일반형)",14000]
[null,"수리","브레이크 교환(활동형)",29000]
[null,"수리","12\" 뒷바퀴 전체 교환(전동)",58000]
[null,"수리","12인치 뒷바퀴 타이어 교환(전동)",22000]
[null,"수리","12인치 뒷바퀴 튜브 교환(전동)",10000]
[null,"수리","14인치 뒷바퀴 타이어 교환(전동)",24000]
[null,"수리","14인치 뒷바퀴 튜브 교환(전동)",11000]
[null,"수리","16\" 뒷바퀴 전체 교환(전동)",85000]
[null,"수리","16인치 뒷바퀴 타이어 교환(전동)",28000]
[null,"수리","16인치 뒷바퀴 튜브 교환(전동)",12000]
[null,"수리","시트 교환(전동)",29000]
[null,"수리","등받이 교환(전동)",35000]
[null,"수리","팔받침 교환(전동)",14000]
[null,"수리","발판 교환(전동)",16000]
[null,"수리","옆받이 교환(일반형)",16000]
[null,"수리","옆받이 교환(활동형)",26000]
[null,"수리","요크 교환(일반형)",30000]
[null,"수리","요크 교환(활동형)",43000]
[null,"수리","팔걸이 교환(일반형)",17000]
[null,"수리","팔걸이 교환(활동형)",18000]
[null,"수리","팔걸이 교환(전동)",19000]
[null,"수리","팔걸이 교환(수·전동 바퀴분리형)",17000]
[null,"수리","발걸이 교환(일반형)",35000]
[null,"수리","발걸이 교환(활동형)",36000]
[null,"수리","발걸이 교환(전동)",42000]
[null,"수리","발걸이 교환(수·전동 바퀴분리형)",35000]
[null,"수리","10인치 앞바퀴 전체교환(전동스쿠터)",50000]
[null,"수리","10인치 뒷바퀴 전체교환(전동스쿠터)",50000]
[null,"수리","10인치 타이어 교환(전동스쿠터)",12000]
[null,"수리","10인치 튜브 교환(전동스쿠터)",8000]
[null,"수리","11인치 앞바퀴 전체교환(전동스쿠터)",60000]
[null,"수리","11인치 뒷바퀴 전체교환(전동스쿠터)",60000]
[null,"수리","11인치 타이어 교환(전동스쿠터)",16000]
[null,"수리","11인치 튜브 교환(전동스쿠터)",10000]
[null,"수리","12인치 앞바퀴 전체교환(전동스쿠터)",70000]
[null,"수리","12인치 뒷바퀴 전체교환(전동스쿠터)",70000]
[null,"수리","12인치 타이어 교환(전동스쿠터)",20000]
[null,"수리","12인치 튜브 교환(전동스쿠터)",12000]
[null,"수리","이동식 리프트용 배터리 교환: 2개 1세트",47600]

{"sheet":"추가부품_기준가표","index":1,"n_rows":137,"n_cols":8,"rows_kept":137,"cut":false,"hidden":false,"merged":[]}
[]
[null,"추가부품_기준가표"]
[]
[]
[]
[null,"※ 부품가격 * 1.1에서 기준부품 금액 차액을 환자부담금으로 계산"]
[null,"구분","부품명","부품가","환자부담금","기준부품","보증기간","비고"]
[null,"MPK","의지하지-대퇴무릎장식Bk인공지능(인공지능) (의지재료) (의지재료)",2484000,0,"기준부품"]
[null,"MPK","의지하지-레오니세트(오서)",25000000,25016000.000000004]
[null,"MPK","의지하지-대퇴무릎장식3c98씨렉4(독일산)",34000000,34916000]
[null,"글러브","의지상지-미관형의수전자글러브레진(외산) (의지재료) (의지재료)",162000,0,null,null,"글러브 + 반자동의수 개인 부담금 없음"]
[null,"터미널디바이스","의지상지-작업의수후크알미늄호스머(미국산) (의지재료) (의지재료)",520000,0,"기준부품"]
[null,"터미널디바이스","의지상지-반자동의수(독일산) (의지재료) (의지재료)",363000,0,null,null,"글러브 + 반자동의수 개인 부담금 없음"]
[null,"터미널디바이스","의지상지-작업의수후크스텐호스머중(미국산) (의지재료) (의지재료)",560000,96000]
[null,"단축/공압/유압무릎","의지하지-대퇴무릎장식Bk공압식(4절공압식) (의지재료) (의지재료)",777000,0,"기준부품"]
[null,"단축/공압/유압무릎","의지하지-홍콩리갈기계식슬관절무릎 (의지재료) (의지재료)",480000,0]
[null,"단축/공압/유압무릎","의지하지-대퇴무릎장식단축식일반금속(독일산) (의지재료) (의지재료)",500000,0]
[null,"단축/공압/유압무릎","의지하지-대퇴무릎장식단축식잠금기능일반금속(독일산) (의지재료) (의지재료",515000,0]
[null,"단축/공압/유압무릎","의지하지-대퇴무릎장식단축식티타늄3R49(독일산) (의지재료) (의지재료)",700000,0]
[null,"단축/공압/유압무릎","의지하지-대퇴무릎장식발란스니 (의지재료) (의지재료)",700000,0]
[null,"단축/공압/유압무릎","의지하지-무릎관절의지OP2 Knee SE (오서)",700000,0]
[null,"단축/공압/유압무릎","의지하지-대퇴무릎장식3R78공압식(독일산) (의지재료) (의지재료)",703000,0]
[null,"단축/공압/유압무릎","의지하지-대퇴무릎장식단축식잠금기능티타늄(독일산) (의지재료) (의지재료)",703000,0]
[null,"단축/공압/유압무릎","의지하지-무릎관절장식OFM2 (오서)",703000,0]
[null,"단축/공압/유압무릎","의지하지-무릎장식 기계식 다축무릎 티탄 (3R30) (의지재료)",1028000,353800]
[null,"단축/공압/유압무릎","의지하지-대퇴무릎장식토탈니기계식(미국산) (의지재료) (의지재료)",1920000,1335000,null,null,"피라미드 연결 아답터 / 신전보조스프링 / 정강이,니캡 별도"]
[null,"단축/공압/유압무릎","의지하지-슬관절무릎(서보공압식다축무릎)(3R106Pro)(독일)",2400000,1863000]
[null,"단축/공압/유압무릎","의지하지-대퇴무릎장식토탈니유압식(미국산) (의지재료) (의지재료)",2870000,2380000.0000000005,null,null,"피라미드 연결 아답터 / 신전보조스프링 / 정강이,니캡 별도"]
[null,"단축/공압/유압무릎","의지하지-무릎장식단축엔도라이트머큐리(성림) (의지재료)",3635000,3221500.0000000005]
[null,"단축/공압/유압무릎","의지하지-대퇴무릎장식마우크니(외산) (의지재료) (의지재료)",3640000,3227000.0000000005,null,null,"피라미드 연결 아답터 별도"]
[null,"단축/공압/유압무릎","의지하지-대퇴무릎장식3R60(독일산) (의지재료) (의지재료)",3690000,3282000.0000000005]
[null,"단축/공압/유압무릎","의지하지-대퇴무릎장식3R80(독일산) (의지재료) (의지재료)",3800000,3403000.0000000005]
[null,"단축/공압/유압무릎","의지하지-무릎관절장식마우크니플러스(오서)",3980000,3601000]
[null,"단축/공압/유압무릎","의지하지-무릎장식토탈니2100set(미국식) (의지재료)",3980000,3601000]
[null,"단축/공압/유압무릎","블래치포드 유압식 무릎 KX06V2(성림)",4800000,4503000]
[null,"단축/공압/유압무릎","의지하지-대퇴무릎장식VGK(성림) (의지재료)",13000000,13523000.000000002]
[null,"견갑장식","의지상지-견갑장식세트(독일산) (의지재료) (의지재료)",530000,0,"기준부품"]
[null,"대퇴라이너","의지하지-실리콘싹스(아이스로스 씰인X-TF(Set) (의지재료)",620000,0,"기준부품"]
[null,"대퇴라이너","의지하지-실리콘싹스(아이스로스 씰인 X-TF링) (의지재료)",175000,0]
[null,"대퇴라이너","의지하지-실리콘싹스씰인X5",398000,0]
[null,"대퇴라이너","의지하지-실리콘싹스대퇴용(대퇴용) (의지재료) (의지재료)",399000,0]
[null,"대퇴라이너","의지하지-실리콘싹스향균젤라이너대퇴용(독일산) (의지재료) (의지재료)",399000,0]
[null,"대퇴라이너","의지하지-실리콘싹스(아이스로스 씰인 X-TF) (의지재료)",465000,0]
[null,"대퇴라이너","의지하지-실리콘싹스코니칼+스텐다드대퇴용(미국산) (의지재료) (의지재료)",500000,0]
[null,"대퇴라이너","의지하지-실리콘싹스컴포트대퇴용(외산) (의지재료) (의지재료)",500000,0]
[null,"대퇴라이너","의지하지-실리콘싹스투칼라천커버대퇴용(미국산) (의지재료) (의지재료)",500000,0]
[null,"대퇴라이너","의지하지-실리콘싹스향균라이너대퇴용(독일산) (의지재료) (의지재료)",515000,0]
[null,"대퇴라이너","의지하지-실리콘싹스3D대퇴라이너",520000,0]
[null,"대퇴라이너","의지하지-실리콘싹스X5씰린대퇴용(미국산) (의지재료) (의지재료)",600000,0]
[null,"대퇴라이너","의지하지-실리콘싹스씰린라이너대퇴용(외산) (의지재료) (의지재료)",600000,0]
[null,"발","의지하지-발Bk(국산) (의지재료)",188000,0,"기준부품"]
[null,"발","의지하지-사치발(독일) (의지재료)",110000,0]
[null,"발","의지하지-단축발(미국산) (의지재료) (의지재료)",148000,0]
[null,"발","의지하지-싸치발셋트 (의지재료) (의지재료)",156000,0]
[null,"발","의지하지-단축발발목장식알루미늄포함셋트(독일산) (의지재료) (의지재료)",176000,0]
[null,"발","의지하지-발목장식오토복단축식알루미늄(독일산) (의지재료) (의지재료)",176000,0]
[null,"발","의지하지-싸치발Is49+2r31발목관절 (의지재료)",185000,0]
[null,"발","의지하지-발 다이나믹풋 (1D10) 독일산 (의지재료) (의지재료)",230000,65000.000000000029]
[null,"발","의지하지-발단축티탄(오토복)",363000,211300.00000000006]
[null,"발","의지하지-스터비발(sidekicks)(외산)",475000,334500.00000000006]
[null,"발","의지하지-발 발런스 J풋 (오서) (의지재료) (의지재료)",480000,340000]
[null,"발","의지하지-발다이나믹모션(독일산) (의지재료)",510000,373000]
[null,"발","의지하지-발어셔플렉스(미국산) (의지재료) (의지재료)",630000,505000]
[null,"발","의지하지-발 어스파이어스풋 (오서) (의지재료)",660000,538000.00000000012]
[null,"발","의지하지-발세나토(미국산) (의지재료)",690000,571000.00000000012]
[null,"발","의지하지-발트리아스(독일산) (의지재료) (의지재료)",730000,615000.00000000012]
[null,"발","의지하지-엔도라이트 에스프리트발(성림) (의지재료)",1220000,1154000]
[null,"발","의지하지-발씨에라(미국산) (의지재료) (의지재료)",1790000,1781000.0000000002]
[null,"발","의지하지-발 씨워크(독일산)",1800000,1792000.0000000002]
[null,"발","의지하지-발베리플랙스(미국산) (의지재료) (의지재료)",1870000,1869000.0000000002]
[null,"발","의지하지-발탈레오(Taleo-1C50)(독일)",2100000,2122000]
[null,"발","의지하지-발 트리톤VS (1C61)(독일산)",2200000,2232000]
[null,"발","의지하지-의지발오딧세이(성림)",2990000,3101000.0000000005]
[null,"발","의지하지-프로플렉스XC (오서) (의지재료)",2300000,2342000]
[null,"발목 장식","의지하지-발족부장식Bk(국산) (의지재료) (의지재료)",147000,0,"기준부품"]
[null,"발목 장식","의지하지-싸치발목관절(스틸) (의지재료)",37000,0]
[null,"발목 장식","의지하지-퀀텀발스프링(중국) (의지재료)",265000,144500]
[null,"밸브","의지하지-흡입밸브실린라이너하퇴용(미국산) (의지재료) (의지재료)",89000,0]
[null,"밸브","의지하지-흡입밸브실린라이너대퇴용(미국산) (의지재료) (의지재료)",95000,0]
[null,"슬관절","의지하지-슬관절용무릎장식Bk(국산) (의지재료) (의지재료)",777000,0,"기준부품"]
[null,"슬리브","의지하지-무릎슬리브(독일) (의지재료)",130000,0,"기준부품"]
[null,"슬리브","의지하지-실리콘싹스알프스플렉스슬리브(성림)",130000,13000]
[null,"족부 외피","의지하지-발족부카바Bk(국산) (의지재료) (의지재료)",41000,0,"기준부품"]
[null,"족부 외피","의지하지-퀀텀발외피(중국) (의지재료)",40000,0]
[null,"족부 외피","의지하지-발족부카바트리아스(외산) (의지재료) (의지재료)",140000,113000]
[null,"족부 외피","의지하지-발족부외피카바프리덤 (의지재료) (의지재료)",160000,135000]
[null,"족부 외피","의지하지-플렉스풋 EVO 카바 (오서) (의지재료) (의지재료)",220000,201000.00000000003]
[null,"주관절장식","의지상지-상박주관절장식(호스머)",900000,0,"기준부품"]
[null,"케이블","의지상지-케이블세트외산(독일산) (의지재료) (의지재료)",110000,0,"기준부품"]
[null,"케이블","의지상지-상박신경줄호스머(호스머) (의지재료)",95000,0]
[null,"하퇴라이너","의지하지-실리콘싹스스포츠(미국산) (의지재료) (의지재료)",430000,0,"기준부품"]
[null,"하퇴라이너","의지하지-실리콘싹스싸임용(외산) (의지재료) (의지재료)",90000,0]
[null,"하퇴라이너","의지하지-실리콘싹스더블젤라이너(성림) (의지재료)",105000,0]
[null,"하퇴라이너","의지하지-실리콘싹스자석용라이너(국산) (의지재료)",118000,0]
[null,"하퇴라이너","의지하지-실리콘싹스국산(국산) (의지재료) (의지재료)",120000,0]
[null,"하퇴라이너","의지하지-실리콘싹스MagFabric라이너(국산) (의지재료)",138000,0]
[null,"하퇴라이너","의지하지-대퇴용실리콘싹스자석용라이너(국산)",150000,0]
[null,"하퇴라이너","의지하지-실리콘 젤 라이너(6Y70)(독일산) (의지재료)",180000,0]
[null,"하퇴라이너","의지하지-실리콘싹스젤라이너(외산) (의지재료) (의지재료)",180000,0]
[null,"하퇴라이너","의지하지-실리콘싹스향균라이너하퇴용(독일산) (의지재료) (의지재료)",180000,0]
[null,"하퇴라이너","의지하지-실리콘싹스베이직TPE라이너(독일) (의지재료)",231000,0]
[null,"하퇴라이너","의지하지-실리콘싹스향균젤라이너하퇴용(독일산) (의지재료) (의지재료)",235000,0]
[null,"하퇴라이너","의지하지-실리콘싹스아이스로스오리지날천커버락킹 (의지재료) (의지재료)",240000,0]
[null,"하퇴라이너","의지하지-실리콘싹스 프로씰라이너(독일) (의지재료)",264000,0]
[null,"하퇴라이너","의지하지-실리콘싹스천커버살색라이너(독일산) (의지재료) (의지재료)",264000,0]
[null,"하퇴라이너","의지하지-실리콘싹스알프스Gpdt(미국산) (의지재료) (의지재료)",270000,0]
[null,"하퇴라이너","의지하지-실리콘싹스알프스Spdt(미국산) (의지재료) (의지재료)",270000,0]
[null,"하퇴라이너","의지하지-실리콘싹스알프스규션젤라이너(미국산) (의지재료) (의지재료)",270000,0]
[null,"하퇴라이너","의지하지-실리콘싹스투명하퇴용(미국산) (의지재료) (의지재료)",270000,0]
[null,"하퇴라이너","의지하지-실리콘싹스알프스Akdt(미국산) (의지재료) (의지재료)",290000,0]
[null,"하퇴라이너","의지하지-실리콘싹스라이너(독일산) (의지재료) (의지재료)",300000,0]
[null,"하퇴라이너","의지하지-퓨어라이너(하퇴용/6Y43) (의지재료)",320000,0]
[null,"하퇴라이너","의지재료-실리콘싹스알프스ELDT",330000,0]
[null,"하퇴라이너","의지하지-실리콘싹스이지락킹(미국산) (의지재료) (의지재료)",330000,0]
[null,"하퇴라이너","의지하지-실리콘싹스컴포트하퇴용(외산) (의지재료) (의지재료)",335000,0]
[null,"하퇴라이너","의지하지-실리콘싹스컴포트락킹",335000,0]
[null,"하퇴라이너","의지하지-실리콘싹스컴포트쿠션라이너3mm(외산) (의지재료)",335000,0]
[null,"하퇴라이너","의지하지-바그너핀라이너 (의지재료)",340000,0]
[null,"하퇴라이너","의지하지-실리콘싹스라이트라이너6mm(외산하퇴용 ) (의지재료) (의지재료",340000,0]
[null,"하퇴라이너","의지하지-밸런스코폴리머라이너(오토복) (의지재료)",365000,0]
[null,"하퇴라이너","의지하지-실리콘라이너DVS Liner(오토복)",365000,0]
[null,"하퇴라이너","의지하지-실리콘싹스코플리머라이너(독일산) (의지재료) (의지재료)",365000,0]
[null,"하퇴라이너","의지하지-코폴리머라이너(오토복) (의지재료)",365000,0]
[null,"하퇴라이너","의지하지-아나토믹 3D 라이너(향균) (6Y512) (의지재료)",380000,0]
[null,"하퇴라이너","의지하지-실리콘싹스6Y95칼레오(독일)",385000,0]
[null,"하퇴라이너","의지하지-실리콘싹스알파 SEBS 스프릿트라이너(성림)",390000,0]
[null,"하퇴라이너","의지하지-실리콘싹스X5씰린라이너웨이브하퇴용(오서) (의지재료) (의지재료",398000,0]
[null,"하퇴라이너","의지하지-실리콘싹스더모(미국산) (의지재료) (의지재료)",398000,0]
[null,"하퇴라이너","의지하지-실리콘싹스시너지웨이브(외산) (의지재료) (의지재료)",398000,0]
[null,"하퇴라이너","의지하지-실리콘싹스씰인X하퇴용(오서)",400000,0]
[null,"하퇴라이너","의지하지-실리콘싹스X5씰린하퇴용(미국산) (의지재료) (의지재료)",460000,76000.000000000058]
[null,"하퇴라이너","의지하지-실리콘싹스씰린라이너하퇴용(외산) (의지재료) (의지재료)",460000,76000.000000000058]
[null,"하퇴라이너","의지하지-씰인 V 하퇴용 웨이브 라이너(오서) (의지재료)",520000,142000]
[null,"하퇴라이너","의지하지-아이스로스 씰인 x 하퇴라이너+씰링 (미국산) (의지재료)",520000,142000]
[null,"하퇴라이너","의지하지-실리콘싹스-스케오실링라이너(독일)",580000,208000]
[null,"회전장식","의지하지-무릎회전장식Bk(국산) (의지재료) (의지재료)",226000,0,"기준부품"]
[null,"회전장식","의지하지-무릎회전장식티탄(티탄독일산) (의지재료) (의지재료)",620000,456000]

{"sheet":"물품금액","index":2,"n_rows":290,"n_cols":8,"rows_kept":290,"cut":false,"hidden":false,"merged":[]}
[]
[]
[]
[]
["물품명","수가단가","최근기준단가","단위","구매기준수량","최근구매금액","구매금액기록","열1"]
["보조기구두-정형화 (의지재료) (의지재료)",80000,130000,"ea",1,130000,"130000, 42000, 80000, 42000, 42000, 80000, 42000, 42000, 42000, 42000,",{"$f":"INDEX(구매내역!$H$2:$I$18317,MATCH(표2[[#This Row],[물품명]],구매내역!$I$2:$I$18317,0),0)","v":"Z20010003"}]
["보조기하지-UDFlex짧은다리보조기 보아식 (성림)",108000,108000,"ea",1,108000,"108000, 108000, 108000, 108000, 108000, 108000, 108000, 80000, 80000, 120000,",{"$f":"INDEX(구매내역!$H$2:$I$18317,MATCH(표2[[#This Row],[물품명]],구매내역!$I$2:$I$18317,0),0)","v":"Z20010894"}]
["보조기하지-네오프렌힌지무릎서포트(오서) (의지재료)",29000,29000,"ea",1,29000,"29000, 34000, 34000,",{"$f":"INDEX(구매내역!$H$2:$I$18317,MATCH(표2[[#This Row],[물품명]],구매내역!$I$2:$I$18317,0),0)","v":"Z20010853"}]
["보조기하지-발목장식보조기용 (의지재료) (의지재료)",18000,18000,"ea",1,18000,"18000, 13000, 18000, 18000, 20000, 20000, 20000, 18000, 18000, 20000,",{"$f":"INDEX(구매내역!$H$2:$I$18317,MATCH(표2[[#This Row],[물품명]],구매내역!$I$2:$I$18317,0),0)","v":"Z20010051"}]
["보조기하지-장보조기장식(大) (의지재료) (의지재료)",40000,38000,"ea",1,38000,"38000, 38000, 38000, 40000, 38000, 38000, 40000, 40000, 38000, 38000,",{"$f":"INDEX(구매내역!$H$2:$I$18317,MATCH(표2[[#This Row],[물품명]],구매내역!$I$2:$I$18317,0),0)","v":"Z20010061"}]
["소모품-P.P(12x40x40) (의지재료) (의지재료)",20000,20000,"ea",1,20000,"20000, 20000, 20000, 20000, 20000, 20000, 20000, 20000, 20000, 20000,",{"$f":"INDEX(구매내역!$H$2:$I$18317,MATCH(표2[[#This Row],[물품명]],구매내역!$I$2:$I$18317,0),0)","v":"Z20010334"}]
["소모품-P.P(3x120x240) (의지재료) (의지재료)",13000,13000,"ea",6,78000,"78000, 78000, 78000, 78000, 78000, 78000, 78000, 78000, 78000, 78000,",{"$f":"INDEX(구매내역!$H$2:$I$18317,MATCH(표2[[#This Row],[물품명]],구매내역!$I$2:$I$18317,0),0)","v":"Z20010336"}]
["소모품-P.P(4x120x240) (의지재료) (의지재료)",21500,21500,"ea",4,86000,"86000, 86000, 86000, 86000, 86000, 86000, 86000, 86000, 55000, 51000,",{"$f":"INDEX(구매내역!$H$2:$I$18317,MATCH(표2[[#This Row],[물품명]],구매내역!$I$2:$I$18317,0),0)","v":"Z20010337"}]
["소모품-P.P(5x120x240) (의지재료) (의지재료)",23750,23750,"ea",4,95000,"95000, 95000, 95000, 95000, 95000, 95000, 95000, 95000, 95000, 95000,",{"$f":"INDEX(구매내역!$H$2:$I$18317,MATCH(표2[[#This Row],[물품명]],구매내역!$I$2:$I$18317,0),0)","v":"Z20010338"}]
["소모품-P.P외산(3x120x240) (의지재료) (의지재료)",65000,65000,"ea",1,65000,"65000, 65000, 65000, 65000, 65000, 65000, 65000, 65000, 65000, 65000,",{"$f":"INDEX(구매내역!$H$2:$I$18317,MATCH(표2[[#This Row],[물품명]],구매내역!$I$2:$I$18317,0),0)","v":"Z20010339"}]
["소모품-P.P외산(4x100x200) (의지재료) (의지재료)",96000,96000,"ea",1,96000,"96000, 96000, 96000, 96000, 96000, 96000, 96000, 96000, 96000, 0,",{"$f":"INDEX(구매내역!$H$2:$I$18317,MATCH(표2[[#This Row],[물품명]],구매내역!$I$2:$I$18317,0),0)","v":"Z20010340"}]
["소모품-PVA백 4inch (의지재료)",6600,6600,"ea",10,66000,"66000, 66000, 66000, 67000, 66000, 66000, 66000, 67000, 66000, 66000,",{"$f":"INDEX(구매내역!$H$2:$I$18317,MATCH(표2[[#This Row],[물품명]],구매내역!$I$2:$I$18317,0),0)","v":"Z20010895"}]
["소모품-가시매 (의지재료) (의지재료)",40,40,"ea",1000,40000,"40000, 40000, 40000,",{"$f":"INDEX(구매내역!$H$2:$I$18317,MATCH(표2[[#This Row],[물품명]],구매내역!$I$2:$I$18317,0),0)","v":"Z20010085"}]
["소모품-갈대 빗자루 (의지재료)",10000,10000,"ea",1,10000,"10000, 10000,",{"$f":"INDEX(구매내역!$H$2:$I$18317,MATCH(표2[[#This Row],[물품명]],구매내역!$I$2:$I$18317,0),0)","v":"Z20010957"}]
["소모품-광목천",10000,10000,"㎡",1,10000,"10000, 10000, 10000, 10000, 8000, 8000,",{"$f":"INDEX(구매내역!$H$2:$I$18317,MATCH(표2[[#This Row],[물품명]],구매내역!$I$2:$I$18317,0),0)","v":"Z20011065"}]
["소모품-국산양말(Thin,H-35cm) (의지재료)",3500,3500,"ea",1,3500,"3500, 3500, 3500, 3500, 3500, 3500, 3500, 3500, 6000, 3500,",{"$f":"INDEX(구매내역!$H$2:$I$18317,MATCH(표2[[#This Row],[물품명]],구매내역!$I$2:$I$18317,0),0)","v":"Z20010714"}]
["소모품-나이론웨빙(30mm) (의지재료)",300,300,"m",100,30000,"30000, 30000, 30000, 45000,",{"$f":"INDEX(구매내역!$H$2:$I$18317,MATCH(표2[[#This Row],[물품명]],구매내역!$I$2:$I$18317,0),0)","v":"Z20010872"}]
["소모품-내피피혁(30cm) (의지재료) (의지재료)",5000,5000,"평",1,5000,"5000, 5000, 5000, 5000, 5000, 5000, 5000, 5000, 5000, 5000,",{"$f":"INDEX(구매내역!$H$2:$I$18317,MATCH(표2[[#This Row],[물품명]],구매내역!$I$2:$I$18317,0),0)","v":"Z20010100"}]
["소모품-대퇴용스타킹 (의지재료) (의지재료)",11000,11000,"ea",1,11000,"11000, 11000, 11000, 11000, 11000, 11000, 9000, 11000, 19500, 11000,",{"$f":"INDEX(구매내역!$H$2:$I$18317,MATCH(표2[[#This Row],[물품명]],구매내역!$I$2:$I$18317,0),0)","v":"Z20010104"}]
["소모품-대퇴흡입보자기-국산(ST&G)",22000,22000,"ea",1,22000,"22000, 22000, 22000, 22000,",{"$f":"INDEX(구매내역!$H$2:$I$18317,MATCH(표2[[#This Row],[물품명]],구매내역!$I$2:$I$18317,0),0)","v":"Z20011161"}]
["소모품-동리벳(1/8in봉지) (의지재료) (의지재료)",140,140,"ea",500,70000,"70000, 70000, 70000, 35000,",{"$f":"INDEX(구매내역!$H$2:$I$18317,MATCH(표2[[#This Row],[물품명]],구매내역!$I$2:$I$18317,0),0)","v":"Z20010107"}]
["소모품-동리벳(5/32in봉지) (의지재료) (의지재료)",140,140,"ea",500,70000,"70000,",{"$f":"INDEX(구매내역!$H$2:$I$18317,MATCH(표2[[#This Row],[물품명]],구매내역!$I$2:$I$18317,0),0)","v":"Z20010108"}]
["소모품-뒤플렉스(10x40x40) (의지재료) (의지재료)",35000,35000,"ea",1,35000,"35000, 35000, 35000, 35000, 35000, 35000, 35000, 35000, 35000, 35000,",{"$f":"INDEX(구매내역!$H$2:$I$18317,MATCH(표2[[#This Row],[물품명]],구매내역!$I$2:$I$18317,0),0)","v":"Z20010111"}]
["소모품-드라이버(소)",5000,5000,"ea",1,5000,"5000, 5000,",{"$f":"INDEX(구매내역!$H$2:$I$18317,MATCH(표2[[#This Row],[물품명]],구매내역!$I$2:$I$18317,0),0)","v":"Z20011067"}]
["소모품-띠톱날(13mm) (의지재료)",1500,1500,"ea",10,15000,"15000, 1500,",{"$f":"INDEX(구매내역!$H$2:$I$18317,MATCH(표2[[#This Row],[물품명]],구매내역!$I$2:$I$18317,0),0)","v":"Z20010756"}]
["소모품-레진경화제(150g) (의지재료) (의지재료)",73,73,"g",150,11000,"11000, 11000, 11000, 11000, 11000, 11000,",{"$f":"INDEX(구매내역!$H$2:$I$18317,MATCH(표2[[#This Row],[물품명]],구매내역!$I$2:$I$18317,0),0)","v":"Z20010117"}]
["소모품-레진라미네이션(4kg) (의지재료) (의지재료)",36522,36522,"kg",4.5999999999999996,168000,"168000, 168000, 168000, 168000, 168000, 168000, 168000, 168000, 168000, 168000,",{"$f":"INDEX(구매내역!$H$2:$I$18317,MATCH(표2[[#This Row],[물품명]],구매내역!$I$2:$I$18317,0),0)","v":"Z20010118"}]
["소모품-레진색소(180g) (의지재료) (의지재료)",128,128,"g",180,23000,"23000, 23000, 23000, 23000, 23000, 23000, 23000,",{"$f":"INDEX(구매내역!$H$2:$I$18317,MATCH(표2[[#This Row],[물품명]],구매내역!$I$2:$I$18317,0),0)","v":"Z20010120"}]
["소모품-레진카본(독일산) (의지재료) (의지재료)",43478,43478,"kg",4.5999999999999996,200000,"200000, 200000,",{"$f":"INDEX(구매내역!$H$2:$I$18317,MATCH(표2[[#This Row],[물품명]],구매내역!$I$2:$I$18317,0),0)","v":"Z20010122"}]
["소모품-롱로즈",10000,10000,"ea",1,10000,"10000, 15000, 35000, 25000,",{"$f":"INDEX(구매내역!$H$2:$I$18317,MATCH(표2[[#This Row],[물품명]],구매내역!$I$2:$I$18317,0),0)","v":"Z20011068"}]
["소모품-면스타키넷(국산10in) (의지재료) (의지재료)",400,3080,"m",10,30800,"30800, 30800, 4000, 3000, 3000, 3000, 3000, 3000, 3000,",{"$f":"INDEX(구매내역!$H$2:$I$18317,MATCH(표2[[#This Row],[물품명]],구매내역!$I$2:$I$18317,0),0)","v":"Z20010133"}]
["소모품-면스타키넷(국산3in) (의지재료) (의지재료)",100,1000,"m",1,1000,"1000, 10000, 1000, 1000, 1000, 1000, 1000, 1000, 800, 800,",{"$f":"INDEX(구매내역!$H$2:$I$18317,MATCH(표2[[#This Row],[물품명]],구매내역!$I$2:$I$18317,0),0)","v":"Z20010134"}]
["소모품-면스타키넷(국산4in) (의지재료) (의지재료)",150,1500,"m",1,1500,"1500, 1500, 1500, 1500, 1500, 1500, 1500, 1500, 1100, 1100,",{"$f":"INDEX(구매내역!$H$2:$I$18317,MATCH(표2[[#This Row],[물품명]],구매내역!$I$2:$I$18317,0),0)","v":"Z20010135"}]
["소모품-면장갑(작업용) (의지재료) (의지재료)",200,200,"ea",10,2000,"2000, 2000, 2000, 2000, 2000, 2000, 2000, 2000, 2000, 2000,",{"$f":"INDEX(구매내역!$H$2:$I$18317,MATCH(표2[[#This Row],[물품명]],구매내역!$I$2:$I$18317,0),0)","v":"Z20010136"}]
["소모품-무드볼트",300,300,"ea",100,30000,"30000,",{"$f":"INDEX(구매내역!$H$2:$I$18317,MATCH(표2[[#This Row],[물품명]],구매내역!$I$2:$I$18317,0),0)","v":"Z20011290"}]
["소모품-미싱실",10,10,"m",210,2000,"2000, 2000, 2000, 2000,",{"$f":"INDEX(구매내역!$H$2:$I$18317,MATCH(표2[[#This Row],[물품명]],구매내역!$I$2:$I$18317,0),0)","v":"Z20010971"}]
["소모품-백펄론스타키넷(10cm) (의지재료) (의지재료)",11200,11200,"m",10,112000,"112000, 112000, 112000, 112000, 112000,",{"$f":"INDEX(구매내역!$H$2:$I$18317,MATCH(표2[[#This Row],[물품명]],구매내역!$I$2:$I$18317,0),0)","v":"Z20010140"}]
["소모품-백펄론스타키넷(8cm) (의지재료) (의지재료)",11200,11200,"m",10,112000,"112000, 112000, 112000, 112000, 112000, 112000,",{"$f":"INDEX(구매내역!$H$2:$I$18317,MATCH(표2[[#This Row],[물품명]],구매내역!$I$2:$I$18317,0),0)","v":"Z20010144"}]
["소모품-밴드스타킹 (의지재료) (의지재료)",11,11,"ea",100,1100,"1100, 1100, 1100, 1100, 1100, 1100, 1100, 1100, 1100, 1100,",{"$f":"INDEX(구매내역!$H$2:$I$18317,MATCH(표2[[#This Row],[물품명]],구매내역!$I$2:$I$18317,0),0)","v":"Z20010145"}]
["소모품-벨크로(4\") (의지재료)",2778,2778,"m",18,50000,"50000, 150000,",{"$f":"INDEX(구매내역!$H$2:$I$18317,MATCH(표2[[#This Row],[물품명]],구매내역!$I$2:$I$18317,0),0)","v":"Z20010918"}]
["소모품-벨크로1미터(1in) (의지재료) (의지재료)",1000,1000,"m",18,18000,"18000, 18000, 18000, 18000, 18000, 14000, 18000, 14000, 14000, 18000,",{"$f":"INDEX(구매내역!$H$2:$I$18317,MATCH(표2[[#This Row],[물품명]],구매내역!$I$2:$I$18317,0),0)","v":"Z20010147"}]
["소모품-벨크로2미터(2in) (의지재료) (의지재료)",1389,1389,"m",18,25000,"25000, 25000, 25000, 30000,",{"$f":"INDEX(구매내역!$H$2:$I$18317,MATCH(표2[[#This Row],[물품명]],구매내역!$I$2:$I$18317,0),0)","v":"Z20010148"}]
["소모품-복수지(30x30) (의지재료) (의지재료)",6000,6000,"평",1,6000,"6000, 6000, 6000, 6000, 6000, 6000, 6000, 4400, 4400, 4400,",{"$f":"INDEX(구매내역!$H$2:$I$18317,MATCH(표2[[#This Row],[물품명]],구매내역!$I$2:$I$18317,0),0)","v":"Z20010151"}]
["소모품-본드(1kg) (의지재료) (의지재료)",10000,10000,"kg",1,10000,"10000, 10000, 10000, 10000, 10000, 10000, 10000, 10000, 10000, 10000,",{"$f":"INDEX(구매내역!$H$2:$I$18317,MATCH(표2[[#This Row],[물품명]],구매내역!$I$2:$I$18317,0),0)","v":"Z20010152"}]
["소모품-본드솔 (의지재료) (의지재료)",1000,1000,"ea",1,1000,"1000, 1000, 1000, 1000, 1000, 1000, 1000, 1000, 1500, 1500,",{"$f":"INDEX(구매내역!$H$2:$I$18317,MATCH(표2[[#This Row],[물품명]],구매내역!$I$2:$I$18317,0),0)","v":"Z20010153"}]
["소모품-사각고리 1\" (의지재료)",100,0,"ea",500,50,"50, 50000, 50000, 60,",{"$f":"INDEX(구매내역!$H$2:$I$18317,MATCH(표2[[#This Row],[물품명]],구매내역!$I$2:$I$18317,0),0)","v":"Z20010715"}]
["소모품-삼중마스크 (의지재료)",150,150,"ea",100,15000,"15000, 15000, 15000, 20000, 20000, 10000, 10000, 10000, 10000, 10000,",{"$f":"INDEX(구매내역!$H$2:$I$18317,MATCH(표2[[#This Row],[물품명]],구매내역!$I$2:$I$18317,0),0)","v":"Z20010794"}]
["소모품-석고붕대(10cm) (의지재료) (의지재료)",3000,3000,"ea",1,3000,"3000, 3000, 3000, 3000, 3000, 3000, 3000, 1900, 1900, 1900,",{"$f":"INDEX(구매내역!$H$2:$I$18317,MATCH(표2[[#This Row],[물품명]],구매내역!$I$2:$I$18317,0),0)","v":"Z20010170"}]
["소모품-석고붕대(15cm) (의지재료) (의지재료)",3500,3500,"ea",1,3500,"3500, 3500, 3500, 3500, 3500, 3500, 3500, 3500, 3500, 3500,",{"$f":"INDEX(구매내역!$H$2:$I$18317,MATCH(표2[[#This Row],[물품명]],구매내역!$I$2:$I$18317,0),0)","v":"Z20010171"}]
["소모품-석고소석고2급b(25kg) (의지재료) (의지재료)",1400,1400,"kg",25,35000,"35000, 35000, 35000, 35000, 35000, 35000, 35000, 35000, 35000, 35000,",{"$f":"INDEX(구매내역!$H$2:$I$18317,MATCH(표2[[#This Row],[물품명]],구매내역!$I$2:$I$18317,0),0)","v":"Z20010174"}]
["소모품-석고연필(석고형외산) (의지재료) (의지재료)",3000,3000,"ea",1,3000,"3000, 3000, 3000, 3000,",{"$f":"INDEX(구매내역!$H$2:$I$18317,MATCH(표2[[#This Row],[물품명]],구매내역!$I$2:$I$18317,0),0)","v":"Z20010175"}]
["소모품-선심풀(제화용) (의지재료) (의지재료)",5000,5000,"l",2,10000,"10000, 10000, 10000, 10000, 10000, 10000, 10000,",{"$f":"INDEX(구매내역!$H$2:$I$18317,MATCH(표2[[#This Row],[물품명]],구매내역!$I$2:$I$18317,0),0)","v":"Z20010181"}]
["소모품-세척통",3000,3000,"ea",1,3000,"3000,",{"$f":"INDEX(구매내역!$H$2:$I$18317,MATCH(표2[[#This Row],[물품명]],구매내역!$I$2:$I$18317,0),0)","v":"Z20011289"}]
["소모품-수술용장갑 (의지재료) (의지재료)",150,150,"ea",100,15000,"15000, 15000, 15000, 15000, 15000, 15000, 15000, 15000, 15000, 15000,",{"$f":"INDEX(구매내역!$H$2:$I$18317,MATCH(표2[[#This Row],[물품명]],구매내역!$I$2:$I$18317,0),0)","v":"Z20010189"}]
["소모품-스타키넷나이론(4in) (의지재료) (의지재료)",300,300,"ea",10,3000,"3000, 3000, 101000, 2100,",{"$f":"INDEX(구매내역!$H$2:$I$18317,MATCH(표2[[#This Row],[물품명]],구매내역!$I$2:$I$18317,0),0)","v":"Z20010195"}]
["소모품-스타키넷칼라(4in) (의지재료) (의지재료)",3500,3500,"m",1,3500,"3500, 3500, 3500, 3500, 3500, 3500, 3500, 3500, 2200, 2200,",{"$f":"INDEX(구매내역!$H$2:$I$18317,MATCH(표2[[#This Row],[물품명]],구매내역!$I$2:$I$18317,0),0)","v":"Z20010198"}]
["소모품-스텐와샤(4.0) (의지재료)",60,60,"ea",500,30000,"30000,",{"$f":"INDEX(구매내역!$H$2:$I$18317,MATCH(표2[[#This Row],[물품명]],구매내역!$I$2:$I$18317,0),0)","v":"Z20010803"}]
["소모품-실리콘유리용(급속형) (의지재료) (의지재료)",2500,2500,"ea",1,2500,"2500, 2500, 2500, 2500, 2500, 2500, 2500, 2500, 2500, 3000,",{"$f":"INDEX(구매내역!$H$2:$I$18317,MATCH(표2[[#This Row],[물품명]],구매내역!$I$2:$I$18317,0),0)","v":"Z20010217"}]
["소모품-실리콘이형제(420g) (의지재료) (의지재료)",5000,5000,"ea",1,5000,"5000, 5000, 5000, 5000, 33000, 5000, 5000, 5000, 5000, 5000,",{"$f":"INDEX(구매내역!$H$2:$I$18317,MATCH(표2[[#This Row],[물품명]],구매내역!$I$2:$I$18317,0),0)","v":"Z20010218"}]
["소모품-썰린(10x40x40) (의지재료) (의지재료)",40000,40000,"ea",1,40000,"40000, 40000, 40000, 40000, 40000, 40000, 40000, 40000, 40000, 40000,",{"$f":"INDEX(구매내역!$H$2:$I$18317,MATCH(표2[[#This Row],[물품명]],구매내역!$I$2:$I$18317,0),0)","v":"Z20010221"}]
["소모품-아세톤 (의지재료) (의지재료)",5000,5000,"l",1,5000,"5000, 5000, 5000, 5000, 5000, 5000, 5000, 5000, 5000, 5000,",{"$f":"INDEX(구매내역!$H$2:$I$18317,MATCH(표2[[#This Row],[물품명]],구매내역!$I$2:$I$18317,0),0)","v":"Z20010224"}]
["소모품-엘라스틱밴드(25mm ) (의지재료)",4000,4000,"m",50,200000,"200000,",{"$f":"INDEX(구매내역!$H$2:$I$18317,MATCH(표2[[#This Row],[물품명]],구매내역!$I$2:$I$18317,0),0)","v":"Z20010237"}]
["소모품-엘라스틱밴드(45mm ) (의지재료) (의지재료)",5500,5500,"m",50,275000,"275000, 275000,",{"$f":"INDEX(구매내역!$H$2:$I$18317,MATCH(표2[[#This Row],[물품명]],구매내역!$I$2:$I$18317,0),0)","v":"Z20010238"}]
["소모품-연삭벨트(30cm) (의지재료) (의지재료)",2500,2500,"ea",1,2500,"2500,",{"$f":"INDEX(구매내역!$H$2:$I$18317,MATCH(표2[[#This Row],[물품명]],구매내역!$I$2:$I$18317,0),0)","v":"Z20010239"}]
["소모품-위생랩(30cm) (의지재료) (의지재료)",5000,5000,"ea",1,5000,"5000, 5000, 5000, 5000, 5000, 5000, 5000, 5000, 5000, 5000,",{"$f":"INDEX(구매내역!$H$2:$I$18317,MATCH(표2[[#This Row],[물품명]],구매내역!$I$2:$I$18317,0),0)","v":"Z20010246"}]
["소모품-일제 가스토치 (의지재료)",60000,65000,"ea",1,65000,"65000, 60000, 65000, 45000,",{"$f":"INDEX(구매내역!$H$2:$I$18317,MATCH(표2[[#This Row],[물품명]],구매내역!$I$2:$I$18317,0),0)","v":"Z20010954"}]
["소모품-재단가위(외산) (의지재료) (의지재료)",35000,35000,"ea",1,35000,"35000, 35000, 35000, 35000,",{"$f":"INDEX(구매내역!$H$2:$I$18317,MATCH(표2[[#This Row],[물품명]],구매내역!$I$2:$I$18317,0),0)","v":"Z20010250"}]
["소모품-전기테이프(19mm) (의지재료) (의지재료)",500,500,"ea",1,500,"500, 500, 500, 500, 500, 500, 500, 1000, 500, 500,",{"$f":"INDEX(구매내역!$H$2:$I$18317,MATCH(표2[[#This Row],[물품명]],구매내역!$I$2:$I$18317,0),0)","v":"Z20010257"}]
["소모품-젤렉스(A급) (의지재료) (의지재료)",35000,35000,"ea",1,35000,"35000, 35000, 35000, 35000, 35000, 35000, 35000, 35000, 35000, 35000,",{"$f":"INDEX(구매내역!$H$2:$I$18317,MATCH(표2[[#This Row],[물품명]],구매내역!$I$2:$I$18317,0),0)","v":"Z20010259"}]
["소모품-청바지천",10000,10000,"㎡",1,10000,"10000, 10000, 10000,",{"$f":"INDEX(구매내역!$H$2:$I$18317,MATCH(표2[[#This Row],[물품명]],구매내역!$I$2:$I$18317,0),0)","v":"Z20011196"}]
["소모품-콜크(4mm) (의지재료) (의지재료)",33000,33000,"ea",1,33000,"33000,",{"$f":"INDEX(구매내역!$H$2:$I$18317,MATCH(표2[[#This Row],[물품명]],구매내역!$I$2:$I$18317,0),0)","v":"Z20010284"}]
["소모품-콜크(8mm) (의지재료) (의지재료)",50000,50000,"ea",1,50000,"50000,",{"$f":"INDEX(구매내역!$H$2:$I$18317,MATCH(표2[[#This Row],[물품명]],구매내역!$I$2:$I$18317,0),0)","v":"Z20010285"}]
["소모품-파우다(백색분말) (의지재료) (의지재료)",20700,20700,"ea",1,20700,"20700, 20700, 20800, 20800, 20800, 20800, 20800, 20800, 20800,",{"$f":"INDEX(구매내역!$H$2:$I$18317,MATCH(표2[[#This Row],[물품명]],구매내역!$I$2:$I$18317,0),0)","v":"Z20010292"}]
["소모품-필라이트(외산3mm) (의지재료) (의지재료)",11750,11750,"㎡",4,47000,"47000, 47000, 47000, 47000, 47000, 47000, 47000, 47000, 47000, 47000,",{"$f":"INDEX(구매내역!$H$2:$I$18317,MATCH(표2[[#This Row],[물품명]],구매내역!$I$2:$I$18317,0),0)","v":"Z20010317"}]
["소모품-필라이트(외산5mm) (의지재료) (의지재료)",19750,19750,"㎡",4,79000,"79000, 79000, 79000, 79000, 79000, 79000, 79000, 79000, 79000, 79000,",{"$f":"INDEX(구매내역!$H$2:$I$18317,MATCH(표2[[#This Row],[물품명]],구매내역!$I$2:$I$18317,0),0)","v":"Z20010318"}]
["소모품-하퇴용스타킹 (의지재료) (의지재료)",9000,9000,"ea",1,9000,"9000, 9000, 9000, 9000, 9000, 9000, 9000, 9000, 9000, 9000,",{"$f":"INDEX(구매내역!$H$2:$I$18317,MATCH(표2[[#This Row],[물품명]],구매내역!$I$2:$I$18317,0),0)","v":"Z20010319"}]
["소모품-하퇴용스탐프싹스국산 (의지재료)",6000,6000,"ea",1,6000,"6000, 6000, 6000, 6000, 6000, 6000, 6000, 6000, 6000, 6000,",{"$f":"INDEX(구매내역!$H$2:$I$18317,MATCH(표2[[#This Row],[물품명]],구매내역!$I$2:$I$18317,0),0)","v":"Z20010565"}]
["소모품-하퇴용스탐프싹스국산 (의지재료) (의지재료)",6000,6000,"ea",1,6000,"6000, 6000, 6000, 6000, 6000, 6000, 6000, 6000, 6000, 6000,",{"$f":"INDEX(구매내역!$H$2:$I$18317,MATCH(표2[[#This Row],[물품명]],구매내역!$I$2:$I$18317,0),0)","v":"Z20010565"}]
["소모품-화이바스타키넷글라스(10cm) (의지재료) (의지재료)",8200,8200,"m",10,82000,"82000, 82000,",{"$f":"INDEX(구매내역!$H$2:$I$18317,MATCH(표2[[#This Row],[물품명]],구매내역!$I$2:$I$18317,0),0)","v":"Z20010329"}]
["소모품-화이바스타키넷글라스(12cm) (의지재료) (의지재료)",8200,8200,"m",10,82000,"82000,",{"$f":"INDEX(구매내역!$H$2:$I$18317,MATCH(표2[[#This Row],[물품명]],구매내역!$I$2:$I$18317,0),0)","v":"Z20010330"}]
["소모품-화이바스타키넷글라스(8cm) (의지재료) (의지재료)",8200,8200,"m",10,82000,"82000,",{"$f":"INDEX(구매내역!$H$2:$I$18317,MATCH(표2[[#This Row],[물품명]],구매내역!$I$2:$I$18317,0),0)","v":"Z20010332"}]
["의지상지-견갑솔더조인트 (의지재료) (의지재료)",318000,318000,"ea",1,318000,"318000,",{"$f":"INDEX(구매내역!$H$2:$I$18317,MATCH(표2[[#This Row],[물품명]],구매내역!$I$2:$I$18317,0),0)","v":"Z20010354"}]
["의지상지-견갑용어댑터(오토복) (의지재료)",49000,49000,"ea",1,49000,"49000,",{"$f":"INDEX(구매내역!$H$2:$I$18317,MATCH(표2[[#This Row],[물품명]],구매내역!$I$2:$I$18317,0),0)","v":"Z20010839"}]
["의지상지-견갑장식세트(독일산) (의지재료) (의지재료)",530000,530000,"ea",1,530000,"530000, 530000, 530000, 530000, 530000, 530000, 530000, 530000, 530000, 530000,",{"$f":"INDEX(구매내역!$H$2:$I$18317,MATCH(표2[[#This Row],[물품명]],구매내역!$I$2:$I$18317,0),0)","v":"Z20010356"}]
["의지상지-미관형의수실리콘두손 (의지재료) (의지재료)",230000,230000,"ea",1,230000,"230000, 230000, 230000, 230000, 230000, 230000, 230000, 230000, 230000, 230000,",{"$f":"INDEX(구매내역!$H$2:$I$18317,MATCH(표2[[#This Row],[물품명]],구매내역!$I$2:$I$18317,0),0)","v":"Z20010367"}]
["의지상지-미관형의수실리콘리갈(외산) (의지재료) (의지재료)",230000,230000,"ea",1,230000,"230000, 230000, 230000, 230000, 230000, 230000, 230000, 230000, 230000, 230000,",{"$f":"INDEX(구매내역!$H$2:$I$18317,MATCH(표2[[#This Row],[물품명]],구매내역!$I$2:$I$18317,0),0)","v":"Z20010368"}]
["의지상지-미관형의수전자글러브레진(외산) (의지재료) (의지재료)",162000,162000,"ea",1,162000,"162000, 162000, 162000, 162000, 162000, 162000, 162000, 162000, 162000, 162000,",{"$f":"INDEX(구매내역!$H$2:$I$18317,MATCH(표2[[#This Row],[물품명]],구매내역!$I$2:$I$18317,0),0)","v":"Z20010369"}]
["의지상지-미관형의수지실리콘 (의지재료) (의지재료)",65000,65000,"ea",1,65000,"65000, 65000, 65000, 65000, 65000, 65000, 65000, 65000, 65000, 65000,",{"$f":"INDEX(구매내역!$H$2:$I$18317,MATCH(표2[[#This Row],[물품명]],구매내역!$I$2:$I$18317,0),0)","v":"Z20010372"}]
["의지상지-반자동의수(독일산) (의지재료) (의지재료)",363000,363000,"ea",1,363000,"363000, 363000, 363000, 363000, 363000, 363000, 363000, 363000, 363000, 363000,",{"$f":"INDEX(구매내역!$H$2:$I$18317,MATCH(표2[[#This Row],[물품명]],구매내역!$I$2:$I$18317,0),0)","v":"Z20010373"}]
["의지상지-상박관절장식원통형(외산) (의지재료) (의지재료)",360000,360000,"ea",1,360000,"360000, 360000, 360000, 360000, 360000, 360000, 360000, 360000, 360000, 360000,",{"$f":"INDEX(구매내역!$H$2:$I$18317,MATCH(표2[[#This Row],[물품명]],구매내역!$I$2:$I$18317,0),0)","v":"Z20010376"}]
["의지상지-상박관절장식키트형(외산) (의지재료) (의지재료)",275000,275000,"ea",1,275000,"275000, 275000, 275000, 275000, 275000, 275000, 275000, 275000, 275000, 275000,",{"$f":"INDEX(구매내역!$H$2:$I$18317,MATCH(표2[[#This Row],[물품명]],구매내역!$I$2:$I$18317,0),0)","v":"Z20010377"}]
["의지상지-상박관절장식호스머(미국산) (의지재료) (의지재료)",760000,760000,"ea",1,760000,"760000, 760000, 760000, 760000, 760000, 760000, 760000, 760000, 760000, 760000,",{"$f":"INDEX(구매내역!$H$2:$I$18317,MATCH(표2[[#This Row],[물품명]],구매내역!$I$2:$I$18317,0),0)","v":"Z20010378"}]
["의지상지-상박신경줄호스머(호스머) (의지재료) (의지재료)",95000,95000,"ea",1,95000,"95000, 95000, 95000, 95000, 95000, 95000, 95000, 95000, 95000, 95000,",{"$f":"INDEX(구매내역!$H$2:$I$18317,MATCH(표2[[#This Row],[물품명]],구매내역!$I$2:$I$18317,0),0)","v":"Z20010379"}]
["의지상지-상박용키트폼블록(외산) (의지재료) (의지재료)",80000,80000,"ea",1,80000,"80000, 80000, 80000, 80000, 80000, 80000, 80000, 80000, 80000, 80000,",{"$f":"INDEX(구매내역!$H$2:$I$18317,MATCH(표2[[#This Row],[물품명]],구매내역!$I$2:$I$18317,0),0)","v":"Z20010382"}]
["의지상지-상박용하니스키트(독일)",242000,242000,"ea",1,242000,"242000,",{"$f":"INDEX(구매내역!$H$2:$I$18317,MATCH(표2[[#This Row],[물품명]],구매내역!$I$2:$I$18317,0),0)","v":"Z20011016"}]
["의지상지-상박주관절장식(독일산) (의지재료) (의지재료)",860000,860000,"ea",1,860000,"860000, 860000, 912000, 860000,",{"$f":"INDEX(구매내역!$H$2:$I$18317,MATCH(표2[[#This Row],[물품명]],구매내역!$I$2:$I$18317,0),0)","v":"Z20010387"}]
["의지상지-상박주관절장식(호스머)",900000,null,"ea",1,null,null,{"$f":"INDEX(구매내역!$H$2:$I$18317,MATCH(표2[[#This Row],[물품명]],구매내역!$I$2:$I$18317,0),0)","v":{"$error":"#N/A"}}]
["의지상지-손목장식국산(국산) (의지재료) (의지재료)",17000,17000,"ea",1,17000,"17000, 17000, 17000, 17000, 17000, 17000, 17000, 17000, 15000, 17000,",{"$f":"INDEX(구매내역!$H$2:$I$18317,MATCH(표2[[#This Row],[물품명]],구매내역!$I$2:$I$18317,0),0)","v":"Z20010389"}]
["의지상지-손목장식꺽임기능(미국) (의지재료) (의지재료)",325000,325000,"ea",1,325000,"325000, 325000, 325000, 325000, 325000, 325000, 325000, 325000, 325000, 325000,",{"$f":"INDEX(구매내역!$H$2:$I$18317,MATCH(표2[[#This Row],[물품명]],구매내역!$I$2:$I$18317,0),0)","v":"Z20010390"}]
["의지상지-아이스락700시리즈(오서) (의지재료)",220000,220000,"ea",1,220000,"220000, 220000, 220000,",{"$f":"INDEX(구매내역!$H$2:$I$18317,MATCH(표2[[#This Row],[물품명]],구매내역!$I$2:$I$18317,0),0)","v":"Z20010705"}]
["의지상지-작업의수후크스텐호스머(미국산) (의지재료) (의지재료)",690000,510000,"ea",1,510000,"510000, 510000, 690000, 690000, 510000,",{"$f":"INDEX(구매내역!$H$2:$I$18317,MATCH(표2[[#This Row],[물품명]],구매내역!$I$2:$I$18317,0),0)","v":"Z20010395"}]
["의지상지-작업의수후크스텐호스머중(미국산) (의지재료) (의지재료)",560000,560000,"ea",1,560000,"560000, 560000, 560000, 510000, 560000, 560000, 560000, 560000, 690000,",{"$f":"INDEX(구매내역!$H$2:$I$18317,MATCH(표2[[#This Row],[물품명]],구매내역!$I$2:$I$18317,0),0)","v":"Z20010396"}]
["의지상지-작업의수후크알미늄호스머(미국산) (의지재료) (의지재료)",520000,520000,"ea",1,520000,"520000, 520000, 520000, 520000, 520000, 520000, 520000, 520000, 520000, 520000,",{"$f":"INDEX(구매내역!$H$2:$I$18317,MATCH(표2[[#This Row],[물품명]],구매내역!$I$2:$I$18317,0),0)","v":"Z20010397"}]
["의지상지-케이블세트외산(독일산) (의지재료) (의지재료)",110000,110000,"ea",1,110000,"110000, 110000, 95000, 110000, 95000, 95000, 95000, 95000, 95000, 110000,",{"$f":"INDEX(구매내역!$H$2:$I$18317,MATCH(표2[[#This Row],[물품명]],구매내역!$I$2:$I$18317,0),0)","v":"Z20010408"}]
["의지재료-실리콘싹스알프스ELDT",330000,330000,"ea",1,330000,"330000, 330000, 330000, 330000, 330000,",{"$f":"INDEX(구매내역!$H$2:$I$18317,MATCH(표2[[#This Row],[물품명]],구매내역!$I$2:$I$18317,0),0)","v":"Z20011168"}]
["의지하지-4홀 메일 피라미드, 8mm 오프셋 Titan(오서)",null,154000,null,1,154000,"154000, 154000,",{"$f":"INDEX(구매내역!$H$2:$I$18317,MATCH(표2[[#This Row],[물품명]],구매내역!$I$2:$I$18317,0),0)","v":"Z20011272"}]
["의지하지-4홀메일피라미드티타늄",83000,null,"ea",1,null,null,{"$f":"INDEX(구매내역!$H$2:$I$18317,MATCH(표2[[#This Row],[물품명]],구매내역!$I$2:$I$18317,0),0)","v":{"$error":"#N/A"}}]
["의지하지-KOREC FOOT 3 LP",491700,491700,"ea",1,491700,"491700, 523250,",{"$f":"INDEX(구매내역!$H$2:$I$18317,MATCH(표2[[#This Row],[물품명]],구매내역!$I$2:$I$18317,0),0)","v":"Z20011070"}]
["의지하지-각도조절클램프티탄 (의지재료) (의지재료)",243000,243000,"ea",1,243000,"243000, 243000, 243000,",{"$f":"INDEX(구매내역!$H$2:$I$18317,MATCH(표2[[#This Row],[물품명]],구매내역!$I$2:$I$18317,0),0)","v":"Z20010039"}]
["의지하지-고관절장식7E7(독일산) (의지재료) (의지재료)",1300000,1300000,"ea",1,1300000,"1300000, 1300000, 1300000,",{"$f":"INDEX(구매내역!$H$2:$I$18317,MATCH(표2[[#This Row],[물품명]],구매내역!$I$2:$I$18317,0),0)","v":"Z20010410"}]
["의지하지-기계식브레이크단축무릎(대만제)",650000,640000,"ea",1,640000,"640000, 640000, 650000, 640000, 640000, 640000, 640000,",{"$f":"INDEX(구매내역!$H$2:$I$18317,MATCH(표2[[#This Row],[물품명]],구매내역!$I$2:$I$18317,0),0)","v":"Z20011027"}]
["의지하지-단축발(미국산) (의지재료) (의지재료)",148000,148000,"ea",1,148000,"148000, 148000, 148000,",{"$f":"INDEX(구매내역!$H$2:$I$18317,MATCH(표2[[#This Row],[물품명]],구매내역!$I$2:$I$18317,0),0)","v":"Z20010420"}]
["의지하지-단축발나무발키트 (의지재료)",250000,250000,"ea",1,250000,"250000,",{"$f":"INDEX(구매내역!$H$2:$I$18317,MATCH(표2[[#This Row],[물품명]],구매내역!$I$2:$I$18317,0),0)","v":"Z20010421"}]
["의지하지-단축발목장식(중국산)",120000,120000,"ea",1,120000,"120000,",{"$f":"INDEX(구매내역!$H$2:$I$18317,MATCH(표2[[#This Row],[물품명]],구매내역!$I$2:$I$18317,0),0)","v":"Z20011164"}]
["의지하지-단축발발목장식알루미늄포함셋트(독일산) (의지재료)",176000,176000,"ea",1,176000,"176000, 176000, 176000, 176000, 176000, 176000, 176000, 176000, 176000, 176000,",{"$f":"INDEX(구매내역!$H$2:$I$18317,MATCH(표2[[#This Row],[물품명]],구매내역!$I$2:$I$18317,0),0)","v":"Z20010422"}]
["의지하지-단축발발목장식알루미늄포함셋트(독일산) (의지재료) (의지재료)",176000,176000,"ea",1,176000,"176000, 176000, 176000, 176000, 176000, 176000, 176000, 176000, 176000, 176000,",{"$f":"INDEX(구매내역!$H$2:$I$18317,MATCH(표2[[#This Row],[물품명]],구매내역!$I$2:$I$18317,0),0)","v":"Z20010422"}]
["의지하지-단축발신형(미국산) (의지재료)",220000,220000,"ea",1,220000,"220000,",{"$f":"INDEX(구매내역!$H$2:$I$18317,MATCH(표2[[#This Row],[물품명]],구매내역!$I$2:$I$18317,0),0)","v":"Z20010861"}]
["의지하지-단축발알미늄세트(중국산) (의지재료)",162000,162000,"ea",1,162000,"162000, 162000, 162000, 162000, 162000, 162000, 162000, 162000, 162000, 162000,",{"$f":"INDEX(구매내역!$H$2:$I$18317,MATCH(표2[[#This Row],[물품명]],구매내역!$I$2:$I$18317,0),0)","v":"Z20010424"}]
["의지하지-단축발알미늄세트(중국산) (의지재료) (의지재료)",162000,162000,"ea",1,162000,"162000, 162000, 162000, 162000, 162000, 162000, 162000, 162000, 162000, 162000,",{"$f":"INDEX(구매내역!$H$2:$I$18317,MATCH(표2[[#This Row],[물품명]],구매내역!$I$2:$I$18317,0),0)","v":"Z20010424"}]
["의지하지-대퇴무릎장식3c98씨렉4(독일산)",34000000,34000000,"ea",1,34000000,"34000000,",{"$f":"INDEX(구매내역!$H$2:$I$18317,MATCH(표2[[#This Row],[물품명]],구매내역!$I$2:$I$18317,0),0)","v":"Z20011227"}]
["의지하지-대퇴무릎장식3R60(독일산) (의지재료) (의지재료)",3690000,3690000,"ea",1,3690000,"3690000, 3690000, 3690000, 3690000, 3690000, 3690000, 3690000,",{"$f":"INDEX(구매내역!$H$2:$I$18317,MATCH(표2[[#This Row],[물품명]],구매내역!$I$2:$I$18317,0),0)","v":"Z20010430"}]
["의지하지-대퇴무릎장식3R78공압식(독일산) (의지재료)",703000,703000,"ea",1,703000,"703000, 703000, 703000, 703000, 703000, 703000, 703000, 703000, 703000, 703000,",{"$f":"INDEX(구매내역!$H$2:$I$18317,MATCH(표2[[#This Row],[물품명]],구매내역!$I$2:$I$18317,0),0)","v":"Z20010431"}]
["의지하지-대퇴무릎장식3R78공압식(독일산) (의지재료) (의지재료)",703000,703000,"ea",1,703000,"703000, 703000, 703000, 703000, 703000, 703000, 703000, 703000, 703000, 703000,",{"$f":"INDEX(구매내역!$H$2:$I$18317,MATCH(표2[[#This Row],[물품명]],구매내역!$I$2:$I$18317,0),0)","v":"Z20010431"}]
["의지하지-대퇴무릎장식3R80(독일산) (의지재료) (의지재료)",3800000,3800000,"ea",1,3800000,"3800000,",{"$f":"INDEX(구매내역!$H$2:$I$18317,MATCH(표2[[#This Row],[물품명]],구매내역!$I$2:$I$18317,0),0)","v":"Z20010432"}]
["의지하지-대퇴무릎장식Bk공압식(4절공압식) (의지재료) (의지재료)",777000,777000,"ea",1,777000,"777000, 777000, 777000, 777000, 777000, 777000, 777000, 777000, 777000, 777000,",{"$f":"INDEX(구매내역!$H$2:$I$18317,MATCH(표2[[#This Row],[물품명]],구매내역!$I$2:$I$18317,0),0)","v":"Z20010445"}]
["의지하지-대퇴무릎장식Bk인공지능(인공지능) (의지재료)",2484000,2484000,"ea",1,2484000,"2484000, 2484000, 2484000, 2484000, 2484000, 2484000, 2484000, 2484000, 2484000, 2484000,",{"$f":"INDEX(구매내역!$H$2:$I$18317,MATCH(표2[[#This Row],[물품명]],구매내역!$I$2:$I$18317,0),0)","v":"Z20010446"}]
["의지하지-대퇴무릎장식Bk인공지능(인공지능) (의지재료) (의지재료)",2484000,2484000,"ea",1,2484000,"2484000, 2484000, 2484000, 2484000, 2484000, 2484000, 2484000, 2484000, 2484000, 2484000,",{"$f":"INDEX(구매내역!$H$2:$I$18317,MATCH(표2[[#This Row],[물품명]],구매내역!$I$2:$I$18317,0),0)","v":"Z20010446"}]
["의지하지-대퇴무릎장식VGK(성림) (의지재료)",13000000,13000000,"ea",1,13000000,"13000000, 13000000,",{"$f":"INDEX(구매내역!$H$2:$I$18317,MATCH(표2[[#This Row],[물품명]],구매내역!$I$2:$I$18317,0),0)","v":"Z20010896"}]
["의지하지-대퇴무릎장식단축식일반금속(독일산) (의지재료) (의지재료)",500000,500000,"ea",1,500000,"500000, 500000, 500000,",{"$f":"INDEX(구매내역!$H$2:$I$18317,MATCH(표2[[#This Row],[물품명]],구매내역!$I$2:$I$18317,0),0)","v":"Z20010435"}]
["의지하지-대퇴무릎장식단축식잠금기능일반금속(독일산) (의지재료) (의지재료",515000,515000,"ea",1,515000,"515000, 500000, 500000, 500000,",{"$f":"INDEX(구매내역!$H$2:$I$18317,MATCH(표2[[#This Row],[물품명]],구매내역!$I$2:$I$18317,0),0)","v":"Z20010436"}]
["의지하지-대퇴무릎장식단축식잠금기능티타늄(독일산) (의지재료) (의지재료)",703000,703000,"ea",1,703000,"703000, 700000, 700000, 700000,",{"$f":"INDEX(구매내역!$H$2:$I$18317,MATCH(표2[[#This Row],[물품명]],구매내역!$I$2:$I$18317,0),0)","v":"Z20010437"}]
["의지하지-대퇴무릎장식단축식티타늄3R49(독일산) (의지재료)",700000,700000,"ea",1,700000,"700000, 700000, 700000, 700000, 700000, 700000, 700000, 700000, 700000, 700000,",{"$f":"INDEX(구매내역!$H$2:$I$18317,MATCH(표2[[#This Row],[물품명]],구매내역!$I$2:$I$18317,0),0)","v":"Z20010438"}]
["의지하지-대퇴무릎장식단축식티타늄3R49(독일산) (의지재료) (의지재료)",700000,700000,"ea",1,700000,"700000, 700000, 700000, 700000, 700000, 700000, 700000, 700000, 700000, 700000,",{"$f":"INDEX(구매내역!$H$2:$I$18317,MATCH(표2[[#This Row],[물품명]],구매내역!$I$2:$I$18317,0),0)","v":"Z20010438"}]
["의지하지-대퇴무릎장식마우크니(외산) (의지재료) (의지재료)",3640000,3640000,"ea",1,3640000,"3640000, 3640000, 3640000, 3640000, 3640000, 3640000, 3640000, 3640000, 3640000, 3640000,",{"$f":"INDEX(구매내역!$H$2:$I$18317,MATCH(표2[[#This Row],[물품명]],구매내역!$I$2:$I$18317,0),0)","v":"Z20010584"}]
["의지하지-대퇴무릎장식발란스니 (의지재료) (의지재료)",700000,700000,"ea",1,700000,"700000,",{"$f":"INDEX(구매내역!$H$2:$I$18317,MATCH(표2[[#This Row],[물품명]],구매내역!$I$2:$I$18317,0),0)","v":"Z20010622"}]
["의지하지-대퇴무릎장식토탈니기계식(미국산) (의지재료) (의지재료)",1920000,1920000,"ea",1,1920000,"1920000,",{"$f":"INDEX(구매내역!$H$2:$I$18317,MATCH(표2[[#This Row],[물품명]],구매내역!$I$2:$I$18317,0),0)","v":"Z20010442"}]
["의지하지-대퇴무릎장식토탈니유압식(미국산) (의지재료) (의지재료)",2870000,2870000,"ea",1,2870000,"2870000, 2870000, 2870000, 2870000, 2870000, 2870000, 2870000, 2870000, 2870000, 2870000,",{"$f":"INDEX(구매내역!$H$2:$I$18317,MATCH(표2[[#This Row],[물품명]],구매내역!$I$2:$I$18317,0),0)","v":"Z20010444"}]
["의지하지-대퇴용실리콘싹스자석용라이너(국산)",150000,150000,"ea",1,150000,"150000,",{"$f":"INDEX(구매내역!$H$2:$I$18317,MATCH(표2[[#This Row],[물품명]],구매내역!$I$2:$I$18317,0),0)","v":"Z20010985"}]
["의지하지-락장식Bk(대퇴,하퇴겸용) (의지재료) (의지재료)",223000,223000,"ea",1,223000,"223000, 223000, 223000, 223000, 223000, 223000, 223000, 223000, 223000, 223000,",{"$f":"INDEX(구매내역!$H$2:$I$18317,MATCH(표2[[#This Row],[물품명]],구매내역!$I$2:$I$18317,0),0)","v":"Z20010458"}]
["의지하지-락장식필라우더 (의지재료) (의지재료)",155000,155000,"ea",1,155000,"155000, 155000, 155000, 155000, 155000, 155000, 155000, 155000, 155000, 155000,",{"$f":"INDEX(구매내역!$H$2:$I$18317,MATCH(표2[[#This Row],[물품명]],구매내역!$I$2:$I$18317,0),0)","v":"Z20010457"}]
["의지하지-레오니세트(오서)",25000000,25000000,"ea",1,25000000,"25000000,",{"$f":"INDEX(구매내역!$H$2:$I$18317,MATCH(표2[[#This Row],[물품명]],구매내역!$I$2:$I$18317,0),0)","v":"Z20011175"}]
["의지하지-무릎관절의지OP2 Knee SE (오서)",700000,777000,"ea",1,777000,"777000, 700000, 700000,",{"$f":"INDEX(구매내역!$H$2:$I$18317,MATCH(표2[[#This Row],[물품명]],구매내역!$I$2:$I$18317,0),0)","v":"Z20011035"}]
["의지하지-무릎관절장식OFM2 (오서)",703000,703000,"ea",1,703000,"703000, 703000, 703000, 703000,",{"$f":"INDEX(구매내역!$H$2:$I$18317,MATCH(표2[[#This Row],[물품명]],구매내역!$I$2:$I$18317,0),0)","v":"Z20011151"}]
["의지하지-무릎관절장식마우크니플러스(오서)",3980000,3980000,"ea",1,3980000,"3980000, 3980000, 3980000, 3980000,",{"$f":"INDEX(구매내역!$H$2:$I$18317,MATCH(표2[[#This Row],[물품명]],구매내역!$I$2:$I$18317,0),0)","v":"Z20011034"}]
["의지하지-무릎슬리브(독일) (의지재료)",130000,109000,"ea",1,109000,"109000, 130000, 109000, 130000,",{"$f":"INDEX(구매내역!$H$2:$I$18317,MATCH(표2[[#This Row],[물품명]],구매내역!$I$2:$I$18317,0),0)","v":"Z20010671"}]
["의지하지-무릎장식 기계식 다축무릎 티탄 (3R30) (의지재료)",1028000,1028000,"ea",1,1028000,"1028000, 1028000,",{"$f":"INDEX(구매내역!$H$2:$I$18317,MATCH(표2[[#This Row],[물품명]],구매내역!$I$2:$I$18317,0),0)","v":"Z20010848"}]
["의지하지-무릎장식단축엔도라이트머큐리(성림)",3635000,3635000,"ea",1,3635000,"3635000, 3635000,",{"$f":"INDEX(구매내역!$H$2:$I$18317,MATCH(표2[[#This Row],[물품명]],구매내역!$I$2:$I$18317,0),0)","v":"Z20010840"}]
["의지하지-무릎장식단축엔도라이트머큐리(성림) (의지재료)",3635000,3635000,"ea",1,3635000,"3635000,",{"$f":"INDEX(구매내역!$H$2:$I$18317,MATCH(표2[[#This Row],[물품명]],구매내역!$I$2:$I$18317,0),0)","v":"Z20010840"}]
["의지하지-무릎장식토탈니2100set(미국식) (의지재료)",3980000,3980000,"ea",1,3980000,"3980000,",{"$f":"INDEX(구매내역!$H$2:$I$18317,MATCH(표2[[#This Row],[물품명]],구매내역!$I$2:$I$18317,0),0)","v":"Z20010692"}]
["의지하지-무릎회전장식Bk(국산) (의지재료) (의지재료)",226000,226000,"ea",1,226000,"226000, 226000, 226000, 226000, 226000, 226000, 226000, 226000, 226000, 226000,",{"$f":"INDEX(구매내역!$H$2:$I$18317,MATCH(표2[[#This Row],[물품명]],구매내역!$I$2:$I$18317,0),0)","v":"Z20010461"}]
["의지하지-무릎회전장식티탄(티탄독일산) (의지재료) (의지재료)",620000,620000,"ea",1,620000,"620000, 620000, 620000, 620000, 620000, 620000, 620000, 620000, 620000, 620000,",{"$f":"INDEX(구매내역!$H$2:$I$18317,MATCH(표2[[#This Row],[물품명]],구매내역!$I$2:$I$18317,0),0)","v":"Z20010460"}]
["의지하지-미관형족지레진(두손) (의지재료)",90000,90000,"ea",1,90000,"90000, 90000, 90000, 90000, 90000, 90000, 90000, 90000, 90000, 90000,",{"$f":"INDEX(구매내역!$H$2:$I$18317,MATCH(표2[[#This Row],[물품명]],구매내역!$I$2:$I$18317,0),0)","v":"Z20010838"}]
["의지하지-바그너핀라이너",340000,340000,"ea",1,340000,"340000, 340000, 340000,",{"$f":"INDEX(구매내역!$H$2:$I$18317,MATCH(표2[[#This Row],[물품명]],구매내역!$I$2:$I$18317,0),0)","v":"Z20010676"}]
["의지하지-바그너핀라이너 (의지재료)",340000,340000,"ea",1,340000,"340000, 340000,",{"$f":"INDEX(구매내역!$H$2:$I$18317,MATCH(표2[[#This Row],[물품명]],구매내역!$I$2:$I$18317,0),0)","v":"Z20010676"}]
["의지하지-발 다이나믹풋 (1D10) 독일산 (의지재료) (의지재료)",230000,230000,"ea",1,230000,"230000,",{"$f":"INDEX(구매내역!$H$2:$I$18317,MATCH(표2[[#This Row],[물품명]],구매내역!$I$2:$I$18317,0),0)","v":"Z20010648"}]
["의지하지-발 발런스 J풋 (오서) (의지재료) (의지재료)",480000,480000,"ea",1,480000,"480000, 480000, 480000,",{"$f":"INDEX(구매내역!$H$2:$I$18317,MATCH(표2[[#This Row],[물품명]],구매내역!$I$2:$I$18317,0),0)","v":"Z20010647"}]
["의지하지-발 씨워크(독일산)",1800000,1800000,"ea",1,1800000,"1800000,",{"$f":"INDEX(구매내역!$H$2:$I$18317,MATCH(표2[[#This Row],[물품명]],구매내역!$I$2:$I$18317,0),0)","v":"Z20011135"}]
["의지하지-발 어스파이어스풋 (오서) (의지재료)",660000,660000,"ea",1,660000,"660000, 660000,",{"$f":"INDEX(구매내역!$H$2:$I$18317,MATCH(표2[[#This Row],[물품명]],구매내역!$I$2:$I$18317,0),0)","v":"Z20010699"}]
["의지하지-발 트리톤VS (1C61)(독일산)",2200000,2200000,"ea",1,2200000,"2200000,",{"$f":"INDEX(구매내역!$H$2:$I$18317,MATCH(표2[[#This Row],[물품명]],구매내역!$I$2:$I$18317,0),0)","v":"Z20011200"}]
["의지하지-발Bk(국산) (의지재료)",188000,188000,"ea",1,188000,"188000, 188000, 188000, 188000, 188000, 188000, 188000, 188000, 188000, 188000,",{"$f":"INDEX(구매내역!$H$2:$I$18317,MATCH(표2[[#This Row],[물품명]],구매내역!$I$2:$I$18317,0),0)","v":"Z20010494"}]
["의지하지-발Bk(국산) (의지재료) (의지재료)",188000,188000,"ea",1,188000,"188000, 188000, 188000, 188000, 188000, 188000, 188000, 188000, 188000, 188000,",{"$f":"INDEX(구매내역!$H$2:$I$18317,MATCH(표2[[#This Row],[물품명]],구매내역!$I$2:$I$18317,0),0)","v":"Z20010494"}]
["의지하지-발다이나믹모션(독일산) (의지재료)",510000,510000,"ea",1,510000,"510000,",{"$f":"INDEX(구매내역!$H$2:$I$18317,MATCH(표2[[#This Row],[물품명]],구매내역!$I$2:$I$18317,0),0)","v":"Z20010465"}]
["의지하지-발단축티탄(오토복)",363000,363000,"ea",1,363000,"363000,",{"$f":"INDEX(구매내역!$H$2:$I$18317,MATCH(표2[[#This Row],[물품명]],구매내역!$I$2:$I$18317,0),0)","v":"Z20011038"}]
["의지하지-발목장식오토복단축식알루미늄(독일산) (의지재료)",176000,176000,"ea",1,176000,"176000, 176000, 176000, 176000, 176000, 176000, 176000, 176000, 176000, 176000,",{"$f":"INDEX(구매내역!$H$2:$I$18317,MATCH(표2[[#This Row],[물품명]],구매내역!$I$2:$I$18317,0),0)","v":"Z20010471"}]
["의지하지-발목장식오토복단축식알루미늄(독일산) (의지재료) (의지재료)",176000,176000,"ea",1,176000,"176000, 176000, 176000, 176000, 176000, 176000, 176000, 176000, 176000, 176000,",{"$f":"INDEX(구매내역!$H$2:$I$18317,MATCH(표2[[#This Row],[물품명]],구매내역!$I$2:$I$18317,0),0)","v":"Z20010471"}]
["의지하지-발베리플랙스(미국산) (의지재료) (의지재료)",1870000,1870000,"ea",1,1870000,"1870000, 1870000, 1870000,",{"$f":"INDEX(구매내역!$H$2:$I$18317,MATCH(표2[[#This Row],[물품명]],구매내역!$I$2:$I$18317,0),0)","v":"Z20010476"}]
["의지하지-발베리플랙스풋메일피라미드어댑터(미국산) (의지재료)",160000,160000,"ea",1,160000,"160000,",{"$f":"INDEX(구매내역!$H$2:$I$18317,MATCH(표2[[#This Row],[물품명]],구매내역!$I$2:$I$18317,0),0)","v":"Z20010477"}]
["의지하지-발세나토(미국산) (의지재료)",690000,690000,"ea",1,690000,"690000,",{"$f":"INDEX(구매내역!$H$2:$I$18317,MATCH(표2[[#This Row],[물품명]],구매내역!$I$2:$I$18317,0),0)","v":"Z20010478"}]
["의지하지-발씨에라(미국산) (의지재료) (의지재료)",1790000,1790000,"ea",1,1790000,"1790000, 1790000,",{"$f":"INDEX(구매내역!$H$2:$I$18317,MATCH(표2[[#This Row],[물품명]],구매내역!$I$2:$I$18317,0),0)","v":"Z20010482"}]
["의지하지-발어셔플렉스(미국산) (의지재료) (의지재료)",630000,630000,"ea",1,630000,"630000, 630000, 630000, 630000, 630000, 630000, 630000,",{"$f":"INDEX(구매내역!$H$2:$I$18317,MATCH(표2[[#This Row],[물품명]],구매내역!$I$2:$I$18317,0),0)","v":"Z20010484"}]
["의지하지-발족부외피카바프리덤 (의지재료) (의지재료)",160000,160000,"ea",1,160000,"160000, 160000, 160000, 160000, 160000, 160000, 160000, 160000,",{"$f":"INDEX(구매내역!$H$2:$I$18317,MATCH(표2[[#This Row],[물품명]],구매내역!$I$2:$I$18317,0),0)","v":"Z20010486"}]
["의지하지-발족부카바Bk(국산) (의지재료) (의지재료)",41000,41000,"ea",1,41000,"41000, 41000, 41000, 41000, 41000, 41000, 41000, 41000, 41000, 41000,",{"$f":"INDEX(구매내역!$H$2:$I$18317,MATCH(표2[[#This Row],[물품명]],구매내역!$I$2:$I$18317,0),0)","v":"Z20010489"}]
["의지하지-발족부카바트리아스(외산) (의지재료)",140000,140000,"ea",1,140000,"140000, 140000, 140000, 140000, 140000, 140000, 140000,",{"$f":"INDEX(구매내역!$H$2:$I$18317,MATCH(표2[[#This Row],[물품명]],구매내역!$I$2:$I$18317,0),0)","v":"Z20010487"}]
["의지하지-발족부카바트리아스(외산) (의지재료) (의지재료)",140000,140000,"ea",1,140000,"140000, 140000, 140000, 140000, 140000, 140000,",{"$f":"INDEX(구매내역!$H$2:$I$18317,MATCH(표2[[#This Row],[물품명]],구매내역!$I$2:$I$18317,0),0)","v":"Z20010487"}]
["의지하지-발탈레오(Taleo-1C50)(독일)",2100000,2100000,"ea",1,2100000,"2100000,",{"$f":"INDEX(구매내역!$H$2:$I$18317,MATCH(표2[[#This Row],[물품명]],구매내역!$I$2:$I$18317,0),0)","v":"Z20011209"}]
["의지하지-발트리아스(독일산) (의지재료) (의지재료)",730000,730000,"ea",1,730000,"730000, 730000, 730000, 730000, 730000, 730000, 730000, 730000, 730000, 730000,",{"$f":"INDEX(구매내역!$H$2:$I$18317,MATCH(표2[[#This Row],[물품명]],구매내역!$I$2:$I$18317,0),0)","v":"Z20010581"}]
["의지하지-밸런스코폴리머라이너(오토복) (의지재료)",365000,365000,"ea",1,365000,"365000, 365000, 365000, 365000, 365000, 365000, 365000, 365000, 365000, 365000,",{"$f":"INDEX(구매내역!$H$2:$I$18317,MATCH(표2[[#This Row],[물품명]],구매내역!$I$2:$I$18317,0),0)","v":"Z20010917"}]
["의지하지-사치발(독일) (의지재료)",110000,110000,"ea",1,110000,"110000, 110000, 110000, 92000,",{"$f":"INDEX(구매내역!$H$2:$I$18317,MATCH(표2[[#This Row],[물품명]],구매내역!$I$2:$I$18317,0),0)","v":"Z20010670"}]
["의지하지-스터비발(sidekicks)(외산)",475000,475000000,"ea",1,475000000,"475000000,",{"$f":"INDEX(구매내역!$H$2:$I$18317,MATCH(표2[[#This Row],[물품명]],구매내역!$I$2:$I$18317,0),0)","v":"Z20011176"}]
["의지하지-슬관절무릎(서보공압식다축무릎)(3R106Pro)(독일)",2400000,2400000,"ea",1,2400000,"2400000,",{"$f":"INDEX(구매내역!$H$2:$I$18317,MATCH(표2[[#This Row],[물품명]],구매내역!$I$2:$I$18317,0),0)","v":"Z20011205"}]
["의지하지-슬관절용무릎장식Bk(국산) (의지재료) (의지재료)",777000,777000,"ea",1,777000,"777000, 777000, 777000, 777000, 777000, 777000, 777000, 650000, 650000, 650000,",{"$f":"INDEX(구매내역!$H$2:$I$18317,MATCH(표2[[#This Row],[물품명]],구매내역!$I$2:$I$18317,0),0)","v":"Z20010504"}]
["의지하지-신형단축발셋트(미국산)",148000,148000,"ea",1,148000,"148000, 148000, 220000, 220000, 220000,",{"$f":"INDEX(구매내역!$H$2:$I$18317,MATCH(표2[[#This Row],[물품명]],구매내역!$I$2:$I$18317,0),0)","v":"Z20011146"}]
["의지하지-실리콘 젤 라이너(6Y70)(독일산)",180000,180000,"ea",1,180000,"180000, 180000, 180000, 180000, 180000, 180000, 180000, 180000, 180000, 180000,",{"$f":"INDEX(구매내역!$H$2:$I$18317,MATCH(표2[[#This Row],[물품명]],구매내역!$I$2:$I$18317,0),0)","v":"Z20010943"}]
["의지하지-실리콘 젤 라이너(6Y70)(독일산) (의지재료)",180000,180000,"ea",1,180000,"180000, 180000, 180000, 180000, 180000, 180000, 180000, 180000, 180000, 180000,",{"$f":"INDEX(구매내역!$H$2:$I$18317,MATCH(표2[[#This Row],[물품명]],구매내역!$I$2:$I$18317,0),0)","v":"Z20010943"}]
["의지하지-실리콘라이너DVS Liner(오토복)",365000,365000,"ea",1,365000,"365000, 365000,",{"$f":"INDEX(구매내역!$H$2:$I$18317,MATCH(표2[[#This Row],[물품명]],구매내역!$I$2:$I$18317,0),0)","v":"Z20011263"}]
["의지하지-실리콘싹스 프로씰라이너(독일)",264000,264000,"ea",1,264000,"264000, 264000, 264000, 264000, 280000, 280000, 264000,",{"$f":"INDEX(구매내역!$H$2:$I$18317,MATCH(표2[[#This Row],[물품명]],구매내역!$I$2:$I$18317,0),0)","v":"Z20010679"}]
["의지하지-실리콘싹스 프로씰라이너(독일) (의지재료)",264000,264000,"ea",1,264000,"264000, 264000, 264000, 264000, 280000, 280000,",{"$f":"INDEX(구매내역!$H$2:$I$18317,MATCH(표2[[#This Row],[물품명]],구매내역!$I$2:$I$18317,0),0)","v":"Z20010679"}]
["의지하지-실리콘싹스(아이스로스 씰인 X-TF)",465000,500000,"ea",1,500000,"500000, 465000, 465000, 465000, 465000, 465000,",{"$f":"INDEX(구매내역!$H$2:$I$18317,MATCH(표2[[#This Row],[물품명]],구매내역!$I$2:$I$18317,0),0)","v":"Z20010893"}]
["의지하지-실리콘싹스(아이스로스 씰인 X-TF) (의지재료)",465000,500000,"ea",1,500000,"500000, 465000, 465000, 465000, 465000,",{"$f":"INDEX(구매내역!$H$2:$I$18317,MATCH(표2[[#This Row],[물품명]],구매내역!$I$2:$I$18317,0),0)","v":"Z20010893"}]
["의지하지-실리콘싹스(아이스로스 씰인 X-TF링)",175000,175000,"ea",1,175000,"175000, 155000, 155000, 155000,",{"$f":"INDEX(구매내역!$H$2:$I$18317,MATCH(표2[[#This Row],[물품명]],구매내역!$I$2:$I$18317,0),0)","v":"Z20010892"}]
["의지하지-실리콘싹스(아이스로스 씰인 X-TF링) (의지재료)",175000,175000,"ea",1,175000,"175000, 155000, 155000,",{"$f":"INDEX(구매내역!$H$2:$I$18317,MATCH(표2[[#This Row],[물품명]],구매내역!$I$2:$I$18317,0),0)","v":"Z20010892"}]
["의지하지-실리콘싹스(아이스로스 씰인X-TF(Set) (의지재료)",620000,620000,"ea",1,620000,"620000, 620000, 620000, 620000, 620000, 620000, 620000, 620000, 620000, 620000,",{"$f":"INDEX(구매내역!$H$2:$I$18317,MATCH(표2[[#This Row],[물품명]],구매내역!$I$2:$I$18317,0),0)","v":"Z20010891"}]
["의지하지-실리콘싹스3D대퇴라이너",520000,520000000,"ea",1,520000000,"520000000,",{"$f":"INDEX(구매내역!$H$2:$I$18317,MATCH(표2[[#This Row],[물품명]],구매내역!$I$2:$I$18317,0),0)","v":"Z20011170"}]
["의지하지-실리콘싹스6Y95칼레오(독일)",385000,380000,"ea",1,380000,"380000, 385000, 380000,",{"$f":"INDEX(구매내역!$H$2:$I$18317,MATCH(표2[[#This Row],[물품명]],구매내역!$I$2:$I$18317,0),0)","v":"Z20011071"}]
["의지하지-실리콘싹스MagFabric라이너(국산) (의지재료)",138000,138000,"ea",1,138000,"138000, 138000, 138000, 118000,",{"$f":"INDEX(구매내역!$H$2:$I$18317,MATCH(표2[[#This Row],[물품명]],구매내역!$I$2:$I$18317,0),0)","v":"Z20010709"}]
["의지하지-실리콘싹스X5씰린대퇴용(미국산) (의지재료)",600000,600000,"ea",1,600000,"600000, 600000, 600000, 600000, 600000, 600000, 600000, 600000, 600000, 600000,",{"$f":"INDEX(구매내역!$H$2:$I$18317,MATCH(표2[[#This Row],[물품명]],구매내역!$I$2:$I$18317,0),0)","v":"Z20010546"}]
["의지하지-실리콘싹스X5씰린대퇴용(미국산) (의지재료) (의지재료)",600000,600000,"ea",1,600000,"600000, 600000, 600000, 600000, 600000, 600000, 600000, 600000, 600000, 600000,",{"$f":"INDEX(구매내역!$H$2:$I$18317,MATCH(표2[[#This Row],[물품명]],구매내역!$I$2:$I$18317,0),0)","v":"Z20010546"}]
["의지하지-실리콘싹스X5씰린라이너웨이브하퇴용(오서) (의지재료) (의지재료",398000,398000,"ea",1,398000,"398000, 398000, 398000, 398000, 398000, 398000, 398000, 398000, 460000,",{"$f":"INDEX(구매내역!$H$2:$I$18317,MATCH(표2[[#This Row],[물품명]],구매내역!$I$2:$I$18317,0),0)","v":"Z20010663"}]
["의지하지-실리콘싹스X5씰린하퇴용(미국산) (의지재료) (의지재료)",460000,398000,"ea",1,398000,"398000, 398000, 398000, 460000,",{"$f":"INDEX(구매내역!$H$2:$I$18317,MATCH(표2[[#This Row],[물품명]],구매내역!$I$2:$I$18317,0),0)","v":"Z20010582"}]
["의지하지-실리콘싹스국산(국산) (의지재료)",120000,120000,"ea",1,120000,"120000, 120000, 120000, 120000, 120000, 120000, 120000, 120000, 120000, 120000,",{"$f":"INDEX(구매내역!$H$2:$I$18317,MATCH(표2[[#This Row],[물품명]],구매내역!$I$2:$I$18317,0),0)","v":"Z20010507"}]
["의지하지-실리콘싹스국산(국산) (의지재료) (의지재료)",120000,120000,"ea",1,120000,"120000, 120000, 120000, 120000, 120000, 120000, 120000, 120000, 120000, 120000,",{"$f":"INDEX(구매내역!$H$2:$I$18317,MATCH(표2[[#This Row],[물품명]],구매내역!$I$2:$I$18317,0),0)","v":"Z20010507"}]
["의지하지-실리콘싹스대퇴용(대퇴용) (의지재료)",399000,399000,"ea",1,399000,"399000, 399000, 399000, 399000, 399000, 399000, 399000, 399000, 399000, 399000,",{"$f":"INDEX(구매내역!$H$2:$I$18317,MATCH(표2[[#This Row],[물품명]],구매내역!$I$2:$I$18317,0),0)","v":"Z20010508"}]
["의지하지-실리콘싹스대퇴용(대퇴용) (의지재료) (의지재료)",399000,399000,"ea",1,399000,"399000, 399000, 399000, 399000, 399000, 399000, 399000, 399000, 399000, 399000,",{"$f":"INDEX(구매내역!$H$2:$I$18317,MATCH(표2[[#This Row],[물품명]],구매내역!$I$2:$I$18317,0),0)","v":"Z20010508"}]
["의지하지-실리콘싹스더모(미국산) (의지재료)",398000,398000,"ea",1,398000,"398000, 398000, 398000, 398000, 398000, 398000, 398000, 398000, 398000, 398000,",{"$f":"INDEX(구매내역!$H$2:$I$18317,MATCH(표2[[#This Row],[물품명]],구매내역!$I$2:$I$18317,0),0)","v":"Z20010509"}]
["의지하지-실리콘싹스더모(미국산) (의지재료) (의지재료)",398000,398000,"ea",1,398000,"398000, 398000, 398000, 398000, 398000, 398000, 398000, 398000, 398000, 398000,",{"$f":"INDEX(구매내역!$H$2:$I$18317,MATCH(표2[[#This Row],[물품명]],구매내역!$I$2:$I$18317,0),0)","v":"Z20010509"}]
["의지하지-실리콘싹스더블젤라이너(성림) (의지재료)",105000,105000,"ea",1,105000,"105000, 105000, 105000, 105000, 105000, 105000, 105000, 105000, 105000, 105000,",{"$f":"INDEX(구매내역!$H$2:$I$18317,MATCH(표2[[#This Row],[물품명]],구매내역!$I$2:$I$18317,0),0)","v":"Z20010836"}]
["의지하지-실리콘싹스라이너(독일산) (의지재료) (의지재료)",300000,300000,"ea",1,300000,"300000,",{"$f":"INDEX(구매내역!$H$2:$I$18317,MATCH(표2[[#This Row],[물품명]],구매내역!$I$2:$I$18317,0),0)","v":"Z20010511"}]
["의지하지-실리콘싹스라이트라이너6mm(외산하퇴용 ) (의지재료) (의지재료",340000,340000,"ea",1,340000,"340000,",{"$f":"INDEX(구매내역!$H$2:$I$18317,MATCH(표2[[#This Row],[물품명]],구매내역!$I$2:$I$18317,0),0)","v":"Z20010512"}]
["의지하지-실리콘싹스베이직TPE라이너(독일) (의지재료)",231000,231000,"ea",1,231000,"231000, 231000, 231000,",{"$f":"INDEX(구매내역!$H$2:$I$18317,MATCH(표2[[#This Row],[물품명]],구매내역!$I$2:$I$18317,0),0)","v":"Z20010810"}]
["의지하지-실리콘싹스-스케오실링라이너(독일)",580000,580000,"ea",1,580000,"580000,",{"$f":"INDEX(구매내역!$H$2:$I$18317,MATCH(표2[[#This Row],[물품명]],구매내역!$I$2:$I$18317,0),0)","v":"Z20011182"}]
["의지하지-실리콘싹스스포츠(미국산) (의지재료) (의지재료)",430000,430000,"ea",1,430000,"430000, 430000, 430000, 430000, 430000, 430000, 430000,",{"$f":"INDEX(구매내역!$H$2:$I$18317,MATCH(표2[[#This Row],[물품명]],구매내역!$I$2:$I$18317,0),0)","v":"Z20010515"}]
["의지하지-실리콘싹스시너지웨이브(외산) (의지재료)",398000,398000,"ea",1,398000,"398000, 398000, 398000, 398000, 398000,",{"$f":"INDEX(구매내역!$H$2:$I$18317,MATCH(표2[[#This Row],[물품명]],구매내역!$I$2:$I$18317,0),0)","v":"Z20010517"}]
["의지하지-실리콘싹스시너지웨이브(외산) (의지재료) (의지재료)",398000,398000,"ea",1,398000,"398000, 398000, 398000, 398000,",{"$f":"INDEX(구매내역!$H$2:$I$18317,MATCH(표2[[#This Row],[물품명]],구매내역!$I$2:$I$18317,0),0)","v":"Z20010517"}]
["의지하지-실리콘싹스싸임용(외산) (의지재료) (의지재료)",90000,90000,"ea",1,90000,"90000, 90000, 90000, 90000,",{"$f":"INDEX(구매내역!$H$2:$I$18317,MATCH(표2[[#This Row],[물품명]],구매내역!$I$2:$I$18317,0),0)","v":"Z20010519"}]
["의지하지-실리콘싹스씰린라이너대퇴용(외산) (의지재료)",600000,600000,"ea",1,600000,"600000, 600000, 600000, 600000, 600000, 600000, 600000, 600000, 600000, 600000,",{"$f":"INDEX(구매내역!$H$2:$I$18317,MATCH(표2[[#This Row],[물품명]],구매내역!$I$2:$I$18317,0),0)","v":"Z20010520"}]
["의지하지-실리콘싹스씰린라이너대퇴용(외산) (의지재료) (의지재료)",600000,600000,"ea",1,600000,"600000, 600000, 600000, 600000, 600000, 600000, 600000, 600000, 600000, 600000,",{"$f":"INDEX(구매내역!$H$2:$I$18317,MATCH(표2[[#This Row],[물품명]],구매내역!$I$2:$I$18317,0),0)","v":"Z20010520"}]
["의지하지-실리콘싹스씰린라이너하퇴용(외산) (의지재료) (의지재료)",460000,460000,"ea",1,460000,"460000, 460000,",{"$f":"INDEX(구매내역!$H$2:$I$18317,MATCH(표2[[#This Row],[물품명]],구매내역!$I$2:$I$18317,0),0)","v":"Z20010521"}]
["의지하지-실리콘싹스씰인X5",398000,398000,"ea",1,398000,"398000,",{"$f":"INDEX(구매내역!$H$2:$I$18317,MATCH(표2[[#This Row],[물품명]],구매내역!$I$2:$I$18317,0),0)","v":"Z20011193"}]
["의지하지-실리콘싹스씰인X하퇴용(오서)",400000,400000,"ea",1,400000,"400000, 400000, 400000, 400000, 400000, 400000, 400000, 400000, 380000, 400000,",{"$f":"INDEX(구매내역!$H$2:$I$18317,MATCH(표2[[#This Row],[물품명]],구매내역!$I$2:$I$18317,0),0)","v":"Z20011049"}]
["의지하지-실리콘싹스아이스로스오리지날천커버락킹 (의지재료) (의지재료)",240000,240000,"ea",1,240000,"240000, 240000, 240000, 240000, 240000, 240000, 240000,",{"$f":"INDEX(구매내역!$H$2:$I$18317,MATCH(표2[[#This Row],[물품명]],구매내역!$I$2:$I$18317,0),0)","v":"Z20010623"}]
["의지하지-실리콘싹스알파 SEBS 스프릿트라이너(성림)",390000,390000,"ea",1,390000,"390000,",{"$f":"INDEX(구매내역!$H$2:$I$18317,MATCH(표2[[#This Row],[물품명]],구매내역!$I$2:$I$18317,0),0)","v":"Z20011197"}]
["의지하지-실리콘싹스알프스Akdt(미국산) (의지재료)",290000,290000,"ea",1,290000,"290000, 290000, 290000, 290000, 290000, 290000,",{"$f":"INDEX(구매내역!$H$2:$I$18317,MATCH(표2[[#This Row],[물품명]],구매내역!$I$2:$I$18317,0),0)","v":"Z20010523"}]
["의지하지-실리콘싹스알프스Akdt(미국산) (의지재료) (의지재료)",290000,290000,"ea",1,290000,"290000, 290000, 290000, 290000, 290000,",{"$f":"INDEX(구매내역!$H$2:$I$18317,MATCH(표2[[#This Row],[물품명]],구매내역!$I$2:$I$18317,0),0)","v":"Z20010523"}]
["의지하지-실리콘싹스알프스Gpdt(미국산) (의지재료) (의지재료)",270000,270000,"ea",1,270000,"270000, 270000, 270000, 270000, 270000, 270000, 270000, 270000, 270000, 270000,",{"$f":"INDEX(구매내역!$H$2:$I$18317,MATCH(표2[[#This Row],[물품명]],구매내역!$I$2:$I$18317,0),0)","v":"Z20010524"}]
["의지하지-실리콘싹스알프스Spdt(미국산) (의지재료)",270000,270000,"ea",1,270000,"270000, 270000, 270000, 270000, 270000, 270000, 270000, 270000, 270000, 270000,",{"$f":"INDEX(구매내역!$H$2:$I$18317,MATCH(표2[[#This Row],[물품명]],구매내역!$I$2:$I$18317,0),0)","v":"Z20010981"}]
["의지하지-실리콘싹스알프스Spdt(미국산) (의지재료) (의지재료)",270000,270000,"ea",1,270000,"270000, 270000, 270000, 270000, 270000, 270000, 270000, 270000, 270000, 270000,",{"$f":"INDEX(구매내역!$H$2:$I$18317,MATCH(표2[[#This Row],[물품명]],구매내역!$I$2:$I$18317,0),0)","v":"Z20010981"}]
["의지하지-실리콘싹스알프스규션젤라이너(미국산) (의지재료) (의지재료)",270000,270000,"ea",1,270000,"270000, 270000, 270000,",{"$f":"INDEX(구매내역!$H$2:$I$18317,MATCH(표2[[#This Row],[물품명]],구매내역!$I$2:$I$18317,0),0)","v":"Z20010522"}]
["의지하지-실리콘싹스알프스플렉스슬리브(성림)",130000,130000,"ea",1,130000,"130000, 130000, 130000, 120000,",{"$f":"INDEX(구매내역!$H$2:$I$18317,MATCH(표2[[#This Row],[물품명]],구매내역!$I$2:$I$18317,0),0)","v":"Z20010997"}]
["의지하지-실리콘싹스어퍼액스전박용(미국산) (의지재료) (의지재료)",340000,340000,"ea",1,340000,"340000, 340000, 340000, 340000, 340000, 340000, 340000, 340000, 340000, 340000,",{"$f":"INDEX(구매내역!$H$2:$I$18317,MATCH(표2[[#This Row],[물품명]],구매내역!$I$2:$I$18317,0),0)","v":"Z20010525"}]
["의지하지-실리콘싹스이지락킹(미국산) (의지재료)",330000,330000,"ea",1,330000,"330000, 330000, 330000, 330000, 330000, 330000, 330000, 330000, 330000, 330000,",{"$f":"INDEX(구매내역!$H$2:$I$18317,MATCH(표2[[#This Row],[물품명]],구매내역!$I$2:$I$18317,0),0)","v":"Z20010526"}]
["의지하지-실리콘싹스이지락킹(미국산) (의지재료) (의지재료)",330000,330000,"ea",1,330000,"330000, 330000, 330000, 330000, 330000, 330000, 330000, 330000, 330000, 330000,",{"$f":"INDEX(구매내역!$H$2:$I$18317,MATCH(표2[[#This Row],[물품명]],구매내역!$I$2:$I$18317,0),0)","v":"Z20010526"}]
["의지하지-실리콘싹스자석용라이너(국산)",118000,118000,"ea",1,118000,"118000, 118000, 118000, 118000,",{"$f":"INDEX(구매내역!$H$2:$I$18317,MATCH(표2[[#This Row],[물품명]],구매내역!$I$2:$I$18317,0),0)","v":"Z20010805"}]
["의지하지-실리콘싹스자석용라이너(국산) (의지재료)",118000,118000,"ea",1,118000,"118000, 118000, 118000,",{"$f":"INDEX(구매내역!$H$2:$I$18317,MATCH(표2[[#This Row],[물품명]],구매내역!$I$2:$I$18317,0),0)","v":"Z20010805"}]
["의지하지-실리콘싹스젤라이너(외산) (의지재료) (의지재료)",180000,180000,"ea",1,180000,"180000, 180000, 180000, 180000, 180000, 180000, 180000,",{"$f":"INDEX(구매내역!$H$2:$I$18317,MATCH(표2[[#This Row],[물품명]],구매내역!$I$2:$I$18317,0),0)","v":"Z20010527"}]
["의지하지-실리콘싹스천커버살색라이너(독일산) (의지재료)",264000,264000,"ea",1,264000,"264000, 264000,",{"$f":"INDEX(구매내역!$H$2:$I$18317,MATCH(표2[[#This Row],[물품명]],구매내역!$I$2:$I$18317,0),0)","v":"Z20010529"}]
["의지하지-실리콘싹스천커버살색라이너(독일산) (의지재료) (의지재료)",264000,264000,"ea",1,264000,"264000,",{"$f":"INDEX(구매내역!$H$2:$I$18317,MATCH(표2[[#This Row],[물품명]],구매내역!$I$2:$I$18317,0),0)","v":"Z20010529"}]
["의지하지-실리콘싹스컴포트대퇴용(외산) (의지재료) (의지재료)",500000,500000,"ea",1,500000,"500000, 500000, 500000, 500000, 500000, 500000, 500000, 500000, 500000, 500000,",{"$f":"INDEX(구매내역!$H$2:$I$18317,MATCH(표2[[#This Row],[물품명]],구매내역!$I$2:$I$18317,0),0)","v":"Z20010530"}]
["의지하지-실리콘싹스컴포트락킹",335000,335000,"ea",1,335000,"335000, 335000, 335000, 335000, 335000, 335000, 335000, 335000,",{"$f":"INDEX(구매내역!$H$2:$I$18317,MATCH(표2[[#This Row],[물품명]],구매내역!$I$2:$I$18317,0),0)","v":"Z20011192"}]
["의지하지-실리콘싹스컴포트쿠션라이너3mm(외산)",335000,335000,"ea",1,335000,"335000, 335000, 338000, 338000,",{"$f":"INDEX(구매내역!$H$2:$I$18317,MATCH(표2[[#This Row],[물품명]],구매내역!$I$2:$I$18317,0),0)","v":"Z20010700"}]
["의지하지-실리콘싹스컴포트쿠션라이너3mm(외산) (의지재료)",335000,335000,"ea",1,335000,"335000, 335000,",{"$f":"INDEX(구매내역!$H$2:$I$18317,MATCH(표2[[#This Row],[물품명]],구매내역!$I$2:$I$18317,0),0)","v":"Z20010700"}]
["의지하지-실리콘싹스컴포트하퇴용(외산) (의지재료)",335000,335000,"ea",1,335000,"335000, 335000, 335000, 335000, 335000, 335000, 335000, 335000, 335000, 335000,",{"$f":"INDEX(구매내역!$H$2:$I$18317,MATCH(표2[[#This Row],[물품명]],구매내역!$I$2:$I$18317,0),0)","v":"Z20010532"}]
["의지하지-실리콘싹스컴포트하퇴용(외산) (의지재료) (의지재료)",335000,335000,"ea",1,335000,"335000, 335000, 335000, 335000, 335000, 335000, 335000, 335000, 335000, 335000,",{"$f":"INDEX(구매내역!$H$2:$I$18317,MATCH(표2[[#This Row],[물품명]],구매내역!$I$2:$I$18317,0),0)","v":"Z20010532"}]
["의지하지-실리콘싹스코니칼+스텐다드대퇴용(미국산) (의지재료)",500000,500000,"ea",1,500000,"500000, 500000, 500000, 500000, 500000, 500000, 500000, 500000, 500000, 500000,",{"$f":"INDEX(구매내역!$H$2:$I$18317,MATCH(표2[[#This Row],[물품명]],구매내역!$I$2:$I$18317,0),0)","v":"Z20010533"}]
["의지하지-실리콘싹스코니칼+스텐다드대퇴용(미국산) (의지재료) (의지재료)",500000,500000,"ea",1,500000,"500000, 500000, 500000, 500000, 500000, 500000, 500000, 500000, 500000, 500000,",{"$f":"INDEX(구매내역!$H$2:$I$18317,MATCH(표2[[#This Row],[물품명]],구매내역!$I$2:$I$18317,0),0)","v":"Z20010533"}]
["의지하지-실리콘싹스코플리머라이너(독일산) (의지재료) (의지재료)",365000,365000,"ea",1,365000,"365000,",{"$f":"INDEX(구매내역!$H$2:$I$18317,MATCH(표2[[#This Row],[물품명]],구매내역!$I$2:$I$18317,0),0)","v":"Z20010534"}]
["의지하지-실리콘싹스투명하퇴용(미국산) (의지재료) (의지재료)",270000,270000,"ea",1,270000,"270000, 220000, 270000, 270000,",{"$f":"INDEX(구매내역!$H$2:$I$18317,MATCH(표2[[#This Row],[물품명]],구매내역!$I$2:$I$18317,0),0)","v":"Z20010537"}]
["의지하지-실리콘싹스투칼라천커버대퇴용(미국산) (의지재료) (의지재료)",500000,500000,"ea",1,500000,"500000, 500000, 500000, 500000, 500000, 500000,",{"$f":"INDEX(구매내역!$H$2:$I$18317,MATCH(표2[[#This Row],[물품명]],구매내역!$I$2:$I$18317,0),0)","v":"Z20010538"}]
["의지하지-실리콘싹스향균라이너대퇴용(독일산) (의지재료)",515000,515000,"ea",1,515000,"515000, 515000, 515000, 515000, 515000, 515000, 515000, 515000, 515000, 515000,",{"$f":"INDEX(구매내역!$H$2:$I$18317,MATCH(표2[[#This Row],[물품명]],구매내역!$I$2:$I$18317,0),0)","v":"Z20010542"}]
["의지하지-실리콘싹스향균라이너대퇴용(독일산) (의지재료) (의지재료)",515000,515000,"ea",1,515000,"515000, 515000, 515000, 515000, 515000, 515000, 515000, 515000, 515000, 515000,",{"$f":"INDEX(구매내역!$H$2:$I$18317,MATCH(표2[[#This Row],[물품명]],구매내역!$I$2:$I$18317,0),0)","v":"Z20010542"}]
["의지하지-실리콘싹스향균라이너하퇴용(독일산) (의지재료)",180000,235000,"ea",1,235000,"235000, 235000, 180000, 235000, 235000, 235000, 235000, 235000, 235000, 235000,",{"$f":"INDEX(구매내역!$H$2:$I$18317,MATCH(표2[[#This Row],[물품명]],구매내역!$I$2:$I$18317,0),0)","v":"Z20010543"}]
["의지하지-실리콘싹스향균라이너하퇴용(독일산) (의지재료) (의지재료)",180000,235000,"ea",1,235000,"235000, 235000, 180000, 235000, 235000, 235000, 235000, 235000, 235000, 235000,",{"$f":"INDEX(구매내역!$H$2:$I$18317,MATCH(표2[[#This Row],[물품명]],구매내역!$I$2:$I$18317,0),0)","v":"Z20010543"}]
["의지하지-실리콘싹스향균젤라이너대퇴용(독일산) (의지재료)",399000,399000,"ea",1,399000,"399000, 399000, 399000, 515000, 515000, 515000, 515000, 515000, 515000,",{"$f":"INDEX(구매내역!$H$2:$I$18317,MATCH(표2[[#This Row],[물품명]],구매내역!$I$2:$I$18317,0),0)","v":"Z20010544"}]
["의지하지-실리콘싹스향균젤라이너대퇴용(독일산) (의지재료) (의지재료)",399000,399000,"ea",1,399000,"399000, 399000, 399000, 515000, 515000, 515000, 515000, 515000,",{"$f":"INDEX(구매내역!$H$2:$I$18317,MATCH(표2[[#This Row],[물품명]],구매내역!$I$2:$I$18317,0),0)","v":"Z20010544"}]
["의지하지-실리콘싹스향균젤라이너하퇴용(독일산) (의지재료)",235000,235000,"ea",1,235000,"235000, 235000, 235000, 235000, 235000, 235000, 235000, 235000, 235000, 235000,",{"$f":"INDEX(구매내역!$H$2:$I$18317,MATCH(표2[[#This Row],[물품명]],구매내역!$I$2:$I$18317,0),0)","v":"Z20010545"}]
["의지하지-실리콘싹스향균젤라이너하퇴용(독일산) (의지재료) (의지재료)",235000,235000,"ea",1,235000,"235000, 235000, 235000, 235000, 235000, 235000, 235000, 235000, 235000, 235000,",{"$f":"INDEX(구매내역!$H$2:$I$18317,MATCH(표2[[#This Row],[물품명]],구매내역!$I$2:$I$18317,0),0)","v":"Z20010545"}]
["의지하지-싸치발Is49+2r31발목관절 (의지재료)",185000,185000,"ea",1,185000,"185000, 185000,",{"$f":"INDEX(구매내역!$H$2:$I$18317,MATCH(표2[[#This Row],[물품명]],구매내역!$I$2:$I$18317,0),0)","v":"Z20010549"}]
["의지하지-싸치발Is49+2r31발목관절 (의지재료) (의지재료)",185000,185000,"ea",1,185000,"185000,",{"$f":"INDEX(구매내역!$H$2:$I$18317,MATCH(표2[[#This Row],[물품명]],구매내역!$I$2:$I$18317,0),0)","v":"Z20010549"}]
["의지하지-싸치발목관절(스틸) (의지재료)",37000,37000,"ea",1,37000,"37000, 37000,",{"$f":"INDEX(구매내역!$H$2:$I$18317,MATCH(표2[[#This Row],[물품명]],구매내역!$I$2:$I$18317,0),0)","v":"Z20010689"}]
["의지하지-싸치발셋트 (의지재료) (의지재료)",156000,156000,"ea",1,156000,"156000, 162000, 162000, 162000,",{"$f":"INDEX(구매내역!$H$2:$I$18317,MATCH(표2[[#This Row],[물품명]],구매내역!$I$2:$I$18317,0),0)","v":"Z20010548"}]
["의지하지-씰인 V 하퇴용 웨이브 라이너(오서) (의지재료)",520000,520000,"ea",1,520000,"520000, 520000, 520000,",{"$f":"INDEX(구매내역!$H$2:$I$18317,MATCH(표2[[#This Row],[물품명]],구매내역!$I$2:$I$18317,0),0)","v":"Z20010898"}]
["의지하지-아나토믹 3D 라이너(향균) (6Y512) (의지재료)",380000,380000,"ea",1,380000,"380000, 380000,",{"$f":"INDEX(구매내역!$H$2:$I$18317,MATCH(표2[[#This Row],[물품명]],구매내역!$I$2:$I$18317,0),0)","v":"Z20010939"}]
["의지하지-아이스로스 씰인 x 하퇴라이너+씰링 (미국산)",520000,520000,"ea",1,520000,"520000, 520000, 520000, 520000, 520000, 520000, 520000,",{"$f":"INDEX(구매내역!$H$2:$I$18317,MATCH(표2[[#This Row],[물품명]],구매내역!$I$2:$I$18317,0),0)","v":"Z20010987"}]
["의지하지-아이스로스 씰인 x 하퇴라이너+씰링 (미국산) (의지재료)",520000,520000,"ea",1,520000,"520000, 520000, 520000, 520000, 520000, 520000,",{"$f":"INDEX(구매내역!$H$2:$I$18317,MATCH(표2[[#This Row],[물품명]],구매내역!$I$2:$I$18317,0),0)","v":"Z20010987"}]
["의지하지-엔도라이트 에스프리트발(성림)",1220000,1220000,"ea",1,1220000,"1220000, 1220000, 1220000, 1220000, 1220000,",{"$f":"INDEX(구매내역!$H$2:$I$18317,MATCH(표2[[#This Row],[물품명]],구매내역!$I$2:$I$18317,0),0)","v":"Z20010901"}]
["의지하지-엔도라이트 에스프리트발(성림) (의지재료)",1220000,1220000,"ea",1,1220000,"1220000, 1220000, 1220000, 1220000,",{"$f":"INDEX(구매내역!$H$2:$I$18317,MATCH(표2[[#This Row],[물품명]],구매내역!$I$2:$I$18317,0),0)","v":"Z20010901"}]
["의지하지-의지발오딧세이(성림)",2990000,2990000,"ea",1,2990000,"2990000,",{"$f":"INDEX(구매내역!$H$2:$I$18317,MATCH(표2[[#This Row],[물품명]],구매내역!$I$2:$I$18317,0),0)","v":"Z20011230"}]
["의지하지-코폴리머라이너(오토복) (의지재료)",365000,365000,"ea",1,365000,"365000,",{"$f":"INDEX(구매내역!$H$2:$I$18317,MATCH(표2[[#This Row],[물품명]],구매내역!$I$2:$I$18317,0),0)","v":"Z20010917"}]
["의지하지-퀀텀발스프링(중국) (의지재료)",265000,265000,"ea",1,265000,"265000, 355000,",{"$f":"INDEX(구매내역!$H$2:$I$18317,MATCH(표2[[#This Row],[물품명]],구매내역!$I$2:$I$18317,0),0)","v":"Z20010683"}]
["의지하지-퀀텀발외피(중국) (의지재료)",40000,40000,"ea",1,40000,"40000, 40000, 40000, 40000,",{"$f":"INDEX(구매내역!$H$2:$I$18317,MATCH(표2[[#This Row],[물품명]],구매내역!$I$2:$I$18317,0),0)","v":"Z20010682"}]
["의지하지-토탈니메일피라미드어댑터(외산) (의지재료) (의지재료)",130000,130000,"ea",1,130000,"130000, 130000, 130000, 130000, 130000, 130000, 130000, 130000, 130000, 130000,",{"$f":"INDEX(구매내역!$H$2:$I$18317,MATCH(표2[[#This Row],[물품명]],구매내역!$I$2:$I$18317,0),0)","v":"Z20010590"}]
["의지하지-폼카바대퇴용대만(대만산) (의지재료) (의지재료)",89000,89000,"ea",1,89000,"89000, 89000, 89000, 89000, 89000, 89000, 89000, 89000, 89000, 89000,",{"$f":"INDEX(구매내역!$H$2:$I$18317,MATCH(표2[[#This Row],[물품명]],구매내역!$I$2:$I$18317,0),0)","v":"Z20010555"}]
["의지하지-퓨어라이너(하퇴용/6Y43) (의지재료)",320000,320000,"ea",1,320000,"320000,",{"$f":"INDEX(구매내역!$H$2:$I$18317,MATCH(표2[[#This Row],[물품명]],구매내역!$I$2:$I$18317,0),0)","v":"Z20010942"}]
["의지하지-플렉스풋 EVO 카바 (오서) (의지재료) (의지재료)",220000,148000,"ea",1,148000,"148000, 220000, 220000, 220000, 220000,",{"$f":"INDEX(구매내역!$H$2:$I$18317,MATCH(표2[[#This Row],[물품명]],구매내역!$I$2:$I$18317,0),0)","v":"Z20010652"}]
["의지하지-하퇴용스탐프싹스외산 (의지재료) (의지재료)",6000,6000,"ea",1,6000,"6000, 6000, 6000, 6000, 6000, 6000, 6000, 6000, 6000,",{"$f":"INDEX(구매내역!$H$2:$I$18317,MATCH(표2[[#This Row],[물품명]],구매내역!$I$2:$I$18317,0),0)","v":"Z20010566"}]
["의지하지-홍콩리갈기계식슬관절무릎 (의지재료) (의지재료)",480000,480000,"ea",1,480000,"480000, 480000, 480000,",{"$f":"INDEX(구매내역!$H$2:$I$18317,MATCH(표2[[#This Row],[물품명]],구매내역!$I$2:$I$18317,0),0)","v":"Z20010596"}]
["의지하지-흡입밸브실린라이너대퇴용(미국산) (의지재료)",95000,95000,"ea",1,95000,"95000, 95000, 95000, 95000, 95000, 95000, 95000, 95000, 95000, 95000,",{"$f":"INDEX(구매내역!$H$2:$I$18317,MATCH(표2[[#This Row],[물품명]],구매내역!$I$2:$I$18317,0),0)","v":"Z20010570"}]
["의지하지-흡입밸브실린라이너대퇴용(미국산) (의지재료) (의지재료)",95000,95000,"ea",1,95000,"95000, 95000, 95000, 95000, 95000, 95000, 95000, 95000, 95000, 95000,",{"$f":"INDEX(구매내역!$H$2:$I$18317,MATCH(표2[[#This Row],[물품명]],구매내역!$I$2:$I$18317,0),0)","v":"Z20010570"}]
["의지하지-흡입밸브실린라이너하퇴용(미국산) (의지재료) (의지재료)",89000,89000,"ea",1,89000,"89000, 89000, 89000, 89000, 89000, 89000, 89000,",{"$f":"INDEX(구매내역!$H$2:$I$18317,MATCH(표2[[#This Row],[물품명]],구매내역!$I$2:$I$18317,0),0)","v":"Z20010571"}]
["하지-오프셋피메일싱글어댑터(연구재료)",150000,150000,"ea",1,150000,"150000, 150000, 150000, 150000, 150000,",{"$f":"INDEX(구매내역!$H$2:$I$18317,MATCH(표2[[#This Row],[물품명]],구매내역!$I$2:$I$18317,0),0)","v":"Z20050709"}]
["블래치포드 유압식 무릎 KX06V2(성림)",4800000,4500000,"ea",1,4500000,"4500000, 4500000, 4500000, 4500000, 4500000, 4500000,",{"$f":"INDEX(구매내역!$H$2:$I$18317,MATCH(표2[[#This Row],[물품명]],구매내역!$I$2:$I$18317,0),0)","v":"Z20050927"}]
["의지하지-클램프알미늄(알미늄) (의지재료) (의지재료)",39000,39000,"ea",1,39000,"39000, 39000, 39000, 39000, 39000, 39000, 39000, 39000, 39000, 39000,",{"$f":"INDEX(구매내역!$H$2:$I$18317,MATCH(표2[[#This Row],[물품명]],구매내역!$I$2:$I$18317,0),0)","v":"Z20010075"}]
["소모품-알미늄 튜브 910mm(성림)",35000,35000,"ea",1,35000,"35000, 35000, 35000, 45000, 35000, 35000, 35000, 35000,",{"$f":"INDEX(구매내역!$H$2:$I$18317,MATCH(표2[[#This Row],[물품명]],구매내역!$I$2:$I$18317,0),0)","v":"Z20011102"}]
["보조기하지-고관절 장식",130000,null,"ea",null,null,null,{"$f":"INDEX(구매내역!$H$2:$I$18317,MATCH(표2[[#This Row],[물품명]],구매내역!$I$2:$I$18317,0),0)","v":{"$error":"#N/A"}}]
["의지하지-프로플렉스XC (오서) (의지재료)",2300000,2300000,"ea",1,2300000,"2300000, 2300000, 2300000, 2300000, 2300000, 2300000, 2300000, 2300000, 2300000, 2300000,",{"$f":"INDEX(구매내역!$H$2:$I$18317,MATCH(표2[[#This Row],[물품명]],구매내역!$I$2:$I$18317,0),0)","v":"Z20010982"}]
["의지하지-프로플렉스LP",2100000,2100000,"ea",1,2100000,"2100000, 2800000,",{"$f":"INDEX(구매내역!$H$2:$I$18317,MATCH(표2[[#This Row],[물품명]],구매내역!$I$2:$I$18317,0),0)","v":"Z20011304"}]

{"sheet":"구매내역","index":3,"n_rows":18317,"n_cols":43,"rows_kept":2250,"cut":true,"hidden":false,"merged":[],"bounds":{"rows_first":1000,"rows_last":250,"rows_between":1000,"halvings":1}}
["플랜트","구매요청","품번","구매요청 헤더텍스트","구매오더","구매오더 헤더텍스트","품번","품목코드","품목내역","문서유형","구매그룹","문서조건","요청 접수일","요청 진행상태","요청자사번","요청자명","PO 증빙일","공급업체","공급업체명","유효시작일","유효종료일","PO 수량","PO 단위","단가","per","PO 총액","입고수량","입고금액","입고 전기일","검수진행상태","대금청구일자","임시송장 금액","임시송장 전기일","송장금액","송장전기일","지출원인 금액","지출원인 등록","지출원인 상태","지출원인 결재","지급금액","지급일자","반제금액","반제일자"]
[1102,1000075445,10,"물품구매(이*용/유*선)",2145600643,"활동형휠체어",10,"Z20120650","활동형휠체어-P2(미키코리아)","Z01",456,null,44315,"최종승인",26283,"유재선",44314,309507,"미키코리아(주)","2021-04-28","2021-05-06",1,"EA",950000,1,950000,1,950000,44315,"결제",null,0,null,0,null,0,null,null,null,0,null,0]
[1102,1000075446,10,"물품구매(박*규-전*환/유*선)",2145600642,"일반형휠체어 등 2종",10,"Z20011243","일반형 휠체어 - SKT-400 (엠코리아)","Z01",456,null,44315,"최종승인",26283,"유재선",44314,325857,"주식회사 엠코리아토탈서비스","2021-04-28","2021-05-06",1,"EA",450000,1,450000,1,450000,44315,"결제",null,450000,44315,0,null,450000,44315,null,null,0,null,0]
[1102,1000075446,20,"물품구매(박*규-전*환/유*선)",2145600642,"일반형휠체어 등 2종",20,"Z20011130","활동형휠체어 - 제니스-X (휠라인)","Z01",456,null,44315,"최종승인",26283,"유재선",44314,325857,"주식회사 엠코리아토탈서비스","2021-04-28","2021-05-06",1,"EA",1250000,1,1250000,1,1250000,44315,"결제",null,1250000,44315,0,null,1250000,44315,null,null,0,null,0]
[1102,1000075447,10,"물품구매(이*용-심*식/유*선)",2145600640,"활동형휠체어",10,"Z20120641","활동형휠체어- 노바제로 A타입 (티오엠)","Z01",456,null,44315,"최종승인",26283,"유재선",44314,325322,"썬메디테크","2021-04-28","2021-05-06",2,"EA",950000,1,1900000,2,1900000,44315,"결제",null,1900000,44315,0,null,1900000,44315,null,null,0,null,0]
[1102,1000075448,10,"물품구매(채*천-박*태/유*선)",2145600641,"침대형휠체어 등 2종",10,"Z20120628","침대형휠체어-HAL-48알루미늄드럼브레이크(미키코리아) (의지재료)","Z01",456,null,44315,"최종승인",26283,"유재선",44314,301882,"미키메디칼","2021-04-28","2021-05-06",1,"EA",740000,1,740000,1,740000,44315,"결제",null,0,null,0,null,0,null,null,null,0,null,0]
[1102,1000075448,20,"물품구매(채*천-박*태/유*선)",2145600641,"침대형휠체어 등 2종",20,"Z20120054","휠체어꺽기형-미라지7분리형미키 (의지재료) (의지재료)","Z01",456,null,44315,"최종승인",26283,"유재선",44314,301882,"미키메디칼","2021-04-28","2021-05-06",1,"EA",540000,1,540000,1,540000,44315,"결제",null,0,null,0,null,0,null,null,null,0,null,0]
[1102,1000075415,10,"물품구매(촤*국,의지재료)전*만",2145600629,"소모품 국산퀵핏트 등 4종",10,"Z20011162","소모품-국산퀵핏트(성림)","Z01",456,null,44312,"최종승인",6160,"전영만",44312,301263,"성림교역","2021-04-26","2021-05-03",10,"EA",22000,1,220000,10,220000,44314,"결제",null,220000,44314,0,null,220000,44314,null,null,0,null,0]
[1102,1000075415,20,"물품구매(촤*국,의지재료)전*만",2145600629,"소모품 국산퀵핏트 등 4종",20,"Z20010894","보조기하지-UDFlex짧은다리보조기 보아식 (성림) (의지재료)","Z01",456,null,44312,"최종승인",6160,"전영만",44312,301263,"성림교역","2021-04-26","2021-05-03",2,"EA",108000,1,216000,2,216000,44314,"결제",null,216000,44314,0,null,216000,44314,null,null,0,null,0]
[1102,1000075415,30,"물품구매(촤*국,의지재료)전*만",2145600629,"소모품 국산퀵핏트 등 4종",30,"Z20010177","소모품-석고칼날반원형(반원형외산) (의지재료) (의지재료)","Z01",456,null,44312,"최종승인",6160,"전영만",44312,301263,"성림교역","2021-04-26","2021-05-03",10,"EA",10000,1,100000,10,100000,44314,"결제",null,100000,44314,0,null,100000,44314,null,null,0,null,0]
[1102,1000075415,40,"물품구매(촤*국,의지재료)전*만",2145600629,"소모품 국산퀵핏트 등 4종",40,"Z20010178","소모품-석고칼날원형(원형외산) (의지재료) (의지재료)","Z01",456,null,44312,"최종승인",6160,"전영만",44312,301263,"성림교역","2021-04-26","2021-05-03",2,"EA",10000,1,20000,2,20000,44314,"결제",null,20000,44314,0,null,20000,44314,null,null,0,null,0]
[1102,1000075419,10,"물품구매((김*옥,죄*숙,김*주)전*만",2145600632,"보조기척추",10,"Z20010967","보조기척추-OT TLSO 몰딩 (의지재료)","Z01",456,null,44312,"최종승인",6160,"전영만",44312,322758,"오르텍주식회사","2021-04-26","2021-05-03",3,"EA",80000,1,240000,3,240000,44314,"결제",null,240000,44314,0,null,240000,44314,null,null,0,null,0]
[1102,1000075431,10,"물품구매(권*봉,김*형,서*규,남*원,김*록,이*우,한*용,용*혜,이*호,손*열)전*",2145600639,"의지하지 실리콘싹스 등 6종",10,"Z20010893","의지하지-실리콘싹스(아이스로스 씰인 X-TF) (의지재료)","Z01",456,null,44312,"최종승인",6160,"전영만",44314,301434,"오서코리아주식회사","2021-04-26","2021-05-03",1,"EA",500000,1,500000,1,500000,44314,"결제",null,500000,44314,0,null,500000,44314,null,null,0,null,0]
[1102,1000075431,20,"물품구매(권*봉,김*형,서*규,남*원,김*록,이*우,한*용,용*혜,이*호,손*열)전*",2145600639,"의지하지 실리콘싹스 등 6종",20,"Z20010722","의지하지-더모웨이브락킹(오서) (의지재료)","Z01",456,null,44312,"최종승인",6160,"전영만",44314,301434,"오서코리아주식회사","2021-04-26","2021-05-03",1,"EA",398000,1,398000,1,398000,44314,"결제",null,398000,44314,0,null,398000,44314,null,null,0,null,0]
[1102,1000075431,30,"물품구매(권*봉,김*형,서*규,남*원,김*록,이*우,한*용,용*혜,이*호,손*열)전*",2145600639,"의지하지 실리콘싹스 등 6종",30,"Z20010517","의지하지-실리콘싹스시너지웨이브(외산) (의지재료) (의지재료)","Z01",456,null,44312,"최종승인",6160,"전영만",44314,301434,"오서코리아주식회사","2021-04-26","2021-05-03",1,"EA",398000,1,398000,1,398000,44314,"결제",null,398000,44314,0,null,398000,44314,null,null,0,null,0]
[1102,1000075431,40,"물품구매(권*봉,김*형,서*규,남*원,김*록,이*우,한*용,용*혜,이*호,손*열)전*",2145600639,"의지하지 실리콘싹스 등 6종",40,"Z20010532","의지하지-실리콘싹스컴포트하퇴용(외산) (의지재료) (의지재료)","Z01",456,null,44312,"최종승인",6160,"전영만",44314,301434,"오서코리아주식회사","2021-04-26","2021-05-03",6,"EA",335000,1,2010000,6,2010000,44314,"결제",null,2010000,44314,0,null,2010000,44314,null,null,0,null,0]
[1102,1000075431,60,"물품구매(권*봉,김*형,서*규,남*원,김*록,이*우,한*용,용*혜,이*호,손*열)전*",2145600639,"의지하지 실리콘싹스 등 6종",50,"Z20010672","의지하지-플랙스풋커버(오서) (의지재료)","Z01",456,null,44312,"최종승인",6160,"전영만",44314,301434,"오서코리아주식회사","2021-04-26","2021-05-03",1,"EA",148000,1,148000,1,148000,44314,"결제",null,148000,44314,0,null,148000,44314,null,null,0,null,0]
[1102,1000075432,10,"물품구매(의지재료)전*만",2145600631,"소모품 썰린 등 2종",10,"Z20010221","소모품-썰린(10x40x40) (의지재료) (의지재료)","Z01",456,null,44312,"최종승인",6160,"전영만",44312,301148,"신성메디칼","2021-04-26","2021-05-03",10,"EA",40000,1,400000,10,400000,44314,"결제",null,400000,44314,0,null,400000,44314,null,null,0,null,0]
[1102,1000075432,20,"물품구매(의지재료)전*만",2145600631,"소모품 썰린 등 2종",20,"Z20010111","소모품-뒤플렉스(10x40x40) (의지재료) (의지재료)","Z01",456,null,44312,"최종승인",6160,"전영만",44312,301148,"신성메디칼","2021-04-26","2021-05-03",10,"EA",35000,1,350000,10,350000,44314,"결제",null,350000,44314,0,null,350000,44314,null,null,0,null,0]
[1102,1000075433,10,"물품구매(S-glass시편 외)",2145600638,"직무지원/s glass 시편 등 4종",10,"Z20050113","직무지원 연구재료 (연구재료) (연구재료)","Z01",456,null,44312,"최종승인",6146,"차국찬",44313,324453,"(주) 한일산업","2021-04-26","2021-05-03",1,"EA",495000,1,495000,1,495000,44314,"결제",null,495000,44314,0,null,495000,44314,"상신","결재완료",0,null,0]
[1102,1000075433,20,"물품구매(S-glass시편 외)",2145600638,"직무지원/s glass 시편 등 4종",20,"Z20050113","직무지원 연구재료 (연구재료) (연구재료)","Z01",456,null,44312,"최종승인",6146,"차국찬",44313,324453,"(주) 한일산업","2021-04-26","2021-05-03",1,"EA",495000,1,495000,1,495000,44314,"결제",null,495000,44314,0,null,495000,44314,"상신","결재완료",0,null,0]
[1102,1000075433,30,"물품구매(S-glass시편 외)",2145600638,"직무지원/s glass 시편 등 4종",30,"Z20050113","직무지원 연구재료 (연구재료) (연구재료)","Z01",456,null,44312,"최종승인",6146,"차국찬",44313,324453,"(주) 한일산업","2021-04-26","2021-05-03",1,"EA",625500,1,625500,1,625500,44314,"결제",null,625500,44314,0,null,625500,44314,"상신","결재완료",0,null,0]
[1102,1000075433,40,"물품구매(S-glass시편 외)",2145600638,"직무지원/s glass 시편 등 4종",40,"Z20050113","직무지원 연구재료 (연구재료) (연구재료)","Z01",456,null,44312,"최종승인",6146,"차국찬",44313,324453,"(주) 한일산업","2021-04-26","2021-05-03",1,"EA",757500,1,757500,1,757500,44314,"결제",null,757500,44314,0,null,757500,44314,"상신","결재완료",0,null,0]
[1102,1000075434,10,"물품구매(이*호,장*길,이*호,박*휘,김*중,문*철)전*만",2145600630,"활동형휠체어 등 4종",10,"Z20120650","활동형휠체어-P2(미키코리아)","Z01",456,null,44312,"최종승인",6160,"전영만",44312,309507,"미키코리아(주)","2021-04-26","2021-05-03",1,"EA",950000,1,950000,1,950000,44314,"결제",null,0,null,0,null,0,null,null,null,0,null,0]
[1102,1000075434,20,"물품구매(이*호,장*길,이*호,박*휘,김*중,문*철)전*만",2145600630,"활동형휠체어 등 4종",20,"Z20120055","휠체어꺽기형-미라지7일반형미키 (의지재료) (의지재료)","Z01",456,null,44312,"최종승인",6160,"전영만",44312,309507,"미키코리아(주)","2021-04-26","2021-05-03",4,"EA",440000,1,1760000,4,1760000,44314,"결제",null,0,null,0,null,0,null,null,null,0,null,0]
[1102,1000075434,30,"물품구매(이*호,장*길,이*호,박*휘,김*중,문*철)전*만",2145600630,"활동형휠체어 등 4종",30,"Z20120206","휠체어수리-브레이크활동형J2(활동형) (의지재료) (의지재료)","Z01",456,null,44312,"최종승인",6160,"전영만",44312,309507,"미키코리아(주)","2021-04-26","2021-05-03",2,"EA",22000,1,44000,2,44000,44314,"결제",null,0,null,0,null,0,null,null,null,0,null,0]
[1102,1000075434,40,"물품구매(이*호,장*길,이*호,박*휘,김*중,문*철)전*만",2145600630,"활동형휠체어 등 4종",40,"Z20120268","휠체어수리-앞바퀴조립포밍미키(6in) (의지재료) (의지재료)","Z01",456,null,44312,"최종승인",6160,"전영만",44312,309507,"미키코리아(주)","2021-04-26","2021-05-03",2,"EA",20000,1,40000,2,40000,44314,"결제",null,0,null,0,null,0,null,null,null,0,null,0]
[1102,1300013863,10,"2021년 시험인증센터 측정기기 교정",2145800012,"2021년 시험인증센터 측정기기 교정",10,null,"2021년 시험인증센터 측정기기 교정","Z04",458,"서비스",44253,"최종승인",27377,"정성배",44258,319375,"(주)표준교정기술원","2021-01-25","2021-04-30",1,"AU",17400000,1,17400000,1,17400000,44314,"상신",null,0,null,0,null,0,null,null,null,0,null,0]
[1102,1000075292,10,"물품구매(휠체어하네스/세금계산서)",2145600620,"스마트어시스트/휠체어하네스",10,"Z20050649","스마트어시스트(연구재료) (연구재료)","Z01",456,null,44320,"최종승인",11512,"남기태",44312,303159,"수성전자정밀(박*현)","2021-04-20","2021-05-11",6,"EA",47300,1,283800,6,283800,44313,"상신",null,0,null,0,null,0,null,null,null,0,null,0]
[1102,1000075321,10,"물품구매(tlso외2종)",2145600589,"보조기척추 등 3종",10,"Z20010967","보조기척추-OT TLSO 몰딩 (의지재료)","Z01",456,null,44307,"최종승인",6154,"김순종",44308,322758,"오르텍주식회사","2021-04-21","2021-04-28",2,"EA",80000,1,160000,2,160000,44313,"결제",null,0,null,0,null,0,null,null,null,0,null,0]
[1102,1000075321,20,"물품구매(tlso외2종)",2145600589,"보조기척추 등 3종",20,"Z20011149","보조기하지-UDFLEX짧은다리보조기 보아식 (오르텍)","Z01",456,null,44307,"최종승인",6154,"김순종",44308,322758,"오르텍주식회사","2021-04-21","2021-04-28",2,"EA",45000,1,90000,2,90000,44313,"결제",null,0,null,0,null,0,null,null,null,0,null,0]
[1102,1000075321,30,"물품구매(tlso외2종)",2145600589,"보조기척추 등 3종",30,"Z20010024","보조기척추-미네르바 (의지재료) (의지재료)","Z01",456,null,44307,"최종승인",6154,"김순종",44308,322758,"오르텍주식회사","2021-04-21","2021-04-28",1,"EA",100000,1,100000,1,100000,44313,"결제",null,0,null,0,null,0,null,null,null,0,null,0]
[1102,1000075323,10,"물품구매(훨체어외2건)",2145600587,"휠체어꺽기형 등 3종",10,"Z20120055","휠체어꺽기형-미라지7일반형미키 (의지재료) (의지재료)","Z01",456,null,44307,"최종승인",6154,"김순종",44308,301882,"미키메디칼","2021-04-21","2021-04-28",1,"EA",440000,1,440000,1,440000,44313,"결제",null,0,null,0,null,0,null,null,null,0,null,0]
[1102,1000075323,20,"물품구매(훨체어외2건)",2145600587,"휠체어꺽기형 등 3종",20,"Z20010640","휠체어-침대형 HAL-48알루미늄(미키) (의지재료) (의지재료)","Z01",456,null,44307,"최종승인",6154,"김순종",44308,301882,"미키메디칼","2021-04-21","2021-04-28",1,"EA",740000,1,740000,1,740000,44313,"결제",null,0,null,0,null,0,null,null,null,0,null,0]
[1102,1000075323,30,"물품구매(훨체어외2건)",2145600587,"휠체어꺽기형 등 3종",30,"Z20120268","휠체어수리-앞바퀴조립포밍미키(6in) (의지재료) (의지재료)","Z01",456,null,44307,"최종승인",6154,"김순종",44308,301882,"미키메디칼","2021-04-21","2021-04-28",2,"EA",20000,1,40000,2,40000,44313,"결제",null,0,null,0,null,0,null,null,null,0,null,0]
[1102,1000075324,10,"물품구매(발에스프리트외1종)",2145600586,"의지하지 엔도라이트 등 2종",10,"Z20010901","의지하지-엔도라이트 에스프리트발(성림) (의지재료)","Z01",456,null,44307,"최종승인",6154,"김순종",44308,301263,"성림교역","2021-04-21","2021-04-28",2,"EA",1220000,1,2440000,2,2440000,44313,"결제",null,0,null,0,null,0,null,null,null,0,null,0]
[1102,1000075324,20,"물품구매(발에스프리트외1종)",2145600586,"의지하지 엔도라이트 등 2종",20,"Z20010368","의지상지-미관형의수실리콘리갈(외산) (의지재료) (의지재료)","Z01",456,null,44307,"최종승인",6154,"김순종",44308,301263,"성림교역","2021-04-21","2021-04-28",2,"EA",230000,1,460000,2,460000,44313,"결제",null,0,null,0,null,0,null,null,null,0,null,0]
[1102,1000075326,10,"물품구매(매트리스)",2145600585,"욕창예방매트리스",10,"Z20130048","욕창예방매트리스교대부양형-Md100 (의지재료)","Z01",456,null,44307,"최종승인",6154,"김순종",44308,301766,"은혜메디칼","2021-04-21","2021-04-28",3,"EA",350000,1,1050000,3,1050000,44313,"결제",null,0,null,0,null,0,null,null,null,0,null,0]
[1102,1000075327,10,"물품구매(방석)",2145600584,"욕창예방방석",10,"Z20130029","욕창예방방석공기격자형-Smdub0003(8x9x5) (의지재료) (의지재","Z01",456,null,44307,"최종승인",6154,"김순종",44308,323411,"주식회사씰테크 용인지점","2021-04-21","2021-04-28",6,"EA",230000,1,1380000,6,1380000,44313,"결제",null,0,null,0,null,0,null,null,null,0,null,0]
[1102,1000075345,10,"물품구매(석고외2종)",2145600588,"소모품 pp 등 3종",10,"Z20010337","소모품-P.P(4x120x240) (의지재료) (의지재료)","Z01",456,null,44308,"최종승인",6154,"김순종",44308,301148,"신성메디칼","2021-04-22","2021-04-29",2,"EA",86000,1,172000,2,172000,44313,"결제",null,0,null,0,null,0,null,null,null,0,null,0]
[1102,1000075345,20,"물품구매(석고외2종)",2145600588,"소모품 pp 등 3종",20,"Z20010174","소모품-석고소석고2급b(25kg) (의지재료) (의지재료)","Z01",456,null,44308,"최종승인",6154,"김순종",44308,301148,"신성메디칼","2021-04-22","2021-04-29",5,"EA",35000,1,175000,5,175000,44313,"결제",null,0,null,0,null,0,null,null,null,0,null,0]
[1102,1000075345,30,"물품구매(석고외2종)",2145600588,"소모품 pp 등 3종",30,"Z20010100","소모품-내피피혁(30cm) (의지재료) (의지재료)","Z01",456,null,44308,"최종승인",6154,"김순종",44308,301148,"신성메디칼","2021-04-22","2021-04-29",50,"EA",5000,1,250000,50,250000,44313,"결제",null,0,null,0,null,0,null,null,null,0,null,0]
[1102,1000075349,10,"물품구매(하지의지-박*용/유*종)",2145600598,"의지하지 컴포트웨이브 등 2종",10,"Z20010723","의지하지-컴포트웨이브(오서) (의지재료)","Z01",456,null,44308,"최종승인",8664,"유효종",44309,301434,"오서코리아주식회사","2021-04-22","2021-04-29",1,"EA",335000,1,335000,1,335000,44313,"결제",null,335000,44313,0,null,335000,44313,"상신","결재완료",0,null,0]
[1102,1000075349,20,"물품구매(하지의지-박*용/유*종)",2145600598,"의지하지 컴포트웨이브 등 2종",20,"Z20010532","의지하지-실리콘싹스컴포트하퇴용(외산) (의지재료) (의지재료)","Z01",456,null,44308,"최종승인",8664,"유효종",44309,301434,"오서코리아주식회사","2021-04-22","2021-04-29",1,"EA",335000,1,335000,1,335000,44313,"결제",null,335000,44313,0,null,335000,44313,"상신","결재완료",0,null,0]
[1102,1000075380,10,"물품구매-휠체어수리/임*은",2145600606,"휠체어수리 통타이어",10,"Z20120659","휠체어수리-통타이어일반형대세(24in)","Z01",456,null,44309,"최종승인",9620,"임성은",44309,308571,"(주)대세엠케어 호남영업소","2021-04-23","2021-04-30",4,"EA",40000,1,160000,4,160000,44313,"결제",null,160000,44313,0,null,160000,44313,"상신","결재완료",0,null,0]
[1102,1000075385,10,"물품구매/무릎보조기/상지보조기/조*문",2145600623,"보조기하지 각도조절돈조이 등 2종",10,"Z20010038","보조기하지-각도조절돈조이(大,中,小) (의지재료) (의지재료)","Z01",456,null,44309,"최종승인",6164,"조성문",44312,322758,"오르텍주식회사","2021-04-23","2021-04-30",1,"EA",45000,1,45000,1,45000,44313,"결제",null,45000,44313,0,null,45000,44313,"상신","결재완료",0,null,0]
[1102,1000075385,20,"물품구매/무릎보조기/상지보조기/조*문",2145600623,"보조기하지 각도조절돈조이 등 2종",20,"Z20010011","보조기상지-보바스슬링 (의지재료) (의지재료)","Z01",456,null,44309,"최종승인",6164,"조성문",44312,322758,"오르텍주식회사","2021-04-23","2021-04-30",3,"EA",22000,1,66000,3,66000,44313,"결제",null,66000,44313,0,null,66000,44313,"상신","결재완료",0,null,0]
[1102,1000075386,10,"물품구매(미관형의수)",2145600621,"의지상지 미관형의수",10,"Z20010367","의지상지-미관형의수실리콘두손 (의지재료) (의지재료)","Z01",456,null,44312,"최종승인",6154,"김순종",44312,300508,"두손의수","2021-04-26","2021-05-03",6,"EA",230000,1,1380000,6,1380000,44313,"결제",null,0,null,0,null,0,null,null,null,0,null,0]
[1102,1000075391,10,"물품구매-휠체어수리/임*은",2145600605,"휠체어수리 브레이크",10,"Z20120200","휠체어수리-브레이크토글휠로피아(대만산) (의지재료) (의지재료)","Z01",456,null,44309,"최종승인",9620,"임성은",44309,301700,"(주)휠로피아","2021-04-23","2021-04-30",8,"EA",25000,1,200000,8,200000,44313,"결제",null,0,null,0,null,0,null,null,null,0,null,0]
[1102,1000075392,10,"물품구매-보조기하지/임*은",2145600604,"보조기하지 등 2종",10,"Z20010038","보조기하지-각도조절돈조이(大,中,小) (의지재료) (의지재료)","Z01",456,null,44309,"최종승인",9620,"임성은",44309,322758,"오르텍주식회사","2021-04-23","2021-04-30",1,"EA",45000,1,45000,1,45000,44313,"결제",null,45000,44313,0,null,45000,44313,"상신","결재완료",0,null,0]
[1102,1000075392,20,"물품구매-보조기하지/임*은",2145600604,"보조기하지 등 2종",20,"Z20010036","보조기척추-Tlso몸통보조기 (의지재료) (의지재료)","Z01",456,null,44309,"최종승인",9620,"임성은",44309,322758,"오르텍주식회사","2021-04-23","2021-04-30",1,"EA",70000,1,70000,1,70000,44313,"결제",null,70000,44313,0,null,70000,44313,"상신","결재완료",0,null,0]
[1102,1000075393,10,"물품구매-의지상지/임*은",2145600635,"의지상지 미관형의수 등 2종",10,"Z20010367","의지상지-미관형의수실리콘두손 (의지재료) (의지재료)","Z01",456,null,44309,"최종승인",9620,"임성은",44313,300508,"두손의수","2021-04-23","2021-04-30",1,"EA",230000,1,230000,1,230000,44313,"결제",null,230000,44313,0,null,230000,44313,"상신","결재완료",0,null,0]
[1102,1000075393,20,"물품구매-의지상지/임*은",2145600635,"의지상지 미관형의수 등 2종",20,"Z20010372","의지상지-미관형의수지실리콘 (의지재료) (의지재료)","Z01",456,null,44309,"최종승인",9620,"임성은",44313,300508,"두손의수","2021-04-23","2021-04-30",1,"EA",65000,1,65000,1,65000,44313,"결제",null,65000,44313,0,null,65000,44313,"상신","결재완료",0,null,0]
[1102,1000075394,10,"물품구매(미관형의수-김*윤)",2145600633,"의지상지 미관형의수 등 2종",10,"Z20010372","의지상지-미관형의수지실리콘 (의지재료) (의지재료)","Z01",456,null,44309,"최종승인",9144,"정창희",44313,300508,"두손의수","2021-04-23","2021-04-30",2,"EA",65000,1,130000,2,130000,44313,"결제",null,130000,44313,0,null,130000,44313,null,null,0,null,0]
[1102,1000075394,20,"물품구매(미관형의수-김*윤)",2145600633,"의지상지 미관형의수 등 2종",20,"Z20010367","의지상지-미관형의수실리콘두손 (의지재료) (의지재료)","Z01",456,null,44309,"최종승인",9144,"정창희",44313,300508,"두손의수","2021-04-23","2021-04-30",1,"EA",230000,1,230000,1,230000,44313,"결제",null,230000,44313,0,null,230000,44313,null,null,0,null,0]
[1102,1000075395,10,"물품구매 수부 /창원센터",2145600610,"의지상지 미관형의수 등 2종",10,"Z20010367","의지상지-미관형의수실리콘두손 (의지재료) (의지재료)","Z01",456,null,44309,"최종승인",6166,"김현종",44312,300508,"두손의수","2021-04-23","2021-04-30",3,"EA",230000,1,690000,3,690000,44313,"결제",null,690000,44313,0,null,690000,44313,"상신","결재완료",0,null,0]
[1102,1000075395,20,"물품구매 수부 /창원센터",2145600610,"의지상지 미관형의수 등 2종",20,"Z20010372","의지상지-미관형의수지실리콘 (의지재료) (의지재료)","Z01",456,null,44309,"최종승인",6166,"김현종",44312,300508,"두손의수","2021-04-23","2021-04-30",2,"EA",65000,1,130000,2,130000,44313,"결제",null,130000,44313,0,null,130000,44313,"상신","결재완료",0,null,0]
[1102,1000075396,10,"물품구매 방석 이*득,윤*석,김*규,신*권 /창원센터",2145600611,"욕창예방방석 등 2종",10,"Z20130023","욕창예방방석공기격자형-로호 (의지재료) (의지재료)","Z01",456,null,44309,"최종승인",6166,"김현종",44312,324832,"주식회사 이레엠케어","2021-04-23","2021-04-30",4,"EA",370000,1,1480000,4,1480000,44313,"결제",null,1480000,44313,0,null,1480000,44313,"상신","결재완료",0,null,0]
[1102,1000075396,20,"물품구매 방석 이*득,윤*석,김*규,신*권 /창원센터",2145600611,"욕창예방방석 등 2종",20,"Z20120419","휠체어수리-팔받이미키(大,中,小 ) (의지재료) (의지재료)","Z01",456,null,44309,"최종승인",6166,"김현종",44312,324832,"주식회사 이레엠케어","2021-04-23","2021-04-30",2,"EA",12000,1,24000,2,24000,44313,"결제",null,24000,44313,0,null,24000,44313,"상신","결재완료",0,null,0]
[1102,1000075397,10,"물품구매 의지상지 /창원센터",2145600612,"의지상지 미관형의수",10,"Z20010368","의지상지-미관형의수실리콘리갈(외산) (의지재료) (의지재료)","Z01",456,null,44309,"최종승인",6166,"김현종",44312,301263,"성림교역","2021-04-23","2021-04-30",1,"EA",230000,1,230000,1,230000,44313,"결제",null,230000,44313,0,null,230000,44313,"상신","결재완료",0,null,0]
[1102,1000075405,10,"물품구매(김*태-김*예-김*양/유*선)",2145600616,"활동형휠체어 등 3종",10,"Z20120641","활동형휠체어- 노바제로 A타입 (티오엠)","Z01",456,null,44309,"최종승인",26283,"유재선",44312,325322,"썬메디테크","2021-04-23","2021-04-30",1,"EA",950000,1,950000,1,950000,44313,"결제",null,950000,44313,0,null,950000,44313,"상신","결재완료",0,null,0]
[1102,1000075405,20,"물품구매(김*태-김*예-김*양/유*선)",2145600616,"활동형휠체어 등 3종",20,"Z20120474","휠체어일반형-M1스타트 (의지재료) (의지재료)","Z01",456,null,44309,"최종승인",26283,"유재선",44312,325322,"썬메디테크","2021-04-23","2021-04-30",1,"EA",450000,1,450000,1,450000,44313,"결제",null,450000,44313,0,null,450000,44313,"상신","결재완료",0,null,0]
[1102,1000075405,30,"물품구매(김*태-김*예-김*양/유*선)",2145600616,"활동형휠체어 등 3종",30,"Z20120647","일반형 휠체어 - 스타트M1 / DB","Z01",456,null,44309,"최종승인",26283,"유재선",44312,325322,"썬메디테크","2021-04-23","2021-04-30",1,"EA",500000,1,500000,1,500000,44313,"결제",null,500000,44313,0,null,500000,44313,"상신","결재완료",0,null,0]
[1102,1000075406,10,"물품구매(황*남/유*선)",2145600615,"일반형휠체어 등 2종",10,"Z20011243","일반형 휠체어 - SKT-400 (엠코리아)","Z01",456,null,44309,"최종승인",26283,"유재선",44312,325857,"주식회사 엠코리아토탈서비스","2021-04-23","2021-04-30",1,"EA",450000,1,450000,1,450000,44313,"결제",null,450000,44313,0,null,450000,44313,"상신","결재완료",0,null,0]
[1102,1000075406,20,"물품구매(황*남/유*선)",2145600615,"일반형휠체어 등 2종",20,"Z20011311","휠체어수리- 앞바퀴조립- 제니스 4인치 (엠코리아)","Z01",456,null,44309,"최종승인",26283,"유재선",44312,325857,"주식회사 엠코리아토탈서비스","2021-04-23","2021-04-30",4,"EA",30000,1,120000,4,120000,44313,"결제",null,120000,44313,0,null,120000,44313,"상신","결재완료",0,null,0]
[1102,1000075407,10,"물품구매(유*규-김*한-한*수/유*선)",2145600614,"휠체어꺽기형 등 5종",10,"Z20010641","휠체어-꺽기형미라지7 드럼브레이크(미키) (의지재료) (의지재료)","Z01",456,null,44309,"최종승인",26283,"유재선",44312,301882,"미키메디칼","2021-04-23","2021-04-30",2,"EA",490000,1,980000,2,980000,44313,"결제",null,980000,44313,0,null,980000,44313,null,null,0,null,0]
[1102,1000075407,20,"물품구매(유*규-김*한-한*수/유*선)",2145600614,"휠체어꺽기형 등 5종",20,"Z20120054","휠체어꺽기형-미라지7분리형미키 (의지재료) (의지재료)","Z01",456,null,44309,"최종승인",26283,"유재선",44312,301882,"미키메디칼","2021-04-23","2021-04-30",1,"EA",540000,1,540000,1,540000,44313,"결제",null,540000,44313,0,null,540000,44313,null,null,0,null,0]
[1102,1000075407,30,"물품구매(유*규-김*한-한*수/유*선)",2145600614,"휠체어꺽기형 등 5종",30,"Z20120267","휠체어수리-앞바퀴조립투명휠(3,4,5in) (의지재료) (의지재료)","Z01",456,null,44309,"최종승인",26283,"유재선",44312,301882,"미키메디칼","2021-04-23","2021-04-30",30,"EA",18182,1,545460,30,545460,44313,"결제",null,545460,44313,0,null,545460,44313,null,null,0,null,0]
[1102,1000075407,40,"물품구매(유*규-김*한-한*수/유*선)",2145600614,"휠체어꺽기형 등 5종",40,"Z20120268","휠체어수리-앞바퀴조립포밍미키(6in) (의지재료) (의지재료)","Z01",456,null,44309,"최종승인",26283,"유재선",44312,301882,"미키메디칼","2021-04-23","2021-04-30",40,"EA",20000,1,800000,40,800000,44313,"결제",null,800000,44313,0,null,800000,44313,null,null,0,null,0]
[1102,1000075407,50,"물품구매(유*규-김*한-한*수/유*선)",2145600614,"휠체어꺽기형 등 5종",50,"Z20120187","휠체어수리-브레이크2단미키(2단) (의지재료) (의지재료)","Z01",456,null,44309,"최종승인",26283,"유재선",44312,301882,"미키메디칼","2021-04-23","2021-04-30",10,"EA",16364,1,163640,10,163640,44313,"결제",null,163640,44313,0,null,163640,44313,null,null,0,null,0]
[1102,1000075408,10,"물품구매(문*림/유*선)",2145600613,"휠체어수리 배터리 등 9종",10,"Z20120172","휠체어수리-배터리휠로피아(12V50AH) (의지재료) (의지재료)","Z01",456,null,44309,"최종승인",26283,"유재선",44312,301700,"(주)휠로피아","2021-04-23","2021-04-30",2,"EA",95000,1,190000,2,190000,44313,"결제",null,190000,44313,0,null,190000,44313,"상신","결재완료",0,null,0]
[1102,1000075408,20,"물품구매(문*림/유*선)",2145600613,"휠체어수리 배터리 등 9종",20,"Z20120164","휠체어수리-배터리(12V,40Ah) (의지재료) (의지재료)","Z01",456,null,44309,"최종승인",26283,"유재선",44312,301700,"(주)휠로피아","2021-04-23","2021-04-30",2,"EA",75000,1,150000,2,150000,44313,"결제",null,150000,44313,0,null,150000,44313,"상신","결재완료",0,null,0]
[1102,1000075408,30,"물품구매(문*림/유*선)",2145600613,"휠체어수리 배터리 등 9종",30,"Z20120635","활동형 휠체어- CAMEL SPORT A타입 휠로피아","Z01",456,null,44309,"최종승인",26283,"유재선",44312,301700,"(주)휠로피아","2021-04-23","2021-04-30",1,"EA",950000,1,950000,1,950000,44313,"결제",null,950000,44313,0,null,950000,44313,"상신","결재완료",0,null,0]
[1102,1000075408,40,"물품구매(문*림/유*선)",2145600613,"휠체어수리 배터리 등 9종",40,"Z20120393","휠체어수리-튜브일산활동형휠로피아(24,25in) (의지재료) (의지재료)","Z01",456,null,44309,"최종승인",26283,"유재선",44312,301700,"(주)휠로피아","2021-04-23","2021-04-30",50,"EA",4000,1,200000,50,200000,44313,"결제",null,200000,44313,0,null,200000,44313,"상신","결재완료",0,null,0]
[1102,1000075408,50,"물품구매(문*림/유*선)",2145600613,"휠체어수리 배터리 등 9종",50,"Z20011307","휠체어수리- 24\" IRC 일반형 타이어 (휠로피아)","Z01",456,null,44309,"최종승인",26283,"유재선",44312,301700,"(주)휠로피아","2021-04-23","2021-04-30",10,"EA",12000,1,120000,10,120000,44313,"결제",null,120000,44313,0,null,120000,44313,"상신","결재완료",0,null,0]
[1102,1000075408,60,"물품구매(문*림/유*선)",2145600613,"휠체어수리 배터리 등 9종",60,"Z20120218","휠체어수리-스쿠터용타이어10in3.00-4휠로피아(10in) (의지재료)","Z01",456,null,44309,"최종승인",26283,"유재선",44312,301700,"(주)휠로피아","2021-04-23","2021-04-30",2,"EA",10000,1,20000,2,20000,44313,"결제",null,20000,44313,0,null,20000,44313,"상신","결재완료",0,null,0]
[1102,1000075408,70,"물품구매(문*림/유*선)",2145600613,"휠체어수리 배터리 등 9종",70,"Z20120222","휠체어수리-스쿠터용튜브10in3.00-4휠로피아(10in) (의지재료)","Z01",456,null,44309,"최종승인",26283,"유재선",44312,301700,"(주)휠로피아","2021-04-23","2021-04-30",2,"EA",6000,1,12000,2,12000,44313,"결제",null,12000,44313,0,null,12000,44313,"상신","결재완료",0,null,0]
[1102,1000075408,80,"물품구매(문*림/유*선)",2145600613,"휠체어수리 배터리 등 9종",80,"Z20120391","휠체어수리-튜브일반형외산휠로피아(26in) (의지재료) (의지재료)","Z01",456,null,44309,"최종승인",26283,"유재선",44312,301700,"(주)휠로피아","2021-04-23","2021-04-30",3,"EA",5000,1,15000,3,15000,44313,"결제",null,15000,44313,0,null,15000,44313,"상신","결재완료",0,null,0]
[1102,1000075408,90,"물품구매(문*림/유*선)",2145600613,"휠체어수리 배터리 등 9종",90,"Z20120335","휠체어수리-타이어스포츠용휠로피아(24in) (의지재료) (의지재료)","Z01",456,null,44309,"최종승인",26283,"유재선",44312,301700,"(주)휠로피아","2021-04-23","2021-04-30",10,"EA",23200,1,232000,10,232000,44313,"결제",null,232000,44313,0,null,232000,44313,"상신","결재완료",0,null,0]
[1102,1000075409,10,"물품구매/미관형의수.지(실리콘)/조*문",2145600624,"의지상지 미관형의수 등 2종",10,"Z20010367","의지상지-미관형의수실리콘두손 (의지재료) (의지재료)","Z01",456,null,44309,"최종승인",6164,"조성문",44312,300508,"두손의수","2021-04-23","2021-04-30",7,"EA",230000,1,1610000,7,1610000,44313,"결제",null,1610000,44313,0,null,1610000,44313,"상신","결재완료",0,null,0]
[1102,1000075409,20,"물품구매/미관형의수.지(실리콘)/조*문",2145600624,"의지상지 미관형의수 등 2종",20,"Z20010372","의지상지-미관형의수지실리콘 (의지재료) (의지재료)","Z01",456,null,44309,"최종승인",6164,"조성문",44312,300508,"두손의수","2021-04-23","2021-04-30",2,"EA",65000,1,130000,2,130000,44313,"결제",null,130000,44313,0,null,130000,44313,"상신","결재완료",0,null,0]
[1102,1000075413,10,"물품구매/미관형의수(실리콘)/보조기/조*문",2145600625,"보조기하지 등 4종",10,"Z20010611","보조기하지-CEPA (의지재료) (의지재료)","Z01",456,null,44309,"최종승인",6164,"조성문",44312,301263,"성림교역","2021-04-23","2021-04-30",1,"EA",80000,1,80000,1,80000,44313,"결제",null,80000,44313,0,null,80000,44313,"상신","결재완료",0,null,0]
[1102,1000075413,20,"물품구매/미관형의수(실리콘)/보조기/조*문",2145600625,"보조기하지 등 4종",20,"Z20010368","의지상지-미관형의수실리콘리갈(외산) (의지재료) (의지재료)","Z01",456,null,44309,"최종승인",6164,"조성문",44312,301263,"성림교역","2021-04-23","2021-04-30",3,"EA",230000,1,690000,3,690000,44313,"결제",null,690000,44313,0,null,690000,44313,"상신","결재완료",0,null,0]
[1102,1000075413,30,"물품구매/미관형의수(실리콘)/보조기/조*문",2145600625,"보조기하지 등 4종",30,"Z20010061","보조기하지-장보조기장식(大) (의지재료) (의지재료)","Z01",456,null,44309,"최종승인",6164,"조성문",44312,301263,"성림교역","2021-04-23","2021-04-30",3,"EA",38000,1,114000,3,114000,44313,"결제",null,114000,44313,0,null,114000,44313,"상신","결재완료",0,null,0]
[1102,1000075413,40,"물품구매/미관형의수(실리콘)/보조기/조*문",2145600625,"보조기하지 등 4종",40,"Z20010664","보조기하지-오클라우마앵클장식 (의지재료)","Z01",456,null,44309,"최종승인",6164,"조성문",44312,301263,"성림교역","2021-04-23","2021-04-30",4,"EA",10000,1,40000,4,40000,44313,"결제",null,40000,44313,0,null,40000,44313,"상신","결재완료",0,null,0]
[1102,1000075414,10,"물품구매(박*규)전*만",2145600628,"의지상지 미관형의수",10,"Z20010367","의지상지-미관형의수실리콘두손 (의지재료) (의지재료)","Z01",456,null,44312,"최종승인",6160,"전영만",44312,300508,"두손의수","2021-04-26","2021-05-03",1,"EA",230000,1,230000,1,230000,44313,"결제",null,230000,44313,0,null,230000,44313,null,null,0,null,0]
[1102,1000075417,10,"물품구매(손의지-고*현 외 조*정)",2145600622,"의지상지 미관형의수 등 2종",10,"Z20010367","의지상지-미관형의수실리콘두손 (의지재료) (의지재료)","Z01",456,null,44312,"최종승인",11764,"조혜정",44312,300508,"두손의수","2021-04-26","2021-05-03",7,"EA",230000,1,1610000,7,1610000,44313,"결제",null,1610000,44313,0,null,1610000,44313,null,null,0,null,0]
[1102,1000075417,20,"물품구매(손의지-고*현 외 조*정)",2145600622,"의지상지 미관형의수 등 2종",20,"Z20010372","의지상지-미관형의수지실리콘 (의지재료) (의지재료)","Z01",456,null,44312,"최종승인",11764,"조혜정",44312,300508,"두손의수","2021-04-26","2021-05-03",1,"EA",65000,1,65000,1,65000,44313,"결제",null,65000,44313,0,null,65000,44313,null,null,0,null,0]
[1102,1000075421,10,"물품구매/휠체어(활동형)/소모품/전*준/조*문",2145600626,"활동형휠체어 등 4종",10,"Z20011130","활동형휠체어 - 제니스-X (휠라인)","Z01",456,null,44312,"최종승인",6164,"조성문",44312,326308,"휠라인 업 스포츠(whell line up sports)","2021-04-23","2021-04-30",1,"EA",1250000,1,1250000,1,1250000,44313,"결제",null,1250000,44313,0,null,1250000,44313,"상신","결재완료",0,null,0]
[1102,1000075421,20,"물품구매/휠체어(활동형)/소모품/전*준/조*문",2145600626,"활동형휠체어 등 4종",20,"Z20120474","휠체어일반형-M1스타트 (의지재료) (의지재료)","Z01",456,null,44312,"최종승인",6164,"조성문",44312,326308,"휠라인 업 스포츠(whell line up sports)","2021-04-23","2021-04-30",2,"EA",410000,1,820000,2,820000,44313,"결제",null,820000,44313,0,null,820000,44313,"상신","결재완료",0,null,0]
[1102,1000075421,30,"물품구매/휠체어(활동형)/소모품/전*준/조*문",2145600626,"활동형휠체어 등 4종",30,"Z20120046","소모품-휠체어가방파트너용 (의지재료) (의지재료)","Z01",456,null,44312,"최종승인",6164,"조성문",44312,326308,"휠라인 업 스포츠(whell line up sports)","2021-04-23","2021-04-30",3,"EA",13000,1,39000,3,39000,44313,"결제",null,39000,44313,0,null,39000,44313,"상신","결재완료",0,null,0]
[1102,1000075421,40,"물품구매/휠체어(활동형)/소모품/전*준/조*문",2145600626,"활동형휠체어 등 4종",40,"Z20120178","휠체어수리-보조바퀴일반형오토복(일반형) (의지재료) (의지재료)","Z01",456,null,44312,"최종승인",6164,"조성문",44312,326308,"휠라인 업 스포츠(whell line up sports)","2021-04-23","2021-04-30",4,"EA",25000,1,100000,4,100000,44313,"결제",null,100000,44313,0,null,100000,44313,"상신","결재완료",0,null,0]
[1102,1000075462,10,"물품구매/의지재료(소모품)/전*영/김*희/홍*동/이*광/신*동/조*문",2145600644,"의지상지 미관형의수 등 9종",10,"Z20010369","의지상지-미관형의수전자글러브레진(외산) (의지재료) (의지재료)","Z01",456,null,44315,"최종승인",6164,"조성문",44314,305386,"(주) 오토복코리아헬스케어","2021-04-23","2021-05-06",1,"EA",162000,1,162000,1,162000,44313,"결제",null,0,null,0,null,0,null,null,null,0,null,0]
[1102,1000075462,20,"물품구매/의지재료(소모품)/전*영/김*희/홍*동/이*광/신*동/조*문",2145600644,"의지상지 미관형의수 등 9종",20,"Z20010460","의지하지-무릎회전장식티탄(티탄독일산) (의지재료) (의지재료)","Z01",456,null,44315,"최종승인",6164,"조성문",44314,305386,"(주) 오토복코리아헬스케어","2021-04-23","2021-05-06",1,"EA",620000,1,620000,1,620000,44313,"결제",null,0,null,0,null,0,null,null,null,0,null,0]
[1102,1000075462,30,"물품구매/의지재료(소모품)/전*영/김*희/홍*동/이*광/신*동/조*문",2145600644,"의지상지 미관형의수 등 9종",30,"Z20010620","의지하지-3-프롱대퇴회전조절소켓 (의지재료) (의지재료)","Z01",456,null,44315,"최종승인",6164,"조성문",44314,305386,"(주) 오토복코리아헬스케어","2021-04-23","2021-05-06",1,"EA",103000,1,103000,1,103000,44313,"결제",null,0,null,0,null,0,null,null,null,0,null,0]
[1102,1000075462,40,"물품구매/의지재료(소모품)/전*영/김*희/홍*동/이*광/신*동/조*문",2145600644,"의지상지 미관형의수 등 9종",40,"Z20010422","의지하지-단축발발목장식알루미늄포함셋트(독일산) (의지재료) (의지재료)","Z01",456,null,44315,"최종승인",6164,"조성문",44314,305386,"(주) 오토복코리아헬스케어","2021-04-23","2021-05-06",1,"EA",176000,1,176000,1,176000,44313,"결제",null,0,null,0,null,0,null,null,null,0,null,0]
[1102,1000075462,50,"물품구매/의지재료(소모품)/전*영/김*희/홍*동/이*광/신*동/조*문",2145600644,"의지상지 미관형의수 등 9종",50,"Z20010317","소모품-필라이트(외산3mm) (의지재료) (의지재료)","Z01",456,null,44315,"최종승인",6164,"조성문",44314,305386,"(주) 오토복코리아헬스케어","2021-04-23","2021-05-06",2,"EA",47000,1,94000,2,94000,44313,"결제",null,0,null,0,null,0,null,null,null,0,null,0]
[1102,1000075462,60,"물품구매/의지재료(소모품)/전*영/김*희/홍*동/이*광/신*동/조*문",2145600644,"의지상지 미관형의수 등 9종",60,"Z20010044","보조기하지-다이나앵클보조기(독일산) (의지재료) (의지재료)","Z01",456,null,44315,"최종승인",6164,"조성문",44314,305386,"(주) 오토복코리아헬스케어","2021-04-23","2021-05-06",1,"EA",121000,1,121000,1,121000,44313,"결제",null,0,null,0,null,0,null,null,null,0,null,0]
[1102,1000075462,70,"물품구매/의지재료(소모품)/전*영/김*희/홍*동/이*광/신*동/조*문",2145600644,"의지상지 미관형의수 등 9종",70,"Z20010339","소모품-P.P외산(3x120x240) (의지재료) (의지재료)","Z01",456,null,44315,"최종승인",6164,"조성문",44314,305386,"(주) 오토복코리아헬스케어","2021-04-23","2021-05-06",2,"EA",65000,1,130000,2,130000,44313,"결제",null,0,null,0,null,0,null,null,null,0,null,0]
[1102,1000075462,80,"물품구매/의지재료(소모품)/전*영/김*희/홍*동/이*광/신*동/조*문",2145600644,"의지상지 미관형의수 등 9종",80,"Z20010341","소모품-P.P외산(4x120x240) (의지재료) (의지재료)","Z01",456,null,44315,"최종승인",6164,"조성문",44314,305386,"(주) 오토복코리아헬스케어","2021-04-23","2021-05-06",1,"EA",96000,1,96000,1,96000,44313,"결제",null,0,null,0,null,0,null,null,null,0,null,0]
[1102,1000075462,90,"물품구매/의지재료(소모품)/전*영/김*희/홍*동/이*광/신*동/조*문",2145600644,"의지상지 미관형의수 등 9종",90,"Z20010408","의지상지-케이블세트외산(독일산) (의지재료) (의지재료)","Z01",456,null,44315,"최종승인",6164,"조성문",44314,305386,"(주) 오토복코리아헬스케어","2021-04-23","2021-05-06",2,"EA",110000,1,220000,2,220000,44313,"결제",null,0,null,0,null,0,null,null,null,0,null,0]
[1102,1000075149,10,"물품구매(Power SMT 등 4종 1건/세금계산서)",2145600514,"스마트어시스트/kcw mt power smt 등 4종",10,"Z20050649","스마트어시스트(연구재료) (연구재료)","Z01",456,null,44323,"최종승인",6363,"홍응표",44301,309997,"필테크","2021-04-13","2021-05-14",1,"EA",2563000,1,2563000,1,2563000,44312,"결제",null,2563000,44312,0,null,2563000,44312,"상신","결재완료",0,null,0]
[1102,1000075153,10,"물품구매(기타재료 P,P외 - 조*정)",2145600603,"소모품 pp 등 21종",10,"Z20010336","소모품-P.P(3x120x240) (의지재료) (의지재료)","Z01",456,null,44300,"최종승인",11764,"조혜정",44309,301148,"신성메디칼","2021-04-14","2021-04-21",5,"EA",78000,1,390000,5,390000,44312,"결제",null,390000,44312,0,null,390000,44312,null,null,0,null,0]
[1102,1000075153,20,"물품구매(기타재료 P,P외 - 조*정)",2145600603,"소모품 pp 등 21종",20,"Z20010337","소모품-P.P(4x120x240) (의지재료) (의지재료)","Z01",456,null,44300,"최종승인",11764,"조혜정",44309,301148,"신성메디칼","2021-04-14","2021-04-21",5,"EA",86000,1,430000,5,430000,44312,"결제",null,430000,44312,0,null,430000,44312,null,null,0,null,0]
[1102,1000075153,30,"물품구매(기타재료 P,P외 - 조*정)",2145600603,"소모품 pp 등 21종",30,"Z20010338","소모품-P.P(5x120x240) (의지재료) (의지재료)","Z01",456,null,44300,"최종승인",11764,"조혜정",44309,301148,"신성메디칼","2021-04-14","2021-04-21",5,"EA",95000,1,475000,5,475000,44312,"결제",null,475000,44312,0,null,475000,44312,null,null,0,null,0]
[1102,1000075153,40,"물품구매(기타재료 P,P외 - 조*정)",2145600603,"소모품 pp 등 21종",40,"Z20010097","소모품-나이론반도백색(1in백색) (의지재료) (의지재료)","Z01",456,null,44300,"최종승인",11764,"조혜정",44309,301148,"신성메디칼","2021-04-14","2021-04-21",1,"EA",30000,1,30000,1,30000,44312,"결제",null,30000,44312,0,null,30000,44312,null,null,0,null,0]
[1102,1000075153,50,"물품구매(기타재료 P,P외 - 조*정)",2145600603,"소모품 pp 등 21종",50,"Z20010100","소모품-내피피혁(30cm) (의지재료) (의지재료)","Z01",456,null,44300,"최종승인",11764,"조혜정",44309,301148,"신성메디칼","2021-04-14","2021-04-21",50,"EA",5000,1,250000,50,250000,44312,"결제",null,250000,44312,0,null,250000,44312,null,null,0,null,0]
[1102,1000075153,60,"물품구매(기타재료 P,P외 - 조*정)",2145600603,"소모품 pp 등 21종",60,"Z20010276","소모품-카타칼大(10개입) (의지재료) (의지재료)","Z01",456,null,44300,"최종승인",11764,"조혜정",44309,301148,"신성메디칼","2021-04-14","2021-04-21",20,"EA",1500,1,30000,20,30000,44312,"결제",null,30000,44312,0,null,30000,44312,null,null,0,null,0]
[1102,1000075153,70,"물품구매(기타재료 P,P외 - 조*정)",2145600603,"소모품 pp 등 21종",70,"Z20010666","소모품-마대 (의지재료)","Z01",456,null,44300,"최종승인",11764,"조혜정",44309,301148,"신성메디칼","2021-04-14","2021-04-21",100,"EA",250,1,25000,100,25000,44312,"결제",null,25000,44312,0,null,25000,44312,null,null,0,null,0]
[1102,1000075153,80,"물품구매(기타재료 P,P외 - 조*정)",2145600603,"소모품 pp 등 21종",80,"Z20010134","소모품-면스타키넷(국산3in) (의지재료) (의지재료)","Z01",456,null,44300,"최종승인",11764,"조혜정",44309,301148,"신성메디칼","2021-04-14","2021-04-21",30,"EA",1000,1,30000,30,30000,44312,"결제",null,30000,44312,0,null,30000,44312,null,null,0,null,0]
[1102,1000075153,90,"물품구매(기타재료 P,P외 - 조*정)",2145600603,"소모품 pp 등 21종",90,"Z20010135","소모품-면스타키넷(국산4in) (의지재료) (의지재료)","Z01",456,null,44300,"최종승인",11764,"조혜정",44309,301148,"신성메디칼","2021-04-14","2021-04-21",30,"EA",1500,1,45000,30,45000,44312,"결제",null,45000,44312,0,null,45000,44312,null,null,0,null,0]
[1102,1000075153,100,"물품구매(기타재료 P,P외 - 조*정)",2145600603,"소모품 pp 등 21종",100,"Z20010136","소모품-면장갑(작업용) (의지재료) (의지재료)","Z01",456,null,44300,"최종승인",11764,"조혜정",44309,301148,"신성메디칼","2021-04-14","2021-04-21",20,"EA",2000,1,40000,20,40000,44312,"결제",null,40000,44312,0,null,40000,44312,null,null,0,null,0]
[1102,1000075153,110,"물품구매(기타재료 P,P외 - 조*정)",2145600603,"소모품 pp 등 21종",110,"Z20010145","소모품-밴드스타킹 (의지재료) (의지재료)","Z01",456,null,44300,"최종승인",11764,"조혜정",44309,301148,"신성메디칼","2021-04-14","2021-04-21",100,"EA",1100,1,110000,100,110000,44312,"결제",null,110000,44312,0,null,110000,44312,null,null,0,null,0]
[1102,1000075153,120,"물품구매(기타재료 P,P외 - 조*정)",2145600603,"소모품 pp 등 21종",120,"Z20010594","소모품-반창고 (의지재료) (의지재료)","Z01",456,null,44300,"최종승인",11764,"조혜정",44309,301148,"신성메디칼","2021-04-14","2021-04-21",2,"EA",1000,1,2000,2,2000,44312,"결제",null,2000,44312,0,null,2000,44312,null,null,0,null,0]
[1102,1000075153,130,"물품구매(기타재료 P,P외 - 조*정)",2145600603,"소모품 pp 등 21종",130,"Z20010170","소모품-석고붕대(10cm) (의지재료) (의지재료)","Z01",456,null,44300,"최종승인",11764,"조혜정",44309,301148,"신성메디칼","2021-04-14","2021-04-21",120,"EA",3000,1,360000,120,360000,44312,"결제",null,360000,44312,0,null,360000,44312,null,null,0,null,0]
[1102,1000075153,140,"물품구매(기타재료 P,P외 - 조*정)",2145600603,"소모품 pp 등 21종",140,"Z20010171","소모품-석고붕대(15cm) (의지재료) (의지재료)","Z01",456,null,44300,"최종승인",11764,"조혜정",44309,301148,"신성메디칼","2021-04-14","2021-04-21",72,"EA",3500,1,252000,72,252000,44312,"결제",null,252000,44312,0,null,252000,44312,null,null,0,null,0]
[1102,1000075153,150,"물품구매(기타재료 P,P외 - 조*정)",2145600603,"소모품 pp 등 21종",150,"Z20010217","소모품-실리콘유리용(급속형) (의지재료) (의지재료)","Z01",456,null,44300,"최종승인",11764,"조혜정",44309,301148,"신성메디칼","2021-04-14","2021-04-21",20,"EA",2500,1,50000,20,50000,44312,"결제",null,50000,44312,0,null,50000,44312,null,null,0,null,0]
[1102,1000075153,160,"물품구매(기타재료 P,P외 - 조*정)",2145600603,"소모품 pp 등 21종",160,"Z20010257","소모품-전기테이프(19mm) (의지재료) (의지재료)","Z01",456,null,44300,"최종승인",11764,"조혜정",44309,301148,"신성메디칼","2021-04-14","2021-04-21",50,"EA",500,1,25000,50,25000,44312,"결제",null,25000,44312,0,null,25000,44312,null,null,0,null,0]
[1102,1000075153,170,"물품구매(기타재료 P,P외 - 조*정)",2145600603,"소모품 pp 등 21종",170,"Z20010259","소모품-젤렉스(A급) (의지재료) (의지재료)","Z01",456,null,44300,"최종승인",11764,"조혜정",44309,301148,"신성메디칼","2021-04-14","2021-04-21",5,"EA",35000,1,175000,5,175000,44312,"결제",null,175000,44312,0,null,175000,44312,null,null,0,null,0]
[1102,1000075153,180,"물품구매(기타재료 P,P외 - 조*정)",2145600603,"소모품 pp 등 21종",180,"Z20010261","소모품-줄자(외산1.5m) (의지재료) (의지재료)","Z01",456,null,44300,"최종승인",11764,"조혜정",44309,301148,"신성메디칼","2021-04-14","2021-04-21",7,"EA",5000,1,35000,7,35000,44312,"결제",null,35000,44312,0,null,35000,44312,null,null,0,null,0]
[1102,1000075153,190,"물품구매(기타재료 P,P외 - 조*정)",2145600603,"소모품 pp 등 21종",190,"Z20010233","소모품-양면테이프(2mm) (의지재료) (의지재료)","Z01",456,null,44300,"최종승인",11764,"조혜정",44309,301148,"신성메디칼","2021-04-14","2021-04-21",5,"EA",6000,1,30000,5,30000,44312,"결제",null,30000,44312,0,null,30000,44312,null,null,0,null,0]
[1102,1000075153,200,"물품구매(기타재료 P,P외 - 조*정)",2145600603,"소모품 pp 등 21종",200,"Z20011320","소모품-KF마스크","Z01",456,null,44301,"최종승인",11764,"조혜정",44309,301148,"신성메디칼","2021-04-14","2021-04-21",300,"EA",600,1,180000,300,180000,44312,"결제",null,180000,44312,0,null,180000,44312,null,null,0,null,0]
[1102,1000075153,210,"물품구매(기타재료 P,P외 - 조*정)",2145600603,"소모품 pp 등 21종",210,"Z20011323","소모품-공기주입기","Z01",456,null,44307,"최종승인",11764,"조혜정",44309,301148,"신성메디칼","2021-04-14","2021-04-21",2,"EA",20000,1,40000,2,40000,44312,"결제",null,40000,44312,0,null,40000,44312,null,null,0,null,0]
[1102,1000075332,10,"물품구매(보조기 외 -함 *철 외 조*정)",2145600602,"보조기구두 등 10종",10,"Z20010003","보조기구두-정형화 (의지재료) (의지재료)","Z01",456,null,44307,"최종승인",11764,"조혜정",44309,301263,"성림교역","2021-04-21","2021-04-28",1,"EA",130000,1,130000,1,130000,44312,"결제",null,130000,44312,0,null,130000,44312,null,null,0,null,0]
[1102,1000075332,20,"물품구매(보조기 외 -함 *철 외 조*정)",2145600602,"보조기구두 등 10종",20,"Z20010368","의지상지-미관형의수실리콘리갈(외산) (의지재료) (의지재료)","Z01",456,null,44307,"최종승인",11764,"조혜정",44309,301263,"성림교역","2021-04-21","2021-04-28",1,"EA",230000,1,230000,1,230000,44312,"결제",null,230000,44312,0,null,230000,44312,null,null,0,null,0]
[1102,1000075332,30,"물품구매(보조기 외 -함 *철 외 조*정)",2145600602,"보조기구두 등 10종",30,"Z20010075","의지하지-클램프알미늄(알미늄) (의지재료) (의지재료)","Z01",456,null,44307,"최종승인",11764,"조혜정",44309,301263,"성림교역","2021-04-21","2021-04-28",50,"EA",39000,1,1950000,50,1950000,44312,"결제",null,1950000,44312,0,null,1950000,44312,null,null,0,null,0]
[1102,1000075332,40,"물품구매(보조기 외 -함 *철 외 조*정)",2145600602,"보조기구두 등 10종",40,"Z20010565","소모품-하퇴용스탐프싹스국산 (의지재료) (의지재료)","Z01",456,null,44307,"최종승인",11764,"조혜정",44309,301263,"성림교역","2021-04-21","2021-04-28",60,"EA",6000,1,360000,60,360000,44312,"결제",null,360000,44312,0,null,360000,44312,null,null,0,null,0]
[1102,1000075332,50,"물품구매(보조기 외 -함 *철 외 조*정)",2145600602,"보조기구두 등 10종",50,"Z20010569","의지하지-흡입밸브(외산) (의지재료) (의지재료)","Z01",456,null,44307,"최종승인",11764,"조혜정",44309,301263,"성림교역","2021-04-21","2021-04-28",20,"EA",15000,1,300000,20,300000,44312,"결제",null,300000,44312,0,null,300000,44312,null,null,0,null,0]
[1102,1000075332,60,"물품구매(보조기 외 -함 *철 외 조*정)",2145600602,"보조기구두 등 10종",60,"Z20010061","보조기하지-장보조기장식(大) (의지재료) (의지재료)","Z01",456,null,44307,"최종승인",11764,"조혜정",44309,301263,"성림교역","2021-04-21","2021-04-28",5,"EA",38000,1,190000,5,190000,44312,"결제",null,190000,44312,0,null,190000,44312,null,null,0,null,0]
[1102,1000075332,70,"물품구매(보조기 외 -함 *철 외 조*정)",2145600602,"보조기구두 등 10종",70,"Z20010051","보조기하지-발목장식보조기용 (의지재료) (의지재료)","Z01",456,null,44307,"최종승인",11764,"조혜정",44309,301263,"성림교역","2021-04-21","2021-04-28",5,"EA",18000,1,90000,5,90000,44312,"결제",null,90000,44312,0,null,90000,44312,null,null,0,null,0]
[1102,1000075332,80,"물품구매(보조기 외 -함 *철 외 조*정)",2145600602,"보조기구두 등 10종",80,"Z20010555","의지하지-폼카바대퇴용대만(대만산) (의지재료) (의지재료)","Z01",456,null,44307,"최종승인",11764,"조혜정",44309,301263,"성림교역","2021-04-21","2021-04-28",15,"EA",89000,1,1335000,15,1335000,44312,"결제",null,1335000,44312,0,null,1335000,44312,null,null,0,null,0]
[1102,1000075332,90,"물품구매(보조기 외 -함 *철 외 조*정)",2145600602,"보조기구두 등 10종",90,"Z20010003","보조기구두-정형화 (의지재료) (의지재료)","Z01",456,null,44307,"최종승인",11764,"조혜정",44309,301263,"성림교역","2021-04-21","2021-04-28",1,"EA",42000,1,42000,1,42000,44312,"결제",null,42000,44312,0,null,42000,44312,null,null,0,null,0]
[1102,1000075332,100,"물품구매(보조기 외 -함 *철 외 조*정)",2145600602,"보조기구두 등 10종",100,"Z20010714","소모품-국산양말(Thin,H-35cm) (의지재료)","Z01",456,null,44307,"최종승인",11764,"조혜정",44309,301263,"성림교역","2021-04-21","2021-04-28",30,"EA",3500,1,105000,30,105000,44312,"결제",null,105000,44312,0,null,105000,44312,null,null,0,null,0]
[1102,1000075344,10,"물품구매(Vane packing-1 제작지그 외 2건/세금계산서)",2145600596,"로터리구동모듈/vane packing 1 제작 지그 등 2종",10,"Z20050970","로터리 구동모듈","Z01",456,null,44309,"최종승인",26891,"박진국",44309,323023,"유디테크","2021-04-21","2021-04-30",1,"EA",1705000,1,1705000,1,1705000,44312,"결제",44315,0,null,1705000,44312,1705000,44312,"상신","결재완료",0,null,0]
[1102,1000075344,20,"물품구매(Vane packing-1 제작지그 외 2건/세금계산서)",2145600596,"로터리구동모듈/vane packing 1 제작 지그 등 2종",20,"Z20050970","로터리 구동모듈","Z01",456,null,44309,"최종승인",26891,"박진국",44309,323023,"유디테크","2021-04-21","2021-04-30",100,"EA",1210,1,121000,100,121000,44312,"결제",44315,0,null,121000,44312,121000,44312,"상신","결재완료",0,null,0]
[1102,1000075350,10,"물품구매(상지의지-노*욱/유*종)",2145600597,"의지상지 반자동의수 등 3종",10,"Z20010375","의지상지-반자동의수펄론케이블(25) (의지재료) (의지재료)","Z01",456,null,44308,"최종승인",8664,"유효종",44309,305386,"(주) 오토복코리아헬스케어","2021-04-22","2021-04-29",2,"EA",363000,1,726000,2,726000,44312,"결제",null,726000,44312,0,null,726000,44312,"상신","결재완료",0,null,0]
[1102,1000075350,20,"물품구매(상지의지-노*욱/유*종)",2145600597,"의지상지 반자동의수 등 3종",20,"Z20010369","의지상지-미관형의수전자글러브레진(외산) (의지재료) (의지재료)","Z01",456,null,44308,"최종승인",8664,"유효종",44309,305386,"(주) 오토복코리아헬스케어","2021-04-22","2021-04-29",3,"EA",162000,1,486000,3,486000,44312,"결제",null,486000,44312,0,null,486000,44312,"상신","결재완료",0,null,0]
[1102,1000075350,30,"물품구매(상지의지-노*욱/유*종)",2145600597,"의지상지 반자동의수 등 3종",30,"Z20010422","의지하지-단축발발목장식알루미늄포함셋트(독일산) (의지재료) (의지재료)","Z01",456,null,44308,"최종승인",8664,"유효종",44309,305386,"(주) 오토복코리아헬스케어","2021-04-22","2021-04-29",1,"EA",176000,1,176000,1,176000,44312,"결제",null,176000,44312,0,null,176000,44312,"상신","결재완료",0,null,0]
[1102,1000075400,10,"물품구매(미관형 의수외)",2145600608,"시험상용화/미관형 의수 등 3종",10,"Z20050030","미관형 의수(두손) (연구재료) (연구재료)","Z01",456,null,44309,"최종승인",27783,"이미경",44312,300508,"두손의수","2021-04-23","2021-04-30",5,"EA",230000,1,1150000,5,1150000,44312,"결제",null,1150000,44312,0,null,1150000,44312,"상신","결재완료",0,null,0]
[1102,1000075400,20,"물품구매(미관형 의수외)",2145600608,"시험상용화/미관형 의수 등 3종",20,"Z20050848","미관형 수지(두손)(연구재료)","Z01",456,null,44309,"최종승인",27783,"이미경",44312,300508,"두손의수","2021-04-23","2021-04-30",3,"EA",65000,1,195000,3,195000,44312,"결제",null,195000,44312,0,null,195000,44312,"상신","결재완료",0,null,0]
[1102,1000075400,30,"물품구매(미관형 의수외)",2145600608,"시험상용화/미관형 의수 등 3종",30,"Z20050117","미관형 의수-PVC (연구재료) (연구재료)","Z01",456,null,44309,"최종승인",27783,"이미경",44312,300508,"두손의수","2021-04-23","2021-04-30",1,"EA",90000,1,90000,1,90000,44312,"결제",null,90000,44312,0,null,90000,44312,"상신","결재완료",0,null,0]
[1102,1000075401,10,"물품구매(맞춤깔창)",2145600609,"시험상용화/맞춤깔창",10,"Z20050914","맞춤 깔창(포아야)","Z01",456,null,44309,"최종승인",27783,"이미경",44312,325837,"포아야","2021-04-23","2021-04-30",2,"EA",320000,1,640000,2,640000,44312,"결제",null,640000,44312,0,null,640000,44312,"상신","결재완료",0,null,0]
[1102,1200002251,10,"안산서비스센터 환경개선공사",2145700001,"안산서비스센터 한경개선공사",10,null,"안산서비스센터 환경개선공사","Z03",457,null,44286,"최종승인",28101,"김형국",44292,324726,"예향건설 주식회사","2021-04-01","2021-04-30",1,"식",14772727,1,14772727,1,14772727,44312,"결제",44315,0,null,14772727,44312,14772727,44312,"상신","결재완료",14772727,44315,14772727,44315]
[1102,1000075216,10,"물품구매(라이너 더미 7종)",2145600565,"로터리구동모듈/라이너 더미 7종",10,"Z20050970","로터리 구동모듈","Z01",456,null,44306,"최종승인",27961,"홍범기",44305,328979,"부영정밀","2021-04-15","2021-04-27",7,"EA",308000,1,2156000,7,2156000,44309,"결제",null,2156000,44309,0,null,2156000,44309,"상신","결재완료",0,null,0]
[1102,1000075291,10,"물품구매(BTTERY PCB 등 1건/ 세금계산서)",2145600575,"골유착임플란트/BATTERY PCB",10,"Z20050686","골유착임플란트(연구재료)","Z01",456,null,44313,"최종승인",28673,"전경진",44306,303359,"주식회사 디엘테크","2021-04-20","2021-05-04",1,"EA",880000,1,880000,1,880000,44309,"결제",null,880000,44309,0,null,880000,44309,"상신","결재완료",0,null,0]
[1102,1000075322,10,"물품구매(미관형리갈등/천*민)",2145600583,"의지상지 미관형의수 등 12종",10,"Z20010368","의지상지-미관형의수실리콘리갈(외산) (의지재료) (의지재료)","Z01",456,null,44307,"최종승인",27784,"천성민",44308,301263,"성림교역","2021-04-21","2021-04-28",6,"EA",230000,1,1380000,6,1380000,44309,"결제",null,1380000,44309,0,null,1380000,44309,"상신","결재완료",0,null,0]
[1102,1000075322,20,"물품구매(미관형리갈등/천*민)",2145600583,"의지상지 미관형의수 등 12종",20,"Z20011102","소모품-알미늄 튜브 910mm(성림)","Z01",456,null,44307,"최종승인",27784,"천성민",44308,301263,"성림교역","2021-04-21","2021-04-28",3,"EA",35000,1,105000,3,105000,44309,"결제",null,105000,44309,0,null,105000,44309,"상신","결재완료",0,null,0]
[1102,1000075322,30,"물품구매(미관형리갈등/천*민)",2145600583,"의지상지 미관형의수 등 12종",30,"Z20010714","소모품-국산양말(Thin,H-35cm) (의지재료)","Z01",456,null,44307,"최종승인",27784,"천성민",44308,301263,"성림교역","2021-04-21","2021-04-28",80,"EA",3500,1,280000,80,280000,44309,"결제",null,280000,44309,0,null,280000,44309,"상신","결재완료",0,null,0]
[1102,1000075322,40,"물품구매(미관형리갈등/천*민)",2145600583,"의지상지 미관형의수 등 12종",40,"Z20011161","소모품-대퇴흡입보자기-국산(ST&G)","Z01",456,null,44307,"최종승인",27784,"천성민",44308,301263,"성림교역","2021-04-21","2021-04-28",40,"EA",22000,1,880000,40,880000,44309,"결제",null,880000,44309,0,null,880000,44309,"상신","결재완료",0,null,0]
[1102,1000075322,50,"물품구매(미관형리갈등/천*민)",2145600583,"의지상지 미관형의수 등 12종",50,"Z20010389","의지상지-손목장식국산(국산) (의지재료) (의지재료)","Z01",456,null,44307,"최종승인",27784,"천성민",44308,301263,"성림교역","2021-04-21","2021-04-28",5,"EA",17000,1,85000,5,85000,44309,"결제",null,85000,44309,0,null,85000,44309,"상신","결재완료",0,null,0]
[1102,1000075322,60,"물품구매(미관형리갈등/천*민)",2145600583,"의지상지 미관형의수 등 12종",60,"Z20011241","의지하지-옵셋 튜브 클램프(알루미늄)","Z01",456,null,44307,"최종승인",27784,"천성민",44308,301263,"성림교역","2021-04-21","2021-04-28",5,"EA",78000,1,390000,5,390000,44309,"결제",null,390000,44309,0,null,390000,44309,"상신","결재완료",0,null,0]
[1102,1000075322,70,"물품구매(미관형리갈등/천*민)",2145600583,"의지상지 미관형의수 등 12종",70,"Z20010075","의지하지-클램프알미늄(알미늄) (의지재료) (의지재료)","Z01",456,null,44307,"최종승인",27784,"천성민",44308,301263,"성림교역","2021-04-21","2021-04-28",30,"EA",39000,1,1170000,30,1170000,44309,"결제",null,1170000,44309,0,null,1170000,44309,"상신","결재완료",0,null,0]
[1102,1000075322,80,"물품구매(미관형리갈등/천*민)",2145600583,"의지상지 미관형의수 등 12종",80,"Z20010395","의지상지-작업의수후크스텐호스머(미국산) (의지재료) (의지재료)","Z01",456,null,44307,"최종승인",27784,"천성민",44308,301263,"성림교역","2021-04-21","2021-04-28",2,"EA",510000,1,1020000,2,1020000,44309,"결제",null,1020000,44309,0,null,1020000,44309,"상신","결재완료",0,null,0]
[1102,1000075322,90,"물품구매(미관형리갈등/천*민)",2145600583,"의지상지 미관형의수 등 12종",90,"Z20011322","보조기척추- LSO(성림)","Z01",456,null,44307,"최종승인",27784,"천성민",44308,301263,"성림교역","2021-04-21","2021-04-28",1,"EA",70000,1,70000,1,70000,44309,"결제",null,70000,44309,0,null,70000,44309,"상신","결재완료",0,null,0]
[1102,1000075322,100,"물품구매(미관형리갈등/천*민)",2145600583,"의지상지 미관형의수 등 12종",100,"Z20010952","소모품-대퇴흡입보자기(성림) (의지재료)","Z01",456,null,44307,"최종승인",27784,"천성민",44308,301263,"성림교역","2021-04-21","2021-04-28",1,"EA",56000,1,56000,1,56000,44309,"결제",null,56000,44309,0,null,56000,44309,"상신","결재완료",0,null,0]
[1102,1000075322,110,"물품구매(미관형리갈등/천*민)",2145600583,"의지상지 미관형의수 등 12종",110,"Z20010526","의지하지-실리콘싹스이지락킹(미국산) (의지재료) (의지재료)","Z01",456,null,44307,"최종승인",27784,"천성민",44308,301263,"성림교역","2021-04-21","2021-04-28",1,"EA",330000,1,330000,1,330000,44309,"결제",null,330000,44309,0,null,330000,44309,"상신","결재완료",0,null,0]
[1102,1000075322,120,"물품구매(미관형리갈등/천*민)",2145600583,"의지상지 미관형의수 등 12종",120,"Z20010836","의지하지-실리콘싹스더블젤라이너(성림) (의지재료)","Z01",456,null,44307,"최종승인",27784,"천성민",44308,301263,"성림교역","2021-04-21","2021-04-28",1,"EA",105000,1,105000,1,105000,44309,"결제",null,105000,44309,0,null,105000,44309,"상신","결재완료",0,null,0]
[1102,1000075333,10,"물품구매(기타재료PVA백-조*정)",2145600580,"소모품 pva 등 3종",10,"Z20010608","소모품-P.V.A외산(4IN)-성림 (의지재료) (의지재료)","Z01",456,null,44307,"최종승인",11764,"조혜정",44308,301263,"성림교역","2021-04-21","2021-04-28",3,"EA",66000,1,198000,3,198000,44309,"결제",null,198000,44309,0,null,198000,44309,"상신","결재완료",0,null,0]
[1102,1000075333,20,"물품구매(기타재료PVA백-조*정)",2145600580,"소모품 pva 등 3종",20,"Z20010347","소모품-P.V.A외산(6in)-성림 (의지재료) (의지재료)","Z01",456,null,44307,"최종승인",11764,"조혜정",44308,301263,"성림교역","2021-04-21","2021-04-28",3,"EA",77000,1,231000,3,231000,44309,"결제",null,231000,44309,0,null,231000,44309,"상신","결재완료",0,null,0]
[1102,1000075333,30,"물품구매(기타재료PVA백-조*정)",2145600580,"소모품 pva 등 3종",30,"Z20010343","소모품-P.V.A 외산(8in) (의지재료) (의지재료)","Z01",456,null,44307,"최종승인",11764,"조혜정",44308,301263,"성림교역","2021-04-21","2021-04-28",3,"EA",83000,1,249000,3,249000,44309,"결제",null,249000,44309,0,null,249000,44309,"상신","결재완료",0,null,0]
[1102,1000075335,10,"물품구매(기타재료스타킹-조*정)",2145600581,"소모품 대퇴용스타킹 등 2종",10,"Z20010104","소모품-대퇴용스타킹 (의지재료) (의지재료)","Z01",456,null,44307,"최종승인",11764,"조혜정",44308,305386,"(주) 오토복코리아헬스케어","2021-04-21","2021-04-28",15,"EA",11000,1,165000,15,165000,44309,"결제",null,165000,44309,0,null,165000,44309,"상신","결재완료",0,null,0]
[1102,1000075335,20,"물품구매(기타재료스타킹-조*정)",2145600581,"소모품 대퇴용스타킹 등 2종",20,"Z20010319","소모품-하퇴용스타킹 (의지재료) (의지재료)","Z01",456,null,44307,"최종승인",11764,"조혜정",44308,305386,"(주) 오토복코리아헬스케어","2021-04-21","2021-04-28",15,"EA",9000,1,135000,15,135000,44309,"결제",null,135000,44309,0,null,135000,44309,"상신","결재완료",0,null,0]
[1102,1000075353,10,"물품구매(의지상지/김*순외5명-손*지)",2145600634,"의지상지 미관형의수 등 2종",10,"Z20010368","의지상지-미관형의수실리콘리갈(외산) (의지재료) (의지재료)","Z01",456,null,44307,"최종승인",28716,"손민지",44313,301263,"성림교역","2021-04-21","2021-04-28",5,"EA",230000,1,1150000,5,1150000,44309,"결제",null,1150000,44309,0,null,1150000,44309,null,null,0,null,0]
[1102,1000075353,20,"물품구매(의지상지/김*순외5명-손*지)",2145600634,"의지상지 미관형의수 등 2종",20,"Z20010379","의지상지-상박신경줄호스머(호스머) (의지재료) (의지재료)","Z01",456,null,44307,"최종승인",28716,"손민지",44313,301263,"성림교역","2021-04-21","2021-04-28",1,"EA",95000,1,95000,1,95000,44309,"결제",null,95000,44309,0,null,95000,44309,null,null,0,null,0]
[1102,1000075354,10,"물품구매(의지하지-박*주,조*동/김*선)",2145600592,"실리콘싹스알프스 등 2종",10,"Z20011168","의지재료-실리콘싹스알프스ELDT","Z01",456,null,44308,"최종승인",6675,"김훈선",44308,301263,"성림교역","2021-04-22","2021-04-29",1,"EA",330000,1,330000,1,330000,44309,"결제",null,330000,44309,0,null,330000,44309,"상신","결재완료",0,null,0]
[1102,1000075354,20,"물품구매(의지하지-박*주,조*동/김*선)",2145600592,"실리콘싹스알프스 등 2종",20,"Z20011152","실리콘싹스-투명라이너대퇴(성림)","Z01",456,null,44308,"최종승인",6675,"김훈선",44308,301263,"성림교역","2021-04-22","2021-04-29",1,"EA",270000,1,270000,1,270000,44309,"결제",null,270000,44309,0,null,270000,44309,"상신","결재완료",0,null,0]
[1102,1000075370,10,"물품구매(의지하지-최*민 외/김*동)",2145600599,"의지하지 실리콘싹스 등 8종",10,"Z20010546","의지하지-실리콘싹스X5씰린대퇴용(미국산) (의지재료) (의지재료)","Z01",456,null,44308,"최종승인",8219,"김수동",44309,301434,"오서코리아주식회사","2021-04-22","2021-04-29",2,"EA",600000,1,1200000,2,1200000,44309,"결제",null,1200000,44309,0,null,1200000,44309,"상신","결재완료",0,null,0]
[1102,1000075370,20,"물품구매(의지하지-최*민 외/김*동)",2145600599,"의지하지 실리콘싹스 등 8종",20,"Z20010533","의지하지-실리콘싹스코니칼+스텐다드대퇴용(미국산) (의지재료) (의지재료)","Z01",456,null,44308,"최종승인",8219,"김수동",44309,301434,"오서코리아주식회사","2021-04-22","2021-04-29",1,"EA",500000,1,500000,1,500000,44309,"결제",null,500000,44309,0,null,500000,44309,"상신","결재완료",0,null,0]
[1102,1000075370,30,"물품구매(의지하지-최*민 외/김*동)",2145600599,"의지하지 실리콘싹스 등 8종",30,"Z20010623","의지하지-실리콘싹스아이스로스오리지날천커버락킹 (의지재료) (의지재료)","Z01",456,null,44308,"최종승인",8219,"김수동",44309,301434,"오서코리아주식회사","2021-04-22","2021-04-29",1,"EA",240000,1,240000,1,240000,44309,"결제",null,240000,44309,0,null,240000,44309,"상신","결재완료",0,null,0]
[1102,1000075370,40,"물품구매(의지하지-최*민 외/김*동)",2145600599,"의지하지 실리콘싹스 등 8종",40,"Z20010532","의지하지-실리콘싹스컴포트하퇴용(외산) (의지재료) (의지재료)","Z01",456,null,44308,"최종승인",8219,"김수동",44309,301434,"오서코리아주식회사","2021-04-22","2021-04-29",1,"EA",335000,1,335000,1,335000,44309,"결제",null,335000,44309,0,null,335000,44309,"상신","결재완료",0,null,0]
[1102,1000075370,50,"물품구매(의지하지-최*민 외/김*동)",2145600599,"의지하지 실리콘싹스 등 8종",50,"Z20010582","의지하지-실리콘싹스X5씰린하퇴용(미국산) (의지재료) (의지재료)","Z01",456,null,44308,"최종승인",8219,"김수동",44309,301434,"오서코리아주식회사","2021-04-22","2021-04-29",1,"EA",398000,1,398000,1,398000,44309,"결제",null,398000,44309,0,null,398000,44309,"상신","결재완료",0,null,0]
[1102,1000075370,60,"물품구매(의지하지-최*민 외/김*동)",2145600599,"의지하지 실리콘싹스 등 8종",60,"Z20010570","의지하지-흡입밸브실린라이너대퇴용(미국산) (의지재료) (의지재료)","Z01",456,null,44308,"최종승인",8219,"김수동",44309,301434,"오서코리아주식회사","2021-04-22","2021-04-29",1,"EA",95000,1,95000,1,95000,44309,"결제",null,95000,44309,0,null,95000,44309,"상신","결재완료",0,null,0]
[1102,1000075370,70,"물품구매(의지하지-최*민 외/김*동)",2145600599,"의지하지 실리콘싹스 등 8종",70,"Z20010701"," 의지하지-하퇴메일피라미드소켓어댑터(외산) (의지재료)","Z01",456,null,44308,"최종승인",8219,"김수동",44309,301434,"오서코리아주식회사","2021-04-22","2021-04-29",1,"EA",138000,1,138000,1,138000,44309,"결제",null,138000,44309,0,null,138000,44309,"상신","결재완료",0,null,0]
[1102,1000075370,80,"물품구매(의지하지-최*민 외/김*동)",2145600599,"의지하지 실리콘싹스 등 8종",80,"Z20010571","의지하지-흡입밸브실린라이너하퇴용(미국산) (의지재료) (의지재료)","Z01",456,null,44308,"최종승인",8219,"김수동",44309,301434,"오서코리아주식회사","2021-04-22","2021-04-29",1,"EA",89000,1,89000,1,89000,44309,"결제",null,89000,44309,0,null,89000,44309,"상신","결재완료",0,null,0]
[1102,1000075371,10,"물품구매(의지하지-오*훈,최*민/김*동)",2145600600,"의지하지 단축발발목장식 등 3종",10,"Z20010422","의지하지-단축발발목장식알루미늄포함셋트(독일산) (의지재료) (의지재료)","Z01",456,null,44308,"최종승인",8219,"김수동",44309,305386,"(주) 오토복코리아헬스케어","2021-04-22","2021-04-29",1,"EA",176000,1,176000,1,176000,44309,"결제",null,176000,44309,0,null,176000,44309,"상신","결재완료",0,null,0]
[1102,1000075371,20,"물품구매(의지하지-오*훈,최*민/김*동)",2145600600,"의지하지 단축발발목장식 등 3종",20,"Z20010430","의지하지-대퇴무릎장식3R60(독일산) (의지재료) (의지재료)","Z01",456,null,44308,"최종승인",8219,"김수동",44309,305386,"(주) 오토복코리아헬스케어","2021-04-22","2021-04-29",1,"EA",3690000,1,3690000,1,3690000,44309,"결제",null,3690000,44309,0,null,3690000,44309,"상신","결재완료",0,null,0]
[1102,1000075371,30,"물품구매(의지하지-오*훈,최*민/김*동)",2145600600,"의지하지 단축발발목장식 등 3종",30,"Z20010581","의지하지-발트리아스(독일산) (의지재료) (의지재료)","Z01",456,null,44308,"최종승인",8219,"김수동",44309,305386,"(주) 오토복코리아헬스케어","2021-04-22","2021-04-29",1,"EA",730000,1,730000,1,730000,44309,"결제",null,730000,44309,0,null,730000,44309,"상신","결재완료",0,null,0]
[1102,1000075372,10,"물품구매(의지하지-정*영/김*동)",2145600601,"의지하지 락장식 등 2종",10,"Z20010453","의지하지-락장식셔틀락키드하지용(미국하퇴용) (의지재료) (의지재료)","Z01",456,null,44308,"최종승인",8219,"김수동",44309,301263,"성림교역","2021-04-22","2021-04-29",1,"EA",155000,1,155000,1,155000,44309,"결제",null,155000,44309,0,null,155000,44309,"상신","결재완료",0,null,0]
[1102,1000075372,20,"물품구매(의지하지-정*영/김*동)",2145600601,"의지하지 락장식 등 2종",20,"Z20010524","의지하지-실리콘싹스알프스Gpdt(미국산) (의지재료) (의지재료)","Z01",456,null,44308,"최종승인",8219,"김수동",44309,301263,"성림교역","2021-04-22","2021-04-29",1,"EA",270000,1,270000,1,270000,44309,"결제",null,270000,44309,0,null,270000,44309,"상신","결재완료",0,null,0]
[1102,1300014069,10,"`21년4월 산업안전점검",2145800016,"4월 산업안전점검",10,null,"`21년4월 산업안전점검","Z04",458,null,44287,"최종승인",28101,"김형국",44291,304163,"케이아이안전보건기술원(주) 지점","2021-04-01","2021-04-30",1,"식",180000,1,180000,1,180000,44309,"결제",44309,0,null,180000,44309,180000,44309,"상신","결재완료",180000,44315,180000,44315]
[1102,1500037850,10,"사무용품 1SET",2145600591,"돌봄로봇평가/사무용품 13종",10,null,"사무용품 1SET","Z06",456,null,44308,"최종승인",26292,"오혜정",44308,303191,"인성","2021-04-22","2021-04-30",1,"AU",383600,1,383600,1,383600,44309,"결제",null,383600,44309,0,null,383600,44309,null,null,0,null,0]
[1102,1000075038,10,"물품구매(side packing-1 제작지그 등 2건/세금계산서)",2145600523,"로터리구동모듈/사이드 팩킹 1 제작지그 등 2종",10,"Z20050970","로터리 구동모듈","Z01",456,null,44309,"최종승인",26891,"박진국",44301,323023,"유디테크","2021-04-09","2021-04-30",1,"EA",715000,1,715000,1,715000,44308,"결제",null,715000,44308,0,null,715000,44308,"상신","결재완료",0,null,0]
[1102,1000075038,20,"물품구매(side packing-1 제작지그 등 2건/세금계산서)",2145600523,"로터리구동모듈/사이드 팩킹 1 제작지그 등 2종",20,"Z20050970","로터리 구동모듈","Z01",456,null,44309,"최종승인",26891,"박진국",44301,323023,"유디테크","2021-04-09","2021-04-30",100,"EA",550,1,55000,100,55000,44308,"결제",null,55000,44308,0,null,55000,44308,"상신","결재완료",0,null,0]
[1102,1000075085,10,"물품구매(레오니)",2145600579,"시험상용화/전자 제어식 단축무릎관절 레오니 구매",10,"Z20050744","하지-무릎관절장치(전자제어식/레오니)","Z01",456,null,44328,"최종승인",27783,"이미경",44307,301434,"오서코리아주식회사","2021-04-21","2021-05-31",1,"EA",17880000,1,17880000,1,17880000,44308,"결제",null,17880000,44308,0,null,17880000,44308,"상신","결재완료",0,null,0]
[1102,1000075206,10,"물품구매(이승돌봄로봇 슬링)",2145600547,"돌봄로봇평가/이승돌봄로봇 슬링",10,"Z20050814","돌봄로봇평가(연구재료)","Z01",456,null,44309,"최종승인",26292,"오혜정",44302,329017,"케이에스씨앤티","2021-04-15","2021-04-30",3,"EA",440000,1,1320000,3,1320000,44308,"결제",null,1320000,44308,0,null,1320000,44308,"상신","결재완료",0,null,0]
[1102,1000075215,10,"물품구매(관절장치지그 2차시제품)",2145600564,"로터리구동모듈/관절장치지그 2차시제품",10,"Z20050970","로터리 구동모듈","Z01",456,null,44306,"최종승인",27961,"홍범기",44305,320288,"(주) 민성정밀","2021-04-15","2021-04-27",5,"EA",543400,1,2717000,5,2717000,44308,"결제",null,2717000,44308,0,null,2717000,44308,"상신","결재완료",0,null,0]
[1102,1000075249,10,"물품구매(하지의지-이*용 외/양*호)",2145600570,"실리콘 라이너 등 8종",10,"Z20011263","의지하지-실리콘라이너DVS Liner(오토복)","Z01",456,null,44306,"최종승인",27264,"양철호",44306,305386,"(주) 오토복코리아헬스케어","2021-04-20","2021-04-27",1,"EA",365000,1,365000,1,365000,44308,"결제",null,365000,44308,0,null,365000,44308,"상신","결재완료",0,null,0]
[1102,1000075249,20,"물품구매(하지의지-이*용 외/양*호)",2145600570,"실리콘 라이너 등 8종",20,"Z20011128","의지하지-proflex plus short charcoal 456A40","Z01",456,null,44306,"최종승인",27264,"양철호",44306,305386,"(주) 오토복코리아헬스케어","2021-04-20","2021-04-27",1,"EA",130000,1,130000,1,130000,44308,"결제",null,130000,44308,0,null,130000,44308,"상신","결재완료",0,null,0]
[1102,1000075249,30,"물품구매(하지의지-이*용 외/양*호)",2145600570,"실리콘 라이너 등 8종",30,"Z20010404","의지상지-전자의수플라스틱센서더미(외산) (의지재료) (의지재료)","Z01",456,null,44306,"최종승인",27264,"양철호",44306,305386,"(주) 오토복코리아헬스케어","2021-04-20","2021-04-27",2,"EA",48000,1,96000,2,96000,44308,"결제",null,96000,44308,0,null,96000,44308,"상신","결재완료",0,null,0]
[1102,1000075249,40,"물품구매(하지의지-이*용 외/양*호)",2145600570,"실리콘 라이너 등 8종",40,"Z20010545","의지하지-실리콘싹스향균젤라이너하퇴용(독일산) (의지재료) (의지재료)","Z01",456,null,44306,"최종승인",27264,"양철호",44306,305386,"(주) 오토복코리아헬스케어","2021-04-20","2021-04-27",1,"EA",235000,1,235000,1,235000,44308,"결제",null,235000,44308,0,null,235000,44308,"상신","결재완료",0,null,0]
[1102,1000075249,50,"물품구매(하지의지-이*용 외/양*호)",2145600570,"실리콘 라이너 등 8종",50,"Z20010430","의지하지-대퇴무릎장식3R60(독일산) (의지재료) (의지재료)","Z01",456,null,44306,"최종승인",27264,"양철호",44306,305386,"(주) 오토복코리아헬스케어","2021-04-20","2021-04-27",1,"EA",3690000,1,3690000,1,3690000,44308,"결제",null,3690000,44308,0,null,3690000,44308,"상신","결재완료",0,null,0]
[1102,1000075249,60,"물품구매(하지의지-이*용 외/양*호)",2145600570,"실리콘 라이너 등 8종",60,"Z20011321","의지상지-일반기능손목장치(독일)","Z01",456,null,44306,"최종승인",27264,"양철호",44306,305386,"(주) 오토복코리아헬스케어","2021-04-20","2021-04-27",1,"EA",103000,1,103000,1,103000,44308,"결제",null,103000,44308,0,null,103000,44308,"상신","결재완료",0,null,0]
[1102,1000075249,70,"물품구매(하지의지-이*용 외/양*호)",2145600570,"실리콘 라이너 등 8종",70,"Z20010369","의지상지-미관형의수전자글러브레진(외산) (의지재료) (의지재료)","Z01",456,null,44306,"최종승인",27264,"양철호",44306,305386,"(주) 오토복코리아헬스케어","2021-04-20","2021-04-27",4,"EA",162000,1,648000,4,648000,44308,"결제",null,648000,44308,0,null,648000,44308,"상신","결재완료",0,null,0]
[1102,1000075249,80,"물품구매(하지의지-이*용 외/양*호)",2145600570,"실리콘 라이너 등 8종",80,"Z20010373","의지상지-반자동의수(독일산) (의지재료) (의지재료)","Z01",456,null,44306,"최종승인",27264,"양철호",44306,305386,"(주) 오토복코리아헬스케어","2021-04-20","2021-04-27",1,"EA",363000,1,363000,1,363000,44308,"결제",null,363000,44308,0,null,363000,44308,"상신","결재완료",0,null,0]
[1102,1000075278,10,"물품구매(패럴린코팅)",2145600571,"시험상용화/패럴린 코팅",10,"Z20050913","패럴린 코팅 의수","Z01",456,null,44305,"최종승인",27783,"이미경",44306,323203,"코스텍","2021-04-19","2021-04-26",8,"EA",50000,1,400000,8,400000,44308,"결제",null,400000,44308,0,null,400000,44308,"상신","결재완료",0,null,0]
[1102,1000075303,10,"물품구매(의지하지-신*영외 3명/김*선)",2145600576,"의지하지 흡입밸브실린라이너 등 3종",10,"Z20010570","의지하지-흡입밸브실린라이너대퇴용(미국산) (의지재료) (의지재료)","Z01",456,null,44306,"최종승인",6675,"김훈선",44307,301434,"오서코리아주식회사","2021-04-20","2021-04-27",2,"EA",95000,1,190000,2,190000,44308,"결제",null,190000,44308,0,null,190000,44308,"상신","결재완료",0,null,0]
[1102,1000075303,20,"물품구매(의지하지-신*영외 3명/김*선)",2145600576,"의지하지 흡입밸브실린라이너 등 3종",20,"Z20010532","의지하지-실리콘싹스컴포트하퇴용(외산) (의지재료) (의지재료)","Z01",456,null,44306,"최종승인",6675,"김훈선",44307,301434,"오서코리아주식회사","2021-04-20","2021-04-27",1,"EA",335000,1,335000,1,335000,44308,"결제",null,335000,44308,0,null,335000,44308,"상신","결재완료",0,null,0]
[1102,1000075303,30,"물품구매(의지하지-신*영외 3명/김*선)",2145600576,"의지하지 흡입밸브실린라이너 등 3종",30,"Z20011049","의지하지-실리콘싹스씰인X하퇴용(오서)","Z01",456,null,44306,"최종승인",6675,"김훈선",44307,301434,"오서코리아주식회사","2021-04-20","2021-04-27",1,"EA",400000,1,400000,1,400000,44308,"결제",null,400000,44308,0,null,400000,44308,"상신","결재완료",0,null,0]
[1102,1000075334,10,"물품구매(하지의지-주*화)/손*호",2145600582,"의지하지 락장식셔틀락 등 3종",10,"Z20010453","의지하지-락장식셔틀락키드하지용(미국하퇴용) (의지재료) (의지재료)","Z01",456,null,44307,"최종승인",6167,"손진호",44308,301263,"성림교역","2021-04-21","2021-04-28",2,"EA",155000,1,310000,2,310000,44308,"결제",null,310000,44308,0,null,310000,44308,"상신","결재완료",0,null,0]
[1102,1000075334,20,"물품구매(하지의지-주*화)/손*호",2145600582,"의지하지 락장식셔틀락 등 3종",20,"Z20010969","의지하지-피라밋형 알미늄 어댑터+플레이트 (의지재료)","Z01",456,null,44307,"최종승인",6167,"손진호",44308,301263,"성림교역","2021-04-21","2021-04-28",1,"EA",65000,1,65000,1,65000,44308,"결제",null,65000,44308,0,null,65000,44308,"상신","결재완료",0,null,0]
[1102,1000075334,30,"물품구매(하지의지-주*화)/손*호",2145600582,"의지하지 락장식셔틀락 등 3종",30,"Z20010368","의지상지-미관형의수실리콘리갈(외산) (의지재료) (의지재료)","Z01",456,null,44307,"최종승인",6167,"손진호",44308,301263,"성림교역","2021-04-21","2021-04-28",1,"EA",230000,1,230000,1,230000,44308,"결제",null,230000,44308,0,null,230000,44308,"상신","결재완료",0,null,0]
[1102,1000075379,10,"물품구매(팰럴린코팅)",2145600607,"직무지원/패럴린코팅",10,"Z20050113","직무지원 연구재료 (연구재료) (연구재료)","Z01",456,null,44309,"최종승인",27783,"이미경",44309,323203,"코스텍","2021-04-19","2021-04-30",1,"EA",50000,1,50000,1,50000,44308,"결제",null,50000,44308,0,null,50000,44308,"상신","결재완료",0,null,0]
[1102,1000074594,10,"물품구매(스마트어시스트 구동부 제작등 1건/ 세금계산서)",2145600362,"스마트어시스트/2021 스마트어시스트 구동부 제작",10,"Z20050649","스마트어시스트(연구재료) (연구재료)","Z01",456,null,44309,"최종승인",6879,"김용철",44277,304132,"조영승 (상윤산업)","2021-03-19","2021-04-30",2,"EA",2531650,1,5063300,2,5063300,44307,"결제",null,5063300,44307,0,null,5063300,44307,"상신","결재완료",0,null,0]
[1102,1000075084,10,"물품구매(리튬이온 배터리 1건/세금계산서)",2145600526,"스마트소켓/리튬이온배터리",10,"Z20050607","스마트소켓(연구재료) (연구재료)","Z01",456,null,44320,"최종승인",11511,"이희태",44301,317503,"가나배터리","2021-04-12","2021-05-12",4,"EA",165000,1,660000,4,660000,44307,"결제",null,0,null,0,null,0,null,null,null,0,null,0]
[1102,1000075148,10,"물품구매(Power PCB 등 3종 1건/세금계산서)",2145600515,"스마트어시스트/kcw mt power pcb 등 3종",10,"Z20050649","스마트어시스트(연구재료) (연구재료)","Z01",456,null,44323,"최종승인",6363,"홍응표",44301,320471,"아이씨에스전자","2021-04-13","2021-05-14",1,"EA",3921500,1,3921500,1,3921500,44307,"결제",null,3921500,44307,0,null,3921500,44307,"상신","결재완료",0,null,0]
[1102,1000075288,10,"물품구매(의지하지-신*국 외4명/김*선)",2145600574,"의지하지 단축발발목장식 등 11종",10,"Z20010422","의지하지-단축발발목장식알루미늄포함셋트(독일산) (의지재료) (의지재료)","Z01",456,null,44305,"최종승인",6675,"김훈선",44306,305386,"(주) 오토복코리아헬스케어","2021-04-19","2021-04-26",3,"EA",176000,1,528000,3,528000,44307,"결제",null,528000,44307,0,null,528000,44307,"상신","결재완료",0,null,0]
[1102,1000075288,20,"물품구매(의지하지-신*국 외4명/김*선)",2145600574,"의지하지 단축발발목장식 등 11종",20,"Z20010438","의지하지-대퇴무릎장식단축식티타늄3R49(독일산) (의지재료) (의지재료)","Z01",456,null,44305,"최종승인",6675,"김훈선",44306,305386,"(주) 오토복코리아헬스케어","2021-04-19","2021-04-26",1,"EA",700000,1,700000,1,700000,44307,"결제",null,700000,44307,0,null,700000,44307,"상신","결재완료",0,null,0]
[1102,1000075288,30,"물품구매(의지하지-신*국 외4명/김*선)",2145600574,"의지하지 단축발발목장식 등 11종",30,"Z20010460","의지하지-무릎회전장식티탄(티탄독일산) (의지재료) (의지재료)","Z01",456,null,44305,"최종승인",6675,"김훈선",44306,305386,"(주) 오토복코리아헬스케어","2021-04-19","2021-04-26",1,"EA",620000,1,620000,1,620000,44307,"결제",null,620000,44307,0,null,620000,44307,"상신","결재완료",0,null,0]
[1102,1000075288,40,"물품구매(의지하지-신*국 외4명/김*선)",2145600574,"의지하지 단축발발목장식 등 11종",40,"Z20010039","의지하지-각도조절클램프티탄 (의지재료) (의지재료)","Z01",456,null,44305,"최종승인",6675,"김훈선",44306,305386,"(주) 오토복코리아헬스케어","2021-04-19","2021-04-26",1,"EA",243000,1,243000,1,243000,44307,"결제",null,243000,44307,0,null,243000,44307,"상신","결재완료",0,null,0]
[1102,1000075288,50,"물품구매(의지하지-신*국 외4명/김*선)",2145600574,"의지하지 단축발발목장식 등 11종",50,"Z20010410","의지하지-고관절장식7E7(독일산) (의지재료) (의지재료)","Z01",456,null,44305,"최종승인",6675,"김훈선",44306,305386,"(주) 오토복코리아헬스케어","2021-04-19","2021-04-26",1,"EA",1300000,1,1300000,1,1300000,44307,"결제",null,1300000,44307,0,null,1300000,44307,"상신","결재완료",0,null,0]
[1102,1000075288,60,"물품구매(의지하지-신*국 외4명/김*선)",2145600574,"의지하지 단축발발목장식 등 11종",60,"Z20011208","의지하지-Guide Sleeve(독일)","Z01",456,null,44305,"최종승인",6675,"김훈선",44306,305386,"(주) 오토복코리아헬스케어","2021-04-19","2021-04-26",1,"EA",16000,1,16000,1,16000,44307,"결제",null,16000,44307,0,null,16000,44307,"상신","결재완료",0,null,0]
[1102,1000075288,70,"물품구매(의지하지-신*국 외4명/김*선)",2145600574,"의지하지 단축발발목장식 등 11종",70,"Z20011207","의지하지-Tappet(독일)","Z01",456,null,44305,"최종승인",6675,"김훈선",44306,305386,"(주) 오토복코리아헬스케어","2021-04-19","2021-04-26",1,"EA",10000,1,10000,1,10000,44307,"결제",null,10000,44307,0,null,10000,44307,"상신","결재완료",0,null,0]
[1102,1000075288,80,"물품구매(의지하지-신*국 외4명/김*선)",2145600574,"의지하지 단축발발목장식 등 11종",80,"Z20011206","의지하지-Axis Pin(4A54)(독일)","Z01",456,null,44305,"최종승인",6675,"김훈선",44306,305386,"(주) 오토복코리아헬스케어","2021-04-19","2021-04-26",1,"EA",2000,1,2000,1,2000,44307,"결제",null,2000,44307,0,null,2000,44307,"상신","결재완료",0,null,0]
[1102,1000075288,90,"물품구매(의지하지-신*국 외4명/김*선)",2145600574,"의지하지 단축발발목장식 등 11종",90,"Z20011315","의지하지-하퇴용소켓어댑터(알루미늄)(독일)","Z01",456,null,44305,"최종승인",6675,"김훈선",44306,305386,"(주) 오토복코리아헬스케어","2021-04-19","2021-04-26",1,"EA",57000,1,57000,1,57000,44307,"결제",null,57000,44307,0,null,57000,44307,"상신","결재완료",0,null,0]
[1102,1000075288,100,"물품구매(의지하지-신*국 외4명/김*선)",2145600574,"의지하지 단축발발목장식 등 11종",100,"Z20011231","의지하지-이지라인 밸브/4R136(독일산)","Z01",456,null,44305,"최종승인",6675,"김훈선",44306,305386,"(주) 오토복코리아헬스케어","2021-04-19","2021-04-26",1,"EA",103000,1,103000,1,103000,44307,"결제",null,103000,44307,0,null,103000,44307,"상신","결재완료",0,null,0]
[1102,1000075288,110,"물품구매(의지하지-신*국 외4명/김*선)",2145600574,"의지하지 단축발발목장식 등 11종",110,"Z20010541","의지하지-실리콘싹스프로실라이너링포함(독일산) (의지재료) (의지재료)","Z01",456,null,44305,"최종승인",6675,"김훈선",44306,305386,"(주) 오토복코리아헬스케어","2021-04-19","2021-04-26",1,"EA",420000,1,420000,1,420000,44307,"결제",null,420000,44307,0,null,420000,44307,"상신","결재완료",0,null,0]
[1102,1000075300,10,"물품구매(실증평가용 GPS수신장치)",2145600577,"휠체어사용성검증/실증평가용 GPS수신장치",10,"Z20050915","휠체어사용성검증","Z01",456,null,44306,"최종승인",27377,"정성배",44307,516581360,"휠체어사용성검증-1360","2021-04-20","2021-04-23",2,"EA",1375000,1,2750000,2,2750000,44307,"결제",null,2750000,44307,0,null,2750000,44307,"상신","결재완료",0,null,0]
[1102,1300014070,10,"`21년4월 승강기점검",2145800015,"4월 승강기점검",10,null,"`21년4월 승강기점검","Z04",458,null,44287,"최종승인",28101,"김형국",44291,315165,"서울승강기 서비스","2021-04-01","2021-04-30",1,"식",140000,1,140000,1,140000,44307,"결제",44307,0,null,140000,44307,140000,44307,"상신","결재완료",140000,44309,140000,44309]
[1102,1500037864,10,"물품구매(랩탑-의지 해석용 노트북/법인카드)",2145600590,"로터리구동모듈/랩탑",10,null,"랩탑-의지 해석용 노트북","Z06",456,null,44307,"최종승인",8220,"신현준",44308,516557648,"로터리구동모듈-7648","2021-04-21","2021-04-29",1,"EA",2253540,1,2253540,1,2253540,44307,"결제",null,2253540,44307,0,null,2253540,44307,"상신","결재완료",0,null,0]
[1102,1500037873,10,"물품구매(랩탑-의지 실험용 노트북/법인카드)",2145600595,"로터리구동모듈/랩탑",10,null,"랩탑-의지 실험용 노트북","Z06",456,null,44307,"최종승인",26891,"박진국",44309,516557648,"로터리구동모듈-7648","2021-04-21","2021-04-29",1,"EA",2499000,1,2499000,1,2499000,44307,"결제",null,2499000,44307,0,null,2499000,44307,"상신","결재완료",0,null,0]
[1102,1000074933,10,"물품구매(휠체어조명/세금계산서)",2145600481,"스마트어시스트/휠체어조명",10,"Z20050649","스마트어시스트(연구재료) (연구재료)","Z01",456,null,44312,"최종승인",11512,"남기태",44294,301700,"(주)휠로피아","2021-04-05","2021-05-03",6,"EA",70400,1,422400,6,422400,44306,"결제",null,0,null,0,null,0,null,null,null,0,null,0]
[1102,1000075020,10,"물품구매(센서부싱 외 1종)",2145600510,"로터리구동모듈/센서부싱 등 2종",10,"Z20050970","로터리 구동모듈","Z01",456,null,44302,"최종승인",27961,"홍범기",44298,328979,"부영정밀","2021-04-08","2021-04-23",1,"EA",1083500,1,1083500,1,1083500,44306,"결제",44308,0,null,1083500,44306,1083500,44306,"상신","결재완료",0,null,0]
[1102,1000075020,20,"물품구매(센서부싱 외 1종)",2145600510,"로터리구동모듈/센서부싱 등 2종",20,"Z20050970","로터리 구동모듈","Z01",456,null,44302,"최종승인",27961,"홍범기",44298,328979,"부영정밀","2021-04-08","2021-04-23",7,"EA",176000,1,1232000,7,1232000,44306,"결제",44308,0,null,1232000,44306,1232000,44306,"상신","결재완료",0,null,0]
[1102,1000075021,10,"물품구매(Servo motor 1건/세금계산서)",2145600497,"스마트어시스트/servo motor",10,"Z20050649","스마트어시스트(연구재료) (연구재료)","Z01",456,null,44309,"최종승인",6363,"홍응표",44298,323396,"스마트솔루션","2021-04-08","2021-04-30",4,"EA",1100000,1,4400000,4,4400000,44306,"결제",null,4400000,44306,0,null,4400000,44306,"상신","결재완료",0,null,0]
[1102,1000075154,10,"물품구매(욕창예방방석 등 8건_복지용구사후관리)",2145600546,"시험상용화/욕창예방방석 등 8종",10,"Z20050583","욕창예방방석-씰테크(SM-DUB-004)(시험검사) (연구재료)","Z01",456,null,44309,"최종승인",26292,"오혜정",44302,325713,"엔티바이오","2021-04-14","2021-04-30",2,"EA",114000,1,228000,2,228000,44306,"결제",44307,0,null,228000,44306,228000,44306,"상신","결재완료",0,null,0]
[1102,1000075154,20,"물품구매(욕창예방방석 등 8건_복지용구사후관리)",2145600546,"시험상용화/욕창예방방석 등 8종",20,"Z20050593","전동침대-엠씨텍(MMP-205)(시험검사) (연구재료)","Z01",456,null,44309,"최종승인",26292,"오혜정",44302,325713,"엔티바이오","2021-04-14","2021-04-30",2,"EA",1120000,1,2240000,2,2240000,44306,"결제",44307,0,null,2240000,44306,2240000,44306,"상신","결재완료",0,null,0]
[1102,1000075154,30,"물품구매(욕창예방방석 등 8건_복지용구사후관리)",2145600546,"시험상용화/욕창예방방석 등 8종",30,"Z20050680","전동침대-에이원의료기산업(천연BEDST-3)(시험검사","Z01",456,null,44309,"최종승인",26292,"오혜정",44302,325713,"엔티바이오","2021-04-14","2021-04-30",2,"EA",1410000,1,2820000,2,2820000,44306,"결제",44307,0,null,2820000,44306,2820000,44306,"상신","결재완료",0,null,0]
[1102,1000075154,40,"물품구매(욕창예방방석 등 8건_복지용구사후관리)",2145600546,"시험상용화/욕창예방방석 등 8종",40,"Z20050976","수동휠체어-미키코리아(HAL48(22D))(시험검사)","Z01",456,null,44309,"최종승인",26292,"오혜정",44302,325713,"엔티바이오","2021-04-14","2021-04-30",2,"EA",817000,1,1634000,2,1634000,44306,"결제",44307,0,null,1634000,44306,1634000,44306,"상신","결재완료",0,null,0]
[1102,1000075154,50,"물품구매(욕창예방방석 등 8건_복지용구사후관리)",2145600546,"시험상용화/욕창예방방석 등 8종",50,"Z20050589","수동휠체어-미키코리아메디칼(MiKi-W)(시험검사) (연구재료)","Z01",456,null,44309,"최종승인",26292,"오혜정",44302,325713,"엔티바이오","2021-04-14","2021-04-30",2,"EA",399000,1,798000,2,798000,44306,"결제",44307,0,null,798000,44306,798000,44306,"상신","결재완료",0,null,0]
[1102,1000075154,60,"물품구매(욕창예방방석 등 8건_복지용구사후관리)",2145600546,"시험상용화/욕창예방방석 등 8종",60,"Z20050336","욕창예방매트리스MD-300-TPU3(시험) (연구재료)","Z01",456,null,44309,"최종승인",26292,"오혜정",44302,325713,"엔티바이오","2021-04-14","2021-04-30",2,"EA",293000,1,586000,2,586000,44306,"결제",44307,0,null,586000,44306,586000,44306,"상신","결재완료",0,null,0]
[1102,1000075154,70,"물품구매(욕창예방방석 등 8건_복지용구사후관리)",2145600546,"시험상용화/욕창예방방석 등 8종",70,"Z20050385","욕창예방매트리스-영화의료기(YH-0302)(시험검사) (연구재료)","Z01",456,null,44309,"최종승인",26292,"오혜정",44302,325713,"엔티바이오","2021-04-14","2021-04-30",2,"EA",254000,1,508000,2,508000,44306,"결제",44307,0,null,508000,44306,508000,44306,"상신","결재완료",0,null,0]
[1102,1000075154,80,"물품구매(욕창예방방석 등 8건_복지용구사후관리)",2145600546,"시험상용화/욕창예방방석 등 8종",80,"Z20050980","지팡이-킴스케어(백건남자지팡이-01)(시험검사)","Z01",456,null,44309,"최종승인",26292,"오혜정",44302,325713,"엔티바이오","2021-04-14","2021-04-30",3,"EA",69400,1,208200,3,208200,44306,"결제",44307,0,null,208200,44306,208200,44306,"상신","결재완료",0,null,0]
[1102,1000075190,10,"물품구매-의지상지/임*은",2145600542,"의지상지 미관형의수 등 4종",10,"Z20010368","의지상지-미관형의수실리콘리갈(외산) (의지재료) (의지재료)","Z01",456,null,44301,"최종승인",9620,"임성은",44301,301263,"성림교역","2021-04-15","2021-04-22",3,"EA",230000,1,690000,3,690000,44306,"결제",44307,0,null,690000,44306,690000,44306,"상신","결재완료",0,null,0]
[1102,1000075190,20,"물품구매-의지상지/임*은",2145600542,"의지상지 미관형의수 등 4종",20,"Z20010611","보조기하지-CEPA (의지재료) (의지재료)","Z01",456,null,44301,"최종승인",9620,"임성은",44301,301263,"성림교역","2021-04-15","2021-04-22",1,"EA",80000,1,80000,1,80000,44306,"결제",44307,0,null,80000,44306,80000,44306,"상신","결재완료",0,null,0]
[1102,1000075190,30,"물품구매-의지상지/임*은",2145600542,"의지상지 미관형의수 등 4종",30,"Z20010315","소모품-필라이트(4x30x30) (의지재료) (의지재료)","Z01",456,null,44301,"최종승인",9620,"임성은",44301,301263,"성림교역","2021-04-15","2021-04-22",2,"EA",60000,1,120000,2,120000,44306,"결제",44307,0,null,120000,44306,120000,44306,"상신","결재완료",0,null,0]
[1102,1000075190,40,"물품구매-의지상지/임*은",2145600542,"의지상지 미관형의수 등 4종",40,"Z20010317","소모품-필라이트(외산3mm) (의지재료) (의지재료)","Z01",456,null,44301,"최종승인",9620,"임성은",44301,301263,"성림교역","2021-04-15","2021-04-22",2,"EA",47000,1,94000,2,94000,44306,"결제",44307,0,null,94000,44306,94000,44306,"상신","결재완료",0,null,0]
[1102,1000075200,10,"물품구매(미끄럼방지용품/양말 등 24건_복지용구사후관리)",2145600548,"시험상용화/미끄럼방지용품 등 24종",10,"Z20050908","미끄럼방지용품-용화(YH-11)(시험검사)","Z01",456,null,44309,"최종승인",26292,"오혜정",44302,325713,"엔티바이오","2021-04-15","2021-04-30",6,"EA",20182,6,20182,6,20182,44306,"결제",44307,0,null,20182,44306,20182,44306,"상신","결재완료",0,null,0]
[1102,1000075200,20,"물품구매(미끄럼방지용품/양말 등 24건_복지용구사후관리)",2145600548,"시험상용화/미끄럼방지용품 등 24종",20,"Z20050905","미끄럼방지용품-용화(YH-12)(시험검사)","Z01",456,null,44309,"최종승인",26292,"오혜정",44302,325713,"엔티바이오","2021-04-15","2021-04-30",6,"EA",20182,6,20182,6,20182,44306,"결제",44307,0,null,20182,44306,20182,44306,"상신","결재완료",0,null,0]
[1102,1000075200,30,"물품구매(미끄럼방지용품/양말 등 24건_복지용구사후관리)",2145600548,"시험상용화/미끄럼방지용품 등 24종",30,"Z20050906","미끄럼방지용품-용화(YH-13)(시험검사)","Z01",456,null,44309,"최종승인",26292,"오혜정",44302,325713,"엔티바이오","2021-04-15","2021-04-30",6,"EA",20182,6,20182,6,20182,44306,"결제",44307,0,null,20182,44306,20182,44306,"상신","결재완료",0,null,0]
[1102,1000075200,40,"물품구매(미끄럼방지용품/양말 등 24건_복지용구사후관리)",2145600548,"시험상용화/미끄럼방지용품 등 24종",40,"Z20050903","미끄럼방지용품-용화(YH-14)(시험검사)","Z01",456,null,44309,"최종승인",26292,"오혜정",44302,325713,"엔티바이오","2021-04-15","2021-04-30",6,"EA",20182,6,20182,6,20182,44306,"결제",44307,0,null,20182,44306,20182,44306,"상신","결재완료",0,null,0]
[1102,1000075200,50,"물품구매(미끄럼방지용품/양말 등 24건_복지용구사후관리)",2145600548,"시험상용화/미끄럼방지용품 등 24종",50,"Z20050977","미끄럼방지용품(양말)-용화(YH-007)(시험검사)","Z01",456,null,44309,"최종승인",26292,"오혜정",44302,325713,"엔티바이오","2021-04-15","2021-04-30",6,"EA",16909,6,16909,6,16909,44306,"결제",44307,0,null,16909,44306,16909,44306,"상신","결재완료",0,null,0]
[1102,1000075200,60,"물품구매(미끄럼방지용품/양말 등 24건_복지용구사후관리)",2145600548,"시험상용화/미끄럼방지용품 등 24종",60,"Z20050862","미끄럼방지용품-포디엠(MBU2-C1)(시험검사)","Z01",456,null,44309,"최종승인",26292,"오혜정",44302,325713,"엔티바이오","2021-04-15","2021-04-30",6,"EA",18545,6,18545,6,18545,44306,"결제",44307,0,null,18545,44306,18545,44306,"상신","결재완료",0,null,0]
[1102,1000075200,70,"물품구매(미끄럼방지용품/양말 등 24건_복지용구사후관리)",2145600548,"시험상용화/미끄럼방지용품 등 24종",70,"Z20050867","미끄럼방지용품-롱젠(로제-01)(시험검사)","Z01",456,null,44309,"최종승인",26292,"오혜정",44302,325713,"엔티바이오","2021-04-15","2021-04-30",6,"EA",16364,6,16364,6,16364,44306,"결제",44307,0,null,16364,44306,16364,44306,"상신","결재완료",0,null,0]
[1102,1000075200,80,"물품구매(미끄럼방지용품/양말 등 24건_복지용구사후관리)",2145600548,"시험상용화/미끄럼방지용품 등 24종",80,"Z20050861","미끄럼방지용품-롱젠(로제-03)(시험검사)","Z01",456,null,44309,"최종승인",26292,"오혜정",44302,325713,"엔티바이오","2021-04-15","2021-04-30",6,"EA",16364,6,16364,6,16364,44306,"결제",44307,0,null,16364,44306,16364,44306,"상신","결재완료",0,null,0]
[1102,1000075200,90,"물품구매(미끄럼방지용품/양말 등 24건_복지용구사후관리)",2145600548,"시험상용화/미끄럼방지용품 등 24종",90,"Z20050497","미끄럼방지용품-대원상사(KSW-2)(시험검사) (연구재료)","Z01",456,null,44309,"최종승인",26292,"오혜정",44302,325713,"엔티바이오","2021-04-15","2021-04-30",6,"EA",3000,1,18000,6,18000,44306,"결제",44307,0,null,18000,44306,18000,44306,"상신","결재완료",0,null,0]
[1102,1000075200,100,"물품구매(미끄럼방지용품/양말 등 24건_복지용구사후관리)",2145600548,"시험상용화/미끄럼방지용품 등 24종",100,"Z20050492","미끄럼방지용품-대원상사(KSW-3)(시험검사) (연구재료)","Z01",456,null,44309,"최종승인",26292,"오혜정",44302,325713,"엔티바이오","2021-04-15","2021-04-30",6,"EA",15818,6,15818,6,15818,44306,"결제",44307,0,null,15818,44306,15818,44306,"상신","결재완료",0,null,0]
[1102,1000075200,110,"물품구매(미끄럼방지용품/양말 등 24건_복지용구사후관리)",2145600548,"시험상용화/미끄럼방지용품 등 24종",110,"Z20050496","미끄럼방지용품-대원상사(KSW-4)(시험검사) (연구재료)","Z01",456,null,44309,"최종승인",26292,"오혜정",44302,325713,"엔티바이오","2021-04-15","2021-04-30",6,"EA",16909,6,16909,6,16909,44306,"결제",44307,0,null,16909,44306,16909,44306,"상신","결재완료",0,null,0]
[1102,1000075200,120,"물품구매(미끄럼방지용품/양말 등 24건_복지용구사후관리)",2145600548,"시험상용화/미끄럼방지용품 등 24종",120,"Z20050909","미끄럼방지용품-해올(편안한면양말(여성용))(시험검사)","Z01",456,null,44309,"최종승인",26292,"오혜정",44302,325713,"엔티바이오","2021-04-15","2021-04-30",6,"EA",16909,6,16909,6,16909,44306,"결제",44307,0,null,16909,44306,16909,44306,"상신","결재완료",0,null,0]
[1102,1000075200,130,"물품구매(미끄럼방지용품/양말 등 24건_복지용구사후관리)",2145600548,"시험상용화/미끄럼방지용품 등 24종",130,"Z20050499","미끄럼방지용품-삼주유니콘(SJ-11)(시험검사) (연구재료)","Z01",456,null,44309,"최종승인",26292,"오혜정",44302,325713,"엔티바이오","2021-04-15","2021-04-30",5,"EA",45091,1,225455,5,225455,44306,"결제",44307,0,null,225455,44306,225455,44306,"상신","결재완료",0,null,0]
[1102,1000075200,140,"물품구매(미끄럼방지용품/양말 등 24건_복지용구사후관리)",2145600548,"시험상용화/미끄럼방지용품 등 24종",140,"Z20050675","미끄럼방지용품-삼인정밀(AFM-01)(시험검사)","Z01",456,null,44309,"최종승인",26292,"오혜정",44302,325713,"엔티바이오","2021-04-15","2021-04-30",5,"EA",116364,5,116364,5,116364,44306,"결제",44307,0,null,116364,44306,116364,44306,"상신","결재완료",0,null,0]
[1102,1000075200,150,"물품구매(미끄럼방지용품/양말 등 24건_복지용구사후관리)",2145600548,"시험상용화/미끄럼방지용품 등 24종",150,"Z20050587","자세변환용구-영화의료기(YH-LA31)(시험검사) (연구재료)","Z01",456,null,44309,"최종승인",26292,"오혜정",44302,325713,"엔티바이오","2021-04-15","2021-04-30",2,"EA",63273,2,63273,2,63273,44306,"결제",44307,0,null,63273,44306,63273,44306,"상신","결재완료",0,null,0]
[1102,1000075200,160,"물품구매(미끄럼방지용품/양말 등 24건_복지용구사후관리)",2145600548,"시험상용화/미끄럼방지용품 등 24종",160,"Z20050586","자세변환용구-영화의료기(YH-LA32)(시험검사) (연구재료)","Z01",456,null,44309,"최종승인",26292,"오혜정",44302,325713,"엔티바이오","2021-04-15","2021-04-30",2,"EA",37182,1,74364,2,74364,44306,"결제",44307,0,null,74364,44306,74364,44306,"상신","결재완료",0,null,0]
[1102,1000075200,170,"물품구매(미끄럼방지용품/양말 등 24건_복지용구사후관리)",2145600548,"시험상용화/미끄럼방지용품 등 24종",170,"Z20050475","자세변환용구-아시아엠이(ATA-103)(시험검사) (연구재료)","Z01",456,null,44309,"최종승인",26292,"오혜정",44302,325713,"엔티바이오","2021-04-15","2021-04-30",2,"EA",103273,2,103273,2,103273,44306,"결제",44307,0,null,103273,44306,103273,44306,"상신","결재완료",0,null,0]
[1102,1000075200,180,"물품구매(미끄럼방지용품/양말 등 24건_복지용구사후관리)",2145600548,"시험상용화/미끄럼방지용품 등 24종",180,"Z20050477","자세변환용구-아시아엠이(ATA-105)(시험검사) (연구재료)","Z01",456,null,44309,"최종승인",26292,"오혜정",44302,325713,"엔티바이오","2021-04-15","2021-04-30",2,"EA",62545,2,62545,2,62545,44306,"결제",44307,0,null,62545,44306,62545,44306,"상신","결재완료",0,null,0]
[1102,1000075200,190,"물품구매(미끄럼방지용품/양말 등 24건_복지용구사후관리)",2145600548,"시험상용화/미끄럼방지용품 등 24종",190,"Z20050978","자세변환용구-삼인라이프롬(MPG-06)(시험검사)","Z01",456,null,44309,"최종승인",26292,"오혜정",44302,325713,"엔티바이오","2021-04-15","2021-04-30",2,"EA",148727,2,148727,2,148727,44306,"결제",44307,0,null,148727,44306,148727,44306,"상신","결재완료",0,null,0]
[1102,1000075200,200,"물품구매(미끄럼방지용품/양말 등 24건_복지용구사후관리)",2145600548,"시험상용화/미끄럼방지용품 등 24종",200,"Z20050374","간이변기-현대의료산업사(HD-UM-001)(시험검사) (연구재료)","Z01",456,null,44309,"최종승인",26292,"오혜정",44302,325713,"엔티바이오","2021-04-15","2021-04-30",1,"EA",6634,1,6634,1,6634,44306,"결제",44307,0,null,6634,44306,6634,44306,"상신","결재완료",0,null,0]
[1102,1000075200,210,"물품구매(미끄럼방지용품/양말 등 24건_복지용구사후관리)",2145600548,"시험상용화/미끄럼방지용품 등 24종",210,"Z20050189","간이변기HD-UW-001(시험검사센터) (연구재료)","Z01",456,null,44309,"최종승인",26292,"오혜정",44302,325713,"엔티바이오","2021-04-15","2021-04-30",1,"EA",6364,1,6364,1,6364,44306,"결제",44307,0,null,6364,44306,6364,44306,"상신","결재완료",0,null,0]
[1102,1000075200,220,"물품구매(미끄럼방지용품/양말 등 24건_복지용구사후관리)",2145600548,"시험상용화/미끄럼방지용품 등 24종",220,"Z20050465","간이변기-아시아엠이(ABP-105)(시험검사센터) (연구재료)","Z01",456,null,44309,"최종승인",26292,"오혜정",44302,325713,"엔티바이오","2021-04-15","2021-04-30",1,"EA",13000,1,13000,1,13000,44306,"결제",44307,0,null,13000,44306,13000,44306,"상신","결재완료",0,null,0]
[1102,1000075200,230,"물품구매(미끄럼방지용품/양말 등 24건_복지용구사후관리)",2145600548,"시험상용화/미끄럼방지용품 등 24종",230,"Z20050561","이동변기-보필(SAMB)(시험검사) (연구재료)","Z01",456,null,44309,"최종승인",26292,"오혜정",44302,325713,"엔티바이오","2021-04-15","2021-04-30",1,"EA",110909,1,110909,1,110909,44306,"결제",44307,0,null,110909,44306,110909,44306,"상신","결재완료",0,null,0]
[1102,1000075200,240,"물품구매(미끄럼방지용품/양말 등 24건_복지용구사후관리)",2145600548,"시험상용화/미끄럼방지용품 등 24종",240,"Z20050562","이동변기-보필(BFMB5)(시험검사) (연구재료)","Z01",456,null,44309,"최종승인",26292,"오혜정",44302,325713,"엔티바이오","2021-04-15","2021-04-30",1,"EA",249091,1,249091,1,249091,44306,"결제",44307,0,null,249091,44306,249091,44306,"상신","결재완료",0,null,0]
[1102,1000075222,10,"물품구매(의지상지-유*완 외 조*정)",2145600543,"소모품 레진실링 등 9종",10,"Z20010578","소모품-레진실링(4kg) (의지재료) (의지재료)","Z01",456,null,44301,"최종승인",11764,"조혜정",44302,305386,"(주) 오토복코리아헬스케어","2021-04-15","2021-04-22",2,"EA",200000,1,400000,2,400000,44306,"결제",44307,0,null,400000,44306,400000,44306,"상신","결재완료",0,null,0]
[1102,1000075222,20,"물품구매(의지상지-유*완 외 조*정)",2145600543,"소모품 레진실링 등 9종",20,"Z20010118","소모품-레진라미네이션(4kg) (의지재료) (의지재료)","Z01",456,null,44301,"최종승인",11764,"조혜정",44302,305386,"(주) 오토복코리아헬스케어","2021-04-15","2021-04-22",1,"EA",168000,1,168000,1,168000,44306,"결제",44307,0,null,168000,44306,168000,44306,"상신","결재완료",0,null,0]
[1102,1000075222,30,"물품구매(의지상지-유*완 외 조*정)",2145600543,"소모품 레진실링 등 9종",30,"Z20010339","소모품-P.P외산(3x120x240) (의지재료) (의지재료)","Z01",456,null,44301,"최종승인",11764,"조혜정",44302,305386,"(주) 오토복코리아헬스케어","2021-04-15","2021-04-22",2,"EA",65000,1,130000,2,130000,44306,"결제",44307,0,null,130000,44306,130000,44306,"상신","결재완료",0,null,0]
[1102,1000075222,40,"물품구매(의지상지-유*완 외 조*정)",2145600543,"소모품 레진실링 등 9종",40,"Z20010340","소모품-P.P외산(4x100x200) (의지재료) (의지재료)","Z01",456,null,44301,"최종승인",11764,"조혜정",44302,305386,"(주) 오토복코리아헬스케어","2021-04-15","2021-04-22",2,"EA",96000,1,192000,2,192000,44306,"결제",44307,0,null,192000,44306,192000,44306,"상신","결재완료",0,null,0]
[1102,1000075222,50,"물품구매(의지상지-유*완 외 조*정)",2145600543,"소모품 레진실링 등 9종",50,"Z20010143","소모품-백펄론스타키넷(6cm) (의지재료) (의지재료)","Z01",456,null,44301,"최종승인",11764,"조혜정",44302,305386,"(주) 오토복코리아헬스케어","2021-04-15","2021-04-22",1,"EA",112000,1,112000,1,112000,44306,"결제",44307,0,null,112000,44306,112000,44306,"상신","결재완료",0,null,0]
[1102,1000075222,60,"물품구매(의지상지-유*완 외 조*정)",2145600543,"소모품 레진실링 등 9종",60,"Z20010144","소모품-백펄론스타키넷(8cm) (의지재료) (의지재료)","Z01",456,null,44301,"최종승인",11764,"조혜정",44302,305386,"(주) 오토복코리아헬스케어","2021-04-15","2021-04-22",4,"EA",112000,1,448000,4,448000,44306,"결제",44307,0,null,448000,44306,448000,44306,"상신","결재완료",0,null,0]
[1102,1000075222,70,"물품구매(의지상지-유*완 외 조*정)",2145600543,"소모품 레진실링 등 9종",70,"Z20010140","소모품-백펄론스타키넷(10cm) (의지재료) (의지재료)","Z01",456,null,44301,"최종승인",11764,"조혜정",44302,305386,"(주) 오토복코리아헬스케어","2021-04-15","2021-04-22",2,"EA",112000,1,224000,2,224000,44306,"결제",44307,0,null,224000,44306,224000,44306,"상신","결재완료",0,null,0]
[1102,1000075222,80,"물품구매(의지상지-유*완 외 조*정)",2145600543,"소모품 레진실링 등 9종",80,"Z20010375","의지상지-반자동의수펄론케이블(25) (의지재료) (의지재료)","Z01",456,null,44301,"최종승인",11764,"조혜정",44302,305386,"(주) 오토복코리아헬스케어","2021-04-15","2021-04-22",2,"EA",363000,1,726000,2,726000,44306,"결제",44307,0,null,726000,44306,726000,44306,"상신","결재완료",0,null,0]
[1102,1000075222,90,"물품구매(의지상지-유*완 외 조*정)",2145600543,"소모품 레진실링 등 9종",90,"Z20010369","의지상지-미관형의수전자글러브레진(외산) (의지재료) (의지재료)","Z01",456,null,44301,"최종승인",11764,"조혜정",44302,305386,"(주) 오토복코리아헬스케어","2021-04-15","2021-04-22",2,"EA",162000,1,324000,2,324000,44306,"결제",44307,0,null,324000,44306,324000,44306,"상신","결재완료",0,null,0]
[1102,1000075230,10,"물품구매(요실금팬티_복지용구사후관리)",2145600550,"시험상용화/요실금팬티",10,"Z20050979","요실금팬티-아마존케어(NVT-02)(시험검사)","Z01",456,null,44309,"최종승인",26292,"오혜정",44302,325713,"엔티바이오","2021-04-16","2021-04-30",4,"EA",77818,4,77818,4,77818,44306,"결제",44307,0,null,77818,44306,77818,44306,"상신","결재완료",0,null,0]
[1102,1000075231,10,"물품구매 수부 /창원센터",2145600554,"의지상지 미관형의수 등 2종",10,"Z20010367","의지상지-미관형의수실리콘두손 (의지재료) (의지재료)","Z01",456,null,44302,"최종승인",6166,"김현종",44305,300508,"두손의수","2021-04-16","2021-04-23",2,"EA",230000,1,460000,2,460000,44306,"결제",44306,0,null,460000,44306,460000,44306,"상신","결재완료",0,null,0]
[1102,1000075231,20,"물품구매 수부 /창원센터",2145600554,"의지상지 미관형의수 등 2종",20,"Z20010372","의지상지-미관형의수지실리콘 (의지재료) (의지재료)","Z01",456,null,44302,"최종승인",6166,"김현종",44305,300508,"두손의수","2021-04-16","2021-04-23",3,"EA",65000,1,195000,3,195000,44306,"결제",44306,0,null,195000,44306,195000,44306,"상신","결재완료",0,null,0]
[1102,1000075232,10,"물품구매 방석 한*식,옥*규 /창원센터",2145600555,"욕창예방방석 등 2종",10,"Z20130023","욕창예방방석공기격자형-로호 (의지재료) (의지재료)","Z01",456,null,44302,"최종승인",6166,"김현종",44305,324832,"주식회사 이레엠케어","2021-04-16","2021-04-23",2,"EA",370000,1,740000,2,740000,44306,"결제",44306,0,null,740000,44306,740000,44306,"상신","결재완료",0,null,0]
[1102,1000075232,20,"물품구매 방석 한*식,옥*규 /창원센터",2145600555,"욕창예방방석 등 2종",20,"Z20130025","욕창예방방석공기격자형-Forever4044 (의지재료) (의지재료)","Z01",456,null,44302,"최종승인",6166,"김현종",44305,324832,"주식회사 이레엠케어","2021-04-16","2021-04-23",5,"EA",200000,1,1000000,5,1000000,44306,"결제",44306,0,null,1000000,44306,1000000,44306,"상신","결재완료",0,null,0]
[1102,1000075233,10,"물품구매 특수화 송*관 외 /창원센터",2145600556,"보조기구두 등 2종",10,"Z20010610","보조기구두-특수보조화(목이높은구두) (의지재료) (의지재료)","Z01",456,null,44302,"최종승인",6166,"김현종",44305,325068,"대전메디케어","2021-04-16","2021-04-23",1,"EA",180000,1,180000,1,180000,44306,"결제",44306,0,null,180000,44306,180000,44306,"상신","결재완료",0,null,0]
[1102,1000075233,20,"물품구매 특수화 송*관 외 /창원센터",2145600556,"보조기구두 등 2종",20,"Z20010003","보조기구두-정형화 (의지재료) (의지재료)","Z01",456,null,44302,"최종승인",6166,"김현종",44305,325068,"대전메디케어","2021-04-16","2021-04-23",1,"EA",80000,1,80000,1,80000,44306,"결제",44306,0,null,80000,44306,80000,44306,"상신","결재완료",0,null,0]
[1102,1000075235,10,"물품구매-활동형휠체어/임*은",2145600569,"활동형휠체어 등 2종",10,"Z20011130","활동형휠체어 - 제니스-X (휠라인)","Z01",456,null,44302,"최종승인",9620,"임성은",44306,308985,"혜성","2021-04-16","2021-04-23",1,"EA",1250000,1,1250000,1,1250000,44306,"결제",44307,0,null,1250000,44306,1250000,44306,"상신","결재완료",0,null,0]
[1102,1000075235,20,"물품구매-활동형휠체어/임*은",2145600569,"활동형휠체어 등 2종",20,"Z20120570","전동휠체어-나래디럭스 (케어라인) (의지재료) (의지재료)","Z01",456,null,44302,"최종승인",9620,"임성은",44306,308985,"혜성","2021-04-16","2021-04-23",1,"EA",1900000,1,1900000,1,1900000,44306,"결제",44307,0,null,1900000,44306,1900000,44306,"상신","결재완료",0,null,0]
[1102,1000075248,10,"물품구매(미관형의수-문*배)",2145600573,"의지상지 미관형의수",10,"Z20010367","의지상지-미관형의수실리콘두손 (의지재료) (의지재료)","Z01",456,null,44306,"최종승인",9144,"정창희",44306,300508,"두손의수","2021-04-19","2021-04-27",2,"EA",230000,1,460000,2,460000,44306,"결제",null,460000,44306,0,null,460000,44306,null,null,0,null,0]
[1102,1000075252,10,"기타(엘보클럿치/유*선)",2145600557,"소모품 엘보클럿치",10,"Z20120022","소모품-엘보클럿치대세 (의지재료) (의지재료)","Z01",456,null,44302,"최종승인",26283,"유재선",44305,306977,"(주)대세엠케어 경인지점 (인천)","2021-04-16","2021-04-23",20,"EA",10000,1,200000,20,200000,44306,"결제",44307,0,null,200000,44306,200000,44306,"상신","결재완료",0,null,0]
[1102,1000075253,10,"물품구매(양*철/유*선)",2145600558,"활동형휠체어",10,"Z20120650","활동형휠체어-P2(미키코리아)","Z01",456,null,44302,"최종승인",26283,"유재선",44305,309507,"미키코리아(주)","2021-04-16","2021-04-23",1,"EA",950000,1,950000,1,950000,44306,"결제",null,0,null,0,null,0,null,null,null,0,null,0]
[1102,1000075254,10,"물품구매(강*신-권*학/유*선)",2145600559,"활동형휠체어 등 2종",10,"Z20120641","활동형휠체어- 노바제로 A타입 (티오엠)","Z01",456,null,44302,"최종승인",26283,"유재선",44305,325322,"썬메디테크","2021-04-16","2021-04-23",2,"EA",950000,1,1900000,2,1900000,44306,"결제",44307,0,null,1900000,44306,1900000,44306,"상신","결재완료",0,null,0]
[1102,1000075254,20,"물품구매(강*신-권*학/유*선)",2145600559,"활동형휠체어 등 2종",20,"Z20120613","휠체어수리-브레이크-노바제로용-티오엠모빌리티 (의지재료)","Z01",456,null,44302,"최종승인",26283,"유재선",44305,325322,"썬메디테크","2021-04-16","2021-04-23",4,"EA",40000,1,160000,4,160000,44306,"결제",44307,0,null,160000,44306,160000,44306,"상신","결재완료",0,null,0]
[1102,1000075255,10,"물품구매(김*술/유*선)",2145600560,"활동형휠체어",10,"Z20011130","활동형휠체어 - 제니스-X (휠라인)","Z01",456,null,44302,"최종승인",26283,"유재선",44305,325857,"주식회사 엠코리아토탈서비스","2021-04-16","2021-04-23",1,"EA",1250000,1,1250000,1,1250000,44306,"결제",null,1250000,44306,0,null,1250000,44306,"상신","결재완료",0,null,0]
[1102,1000075256,10,"기타(배터리/유*선)",2145600561,"휠체어수리 배터리",10,"Z20120172","휠체어수리-배터리휠로피아(12V50AH) (의지재료) (의지재료)","Z01",456,null,44302,"최종승인",26283,"유재선",44305,301700,"(주)휠로피아","2021-04-16","2021-04-23",2,"EA",95000,1,190000,2,190000,44306,"결제",null,190000,44306,0,null,190000,44306,"상신","결재완료",0,null,0]
[1102,1000075257,10,"물품구매(김*근-박*근-한*춘/유*선)",2145600562,"휠체어꺽기형 등 3종",10,"Z20120055","휠체어꺽기형-미라지7일반형미키 (의지재료) (의지재료)","Z01",456,null,44302,"최종승인",26283,"유재선",44305,301882,"미키메디칼","2021-04-16","2021-04-23",1,"EA",440000,1,440000,1,440000,44306,"결제",null,440000,44306,0,null,440000,44306,"상신","결재완료",0,null,0]
[1102,1000075257,20,"물품구매(김*근-박*근-한*춘/유*선)",2145600562,"휠체어꺽기형 등 3종",20,"Z20010641","휠체어-꺽기형미라지7 드럼브레이크(미키) (의지재료) (의지재료)","Z01",456,null,44302,"최종승인",26283,"유재선",44305,301882,"미키메디칼","2021-04-16","2021-04-23",1,"EA",490000,1,490000,1,490000,44306,"결제",null,490000,44306,0,null,490000,44306,"상신","결재완료",0,null,0]
[1102,1000075257,30,"물품구매(김*근-박*근-한*춘/유*선)",2145600562,"휠체어꺽기형 등 3종",30,"Z20120628","침대형휠체어-HAL-48알루미늄드럼브레이크(미키코리아) (의지재료)","Z01",456,null,44302,"최종승인",26283,"유재선",44305,301882,"미키메디칼","2021-04-16","2021-04-23",1,"EA",740000,1,740000,1,740000,44306,"결제",null,740000,44306,0,null,740000,44306,"상신","결재완료",0,null,0]
[1102,1000075273,10,"물품구매(손의지-손*수 외 조*정)",2145600567,"의지상지 미관형의수 등 3종",10,"Z20010367","의지상지-미관형의수실리콘두손 (의지재료) (의지재료)","Z01",456,null,44305,"최종승인",11764,"조혜정",44305,300508,"두손의수","2021-04-19","2021-04-26",6,"EA",230000,1,1380000,6,1380000,44306,"결제",44307,0,null,1380000,44306,1380000,44306,"상신","결재완료",0,null,0]
[1102,1000075273,20,"물품구매(손의지-손*수 외 조*정)",2145600567,"의지상지 미관형의수 등 3종",20,"Z20010372","의지상지-미관형의수지실리콘 (의지재료) (의지재료)","Z01",456,null,44305,"최종승인",11764,"조혜정",44305,300508,"두손의수","2021-04-19","2021-04-26",3,"EA",65000,1,195000,3,195000,44306,"결제",44307,0,null,195000,44306,195000,44306,"상신","결재완료",0,null,0]
[1102,1000075273,30,"물품구매(손의지-손*수 외 조*정)",2145600567,"의지상지 미관형의수 등 3종",30,"Z20010362","의지상지-미관형발족부레진 (의지재료) (의지재료)","Z01",456,null,44305,"최종승인",11764,"조혜정",44305,300508,"두손의수","2021-04-19","2021-04-26",1,"EA",90000,1,90000,1,90000,44306,"결제",44307,0,null,90000,44306,90000,44306,"상신","결재완료",0,null,0]
[1102,1000075011,10,"물품구매(실리콘 가스켓 등 1건/세금계산서)",2145600489,"스마트어시스트/실리콘가스켓",10,"Z20050649","스마트어시스트(연구재료) (연구재료)","Z01",456,null,44328,"최종승인",28870,"오영찬",44295,315502,"서일TECH","2021-04-07","2021-05-19",20,"EA",6490,1,129800,20,129800,44305,"결제",null,129800,44305,0,null,129800,44305,"상신","결재완료",0,null,0]
[1102,1000075132,10,null,2145600519,"시험상용화/맞춤신발",10,"Z20050719","하지-맞춤형교정용신발(연구재료)","Z01",456,null,44299,"최종승인",27783,"이미경",44301,325837,"포아야","2021-04-13","2021-04-20",2,"EA",200000,1,400000,2,400000,44305,"결제",44305,0,null,400000,44305,400000,44305,"상신","결재완료",0,null,0]
[1102,1000075219,10,"물품구매(미관형글러브등/천*민)",2145600553,"의지상지 미관형의수 등 5종",10,"Z20010369","의지상지-미관형의수전자글러브레진(외산) (의지재료) (의지재료)","Z01",456,null,44301,"최종승인",27784,"천성민",44302,305386,"(주) 오토복코리아헬스케어","2021-04-15","2021-04-22",7,"EA",162000,1,1134000,7,1134000,44305,"결제",44306,0,null,1134000,44305,1134000,44305,"상신","결재완료",0,null,0]
[1102,1000075219,20,"물품구매(미관형글러브등/천*민)",2145600553,"의지상지 미관형의수 등 5종",20,"Z20010356","의지상지-견갑장식세트(독일산) (의지재료) (의지재료)","Z01",456,null,44301,"최종승인",27784,"천성민",44302,305386,"(주) 오토복코리아헬스케어","2021-04-15","2021-04-22",1,"EA",530000,1,530000,1,530000,44305,"결제",44306,0,null,530000,44305,530000,44305,"상신","결재완료",0,null,0]
[1102,1000075219,30,"물품구매(미관형글러브등/천*민)",2145600553,"의지상지 미관형의수 등 5종",30,"Z20010943","의지하지-실리콘 젤 라이너(6Y70)(독일산) (의지재료)","Z01",456,null,44301,"최종승인",27784,"천성민",44302,305386,"(주) 오토복코리아헬스케어","2021-04-15","2021-04-22",1,"EA",180000,1,180000,1,180000,44305,"결제",44306,0,null,180000,44305,180000,44305,"상신","결재완료",0,null,0]
[1102,1000075219,40,"물품구매(미관형글러브등/천*민)",2145600553,"의지상지 미관형의수 등 5종",40,"Z20010216","소모품-실리콘본드 (의지재료) (의지재료)","Z01",456,null,44301,"최종승인",27784,"천성민",44302,305386,"(주) 오토복코리아헬스케어","2021-04-15","2021-04-22",3,"EA",34000,1,102000,3,102000,44305,"결제",44306,0,null,102000,44305,102000,44305,"상신","결재완료",0,null,0]
[1102,1000075219,50,"물품구매(미관형글러브등/천*민)",2145600553,"의지상지 미관형의수 등 5종",50,"Z20010669","의지상지-이너핸드,속커버(독일) (의지재료)","Z01",456,null,44301,"최종승인",27784,"천성민",44302,305386,"(주) 오토복코리아헬스케어","2021-04-15","2021-04-22",3,"EA",126000,1,378000,3,378000,44305,"결제",44306,0,null,378000,44305,378000,44305,"상신","결재완료",0,null,0]
[1102,1000075220,10,"물품구매(하지의지-배*성/양*호)",2145600563,"의지하지 아나토믹 등 7종",10,"Z20010939","의지하지-아나토믹 3D 라이너(향균) (6Y512) (의지재료)","Z01",456,null,44302,"최종승인",27264,"양철호",44305,305386,"(주) 오토복코리아헬스케어","2021-04-16","2021-04-23",1,"EA",380000,1,380000,1,380000,44305,"결제",44306,0,null,380000,44305,380000,44305,"상신","결재완료",0,null,0]
[1102,1000075220,20,"물품구매(하지의지-배*성/양*호)",2145600563,"의지하지 아나토믹 등 7종",20,"Z20011317","의지하지-볼록이중어댑터(티탄)(독일)","Z01",456,null,44302,"최종승인",27264,"양철호",44305,305386,"(주) 오토복코리아헬스케어","2021-04-16","2021-04-23",1,"EA",150000,1,150000,1,150000,44305,"결제",44306,0,null,150000,44305,150000,44305,"상신","결재완료",0,null,0]
[1102,1000075220,30,"물품구매(하지의지-배*성/양*호)",2145600563,"의지하지 아나토믹 등 7종",30,"Z20011316","의지하지-harmony P4 modular(독일)","Z01",456,null,44302,"최종승인",27264,"양철호",44305,305386,"(주) 오토복코리아헬스케어","2021-04-16","2021-04-23",1,"EA",2300000,1,2300000,1,2300000,44305,"결제",44306,0,null,2300000,44305,2300000,44305,"상신","결재완료",0,null,0]
[1102,1000075220,50,"물품구매(하지의지-배*성/양*호)",2145600563,"의지하지 아나토믹 등 7종",40,"Z20011061","의지하지-대퇴용회전조절소켓어댑터(티탄)(독일)","Z01",456,null,44302,"최종승인",27264,"양철호",44305,305386,"(주) 오토복코리아헬스케어","2021-04-16","2021-04-23",1,"EA",163000,1,163000,1,163000,44305,"결제",44306,0,null,163000,44305,163000,44305,"상신","결재완료",0,null,0]
[1102,1000075220,60,"물품구매(하지의지-배*성/양*호)",2145600563,"의지하지 아나토믹 등 7종",50,"Z20010858","의지하지-하퇴용소켓어댑터(티탄)-독일 (의지재료)","Z01",456,null,44302,"최종승인",27264,"양철호",44305,305386,"(주) 오토복코리아헬스케어","2021-04-16","2021-04-23",1,"EA",145000,1,145000,1,145000,44305,"결제",44306,0,null,145000,44305,145000,44305,"상신","결재완료",0,null,0]
[1102,1000075220,70,"물품구매(하지의지-배*성/양*호)",2145600563,"의지하지 아나토믹 등 7종",60,"Z20011315","의지하지-하퇴용소켓어댑터(알루미늄)(독일)","Z01",456,null,44302,"최종승인",27264,"양철호",44305,305386,"(주) 오토복코리아헬스케어","2021-04-16","2021-04-23",1,"EA",57000,1,57000,1,57000,44305,"결제",44306,0,null,57000,44305,57000,44305,"상신","결재완료",0,null,0]
[1102,1000075220,80,"물품구매(하지의지-배*성/양*호)",2145600563,"의지하지 아나토믹 등 7종",70,"Z20011128","의지하지-proflex plus short charcoal 456A40","Z01",456,null,44302,"최종승인",27264,"양철호",44305,305386,"(주) 오토복코리아헬스케어","2021-04-16","2021-04-23",1,"EA",130000,1,130000,1,130000,44305,"결제",44306,0,null,130000,44305,130000,44305,"상신","결재완료",0,null,0]
[1102,1000075039,10,"물품구매(알미늄 클램프 등 2건/세금계산서)",2145600522,"로터리구동모듈/알미늄 클램프 등 2종",10,"Z20050970","로터리 구동모듈","Z01",456,null,44308,"최종승인",26891,"박진국",44301,301263,"성림교역","2021-04-09","2021-04-29",15,"EA",39000,1,585000,15,585000,44302,"결제",null,585000,44302,0,null,585000,44302,"상신","결재완료",0,null,0]
[1102,1000075039,20,"물품구매(알미늄 클램프 등 2건/세금계산서)",2145600522,"로터리구동모듈/알미늄 클램프 등 2종",20,"Z20050970","로터리 구동모듈","Z01",456,null,44308,"최종승인",26891,"박진국",44301,301263,"성림교역","2021-04-09","2021-04-29",10,"EA",25000,1,250000,10,250000,44302,"결제",null,250000,44302,0,null,250000,44302,"상신","결재완료",0,null,0]
[1102,1000075138,10,"물품구매(욕창예방방석)",2145600531,"욕창예방방석",10,"Z20130029","욕창예방방석공기격자형-Smdub0003(8x9x5) (의지재료) (의지재","Z01",456,null,44299,"최종승인",27783,"이미경",44301,323411,"주식회사씰테크 용인지점","2021-04-13","2021-04-20",10,"EA",230000,1,2300000,10,2300000,44302,"결제",44305,0,null,2300000,44302,2300000,44302,"상신","결재완료",0,null,0]
[1102,1000075139,10,"물품구매(반자동 의수외)",2145600518,"시험상용화/반자동 의수세트 등 5종",10,"Z20050850","반자동 의수 세트(펄론케이블)(연구재료)","Z01",456,null,44299,"최종승인",27783,"이미경",44301,305386,"(주) 오토복코리아헬스케어","2021-04-13","2021-04-20",1,"EA",363000,1,363000,1,363000,44302,"결제",44305,0,null,363000,44302,363000,44302,"상신","결재완료",0,null,0]
[1102,1000075139,20,"물품구매(반자동 의수외)",2145600518,"시험상용화/반자동 의수세트 등 5종",20,"Z20050072","상지-전자의수 글러브 (연구재료) (연구재료)","Z01",456,null,44299,"최종승인",27783,"이미경",44301,305386,"(주) 오토복코리아헬스케어","2021-04-13","2021-04-20",1,"EA",162000,1,162000,1,162000,44302,"결제",44305,0,null,162000,44302,162000,44302,"상신","결재완료",0,null,0]
[1102,1000075139,30,"물품구매(반자동 의수외)",2145600518,"시험상용화/반자동 의수세트 등 5종",30,"Z20050844","유압식EBS단축 무릎(연구재료)","Z01",456,null,44299,"최종승인",27783,"이미경",44301,305386,"(주) 오토복코리아헬스케어","2021-04-13","2021-04-20",1,"EA",3690000,1,3690000,1,3690000,44302,"결제",44305,0,null,3690000,44302,3690000,44302,"상신","결재완료",0,null,0]
[1102,1000075139,40,"물품구매(반자동 의수외)",2145600518,"시험상용화/반자동 의수세트 등 5종",40,"Z20050822","하지-직무형인공발(Taleo)(연구재료)","Z01",456,null,44299,"최종승인",27783,"이미경",44301,305386,"(주) 오토복코리아헬스케어","2021-04-13","2021-04-20",1,"EA",1800000,1,1800000,1,1800000,44302,"결제",44305,0,null,1800000,44302,1800000,44302,"상신","결재완료",0,null,0]
[1102,1000075139,50,"물품구매(반자동 의수외)",2145600518,"시험상용화/반자동 의수세트 등 5종",50,"Z20050847","회전 유압식 단축 무릎","Z01",456,null,44299,"최종승인",27783,"이미경",44301,305386,"(주) 오토복코리아헬스케어","2021-04-13","2021-04-20",1,"EA",3800000,1,3800000,1,3800000,44302,"결제",44305,0,null,3800000,44302,3800000,44302,"상신","결재완료",0,null,0]
[1102,1000075140,10,"물품구매(견갑세트외)",2145600517,"시험상용화/견갑세트 등 4종",10,"Z20050839","상지-견갑세트(연구재료)","Z01",456,null,44299,"최종승인",27783,"이미경",44301,305386,"(주) 오토복코리아헬스케어","2021-04-13","2021-04-20",1,"EA",530000,1,530000,1,530000,44302,"결제",44305,0,null,530000,44302,530000,44302,"상신","결재완료",0,null,0]
[1102,1000075140,20,"물품구매(견갑세트외)",2145600517,"시험상용화/견갑세트 등 4종",20,"Z20050845","Modular Kit foam blocks","Z01",456,null,44299,"최종승인",27783,"이미경",44301,305386,"(주) 오토복코리아헬스케어","2021-04-13","2021-04-20",1,"EA",80000,1,80000,1,80000,44302,"결제",44305,0,null,80000,44302,80000,44302,"상신","결재완료",0,null,0]
[1102,1000075140,30,"물품구매(견갑세트외)",2145600517,"시험상용화/견갑세트 등 4종",30,"Z20050226","하지-씨워크 (연구재료)","Z01",456,null,44299,"최종승인",27783,"이미경",44301,305386,"(주) 오토복코리아헬스케어","2021-04-13","2021-04-20",1,"EA",1400000,1,1400000,1,1400000,44302,"결제",44305,0,null,1400000,44302,1400000,44302,"상신","결재완료",0,null,0]
[1102,1000075140,40,"물품구매(견갑세트외)",2145600517,"시험상용화/견갑세트 등 4종",40,"Z20050127","하지-트리톤 LP (연구재료) (연구재료)","Z01",456,null,44299,"최종승인",27783,"이미경",44301,305386,"(주) 오토복코리아헬스케어","2021-04-13","2021-04-20",1,"EA",1700000,1,1700000,1,1700000,44302,"결제",44305,0,null,1700000,44302,1700000,44302,"상신","결재완료",0,null,0]
[1102,1000075226,10,"물품구매(미관형 의수)",2145600552,"시험상용화/미관형의수",10,"Z20050029","미관형 의수(성림) (연구재료) (연구재료)","Z01",456,null,44301,"최종승인",27783,"이미경",44302,301263,"성림교역","2021-04-15","2021-04-22",6,"EA",230000,1,1380000,6,1380000,44302,"결제",44305,0,null,1380000,44302,1380000,44302,"상신","결재완료",0,null,0]
[1102,1000075227,10,"물품구매(오딧세이K3외)",2145600551,"시험상용화/고기능 인공발 오딧세이 등 3종",10,"Z20050835","하지-직무형인공발(오딧세이 K3)(연구재료)","Z01",456,null,44301,"최종승인",27783,"이미경",44302,301263,"성림교역","2021-04-15","2021-04-22",1,"EA",2990000,1,2990000,1,2990000,44302,"결제",44305,0,null,2990000,44302,2990000,44302,"상신","결재완료",0,null,0]
[1102,1000075227,20,"물품구매(오딧세이K3외)",2145600551,"시험상용화/고기능 인공발 오딧세이 등 3종",20,"Z20050095","하지-프리덤 씨에라풋 (연구재료) (연구재료)","Z01",456,null,44301,"최종승인",27783,"이미경",44302,301263,"성림교역","2021-04-15","2021-04-22",1,"EA",1790000,1,1790000,1,1790000,44302,"결제",44305,0,null,1790000,44302,1790000,44302,"상신","결재완료",0,null,0]
[1102,1000075227,30,"물품구매(오딧세이K3외)",2145600551,"시험상용화/고기능 인공발 오딧세이 등 3종",30,"Z20050139","하지-엔도라이트 에셀런 (연구재료)","Z01",456,null,44301,"최종승인",27783,"이미경",44302,301263,"성림교역","2021-04-15","2021-04-22",1,"EA",4000000,1,4000000,1,4000000,44302,"결제",44305,0,null,4000000,44302,4000000,44302,"상신","결재완료",0,null,0]
[1102,1000075031,10,"물품구매(관절장치 지그 1차 시제품)",2145600511,"로터리구동모듈/관절장치지그 1차시제품",10,"Z20050970","로터리 구동모듈","Z01",456,null,44302,"최종승인",27961,"홍범기",44298,320288,"(주) 민성정밀","2021-04-08","2021-04-23",5,"EA",543400,1,2717000,5,2717000,44301,"결제",44306,0,null,2717000,44301,2717000,44301,"상신","결재완료",0,null,2717000,44309]
[1102,1000075071,10,"물품구매(하지의지-나*필/유*종)",2145600536,"의지하지 실리콘싹스 등 3종",10,"Z20010509","의지하지-실리콘싹스더모(미국산) (의지재료) (의지재료)","Z01",456,null,44298,"최종승인",8664,"유효종",44301,301434,"오서코리아주식회사","2021-04-12","2021-04-19",1,"EA",398000,1,398000,1,398000,44301,"결제",44305,0,null,398000,44301,398000,44301,"상신","결재완료",0,null,0]
[1102,1000075071,20,"물품구매(하지의지-나*필/유*종)",2145600536,"의지하지 실리콘싹스 등 3종",20,"Z20010532","의지하지-실리콘싹스컴포트하퇴용(외산) (의지재료) (의지재료)","Z01",456,null,44298,"최종승인",8664,"유효종",44301,301434,"오서코리아주식회사","2021-04-12","2021-04-19",2,"EA",335000,1,670000,2,670000,44301,"결제",44305,0,null,670000,44301,670000,44301,"상신","결재완료",0,null,0]
[1102,1000075071,30,"물품구매(하지의지-나*필/유*종)",2145600536,"의지하지 실리콘싹스 등 3종",30,"Z20010898","의지하지-씰인 V 하퇴용 웨이브 라이너(오서) (의지재료)","Z01",456,null,44298,"최종승인",8664,"유효종",44301,301434,"오서코리아주식회사","2021-04-12","2021-04-19",1,"EA",520000,1,520000,1,520000,44301,"결제",44305,0,null,520000,44301,520000,44301,"상신","결재완료",0,null,0]
[1102,1000075204,10,"물품구매(알록 UVC 쉴드박스 광세척 살균기 등 2건/법인카드)",2145600530,"외골격로봇/알록 uvc쉴드박스 광세척 살균기 등 2종",10,"Z20050807","외골격로봇(연구재료)","Z01",456,null,44309,"최종승인",27353,"강정선",44301,516525410,"외골격로봇-5410","2021-04-15","2021-04-30",2,"EA",89000,1,178000,2,178000,44301,"결제",44306,0,null,178000,44301,178000,44301,"상신","결재완료",0,null,0]
[1102,1000075204,20,"물품구매(알록 UVC 쉴드박스 광세척 살균기 등 2건/법인카드)",2145600530,"외골격로봇/알록 uvc쉴드박스 광세척 살균기 등 2종",20,"Z20050807","외골격로봇(연구재료)","Z01",456,null,44309,"최종승인",27353,"강정선",44301,516525410,"외골격로봇-5410","2021-04-15","2021-04-30",2,"EA",5000,1,10000,2,10000,44301,"결제",44306,0,null,10000,44301,10000,44301,"상신","결재완료",0,null,0]
[1102,1000075217,10,"물품구매요구(고정링 등 13건/법인카드)",2145600544,"로터리구동모듈/고정링 등 13종",10,"Z20050970","로터리 구동모듈","Z01",456,null,44302,"최종승인",11510,"정성윤",44302,516557648,"로터리구동모듈-7648","2021-04-15","2021-04-23",1,"EA",918652,1,918652,1,918652,44301,"결제",null,918652,44301,0,null,918652,44301,"상신","결재완료",0,null,0]
[1102,1000075229,10,"물품구매(요실금팬티_복지용구사후관리)",2145600549,"시험상용화/요실금팬티",10,"Z20050979","요실금팬티-아마존케어(NVT-02)(시험검사)","Z01",456,null,44302,"최종승인",26292,"오혜정",44302,507143943,"운영지원부-3943","2021-04-15","2021-04-23",2,"EA",38909,2,38909,2,38909,44301,"결제",44306,0,null,38909,44301,38909,44301,"상신","결재완료",0,null,0]
[1102,1000075010,10,"물품구매(드라이버 아트웍1건/세금계산서)",2145600496,"스마트어시스트/드라이버 아트웍",10,"Z20050649","스마트어시스트(연구재료) (연구재료)","Z01",456,null,44295,"최종승인",6363,"홍응표",44298,320015,"(주)케이엔에이치","2021-04-08","2021-04-16",1,"EA",3300000,1,3300000,1,3300000,44300,"결제",44302,0,null,3300000,44300,3300000,44300,"상신","결재완료",0,null,3300000,44309]
[1102,1000075086,10,"물품구매(깔창)",2145600521,"시험상용화/맞춤깔창",10,"Z20050949","맞춤 깔창(바이오메카닉스)","Z01",456,null,44298,"최종승인",27783,"이미경",44301,302939,"바이오메카닉스(주)","2021-04-12","2021-04-19",6,"EA",363636,1,2181816,6,2181816,44300,"결제",44305,0,null,2181816,44300,2181816,44300,"상신","결재완료",0,null,0]
[1102,1000075088,10,"물품구매/의지재료(소모품)/조*문",2145600539,"소모품 석고소석고 등 2종",10,"Z20010174","소모품-석고소석고2급b(25kg) (의지재료) (의지재료)","Z01",456,null,44298,"최종승인",6164,"조성문",44301,301148,"신성메디칼","2021-04-12","2021-04-19",3,"EA",35000,1,105000,3,105000,44300,"결제",44302,0,null,105000,44300,105000,44300,"상신","결재완료",0,null,0]
[1102,1000075088,20,"물품구매/의지재료(소모품)/조*문",2145600539,"소모품 석고소석고 등 2종",20,"Z20010100","소모품-내피피혁(30cm) (의지재료) (의지재료)","Z01",456,null,44298,"최종승인",6164,"조성문",44301,301148,"신성메디칼","2021-04-12","2021-04-19",50,"EA",5000,1,250000,50,250000,44300,"결제",44302,0,null,250000,44300,250000,44300,"상신","결재완료",0,null,0]
[1102,1000075091,10,"물품구매/실리콘내피/김*서/이*수/김*숙/황*홍/조*문",2145600538,"의지하지 실리콘싹스 등 3종",10,"Z20010663","의지하지-실리콘싹스X5씰린라이너웨이브하퇴용(오서) (의지재료) (의지재료","Z01",456,null,44298,"최종승인",6164,"조성문",44301,301434,"오서코리아주식회사","2021-04-12","2021-04-19",1,"EA",398000,1,398000,1,398000,44300,"결제",44302,0,null,398000,44300,398000,44300,"상신","결재완료",0,null,0]
[1102,1000075091,20,"물품구매/실리콘내피/김*서/이*수/김*숙/황*홍/조*문",2145600538,"의지하지 실리콘싹스 등 3종",20,"Z20010906","의지하지-아이스락 씰인 밸브 하퇴용(오서) (의지재료)","Z01",456,null,44298,"최종승인",6164,"조성문",44301,301434,"오서코리아주식회사","2021-04-12","2021-04-19",1,"EA",89000,1,89000,1,89000,44300,"결제",44302,0,null,89000,44300,89000,44300,"상신","결재완료",0,null,0]
[1102,1000075091,30,"물품구매/실리콘내피/김*서/이*수/김*숙/황*홍/조*문",2145600538,"의지하지 실리콘싹스 등 3종",30,"Z20010532","의지하지-실리콘싹스컴포트하퇴용(외산) (의지재료) (의지재료)","Z01",456,null,44298,"최종승인",6164,"조성문",44301,301434,"오서코리아주식회사","2021-04-12","2021-04-19",3,"EA",335000,1,1005000,3,1005000,44300,"결제",44302,0,null,1005000,44300,1005000,44300,"상신","결재완료",0,null,0]
[1102,1000075092,10,"물품구매/바퀴워커/조*문",2145600540,"휠체어수리 팔걸이 등 3종",10,"Z20120630","휠체어수리-발걸이 파트너 P-1004(대세)","Z01",456,null,44298,"최종승인",6164,"조성문",44301,320519,"(주) 대세엠케어 대구동영업소","2021-04-12","2021-04-19",1,"EA",29091,1,29091,1,29091,44300,"결제",44302,0,null,29091,44300,29091,44300,"상신","결재완료",0,null,0]
[1102,1000075092,20,"물품구매/바퀴워커/조*문",2145600540,"휠체어수리 팔걸이 등 3종",20,"Z20120030","소모품-워커앞바퀴부착 (의지재료) (의지재료)","Z01",456,null,44298,"최종승인",6164,"조성문",44301,320519,"(주) 대세엠케어 대구동영업소","2021-04-12","2021-04-19",5,"EA",23000,1,115000,5,115000,44300,"결제",44302,0,null,115000,44300,115000,44300,"상신","결재완료",0,null,0]
[1102,1000075092,30,"물품구매/바퀴워커/조*문",2145600540,"휠체어수리 팔걸이 등 3종",30,"Z20120660","소모품-팔걸이보행차바퀴","Z01",456,null,44298,"최종승인",6164,"조성문",44301,320519,"(주) 대세엠케어 대구동영업소","2021-04-12","2021-04-19",2,"EA",18182,1,36364,2,36364,44300,"결제",44302,0,null,36364,44300,36364,44300,"상신","결재완료",0,null,0]
[1102,1000075143,10,"물품구매(의지상지 김*석 3명/ 손*지)",2145600541,"의지상지 미관형의수 등 3종",10,"Z20010368","의지상지-미관형의수실리콘리갈(외산) (의지재료) (의지재료)","Z01",456,null,44299,"최종승인",28716,"손민지",44301,301263,"성림교역","2021-04-13","2021-04-20",2,"EA",230000,1,460000,2,460000,44300,"결제",44305,0,null,460000,44300,460000,44300,"상신","결재완료",0,null,0]
[1102,1000075143,20,"물품구매(의지상지 김*석 3명/ 손*지)",2145600541,"의지상지 미관형의수 등 3종",20,"Z20010981","의지하지-실리콘싹스알프스Spdt(미국산) (의지재료) (의지재료)","Z01",456,null,44299,"최종승인",28716,"손민지",44301,301263,"성림교역","2021-04-13","2021-04-20",1,"EA",270000,1,270000,1,270000,44300,"결제",44305,0,null,270000,44300,270000,44300,"상신","결재완료",0,null,0]
[1102,1000075143,30,"물품구매(의지상지 김*석 3명/ 손*지)",2145600541,"의지상지 미관형의수 등 3종",30,"Z20010379","의지상지-상박신경줄호스머(호스머) (의지재료) (의지재료)","Z01",456,null,44299,"최종승인",28716,"손민지",44301,301263,"성림교역","2021-04-13","2021-04-20",2,"EA",95000,1,190000,2,190000,44300,"결제",44305,0,null,190000,44300,190000,44300,"상신","결재완료",0,null,0]
[1102,1300014067,10,"`21년4월소방점검",2145800017,"4월 소방점검",10,null,"`21년4월 소방점검","Z04",458,null,44287,"최종승인",28101,"김형국",44291,302183,"(주) 중앙소방이앤지","2021-04-01","2021-04-30",1,"식",190000,1,190000,1,190000,44300,"결제",44302,0,null,190000,44300,190000,44300,"상신","결재완료",190000,44307,190000,44307]
[1102,1400010353,10,"콤푸레셔수리(안산)",2145600469,"콤프레셔 수리",10,null,"콤프레셔수리","Z05",456,"서비스",44292,"최종승인",11764,"조혜정",44293,301148,"신성메디칼","2021-04-06","2021-04-13",1,"AU",200000,1,200000,1,200000,44300,"결제",44305,0,null,200000,44300,200000,44300,"상신","결재완료",200000,44309,200000,44309]
[1102,1000074991,10,"물품구매-공압식 외 조*정",2145600479,"의지하지 대퇴무릎장식 등 4종",10,"Z20010445","의지하지-대퇴무릎장식Bk공압식(4절공압식) (의지재료) (의지재료)","Z01",456,null,44293,"최종승인",11764,"조혜정",44294,302514,"비케이메디텍","2021-04-07","2021-04-14",2,"EA",777000,1,1554000,2,1554000,44299,"결제",44302,0,null,1554000,44299,1554000,44299,"상신","결재완료",0,null,0]
[1102,1000074991,20,"물품구매-공압식 외 조*정",2145600479,"의지하지 대퇴무릎장식 등 4종",20,"Z20010458","의지하지-락장식Bk(대퇴,하퇴겸용) (의지재료) (의지재료)","Z01",456,null,44293,"최종승인",11764,"조혜정",44294,302514,"비케이메디텍","2021-04-07","2021-04-14",5,"EA",223000,1,1115000,5,1115000,44299,"결제",44302,0,null,1115000,44299,1115000,44299,"상신","결재완료",0,null,0]
[1102,1000074991,30,"물품구매-공압식 외 조*정",2145600479,"의지하지 대퇴무릎장식 등 4종",30,"Z20010494","의지하지-발Bk(국산) (의지재료) (의지재료)","Z01",456,null,44293,"최종승인",11764,"조혜정",44294,302514,"비케이메디텍","2021-04-07","2021-04-14",7,"EA",188000,1,1316000,7,1316000,44299,"결제",44302,0,null,1316000,44299,1316000,44299,"상신","결재완료",0,null,0]
[1102,1000074991,40,"물품구매-공압식 외 조*정",2145600479,"의지하지 대퇴무릎장식 등 4종",40,"Z20010489","의지하지-발족부카바Bk(국산) (의지재료) (의지재료)","Z01",456,null,44293,"최종승인",11764,"조혜정",44294,302514,"비케이메디텍","2021-04-07","2021-04-14",9,"EA",41000,1,369000,9,369000,44299,"결제",44302,0,null,369000,44299,369000,44299,"상신","결재완료",0,null,0]
[1102,1000075023,10,"물품구매(로드셀 등 2건/세금계산서)",2145600529,"외골격로봇/로드셀 등 2종",10,"Z20050807","외골격로봇(연구재료)","Z01",456,null,44301,"최종승인",27685,"황석진",44301,320291,"에스제이전자","2021-04-08","2021-04-22",50,"EA",4565,1,228250,50,228250,44299,"결제",null,228250,44299,0,null,228250,44299,"상신","결재완료",0,null,0]
[1102,1000075023,20,"물품구매(로드셀 등 2건/세금계산서)",2145600529,"외골격로봇/로드셀 등 2종",20,"Z20050807","외골격로봇(연구재료)","Z01",456,null,44301,"최종승인",27685,"황석진",44301,320291,"에스제이전자","2021-04-08","2021-04-22",50,"EA",176,1,8800,50,8800,44299,"결제",null,8800,44299,0,null,8800,44299,"상신","결재완료",0,null,0]
[1102,1000075043,10,"물품구매(손의지-박*태 외 조*정)",2145600505,"의지상지 미관형의수 등 3종",10,"Z20010367","의지상지-미관형의수실리콘두손 (의지재료) (의지재료)","Z01",456,null,44295,"최종승인",11764,"조혜정",44298,300508,"두손의수","2021-04-09","2021-04-16",6,"EA",230000,1,1380000,6,1380000,44299,"결제",44302,0,null,1380000,44299,1380000,44299,"상신","결재완료",0,null,0]
[1102,1000075043,20,"물품구매(손의지-박*태 외 조*정)",2145600505,"의지상지 미관형의수 등 3종",20,"Z20010372","의지상지-미관형의수지실리콘 (의지재료) (의지재료)","Z01",456,null,44295,"최종승인",11764,"조혜정",44298,300508,"두손의수","2021-04-09","2021-04-16",1,"EA",65000,1,65000,1,65000,44299,"결제",44302,0,null,65000,44299,65000,44299,"상신","결재완료",0,null,0]
[1102,1000075043,30,"물품구매(손의지-박*태 외 조*정)",2145600505,"의지상지 미관형의수 등 3종",30,"Z20010362","의지상지-미관형발족부레진 (의지재료) (의지재료)","Z01",456,null,44295,"최종승인",11764,"조혜정",44298,300508,"두손의수","2021-04-09","2021-04-16",1,"EA",90000,1,90000,1,90000,44299,"결제",44302,0,null,90000,44299,90000,44299,"상신","결재완료",0,null,0]
[1102,1000075048,10,"물품구매 의지하지 외 /창원센터",2145600504,"의지하지 발목장식 등 5종",10,"Z20010471","의지하지-발목장식오토복단축식알루미늄(독일산) (의지재료) (의지재료)","Z01",456,null,44295,"최종승인",6166,"김현종",44298,305386,"(주) 오토복코리아헬스케어","2021-04-09","2021-04-16",1,"EA",176000,1,176000,1,176000,44299,"결제",44302,0,null,176000,44299,176000,44299,"상신","결재완료",0,null,0]
[1102,1000075048,20,"물품구매 의지하지 외 /창원센터",2145600504,"의지하지 발목장식 등 5종",20,"Z20010317","소모품-필라이트(외산3mm) (의지재료) (의지재료)","Z01",456,null,44295,"최종승인",6166,"김현종",44298,305386,"(주) 오토복코리아헬스케어","2021-04-09","2021-04-16",1,"EA",47000,1,47000,1,47000,44299,"결제",44302,0,null,47000,44299,47000,44299,"상신","결재완료",0,null,0]
[1102,1000075048,30,"물품구매 의지하지 외 /창원센터",2145600504,"의지하지 발목장식 등 5종",30,"Z20010315","소모품-필라이트(4x30x30) (의지재료) (의지재료)","Z01",456,null,44295,"최종승인",6166,"김현종",44298,305386,"(주) 오토복코리아헬스케어","2021-04-09","2021-04-16",1,"EA",62000,1,62000,1,62000,44299,"결제",44302,0,null,62000,44299,62000,44299,"상신","결재완료",0,null,0]
[1102,1000075048,40,"물품구매 의지하지 외 /창원센터",2145600504,"의지하지 발목장식 등 5종",40,"Z20010318","소모품-필라이트(외산5mm) (의지재료) (의지재료)","Z01",456,null,44295,"최종승인",6166,"김현종",44298,305386,"(주) 오토복코리아헬스케어","2021-04-09","2021-04-16",4,"EA",79000,1,316000,4,316000,44299,"결제",44302,0,null,316000,44299,316000,44299,"상신","결재완료",0,null,0]
[1102,1000075048,50,"물품구매 의지하지 외 /창원센터",2145600504,"의지하지 발목장식 등 5종",50,"Z20010680","소모품-silicone parting agent (독일) (의지재료)","Z01",456,null,44295,"최종승인",6166,"김현종",44298,305386,"(주) 오토복코리아헬스케어","2021-04-09","2021-04-16",2,"EA",33000,1,66000,2,66000,44299,"결제",44302,0,null,66000,44299,66000,44299,"상신","결재완료",0,null,0]
[1102,1000075049,10,"물품구매 방석 김*성,이*학,이*열,강*순 /창원센터",2145600503,"욕창예방방석 등 2종",10,"Z20130023","욕창예방방석공기격자형-로호 (의지재료) (의지재료)","Z01",456,null,44295,"최종승인",6166,"김현종",44298,324832,"주식회사 이레엠케어","2021-04-09","2021-04-16",5,"EA",370000,1,1850000,5,1850000,44299,"결제",44302,0,null,1850000,44299,1850000,44299,"상신","결재완료",0,null,0]
[1102,1000075049,20,"물품구매 방석 김*성,이*학,이*열,강*순 /창원센터",2145600503,"욕창예방방석 등 2종",20,"Z20130002","욕창예방매트리스공기격자형-로호(860x2040x89mm) (의지재료) (","Z01",456,null,44295,"최종승인",6166,"김현종",44298,324832,"주식회사 이레엠케어","2021-04-09","2021-04-16",1,"EA",1650000,1,1650000,1,1650000,44299,"결제",44302,0,null,1650000,44299,1650000,44299,"상신","결재완료",0,null,0]
[1102,1000075050,10,"물품구매 휠체어 이*열 ,휠체어부품 /창원센터",2145600502,"활동형휠체어 등 4종",10,"Z20120650","활동형휠체어-P2(미키코리아)","Z01",456,null,44295,"최종승인",6166,"김현종",44298,309507,"미키코리아(주)","2021-04-09","2021-04-16",1,"EA",950000,1,950000,1,950000,44299,"결제",44302,0,null,950000,44299,950000,44299,"상신","결재완료",0,null,0]
[1102,1000075050,20,"물품구매 휠체어 이*열 ,휠체어부품 /창원센터",2145600502,"활동형휠체어 등 4종",20,"Z20120340","휠체어수리-타이어일반형미키(22,24in) (의지재료) (의지재료)","Z01",456,null,44295,"최종승인",6166,"김현종",44298,309507,"미키코리아(주)","2021-04-09","2021-04-16",20,"EA",7000,1,140000,20,140000,44299,"결제",44302,0,null,140000,44299,140000,44299,"상신","결재완료",0,null,0]
[1102,1000075050,30,"물품구매 휠체어 이*열 ,휠체어부품 /창원센터",2145600502,"활동형휠체어 등 4종",30,"Z20120268","휠체어수리-앞바퀴조립포밍미키(6in) (의지재료) (의지재료)","Z01",456,null,44295,"최종승인",6166,"김현종",44298,309507,"미키코리아(주)","2021-04-09","2021-04-16",10,"EA",20000,1,200000,10,200000,44299,"결제",44302,0,null,200000,44299,200000,44299,"상신","결재완료",0,null,0]
[1102,1000075050,40,"물품구매 휠체어 이*열 ,휠체어부품 /창원센터",2145600502,"활동형휠체어 등 4종",40,"Z20120367","휠체어수리-타이어활동형미키(24in) (의지재료) (의지재료)","Z01",456,null,44295,"최종승인",6166,"김현종",44298,309507,"미키코리아(주)","2021-04-09","2021-04-16",10,"EA",8000,1,80000,10,80000,44299,"결제",44302,0,null,80000,44299,80000,44299,"상신","결재완료",0,null,0]
[1102,1000075052,10,"물품구매 의지하지/창원센터",2145600533,"의지하지 하퇴소켓 등 3종",10,"Z20010564","의지하지-하퇴소켓아답타티탄미국 (의지재료) (의지재료)","Z01",456,null,44295,"최종승인",8445,"차민국",44301,301263,"성림교역","2021-04-09","2021-04-16",2,"EA",82000,1,164000,2,164000,44299,"결제",44302,0,null,164000,44299,164000,44299,"상신","결재완료",0,null,0]
[1102,1000075052,20,"물품구매 의지하지/창원센터",2145600533,"의지하지 하퇴소켓 등 3종",20,"Z20010837","의지하지-알프스유니버셜마운팅플레이트(성림) (의지재료)","Z01",456,null,44295,"최종승인",8445,"차민국",44301,301263,"성림교역","2021-04-09","2021-04-16",10,"EA",33000,1,330000,10,330000,44299,"결제",44302,0,null,330000,44299,330000,44299,"상신","결재완료",0,null,0]
[1102,1000075052,30,"물품구매 의지하지/창원센터",2145600533,"의지하지 하퇴소켓 등 3종",30,"Z20010424","의지하지-단축발알미늄세트(중국산) (의지재료) (의지재료)","Z01",456,null,44295,"최종승인",8445,"차민국",44301,301263,"성림교역","2021-04-09","2021-04-16",1,"EA",162000,1,162000,1,162000,44299,"결제",44302,0,null,162000,44299,162000,44299,"상신","결재완료",0,null,0]
[1102,1000075053,10,"물품구매 의지하지/창원센터",2145600534,"의지하지 대퇴무릎장식 등 3종",10,"Z20010445","의지하지-대퇴무릎장식Bk공압식(4절공압식) (의지재료) (의지재료)","Z01",456,null,44295,"최종승인",8445,"차민국",44301,302514,"비케이메디텍","2021-04-09","2021-04-16",1,"EA",777000,1,777000,1,777000,44299,"결제",44302,0,null,777000,44299,777000,44299,"상신","결재완료",0,null,0]
[1102,1000075053,20,"물품구매 의지하지/창원센터",2145600534,"의지하지 대퇴무릎장식 등 3종",20,"Z20010494","의지하지-발Bk(국산) (의지재료) (의지재료)","Z01",456,null,44295,"최종승인",8445,"차민국",44301,302514,"비케이메디텍","2021-04-09","2021-04-16",5,"EA",188000,1,940000,5,940000,44299,"결제",44302,0,null,940000,44299,940000,44299,"상신","결재완료",0,null,0]
[1102,1000075053,30,"물품구매 의지하지/창원센터",2145600534,"의지하지 대퇴무릎장식 등 3종",30,"Z20010489","의지하지-발족부카바Bk(국산) (의지재료) (의지재료)","Z01",456,null,44295,"최종승인",8445,"차민국",44301,302514,"비케이메디텍","2021-04-09","2021-04-16",2,"EA",41000,1,82000,2,82000,44299,"결제",44302,0,null,82000,44299,82000,44299,"상신","결재완료",0,null,0]
[1102,1000075055,10,"물품구매 의지하지/창원센터",2145600532,"의지하지 실리콘싹스 등 5종",10,"Z20010532","의지하지-실리콘싹스컴포트하퇴용(외산) (의지재료) (의지재료)","Z01",456,null,44295,"최종승인",8445,"차민국",44301,301434,"오서코리아주식회사","2021-04-09","2021-04-16",1,"EA",335000,1,335000,1,335000,44299,"결제",44302,0,null,335000,44299,335000,44299,"상신","결재완료",0,null,0]
[1102,1000075055,20,"물품구매 의지하지/창원센터",2145600532,"의지하지 실리콘싹스 등 5종",20,"Z20010663","의지하지-실리콘싹스X5씰린라이너웨이브하퇴용(오서) (의지재료) (의지재료","Z01",456,null,44295,"최종승인",8445,"차민국",44301,301434,"오서코리아주식회사","2021-04-09","2021-04-16",2,"EA",398000,1,796000,2,796000,44299,"결제",44302,0,null,796000,44299,796000,44299,"상신","결재완료",0,null,0]
[1102,1000075055,30,"물품구매 의지하지/창원센터",2145600532,"의지하지 실리콘싹스 등 5종",30,"Z20010571","의지하지-흡입밸브실린라이너하퇴용(미국산) (의지재료) (의지재료)","Z01",456,null,44295,"최종승인",8445,"차민국",44301,301434,"오서코리아주식회사","2021-04-09","2021-04-16",2,"EA",89000,1,178000,2,178000,44299,"결제",44302,0,null,178000,44299,178000,44299,"상신","결재완료",0,null,0]
[1102,1000075055,40,"물품구매 의지하지/창원센터",2145600532,"의지하지 실리콘싹스 등 5종",40,"Z20010546","의지하지-실리콘싹스X5씰린대퇴용(미국산) (의지재료) (의지재료)","Z01",456,null,44295,"최종승인",8445,"차민국",44301,301434,"오서코리아주식회사","2021-04-09","2021-04-16",1,"EA",600000,1,600000,1,600000,44299,"결제",44302,0,null,600000,44299,600000,44299,"상신","결재완료",0,null,0]
[1102,1000075055,50,"물품구매 의지하지/창원센터",2145600532,"의지하지 실리콘싹스 등 5종",50,"Z20010570","의지하지-흡입밸브실린라이너대퇴용(미국산) (의지재료) (의지재료)","Z01",456,null,44295,"최종승인",8445,"차민국",44301,301434,"오서코리아주식회사","2021-04-09","2021-04-16",1,"EA",95000,1,95000,1,95000,44299,"결제",44302,0,null,95000,44299,95000,44299,"상신","결재완료",0,null,0]
[1102,1000075060,10,"물품구매-의지상지/임*은",2145600537,"의지상지 미관형의수",10,"Z20010372","의지상지-미관형의수지실리콘 (의지재료) (의지재료)","Z01",456,null,44298,"최종승인",9620,"임성은",44301,300508,"두손의수","2021-04-09","2021-04-16",2,"EA",65000,1,130000,2,130000,44299,"결제",44302,0,null,130000,44299,130000,44299,"상신","결재완료",0,null,0]
[1102,1000075061,10,"물품구매 휠체어 어*용 /창원센터",2145600501,"일반형휠체어",10,"Z20120652","일반형휠체어-SMART-cpu(24D)우리체어메디칼","Z01",456,null,44295,"최종승인",6166,"김현종",44298,327607,"(주) 삼우티에스","2021-04-09","2021-04-16",1,"EA",450000,1,450000,1,450000,44299,"결제",44302,0,null,450000,44299,450000,44299,"상신","결재완료",0,null,0]
[1102,1000075062,10,"물품구매 수부 /창원센터",2145600500,"의지상지 미관형의수 등 2종",10,"Z20010367","의지상지-미관형의수실리콘두손 (의지재료) (의지재료)","Z01",456,null,44295,"최종승인",6166,"김현종",44298,300508,"두손의수","2021-04-09","2021-04-16",1,"EA",230000,1,230000,1,230000,44299,"결제",44302,0,null,230000,44299,230000,44299,"상신","결재완료",0,null,0]
[1102,1000075062,20,"물품구매 수부 /창원센터",2145600500,"의지상지 미관형의수 등 2종",20,"Z20010372","의지상지-미관형의수지실리콘 (의지재료) (의지재료)","Z01",456,null,44295,"최종승인",6166,"김현종",44298,300508,"두손의수","2021-04-09","2021-04-16",1,"EA",65000,1,65000,1,65000,44299,"결제",44302,0,null,65000,44299,65000,44299,"상신","결재완료",0,null,0]
[1102,1000075063,10,"물품구매 매트리스 김*평,이*중 /창원센터",2145600499,"욕창예방매트리스",10,"Z20130055","욕창예방매트리스-Md-100 TPU3","Z01",456,null,44295,"최종승인",6166,"김현종",44298,301766,"은혜메디칼","2021-04-09","2021-04-16",2,"EA",350000,1,700000,2,700000,44299,"결제",44302,0,null,700000,44299,700000,44299,"상신","결재완료",0,null,0]
[1102,1000075064,10,"물품구매 휠체어부품 튜브 /창원센터",2145600498,"휠체어수리",10,"Z20120392","휠체어수리-튜브일반형휠로피아(24x13/8in) (의지재료) (의지재료)","Z01",456,null,44295,"최종승인",6166,"김현종",44298,301700,"(주)휠로피아","2021-04-09","2021-04-16",40,"EA",4400,1,176000,40,176000,44299,"결제",44302,0,null,176000,44299,176000,44299,"상신","결재완료",0,null,0]
[1102,1000075065,10,"물품구매(이*용/유*선)",2145600507,"활동형휠체어 등 2종",10,"Z20120650","활동형휠체어-P2(미키코리아)","Z01",456,null,44295,"최종승인",26283,"유재선",44298,309507,"미키코리아(주)","2021-04-09","2021-04-16",1,"EA",950000,1,950000,1,950000,44299,"결제",44302,0,null,950000,44299,950000,44299,"상신","결재완료",0,null,0]
[1102,1000075065,20,"물품구매(이*용/유*선)",2145600507,"활동형휠체어 등 2종",20,"Z20120371","휠체어수리-타이어J2용미키(22,24x1in) (의지재료) (의지재료)","Z01",456,null,44295,"최종승인",26283,"유재선",44298,309507,"미키코리아(주)","2021-04-09","2021-04-16",30,"EA",8000,1,240000,30,240000,44299,"결제",44302,0,null,240000,44299,240000,44299,"상신","결재완료",0,null,0]
[1102,1000075066,10,"물품구매(윤*승-이*한/유*선)",2145600506,"활동형휠체어",10,"Z20120641","활동형휠체어- 노바제로 A타입 (티오엠)","Z01",456,null,44295,"최종승인",26283,"유재선",44298,325322,"썬메디테크","2021-04-09","2021-04-16",2,"EA",950000,1,1900000,2,1900000,44299,"결제",44302,0,null,1900000,44299,1900000,44299,"상신","결재완료",0,null,0]
[1102,1000075067,10,"기타(뒷바퀴조립/유*선)",2145600508,"휠체어수리 뒷바퀴",10,"Z20011300","휠체어수리- 뒷바퀴조립 드럼형(미키메디칼) 24\"","Z01",456,null,44295,"최종승인",26283,"유재선",44298,301882,"미키메디칼","2021-04-09","2021-04-16",2,"EA",50000,1,100000,2,100000,44299,"결제",44302,0,null,100000,44299,100000,44299,"상신","결재완료",0,null,0]
[1102,1000075068,10,"물품구매(박*학/유*선)",2145600509,"전동휠체어",10,"Z20011318","전동휠체어- 체어맨M1 (휠로피아)","Z01",456,null,44295,"최종승인",26283,"유재선",44298,301700,"(주)휠로피아","2021-04-09","2021-04-16",1,"EA",6850000,1,6850000,1,6850000,44299,"결제",44302,0,null,6850000,44299,6850000,44299,"상신","결재완료",0,null,0]
[1102,1000075069,10,"물품구매(미관형의수-이*훈)",2145600535,"의지상지 미관형의수",10,"Z20010367","의지상지-미관형의수실리콘두손 (의지재료) (의지재료)","Z01",456,null,44298,"최종승인",9144,"정창희",44301,300508,"두손의수","2021-04-12","2021-04-19",2,"EA",230000,1,460000,2,460000,44299,"결제",null,460000,44299,0,null,460000,44299,"상신","결재완료",0,null,0]
[1102,1000075122,10,"물품구매(라즈베리파이등8건/법인카드)",2145600516,"모듈형휠체어/라즈메리파이 등 8종",10,"Z20050916","모듈형휠체어","Z01",456,null,44320,"최종승인",11512,"남기태",44301,516585676,"모듈형휠체어-5676","2021-04-13","2021-05-11",1,"EA",380270,1,380270,1,380270,44299,"결제",44305,0,null,380270,44299,380270,44299,"상신","결재완료",0,null,0]
[1102,1000075144,10,"물품구매(0039000040등26종 1건/법인카드)",2145600520,"모듈형휠체어/0039000040 등 26종",10,"Z20050916","모듈형휠체어","Z01",456,null,44319,"최종승인",6363,"홍응표",44301,516585676,"모듈형휠체어-5676","2021-04-13","2021-05-10",1,"EA",937654,1,937654,1,937654,44299,"결제",null,937654,44299,0,null,937654,44299,"상신","결재완료",0,null,0]
[1102,1500037703,10,"물품구매(프린트 토너(검정)등 4건/세금계산서)",2145600527,"스마트소켓/프린터 토너 등 4종",10,null,"프린트 토너(검정)","Z06",456,null,44298,"최종승인",11511,"이희태",44301,321731,"주식회사 소명시스템","2021-04-12","2021-05-12",2,"EA",154000,2,154000,2,154000,44299,"결제",44305,0,null,154000,44299,154000,44299,"상신","결재완료",0,null,154000,44309]
[1102,1500037703,20,"물품구매(프린트 토너(검정)등 4건/세금계산서)",2145600527,"스마트소켓/프린터 토너 등 4종",20,null,"프린트 토너(검정)","Z06",456,null,44298,"최종승인",11511,"이희태",44301,321731,"주식회사 소명시스템","2021-04-12","2021-05-12",1,"EA",231000,1,231000,1,231000,44299,"결제",44305,0,null,231000,44299,231000,44299,"상신","결재완료",0,null,231000,44309]
[1102,1500037703,30,"물품구매(프린트 토너(검정)등 4건/세금계산서)",2145600527,"스마트소켓/프린터 토너 등 4종",30,null,"프린트 토너(검정)","Z06",456,null,44298,"최종승인",11511,"이희태",44301,321731,"주식회사 소명시스템","2021-04-12","2021-05-12",1,"EA",231000,1,231000,1,231000,44299,"결제",44305,0,null,231000,44299,231000,44299,"상신","결재완료",0,null,231000,44309]
[1102,1500037703,40,"물품구매(프린트 토너(검정)등 4건/세금계산서)",2145600527,"스마트소켓/프린터 토너 등 4종",40,null,"프린트 토너(검정)","Z06",456,null,44298,"최종승인",11511,"이희태",44301,321731,"주식회사 소명시스템","2021-04-12","2021-05-12",1,"EA",231000,1,231000,1,231000,44299,"결제",44305,0,null,231000,44299,231000,44299,"상신","결재완료",0,null,231000,44309]
[1102,1000074957,10,"물품구매요청(K_HAND_TEST_BARD_VER3.0/세금계산서)",2145600456,"골유착임플란트/k HAND TSET BOARD V3.0",10,"Z20050686","골유착임플란트(연구재료)","Z01",456,null,44301,"최종승인",27962,"김승기",44292,327597,"(주) 한슬","2021-04-05","2021-04-22",10,"EA",3658435,10,3658435,10,3658435,44298,"결제",44302,0,null,3658435,44298,3658435,44298,"상신","결재완료",0,null,3658435,44309]
[1102,1000074969,10,"물품구매(타이어 휠세트외)",2145600461,"단차해소보조기기/타이어 휠세트 등 2종",10,"Z20050917","단차해소보조기기","Z01",456,null,44292,"최종승인",6146,"차국찬",44293,301700,"(주)휠로피아","2021-04-06","2021-04-13",4,"EA",74800,1,299200,4,299200,44298,"결제",44302,0,null,299200,44298,299200,44298,"상신","결재완료",0,null,299200,44309]
[1102,1000074969,20,"물품구매(타이어 휠세트외)",2145600461,"단차해소보조기기/타이어 휠세트 등 2종",20,"Z20050917","단차해소보조기기","Z01",456,null,44292,"최종승인",6146,"차국찬",44293,301700,"(주)휠로피아","2021-04-06","2021-04-13",4,"EA",16500,1,66000,4,66000,44298,"결제",44302,0,null,66000,44298,66000,44298,"상신","결재완료",0,null,66000,44309]
[1102,1000074985,10,"물품구매(금형)",2145600462,"직무지원/al <(>&<)> sus 금형 등 3종",10,"Z20050113","직무지원 연구재료 (연구재료) (연구재료)","Z01",456,null,44309,"최종승인",6146,"차국찬",44293,324453,"(주) 한일산업","2021-04-06","2021-04-30",1,"EA",300000,1,300000,1,300000,44298,"결제",44302,0,null,300000,44298,300000,44298,"상신","결재완료",0,null,0]
[1102,1000074985,20,"물품구매(금형)",2145600462,"직무지원/al <(>&<)> sus 금형 등 3종",20,"Z20050113","직무지원 연구재료 (연구재료) (연구재료)","Z01",456,null,44309,"최종승인",6146,"차국찬",44293,324453,"(주) 한일산업","2021-04-06","2021-04-30",1,"EA",300000,1,300000,1,300000,44298,"결제",44302,0,null,300000,44298,300000,44298,"상신","결재완료",0,null,0]
[1102,1000074985,30,"물품구매(금형)",2145600462,"직무지원/al <(>&<)> sus 금형 등 3종",30,"Z20050113","직무지원 연구재료 (연구재료) (연구재료)","Z01",456,null,44309,"최종승인",6146,"차국찬",44293,324453,"(주) 한일산업","2021-04-06","2021-04-30",1,"EA",300000,1,300000,1,300000,44298,"결제",44302,0,null,300000,44298,300000,44298,"상신","결재완료",0,null,0]
[1102,1000074992,10,"물품구매-휠체어수리/박*출/임*은",2145600512,"휠체어 수리 등 6종",10,"Z20120367","휠체어수리-타이어활동형미키(24in) (의지재료) (의지재료)","Z01",456,null,44293,"최종승인",9620,"임성은",44298,309507,"미키코리아(주)","2021-04-07","2021-04-14",12,"EA",8000,1,96000,12,96000,44298,"결제",44302,0,null,96000,44298,96000,44298,"상신","결재완료",0,null,0]
[1102,1000074992,20,"물품구매-휠체어수리/박*출/임*은",2145600512,"휠체어 수리 등 6종",20,"Z20120267","휠체어수리-앞바퀴조립투명휠(3,4,5in) (의지재료) (의지재료)","Z01",456,null,44293,"최종승인",9620,"임성은",44298,309507,"미키코리아(주)","2021-04-07","2021-04-14",10,"EA",20000,1,200000,10,200000,44298,"결제",44302,0,null,200000,44298,200000,44298,"상신","결재완료",0,null,0]
[1102,1000074992,30,"물품구매-휠체어수리/박*출/임*은",2145600512,"휠체어 수리 등 6종",30,"Z20120237","휠체어수리-시트J2(36x44cm) (의지재료) (의지재료)","Z01",456,null,44293,"최종승인",9620,"임성은",44298,309507,"미키코리아(주)","2021-04-07","2021-04-14",1,"EA",25000,1,25000,1,25000,44298,"결제",44302,0,null,25000,44298,25000,44298,"상신","결재완료",0,null,0]
[1102,1000074992,40,"물품구매-휠체어수리/박*출/임*은",2145600512,"휠체어 수리 등 6종",40,"Z20120126","휠체어수리-등받이J2(36x44cm) (의지재료) (의지재료)","Z01",456,null,44293,"최종승인",9620,"임성은",44298,309507,"미키코리아(주)","2021-04-07","2021-04-14",1,"EA",25000,1,25000,1,25000,44298,"결제",44302,0,null,25000,44298,25000,44298,"상신","결재완료",0,null,0]
[1102,1000074992,50,"물품구매-휠체어수리/박*출/임*은",2145600512,"휠체어 수리 등 6종",50,"Z20120157","휠체어수리-발판조립J2 (의지재료) (의지재료)","Z01",456,null,44293,"최종승인",9620,"임성은",44298,309507,"미키코리아(주)","2021-04-07","2021-04-14",1,"EA",70000,1,70000,1,70000,44298,"결제",44302,0,null,70000,44298,70000,44298,"상신","결재완료",0,null,0]
[1102,1000074992,60,"물품구매-휠체어수리/박*출/임*은",2145600512,"휠체어 수리 등 6종",60,"Z20120055","휠체어꺽기형-미라지7일반형미키 (의지재료) (의지재료)","Z01",456,null,44293,"최종승인",9620,"임성은",44298,309507,"미키코리아(주)","2021-04-07","2021-04-14",1,"EA",440000,1,440000,1,440000,44298,"결제",44302,0,null,440000,44298,440000,44298,"상신","결재완료",0,null,0]
[1102,1000075007,10,"물품구매(리프트)",2145600478,"파워 리프트 3종",10,"Z20050001","파워 리프트(PML-100A)-프로메디","Z01",456,null,44293,"최종승인",27783,"이미경",44294,326875,"주식회사 프로메디","2021-04-07","2021-04-14",3,"EA",1992727,1,5978181,3,5978181,44298,"결제",44302,0,null,5978181,44298,5978181,44298,"상신","결재완료",0,null,0]
[1102,1000075007,20,"물품구매(리프트)",2145600478,"파워 리프트 3종",20,"Z20050974","리프트벽체형(프로메디)","Z01",456,null,44293,"최종승인",27783,"이미경",44294,326875,"주식회사 프로메디","2021-04-07","2021-04-14",1,"EA",1992727,1,1992727,1,1992727,44298,"결제",44302,0,null,1992727,44298,1992727,44298,"상신","결재완료",0,null,0]
[1102,1000075007,30,"물품구매(리프트)",2145600478,"파워 리프트 3종",30,"Z20050973","리프트-차량용(프로메디)","Z01",456,null,44293,"최종승인",27783,"이미경",44294,326875,"주식회사 프로메디","2021-04-07","2021-04-14",4,"EA",1992727,1,7970908,4,7970908,44298,"결제",44302,0,null,7970908,44298,7970908,44298,"상신","결재완료",0,null,0]
[1102,1000075025,10,"물품구매(슬리브-조*정)",2145600488,"의지하지 슬리브",10,"Z20011319","의지하지-슬리브(코스텍)","Z01",456,null,44294,"최종승인",11764,"조혜정",44295,323203,"코스텍","2021-04-08","2021-04-15",2,"EA",50000,1,100000,2,100000,44298,"결제",44302,0,null,100000,44298,100000,44298,"상신","결재완료",0,null,0]
[1102,1500037672,10,"2분기 청소용품 구매(핸드타올 포함22종)",2145600483,"청소용품 핸드타올 등 24종",10,null,"핸드타올/5000매","Z06",456,null,44294,"최종승인",28101,"김형국",44294,313863,"주식회사 꿈이있는일터","2021-04-08","2021-04-22",10,"BOX",23000,1,230000,10,230000,44298,"결제",44302,0,null,230000,44298,230000,44298,"상신","결재완료",230000,44307,230000,44307]
[1102,1500037672,20,"2분기 청소용품 구매(핸드타올 포함22종)",2145600483,"청소용품 핸드타올 등 24종",20,null,"이중밀대","Z06",456,null,44294,"최종승인",28101,"김형국",44294,313863,"주식회사 꿈이있는일터","2021-04-08","2021-04-22",1,"개",8000,1,8000,1,8000,44298,"결제",44302,0,null,8000,44298,8000,44298,"상신","결재완료",8000,44307,8000,44307]
[1102,1500037672,30,"2분기 청소용품 구매(핸드타올 포함22종)",2145600483,"청소용품 핸드타올 등 24종",30,null,"링가보홍마포탈수기헤드","Z06",456,null,44294,"최종승인",28101,"김형국",44294,313863,"주식회사 꿈이있는일터","2021-04-08","2021-04-22",2,"개",50000,1,100000,2,100000,44298,"결제",44302,0,null,100000,44298,100000,44298,"상신","결재완료",100000,44307,100000,44307]
[1102,1500037672,40,"2분기 청소용품 구매(핸드타올 포함22종)",2145600483,"청소용품 핸드타올 등 24종",40,null,"링가보홍마포탈수기본체","Z06",456,null,44294,"최종승인",28101,"김형국",44294,313863,"주식회사 꿈이있는일터","2021-04-08","2021-04-22",1,"개",78000,1,78000,1,78000,44298,"결제",44302,0,null,78000,44298,78000,44298,"상신","결재완료",78000,44307,78000,44307]
[1102,1500037672,50,"2분기 청소용품 구매(핸드타올 포함22종)",2145600483,"청소용품 핸드타올 등 24종",50,null,"피죤20L","Z06",456,null,44294,"최종승인",28101,"김형국",44294,313863,"주식회사 꿈이있는일터","2021-04-08","2021-04-22",1,"말",20000,1,20000,1,20000,44298,"결제",44302,0,null,20000,44298,20000,44298,"상신","결재완료",20000,44307,20000,44307]
[1102,1500037672,60,"2분기 청소용품 구매(핸드타올 포함22종)",2145600483,"청소용품 핸드타올 등 24종",60,null,"트리오/1KG*12","Z06",456,null,44294,"최종승인",28101,"김형국",44294,313863,"주식회사 꿈이있는일터","2021-04-08","2021-04-22",2,"BOX",21000,1,42000,2,42000,44298,"결제",44302,0,null,42000,44298,42000,44298,"상신","결재완료",42000,44307,42000,44307]
[1102,1500037672,70,"2분기 청소용품 구매(핸드타올 포함22종)",2145600483,"청소용품 핸드타올 등 24종",70,null,"라텍스 장갑","Z06",456,null,44294,"최종승인",28101,"김형국",44294,313863,"주식회사 꿈이있는일터","2021-04-08","2021-04-22",3,"BOX",15000,1,45000,3,45000,44298,"결제",44302,0,null,45000,44298,45000,44298,"상신","결재완료",45000,44307,45000,44307]
[1102,1500037672,80,"2분기 청소용품 구매(핸드타올 포함22종)",2145600483,"청소용품 핸드타올 등 24종",80,null,"플랜제로KF94마스크","Z06",456,null,44294,"최종승인",28101,"김형국",44294,313863,"주식회사 꿈이있는일터","2021-04-08","2021-04-22",200,"개",300,1,60000,200,60000,44298,"결제",44302,0,null,60000,44298,60000,44298,"상신","결재완료",60000,44307,60000,44307]
[1102,1500037672,90,"2분기 청소용품 구매(핸드타올 포함22종)",2145600483,"청소용품 핸드타올 등 24종",90,null,"철수세미/40g","Z06",456,null,44294,"최종승인",28101,"김형국",44294,313863,"주식회사 꿈이있는일터","2021-04-08","2021-04-22",10,"개",400,1,4000,10,4000,44298,"결제",44302,0,null,4000,44298,4000,44298,"상신","결재완료",4000,44307,4000,44307]
[1102,1500037672,100,"2분기 청소용품 구매(핸드타올 포함22종)",2145600483,"청소용품 핸드타올 등 24종",100,null,"유한락스/18kg","Z06",456,null,44294,"최종승인",28101,"김형국",44294,313863,"주식회사 꿈이있는일터","2021-04-08","2021-04-22",3,"말",15000,1,45000,3,45000,44298,"결제",44302,0,null,45000,44298,45000,44298,"상신","결재완료",45000,44307,45000,44307]
[1102,1500037672,110,"2분기 청소용품 구매(핸드타올 포함22종)",2145600483,"청소용품 핸드타올 등 24종",110,null,"K-1/박리제","Z06",456,null,44294,"최종승인",28101,"김형국",44294,313863,"주식회사 꿈이있는일터","2021-04-08","2021-04-22",3,"말",23000,1,69000,3,69000,44298,"결제",44302,0,null,69000,44298,69000,44298,"상신","결재완료",69000,44307,69000,44307]
[1102,1500037672,120,"2분기 청소용품 구매(핸드타올 포함22종)",2145600483,"청소용품 핸드타올 등 24종",120,null,"쓰레기봉투/90*110","Z06",456,null,44294,"최종승인",28101,"김형국",44294,313863,"주식회사 꿈이있는일터","2021-04-08","2021-04-22",10,"BOX",30000,1,300000,10,300000,44298,"결제",44302,0,null,300000,44298,300000,44298,"상신","결재완료",300000,44307,300000,44307]
[1102,1500037672,130,"2분기 청소용품 구매(핸드타올 포함22종)",2145600483,"청소용품 핸드타올 등 24종",130,null,"극세사손결레/40*40","Z06",456,null,44294,"최종승인",28101,"김형국",44294,313863,"주식회사 꿈이있는일터","2021-04-08","2021-04-22",10,"장",1000,1,10000,10,10000,44298,"결제",44302,0,null,10000,44298,10000,44298,"상신","결재완료",10000,44307,10000,44307]
[1102,1500037672,140,"2분기 청소용품 구매(핸드타올 포함22종)",2145600483,"청소용품 핸드타올 등 24종",140,null,"갈대비","Z06",456,null,44294,"최종승인",28101,"김형국",44294,313863,"주식회사 꿈이있는일터","2021-04-08","2021-04-22",5,"개",3000,1,15000,5,15000,44298,"결제",44302,0,null,15000,44298,15000,44298,"상신","결재완료",15000,44307,15000,44307]
[1102,1500037672,150,"2분기 청소용품 구매(핸드타올 포함22종)",2145600483,"청소용품 핸드타올 등 24종",150,null,"대나무비","Z06",456,null,44294,"최종승인",28101,"김형국",44294,313863,"주식회사 꿈이있는일터","2021-04-08","2021-04-22",5,"개",17000,5,17000,5,17000,44298,"결제",44302,0,null,17000,44298,17000,44298,"상신","결재완료",17000,44307,17000,44307]
[1102,1500037672,160,"2분기 청소용품 구매(핸드타올 포함22종)",2145600483,"청소용품 핸드타올 등 24종",160,null,"유리세정제*12","Z06",456,null,44294,"최종승인",28101,"김형국",44294,313863,"주식회사 꿈이있는일터","2021-04-08","2021-04-22",1,"BOX",18000,1,18000,1,18000,44298,"결제",44302,0,null,18000,44298,18000,44298,"상신","결재완료",18000,44307,18000,44307]
[1102,1500037672,170,"2분기 청소용품 구매(핸드타올 포함22종)",2145600483,"청소용품 핸드타올 등 24종",170,null,"장죽수세미","Z06",456,null,44294,"최종승인",28101,"김형국",44294,313863,"주식회사 꿈이있는일터","2021-04-08","2021-04-22",20,"개",400,1,8000,20,8000,44298,"결제",44302,0,null,8000,44298,8000,44298,"상신","결재완료",8000,44307,8000,44307]
[1102,1500037672,180,"2분기 청소용품 구매(핸드타올 포함22종)",2145600483,"청소용품 핸드타올 등 24종",180,null,"밀대걸레 패드","Z06",456,null,44294,"최종승인",28101,"김형국",44294,313863,"주식회사 꿈이있는일터","2021-04-08","2021-04-22",5,"개",1500,1,7500,5,7500,44298,"결제",44302,0,null,7500,44298,7500,44298,"상신","결재완료",7500,44307,7500,44307]
[1102,1500037672,190,"2분기 청소용품 구매(핸드타올 포함22종)",2145600483,"청소용품 핸드타올 등 24종",190,null,"원사마포걸레","Z06",456,null,44294,"최종승인",28101,"김형국",44294,313863,"주식회사 꿈이있는일터","2021-04-08","2021-04-22",5,"개",2500,1,12500,5,12500,44298,"결제",44302,0,null,12500,44298,12500,44298,"상신","결재완료",12500,44307,12500,44307]
[1102,1500037672,200,"2분기 청소용품 구매(핸드타올 포함22종)",2145600483,"청소용품 핸드타올 등 24종",200,null,"3m패드 16*","Z06",456,null,44294,"최종승인",28101,"김형국",44294,313863,"주식회사 꿈이있는일터","2021-04-08","2021-04-22",1,"BOX",30000,1,30000,1,30000,44298,"결제",44302,0,null,30000,44298,30000,44298,"상신","결재완료",30000,44307,30000,44307]
[1102,1500037672,210,"2분기 청소용품 구매(핸드타올 포함22종)",2145600483,"청소용품 핸드타올 등 24종",210,null,"올클린 살균소독제300ml","Z06",456,null,44294,"최종승인",28101,"김형국",44294,313863,"주식회사 꿈이있는일터","2021-04-08","2021-04-22",10,"개",3500,1,35000,10,35000,44298,"결제",44302,0,null,35000,44298,35000,44298,"상신","결재완료",35000,44307,35000,44307]
[1102,1500037672,220,"2분기 청소용품 구매(핸드타올 포함22종)",2145600483,"청소용품 핸드타올 등 24종",220,null,"아폴로 분무기","Z06",456,null,44294,"최종승인",28101,"김형국",44294,313863,"주식회사 꿈이있는일터","2021-04-08","2021-04-22",2,"개",3000,1,6000,2,6000,44298,"결제",44302,0,null,6000,44298,6000,44298,"상신","결재완료",6000,44307,6000,44307]
[1102,1500037672,230,"2분기 청소용품 구매(핸드타올 포함22종)",2145600483,"청소용품 핸드타올 등 24종",230,null,"재떨이휴지통(300*680/50리터)","Z06",456,null,44294,"최종승인",28101,"김형국",44294,313863,"주식회사 꿈이있는일터","2021-04-08","2021-04-22",1,"개",70000,1,70000,1,70000,44298,"결제",44302,0,null,70000,44298,70000,44298,"상신","결재완료",70000,44307,70000,44307]
[1102,1500037672,240,"2분기 청소용품 구매(핸드타올 포함22종)",2145600483,"청소용품 핸드타올 등 24종",240,null,"인천시 종량제봉투 75L","Z06",456,null,44294,"최종승인",28101,"김형국",44294,313863,"주식회사 꿈이있는일터","2021-04-08","2021-04-22",50,"개",2780,1,139000,50,139000,44298,"결제",44302,0,null,139000,44298,139000,44298,"상신","결재완료",139000,44307,139000,44307]
[1102,1000074597,10,"물품구매(BSR 80-50/세금계산서)",2145600367,"스마트어시스트/bsr 80-50",10,"Z20050649","BSR 80-50","Z01",456,null,44288,"최종승인",11509,"장대진",44277,327022,"주식회사 본시스템즈","2021-03-19","2021-04-09",2,"EA",1100000,1,2200000,2,2200000,44295,"결제",44306,0,null,2200000,44295,2200000,44295,"상신","결재완료",0,null,2200000,44309]
[1102,1000074598,10,"물품구매(어시스트 기어모듈 가공/세금계산서)",2145600368,"스마트어시스트/어시스트 기어모듈 가공",10,"Z20050649","어시스트 기어모듈 가공","Z01",456,null,44288,"최종승인",11509,"장대진",44277,326506,"(주)경기기어","2021-03-19","2021-04-09",8,"EA",330000,1,2640000,8,2640000,44295,"결제",44306,0,null,2640000,44295,2640000,44295,"상신","결재완료",0,null,2640000,44309]
[1102,1000074978,10,"물품구매(하지의지-김*형 외/양*호)",2145600487,"의지하지 발족부외피카바 등 6종",10,"Z20010486","의지하지-발족부외피카바프리덤 (의지재료) (의지재료)","Z01",456,null,44293,"최종승인",27264,"양철호",44295,301263,"성림교역","2021-04-07","2021-04-14",1,"EA",160000,1,160000,1,160000,44295,"결제",44305,0,null,160000,44295,160000,44295,"상신","결재완료",0,null,0]
[1102,1000074978,20,"물품구매(하지의지-김*형 외/양*호)",2145600487,"의지하지 발족부외피카바 등 6종",20,"Z20010007","보조기상지-긴팔보조기(긴팔용) (의지재료) (의지재료)","Z01",456,null,44293,"최종승인",27264,"양철호",44295,301263,"성림교역","2021-04-07","2021-04-14",2,"EA",45000,1,90000,2,90000,44295,"결제",44305,0,null,90000,44295,90000,44295,"상신","결재완료",0,null,0]
[1102,1000074978,30,"물품구매(하지의지-김*형 외/양*호)",2145600487,"의지하지 발족부외피카바 등 6종",30,"Z20010894","보조기하지-UDFlex짧은다리보조기 보아식 (성림) (의지재료)","Z01",456,null,44293,"최종승인",27264,"양철호",44295,301263,"성림교역","2021-04-07","2021-04-14",2,"EA",108000,1,216000,2,216000,44295,"결제",44305,0,null,216000,44295,216000,44295,"상신","결재완료",0,null,0]
[1102,1000074978,40,"물품구매(하지의지-김*형 외/양*호)",2145600487,"의지하지 발족부외피카바 등 6종",40,"Z20010903","의지하지-쉬링커 대퇴용(성림) (의지재료)","Z01",456,null,44293,"최종승인",27264,"양철호",44295,301263,"성림교역","2021-04-07","2021-04-14",1,"EA",70000,1,70000,1,70000,44295,"결제",44305,0,null,70000,44295,70000,44295,"상신","결재완료",0,null,0]
[1102,1000074978,50,"물품구매(하지의지-김*형 외/양*호)",2145600487,"의지하지 발족부외피카바 등 6종",50,"Z20010385","의지상지-상박잠금기능엘보(외산) (의지재료) (의지재료)","Z01",456,null,44293,"최종승인",27264,"양철호",44295,301263,"성림교역","2021-04-07","2021-04-14",1,"EA",760000,1,760000,1,760000,44295,"결제",44305,0,null,760000,44295,760000,44295,"상신","결재완료",0,null,0]
[1102,1000074978,60,"물품구매(하지의지-김*형 외/양*호)",2145600487,"의지하지 발족부외피카바 등 6종",60,"Z20010950","의지상지-미관형의수실리콘리갈-손목삽입(외산)(의지재료) (의지재료)","Z01",456,null,44293,"최종승인",27264,"양철호",44295,301263,"성림교역","2021-04-07","2021-04-14",2,"EA",250000,1,500000,2,500000,44295,"결제",44305,0,null,500000,44295,500000,44295,"상신","결재완료",0,null,0]
[1102,1000075017,10,"물품구매(24비트 ADC 모듈 3종/법인카드)",2145600493,"스마트소켓/24피트 adc모듈 3종",10,"Z20050607","스마트소켓(연구재료) (연구재료)","Z01",456,null,44309,"최종승인",8220,"신현준",44295,516541808,"스마트소켓-1808","2021-04-08","2021-04-30",2,"EA",81400,2,81400,2,81400,44295,"결제",44309,0,null,81400,44295,81400,44295,"상신","결재완료",0,null,81400,44312]
[1102,1000075017,20,"물품구매(24비트 ADC 모듈 3종/법인카드)",2145600493,"스마트소켓/24피트 adc모듈 3종",20,"Z20050607","스마트소켓(연구재료) (연구재료)","Z01",456,null,44309,"최종승인",8220,"신현준",44295,516541808,"스마트소켓-1808","2021-04-08","2021-04-30",2,"EA",107690,2,107690,2,107690,44295,"결제",44309,0,null,107690,44295,107690,44295,"상신","결재완료",0,null,107690,44312]
[1102,1000075017,30,"물품구매(24비트 ADC 모듈 3종/법인카드)",2145600493,"스마트소켓/24피트 adc모듈 3종",30,"Z20050607","스마트소켓(연구재료) (연구재료)","Z01",456,null,44309,"최종승인",8220,"신현준",44295,516541808,"스마트소켓-1808","2021-04-08","2021-04-30",2,"EA",18040,2,18040,2,18040,44295,"결제",44309,0,null,18040,44295,18040,44295,"상신","결재완료",0,null,18040,44312]
[1102,1000075054,10,"물품구매(부저등8건 /법인카드)",2145600513,"모듈형휠체어/부저 등 8종",10,"Z20050916","모듈형휠체어","Z01",456,null,44316,"최종승인",11512,"남기태",44298,516585676,"모듈형휠체어-5676","2021-04-09","2021-05-07",1,"EA",590040,1,590040,1,590040,44295,"결제",44305,0,null,590040,44295,590040,44295,"상신","결재완료",0,null,590040,44312]
[1102,1000075059,10,"물품구매요청(ADC 변환 부품 등 4건/법인카드)",2145600524,"스마트소켓/adc 변환부품 등 4종",10,"Z20050607","스마트소켓(연구재료) (연구재료)","Z01",456,null,44309,"최종승인",8220,"신현준",44301,516541808,"스마트소켓-1808","2021-04-09","2021-04-30",15,"EA",12892,1,193380,15,193380,44295,"결제",44309,0,null,193380,44295,193380,44295,"상신","결재완료",0,null,193380,44312]
[1102,1000075059,20,"물품구매요청(ADC 변환 부품 등 4건/법인카드)",2145600524,"스마트소켓/adc 변환부품 등 4종",20,"Z20050607","스마트소켓(연구재료) (연구재료)","Z01",456,null,44309,"최종승인",8220,"신현준",44301,516541808,"스마트소켓-1808","2021-04-09","2021-04-30",10,"EA",173525,10,173525,10,173525,44295,"결제",44309,0,null,173525,44295,173525,44295,"상신","결재완료",0,null,173525,44312]
[1102,1000075059,30,"물품구매요청(ADC 변환 부품 등 4건/법인카드)",2145600524,"스마트소켓/adc 변환부품 등 4종",30,"Z20050607","스마트소켓(연구재료) (연구재료)","Z01",456,null,44309,"최종승인",8220,"신현준",44301,516541808,"스마트소켓-1808","2021-04-09","2021-04-30",5,"EA",11902,1,59510,5,59510,44295,"결제",44309,0,null,59510,44295,59510,44295,"상신","결재완료",0,null,59510,44312]
[1102,1000075059,40,"물품구매요청(ADC 변환 부품 등 4건/법인카드)",2145600524,"스마트소켓/adc 변환부품 등 4종",40,"Z20050607","스마트소켓(연구재료) (연구재료)","Z01",456,null,44309,"최종승인",8220,"신현준",44301,516541808,"스마트소켓-1808","2021-04-09","2021-04-30",2,"EA",73733,1,147466,2,147466,44295,"결제",44309,0,null,147466,44295,147466,44295,"상신","결재완료",0,null,147466,44312]
[1102,1000074897,10,"물품구매(실리콘라이너/천*민)",2145600466,"의지하지 실리콘싹스",10,"Z20010507","의지하지-실리콘싹스국산(국산) (의지재료) (의지재료)","Z01",456,null,44291,"최종승인",27784,"천성민",44293,323203,"코스텍","2021-04-05","2021-04-12",8,"EA",120000,1,960000,8,960000,44294,"결제",44295,0,null,960000,44294,960000,44294,"상신","결재완료",0,null,0]
[1102,1000074950,10,"물품구매(전류 프로브 TCP0030A / 세금계산서)",2145600453,"골유착임플란트/tcp0030a",10,"Z20050686","골유착임플란트(연구재료)","Z01",456,null,44309,"최종승인",28744,"윤준석",44292,328929,"주식회사 젠프로","2021-04-05","2021-04-30",1,"EA",6959700,1,6959700,1,6959700,44294,"결제",44302,0,null,6959700,44294,6959700,44294,"상신","결재완료",0,null,6959700,44309]
[1102,1000074951,10,"물품구매-의지하지/임*은",2145600468,"욕창예방방석 등 2종",10,"Z20130024","욕창예방방석공기격자형-커트로 (의지재료) (의지재료)","Z01",456,null,44291,"최종승인",9620,"임성은",44293,305386,"(주) 오토복코리아헬스케어","2021-04-05","2021-04-12",6,"EA",370000,1,2220000,6,2220000,44294,"결제",44302,0,null,2220000,44294,2220000,44294,"상신","결재완료",0,null,0]
[1102,1000074951,20,"물품구매-의지하지/임*은",2145600468,"욕창예방방석 등 2종",20,"Z20010943","의지하지-실리콘 젤 라이너(6Y70)(독일산) (의지재료)","Z01",456,null,44291,"최종승인",9620,"임성은",44293,305386,"(주) 오토복코리아헬스케어","2021-04-05","2021-04-12",1,"EA",180000,1,180000,1,180000,44294,"결제",44302,0,null,180000,44294,180000,44294,"상신","결재완료",0,null,0]
[1102,1000074952,10,"물품구매-휠체어수리/임*은",2145600467,"휠체어수리 브레이크토글 등 2종",10,"Z20120200","휠체어수리-브레이크토글휠로피아(대만산) (의지재료) (의지재료)","Z01",456,null,44291,"최종승인",9620,"임성은",44293,301700,"(주)휠로피아","2021-04-05","2021-04-12",10,"EA",25000,1,250000,10,250000,44294,"결제",44302,0,null,250000,44294,250000,44294,"상신","결재완료",0,null,0]
[1102,1000074952,20,"물품구매-휠체어수리/임*은",2145600467,"휠체어수리 브레이크토글 등 2종",20,"Z20120405","휠체어수리-튜브활동형미키(22,24in) (의지재료) (의지재료)","Z01",456,null,44291,"최종승인",9620,"임성은",44293,301700,"(주)휠로피아","2021-04-05","2021-04-12",4,"EA",4000,1,16000,4,16000,44294,"결제",44302,0,null,16000,44294,16000,44294,"상신","결재완료",0,null,0]
[1102,1000074998,10,"물품구매(방석)",2145600473,"욕창예방방석",10,"Z20130029","욕창예방방석공기격자형-Smdub0003(8x9x5) (의지재료) (의지재","Z01",456,null,44293,"최종승인",27783,"이미경",44293,323411,"주식회사씰테크 용인지점","2021-04-07","2021-04-14",10,"EA",230000,1,2300000,10,2300000,44294,"결제",44295,0,null,2300000,44294,2300000,44294,"상신","결재완료",0,null,0]
[1102,1000074999,10,"물품구매(매트리스)",2145600472,"욕창예방매트리스",10,"Z20130055","욕창예방매트리스-Md-100 TPU3","Z01",456,null,44293,"최종승인",27783,"이미경",44293,301766,"은혜메디칼","2021-04-07","2021-04-14",3,"EA",350000,1,1050000,3,1050000,44294,"결제",44295,0,null,1050000,44294,1050000,44294,"상신","결재완료",0,null,0]
[1102,1000075000,10,"물품구매(매트리스)",2145600471,"욕창예방매트리스",10,"Z20130008","욕창예방매트리스교대부양형-Ad1300(860x2300x110mm) (의지","Z01",456,null,44293,"최종승인",27783,"이미경",44293,303862,"(주) 영원메디칼","2021-04-07","2021-04-14",1,"EA",450000,1,450000,1,450000,44294,"결제",44295,0,null,450000,44294,450000,44294,"상신","결재완료",0,null,0]
[1102,1000075001,10,"물품구매(방석외)",2145600470,"욕창예방방석 등 2종",10,"Z20130023","욕창예방방석공기격자형-로호 (의지재료) (의지재료)","Z01",456,null,44293,"최종승인",27783,"이미경",44293,305386,"(주) 오토복코리아헬스케어","2021-04-07","2021-04-14",12,"EA",370000,1,4440000,12,4440000,44294,"결제",44302,0,null,4440000,44294,4440000,44294,"상신","결재완료",0,null,0]
[1102,1000075001,20,"물품구매(방석외)",2145600470,"욕창예방방석 등 2종",20,"Z20130002","욕창예방매트리스공기격자형-로호(860x2040x89mm) (의지재료) (","Z01",456,null,44293,"최종승인",27783,"이미경",44293,305386,"(주) 오토복코리아헬스케어","2021-04-07","2021-04-14",2,"EA",1650000,1,3300000,2,3300000,44294,"결제",44302,0,null,3300000,44294,3300000,44294,"상신","결재완료",0,null,0]
[1102,1000075002,10,"물품구매(프로플렉스XC외)",2145600475,"시험상용화/프로플렉스 등 3종",10,"Z20050454","하지-고기능인공발(프로플렉스XC)(연구재료) (연구재료)","Z01",456,null,44293,"최종승인",27783,"이미경",44293,301434,"오서코리아주식회사","2021-04-07","2021-04-14",2,"EA",2300000,1,4600000,2,4600000,44294,"결제",44302,0,null,4600000,44294,4600000,44294,"상신","결재완료",0,null,0]
[1102,1000075002,20,"물품구매(프로플렉스XC외)",2145600475,"시험상용화/프로플렉스 등 3종",20,"Z20050819","하지-하퇴메일피라미드소켓어댑터(연구재료)","Z01",456,null,44293,"최종승인",27783,"이미경",44293,301434,"오서코리아주식회사","2021-04-07","2021-04-14",1,"EA",138000,1,138000,1,138000,44294,"결제",44302,0,null,138000,44294,138000,44294,"상신","결재완료",0,null,0]
[1102,1000075002,30,"물품구매(프로플렉스XC외)",2145600475,"시험상용화/프로플렉스 등 3종",30,"Z20050404","하지-대퇴씰인밸브(연구재료) (연구재료)","Z01",456,null,44293,"최종승인",27783,"이미경",44293,301434,"오서코리아주식회사","2021-04-07","2021-04-14",1,"EA",95000,1,95000,1,95000,44294,"결제",44302,0,null,95000,44294,95000,44294,"상신","결재완료",0,null,0]
[1102,1000075003,10,"물품구매(토탈니 2000외)",2145600474,"시험상용화/토탈니 2000 등4종",10,"Z20050111","하지-토탈니2000 (연구재료) (연구재료)","Z01",456,null,44293,"최종승인",27783,"이미경",44293,301434,"오서코리아주식회사","2021-04-07","2021-04-14",1,"EA",2870000,1,2870000,1,2870000,44294,"결제",44302,0,null,2870000,44294,2870000,44294,"상신","결재완료",0,null,0]
[1102,1000075003,20,"물품구매(토탈니 2000외)",2145600474,"시험상용화/토탈니 2000 등4종",20,"Z20050325","하지-3프롱대퇴회전조절소켓어댑터(연구재료) (연구재료)","Z01",456,null,44293,"최종승인",27783,"이미경",44293,301434,"오서코리아주식회사","2021-04-07","2021-04-14",1,"EA",80000,1,80000,1,80000,44294,"결제",44302,0,null,80000,44294,80000,44294,"상신","결재완료",0,null,0]
[1102,1000075003,30,"물품구매(토탈니 2000외)",2145600474,"시험상용화/토탈니 2000 등4종",30,"Z20050454","하지-고기능인공발(프로플렉스XC)(연구재료) (연구재료)","Z01",456,null,44293,"최종승인",27783,"이미경",44293,301434,"오서코리아주식회사","2021-04-07","2021-04-14",1,"EA",2300000,1,2300000,1,2300000,44294,"결제",44302,0,null,2300000,44294,2300000,44294,"상신","결재완료",0,null,0]
[1102,1000075003,40,"물품구매(토탈니 2000외)",2145600474,"시험상용화/토탈니 2000 등4종",40,"Z20050620","하지-무릎관절장치파소니(연구재료) (연구재료)","Z01",456,null,44293,"최종승인",27783,"이미경",44293,301434,"오서코리아주식회사","2021-04-07","2021-04-14",1,"EA",3700000,1,3700000,1,3700000,44294,"결제",44302,0,null,3700000,44294,3700000,44294,"상신","결재완료",0,null,0]
[1102,1000075005,10,"물품구매(포아야)",2145600477,"맞춤 깔창",10,"Z20050914","맞춤 깔창(포아야)","Z01",456,null,44293,"최종승인",27783,"이미경",44294,325837,"포아야","2021-04-07","2021-04-14",1,"EA",320000,1,320000,1,320000,44294,"결제",44302,0,null,320000,44294,320000,44294,"상신","결재완료",0,null,0]
[1102,1000075016,10,"물품구매(타이어)",2145600486,"휠체어수리 타이어 등 4종",10,"Z20120342","휠체어수리-타이어일반형휠로피아(24in) (의지재료) (의지재료)","Z01",456,null,44294,"최종승인",9144,"정창희",44295,301700,"(주)휠로피아","2021-04-07","2021-04-15",10,"EA",6600,1,66000,10,66000,44294,"결제",44302,0,null,66000,44294,66000,44294,"상신","결재완료",0,null,0]
[1102,1000075016,20,"물품구매(타이어)",2145600486,"휠체어수리 타이어 등 4종",20,"Z20120392","휠체어수리-튜브일반형휠로피아(24x13/8in) (의지재료) (의지재료)","Z01",456,null,44294,"최종승인",9144,"정창희",44295,301700,"(주)휠로피아","2021-04-07","2021-04-15",10,"EA",4400,1,44000,10,44000,44294,"결제",44302,0,null,44000,44294,44000,44294,"상신","결재완료",0,null,0]
[1102,1000075016,30,"물품구매(타이어)",2145600486,"휠체어수리 타이어 등 4종",30,"Z20120391","휠체어수리-튜브일반형외산휠로피아(26in) (의지재료) (의지재료)","Z01",456,null,44294,"최종승인",9144,"정창희",44295,301700,"(주)휠로피아","2021-04-07","2021-04-15",2,"EA",5000,1,10000,2,10000,44294,"결제",44302,0,null,10000,44294,10000,44294,"상신","결재완료",0,null,0]
[1102,1000075016,40,"물품구매(타이어)",2145600486,"휠체어수리 타이어 등 4종",40,"Z20120561","타이어-24\"마라톤점검 (퓔로피아) (의지재료) (의지재료)","Z01",456,null,44294,"최종승인",9144,"정창희",44295,301700,"(주)휠로피아","2021-04-07","2021-04-15",2,"EA",32000,1,64000,2,64000,44294,"결제",44302,0,null,64000,44294,64000,44294,"상신","결재완료",0,null,0]
[1102,1000074925,10,"물품구매(의지상지-김*환 외2명/손*지)",2145600455,"의지상지 미관형의수실리콘",10,"Z20010368","의지상지-미관형의수실리콘리갈(외산) (의지재료) (의지재료)","Z01",456,null,44291,"최종승인",28716,"손민지",44292,301263,"성림교역","2021-04-05","2021-04-12",3,"EA",230000,1,690000,3,690000,44293,"결제",44294,0,null,690000,44293,690000,44293,"상신","결재완료",0,null,0]
[1102,1000074958,10,"물품구매(의지상지-김*중/손*지)",2145600454,"의지상지 미관형의수",10,"Z20010369","의지상지-미관형의수전자글러브레진(외산) (의지재료) (의지재료)","Z01",456,null,44291,"최종승인",28716,"손민지",44292,305386,"(주) 오토복코리아헬스케어","2021-04-05","2021-04-12",1,"EA",162000,1,162000,1,162000,44293,"결제",44294,0,null,162000,44293,162000,44293,"상신","결재완료",0,null,0]
[1102,1000074961,10,"물품구매(전자의수-조*정)",2145600464,"의지상지 전자의수",10,"Z20010405","의지상지-전자의수Bk(국산) (의지재료) (의지재료)","Z01",456,null,44292,"최종승인",11764,"조혜정",44293,302514,"비케이메디텍","2021-04-06","2021-04-13",1,"EA",2685000,1,2685000,1,2685000,44293,"결제",44294,0,null,2685000,44293,2685000,44293,"상신","결재완료",0,null,0]
[1102,1000074965,10,"물품구매(하지의지-송*욱)/손*호",2145600459,"의지하지 플렉스풋커버 등 6종",10,"Z20011294","의지하지-플렉스풋커버신형","Z01",456,null,44292,"최종승인",6167,"손진호",44292,301434,"오서코리아주식회사","2021-04-06","2021-04-13",1,"EA",220000,1,220000,1,220000,44293,"결제",44295,0,null,220000,44293,220000,44293,"상신","결재완료",0,null,0]
[1102,1000074965,20,"물품구매(하지의지-송*욱)/손*호",2145600459,"의지하지 플렉스풋커버 등 6종",20,"Z20011049","의지하지-실리콘싹스씰인X하퇴용(오서)","Z01",456,null,44292,"최종승인",6167,"손진호",44292,301434,"오서코리아주식회사","2021-04-06","2021-04-13",3,"EA",400000,1,1200000,3,1200000,44293,"결제",44295,0,null,1200000,44293,1200000,44293,"상신","결재완료",0,null,0]
[1102,1000074965,30,"물품구매(하지의지-송*욱)/손*호",2145600459,"의지하지 플렉스풋커버 등 6종",30,"Z20010226","소모품-아이스로스슬리브(미국산) (의지재료) (의지재료)","Z01",456,null,44292,"최종승인",6167,"손진호",44292,301434,"오서코리아주식회사","2021-04-06","2021-04-13",3,"EA",185000,1,555000,3,555000,44293,"결제",44295,0,null,555000,44293,555000,44293,"상신","결재완료",0,null,0]
[1102,1000074965,40,"물품구매(하지의지-송*욱)/손*호",2145600459,"의지하지 플렉스풋커버 등 6종",40,"Z20010701"," 의지하지-하퇴메일피라미드소켓어댑터(외산) (의지재료)","Z01",456,null,44292,"최종승인",6167,"손진호",44292,301434,"오서코리아주식회사","2021-04-06","2021-04-13",3,"EA",138000,1,414000,3,414000,44293,"결제",44295,0,null,414000,44293,414000,44293,"상신","결재완료",0,null,0]
[1102,1000074965,50,"물품구매(하지의지-송*욱)/손*호",2145600459,"의지하지 플렉스풋커버 등 6종",50,"Z20010571","의지하지-흡입밸브실린라이너하퇴용(미국산) (의지재료) (의지재료)","Z01",456,null,44292,"최종승인",6167,"손진호",44292,301434,"오서코리아주식회사","2021-04-06","2021-04-13",2,"EA",89000,1,178000,2,178000,44293,"결제",44295,0,null,178000,44293,178000,44293,"상신","결재완료",0,null,0]
[1102,1000074965,60,"물품구매(하지의지-송*욱)/손*호",2145600459,"의지하지 플렉스풋커버 등 6종",60,"Z20011192","의지하지-실리콘싹스컴포트락킹","Z01",456,null,44292,"최종승인",6167,"손진호",44292,301434,"오서코리아주식회사","2021-04-06","2021-04-13",3,"EA",335000,1,1005000,3,1005000,44293,"결제",44295,0,null,1005000,44293,1005000,44293,"상신","결재완료",0,null,0]
[1102,1500037625,10,"프린트토너구매",2145600460,"프린트 토너 구매",10,null,"프린트토너","Z06",456,"서비스",44292,"최종승인",11764,"조혜정",44293,321731,"주식회사 소명시스템","2021-04-06","2021-04-13",1,"AU",140000,1,140000,1,140000,44293,"결제",44294,0,null,140000,44293,140000,44293,"상신","결재완료",140000,44298,140000,44298]
[1102,1000074517,10,"물품구매 (ROTARY CYLINDER ver.1/ 세금계산서)",2145600351,"로터리구동모듈/rotary cylinder ver 1",10,"Z20050970","로터리 구동모듈","Z01",456,null,44288,"최종승인",27826,"전만기",44272,324705,"주식회사 신성텍","2021-03-16","2021-04-10",4,"EA",1056000,1,4224000,4,4224000,44292,"결제",44294,0,null,4224000,44292,4224000,44292,"상신","결재완료",0,null,4224000,44309]
[1102,1000074615,10,"물품구매 (LOWER BODY 등 2건/ 세금계산서)",2145600397,"로터리구동모듈/lower body 등 2종",10,"Z20050970","로터리 구동모듈","Z01",456,null,44288,"최종승인",27826,"전만기",44279,324705,"주식회사 신성텍","2021-03-22","2021-04-10",4,"EA",770000,1,3080000,4,3080000,44292,"결제",44294,0,null,3080000,44292,3080000,44292,"상신","결재완료",0,null,3080000,44309]
[1102,1000074615,20,"물품구매 (LOWER BODY 등 2건/ 세금계산서)",2145600397,"로터리구동모듈/lower body 등 2종",20,"Z20050970","로터리 구동모듈","Z01",456,null,44288,"최종승인",27826,"전만기",44279,324705,"주식회사 신성텍","2021-03-22","2021-04-10",4,"EA",220000,1,880000,4,880000,44292,"결제",44294,0,null,880000,44292,880000,44292,"상신","결재완료",0,null,880000,44309]
[1102,1000074674,10,"물품구매 (UP BODY 등 2건/ 세금계산서)",2145600416,"로터리구동모듈/up body 등 2종",10,"Z20050970","로터리 구동모듈","Z01",456,null,44288,"최종승인",27826,"전만기",44281,324705,"주식회사 신성텍","2021-03-24","2021-04-10",4,"EA",660000,1,2640000,4,2640000,44292,"결제",44294,0,null,2640000,44292,2640000,44292,"상신","결재완료",0,null,2640000,44309]
[1102,1000074674,20,"물품구매 (UP BODY 등 2건/ 세금계산서)",2145600416,"로터리구동모듈/up body 등 2종",20,"Z20050970","로터리 구동모듈","Z01",456,null,44288,"최종승인",27826,"전만기",44281,324705,"주식회사 신성텍","2021-03-24","2021-04-10",4,"EA",515900,1,2063600,4,2063600,44292,"결제",44294,0,null,2063600,44292,2063600,44292,"상신","결재완료",0,null,2063600,44309]
[1102,1000074802,10,"물품구매 (Bearing Nut 등 5건/ 세금계산서)",2145600443,"로터리구동모듈/bearing nut 등 5종",10,"Z20050970","로터리 구동모듈","Z01",456,null,44288,"최종승인",27826,"전만기",44287,324705,"주식회사 신성텍","2021-03-31","2021-04-10",4,"EA",154000,1,616000,4,616000,44292,"결제",44294,0,null,616000,44292,616000,44292,"상신","결재완료",0,null,616000,44309]
[1102,1000074802,20,"물품구매 (Bearing Nut 등 5건/ 세금계산서)",2145600443,"로터리구동모듈/bearing nut 등 5종",20,"Z20050970","로터리 구동모듈","Z01",456,null,44288,"최종승인",27826,"전만기",44287,324705,"주식회사 신성텍","2021-03-31","2021-04-10",4,"EA",68200,1,272800,4,272800,44292,"결제",44294,0,null,272800,44292,272800,44292,"상신","결재완료",0,null,272800,44309]
[1102,1000074802,30,"물품구매 (Bearing Nut 등 5건/ 세금계산서)",2145600443,"로터리구동모듈/bearing nut 등 5종",30,"Z20050970","로터리 구동모듈","Z01",456,null,44288,"최종승인",27826,"전만기",44287,324705,"주식회사 신성텍","2021-03-31","2021-04-10",4,"EA",72600,1,290400,4,290400,44292,"결제",44294,0,null,290400,44292,290400,44292,"상신","결재완료",0,null,290400,44309]
[1102,1000074802,40,"물품구매 (Bearing Nut 등 5건/ 세금계산서)",2145600443,"로터리구동모듈/bearing nut 등 5종",40,"Z20050970","로터리 구동모듈","Z01",456,null,44288,"최종승인",27826,"전만기",44287,324705,"주식회사 신성텍","2021-03-31","2021-04-10",4,"EA",36300,1,145200,4,145200,44292,"결제",44294,0,null,145200,44292,145200,44292,"상신","결재완료",0,null,145200,44309]
[1102,1000074802,50,"물품구매 (Bearing Nut 등 5건/ 세금계산서)",2145600443,"로터리구동모듈/bearing nut 등 5종",50,"Z20050970","로터리 구동모듈","Z01",456,null,44288,"최종승인",27826,"전만기",44287,324705,"주식회사 신성텍","2021-03-31","2021-04-10",4,"EA",495000,1,1980000,4,1980000,44292,"결제",44294,0,null,1980000,44292,1980000,44292,"상신","결재완료",0,null,1980000,44309]
[1102,1000074860,10,"물품구매(집뇨기)",2145600452,"집뇨기유린백",10,"Z20130035","집뇨기유린백-외산1000(외산1000cc) (의지재료) (의지재료)","Z01",456,null,44287,"최종승인",27783,"이미경",44291,301700,"(주)휠로피아","2021-04-01","2021-04-08",40,"EA",54000,1,2160000,40,2160000,44292,"결제",44293,0,null,2160000,44292,2160000,44292,"상신","결재완료",0,null,0]
[1102,1000074895,10,"물품구매 수부 /창원센터",2145600451,"의지상지 미관형의수 등 2종",10,"Z20010367","의지상지-미관형의수실리콘두손 (의지재료) (의지재료)","Z01",456,null,44288,"최종승인",6166,"김현종",44291,300508,"두손의수","2021-04-02","2021-04-09",2,"EA",230000,1,460000,2,460000,44292,"결제",44293,0,null,460000,44292,460000,44292,"상신","결재완료",0,null,0]
[1102,1000074895,20,"물품구매 수부 /창원센터",2145600451,"의지상지 미관형의수 등 2종",20,"Z20010372","의지상지-미관형의수지실리콘 (의지재료) (의지재료)","Z01",456,null,44288,"최종승인",6166,"김현종",44291,300508,"두손의수","2021-04-02","2021-04-09",1,"EA",65000,1,65000,1,65000,44292,"결제",44293,0,null,65000,44292,65000,44292,"상신","결재완료",0,null,0]
[1102,1000074901,10,"물품구매(조*순/유*선)",2145600449,"휠체어활동형",10,"Z20120643","휠체어활동형-U2/B","Z01",456,null,44288,"최종승인",26283,"유재선",44288,301882,"미키메디칼","2021-04-02","2021-04-09",1,"EA",1140000,1,1140000,1,1140000,44292,"결제",44293,0,null,1140000,44292,1140000,44292,"상신","결재완료",0,null,0]
[1102,1000074902,10,"물품구매(백*근/유*선)",2145600448,"일반형휠체어",10,"Z20120652","일반형휠체어-SMART-cpu(24D)우리체어메디칼","Z01",456,null,44288,"최종승인",26283,"유재선",44288,324470,"우리체어메디칼","2021-04-02","2021-04-09",1,"EA",450000,1,450000,1,450000,44292,"결제",44293,0,null,450000,44292,450000,44292,"상신","결재완료",0,null,0]
[1102,1000074903,10,"물품구매(박*희/유*선)",2145600447,"활동형휠체어 등 2종",10,"Z20011130","활동형휠체어 - 제니스-X (휠라인)","Z01",456,null,44288,"최종승인",26283,"유재선",44288,325857,"주식회사 엠코리아토탈서비스","2021-04-02","2021-04-09",1,"EA",1250000,1,1250000,1,1250000,44292,"결제",44293,0,null,1250000,44292,1250000,44292,"상신","결재완료",0,null,0]
[1102,1000074903,20,"물품구매(박*희/유*선)",2145600447,"활동형휠체어 등 2종",20,"Z20011224","휠체어수리 - 리베로 타이어 24인치 (엠코리아)","Z01",456,null,44288,"최종승인",26283,"유재선",44288,325857,"주식회사 엠코리아토탈서비스","2021-04-02","2021-04-09",2,"EA",54545,1,109090,2,109090,44292,"결제",44293,0,null,109090,44292,109090,44292,"상신","결재완료",0,null,0]
[1102,1000074905,10,"물품구매(박*홍/유*선)",2145600444,"활동형휠체어 등 2종",10,"Z20120641","활동형휠체어- 노바제로 A타입 (티오엠)","Z01",456,null,44288,"최종승인",26283,"유재선",44288,325322,"썬메디테크","2021-04-02","2021-04-09",1,"EA",950000,1,950000,1,950000,44292,"결제",44293,0,null,950000,44292,950000,44292,"상신","결재완료",0,null,0]
[1102,1000074905,20,"물품구매(박*홍/유*선)",2145600444,"활동형휠체어 등 2종",20,"Z20120420","휠체어수리-팔받이스타트오토복 (의지재료) (의지재료)","Z01",456,null,44288,"최종승인",26283,"유재선",44288,325322,"썬메디테크","2021-04-02","2021-04-09",2,"EA",26000,1,52000,2,52000,44292,"결제",44293,0,null,52000,44292,52000,44292,"상신","결재완료",0,null,0]
[1102,1000074906,10,"기타(밧데리/유*선)",2145600446,"휠체어수리 배터리 등 2종",10,"Z20120163","휠체어수리-배터리(12V,34Ah) (의지재료) (의지재료)","Z01",456,null,44288,"최종승인",26283,"유재선",44288,301700,"(주)휠로피아","2021-04-02","2021-04-09",2,"EA",65000,1,130000,2,130000,44292,"결제",44293,0,null,130000,44292,130000,44292,"상신","결재완료",0,null,0]
[1102,1000074906,20,"기타(밧데리/유*선)",2145600446,"휠체어수리 배터리 등 2종",20,"Z20120616","휠체어수리-배터리(12V62AH) (의지재료)","Z01",456,null,44288,"최종승인",26283,"유재선",44288,301700,"(주)휠로피아","2021-04-02","2021-04-09",2,"EA",105000,1,210000,2,210000,44292,"결제",44293,0,null,210000,44292,210000,44292,"상신","결재완료",0,null,0]
[1102,1000074907,10,"기타(알무늄 클러치/유*선)",2145600445,"소모품 알무늄클럿치",10,"Z20120017","소모품-알무늄클럿치대세(大,中,小) (의지재료) (의지재료)","Z01",456,null,44288,"최종승인",26283,"유재선",44288,306977,"(주)대세엠케어 경인지점 (인천)","2021-04-02","2021-04-09",10,"EA",13000,1,130000,10,130000,44292,"결제",44294,0,null,130000,44292,130000,44292,"상신","결재완료",0,null,0]
[1102,1000074922,10,"물품구매(미관형의수-박*섭)",2145600458,"의지상지 미관형의수",10,"Z20010367","의지상지-미관형의수실리콘두손 (의지재료) (의지재료)","Z01",456,null,44291,"최종승인",9144,"정창희",44292,300508,"두손의수","2021-04-05","2021-04-12",3,"EA",230000,1,690000,3,690000,44292,"결제",44294,0,null,690000,44292,690000,44292,"상신","결재완료",0,null,0]
[1102,1000074962,10,"물품구매(손의지-조*석 외 조*정)",2145600463,"의지상지 미관형의수 등 2종",10,"Z20010367","의지상지-미관형의수실리콘두손 (의지재료) (의지재료)","Z01",456,null,44292,"최종승인",11764,"조혜정",44293,300508,"두손의수","2021-04-06","2021-04-13",6,"EA",230000,1,1380000,6,1380000,44292,"결제",44294,0,null,1380000,44292,1380000,44292,"상신","결재완료",0,null,0]
[1102,1000074962,20,"물품구매(손의지-조*석 외 조*정)",2145600463,"의지상지 미관형의수 등 2종",20,"Z20010372","의지상지-미관형의수지실리콘 (의지재료) (의지재료)","Z01",456,null,44292,"최종승인",11764,"조혜정",44293,300508,"두손의수","2021-04-06","2021-04-13",2,"EA",65000,1,130000,2,130000,44292,"결제",44294,0,null,130000,44292,130000,44292,"상신","결재완료",0,null,0]
[1102,1500037600,10,"콤프레셔 수리",2145600457,"콤프레셔 수리",10,null,"PRESSURE SWITCH","Z06",456,null,44291,"최종승인",9144,"정창희",44292,327225,"(주) 경원기계","2021-04-05","2021-04-12",1,"개",45000,1,45000,1,45000,44292,"결제",44294,0,null,45000,44292,45000,44292,"상신","결재완료",45000,44295,45000,44295]
[1102,1500037600,20,"콤프레셔 수리",2145600457,"콤프레셔 수리",20,null,"CHECK VALVE","Z06",456,null,44291,"최종승인",9144,"정창희",44292,327225,"(주) 경원기계","2021-04-05","2021-04-12",1,"개",25000,1,25000,1,25000,44292,"결제",44294,0,null,25000,44292,25000,44292,"상신","결재완료",25000,44295,25000,44295]
[1102,1500037600,30,"콤프레셔 수리",2145600457,"콤프레셔 수리",30,null,"출장비","Z06",456,null,44291,"최종승인",9144,"정창희",44292,327225,"(주) 경원기계","2021-04-05","2021-04-12",1,"개",50000,1,50000,1,50000,44292,"결제",44294,0,null,50000,44292,50000,44292,"상신","결재완료",50000,44295,50000,44295]
[1102,1000074938,10,"물품구매(MS 오피스 1건/카드결제)",2145600480,"골유착임플란트/ms 오피스",10,"Z20050686","골유착임플란트(연구재료)","Z01",456,null,44315,"최종승인",11511,"이희태",44294,510538257,"골유착임플란트-8257","2021-04-05","2021-05-06",7,"EA",220000,1,1540000,7,1540000,44291,"결제",44302,0,null,1540000,44291,1540000,44291,"상신","결재완료",0,null,1540000,44312]
[1102,1300014068,10,"`21년4월방역소독",2145800014,"4월 방역소독",10,null,"`21년4월 방역소독","Z04",458,null,44287,"최종승인",28101,"김형국",44291,302071,"(주) 덕인환경","2021-04-01","2021-04-30",1,"식",180000,1,180000,1,180000,44291,"결제",44293,0,null,180000,44291,180000,44291,"상신","결재완료",180000,44295,180000,44295]
[1102,1000074771,10,"물품구매(Finger BevelGear Cover 외 부품 등 1건/ 세금계산서)",2145600439,"골유착임플란트/fimger bevelgear cover 등 부품",10,"Z20050686","골유착임플란트(연구재료)","Z01",456,null,44288,"최종승인",28673,"전경진",44286,305414,"(주)알앤디테크","2021-03-29","2021-04-10",2,"EA",368500,1,737000,2,737000,44288,"결제",44292,0,null,737000,44288,737000,44288,"상신","결재완료",0,null,737000,44295]
[1102,1000074874,10,"물품구매(매트-강*하)",2145600450,"욕창예방매트리스",10,"Z20130054","욕창예방매트리스-YB-1104A(영화의료기)","Z01",456,null,44288,"최종승인",9144,"정창희",44291,301174,"주식회사 영화의료기","2021-04-01","2021-04-09",1,"EA",317000,1,317000,1,317000,44288,"결제",44294,0,null,317000,44288,317000,44288,"상신","결재완료",0,null,0]
[1102,1000074453,10,"물품구매(휠체어 브레이크 등 1건/세금계산서)",2145600333,"스마트어시스트/휠체어 브레이크",10,"Z20050649","스마트어시스트(연구재료) (연구재료)","Z01",456,null,44337,"최종승인",28870,"오영찬",44270,322416,"미키풀리코리아 주식회사","2021-03-12","2021-05-28",10,"EA",52800,1,528000,10,528000,44287,"결제",44291,0,null,528000,44287,528000,44287,"상신","결재완료",0,null,528000,44295]
[1102,1000074708,10,"물품구매(슬링)",2145600434,"시험상용화/슬링",10,"Z20050036","홈리프트용 슬링 (연구재료) (연구재료)","Z01",456,null,44280,"최종승인",27783,"이미경",44284,300139,"(주)하우메디케어","2021-03-25","2021-04-01",40,"EA",80000,1,3200000,40,3200000,44287,"결제",44293,0,null,3200000,44287,3200000,44287,"상신","결재완료",0,null,0]
[1102,1000074455,10,"물품구매(욕창침대로봇패드용 인장인열 Spare Blade 100mm)",2145600330,"돌봄로봇평가/욕창침대로봇 패드용 인장인열",10,"Z20050814","돌봄로봇평가(연구재료)","Z01",456,null,44279,"최종승인",27377,"정성배",44270,319518,"한울","2021-03-15","2021-03-31",10,"EA",77000,1,770000,10,770000,44286,"결제",44287,0,null,770000,44286,770000,44286,"상신","결재완료",0,null,770000,44295]
[1102,1500037450,10,"태극기 및 공단기 구매",2145600442,"태극기 및 공단기 구매",10,null,"태극기(150*100)","Z06",456,null,44280,"최종승인",4964,"박혜선",44286,300012,"삼일사","2021-03-26","2021-04-02",5,"EA",20000,1,100000,5,100000,44286,"결제",44295,0,null,100000,44286,100000,44286,"상신","결재완료",100000,44298,100000,44298]
[1102,1500037450,20,"태극기 및 공단기 구매",2145600442,"태극기 및 공단기 구매",20,null,"공단기(150*100)","Z06",456,null,44280,"최종승인",4964,"박혜선",44286,300012,"삼일사","2021-03-26","2021-04-02",5,"EA",50000,1,250000,5,250000,44286,"결제",44295,0,null,250000,44286,250000,44286,"상신","결재완료",250000,44298,250000,44298]
[1102,1500037492,10,"물품구매(사무용품 등 1건/ 세금계산서)",2145600438,"골유착임플란트/사무용품 등 25종",10,null,"사무용품","Z06",456,null,44284,"최종승인",28673,"전경진",44286,327247,"드림디포 부평점","2021-03-29","2021-04-12",1,"SET",596500,1,596500,1,596500,44286,"결제",44294,0,null,596500,44286,596500,44286,"상신","결재완료",0,null,596500,44309]
[1102,1000074337,10,"물품구매(C-Leg)",2145600343,"시험상용화/c leg4",10,"Z20050960","인공무릎 C-LEG4","Z01",456,null,44294,"최종승인",27783,"이미경",44271,305386,"(주) 오토복코리아헬스케어","2021-03-08","2021-04-30",1,"EA",34000000,1,34000000,1,34000000,44285,"결제",44287,0,null,34000000,44285,34000000,44285,"상신","결재완료",34000000,44295,34000000,44295]
[1102,1000074714,10,"물품구매(미관형의수외1건)",2145600421,"의지상지 미관형의수 등 2종",10,"Z20010367","의지상지-미관형의수실리콘두손 (의지재료) (의지재료)","Z01",456,null,44281,"최종승인",6154,"김순종",44284,300508,"두손의수","2021-03-26","2021-04-02",3,"EA",230000,1,690000,3,690000,44285,"결제",44287,0,null,690000,44285,690000,44285,"상신","결재완료",690000,44315,690000,44315]
[1102,1000074714,20,"물품구매(미관형의수외1건)",2145600421,"의지상지 미관형의수 등 2종",20,"Z20010362","의지상지-미관형발족부레진 (의지재료) (의지재료)","Z01",456,null,44281,"최종승인",6154,"김순종",44284,300508,"두손의수","2021-03-26","2021-04-02",1,"EA",90000,1,90000,1,90000,44285,"결제",44287,0,null,90000,44285,90000,44285,"상신","결재완료",90000,44315,90000,44315]
[1102,1000074726,10,"물품구매(복*우)전*만",2145600437,"의지상지 미관형의수",10,"Z20010372","의지상지-미관형의수지실리콘 (의지재료) (의지재료)","Z01",456,null,44281,"최종승인",6160,"전영만",44285,300508,"두손의수","2021-03-26","2021-04-02",1,"EA",65000,1,65000,1,65000,44285,"결제",44291,0,null,65000,44285,65000,44285,"상신","결재완료",65000,44315,65000,44315]
[1102,1000074727,10,"물품구매 휠체어 진*환, 방석 차*호 /창원센터",2145600418,"전동형휠체어 등 2종",10,"Z20120674","전동형휠체어- 나래200,210 (썬메디테크)","Z01",456,null,44281,"최종승인",6166,"김현종",44284,324832,"주식회사 이레엠케어","2021-03-26","2021-04-02",1,"EA",1900000,1,1900000,1,1900000,44285,"결제",44286,0,null,1900000,44285,1900000,44285,"상신","결재완료",1900000,44315,1900000,44315]
[1102,1000074727,20,"물품구매 휠체어 진*환, 방석 차*호 /창원센터",2145600418,"전동형휠체어 등 2종",20,"Z20130023","욕창예방방석공기격자형-로호 (의지재료) (의지재료)","Z01",456,null,44281,"최종승인",6166,"김현종",44284,324832,"주식회사 이레엠케어","2021-03-26","2021-04-02",1,"EA",370000,1,370000,1,370000,44285,"결제",44286,0,null,370000,44285,370000,44285,"상신","결재완료",370000,44315,370000,44315]
[1102,1000074728,10,"물품구매 휠체어 정*덕 /창원센터",2145600417,"휠체어꺽기형",10,"Z20120055","휠체어꺽기형-미라지7일반형미키 (의지재료) (의지재료)","Z01",456,null,44281,"최종승인",6166,"김현종",44284,309507,"미키코리아(주)","2021-03-26","2021-04-02",1,"EA",440000,1,440000,1,440000,44285,"결제",44291,0,null,440000,44285,440000,44285,"상신","결재완료",440000,44315,440000,44315]
[1102,1000074733,10,"물품구매(서*덕-김*식/유*선)",2145600423,"휠체어꺽기형 등 3종",10,"Z20010641","휠체어-꺽기형미라지7 드럼브레이크(미키) (의지재료) (의지재료)","Z01",456,null,44281,"최종승인",26283,"유재선",44284,301882,"미키메디칼","2021-03-26","2021-04-02",1,"EA",490000,1,490000,1,490000,44285,"결제",44286,0,null,490000,44285,490000,44285,"상신","결재완료",490000,44315,490000,44315]
[1102,1000074733,20,"물품구매(서*덕-김*식/유*선)",2145600423,"휠체어꺽기형 등 3종",20,"Z20120628","침대형휠체어-HAL-48알루미늄드럼브레이크(미키코리아) (의지재료)","Z01",456,null,44281,"최종승인",26283,"유재선",44284,301882,"미키메디칼","2021-03-26","2021-04-02",1,"EA",740000,1,740000,1,740000,44285,"결제",44286,0,null,740000,44285,740000,44285,"상신","결재완료",740000,44315,740000,44315]
[1102,1000074733,30,"물품구매(서*덕-김*식/유*선)",2145600423,"휠체어꺽기형 등 3종",30,"Z20120435","휠체어수리-핸드림플라스틱미키(22,24in) (의지재료) (의지재료)","Z01",456,null,44281,"최종승인",26283,"유재선",44284,301882,"미키메디칼","2021-03-26","2021-04-02",10,"EA",15000,1,150000,10,150000,44285,"결제",44286,0,null,150000,44285,150000,44285,"상신","결재완료",150000,44315,150000,44315]
[1102,1000074734,10,"물품구매(이*석/유*선)",2145600424,"휠체어전동형 등 4종",10,"Z20120559","휠체어전동형 KP31 (휠로피아) (의지재료) (의지재료)","Z01",456,null,44281,"최종승인",26283,"유재선",44284,301700,"(주)휠로피아","2021-03-26","2021-04-02",1,"EA",1860000,1,1860000,1,1860000,44285,"결제",44286,0,null,1860000,44285,1860000,44285,"상신","결재완료",1860000,44315,1860000,44315]
[1102,1000074734,20,"물품구매(이*석/유*선)",2145600424,"휠체어전동형 등 4종",20,"Z20120393","휠체어수리-튜브일산활동형휠로피아(24,25in) (의지재료) (의지재료)","Z01",456,null,44281,"최종승인",26283,"유재선",44284,301700,"(주)휠로피아","2021-03-26","2021-04-02",50,"EA",4000,1,200000,50,200000,44285,"결제",44286,0,null,200000,44285,200000,44285,"상신","결재완료",200000,44315,200000,44315]
[1102,1000074734,30,"물품구매(이*석/유*선)",2145600424,"휠체어전동형 등 4종",30,"Z20120352","휠체어수리-타이어전동용에휠로피아(14in) (의지재료) (의지재료)","Z01",456,null,44281,"최종승인",26283,"유재선",44284,301700,"(주)휠로피아","2021-03-26","2021-04-02",2,"EA",18000,1,36000,2,36000,44285,"결제",44286,0,null,36000,44285,36000,44285,"상신","결재완료",36000,44315,36000,44315]
[1102,1000074734,40,"물품구매(이*석/유*선)",2145600424,"휠체어전동형 등 4종",40,"Z20120545","휠체어수리-휠체어타이어-전동용 9' 휠로피아 (의지재료) (의지재료)","Z01",456,null,44281,"최종승인",26283,"유재선",44284,301700,"(주)휠로피아","2021-03-26","2021-04-02",2,"EA",8000,1,16000,2,16000,44285,"결제",44286,0,null,16000,44285,16000,44285,"상신","결재완료",16000,44315,16000,44315]
[1102,1000074735,10,"물품구매(김*배/유*선)",2145600425,"활동형휠체어",10,"Z20011130","활동형휠체어 - 제니스-X (휠라인)","Z01",456,null,44281,"최종승인",26283,"유재선",44284,325857,"주식회사 엠코리아토탈서비스","2021-03-26","2021-04-02",1,"EA",1250000,1,1250000,1,1250000,44285,"결제",44286,0,null,1250000,44285,1250000,44285,"상신","결재완료",1250000,44315,1250000,44315]
[1102,1000074736,10,"물품구매(남*권/유*선)",2145600426,"일반형휠체어",10,"Z20120652","일반형휠체어-SMART-cpu(24D)우리체어메디칼","Z01",456,null,44281,"최종승인",26283,"유재선",44284,324470,"우리체어메디칼","2021-03-26","2021-04-02",1,"EA",450000,1,450000,1,450000,44285,"결제",44286,0,null,450000,44285,450000,44285,"상신","결재완료",450000,44315,450000,44315]
[1102,1000074737,10,"기타(워커, 시트)",2145600427,"소모품워커지그재그보행기 등 2종",10,"Z20120031","소모품-워커지그재그보행기대세 (의지재료) (의지재료)","Z01",456,null,44281,"최종승인",26283,"유재선",44284,306977,"(주)대세엠케어 경인지점 (인천)","2021-03-26","2021-04-02",2,"EA",25000,1,50000,2,50000,44285,"결제",44287,0,null,50000,44285,50000,44285,"상신","결재완료",50000,44315,50000,44315]
[1102,1000074737,20,"기타(워커, 시트)",2145600427,"소모품워커지그재그보행기 등 2종",20,"Z20120230","휠체어수리-시트대세(32-50cm) (의지재료) (의지재료)","Z01",456,null,44281,"최종승인",26283,"유재선",44284,306977,"(주)대세엠케어 경인지점 (인천)","2021-03-26","2021-04-02",5,"EA",19800,1,99000,5,99000,44285,"결제",44287,0,null,99000,44285,99000,44285,"상신","결재완료",99000,44315,99000,44315]
[1102,1000074738,10,"물품구매/미관형의수(실리콘)/박*근/이*환/노*표/임*교/안*희/서*렬/조*문",2145600420,"의지상지 미관형의수",10,"Z20010367","의지상지-미관형의수실리콘두손 (의지재료) (의지재료)","Z01",456,null,44281,"최종승인",6164,"조성문",44284,300508,"두손의수","2021-03-26","2021-04-02",6,"EA",230000,1,1380000,6,1380000,44285,"결제",44285,0,null,1380000,44285,1380000,44285,"상신","결재완료",1380000,44315,1380000,44315]
[1102,1000074739,10,"물품구매/락장식(대퇴,하퇴용)/회전테이블/조*문",2145600419,"의지하지 락장식 등 2종",10,"Z20010458","의지하지-락장식Bk(대퇴,하퇴겸용) (의지재료) (의지재료)","Z01",456,null,44281,"최종승인",6164,"조성문",44284,302514,"비케이메디텍","2021-03-26","2021-04-02",5,"EA",223000,1,1115000,5,1115000,44285,"결제",44285,0,null,1115000,44285,1115000,44285,"상신","결재완료",1115000,44315,1115000,44315]
[1102,1000074739,20,"물품구매/락장식(대퇴,하퇴용)/회전테이블/조*문",2145600419,"의지하지 락장식 등 2종",20,"Z20010461","의지하지-무릎회전장식Bk(국산) (의지재료) (의지재료)","Z01",456,null,44281,"최종승인",6164,"조성문",44284,302514,"비케이메디텍","2021-03-26","2021-04-02",3,"EA",226000,1,678000,3,678000,44285,"결제",44285,0,null,678000,44285,678000,44285,"상신","결재완료",678000,44315,678000,44315]
[1102,1000074753,10,"물품구매(윤*순-김*운/유*선)",2145600428,"전동형휠체어 등 2종",10,"Z20120674","전동형휠체어- 나래200,210 (썬메디테크)","Z01",456,null,44285,"최종승인",26283,"유재선",44284,325322,"썬메디테크","2021-03-29","2021-04-06",1,"EA",1900000,1,1900000,1,1900000,44285,"결제",44286,0,null,1900000,44285,1900000,44285,"상신","결재완료",1900000,44315,1900000,44315]
[1102,1000074753,20,"물품구매(윤*순-김*운/유*선)",2145600428,"전동형휠체어 등 2종",20,"Z20120641","활동형휠체어- 노바제로 A타입 (티오엠)","Z01",456,null,44285,"최종승인",26283,"유재선",44284,325322,"썬메디테크","2021-03-29","2021-04-06",1,"EA",950000,1,950000,1,950000,44285,"결제",44286,0,null,950000,44285,950000,44285,"상신","결재완료",950000,44315,950000,44315]
[1102,1000074755,10,"물품구매(휠체어-유*형)",2145600430,"휠체어꺽기형 등 5종",10,"Z20120054","휠체어꺽기형-미라지7분리형미키 (의지재료) (의지재료)","Z01",456,null,44285,"최종승인",9144,"정창희",44284,309507,"미키코리아(주)","2021-03-29","2021-04-06",1,"EA",540000,1,540000,1,540000,44285,"결제",44291,0,null,540000,44285,540000,44285,"상신","결재완료",540000,44315,540000,44315]
[1102,1000074755,20,"물품구매(휠체어-유*형)",2145600430,"휠체어꺽기형 등 5종",20,"Z20120055","휠체어꺽기형-미라지7일반형미키 (의지재료) (의지재료)","Z01",456,null,44285,"최종승인",9144,"정창희",44284,309507,"미키코리아(주)","2021-03-29","2021-04-06",1,"EA",440000,1,440000,1,440000,44285,"결제",44291,0,null,440000,44285,440000,44285,"상신","결재완료",440000,44315,440000,44315]
[1102,1000074755,30,"물품구매(휠체어-유*형)",2145600430,"휠체어꺽기형 등 5종",30,"Z20120367","휠체어수리-타이어활동형미키(24in) (의지재료) (의지재료)","Z01",456,null,44285,"최종승인",9144,"정창희",44284,309507,"미키코리아(주)","2021-03-29","2021-04-06",10,"EA",8000,1,80000,10,80000,44285,"결제",44291,0,null,80000,44285,80000,44285,"상신","결재완료",80000,44315,80000,44315]
[1102,1000074755,40,"물품구매(휠체어-유*형)",2145600430,"휠체어꺽기형 등 5종",40,"Z20120405","휠체어수리-튜브활동형미키(22,24in) (의지재료) (의지재료)","Z01",456,null,44285,"최종승인",9144,"정창희",44284,309507,"미키코리아(주)","2021-03-29","2021-04-06",10,"EA",6000,1,60000,10,60000,44285,"결제",44291,0,null,60000,44285,60000,44285,"상신","결재완료",60000,44315,60000,44315]
[1102,1000074755,50,"물품구매(휠체어-유*형)",2145600430,"휠체어꺽기형 등 5종",50,"Z20120260","휠체어수리-앞바퀴조립우레탄미키(6in) (의지재료) (의지재료)","Z01",456,null,44285,"최종승인",9144,"정창희",44284,309507,"미키코리아(주)","2021-03-29","2021-04-06",10,"EA",20000,1,200000,10,200000,44285,"결제",44291,0,null,200000,44285,200000,44285,"상신","결재완료",200000,44315,200000,44315]
[1102,1000074756,10,"물품구매(매트-정*호)",2145600431,"욕창예방매트리스",10,"Z20130015","욕창예방매트리스교대부양형-Md300(800x1800x100mm) (의지재","Z01",456,null,44285,"최종승인",9144,"정창희",44284,301766,"은혜메디칼","2021-03-29","2021-04-06",1,"EA",380000,1,380000,1,380000,44285,"결제",44286,0,null,380000,44285,380000,44285,"상신","결재완료",380000,44315,380000,44315]
[1102,1000074763,10,"물품구매(손의지-김*숙 외 조*정)",2145600429,"의지상지 미관형의수 등 2종",10,"Z20010367","의지상지-미관형의수실리콘두손 (의지재료) (의지재료)","Z01",456,null,44285,"최종승인",11764,"조혜정",44284,300508,"두손의수","2021-03-29","2021-04-06",2,"EA",230000,1,460000,2,460000,44285,"결제",44286,0,null,460000,44285,460000,44285,"상신","결재완료",460000,44315,460000,44315]
[1102,1000074763,20,"물품구매(손의지-김*숙 외 조*정)",2145600429,"의지상지 미관형의수 등 2종",20,"Z20010372","의지상지-미관형의수지실리콘 (의지재료) (의지재료)","Z01",456,null,44285,"최종승인",11764,"조혜정",44284,300508,"두손의수","2021-03-29","2021-04-06",2,"EA",65000,1,130000,2,130000,44285,"결제",44286,0,null,130000,44285,130000,44285,"상신","결재완료",130000,44315,130000,44315]
[1102,1500037482,10,"프린터 토너 구매(운영지원부)",2145600441,"프린터 토너 구매",10,null,"컬러프린터 토너(빨강) Q416dn","Z06",456,null,44284,"최종승인",4964,"박혜선",44286,321731,"주식회사 소명시스템","2021-03-30","2021-04-05",1,"EA",360000,1,360000,1,360000,44285,"결제",44295,0,null,360000,44285,360000,44285,"상신","결재완료",360000,44298,360000,44298]
[1102,1500037482,20,"프린터 토너 구매(운영지원부)",2145600441,"프린터 토너 구매",20,null,"컬러프린터 토너(검정) OKI-B431dn","Z06",456,null,44284,"최종승인",4964,"박혜선",44286,321731,"주식회사 소명시스템","2021-03-30","2021-04-05",2,"EA",100000,1,200000,2,200000,44285,"결제",44295,0,null,200000,44285,200000,44285,"상신","결재완료",200000,44298,200000,44298]
[1102,1000074412,10,"물품구매(베어 PCB A-type 등 3종)",2145600314,"돌봄로봇평가/베어 pcb a type 등 3종",10,"Z20050814","돌봄로봇평가(연구재료)","Z01",456,null,44288,"최종승인",26292,"오혜정",44267,303359,"주식회사 디엘테크","2021-03-10","2021-04-09",1,"EA",880000,1,880000,1,880000,44284,"결제",44291,0,null,880000,44284,880000,44284,"상신","결재완료",0,null,880000,44295]
[1102,1000074412,20,"물품구매(베어 PCB A-type 등 3종)",2145600314,"돌봄로봇평가/베어 pcb a type 등 3종",20,"Z20050814","돌봄로봇평가(연구재료)","Z01",456,null,44288,"최종승인",26292,"오혜정",44267,303359,"주식회사 디엘테크","2021-03-10","2021-04-09",1,"EA",880000,1,880000,1,880000,44284,"결제",44291,0,null,880000,44284,880000,44284,"상신","결재완료",0,null,880000,44295]
[1102,1000074412,30,"물품구매(베어 PCB A-type 등 3종)",2145600314,"돌봄로봇평가/베어 pcb a type 등 3종",30,"Z20050814","돌봄로봇평가(연구재료)","Z01",456,null,44288,"최종승인",26292,"오혜정",44267,303359,"주식회사 디엘테크","2021-03-10","2021-04-09",1,"EA",880000,1,880000,1,880000,44284,"결제",44291,0,null,880000,44284,880000,44284,"상신","결재완료",0,null,880000,44295]
[1102,1000074645,10,"물품구매(맞춤형 인솔)",2145600398,"시험상용화/맞춤형 인솔",10,"Z20050638","하지-맞춤형 인솔(연구재료) (연구재료)","Z01",456,null,44278,"최종승인",27783,"이미경",44279,301263,"성림교역","2021-03-23","2021-03-30",2,"EA",450000,1,900000,2,900000,44284,"결제",44286,0,null,900000,44284,900000,44284,"상신","결재완료",900000,44295,900000,44295]
[1102,1000074673,10,"물품구매(STM32F373VCH6/세금계산서)",2145600415,"로터리구동모듈/stm32f373vch6",10,"Z20050970","로터리 구동모듈","Z01",456,null,44288,"최종승인",27962,"김승기",44281,320291,"에스제이전자","2021-03-24","2021-04-09",80,"EA",14850,1,1188000,80,1188000,44284,"결제",44291,0,null,1188000,44284,1188000,44284,"상신","결재완료",0,null,1188000,44295]
[1102,1000074683,10,"물품구매(훅크)",2145600432,"시험상용화/jrs jaws hd prehensor",10,"Z20050230","상지-작업용의수(후크형) (연구재료)","Z01",456,null,44279,"최종승인",27783,"이미경",44284,301263,"성림교역","2021-03-25","2021-03-31",2,"EA",2700000,1,5400000,2,5400000,44284,"결제",44286,0,null,5400000,44284,5400000,44284,"상신","결재완료",5400000,44295,5400000,44295]
[1102,1000074685,10,"물품구매(오딧세이외)",2145600433,"시험상용화/오딧세이 등 6종",10,"Z20050835","하지-직무형인공발(오딧세이 K3)(연구재료)","Z01",456,null,44279,"최종승인",27783,"이미경",44284,301263,"성림교역","2021-03-25","2021-03-31",2,"EA",2990000,1,5980000,2,5980000,44284,"결제",44286,0,null,5980000,44284,5980000,44284,"상신","결재완료",5980000,44295,5980000,44295]
[1102,1000074685,20,"물품구매(오딧세이외)",2145600433,"시험상용화/오딧세이 등 6종",20,"Z20050138","하지-프리덤 하이렌더풋 (연구재료)","Z01",456,null,44279,"최종승인",27783,"이미경",44284,301263,"성림교역","2021-03-25","2021-03-31",1,"EA",1790000,1,1790000,1,1790000,44284,"결제",44286,0,null,1790000,44284,1790000,44284,"상신","결재완료",1790000,44295,1790000,44295]
[1102,1000074685,30,"물품구매(오딧세이외)",2145600433,"시험상용화/오딧세이 등 6종",30,"Z20050646","하지-오목로테이팅클램프(연구재료) (연구재료)","Z01",456,null,44279,"최종승인",27783,"이미경",44284,301263,"성림교역","2021-03-25","2021-03-31",1,"EA",75000,1,75000,1,75000,44284,"결제",44286,0,null,75000,44284,75000,44284,"상신","결재완료",75000,44295,75000,44295]
[1102,1000074685,40,"물품구매(오딧세이외)",2145600433,"시험상용화/오딧세이 등 6종",40,"Z20050647","상지-오목형로테이팅스텐(연구재료) (연구재료)","Z01",456,null,44279,"최종승인",27783,"이미경",44284,301263,"성림교역","2021-03-25","2021-03-31",1,"EA",45000,1,45000,1,45000,44284,"결제",44286,0,null,45000,44284,45000,44284,"상신","결재완료",45000,44295,45000,44295]
[1102,1000074685,50,"물품구매(오딧세이외)",2145600433,"시험상용화/오딧세이 등 6종",50,"Z20050077","상지-호스머 신경줄 세트 (연구재료) (연구재료)","Z01",456,null,44279,"최종승인",27783,"이미경",44284,301263,"성림교역","2021-03-25","2021-03-31",1,"EA",95000,1,95000,1,95000,44284,"결제",44286,0,null,95000,44284,95000,44284,"상신","결재완료",95000,44295,95000,44295]
[1102,1000074685,60,"물품구매(오딧세이외)",2145600433,"시험상용화/오딧세이 등 6종",60,"Z20050029","미관형 의수(성림) (연구재료) (연구재료)","Z01",456,null,44279,"최종승인",27783,"이미경",44284,301263,"성림교역","2021-03-25","2021-03-31",3,"EA",230000,1,690000,3,690000,44284,"결제",44286,0,null,690000,44284,690000,44284,"상신","결재완료",690000,44295,690000,44295]
[1102,1000074783,10,"물품구매(미관형의수-김*수)",2145600436,"의지상지 미관형의수 등 11종",10,"Z20010368","의지상지-미관형의수실리콘리갈(외산) (의지재료) (의지재료)","Z01",456,null,44285,"최종승인",9144,"정창희",44285,301263,"성림교역","2021-03-29","2021-04-06",2,"EA",230000,1,460000,2,460000,44284,"결제",44286,0,null,460000,44284,460000,44284,"상신","결재완료",460000,44315,460000,44315]
[1102,1000074783,20,"물품구매(미관형의수-김*수)",2145600436,"의지상지 미관형의수 등 11종",20,"Z20010075","의지하지-클램프알미늄(알미늄) (의지재료) (의지재료)","Z01",456,null,44285,"최종승인",9144,"정창희",44285,301263,"성림교역","2021-03-29","2021-04-06",15,"EA",39000,1,585000,15,585000,44284,"결제",44286,0,null,585000,44284,585000,44284,"상신","결재완료",585000,44315,585000,44315]
[1102,1000074783,30,"물품구매(미관형의수-김*수)",2145600436,"의지상지 미관형의수 등 11종",30,"Z20010555","의지하지-폼카바대퇴용대만(대만산) (의지재료) (의지재료)","Z01",456,null,44285,"최종승인",9144,"정창희",44285,301263,"성림교역","2021-03-29","2021-04-06",15,"EA",89000,1,1335000,15,1335000,44284,"결제",44286,0,null,1335000,44284,1335000,44284,"상신","결재완료",1335000,44315,1335000,44315]
[1102,1000074783,40,"물품구매(미관형의수-김*수)",2145600436,"의지상지 미관형의수 등 11종",40,"Z20010424","의지하지-단축발알미늄세트(중국산) (의지재료) (의지재료)","Z01",456,null,44285,"최종승인",9144,"정창희",44285,301263,"성림교역","2021-03-29","2021-04-06",2,"EA",162000,1,324000,2,324000,44284,"결제",44286,0,null,324000,44284,324000,44284,"상신","결재완료",324000,44315,324000,44315]
[1102,1000074783,50,"물품구매(미관형의수-김*수)",2145600436,"의지상지 미관형의수 등 11종",50,"Z20010486","의지하지-발족부외피카바프리덤 (의지재료) (의지재료)","Z01",456,null,44285,"최종승인",9144,"정창희",44285,301263,"성림교역","2021-03-29","2021-04-06",2,"EA",160000,1,320000,2,320000,44284,"결제",44286,0,null,320000,44284,320000,44284,"상신","결재완료",320000,44315,320000,44315]
[1102,1000074783,60,"물품구매(미관형의수-김*수)",2145600436,"의지상지 미관형의수 등 11종",60,"Z20010457","의지하지-락장식필라우더 (의지재료) (의지재료)","Z01",456,null,44285,"최종승인",9144,"정창희",44285,301263,"성림교역","2021-03-29","2021-04-06",5,"EA",155000,1,775000,5,775000,44284,"결제",44286,0,null,775000,44284,775000,44284,"상신","결재완료",775000,44315,775000,44315]
[1102,1000074783,70,"물품구매(미관형의수-김*수)",2145600436,"의지상지 미관형의수 등 11종",70,"Z20010558","의지하지-피라미드 (의지재료) (의지재료)","Z01",456,null,44285,"최종승인",9144,"정창희",44285,301263,"성림교역","2021-03-29","2021-04-06",5,"EA",30000,1,150000,5,150000,44284,"결제",44286,0,null,150000,44284,150000,44284,"상신","결재완료",150000,44315,150000,44315]
[1102,1000074783,80,"물품구매(미관형의수-김*수)",2145600436,"의지상지 미관형의수 등 11종",80,"Z20011287","의자하지-니트라이트 고관절 벨트","Z01",456,null,44285,"최종승인",9144,"정창희",44285,301263,"성림교역","2021-03-29","2021-04-06",2,"EA",120000,1,240000,2,240000,44284,"결제",44286,0,null,240000,44284,240000,44284,"상신","결재완료",240000,44315,240000,44315]
[1102,1000074783,90,"물품구매(미관형의수-김*수)",2145600436,"의지상지 미관형의수 등 11종",90,"Z20010450","의지하지-디지탈컵(외산) (의지재료) (의지재료)","Z01",456,null,44285,"최종승인",9144,"정창희",44285,301263,"성림교역","2021-03-29","2021-04-06",1,"EA",110000,1,110000,1,110000,44284,"결제",44286,0,null,110000,44284,110000,44284,"상신","결재완료",110000,44315,110000,44315]
[1102,1000074783,100,"물품구매(미관형의수-김*수)",2145600436,"의지상지 미관형의수 등 11종",100,"Z20010526","의지하지-실리콘싹스이지락킹(미국산) (의지재료) (의지재료)","Z01",456,null,44285,"최종승인",9144,"정창희",44285,301263,"성림교역","2021-03-29","2021-04-06",4,"EA",330000,1,1320000,4,1320000,44284,"결제",44286,0,null,1320000,44284,1320000,44284,"상신","결재완료",1320000,44315,1320000,44315]
[1102,1000074783,110,"물품구매(미관형의수-김*수)",2145600436,"의지상지 미관형의수 등 11종",110,"Z20010569","의지하지-흡입밸브(외산) (의지재료) (의지재료)","Z01",456,null,44285,"최종승인",9144,"정창희",44285,301263,"성림교역","2021-03-29","2021-04-06",5,"EA",15000,1,75000,5,75000,44284,"결제",44286,0,null,75000,44284,75000,44284,"상신","결재완료",75000,44315,75000,44315]
[1102,1000074784,10,"물품구매(슬리브-김*운)",2145600435,"의지하지 더마 프로플렉스슬리브 등 7종",10,"Z20010935","의지하지-더마 프로플렉스 슬리브(453A4)(오토복) (의지재료)","Z01",456,null,44285,"최종승인",9144,"정창희",44285,305386,"(주) 오토복코리아헬스케어","2021-03-29","2021-04-06",1,"EA",130000,1,130000,1,130000,44284,"결제",44286,0,null,130000,44284,130000,44284,"상신","결재완료",130000,44315,130000,44315]
[1102,1000074784,20,"물품구매(슬리브-김*운)",2145600435,"의지하지 더마 프로플렉스슬리브 등 7종",20,"Z20011072","의지상지-근전전동의수내피(독일산)","Z01",456,null,44285,"최종승인",9144,"정창희",44285,305386,"(주) 오토복코리아헬스케어","2021-03-29","2021-04-06",2,"EA",126000,1,252000,2,252000,44284,"결제",44286,0,null,252000,44284,252000,44284,"상신","결재완료",252000,44315,252000,44315]
[1102,1000074784,30,"물품구매(슬리브-김*운)",2145600435,"의지하지 더마 프로플렉스슬리브 등 7종",30,"Z20010545","의지하지-실리콘싹스향균젤라이너하퇴용(독일산) (의지재료) (의지재료)","Z01",456,null,44285,"최종승인",9144,"정창희",44285,305386,"(주) 오토복코리아헬스케어","2021-03-29","2021-04-06",1,"EA",235000,1,235000,1,235000,44284,"결제",44286,0,null,235000,44284,235000,44284,"상신","결재완료",235000,44315,235000,44315]
[1102,1000074784,40,"물품구매(슬리브-김*운)",2145600435,"의지하지 더마 프로플렉스슬리브 등 7종",40,"Z20010369","의지상지-미관형의수전자글러브레진(외산) (의지재료) (의지재료)","Z01",456,null,44285,"최종승인",9144,"정창희",44285,305386,"(주) 오토복코리아헬스케어","2021-03-29","2021-04-06",2,"EA",162000,1,324000,2,324000,44284,"결제",44286,0,null,324000,44284,324000,44284,"상신","결재완료",324000,44315,324000,44315]
[1102,1000074784,50,"물품구매(슬리브-김*운)",2145600435,"의지하지 더마 프로플렉스슬리브 등 7종",50,"Z20010422","의지하지-단축발발목장식알루미늄포함셋트(독일산) (의지재료) (의지재료)","Z01",456,null,44285,"최종승인",9144,"정창희",44285,305386,"(주) 오토복코리아헬스케어","2021-03-29","2021-04-06",1,"EA",176000,1,176000,1,176000,44284,"결제",44286,0,null,176000,44284,176000,44284,"상신","결재완료",176000,44315,176000,44315]
[1102,1000074784,60,"물품구매(슬리브-김*운)",2145600435,"의지하지 더마 프로플렉스슬리브 등 7종",60,"Z20130024","욕창예방방석공기격자형-커트로 (의지재료) (의지재료)","Z01",456,null,44285,"최종승인",9144,"정창희",44285,305386,"(주) 오토복코리아헬스케어","2021-03-29","2021-04-06",2,"EA",370000,1,740000,2,740000,44284,"결제",44286,0,null,740000,44284,740000,44284,"상신","결재완료",740000,44315,740000,44315]
[1102,1000074784,70,"물품구매(슬리브-김*운)",2145600435,"의지하지 더마 프로플렉스슬리브 등 7종",70,"Z20130003","욕창예방매트리스공기격자형-커트로(860x2040x89mm) (의지재료)","Z01",456,null,44285,"최종승인",9144,"정창희",44285,305386,"(주) 오토복코리아헬스케어","2021-03-29","2021-04-06",1,"EA",1650000,1,1650000,1,1650000,44284,"결제",44286,0,null,1650000,44284,1650000,44284,"상신","결재완료",1650000,44315,1650000,44315]
[1102,1000074359,10,"물품구매(욕창침대로봇 패드용 인장시료 컷팅지그 35mm 등 2종)",2145600311,"돌봄로봇평가/욕창침대로봇 패드용 인장시료컷팅지그 등 2종",10,"Z20050814","돌봄로봇평가(연구재료)","Z01",456,null,44274,"최종승인",27377,"정성배",44266,319518,"한울","2021-03-09","2021-03-26",1,"EA",440000,1,440000,1,440000,44281,"결제",44284,0,null,440000,44281,440000,44281,"상신","결재완료",0,null,440000,44295]
[1102,1000074359,20,"물품구매(욕창침대로봇 패드용 인장시료 컷팅지그 35mm 등 2종)",2145600311,"돌봄로봇평가/욕창침대로봇 패드용 인장시료컷팅지그 등 2종",20,"Z20050814","돌봄로봇평가(연구재료)","Z01",456,null,44274,"최종승인",27377,"정성배",44266,319518,"한울","2021-03-09","2021-03-26",1,"EA",440000,1,440000,1,440000,44281,"결제",44284,0,null,440000,44281,440000,44281,"상신","결재완료",0,null,440000,44295]
[1102,1000074361,10,"물품구매(Ketron HPV PEEK 등 2건/세금계산서)",2145600308,"스마트소켓/ketron hpv peek 등 2종",10,"Z20050607","스마트소켓(연구재료) (연구재료)","Z01",456,null,44277,"최종승인",26891,"박진국",44265,324705,"주식회사 신성텍","2021-03-08","2021-03-27",3,"EA",220000,1,660000,3,660000,44281,"결제",44284,0,null,660000,44281,660000,44281,"상신","결재완료",0,null,660000,44295]
[1102,1000074361,20,"물품구매(Ketron HPV PEEK 등 2건/세금계산서)",2145600308,"스마트소켓/ketron hpv peek 등 2종",20,"Z20050607","스마트소켓(연구재료) (연구재료)","Z01",456,null,44277,"최종승인",26891,"박진국",44265,324705,"주식회사 신성텍","2021-03-08","2021-03-27",10,"EA",33000,1,330000,10,330000,44281,"결제",44284,0,null,330000,44281,330000,44281,"상신","결재완료",0,null,330000,44295]
[1102,1000074528,10,"물품구매(Noise_Free_EMG_Sensor/세금계산서)",2145600407,"스마트소켓/noise free emg senor",10,"Z20050607","스마트소켓(연구재료) (연구재료)","Z01",456,null,44288,"최종승인",27962,"김승기",44280,303359,"주식회사 디엘테크","2021-03-17","2021-04-09",40,"EA",71500,1,2860000,40,2860000,44281,"결제",44291,0,null,2860000,44281,2860000,44281,"상신","결재완료",0,null,2860000,44295]
[1102,1000074620,10,"물품구매(상지의지-이*복/유*종)",2145600387,"의지상지 전자의수",10,"Z20010405","의지상지-전자의수Bk(국산) (의지재료) (의지재료)","Z01",456,null,44277,"최종승인",8664,"유효종",44278,302514,"비케이메디텍","2021-03-22","2021-03-29",1,"EA",2685000,1,2685000,1,2685000,44281,"결제",44281,0,null,2685000,44281,2685000,44281,"상신","결재완료",2685000,44315,2685000,44315]
[1102,1000074627,10,"물품구매(상박키트외2종)",2145600388,"의지상지 미관형의수 등 3종",10,"Z20010369","의지상지-미관형의수전자글러브레진(외산) (의지재료) (의지재료)","Z01",456,null,44278,"최종승인",6154,"김순종",44279,305386,"(주) 오토복코리아헬스케어","2021-03-23","2021-03-30",1,"EA",162000,1,162000,1,162000,44281,"결제",44287,0,null,162000,44281,162000,44281,"상신","결재완료",162000,44315,162000,44315]
[1102,1000074627,20,"물품구매(상박키트외2종)",2145600388,"의지상지 미관형의수 등 3종",20,"Z20010377","의지상지-상박관절장식키트형(외산) (의지재료) (의지재료)","Z01",456,null,44278,"최종승인",6154,"김순종",44279,305386,"(주) 오토복코리아헬스케어","2021-03-23","2021-03-30",1,"EA",275000,1,275000,1,275000,44281,"결제",44287,0,null,275000,44281,275000,44281,"상신","결재완료",275000,44315,275000,44315]
[1102,1000074627,30,"물품구매(상박키트외2종)",2145600388,"의지상지 미관형의수 등 3종",30,"Z20010527","의지하지-실리콘싹스젤라이너(외산) (의지재료) (의지재료)","Z01",456,null,44278,"최종승인",6154,"김순종",44279,305386,"(주) 오토복코리아헬스케어","2021-03-23","2021-03-30",2,"EA",180000,1,360000,2,360000,44281,"결제",44287,0,null,360000,44281,360000,44281,"상신","결재완료",360000,44315,360000,44315]
[1102,1000074628,10,"물푸구매(실리콘싹스)",2145600389,"의지하지 실리콘싹스 등 2종",10,"Z20010582","의지하지-실리콘싹스X5씰린하퇴용(미국산) (의지재료) (의지재료)","Z01",456,null,44278,"최종승인",6154,"김순종",44279,301434,"오서코리아주식회사","2021-03-23","2021-03-30",1,"EA",398000,1,398000,1,398000,44281,"결제",44287,0,null,398000,44281,398000,44281,"상신","결재완료",398000,44315,398000,44315]
[1102,1000074628,20,"물푸구매(실리콘싹스)",2145600389,"의지하지 실리콘싹스 등 2종",20,"Z20010532","의지하지-실리콘싹스컴포트하퇴용(외산) (의지재료) (의지재료)","Z01",456,null,44278,"최종승인",6154,"김순종",44279,301434,"오서코리아주식회사","2021-03-23","2021-03-30",2,"EA",335000,1,670000,2,670000,44281,"결제",44287,0,null,670000,44281,670000,44281,"상신","결재완료",670000,44315,670000,44315]
[1102,1000074629,10,"물푸구매(리갈의수외2종)",2145600390,"의지상지 미관형의수 등 3종",10,"Z20010368","의지상지-미관형의수실리콘리갈(외산) (의지재료) (의지재료)","Z01",456,null,44278,"최종승인",6154,"김순종",44279,301263,"성림교역","2021-03-23","2021-03-30",1,"EA",230000,1,230000,1,230000,44281,"결제",44287,0,null,230000,44281,230000,44281,"상신","결재완료",230000,44315,230000,44315]
[1102,1000074629,20,"물푸구매(리갈의수외2종)",2145600390,"의지상지 미관형의수 등 3종",20,"Z20010611","보조기하지-CEPA (의지재료) (의지재료)","Z01",456,null,44278,"최종승인",6154,"김순종",44279,301263,"성림교역","2021-03-23","2021-03-30",1,"EA",80000,1,80000,1,80000,44281,"결제",44287,0,null,80000,44281,80000,44281,"상신","결재완료",80000,44315,80000,44315]
[1102,1000074629,30,"물푸구매(리갈의수외2종)",2145600390,"의지상지 미관형의수 등 3종",30,"Z20010555","의지하지-폼카바대퇴용대만(대만산) (의지재료) (의지재료)","Z01",456,null,44278,"최종승인",6154,"김순종",44279,301263,"성림교역","2021-03-23","2021-03-30",8,"EA",89000,1,712000,8,712000,44281,"결제",44287,0,null,712000,44281,712000,44281,"상신","결재완료",712000,44315,712000,44315]
[1102,1000074630,10,"물품구매(베터리외1종)",2145600391,"휠체어수리 배터리 등 2종",10,"Z20120166","휠체어수리-배터리(12V,60Ah) (의지재료) (의지재료)","Z01",456,null,44278,"최종승인",6154,"김순종",44279,301700,"(주)휠로피아","2021-03-23","2021-03-30",2,"EA",105000,1,210000,2,210000,44281,"결제",44287,0,null,210000,44281,210000,44281,"상신","결재완료",210000,44315,210000,44315]
[1102,1000074630,20,"물품구매(베터리외1종)",2145600391,"휠체어수리 배터리 등 2종",20,"Z20120392","휠체어수리-튜브일반형휠로피아(24x13/8in) (의지재료) (의지재료)","Z01",456,null,44278,"최종승인",6154,"김순종",44279,301700,"(주)휠로피아","2021-03-23","2021-03-30",40,"EA",4400,1,176000,40,176000,44281,"결제",44287,0,null,176000,44281,176000,44281,"상신","결재완료",176000,44315,176000,44315]
[1102,1000074637,10,"물품구매(배터리팩2종 1건/세금계산서)",2145600408,"모듈형휠체어/배터리팩 2종",10,"Z20050916","모듈형휠체어","Z01",456,null,44288,"최종승인",6363,"홍응표",44280,328876,"주식회사 씨티엔에스","2021-03-22","2021-04-10",1,"EA",1903000,1,1903000,1,1903000,44281,"결제",44285,0,null,1903000,44281,1903000,44281,"상신","결재완료",0,null,1903000,44295]
[1102,1000074651,10,"물품구매(휠체어미라지7 외1종)",2145600392,"휠체어꺽기형 등 2종",10,"Z20120055","휠체어꺽기형-미라지7일반형미키 (의지재료) (의지재료)","Z01",456,null,44278,"최종승인",6154,"김순종",44279,301882,"미키메디칼","2021-03-23","2021-03-30",2,"EA",440000,1,880000,2,880000,44281,"결제",44287,0,null,880000,44281,880000,44281,"상신","결재완료",880000,44315,880000,44315]
[1102,1000074651,20,"물품구매(휠체어미라지7 외1종)",2145600392,"휠체어꺽기형 등 2종",20,"Z20010640","휠체어-침대형 HAL-48알루미늄(미키) (의지재료) (의지재료)","Z01",456,null,44278,"최종승인",6154,"김순종",44279,301882,"미키메디칼","2021-03-23","2021-03-30",4,"EA",740000,1,2960000,4,2960000,44281,"결제",44287,0,null,2960000,44281,2960000,44281,"상신","결재완료",2960000,44315,2960000,44315]
[1102,1000074657,10,"물품구매(상지의지-김*태/유*종)",2145600395,"의지상지 미관형의수",10,"Z20010369","의지상지-미관형의수전자글러브레진(외산) (의지재료) (의지재료)","Z01",456,null,44279,"최종승인",8664,"유효종",44279,305386,"(주) 오토복코리아헬스케어","2021-03-24","2021-03-31",3,"EA",162000,1,486000,3,486000,44281,"결제",44281,0,null,486000,44281,486000,44281,"상신","결재완료",486000,44315,486000,44315]
[1102,1000074658,10,"물품구매(함*식,전*준,홍*철)전*만",2145600404,"의지상지 미관형의수 등 4종",10,"Z20010368","의지상지-미관형의수실리콘리갈(외산) (의지재료) (의지재료)","Z01",456,null,44279,"최종승인",6160,"전영만",44280,301263,"성림교역","2021-03-24","2021-03-31",1,"EA",230000,1,230000,1,230000,44281,"결제",44286,0,null,230000,44281,230000,44281,"상신","결재완료",230000,44315,230000,44315]
[1102,1000074658,20,"물품구매(함*식,전*준,홍*철)전*만",2145600404,"의지상지 미관형의수 등 4종",20,"Z20010397","의지상지-작업의수후크알미늄호스머(미국산) (의지재료) (의지재료)","Z01",456,null,44279,"최종승인",6160,"전영만",44280,301263,"성림교역","2021-03-24","2021-03-31",1,"EA",520000,1,520000,1,520000,44281,"결제",44286,0,null,520000,44281,520000,44281,"상신","결재완료",520000,44315,520000,44315]
[1102,1000074658,30,"물품구매(함*식,전*준,홍*철)전*만",2145600404,"의지상지 미관형의수 등 4종",30,"Z20010379","의지상지-상박신경줄호스머(호스머) (의지재료) (의지재료)","Z01",456,null,44279,"최종승인",6160,"전영만",44280,301263,"성림교역","2021-03-24","2021-03-31",1,"EA",95000,1,95000,1,95000,44281,"결제",44286,0,null,95000,44281,95000,44281,"상신","결재완료",95000,44315,95000,44315]
[1102,1000074658,40,"물품구매(함*식,전*준,홍*철)전*만",2145600404,"의지상지 미관형의수 등 4종",40,"Z20010526","의지하지-실리콘싹스이지락킹(미국산) (의지재료) (의지재료)","Z01",456,null,44279,"최종승인",6160,"전영만",44280,301263,"성림교역","2021-03-24","2021-03-31",1,"EA",330000,1,330000,1,330000,44281,"결제",44286,0,null,330000,44281,330000,44281,"상신","결재완료",330000,44315,330000,44315]
[1102,1000074659,10,"물품구매(의지재료)",2145600403,"소모품 면장갑 등 3종",10,"Z20010136","소모품-면장갑(작업용) (의지재료) (의지재료)","Z01",456,null,44279,"최종승인",6160,"전영만",44280,301148,"신성메디칼","2021-03-24","2021-03-31",10,"EA",2000,1,20000,10,20000,44281,"결제",44286,0,null,20000,44281,20000,44281,"상신","결재완료",20000,44315,20000,44315]
[1102,1000074659,20,"물품구매(의지재료)",2145600403,"소모품 면장갑 등 3종",20,"Z20010171","소모품-석고붕대(15cm) (의지재료) (의지재료)","Z01",456,null,44279,"최종승인",6160,"전영만",44280,301148,"신성메디칼","2021-03-24","2021-03-31",72,"EA",3500,1,252000,72,252000,44281,"결제",44286,0,null,252000,44281,252000,44281,"상신","결재완료",252000,44315,252000,44315]
[1102,1000074659,30,"물품구매(의지재료)",2145600403,"소모품 면장갑 등 3종",30,"Z20010233","소모품-양면테이프(2mm) (의지재료) (의지재료)","Z01",456,null,44279,"최종승인",6160,"전영만",44280,301148,"신성메디칼","2021-03-24","2021-03-31",10,"EA",6000,1,60000,10,60000,44281,"결제",44286,0,null,60000,44281,60000,44281,"상신","결재완료",60000,44315,60000,44315]
[1102,1000074660,10,"물품구매(태백중앙병원)전*만",2145600402,"보조기척추 필라델피아",10,"Z20010034","보조기척추-필라델피아 (의지재료) (의지재료)","Z01",456,null,44279,"최종승인",6160,"전영만",44280,301641,"솜리통상(이*)","2021-03-24","2021-03-31",5,"EA",16363,1,81815,5,81815,44281,"결제",44286,0,null,81815,44281,81815,44281,"상신","결재완료",81815,44315,81815,44315]
[1102,1000074663,10,"물품구매-의지하지/임*은",2145600406,"의지하지 대퇴무릎장식 등 2종",10,"Z20010446","의지하지-대퇴무릎장식Bk인공지능(인공지능) (의지재료) (의지재료)","Z01",456,null,44279,"최종승인",9620,"임성은",44280,302514,"비케이메디텍","2021-03-24","2021-03-31",1,"EA",2484000,1,2484000,1,2484000,44281,"결제",44284,0,null,2484000,44281,2484000,44281,"상신","결재완료",2484000,44315,2484000,44315]
[1102,1000074663,20,"물품구매-의지하지/임*은",2145600406,"의지하지 대퇴무릎장식 등 2종",20,"Z20010494","의지하지-발Bk(국산) (의지재료) (의지재료)","Z01",456,null,44279,"최종승인",9620,"임성은",44280,302514,"비케이메디텍","2021-03-24","2021-03-31",4,"EA",188000,1,752000,4,752000,44281,"결제",44284,0,null,752000,44281,752000,44281,"상신","결재완료",752000,44315,752000,44315]
[1102,1000074671,10,"물품구매(빅*영,김*옥,최*희)전*만",2145600401,"보조기척추 등 4종",10,"Z20010968","보조기척추-OT CORSET (의지재료)","Z01",456,null,44279,"최종승인",6160,"전영만",44280,322758,"오르텍주식회사","2021-03-24","2021-03-31",1,"EA",35000,1,35000,1,35000,44281,"결제",44286,0,null,35000,44281,35000,44281,"상신","결재완료",35000,44315,35000,44315]
[1102,1000074671,20,"물품구매(빅*영,김*옥,최*희)전*만",2145600401,"보조기척추 등 4종",20,"Z20010967","보조기척추-OT TLSO 몰딩 (의지재료)","Z01",456,null,44279,"최종승인",6160,"전영만",44280,322758,"오르텍주식회사","2021-03-24","2021-03-31",2,"EA",80000,1,160000,2,160000,44281,"결제",44286,0,null,160000,44281,160000,44281,"상신","결재완료",160000,44315,160000,44315]
[1102,1000074671,30,"물품구매(빅*영,김*옥,최*희)전*만",2145600401,"보조기척추 등 4종",30,"Z20010038","보조기하지-각도조절돈조이(大,中,小) (의지재료) (의지재료)","Z01",456,null,44279,"최종승인",6160,"전영만",44280,322758,"오르텍주식회사","2021-03-24","2021-03-31",1,"EA",45000,1,45000,1,45000,44281,"결제",44286,0,null,45000,44281,45000,44281,"상신","결재완료",45000,44315,45000,44315]
[1102,1000074671,40,"물품구매(빅*영,김*옥,최*희)전*만",2145600401,"보조기척추 등 4종",40,"Z20010041","보조기하지-내측측부인대 (의지재료) (의지재료)","Z01",456,null,44279,"최종승인",6160,"전영만",44280,322758,"오르텍주식회사","2021-03-24","2021-03-31",1,"EA",32000,1,32000,1,32000,44281,"결제",44286,0,null,32000,44281,32000,44281,"상신","결재완료",32000,44315,32000,44315]
[1102,1000074672,10,"물품구매(상지의지-김*태/유*종)",2145600396,"의지상지 전자의수",10,"Z20010405","의지상지-전자의수Bk(국산) (의지재료) (의지재료)","Z01",456,null,44279,"최종승인",8664,"유효종",44279,302514,"비케이메디텍","2021-03-24","2021-03-31",2,"EA",2685000,1,5370000,2,5370000,44281,"결제",44281,0,null,5370000,44281,5370000,44281,"상신","결재완료",5370000,44315,5370000,44315]
[1102,1000074675,10,"물품구매(의지재료)전*만",2145600400,"의지하지 락장식 등 3종",10,"Z20010458","의지하지-락장식Bk(대퇴,하퇴겸용) (의지재료) (의지재료)","Z01",456,null,44279,"최종승인",6160,"전영만",44280,302514,"비케이메디텍","2021-03-24","2021-03-31",5,"EA",223000,1,1115000,5,1115000,44281,"결제",44286,0,null,1115000,44281,1115000,44281,"상신","결재완료",1115000,44315,1115000,44315]
[1102,1000074675,20,"물품구매(의지재료)전*만",2145600400,"의지하지 락장식 등 3종",20,"Z20010461","의지하지-무릎회전장식Bk(국산) (의지재료) (의지재료)","Z01",456,null,44279,"최종승인",6160,"전영만",44280,302514,"비케이메디텍","2021-03-24","2021-03-31",2,"EA",226000,1,452000,2,452000,44281,"결제",44286,0,null,452000,44281,452000,44281,"상신","결재완료",452000,44315,452000,44315]
[1102,1000074675,30,"물품구매(의지재료)전*만",2145600400,"의지하지 락장식 등 3종",30,"Z20010494","의지하지-발Bk(국산) (의지재료) (의지재료)","Z01",456,null,44279,"최종승인",6160,"전영만",44280,302514,"비케이메디텍","2021-03-24","2021-03-31",4,"EA",188000,1,752000,4,752000,44281,"결제",44286,0,null,752000,44281,752000,44281,"상신","결재완료",752000,44315,752000,44315]
[1102,1000074689,10,"물품구매-의지하지/임*은",2145600409,"의지하지 컴포트웨이브 등 2종",10,"Z20010723","의지하지-컴포트웨이브(오서) (의지재료)","Z01",456,null,44280,"최종승인",9620,"임성은",44281,301434,"오서코리아주식회사","2021-03-25","2021-04-01",2,"EA",335000,1,670000,2,670000,44281,"결제",44284,0,null,670000,44281,670000,44281,"상신","결재완료",670000,44315,670000,44315]
[1102,1000074689,20,"물품구매-의지하지/임*은",2145600409,"의지하지 컴포트웨이브 등 2종",20,"Z20010533","의지하지-실리콘싹스코니칼+스텐다드대퇴용(미국산) (의지재료) (의지재료)","Z01",456,null,44280,"최종승인",9620,"임성은",44281,301434,"오서코리아주식회사","2021-03-25","2021-04-01",1,"EA",500000,1,500000,1,500000,44281,"결제",44284,0,null,500000,44281,500000,44281,"상신","결재완료",500000,44315,500000,44315]
[1102,1000074696,10,"물품구매(대퇴라이너등/천*민)",2145600412,"의지하지 실리콘싹스 등 8종",10,"Z20010546","의지하지-실리콘싹스X5씰린대퇴용(미국산) (의지재료) (의지재료)","Z01",456,null,44280,"최종승인",27784,"천성민",44281,301434,"오서코리아주식회사","2021-03-25","2021-04-01",1,"EA",600000,1,600000,1,600000,44281,"결제",44284,0,null,600000,44281,600000,44281,"상신","결재완료",600000,44315,600000,44315]
[1102,1000074696,20,"물품구매(대퇴라이너등/천*민)",2145600412,"의지하지 실리콘싹스 등 8종",20,"Z20010570","의지하지-흡입밸브실린라이너대퇴용(미국산) (의지재료) (의지재료)","Z01",456,null,44280,"최종승인",27784,"천성민",44281,301434,"오서코리아주식회사","2021-03-25","2021-04-01",1,"EA",95000,1,95000,1,95000,44281,"결제",44284,0,null,95000,44281,95000,44281,"상신","결재완료",95000,44315,95000,44315]
[1102,1000074696,30,"물품구매(대퇴라이너등/천*민)",2145600412,"의지하지 실리콘싹스 등 8종",30,"Z20011272","의지하지-4홀 메일 피라미드, 8mm 오프셋 Titan(오서)","Z01",456,null,44280,"최종승인",27784,"천성민",44281,301434,"오서코리아주식회사","2021-03-25","2021-04-01",1,"EA",154000,1,154000,1,154000,44281,"결제",44284,0,null,154000,44281,154000,44281,"상신","결재완료",154000,44315,154000,44315]
[1102,1000074696,40,"물품구매(대퇴라이너등/천*민)",2145600412,"의지하지 실리콘싹스 등 8종",40,"Z20010832","의지하지-회전식4-홀피메일피라미드티타늄(외산) (의지재료)","Z01",456,null,44280,"최종승인",27784,"천성민",44281,301434,"오서코리아주식회사","2021-03-25","2021-04-01",1,"EA",155000,1,155000,1,155000,44281,"결제",44284,0,null,155000,44281,155000,44281,"상신","결재완료",155000,44315,155000,44315]
[1102,1000074696,50,"물품구매(대퇴라이너등/천*민)",2145600412,"의지하지 실리콘싹스 등 8종",50,"Z20010520","의지하지-실리콘싹스씰린라이너대퇴용(외산) (의지재료) (의지재료)","Z01",456,null,44280,"최종승인",27784,"천성민",44281,301434,"오서코리아주식회사","2021-03-25","2021-04-01",1,"EA",600000,1,600000,1,600000,44281,"결제",44284,0,null,600000,44281,600000,44281,"상신","결재완료",600000,44315,600000,44315]
[1102,1000074696,60,"물품구매(대퇴라이너등/천*민)",2145600412,"의지하지 실리콘싹스 등 8종",60,"Z20010723","의지하지-컴포트웨이브(오서) (의지재료)","Z01",456,null,44280,"최종승인",27784,"천성민",44281,301434,"오서코리아주식회사","2021-03-25","2021-04-01",1,"EA",335000,1,335000,1,335000,44281,"결제",44284,0,null,335000,44281,335000,44281,"상신","결재완료",335000,44315,335000,44315]
[1102,1000074696,70,"물품구매(대퇴라이너등/천*민)",2145600412,"의지하지 실리콘싹스 등 8종",70,"Z20011049","의지하지-실리콘싹스씰인X하퇴용(오서)","Z01",456,null,44280,"최종승인",27784,"천성민",44281,301434,"오서코리아주식회사","2021-03-25","2021-04-01",1,"EA",400000,1,400000,1,400000,44281,"결제",44284,0,null,400000,44281,400000,44281,"상신","결재완료",400000,44315,400000,44315]
[1102,1000074696,80,"물품구매(대퇴라이너등/천*민)",2145600412,"의지하지 실리콘싹스 등 8종",80,"Z20010226","소모품-아이스로스슬리브(미국산) (의지재료) (의지재료)","Z01",456,null,44280,"최종승인",27784,"천성민",44281,301434,"오서코리아주식회사","2021-03-25","2021-04-01",1,"EA",185000,1,185000,1,185000,44281,"결제",44284,0,null,185000,44281,185000,44281,"상신","결재완료",185000,44315,185000,44315]
[1102,1000074724,10,"물품구매(무릎장식-인*근)",2145600414,"의지하지 대퇴무릎장식 등 2종",10,"Z20010446","의지하지-대퇴무릎장식Bk인공지능(인공지능) (의지재료) (의지재료)","Z01",456,null,44281,"최종승인",9144,"정창희",44281,302514,"비케이메디텍","2021-03-25","2021-04-02",2,"EA",2484000,1,4968000,2,4968000,44281,"결제",44286,0,null,4968000,44281,4968000,44281,"상신","결재완료",4968000,44315,4968000,44315]
[1102,1000074724,20,"물품구매(무릎장식-인*근)",2145600414,"의지하지 대퇴무릎장식 등 2종",20,"Z20010461","의지하지-무릎회전장식Bk(국산) (의지재료) (의지재료)","Z01",456,null,44281,"최종승인",9144,"정창희",44281,302514,"비케이메디텍","2021-03-25","2021-04-02",2,"EA",226000,1,452000,2,452000,44281,"결제",44286,0,null,452000,44281,452000,44281,"상신","결재완료",452000,44315,452000,44315]
[1102,1000074725,10,"물품구매(실리콘라이너-정*성)",2145600413,"의지하지 실리콘싹스 등 4종",10,"Z20010546","의지하지-실리콘싹스X5씰린대퇴용(미국산) (의지재료) (의지재료)","Z01",456,null,44281,"최종승인",9144,"정창희",44281,301434,"오서코리아주식회사","2021-03-25","2021-04-02",1,"EA",600000,1,600000,1,600000,44281,"결제",44287,0,null,600000,44281,600000,44281,"상신","결재완료",600000,44315,600000,44315]
[1102,1000074725,20,"물품구매(실리콘라이너-정*성)",2145600413,"의지하지 실리콘싹스 등 4종",20,"Z20010570","의지하지-흡입밸브실린라이너대퇴용(미국산) (의지재료) (의지재료)","Z01",456,null,44281,"최종승인",9144,"정창희",44281,301434,"오서코리아주식회사","2021-03-25","2021-04-02",2,"EA",95000,1,190000,2,190000,44281,"결제",44287,0,null,190000,44281,190000,44281,"상신","결재완료",190000,44315,190000,44315]
[1102,1000074725,30,"물품구매(실리콘라이너-정*성)",2145600413,"의지하지 실리콘싹스 등 4종",30,"Z20010723","의지하지-컴포트웨이브(오서) (의지재료)","Z01",456,null,44281,"최종승인",9144,"정창희",44281,301434,"오서코리아주식회사","2021-03-25","2021-04-02",2,"EA",335000,1,670000,2,670000,44281,"결제",44287,0,null,670000,44281,670000,44281,"상신","결재완료",670000,44315,670000,44315]
[1102,1000074725,40,"물품구매(실리콘라이너-정*성)",2145600413,"의지하지 실리콘싹스 등 4종",40,"Z20010532","의지하지-실리콘싹스컴포트하퇴용(외산) (의지재료) (의지재료)","Z01",456,null,44281,"최종승인",9144,"정창희",44281,301434,"오서코리아주식회사","2021-03-25","2021-04-02",1,"EA",335000,1,335000,1,335000,44281,"결제",44287,0,null,335000,44281,335000,44281,"상신","결재완료",335000,44315,335000,44315]
[1102,1300013968,10,"On site Calibration(MTS인공발내구성시험기 현장교정)",2145800013,"mts인공발내구성시험기현장교정",10,null,"On site Calibration(MTS인공발내구성시험기 현장교정)","Z04",458,"서비스",44274,"최종승인",27377,"정성배",44277,318321,"엠티에스코리아(주)","2021-03-19","2021-04-09",1,"AU",3460000,1,3460000,1,3460000,44281,"결제",44287,0,null,3460000,44281,3460000,44281,"상신","결재완료",3460000,44295,3460000,44295]
[1102,1000074428,10,"물품구매(라이더 센서 브라켓 세트 등 1건/세금계산서)",2145600334,"스마트어시스트/라이더 센서 브라켓",10,"Z20050649","스마트어시스트(연구재료) (연구재료)","Z01",456,null,44320,"최종승인",28870,"오영찬",44270,304132,"조영승 (상윤산업)","2021-03-11","2021-05-11",1,"EA",808500,1,808500,1,808500,44280,"결제",44286,0,null,808500,44280,808500,44280,"상신","결재완료",0,null,808500,44295]
[1102,1000074443,10,"물품구매(퀀텀발 외피 등 1건/ 세금계산서)",2145600319,"직무지원/퀀텀발 외피",10,"Z20050113","직무지원 연구재료 (연구재료) (연구재료)","Z01",456,null,44288,"최종승인",6142,"김종권",44267,301263,"성림교역","2021-03-11","2021-04-12",70,"EA",40000,1,2800000,70,2800000,44280,"결제",44286,0,null,2800000,44280,2800000,44280,"상신","결재완료",2800000,44295,2800000,44295]
[1102,1000074669,10,"물품구매(의지하지-김*서 외 조*정)",2145600399,"의지상지 미관형의수 등 5종",10,"Z20010369","의지상지-미관형의수전자글러브레진(외산) (의지재료) (의지재료)","Z01",456,null,44279,"최종승인",11764,"조혜정",44279,305386,"(주) 오토복코리아헬스케어","2021-03-24","2021-03-31",1,"EA",162000,1,162000,1,162000,44280,"결제",44281,0,null,162000,44280,162000,44280,"상신","결재완료",162000,44315,162000,44315]
[1102,1000074669,20,"물품구매(의지하지-김*서 외 조*정)",2145600399,"의지상지 미관형의수 등 5종",20,"Z20010374","의지상지-반자동의수속카바(외산) (의지재료) (의지재료)","Z01",456,null,44279,"최종승인",11764,"조혜정",44279,305386,"(주) 오토복코리아헬스케어","2021-03-24","2021-03-31",1,"EA",126000,1,126000,1,126000,44280,"결제",44281,0,null,126000,44280,126000,44280,"상신","결재완료",126000,44315,126000,44315]
[1102,1000074669,30,"물품구매(의지하지-김*서 외 조*정)",2145600399,"의지상지 미관형의수 등 5종",30,"Z20010545","의지하지-실리콘싹스향균젤라이너하퇴용(독일산) (의지재료) (의지재료)","Z01",456,null,44279,"최종승인",11764,"조혜정",44279,305386,"(주) 오토복코리아헬스케어","2021-03-24","2021-03-31",3,"EA",235000,1,705000,3,705000,44280,"결제",44281,0,null,705000,44280,705000,44280,"상신","결재완료",705000,44315,705000,44315]
[1102,1000074669,40,"물품구매(의지하지-김*서 외 조*정)",2145600399,"의지상지 미관형의수 등 5종",40,"Z20010527","의지하지-실리콘싹스젤라이너(외산) (의지재료) (의지재료)","Z01",456,null,44279,"최종승인",11764,"조혜정",44279,305386,"(주) 오토복코리아헬스케어","2021-03-24","2021-03-31",1,"EA",180000,1,180000,1,180000,44280,"결제",44281,0,null,180000,44280,180000,44280,"상신","결재완료",180000,44315,180000,44315]
[1102,1000074669,50,"물품구매(의지하지-김*서 외 조*정)",2145600399,"의지상지 미관형의수 등 5종",50,"Z20010422","의지하지-단축발발목장식알루미늄포함셋트(독일산) (의지재료) (의지재료)","Z01",456,null,44279,"최종승인",11764,"조혜정",44279,305386,"(주) 오토복코리아헬스케어","2021-03-24","2021-03-31",1,"EA",176000,1,176000,1,176000,44280,"결제",44281,0,null,176000,44280,176000,44280,"상신","결재완료",176000,44315,176000,44315]
[1102,1000074681,10,"물품구매(의지하지-김*환 외 조*정)",2145600405,"의지하지 실리콘싹스 등 3종",10,"Z20010532","의지하지-실리콘싹스컴포트하퇴용(외산) (의지재료) (의지재료)","Z01",456,null,44279,"최종승인",11764,"조혜정",44280,301434,"오서코리아주식회사","2021-03-24","2021-03-31",1,"EA",335000,1,335000,1,335000,44280,"결제",44285,0,null,335000,44280,335000,44280,"상신","결재완료",335000,44315,335000,44315]
[1102,1000074681,20,"물품구매(의지하지-김*환 외 조*정)",2145600405,"의지하지 실리콘싹스 등 3종",20,"Z20010533","의지하지-실리콘싹스코니칼+스텐다드대퇴용(미국산) (의지재료) (의지재료)","Z01",456,null,44279,"최종승인",11764,"조혜정",44280,301434,"오서코리아주식회사","2021-03-24","2021-03-31",2,"EA",500000,1,1000000,2,1000000,44280,"결제",44285,0,null,1000000,44280,1000000,44280,"상신","결재완료",1000000,44315,1000000,44315]
[1102,1000074681,30,"물품구매(의지하지-김*환 외 조*정)",2145600405,"의지하지 실리콘싹스 등 3종",30,"Z20010723","의지하지-컴포트웨이브(오서) (의지재료)","Z01",456,null,44279,"최종승인",11764,"조혜정",44280,301434,"오서코리아주식회사","2021-03-24","2021-03-31",1,"EA",335000,1,335000,1,335000,44280,"결제",44285,0,null,335000,44280,335000,44280,"상신","결재완료",335000,44315,335000,44315]
[1102,1300013873,10,"`21년3월 산업안전점검(케이아이안전보건기술원)",2145800010,"3월 산업안전점검",10,null,"`21년3월 산업안전점검","Z04",458,null,44257,"최종승인",28101,"김형국",44257,304163,"케이아이안전보건기술원(주) 지점","2021-03-01","2021-03-31",1,"식",180000,1,180000,1,180000,44280,"결제",44281,0,null,180000,44280,180000,44280,"상신","결재완료",180000,44286,180000,44286]
[1102,1000074639,10,"물품구매(의지하지-이*근 외/김*동)",2145600386,"의지하지 실리콘싹스 등 3종",10,"Z20010533","의지하지-실리콘싹스코니칼+스텐다드대퇴용(미국산) (의지재료) (의지재료)","Z01",456,null,44278,"최종승인",8219,"김수동",44278,301434,"오서코리아주식회사","2021-03-23","2021-03-30",2,"EA",500000,1,1000000,2,1000000,44279,"결제",44280,0,null,1000000,44279,1000000,44279,"상신","결재완료",1000000,44315,1000000,44315]
[1102,1000074639,20,"물품구매(의지하지-이*근 외/김*동)",2145600386,"의지하지 실리콘싹스 등 3종",20,"Z20010723","의지하지-컴포트웨이브(오서) (의지재료)","Z01",456,null,44278,"최종승인",8219,"김수동",44278,301434,"오서코리아주식회사","2021-03-23","2021-03-30",1,"EA",335000,1,335000,1,335000,44279,"결제",44280,0,null,335000,44279,335000,44279,"상신","결재완료",335000,44315,335000,44315]
[1102,1000074639,30,"물품구매(의지하지-이*근 외/김*동)",2145600386,"의지하지 실리콘싹스 등 3종",30,"Z20010722","의지하지-더모웨이브락킹(오서) (의지재료)","Z01",456,null,44278,"최종승인",8219,"김수동",44278,301434,"오서코리아주식회사","2021-03-23","2021-03-30",1,"EA",398000,1,398000,1,398000,44279,"결제",44280,0,null,398000,44279,398000,44279,"상신","결재완료",398000,44315,398000,44315]
[1102,1000074640,10,"물품구매(의지하지-하*길 외/김*동)",2145600385,"의지하지 단축발발목장식",10,"Z20010422","의지하지-단축발발목장식알루미늄포함셋트(독일산) (의지재료) (의지재료)","Z01",456,null,44278,"최종승인",8219,"김수동",44278,305386,"(주) 오토복코리아헬스케어","2021-03-23","2021-03-30",2,"EA",176000,1,352000,2,352000,44279,"결제",44281,0,null,352000,44279,352000,44279,"상신","결재완료",352000,44315,352000,44315]
[1102,1000074646,10,"물품구매(의지하지-민*기 외 조*정)",2145600393,"보조기구두 등 8종",10,"Z20010003","보조기구두-정형화 (의지재료) (의지재료)","Z01",456,null,44278,"최종승인",11764,"조혜정",44279,301263,"성림교역","2021-03-23","2021-03-30",1,"EA",42000,1,42000,1,42000,44279,"결제",44280,0,null,42000,44279,42000,44279,"상신","결재완료",42000,44315,42000,44315]
[1102,1000074646,20,"물품구매(의지하지-민*기 외 조*정)",2145600393,"보조기구두 등 8종",20,"Z20010611","보조기하지-CEPA (의지재료) (의지재료)","Z01",456,null,44278,"최종승인",11764,"조혜정",44279,301263,"성림교역","2021-03-23","2021-03-30",1,"EA",80000,1,80000,1,80000,44279,"결제",44280,0,null,80000,44279,80000,44279,"상신","결재완료",80000,44315,80000,44315]
[1102,1000074646,30,"물품구매(의지하지-민*기 외 조*정)",2145600393,"보조기구두 등 8종",30,"Z20010969","의지하지-피라밋형 알미늄 어댑터+플레이트 (의지재료)","Z01",456,null,44278,"최종승인",11764,"조혜정",44279,301263,"성림교역","2021-03-23","2021-03-30",1,"EA",65000,1,65000,1,65000,44279,"결제",44280,0,null,65000,44279,65000,44279,"상신","결재완료",65000,44315,65000,44315]
[1102,1000074646,40,"물품구매(의지하지-민*기 외 조*정)",2145600393,"보조기구두 등 8종",40,"Z20010486","의지하지-발족부외피카바프리덤 (의지재료) (의지재료)","Z01",456,null,44278,"최종승인",11764,"조혜정",44279,301263,"성림교역","2021-03-23","2021-03-30",1,"EA",160000,1,160000,1,160000,44279,"결제",44280,0,null,160000,44279,160000,44279,"상신","결재완료",160000,44315,160000,44315]
[1102,1000074646,50,"물품구매(의지하지-민*기 외 조*정)",2145600393,"보조기구두 등 8종",50,"Z20010649","의지하지-스펙트라삭스 (의지재료) (의지재료)","Z01",456,null,44278,"최종승인",11764,"조혜정",44279,301263,"성림교역","2021-03-23","2021-03-30",1,"EA",16000,1,16000,1,16000,44279,"결제",44280,0,null,16000,44279,16000,44279,"상신","결재완료",16000,44315,16000,44315]
[1102,1000074646,60,"물품구매(의지하지-민*기 외 조*정)",2145600393,"보조기구두 등 8종",60,"Z20011314","의지하지-켄달 기계식 브레이크 단축 무릎(성림)","Z01",456,null,44278,"최종승인",11764,"조혜정",44279,301263,"성림교역","2021-03-23","2021-03-30",1,"EA",640000,1,640000,1,640000,44279,"결제",44280,0,null,640000,44279,640000,44279,"상신","결재완료",640000,44315,640000,44315]
[1102,1000074646,70,"물품구매(의지하지-민*기 외 조*정)",2145600393,"보조기구두 등 8종",70,"Z20010424","의지하지-단축발알미늄세트(중국산) (의지재료) (의지재료)","Z01",456,null,44278,"최종승인",11764,"조혜정",44279,301263,"성림교역","2021-03-23","2021-03-30",1,"EA",162000,1,162000,1,162000,44279,"결제",44280,0,null,162000,44279,162000,44279,"상신","결재완료",162000,44315,162000,44315]
[1102,1000074646,80,"물품구매(의지하지-민*기 외 조*정)",2145600393,"보조기구두 등 8종",80,"Z20010368","의지상지-미관형의수실리콘리갈(외산) (의지재료) (의지재료)","Z01",456,null,44278,"최종승인",11764,"조혜정",44279,301263,"성림교역","2021-03-23","2021-03-30",2,"EA",230000,1,460000,2,460000,44279,"결제",44280,0,null,460000,44279,460000,44279,"상신","결재완료",460000,44315,460000,44315]
[1102,1000074551,10,"물품구매-의지상지/신*현/임*은",2145600355,"의지상지 전자의수",10,"Z20010405","의지상지-전자의수Bk(국산) (의지재료) (의지재료)","Z01",456,null,44273,"최종승인",9620,"임성은",44273,302514,"비케이메디텍","2021-03-18","2021-03-25",2,"EA",2685000,1,5370000,2,5370000,44278,"결제",44279,0,null,5370000,44278,5370000,44278,"상신","결재완료",5370000,44315,5370000,44315]
[1102,1000074552,10,"물품구매-소모품/임*은",2145600354,"소모품 pp 등 4종",10,"Z20010336","소모품-P.P(3x120x240) (의지재료) (의지재료)","Z01",456,null,44273,"최종승인",9620,"임성은",44273,301148,"신성메디칼","2021-03-18","2021-03-25",2,"EA",78000,1,156000,2,156000,44278,"결제",44279,0,null,156000,44278,156000,44278,"상신","결재완료",156000,44315,156000,44315]
[1102,1000074552,20,"물품구매-소모품/임*은",2145600354,"소모품 pp 등 4종",20,"Z20010174","소모품-석고소석고2급b(25kg) (의지재료) (의지재료)","Z01",456,null,44273,"최종승인",9620,"임성은",44273,301148,"신성메디칼","2021-03-18","2021-03-25",3,"EA",35000,1,105000,3,105000,44278,"결제",44279,0,null,105000,44278,105000,44278,"상신","결재완료",105000,44315,105000,44315]
[1102,1000074552,30,"물품구매-소모품/임*은",2145600354,"소모품 pp 등 4종",30,"Z20010224","소모품-아세톤 (의지재료) (의지재료)","Z01",456,null,44273,"최종승인",9620,"임성은",44273,301148,"신성메디칼","2021-03-18","2021-03-25",3,"EA",5000,1,15000,3,15000,44278,"결제",44279,0,null,15000,44278,15000,44278,"상신","결재완료",15000,44315,15000,44315]
[1102,1000074552,40,"물품구매-소모품/임*은",2145600354,"소모품 pp 등 4종",40,"Z20010218","소모품-실리콘이형제(420g) (의지재료) (의지재료)","Z01",456,null,44273,"최종승인",9620,"임성은",44273,301148,"신성메디칼","2021-03-18","2021-03-25",5,"EA",5000,1,25000,5,25000,44278,"결제",44279,0,null,25000,44278,25000,44278,"상신","결재완료",25000,44315,25000,44315]
[1102,1000074558,10,"물품구매(파소니외)",2145600356,"시험상용화/파소닉 등 2종",10,"Z20050620","하지-무릎관절장치파소니(연구재료) (연구재료)","Z01",456,null,44273,"최종승인",27783,"이미경",44274,301434,"오서코리아주식회사","2021-03-18","2021-03-25",1,"EA",3700000,1,3700000,1,3700000,44278,"결제",44279,0,null,3700000,44278,3700000,44278,"상신","결재완료",3700000,44315,3700000,44315]
[1102,1000074558,20,"물품구매(파소니외)",2145600356,"시험상용화/파소닉 등 2종",20,"Z20050454","하지-고기능인공발(프로플렉스XC)(연구재료) (연구재료)","Z01",456,null,44273,"최종승인",27783,"이미경",44274,301434,"오서코리아주식회사","2021-03-18","2021-03-25",1,"EA",2300000,1,2300000,1,2300000,44278,"결제",44279,0,null,2300000,44278,2300000,44278,"상신","결재완료",2300000,44315,2300000,44315]
[1102,1000074563,10,"물품구매-휠체어수리/임*은",2145600359,"휠체어수리 앞바퀴 등 4종",10,"Z20120252","휠체어수리-앞바퀴조립에어넓은것대세(8x2in) (의지재료) (의지재료)","Z01",456,null,44273,"최종승인",9620,"임성은",44274,308571,"(주)대세엠케어 호남영업소","2021-03-18","2021-03-25",4,"EA",18182,1,72728,4,72728,44278,"결제",44279,0,null,72728,44278,72728,44278,"상신","결재완료",72728,44315,72728,44315]
[1102,1000074563,20,"물품구매-휠체어수리/임*은",2145600359,"휠체어수리 앞바퀴 등 4종",20,"Z20120312","휠체어수리-측받이파트너(大,小 ) (의지재료) (의지재료)","Z01",456,null,44273,"최종승인",9620,"임성은",44274,308571,"(주)대세엠케어 호남영업소","2021-03-18","2021-03-25",4,"EA",5091,1,20364,4,20364,44278,"결제",44279,0,null,20364,44278,20364,44278,"상신","결재완료",20364,44315,20364,44315]
[1102,1000074563,30,"물품구매-휠체어수리/임*은",2145600359,"휠체어수리 앞바퀴 등 4종",30,"Z20120230","휠체어수리-시트대세(32-50cm) (의지재료) (의지재료)","Z01",456,null,44273,"최종승인",9620,"임성은",44274,308571,"(주)대세엠케어 호남영업소","2021-03-18","2021-03-25",1,"EA",21818,1,21818,1,21818,44278,"결제",44279,0,null,21818,44278,21818,44278,"상신","결재완료",21818,44315,21818,44315]
[1102,1000074563,40,"물품구매-휠체어수리/임*은",2145600359,"휠체어수리 앞바퀴 등 4종",40,"Z20120119","휠체어수리-등받이일반형(등받이) (의지재료) (의지재료)","Z01",456,null,44273,"최종승인",9620,"임성은",44274,308571,"(주)대세엠케어 호남영업소","2021-03-18","2021-03-25",1,"EA",21818,1,21818,1,21818,44278,"결제",44279,0,null,21818,44278,21818,44278,"상신","결재완료",21818,44315,21818,44315]
[1102,1000074575,10,"물품구매 휠체어 김*석 /창원센터",2145600373,"휠체어일반형",10,"Z20120474","휠체어일반형-M1스타트 (의지재료) (의지재료)","Z01",456,null,44274,"최종승인",6166,"김현종",44277,324832,"주식회사 이레엠케어","2021-03-19","2021-03-26",1,"EA",410000,1,410000,1,410000,44278,"결제",44278,0,null,410000,44278,410000,44278,"상신","결재완료",410000,44315,410000,44315]
[1102,1000074576,10,"물품구매-의지상지/임*은",2145600378,"의지상지 미관형의수",10,"Z20010367","의지상지-미관형의수실리콘두손 (의지재료) (의지재료)","Z01",456,null,44274,"최종승인",9620,"임성은",44277,300508,"두손의수","2021-03-19","2021-03-26",2,"EA",230000,1,460000,2,460000,44278,"결제",44279,0,null,460000,44278,460000,44278,"상신","결재완료",460000,44315,460000,44315]
[1102,1000074577,10,"물품구매 의지상지 윤*근 /창원센터",2145600372,"의지상지 원통형 잠금식 엘보 등 2종",10,"Z20010904","의지상지-원통형 잠금식 엘보 대만제(성림) (의지재료)","Z01",456,null,44274,"최종승인",6166,"김현종",44277,301263,"성림교역","2021-03-19","2021-03-26",2,"EA",295000,1,590000,2,590000,44278,"결제",44278,0,null,590000,44278,590000,44278,"상신","결재완료",590000,44315,590000,44315]
[1102,1000074577,20,"물품구매 의지상지 윤*근 /창원센터",2145600372,"의지상지 원통형 잠금식 엘보 등 2종",20,"Z20010368","의지상지-미관형의수실리콘리갈(외산) (의지재료) (의지재료)","Z01",456,null,44274,"최종승인",6166,"김현종",44277,301263,"성림교역","2021-03-19","2021-03-26",1,"EA",230000,1,230000,1,230000,44278,"결제",44278,0,null,230000,44278,230000,44278,"상신","결재완료",230000,44315,230000,44315]
[1102,1000074578,10,"물품구매 소모품 /창원센터",2145600371,"소모품 썰린 등 2종",10,"Z20010221","소모품-썰린(10x40x40) (의지재료) (의지재료)","Z01",456,null,44274,"최종승인",6166,"김현종",44277,301148,"신성메디칼","2021-03-19","2021-03-26",10,"EA",40000,1,400000,10,400000,44278,"결제",44278,0,null,400000,44278,400000,44278,"상신","결재완료",400000,44315,400000,44315]
[1102,1000074578,20,"물품구매 소모품 /창원센터",2145600371,"소모품 썰린 등 2종",20,"Z20010335","소모품-P.P(15x40x40) (의지재료) (의지재료)","Z01",456,null,44274,"최종승인",6166,"김현종",44277,301148,"신성메디칼","2021-03-19","2021-03-26",10,"EA",25500,1,255000,10,255000,44278,"결제",44278,0,null,255000,44278,255000,44278,"상신","결재완료",255000,44315,255000,44315]
[1102,1000074603,10,"물품구매(송*호/유*선)",2145600363,"활동형휠체어",10,"Z20011130","활동형휠체어 - 제니스-X (휠라인)","Z01",456,null,44274,"최종승인",26283,"유재선",44277,325857,"주식회사 엠코리아토탈서비스","2021-03-19","2021-03-26",1,"EA",1250000,1,1250000,1,1250000,44278,"결제",44279,0,null,1250000,44278,1250000,44278,"상신","결재완료",1250000,44315,1250000,44315]
[1102,1000074605,10,"물품구매(이*용-박*홍/유*선)",2145600365,"휠체어꺽기형 등 3종",10,"Z20120054","휠체어꺽기형-미라지7분리형미키 (의지재료) (의지재료)","Z01",456,null,44274,"최종승인",26283,"유재선",44277,301882,"미키메디칼","2021-03-19","2021-03-26",1,"EA",540000,1,540000,1,540000,44278,"결제",44280,0,null,540000,44278,540000,44278,"상신","결재완료",540000,44315,540000,44315]
[1102,1000074605,20,"물품구매(이*용-박*홍/유*선)",2145600365,"휠체어꺽기형 등 3종",20,"Z20120055","휠체어꺽기형-미라지7일반형미키 (의지재료) (의지재료)","Z01",456,null,44274,"최종승인",26283,"유재선",44277,301882,"미키메디칼","2021-03-19","2021-03-26",1,"EA",440000,1,440000,1,440000,44278,"결제",44280,0,null,440000,44278,440000,44278,"상신","결재완료",440000,44315,440000,44315]
[1102,1000074605,30,"물품구매(이*용-박*홍/유*선)",2145600365,"휠체어꺽기형 등 3종",30,"Z20120177","휠체어수리-보조바퀴일반형(일반형) (의지재료) (의지재료)","Z01",456,null,44274,"최종승인",26283,"유재선",44277,301882,"미키메디칼","2021-03-19","2021-03-26",2,"EA",15000,1,30000,2,30000,44278,"결제",44280,0,null,30000,44278,30000,44278,"상신","결재완료",30000,44315,30000,44315]
[1102,1000074606,10,"물품구매(진*옥-장*규-김*환-박*열/유*선)",2145600366,"활동형휠체어 등 4종",10,"Z20011225","활동형 휠체어 - MF015M(GGANTEX) 썬메디테크","Z01",456,null,44274,"최종승인",26283,"유재선",44277,325322,"썬메디테크","2021-03-19","2021-03-26",1,"EA",950000,1,950000,1,950000,44278,"결제",44279,0,null,950000,44278,950000,44278,"상신","결재완료",950000,44315,950000,44315]
[1102,1000074606,20,"물품구매(진*옥-장*규-김*환-박*열/유*선)",2145600366,"활동형휠체어 등 4종",20,"Z20120641","활동형휠체어- 노바제로 A타입 (티오엠)","Z01",456,null,44274,"최종승인",26283,"유재선",44277,325322,"썬메디테크","2021-03-19","2021-03-26",2,"EA",950000,1,1900000,2,1900000,44278,"결제",44279,0,null,1900000,44278,1900000,44278,"상신","결재완료",1900000,44315,1900000,44315]
[1102,1000074606,30,"물품구매(진*옥-장*규-김*환-박*열/유*선)",2145600366,"활동형휠체어 등 4종",30,"Z20120613","휠체어수리-브레이크-노바제로용-티오엠모빌리티 (의지재료)","Z01",456,null,44274,"최종승인",26283,"유재선",44277,325322,"썬메디테크","2021-03-19","2021-03-26",4,"EA",40000,1,160000,4,160000,44278,"결제",44279,0,null,160000,44278,160000,44278,"상신","결재완료",160000,44315,160000,44315]
[1102,1000074606,40,"물품구매(진*옥-장*규-김*환-박*열/유*선)",2145600366,"활동형휠체어 등 4종",40,"Z20120474","휠체어일반형-M1스타트 (의지재료) (의지재료)","Z01",456,null,44274,"최종승인",26283,"유재선",44277,325322,"썬메디테크","2021-03-19","2021-03-26",1,"EA",450000,1,450000,1,450000,44278,"결제",44279,0,null,450000,44278,450000,44278,"상신","결재완료",450000,44315,450000,44315]
[1102,1000074610,10,"물품구매(프로플렉스XC외)",2145600379,"시험상용화/프로플렉스 등 2종",10,"Z20050454","하지-고기능인공발(프로플렉스XC)(연구재료) (연구재료)","Z01",456,null,44277,"최종승인",27783,"이미경",44278,301434,"오서코리아주식회사","2021-03-22","2021-03-29",1,"EA",2300000,1,2300000,1,2300000,44278,"결제",44279,0,null,2300000,44278,2300000,44278,"상신","결재완료",2300000,44315,2300000,44315]
[1102,1000074610,20,"물품구매(프로플렉스XC외)",2145600379,"시험상용화/프로플렉스 등 2종",20,"Z20050453","하지-고기능인공발(프로플렉스XC유니티)(연구재료) (연구재료)","Z01",456,null,44277,"최종승인",27783,"이미경",44278,301434,"오서코리아주식회사","2021-03-22","2021-03-29",1,"EA",3830000,1,3830000,1,3830000,44278,"결제",44279,0,null,3830000,44278,3830000,44278,"상신","결재완료",3830000,44315,3830000,44315]
[1102,1000074614,10,"물품구매-의지하지/임*은",2145600377,"의지하지 실리콘 젤 라이너 등 3종",10,"Z20010943","의지하지-실리콘 젤 라이너(6Y70)(독일산) (의지재료)","Z01",456,null,44277,"최종승인",9620,"임성은",44277,305386,"(주) 오토복코리아헬스케어","2021-03-22","2021-03-29",2,"EA",180000,1,360000,2,360000,44278,"결제",44279,0,null,360000,44278,360000,44278,"상신","결재완료",360000,44315,360000,44315]
[1102,1000074614,20,"물품구매-의지하지/임*은",2145600377,"의지하지 실리콘 젤 라이너 등 3종",20,"Z20010369","의지상지-미관형의수전자글러브레진(외산) (의지재료) (의지재료)","Z01",456,null,44277,"최종승인",9620,"임성은",44277,305386,"(주) 오토복코리아헬스케어","2021-03-22","2021-03-29",2,"EA",162000,1,324000,2,324000,44278,"결제",44279,0,null,324000,44278,324000,44278,"상신","결재완료",324000,44315,324000,44315]
[1102,1000074614,30,"물품구매-의지하지/임*은",2145600377,"의지하지 실리콘 젤 라이너 등 3종",30,"Z20010404","의지상지-전자의수플라스틱센서더미(외산) (의지재료) (의지재료)","Z01",456,null,44277,"최종승인",9620,"임성은",44277,305386,"(주) 오토복코리아헬스케어","2021-03-22","2021-03-29",1,"EA",48000,1,48000,1,48000,44278,"결제",44279,0,null,48000,44278,48000,44278,"상신","결재완료",48000,44315,48000,44315]
[1102,1000074616,10,"물품구매(꺽임손목등/천*민)",2145600382,"의지상지 손목장식 등 5종",10,"Z20010390","의지상지-손목장식꺽임기능(미국) (의지재료) (의지재료)","Z01",456,null,44277,"최종승인",27784,"천성민",44278,301263,"성림교역","2021-03-22","2021-03-29",1,"EA",325000,1,325000,1,325000,44278,"결제",44279,0,null,325000,44278,325000,44278,"상신","결재완료",325000,44315,325000,44315]
[1102,1000074616,20,"물품구매(꺽임손목등/천*민)",2145600382,"의지상지 손목장식 등 5종",20,"Z20010379","의지상지-상박신경줄호스머(호스머) (의지재료) (의지재료)","Z01",456,null,44277,"최종승인",27784,"천성민",44278,301263,"성림교역","2021-03-22","2021-03-29",1,"EA",95000,1,95000,1,95000,44278,"결제",44279,0,null,95000,44278,95000,44278,"상신","결재완료",95000,44315,95000,44315]
[1102,1000074616,30,"물품구매(꺽임손목등/천*민)",2145600382,"의지상지 손목장식 등 5종",30,"Z20010368","의지상지-미관형의수실리콘리갈(외산) (의지재료) (의지재료)","Z01",456,null,44277,"최종승인",27784,"천성민",44278,301263,"성림교역","2021-03-22","2021-03-29",1,"EA",230000,1,230000,1,230000,44278,"결제",44279,0,null,230000,44278,230000,44278,"상신","결재완료",230000,44315,230000,44315]
[1102,1000074616,40,"물품구매(꺽임손목등/천*민)",2145600382,"의지상지 손목장식 등 5종",40,"Z20010396","의지상지-작업의수후크스텐호스머중(미국산) (의지재료) (의지재료)","Z01",456,null,44277,"최종승인",27784,"천성민",44278,301263,"성림교역","2021-03-22","2021-03-29",1,"EA",560000,1,560000,1,560000,44278,"결제",44279,0,null,560000,44278,560000,44278,"상신","결재완료",560000,44315,560000,44315]
[1102,1000074616,50,"물품구매(꺽임손목등/천*민)",2145600382,"의지상지 손목장식 등 5종",50,"Z20010395","의지상지-작업의수후크스텐호스머(미국산) (의지재료) (의지재료)","Z01",456,null,44277,"최종승인",27784,"천성민",44278,301263,"성림교역","2021-03-22","2021-03-29",2,"EA",510000,1,1020000,2,1020000,44278,"결제",44279,0,null,1020000,44278,1020000,44278,"상신","결재완료",1020000,44315,1020000,44315]
[1102,1000074617,10,"물품구매-의지상지/임*은",2145600376,"의지상지 미관형의수 등 3종",10,"Z20010368","의지상지-미관형의수실리콘리갈(외산) (의지재료) (의지재료)","Z01",456,null,44277,"최종승인",9620,"임성은",44277,301263,"성림교역","2021-03-22","2021-03-29",2,"EA",230000,1,460000,2,460000,44278,"결제",44279,0,null,460000,44278,460000,44278,"상신","결재완료",460000,44315,460000,44315]
[1102,1000074617,20,"물품구매-의지상지/임*은",2145600376,"의지상지 미관형의수 등 3종",20,"Z20010397","의지상지-작업의수후크알미늄호스머(미국산) (의지재료) (의지재료)","Z01",456,null,44277,"최종승인",9620,"임성은",44277,301263,"성림교역","2021-03-22","2021-03-29",2,"EA",520000,1,1040000,2,1040000,44278,"결제",44279,0,null,1040000,44278,1040000,44278,"상신","결재완료",1040000,44315,1040000,44315]
[1102,1000074617,30,"물품구매-의지상지/임*은",2145600376,"의지상지 미관형의수 등 3종",30,"Z20010378","의지상지-상박관절장식호스머(미국산) (의지재료) (의지재료)","Z01",456,null,44277,"최종승인",9620,"임성은",44277,301263,"성림교역","2021-03-22","2021-03-29",1,"EA",760000,1,760000,1,760000,44278,"결제",44279,0,null,760000,44278,760000,44278,"상신","결재완료",760000,44315,760000,44315]
[1102,1000074626,10,"물품구매(M8 패널마운트 수놈 커넥터 등 4건/세금계산서)",2145600383,"스마트소켓/m8 패널마운트 커넥터 등 4종",10,"Z20050607","스마트소켓(연구재료) (연구재료)","Z01",456,null,44288,"최종승인",8220,"신현준",44278,328879,"주식회사 크레켄","2021-03-22","2021-04-09",2,"EA",10120,1,20240,2,20240,44278,"결제",44285,0,null,20240,44278,20240,44278,"상신","결재완료",0,null,20240,44295]
[1102,1000074626,20,"물품구매(M8 패널마운트 수놈 커넥터 등 4건/세금계산서)",2145600383,"스마트소켓/m8 패널마운트 커넥터 등 4종",20,"Z20050607","스마트소켓(연구재료) (연구재료)","Z01",456,null,44288,"최종승인",8220,"신현준",44278,328879,"주식회사 크레켄","2021-03-22","2021-04-09",2,"EA",10120,1,20240,2,20240,44278,"결제",44285,0,null,20240,44278,20240,44278,"상신","결재완료",0,null,20240,44295]
[1102,1000074626,30,"물품구매(M8 패널마운트 수놈 커넥터 등 4건/세금계산서)",2145600383,"스마트소켓/m8 패널마운트 커넥터 등 4종",30,"Z20050607","스마트소켓(연구재료) (연구재료)","Z01",456,null,44288,"최종승인",8220,"신현준",44278,328879,"주식회사 크레켄","2021-03-22","2021-04-09",2,"EA",18480,1,36960,2,36960,44278,"결제",44285,0,null,36960,44278,36960,44278,"상신","결재완료",0,null,36960,44295]
[1102,1000074626,40,"물품구매(M8 패널마운트 수놈 커넥터 등 4건/세금계산서)",2145600383,"스마트소켓/m8 패널마운트 커넥터 등 4종",40,"Z20050607","스마트소켓(연구재료) (연구재료)","Z01",456,null,44288,"최종승인",8220,"신현준",44278,328879,"주식회사 크레켄","2021-03-22","2021-04-09",1,"EA",24090,1,24090,1,24090,44278,"결제",44285,0,null,24090,44278,24090,44278,"상신","결재완료",0,null,24090,44295]
[1102,1000074631,10,"물품구매(김*돈-임*현/유*선)",2145600375,"타이어 등 9종",10,"Z20120561","타이어-24\"마라톤점검 (퓔로피아) (의지재료) (의지재료)","Z01",456,null,44277,"최종승인",26283,"유재선",44277,301700,"(주)휠로피아","2021-03-22","2021-03-29",10,"EA",32000,1,320000,10,320000,44278,"결제",44284,0,null,320000,44278,320000,44278,"상신","결재완료",320000,44315,320000,44315]
[1102,1000074631,20,"물품구매(김*돈-임*현/유*선)",2145600375,"타이어 등 9종",20,"Z20120616","휠체어수리-배터리(12V62AH) (의지재료)","Z01",456,null,44277,"최종승인",26283,"유재선",44277,301700,"(주)휠로피아","2021-03-22","2021-03-29",4,"EA",105000,1,420000,4,420000,44278,"결제",44284,0,null,420000,44278,420000,44278,"상신","결재완료",420000,44315,420000,44315]
[1102,1000074631,30,"물품구매(김*돈-임*현/유*선)",2145600375,"타이어 등 9종",30,"Z20120172","휠체어수리-배터리휠로피아(12V50AH) (의지재료) (의지재료)","Z01",456,null,44277,"최종승인",26283,"유재선",44277,301700,"(주)휠로피아","2021-03-22","2021-03-29",4,"EA",95000,1,380000,4,380000,44278,"결제",44284,0,null,380000,44278,380000,44278,"상신","결재완료",380000,44315,380000,44315]
[1102,1000074631,40,"물품구매(김*돈-임*현/유*선)",2145600375,"타이어 등 9종",40,"Z20120395","휠체어수리-튜브전동용(14in) (의지재료) (의지재료)","Z01",456,null,44277,"최종승인",26283,"유재선",44277,301700,"(주)휠로피아","2021-03-22","2021-03-29",2,"EA",8000,1,16000,2,16000,44278,"결제",44284,0,null,16000,44278,16000,44278,"상신","결재완료",16000,44315,16000,44315]
[1102,1000074631,50,"물품구매(김*돈-임*현/유*선)",2145600375,"타이어 등 9종",50,"Z20120352","휠체어수리-타이어전동용에휠로피아(14in) (의지재료) (의지재료)","Z01",456,null,44277,"최종승인",26283,"유재선",44277,301700,"(주)휠로피아","2021-03-22","2021-03-29",2,"EA",18000,1,36000,2,36000,44278,"결제",44284,0,null,36000,44278,36000,44278,"상신","결재완료",36000,44315,36000,44315]
[1102,1000074631,60,"물품구매(김*돈-임*현/유*선)",2145600375,"타이어 등 9종",60,"Z20120218","휠체어수리-스쿠터용타이어10in3.00-4휠로피아(10in) (의지재료)","Z01",456,null,44277,"최종승인",26283,"유재선",44277,301700,"(주)휠로피아","2021-03-22","2021-03-29",2,"EA",10000,1,20000,2,20000,44278,"결제",44284,0,null,20000,44278,20000,44278,"상신","결재완료",20000,44315,20000,44315]
[1102,1000074631,70,"물품구매(김*돈-임*현/유*선)",2145600375,"타이어 등 9종",70,"Z20120500","휠체어전동형-Kp45 (의지재료) (의지재료)","Z01",456,null,44277,"최종승인",26283,"유재선",44277,301700,"(주)휠로피아","2021-03-22","2021-03-29",1,"EA",3600000,1,3600000,1,3600000,44278,"결제",44284,0,null,3600000,44278,3600000,44278,"상신","결재완료",3600000,44315,3600000,44315]
[1102,1000074631,80,"물품구매(김*돈-임*현/유*선)",2145600375,"타이어 등 9종",80,"Z20120676","일반형휠체어-이클립스X2(휠로피아)","Z01",456,null,44277,"최종승인",26283,"유재선",44277,301700,"(주)휠로피아","2021-03-22","2021-03-29",1,"EA",440000,1,440000,1,440000,44278,"결제",44284,0,null,440000,44278,440000,44278,"상신","결재완료",440000,44315,440000,44315]
[1102,1000074631,90,"물품구매(김*돈-임*현/유*선)",2145600375,"타이어 등 9종",90,"Z20011307","휠체어수리- 24\" IRC 일반형 타이어 (휠로피아)","Z01",456,null,44277,"최종승인",26283,"유재선",44277,301700,"(주)휠로피아","2021-03-22","2021-03-29",10,"EA",12000,1,120000,10,120000,44278,"결제",44284,0,null,120000,44278,120000,44278,"상신","결재완료",120000,44315,120000,44315]
[1102,1000074638,10,"물품구매(미관형의수-이*원)",2145600394,"의지상지 미관형의수",10,"Z20010367","의지상지-미관형의수실리콘두손 (의지재료) (의지재료)","Z01",456,null,44278,"최종승인",9144,"정창희",44279,300508,"두손의수","2021-03-22","2021-03-30",2,"EA",230000,1,460000,2,460000,44278,"결제",44281,0,null,460000,44278,460000,44278,"상신","결재완료",460000,44315,460000,44315]
[1102,1000074641,10,"물품구매(손의지-홍*준 외 조*정)",2145600384,"의지상지 미관형의수 등 3종",10,"Z20010367","의지상지-미관형의수실리콘두손 (의지재료) (의지재료)","Z01",456,null,44278,"최종승인",11764,"조혜정",44278,300508,"두손의수","2021-03-23","2021-03-30",5,"EA",230000,1,1150000,5,1150000,44278,"결제",44279,0,null,1150000,44278,1150000,44278,"상신","결재완료",1150000,44315,1150000,44315]
[1102,1000074641,20,"물품구매(손의지-홍*준 외 조*정)",2145600384,"의지상지 미관형의수 등 3종",20,"Z20010372","의지상지-미관형의수지실리콘 (의지재료) (의지재료)","Z01",456,null,44278,"최종승인",11764,"조혜정",44278,300508,"두손의수","2021-03-23","2021-03-30",2,"EA",65000,1,130000,2,130000,44278,"결제",44279,0,null,130000,44278,130000,44278,"상신","결재완료",130000,44315,130000,44315]
[1102,1000074641,30,"물품구매(손의지-홍*준 외 조*정)",2145600384,"의지상지 미관형의수 등 3종",30,"Z20010362","의지상지-미관형발족부레진 (의지재료) (의지재료)","Z01",456,null,44278,"최종승인",11764,"조혜정",44278,300508,"두손의수","2021-03-23","2021-03-30",2,"EA",90000,1,180000,2,180000,44278,"결제",44279,0,null,180000,44278,180000,44278,"상신","결재완료",180000,44315,180000,44315]
[1102,1000074643,10,"물품구매 의지상지 김*회 외 /창원센터",2145600381,"의지상지 미관형의수 등 2종",10,"Z20010369","의지상지-미관형의수전자글러브레진(외산) (의지재료) (의지재료)","Z01",456,null,44278,"최종승인",6166,"김현종",44278,305386,"(주) 오토복코리아헬스케어","2021-03-23","2021-03-30",2,"EA",162000,1,324000,2,324000,44278,"결제",44279,0,null,324000,44278,324000,44278,"상신","결재완료",324000,44315,324000,44315]
[1102,1000074643,20,"물품구매 의지상지 김*회 외 /창원센터",2145600381,"의지상지 미관형의수 등 2종",20,"Z20010567","의지하지-회전조절소켓아답타(대퇴용) (의지재료) (의지재료)","Z01",456,null,44278,"최종승인",6166,"김현종",44278,305386,"(주) 오토복코리아헬스케어","2021-03-23","2021-03-30",3,"EA",68000,1,204000,3,204000,44278,"결제",44279,0,null,204000,44278,204000,44278,"상신","결재완료",204000,44315,204000,44315]
[1102,1500037341,10,"물품구매(Draftsight, 세금계산서)",2145600360,"로터리구동모듈/draftsight enterprise",10,null,"Draftsight","Z06",456,null,44273,"최종승인",28743,"조재성",44277,300642,"주식회사 노드데이타","2021-03-18","2021-04-16",3,"EA",1540000,3,1540000,3,1540000,44278,"결제",44280,0,null,1540000,44278,1540000,44278,"상신","결재완료",0,null,1540000,44295]
[1102,1000074556,10,"물품구매(미관형 의수외)",2145600358,"시험상용화/미관형의수 등 3종",10,"Z20050030","미관형 의수(두손) (연구재료) (연구재료)","Z01",456,null,44273,"최종승인",27783,"이미경",44274,300508,"두손의수","2021-03-18","2021-03-25",3,"EA",230000,1,690000,3,690000,44277,"결제",44278,0,null,690000,44277,690000,44277,"상신","결재완료",690000,44295,690000,44295]
[1102,1000074556,20,"물품구매(미관형 의수외)",2145600358,"시험상용화/미관형의수 등 3종",20,"Z20050848","미관형 수지(두손)(연구재료)","Z01",456,null,44273,"최종승인",27783,"이미경",44274,300508,"두손의수","2021-03-18","2021-03-25",2,"EA",65000,1,130000,2,130000,44277,"결제",44278,0,null,130000,44277,130000,44277,"상신","결재완료",130000,44295,130000,44295]
[1102,1000074556,30,"물품구매(미관형 의수외)",2145600358,"시험상용화/미관형의수 등 3종",30,"Z20050267","하지-미관형발 (연구재료)","Z01",456,null,44273,"최종승인",27783,"이미경",44274,300508,"두손의수","2021-03-18","2021-03-25",1,"EA",90000,1,90000,1,90000,44277,"결제",44278,0,null,90000,44277,90000,44277,"상신","결재완료",90000,44295,90000,44295]
[1102,1000074557,10,"물품구매(패럴린 코팅)",2145600357,"시험상용화/패럴린 코팅",10,"Z20050913","패럴린 코팅 의수","Z01",456,null,44273,"최종승인",27783,"이미경",44274,323203,"코스텍","2021-03-18","2021-03-25",3,"EA",50000,1,150000,3,150000,44277,"결제",44278,0,null,150000,44277,150000,44277,"상신","결재완료",150000,44295,150000,44295]
[1102,1000074608,10,"물품구매(욕창예방매트리스)",2145600370,"욕창예방매트리스",10,"Z20130001","욕창예방매트리스공기격자형-국산(870x1970x65mm) (의지재료) (","Z01",456,null,44274,"최종승인",27783,"이미경",44277,323411,"주식회사씰테크 용인지점","2021-03-19","2021-03-26",1,"EA",1300000,1,1300000,1,1300000,44277,"결제",44278,0,null,1300000,44277,1300000,44277,"상신","결재완료",1300000,44315,1300000,44315]
[1102,1000074623,10,"물품구매(0.9 렌찌 드라이버/법인카드)",2145600380,"스마트소켓/0.9렌찌 드라이버",10,"Z20050607","스마트소켓(연구재료) (연구재료)","Z01",456,null,44281,"최종승인",8220,"신현준",44278,516541808,"스마트소켓-1808","2021-03-22","2021-04-02",30,"EA",181401,30,181401,30,181401,44277,"결제",44285,0,null,181401,44277,181401,44277,"상신","결재완료",0,null,181401,44312]
[1102,1000074490,10,"물품구매(욕창매트리스)",2145600347,"욕창예방매트리스",10,"Z20130055","욕창예방매트리스-Md-100 TPU3","Z01",456,null,44271,"최종승인",6154,"김순종",44272,301766,"은혜메디칼","2021-03-16","2021-03-23",3,"EA",350000,1,1050000,3,1050000,44274,"결제",44278,0,null,1050000,44274,1050000,44274,"상신","결재완료",1050000,44315,1050000,44315]
[1102,1000074499,10,"물품구매(DA 490U/S2-Glass외)",2145600338,"직무지원/da 490u s2 glass 등 2종",10,"Z20050113","DA 490U/S2-Glass","Z01",456,null,44294,"최종승인",6146,"차국찬",44271,320868,"주식회사 온써지칼","2021-03-15","2021-04-15",1,"EA",1569600,1,1569600,1,1569600,44274,"결제",44279,0,null,1569600,44274,1569600,44274,"상신","결재완료",1569600,44315,1569600,44315]
[1102,1000074499,20,"물품구매(DA 490U/S2-Glass외)",2145600338,"직무지원/da 490u s2 glass 등 2종",20,"Z20050113","DA 4090/S2-Glass","Z01",456,null,44294,"최종승인",6146,"차국찬",44271,320868,"주식회사 온써지칼","2021-03-15","2021-04-15",1,"EA",1103200,1,1103200,1,1103200,44274,"결제",44279,0,null,1103200,44274,1103200,44274,"상신","결재완료",1103200,44315,1103200,44315]
[1102,1000074505,10,"물품구매(인공지능무릎/조*정)",2145600342,"의지하지 대퇴무릎장식",10,"Z20010446","의지하지-대퇴무릎장식Bk인공지능(인공지능) (의지재료) (의지재료)","Z01",456,null,44271,"최종승인",11764,"조혜정",44271,302514,"비케이메디텍","2021-03-16","2021-03-23",2,"EA",2484000,1,4968000,2,4968000,44274,"결제",44278,0,null,4968000,44274,4968000,44274,"상신","결재완료",4968000,44315,4968000,44315]
[1102,1000074511,10,"물품구매(욕창방석)",2145600346,"욕창예방방석",10,"Z20130029","욕창예방방석공기격자형-Smdub0003(8x9x5) (의지재료) (의지재","Z01",456,null,44271,"최종승인",6154,"김순종",44272,323411,"주식회사씰테크 용인지점","2021-03-16","2021-03-23",3,"EA",230000,1,690000,3,690000,44274,"결제",44278,0,null,690000,44274,690000,44274,"상신","결재완료",690000,44315,690000,44315]
[1102,1000074512,10,"물품구매(tlso외1건)",2145600345,"보조기하지 짧은다리보조기 등 2종",10,"Z20011149","보조기하지-UDFLEX짧은다리보조기 보아식 (오르텍)","Z01",456,null,44271,"최종승인",6154,"김순종",44272,322758,"오르텍주식회사","2021-03-16","2021-03-23",1,"EA",45000,1,45000,1,45000,44274,"결제",44278,0,null,45000,44274,45000,44274,"상신","결재완료",45000,44315,45000,44315]
[1102,1000074512,20,"물품구매(tlso외1건)",2145600345,"보조기하지 짧은다리보조기 등 2종",20,"Z20010967","보조기척추-OT TLSO 몰딩 (의지재료)","Z01",456,null,44271,"최종승인",6154,"김순종",44272,322758,"오르텍주식회사","2021-03-16","2021-03-23",3,"EA",80000,1,240000,3,240000,44274,"결제",44278,0,null,240000,44274,240000,44274,"상신","결재완료",240000,44315,240000,44315]
[1102,1000074537,10,"물품구매(커넥터등13종 1건/세금계산서)",2145600353,"모듈형휠체어/커넥터 등13종",10,"Z20050916","모듈형휠체어","Z01",456,null,44279,"최종승인",6363,"홍응표",44273,328856,"이음 인더스트리","2021-03-17","2021-03-31",1,"EA",160193,1,160193,1,160193,44274,"결제",44280,0,null,160193,44274,160193,44274,"상신","결재완료",0,null,160193,44295]
[1102,1500037263,10,"물품구매(소형 컬러복합기)",2145600337,"단차해소보조기기/소형 컬러 복합기",10,null,"소형 컬러복합기","Z06",456,null,44270,"최종승인",6146,"차국찬",44271,321731,"주식회사 소명시스템","2021-03-15","2021-04-15",1,"EA",672000,1,672000,1,672000,44274,"결제",44279,0,null,672000,44274,672000,44274,"상신","결재완료",0,null,672000,44295]
[1102,1500037264,10,"물품구매(노트북)",2145600336,"단차해소보조기기/노트북",10,null,"노트북","Z06",456,null,44270,"최종승인",6146,"차국찬",44271,322296,"위랩","2021-03-15","2021-04-15",1,"EA",3080000,1,3080000,1,3080000,44274,"결제",44279,0,null,3080000,44274,3080000,44274,"상신","결재완료",0,null,3080000,44295]
[1102,1500037330,10,"물품구매(Matlab software, 세금계산서)",2145600361,"로터리구동모듈/matlab toolbox",10,null,"Matlab software","Z06",456,null,44273,"최종승인",28743,"조재성",44277,301984,"매스웍스코리아 유한회사","2021-03-18","2021-04-16",1,"EA",5940000,1,5940000,1,5940000,44274,"결제",44279,0,null,5940000,44274,5940000,44274,"상신","결재완료",0,null,5940000,44295]
[1102,1000074440,10,"물품구매(맞춤 깔창)",2145600331,"시험상용화/맞춤 깔창",10,"Z20050949","맞춤 깔창(바이오메카닉스)","Z01",456,null,44267,"최종승인",27783,"이미경",44270,302939,"바이오메카닉스(주)","2021-03-12","2021-03-19",5,"EA",363636,1,1818180,5,1818180,44273,"결제",44274,0,null,1818180,44273,1818180,44273,"상신","결재완료",1818180,44295,1818180,44295]
[1102,1000074507,10,"물품구매(AL6061)",2145600349,"직무지원/al6061",10,"Z20050113","직무지원 연구재료 (연구재료) (연구재료)","Z01",456,null,44271,"최종승인",6147,"김도완",44272,300799,"(주) 동양기재상사","2021-03-16","2021-03-23",12,"EA",4800,1,57600,12,57600,44273,"결제",44274,0,null,57600,44273,57600,44273,"상신","결재완료",57600,44315,57600,44315]
[1102,1000074525,10,"물품구매/미관형의수(실리콘)/상박관절장식(기능형)/지*민/전*영/허*무/반*열",2145600344,"의지하지 바그너핀라이너 등 8종",10,"Z20010676","의지하지-바그너핀라이너 (의지재료)","Z01",456,null,44271,"최종승인",6164,"조성문",44272,301263,"성림교역","2021-03-16","2021-03-23",1,"EA",340000,1,340000,1,340000,44273,"결제",44274,0,null,340000,44273,340000,44273,"상신","결재완료",340000,44315,340000,44315]
[1102,1000074525,20,"물품구매/미관형의수(실리콘)/상박관절장식(기능형)/지*민/전*영/허*무/반*열",2145600344,"의지하지 바그너핀라이너 등 8종",20,"Z20010952","소모품-대퇴흡입보자기(성림) (의지재료)","Z01",456,null,44271,"최종승인",6164,"조성문",44272,301263,"성림교역","2021-03-16","2021-03-23",1,"EA",56000,1,56000,1,56000,44273,"결제",44274,0,null,56000,44273,56000,44273,"상신","결재완료",56000,44315,56000,44315]
[1102,1000074525,30,"물품구매/미관형의수(실리콘)/상박관절장식(기능형)/지*민/전*영/허*무/반*열",2145600344,"의지하지 바그너핀라이너 등 8종",30,"Z20010368","의지상지-미관형의수실리콘리갈(외산) (의지재료) (의지재료)","Z01",456,null,44271,"최종승인",6164,"조성문",44272,301263,"성림교역","2021-03-16","2021-03-23",3,"EA",230000,1,690000,3,690000,44273,"결제",44274,0,null,690000,44273,690000,44273,"상신","결재완료",690000,44315,690000,44315]
[1102,1000074525,40,"물품구매/미관형의수(실리콘)/상박관절장식(기능형)/지*민/전*영/허*무/반*열",2145600344,"의지하지 바그너핀라이너 등 8종",40,"Z20011102","소모품-알미늄 튜브 910mm(성림)","Z01",456,null,44271,"최종승인",6164,"조성문",44272,301263,"성림교역","2021-03-16","2021-03-23",5,"EA",35000,1,175000,5,175000,44273,"결제",44274,0,null,175000,44273,175000,44273,"상신","결재완료",175000,44315,175000,44315]
[1102,1000074525,50,"물품구매/미관형의수(실리콘)/상박관절장식(기능형)/지*민/전*영/허*무/반*열",2145600344,"의지하지 바그너핀라이너 등 8종",50,"Z20010611","보조기하지-CEPA (의지재료) (의지재료)","Z01",456,null,44271,"최종승인",6164,"조성문",44272,301263,"성림교역","2021-03-16","2021-03-23",1,"EA",80000,1,80000,1,80000,44273,"결제",44274,0,null,80000,44273,80000,44273,"상신","결재완료",80000,44315,80000,44315]
[1102,1000074525,60,"물품구매/미관형의수(실리콘)/상박관절장식(기능형)/지*민/전*영/허*무/반*열",2145600344,"의지하지 바그너핀라이너 등 8종",60,"Z20010880","하지의지-발프리덤외피(의지재료) (의지재료)","Z01",456,null,44271,"최종승인",6164,"조성문",44272,301263,"성림교역","2021-03-16","2021-03-23",1,"EA",160000,1,160000,1,160000,44273,"결제",44274,0,null,160000,44273,160000,44273,"상신","결재완료",160000,44315,160000,44315]
[1102,1000074525,70,"물품구매/미관형의수(실리콘)/상박관절장식(기능형)/지*민/전*영/허*무/반*열",2145600344,"의지하지 바그너핀라이너 등 8종",70,"Z20010649","의지하지-스펙트라삭스 (의지재료) (의지재료)","Z01",456,null,44271,"최종승인",6164,"조성문",44272,301263,"성림교역","2021-03-16","2021-03-23",1,"EA",16000,1,16000,1,16000,44273,"결제",44274,0,null,16000,44273,16000,44273,"상신","결재완료",16000,44315,16000,44315]
[1102,1000074525,80,"물품구매/미관형의수(실리콘)/상박관절장식(기능형)/지*민/전*영/허*무/반*열",2145600344,"의지하지 바그너핀라이너 등 8종",80,"Z20010381","의지상지-상박엘보회전장치(호스머) (의지재료) (의지재료)","Z01",456,null,44271,"최종승인",6164,"조성문",44272,301263,"성림교역","2021-03-16","2021-03-23",1,"EA",760000,1,760000,1,760000,44273,"결제",44274,0,null,760000,44273,760000,44273,"상신","결재완료",760000,44315,760000,44315]
[1102,1300013871,10,"`21년3월 소방점검(중앙소방이엔지)",2145800011,"3월 소방점검",10,null,"`21년3월 소방점검","Z04",458,null,44257,"최종승인",28101,"김형국",44257,302183,"(주) 중앙소방이앤지","2021-03-01","2021-03-31",1,"식",190000,1,190000,1,190000,44273,"결제",44273,0,null,190000,44273,190000,44273,"상신","결재완료",190000,44280,190000,44280]
[1102,1000074429,10,"물품구매(발열필름세트 등 4건/세금계산서)",2145600332,"스마트소켓/발열필름세트 등 4종",10,"Z20050607","스마트소켓(연구재료) (연구재료)","Z01",456,null,44270,"최종승인",27962,"김승기",44270,320291,"에스제이전자","2021-03-11","2021-03-20",10,"EA",38390,1,383900,10,383900,44272,"결제",44277,0,null,383900,44272,383900,44272,"상신","결재완료",0,null,383900,44295]
[1102,1000074429,20,"물품구매(발열필름세트 등 4건/세금계산서)",2145600332,"스마트소켓/발열필름세트 등 4종",20,"Z20050607","스마트소켓(연구재료) (연구재료)","Z01",456,null,44270,"최종승인",27962,"김승기",44270,320291,"에스제이전자","2021-03-11","2021-03-20",10,"EA",15730,1,157300,10,157300,44272,"결제",44277,0,null,157300,44272,157300,44272,"상신","결재완료",0,null,157300,44295]
[1102,1000074429,30,"물품구매(발열필름세트 등 4건/세금계산서)",2145600332,"스마트소켓/발열필름세트 등 4종",30,"Z20050607","스마트소켓(연구재료) (연구재료)","Z01",456,null,44270,"최종승인",27962,"김승기",44270,320291,"에스제이전자","2021-03-11","2021-03-20",10,"EA",23650,1,236500,10,236500,44272,"결제",44277,0,null,236500,44272,236500,44272,"상신","결재완료",0,null,236500,44295]
[1102,1000074429,40,"물품구매(발열필름세트 등 4건/세금계산서)",2145600332,"스마트소켓/발열필름세트 등 4종",40,"Z20050607","스마트소켓(연구재료) (연구재료)","Z01",456,null,44270,"최종승인",27962,"김승기",44270,320291,"에스제이전자","2021-03-11","2021-03-20",10,"EA",21450,1,214500,10,214500,44272,"결제",44277,0,null,214500,44272,214500,44272,"상신","결재완료",0,null,214500,44295]
[1102,1000074523,10,"물품구매(소모품)",2145600348,"소모품 양면테이프 등 7종",10,"Z20010233","소모품-양면테이프(2mm) (의지재료) (의지재료)","Z01",456,null,44271,"최종승인",9144,"정창희",44272,301148,"신성메디칼","2021-03-16","2021-03-23",2,"EA",6000,1,12000,2,12000,44272,"결제",44274,0,null,12000,44272,12000,44272,"상신","결재완료",12000,44315,12000,44315]
[1102,1000074523,20,"물품구매(소모품)",2145600348,"소모품 양면테이프 등 7종",20,"Z20010174","소모품-석고소석고2급b(25kg) (의지재료) (의지재료)","Z01",456,null,44271,"최종승인",9144,"정창희",44272,301148,"신성메디칼","2021-03-16","2021-03-23",5,"EA",35000,1,175000,5,175000,44272,"결제",44274,0,null,175000,44272,175000,44272,"상신","결재완료",175000,44315,175000,44315]
[1102,1000074523,30,"물품구매(소모품)",2145600348,"소모품 양면테이프 등 7종",30,"Z20010259","소모품-젤렉스(A급) (의지재료) (의지재료)","Z01",456,null,44271,"최종승인",9144,"정창희",44272,301148,"신성메디칼","2021-03-16","2021-03-23",5,"EA",35000,1,175000,5,175000,44272,"결제",44274,0,null,175000,44272,175000,44272,"상신","결재완료",175000,44315,175000,44315]
[1102,1000074523,40,"물품구매(소모품)",2145600348,"소모품 양면테이프 등 7종",40,"Z20010145","소모품-밴드스타킹 (의지재료) (의지재료)","Z01",456,null,44271,"최종승인",9144,"정창희",44272,301148,"신성메디칼","2021-03-16","2021-03-23",100,"EA",1100,1,110000,100,110000,44272,"결제",44274,0,null,110000,44272,110000,44272,"상신","결재완료",110000,44315,110000,44315]
[1102,1000074523,50,"물품구매(소모품)",2145600348,"소모품 양면테이프 등 7종",50,"Z20010189","소모품-수술용장갑 (의지재료) (의지재료)","Z01",456,null,44271,"최종승인",9144,"정창희",44272,301148,"신성메디칼","2021-03-16","2021-03-23",5,"EA",15000,1,75000,5,75000,44272,"결제",44274,0,null,75000,44272,75000,44272,"상신","결재완료",75000,44315,75000,44315]
[1102,1000074523,60,"물품구매(소모품)",2145600348,"소모품 양면테이프 등 7종",60,"Z20010257","소모품-전기테이프(19mm) (의지재료) (의지재료)","Z01",456,null,44271,"최종승인",9144,"정창희",44272,301148,"신성메디칼","2021-03-16","2021-03-23",20,"EA",500,1,10000,20,10000,44272,"결제",44274,0,null,10000,44272,10000,44272,"상신","결재완료",10000,44315,10000,44315]
[1102,1000074523,70,"물품구매(소모품)",2145600348,"소모품 양면테이프 등 7종",70,"Z20010281","소모품-칼라스타키넷(외산) (의지재료) (의지재료)","Z01",456,null,44271,"최종승인",9144,"정창희",44272,301148,"신성메디칼","2021-03-16","2021-03-23",100,"EA",3500,1,350000,100,350000,44272,"결제",44274,0,null,350000,44272,350000,44272,"상신","결재완료",350000,44315,350000,44315]
[1102,1000074536,10,"물품구매(SMPS 1건/법인카드)",2145600352,"모듈형휠체어/smps",10,"Z20050916","모듈형휠체어","Z01",456,null,44288,"최종승인",6363,"홍응표",44273,516585676,"모듈형휠체어-5676","2021-03-17","2021-04-10",1,"EA",740850,1,740850,1,740850,44272,"결제",44280,0,null,740850,44272,740850,44272,"상신","결재완료",0,null,740850,44312]
[1102,1100006664,10,"화상회의시스템(모니터,카메라,마이크,스탠드,잡자재)",2145600350,"화상회의시스템",10,null,"화상회의시스템","Z02",456,null,44271,"최종승인",null,null,44272,328238,"지니아텍","2021-03-16","2021-03-31",1,"개",1420000,1,1420000,1,1420000,44272,"결제",44274,0,null,1420000,44272,1420000,44272,"상신","결재완료",1420000,44280,1420000,44280]
[1102,1300013872,10,"`21년3월 승강기점검(서울승강기서비스)",2145800009,"3월 승강기점검",10,null,"`21년3월 승강기점검","Z04",458,null,44257,"최종승인",28101,"김형국",44257,315165,"서울승강기 서비스","2021-03-01","2021-03-31",1,"식",140000,1,140000,1,140000,44272,"결제",44273,0,null,140000,44272,140000,44272,"상신","결재완료",140000,44280,140000,44280]
[1102,1000074316,10,"물품구매(전동휠체어 제어기 모듈 등 1건/ 세금계산서)",2145600315,"스마트어시스트/전동휠체어 제어기모듈 등 4종",10,"Z20050649","스마트어시스트(연구재료) (연구재료)","Z01",456,null,44267,"최종승인",28870,"오영찬",44267,304132,"조영승 (상윤산업)","2021-03-05","2021-03-19",1,"EA",746900,1,746900,1,746900,44271,"결제",44273,0,null,746900,44271,746900,44271,"상신","결재완료",0,null,746900,44295]
[1102,1000074439,10,"물품구매(손의지-김*철 외 조*정)",2145600321,"의지상지 미관형의수 등 2종",10,"Z20010367","의지상지-미관형의수실리콘두손 (의지재료) (의지재료)","Z01",456,null,44267,"최종승인",11764,"조혜정",44267,300508,"두손의수","2021-03-12","2021-03-19",4,"EA",230000,1,920000,4,920000,44271,"결제",44271,0,null,920000,44271,920000,44271,"상신","결재완료",920000,44315,920000,44315]
[1102,1000074439,20,"물품구매(손의지-김*철 외 조*정)",2145600321,"의지상지 미관형의수 등 2종",20,"Z20010372","의지상지-미관형의수지실리콘 (의지재료) (의지재료)","Z01",456,null,44267,"최종승인",11764,"조혜정",44267,300508,"두손의수","2021-03-12","2021-03-19",12,"EA",65000,1,780000,12,780000,44271,"결제",44271,0,null,780000,44271,780000,44271,"상신","결재완료",780000,44315,780000,44315]
[1102,1000074446,10,"물품구매-활동형휠체어/임*은",2145600313,"활동형휠체어 등 4종",10,"Z20120635","활동형 휠체어- CAMEL SPORT A타입 휠로피아","Z01",456,null,44266,"최종승인",9620,"임성은",44267,301700,"(주)휠로피아","2021-03-11","2021-03-18",1,"EA",950000,1,950000,1,950000,44271,"결제",44273,0,null,950000,44271,950000,44271,"상신","결재완료",950000,44315,950000,44315]
[1102,1000074446,20,"물품구매-활동형휠체어/임*은",2145600313,"활동형휠체어 등 4종",20,"Z20120200","휠체어수리-브레이크토글휠로피아(대만산) (의지재료) (의지재료)","Z01",456,null,44266,"최종승인",9620,"임성은",44267,301700,"(주)휠로피아","2021-03-11","2021-03-18",4,"EA",25000,1,100000,4,100000,44271,"결제",44273,0,null,100000,44271,100000,44271,"상신","결재완료",100000,44315,100000,44315]
[1102,1000074446,30,"물품구매-활동형휠체어/임*은",2145600313,"활동형휠체어 등 4종",30,"Z20120405","휠체어수리-튜브활동형미키(22,24in) (의지재료) (의지재료)","Z01",456,null,44266,"최종승인",9620,"임성은",44267,301700,"(주)휠로피아","2021-03-11","2021-03-18",24,"EA",4000,1,96000,24,96000,44271,"결제",44273,0,null,96000,44271,96000,44271,"상신","결재완료",96000,44315,96000,44315]
[1102,1000074446,40,"물품구매-활동형휠체어/임*은",2145600313,"활동형휠체어 등 4종",40,"Z20120369","휠체어수리-타이어활동형일산휠로피아(24,25in) (의지재료) (의지재료","Z01",456,null,44266,"최종승인",9620,"임성은",44267,301700,"(주)휠로피아","2021-03-11","2021-03-18",8,"EA",23200,1,185600,8,185600,44271,"결제",44273,0,null,185600,44271,185600,44271,"상신","결재완료",185600,44315,185600,44315]
[1102,1000074447,10,"물품구매-의지상지/임*은",2145600312,"보조기상지 케이슬링 등 6종",10,"Z20010017","보조기상지-케이슬링 (의지재료) (의지재료)","Z01",456,null,44266,"최종승인",9620,"임성은",44267,301263,"성림교역","2021-03-11","2021-03-18",3,"EA",25000,1,75000,3,75000,44271,"결제",44273,0,null,75000,44271,75000,44271,"상신","결재완료",75000,44315,75000,44315]
[1102,1000074447,20,"물품구매-의지상지/임*은",2145600312,"보조기상지 케이슬링 등 6종",20,"Z20010555","의지하지-폼카바대퇴용대만(대만산) (의지재료) (의지재료)","Z01",456,null,44266,"최종승인",9620,"임성은",44267,301263,"성림교역","2021-03-11","2021-03-18",13,"EA",89000,1,1157000,13,1157000,44271,"결제",44273,0,null,1157000,44271,1157000,44271,"상신","결재완료",1157000,44315,1157000,44315]
[1102,1000074447,30,"물품구매-의지상지/임*은",2145600312,"보조기상지 케이슬링 등 6종",30,"Z20010379","의지상지-상박신경줄호스머(호스머) (의지재료) (의지재료)","Z01",456,null,44266,"최종승인",9620,"임성은",44267,301263,"성림교역","2021-03-11","2021-03-18",4,"EA",95000,1,380000,4,380000,44271,"결제",44273,0,null,380000,44271,380000,44271,"상신","결재완료",380000,44315,380000,44315]
[1102,1000074447,40,"물품구매-의지상지/임*은",2145600312,"보조기상지 케이슬링 등 6종",40,"Z20010389","의지상지-손목장식국산(국산) (의지재료) (의지재료)","Z01",456,null,44266,"최종승인",9620,"임성은",44267,301263,"성림교역","2021-03-11","2021-03-18",5,"EA",17000,1,85000,5,85000,44271,"결제",44273,0,null,85000,44271,85000,44271,"상신","결재완료",85000,44315,85000,44315]
[1102,1000074447,50,"물품구매-의지상지/임*은",2145600312,"보조기상지 케이슬링 등 6종",50,"Z20010577","하지의지-하퇴용더마실(외산) (의지재료) (의지재료)","Z01",456,null,44266,"최종승인",9620,"임성은",44267,301263,"성림교역","2021-03-11","2021-03-18",2,"EA",105000,1,210000,2,210000,44271,"결제",44273,0,null,210000,44271,210000,44271,"상신","결재완료",210000,44315,210000,44315]
[1102,1000074447,60,"물품구매-의지상지/임*은",2145600312,"보조기상지 케이슬링 등 6종",60,"Z20010620","의지하지-3-프롱대퇴회전조절소켓 (의지재료) (의지재료)","Z01",456,null,44266,"최종승인",9620,"임성은",44267,301263,"성림교역","2021-03-11","2021-03-18",1,"EA",42000,1,42000,1,42000,44271,"결제",44273,0,null,42000,44271,42000,44271,"상신","결재완료",42000,44315,42000,44315]
[1102,1000074450,10,"물품구매 수부 /창원센터",2145600323,"의지상지 미관형의수 등 2종",10,"Z20010367","의지상지-미관형의수실리콘두손 (의지재료) (의지재료)","Z01",456,null,44267,"최종승인",6166,"김현종",44267,300508,"두손의수","2021-03-12","2021-03-19",2,"EA",230000,1,460000,2,460000,44271,"결제",44272,0,null,460000,44271,460000,44271,"상신","결재완료",460000,44315,460000,44315]
[1102,1000074450,20,"물품구매 수부 /창원센터",2145600323,"의지상지 미관형의수 등 2종",20,"Z20010372","의지상지-미관형의수지실리콘 (의지재료) (의지재료)","Z01",456,null,44267,"최종승인",6166,"김현종",44267,300508,"두손의수","2021-03-12","2021-03-19",1,"EA",65000,1,65000,1,65000,44271,"결제",44272,0,null,65000,44271,65000,44271,"상신","결재완료",65000,44315,65000,44315]
[1102,1000074451,10,"물품구매 의지상지 /창원센터",2145600328,"의지상지 미관형의수 등 2종",10,"Z20010368","의지상지-미관형의수실리콘리갈(외산) (의지재료) (의지재료)","Z01",456,null,44267,"최종승인",6166,"김현종",44270,301263,"성림교역","2021-03-12","2021-03-19",4,"EA",230000,1,920000,4,920000,44271,"결제",44272,0,null,920000,44271,920000,44271,"상신","결재완료",920000,44315,920000,44315]
[1102,1000074451,20,"물품구매 의지상지 /창원센터",2145600328,"의지상지 미관형의수 등 2종",20,"Z20010175","소모품-석고연필(석고형외산) (의지재료) (의지재료)","Z01",456,null,44267,"최종승인",6166,"김현종",44270,301263,"성림교역","2021-03-12","2021-03-19",6,"EA",3000,1,18000,6,18000,44271,"결제",44272,0,null,18000,44271,18000,44271,"상신","결재완료",18000,44315,18000,44315]
[1102,1000074452,10,"물품구매 소모품 /창원센터",2145600322,"소모품 아세톤 등 8종",10,"Z20010224","소모품-아세톤 (의지재료) (의지재료)","Z01",456,null,44267,"최종승인",6166,"김현종",44267,301148,"신성메디칼","2021-03-12","2021-03-19",5,"EA",5000,1,25000,5,25000,44271,"결제",44272,0,null,25000,44271,25000,44271,"상신","결재완료",25000,44315,25000,44315]
[1102,1000074452,20,"물품구매 소모품 /창원센터",2145600322,"소모품 아세톤 등 8종",20,"Z20010259","소모품-젤렉스(A급) (의지재료) (의지재료)","Z01",456,null,44267,"최종승인",6166,"김현종",44267,301148,"신성메디칼","2021-03-12","2021-03-19",5,"EA",35000,1,175000,5,175000,44271,"결제",44272,0,null,175000,44271,175000,44271,"상신","결재완료",175000,44315,175000,44315]
[1102,1000074452,30,"물품구매 소모품 /창원센터",2145600322,"소모품 아세톤 등 8종",30,"Z20010147","소모품-벨크로1미터(1in) (의지재료) (의지재료)","Z01",456,null,44267,"최종승인",6166,"김현종",44267,301148,"신성메디칼","2021-03-12","2021-03-19",1,"EA",18000,1,18000,1,18000,44271,"결제",44272,0,null,18000,44271,18000,44271,"상신","결재완료",18000,44315,18000,44315]
[1102,1000074452,40,"물품구매 소모품 /창원센터",2145600322,"소모품 아세톤 등 8종",40,"Z20010148","소모품-벨크로2미터(2in) (의지재료) (의지재료)","Z01",456,null,44267,"최종승인",6166,"김현종",44267,301148,"신성메디칼","2021-03-12","2021-03-19",1,"EA",25000,1,25000,1,25000,44271,"결제",44272,0,null,25000,44271,25000,44271,"상신","결재완료",25000,44315,25000,44315]
[1102,1000074452,50,"물품구매 소모품 /창원센터",2145600322,"소모품 아세톤 등 8종",50,"Z20010136","소모품-면장갑(작업용) (의지재료) (의지재료)","Z01",456,null,44267,"최종승인",6166,"김현종",44267,301148,"신성메디칼","2021-03-12","2021-03-19",10,"EA",2000,1,20000,10,20000,44271,"결제",44272,0,null,20000,44271,20000,44271,"상신","결재완료",20000,44315,20000,44315]
[1102,1000074452,60,"물품구매 소모품 /창원센터",2145600322,"소모품 아세톤 등 8종",60,"Z20010246","소모품-위생랩(30cm) (의지재료) (의지재료)","Z01",456,null,44267,"최종승인",6166,"김현종",44267,301148,"신성메디칼","2021-03-12","2021-03-19",10,"EA",5000,1,50000,10,50000,44271,"결제",44272,0,null,50000,44271,50000,44271,"상신","결재완료",50000,44315,50000,44315]
[1102,1000074452,70,"물품구매 소모품 /창원센터",2145600322,"소모품 아세톤 등 8종",70,"Z20010217","소모품-실리콘유리용(급속형) (의지재료) (의지재료)","Z01",456,null,44267,"최종승인",6166,"김현종",44267,301148,"신성메디칼","2021-03-12","2021-03-19",10,"EA",2500,1,25000,10,25000,44271,"결제",44272,0,null,25000,44271,25000,44271,"상신","결재완료",25000,44315,25000,44315]
[1102,1000074452,80,"물품구매 소모품 /창원센터",2145600322,"소모품 아세톤 등 8종",80,"Z20010134","소모품-면스타키넷(국산3in) (의지재료) (의지재료)","Z01",456,null,44267,"최종승인",6166,"김현종",44267,301148,"신성메디칼","2021-03-12","2021-03-19",10,"EA",10000,1,100000,10,100000,44271,"결제",44272,0,null,100000,44271,100000,44271,"상신","결재완료",100000,44315,100000,44315]
[1102,1000074456,10,"물품구매(실리콘라이너/천*민)",2145600329,"의지하지 실리콘싹스",10,"Z20010507","의지하지-실리콘싹스국산(국산) (의지재료) (의지재료)","Z01",456,null,44270,"최종승인",27784,"천성민",44270,323203,"코스텍","2021-03-15","2021-03-22",4,"EA",120000,1,480000,4,480000,44271,"결제",44274,0,null,480000,44271,480000,44271,"상신","결재완료",480000,44315,480000,44315]
[1102,1000074461,10,"물품구매/미관형의수(실리콘)/김*식/최*기/박*근/이*희/조*문",2145600327,"의지상지 미관형의수",10,"Z20010367","의지상지-미관형의수실리콘두손 (의지재료) (의지재료)","Z01",456,null,44267,"최종승인",6164,"조성문",44270,300508,"두손의수","2021-03-12","2021-03-19",5,"EA",230000,1,1150000,5,1150000,44271,"결제",44272,0,null,1150000,44271,1150000,44271,"상신","결재완료",1150000,44315,1150000,44315]
[1102,1000074462,10,"물품구매/의지재료(소모품)/조*문",2145600326,"소모품 젤렉스 등 15종",10,"Z20010259","소모품-젤렉스(A급) (의지재료) (의지재료)","Z01",456,null,44267,"최종승인",6164,"조성문",44270,301148,"신성메디칼","2021-03-12","2021-03-19",5,"EA",35000,1,175000,5,175000,44271,"결제",44272,0,null,175000,44271,175000,44271,"상신","결재완료",175000,44315,175000,44315]
[1102,1000074462,20,"물품구매/의지재료(소모품)/조*문",2145600326,"소모품 젤렉스 등 15종",20,"Z20010145","소모품-밴드스타킹 (의지재료) (의지재료)","Z01",456,null,44267,"최종승인",6164,"조성문",44270,301148,"신성메디칼","2021-03-12","2021-03-19",100,"EA",1100,1,110000,100,110000,44271,"결제",44272,0,null,110000,44271,110000,44271,"상신","결재완료",110000,44315,110000,44315]
[1102,1000074462,30,"물품구매/의지재료(소모품)/조*문",2145600326,"소모품 젤렉스 등 15종",30,"Z20010336","소모품-P.P(3x120x240) (의지재료) (의지재료)","Z01",456,null,44267,"최종승인",6164,"조성문",44270,301148,"신성메디칼","2021-03-12","2021-03-19",3,"EA",78000,1,234000,3,234000,44271,"결제",44272,0,null,234000,44271,234000,44271,"상신","결재완료",234000,44315,234000,44315]
[1102,1000074462,40,"물품구매/의지재료(소모품)/조*문",2145600326,"소모품 젤렉스 등 15종",40,"Z20010338","소모품-P.P(5x120x240) (의지재료) (의지재료)","Z01",456,null,44267,"최종승인",6164,"조성문",44270,301148,"신성메디칼","2021-03-12","2021-03-19",4,"EA",95000,1,380000,4,380000,44271,"결제",44272,0,null,380000,44271,380000,44271,"상신","결재완료",380000,44315,380000,44315]
[1102,1000074462,50,"물품구매/의지재료(소모품)/조*문",2145600326,"소모품 젤렉스 등 15종",50,"Z20010224","소모품-아세톤 (의지재료) (의지재료)","Z01",456,null,44267,"최종승인",6164,"조성문",44270,301148,"신성메디칼","2021-03-12","2021-03-19",2,"EA",5000,1,10000,2,10000,44271,"결제",44272,0,null,10000,44271,10000,44271,"상신","결재완료",10000,44315,10000,44315]
[1102,1000074462,60,"물품구매/의지재료(소모품)/조*문",2145600326,"소모품 젤렉스 등 15종",60,"Z20010954","소모품-일제 가스토치 (의지재료)","Z01",456,null,44267,"최종승인",6164,"조성문",44270,301148,"신성메디칼","2021-03-12","2021-03-19",1,"EA",65000,1,65000,1,65000,44271,"결제",44272,0,null,65000,44271,65000,44271,"상신","결재완료",65000,44315,65000,44315]
[1102,1000074462,70,"물품구매/의지재료(소모품)/조*문",2145600326,"소모품 젤렉스 등 15종",70,"Z20011065","소모품-광목천","Z01",456,null,44267,"최종승인",6164,"조성문",44270,301148,"신성메디칼","2021-03-12","2021-03-19",5,"EA",10000,1,50000,5,50000,44271,"결제",44272,0,null,50000,44271,50000,44271,"상신","결재완료",50000,44315,50000,44315]
[1102,1000074462,80,"물품구매/의지재료(소모품)/조*문",2145600326,"소모품 젤렉스 등 15종",80,"Z20010963","소모품-펀치세트 (의지재료)","Z01",456,null,44267,"최종승인",6164,"조성문",44270,301148,"신성메디칼","2021-03-12","2021-03-19",1,"EA",50000,1,50000,1,50000,44271,"결제",44272,0,null,50000,44271,50000,44271,"상신","결재완료",50000,44315,50000,44315]
[1102,1000074462,90,"물품구매/의지재료(소모품)/조*문",2145600326,"소모품 젤렉스 등 15종",90,"Z20010233","소모품-양면테이프(2mm) (의지재료) (의지재료)","Z01",456,null,44267,"최종승인",6164,"조성문",44270,301148,"신성메디칼","2021-03-12","2021-03-19",5,"EA",6000,1,30000,5,30000,44271,"결제",44272,0,null,30000,44271,30000,44271,"상신","결재완료",30000,44315,30000,44315]
[1102,1000074462,100,"물품구매/의지재료(소모품)/조*문",2145600326,"소모품 젤렉스 등 15종",100,"Z20010147","소모품-벨크로1미터(1in) (의지재료) (의지재료)","Z01",456,null,44267,"최종승인",6164,"조성문",44270,301148,"신성메디칼","2021-03-12","2021-03-19",1,"EA",18000,1,18000,1,18000,44271,"결제",44272,0,null,18000,44271,18000,44271,"상신","결재완료",18000,44315,18000,44315]
[1102,1000074462,110,"물품구매/의지재료(소모품)/조*문",2145600326,"소모품 젤렉스 등 15종",110,"Z20010148","소모품-벨크로2미터(2in) (의지재료) (의지재료)","Z01",456,null,44267,"최종승인",6164,"조성문",44270,301148,"신성메디칼","2021-03-12","2021-03-19",1,"EA",25000,1,25000,1,25000,44271,"결제",44272,0,null,25000,44271,25000,44271,"상신","결재완료",25000,44315,25000,44315]
[1102,1000074462,120,"물품구매/의지재료(소모품)/조*문",2145600326,"소모품 젤렉스 등 15종",120,"Z20010171","소모품-석고붕대(15cm) (의지재료) (의지재료)","Z01",456,null,44267,"최종승인",6164,"조성문",44270,301148,"신성메디칼","2021-03-12","2021-03-19",72,"EA",3500,1,252000,72,252000,44271,"결제",44272,0,null,252000,44271,252000,44271,"상신","결재완료",252000,44315,252000,44315]
[1102,1000074462,130,"물품구매/의지재료(소모품)/조*문",2145600326,"소모품 젤렉스 등 15종",130,"Z20010246","소모품-위생랩(30cm) (의지재료) (의지재료)","Z01",456,null,44267,"최종승인",6164,"조성문",44270,301148,"신성메디칼","2021-03-12","2021-03-19",5,"EA",5000,1,25000,5,25000,44271,"결제",44272,0,null,25000,44271,25000,44271,"상신","결재완료",25000,44315,25000,44315]
[1102,1000074462,140,"물품구매/의지재료(소모품)/조*문",2145600326,"소모품 젤렉스 등 15종",140,"Z20010190","소모품-순간접착제(20g) (의지재료) (의지재료)","Z01",456,null,44267,"최종승인",6164,"조성문",44270,301148,"신성메디칼","2021-03-12","2021-03-19",3,"EA",2500,1,7500,3,7500,44271,"결제",44272,0,null,7500,44271,7500,44271,"상신","결재완료",7500,44315,7500,44315]
[1102,1000074462,150,"물품구매/의지재료(소모품)/조*문",2145600326,"소모품 젤렉스 등 15종",150,"Z20011244","소모품-카타칼","Z01",456,null,44267,"최종승인",6164,"조성문",44270,301148,"신성메디칼","2021-03-12","2021-03-19",3,"EA",1500,1,4500,3,4500,44271,"결제",44272,0,null,4500,44271,4500,44271,"상신","결재완료",4500,44315,4500,44315]
[1102,1000074463,10,"물품구매(문*환/유*선)",2145600324,"활동형휠체어",10,"Z20120641","활동형휠체어- 노바제로 A타입 (티오엠)","Z01",456,null,44267,"최종승인",26283,"유재선",44267,325322,"썬메디테크","2021-03-12","2021-03-19",1,"EA",950000,1,950000,1,950000,44271,"결제",44272,0,null,950000,44271,950000,44271,"상신","결재완료",950000,44315,950000,44315]
[1102,1000074464,10,"물품구매(오*석-임*석/유*선)",2145600325,"휠체어꺽기형 등 4종",10,"Z20120055","휠체어꺽기형-미라지7일반형미키 (의지재료) (의지재료)","Z01",456,null,44267,"최종승인",26283,"유재선",44267,301882,"미키메디칼","2021-03-12","2021-03-19",1,"EA",440000,1,440000,1,440000,44271,"결제",44274,0,null,440000,44271,440000,44271,"상신","결재완료",440000,44315,440000,44315]
[1102,1000074464,20,"물품구매(오*석-임*석/유*선)",2145600325,"휠체어꺽기형 등 4종",20,"Z20120628","침대형휠체어-HAL-48알루미늄드럼브레이크(미키코리아) (의지재료)","Z01",456,null,44267,"최종승인",26283,"유재선",44267,301882,"미키메디칼","2021-03-12","2021-03-19",1,"EA",740000,1,740000,1,740000,44271,"결제",44274,0,null,740000,44271,740000,44271,"상신","결재완료",740000,44315,740000,44315]
[1102,1000074464,30,"물품구매(오*석-임*석/유*선)",2145600325,"휠체어꺽기형 등 4종",30,"Z20120095","휠체어수리-뒷바퀴조립미키(22,24in) (의지재료) (의지재료)","Z01",456,null,44267,"최종승인",26283,"유재선",44267,301882,"미키메디칼","2021-03-12","2021-03-19",2,"EA",35000,1,70000,2,70000,44271,"결제",44274,0,null,70000,44271,70000,44271,"상신","결재완료",70000,44315,70000,44315]
[1102,1000074464,40,"물품구매(오*석-임*석/유*선)",2145600325,"휠체어꺽기형 등 4종",40,"Z20120340","휠체어수리-타이어일반형미키(22,24in) (의지재료) (의지재료)","Z01",456,null,44267,"최종승인",26283,"유재선",44267,301882,"미키메디칼","2021-03-12","2021-03-19",10,"EA",8000,1,80000,10,80000,44271,"결제",44274,0,null,80000,44271,80000,44271,"상신","결재완료",80000,44315,80000,44315]
[1102,1000074502,10,"물품구매(미관형의수-김*진)",2145600339,"의지상지 미관형의수",10,"Z20010367","의지상지-미관형의수실리콘두손 (의지재료) (의지재료)","Z01",456,null,44271,"최종승인",9144,"정창희",44271,300508,"두손의수","2021-03-15","2021-03-23",2,"EA",230000,1,460000,2,460000,44271,"결제",44274,0,null,460000,44271,460000,44271,"상신","결재완료",460000,44315,460000,44315]
[1102,1000074508,10,"물품구매(폰잭등18종 1건/법인카드)",2145600341,"스마트어시스트/폰잭 등 18종",10,"Z20050649","스마트어시스트(연구재료) (연구재료)","Z01",456,null,44288,"최종승인",6363,"홍응표",44271,516589379,"스마트어시스트-9379","2021-03-16","2021-04-10",1,"EA",871365,1,871365,1,871365,44271,"결제",44285,0,null,871365,44271,871365,44271,"상신","결재완료",0,null,871365,44312]
[1102,1000074509,10,"물품구매(전력트랜스포머등3종 1건/법인카드)",2145600340,"모듈형휠체어/전력 트랜스포머 등 3종",10,"Z20050916","모듈형휠체어","Z01",456,null,44288,"최종승인",6363,"홍응표",44271,516585676,"모듈형휠체어-5676","2021-03-16","2021-04-10",1,"EA",961021,1,961021,1,961021,44271,"결제",44285,0,null,961021,44271,961021,44271,"상신","결재완료",0,null,961021,44312]
[1102,1000074414,10,"물품구매(의지상지-권*민 외1명/손*지)",2145600317,"의지상지 미관형의수",10,"Z20010368","의지상지-미관형의수실리콘리갈(외산) (의지재료) (의지재료)","Z01",456,null,44265,"최종승인",28716,"손민지",44267,301263,"성림교역","2021-03-10","2021-03-17",2,"EA",230000,1,460000,2,460000,44270,"결제",44271,0,null,460000,44270,460000,44270,"상신","결재완료",460000,44315,460000,44315]
[1102,1000074468,10,"물품구매(의지하지-배*오/손*지)",2145600335,"의지하지 단축발카바 등 2종",10,"Z20010924","의지하지-단출발카바(오토복) (의지재료)","Z01",456,null,44270,"최종승인",28716,"손민지",44271,305386,"(주) 오토복코리아헬스케어","2021-03-15","2021-03-22",1,"EA",79000,1,79000,1,79000,44270,"결제",44272,0,null,79000,44270,79000,44270,"상신","결재완료",79000,44315,79000,44315]
[1102,1000074468,20,"물품구매(의지하지-배*오/손*지)",2145600335,"의지하지 단축발카바 등 2종",20,"Z20010422","의지하지-단축발발목장식알루미늄포함셋트(독일산) (의지재료) (의지재료)","Z01",456,null,44270,"최종승인",28716,"손민지",44271,305386,"(주) 오토복코리아헬스케어","2021-03-15","2021-03-22",1,"EA",176000,1,176000,1,176000,44270,"결제",44272,0,null,176000,44270,176000,44270,"상신","결재완료",176000,44315,176000,44315]
[1102,1500037241,10,"물품구매(칼라정부화일 등)",2145600440,"칼라정부화일 등 17종",10,null,"칼라정부화일DD194-7 청색 10매","Z06",456,null,44270,"최종승인",4964,"박혜선",44286,303191,"인성","2021-03-15","2021-03-19",1,"EA",2273,1,2273,1,2273,44270,"결제",44295,0,null,2273,44270,2273,44270,"상신","결재완료",2273,44298,2273,44298]
[1102,1500037241,20,"물품구매(칼라정부화일 등)",2145600440,"칼라정부화일 등 17종",20,null,"칼라정부화일DD194-7 노랑 10매","Z06",456,null,44270,"최종승인",4964,"박혜선",44286,303191,"인성","2021-03-15","2021-03-19",1,"EA",2273,1,2273,1,2273,44270,"결제",44295,0,null,2273,44270,2273,44270,"상신","결재완료",2273,44298,2273,44298]
[1102,1500037241,30,"물품구매(칼라정부화일 등)",2145600440,"칼라정부화일 등 17종",30,null,"칼라정부화일DD194-7 핑크 10매","Z06",456,null,44270,"최종승인",4964,"박혜선",44286,303191,"인성","2021-03-15","2021-03-19",1,"EA",2273,1,2273,1,2273,44270,"결제",44295,0,null,2273,44270,2273,44270,"상신","결재완료",2273,44298,2273,44298]
[1102,1500037241,40,"물품구매(칼라정부화일 등)",2145600440,"칼라정부화일 등 17종",40,null,"더존연필 12자루","Z06",456,null,44270,"최종승인",4964,"박혜선",44286,303191,"인성","2021-03-15","2021-03-19",1,"EA",2636,1,2636,1,2636,44270,"결제",44295,0,null,2636,44270,2636,44270,"상신","결재완료",2636,44298,2636,44298]
[1102,1500037241,50,"물품구매(칼라정부화일 등)",2145600440,"칼라정부화일 등 17종",50,null,"딱풀 35g 12개","Z06",456,null,44270,"최종승인",4964,"박혜선",44286,303191,"인성","2021-03-15","2021-03-19",1,"EA",9818,1,9818,1,9818,44270,"결제",44295,0,null,9818,44270,9818,44270,"상신","결재완료",9818,44298,9818,44298]
[1102,1500037241,60,"물품구매(칼라정부화일 등)",2145600440,"칼라정부화일 등 17종",60,null,"네임펜 흑색 12자루","Z06",456,null,44270,"최종승인",4964,"박혜선",44286,303191,"인성","2021-03-15","2021-03-19",1,"EA",5273,1,5273,1,5273,44270,"결제",44295,0,null,5273,44270,5273,44270,"상신","결재완료",5273,44298,5273,44298]
[1102,1500037241,70,"물품구매(칼라정부화일 등)",2145600440,"칼라정부화일 등 17종",70,null,"박스테이프 48mm*25m(2+1)","Z06",456,null,44270,"최종승인",4964,"박혜선",44286,303191,"인성","2021-03-15","2021-03-19",1,"EA",2364,1,2364,1,2364,44270,"결제",44295,0,null,2364,44270,2364,44270,"상신","결재완료",2364,44298,2364,44298]
[1102,1500037241,80,"물품구매(칼라정부화일 등)",2145600440,"칼라정부화일 등 17종",80,null,"컬러무선제본노트","Z06",456,null,44270,"최종승인",4964,"박혜선",44286,303191,"인성","2021-03-15","2021-03-19",4,"EA",727,1,2908,4,2908,44270,"결제",44295,0,null,2908,44270,2908,44270,"상신","결재완료",2908,44298,2908,44298]
[1102,1500037241,90,"물품구매(칼라정부화일 등)",2145600440,"칼라정부화일 등 17종",90,null,"팝업플래그 7색","Z06",456,null,44270,"최종승인",4964,"박혜선",44286,303191,"인성","2021-03-15","2021-03-19",3,"EA",2000,1,6000,3,6000,44270,"결제",44295,0,null,6000,44270,6000,44270,"상신","결재완료",6000,44298,6000,44298]
[1102,1500037241,100,"물품구매(칼라정부화일 등)",2145600440,"칼라정부화일 등 17종",100,null,"형광펜 5색","Z06",456,null,44270,"최종승인",4964,"박혜선",44286,303191,"인성","2021-03-15","2021-03-19",5,"EA",1091,1,5455,5,5455,44270,"결제",44295,0,null,5455,44270,5455,44270,"상신","결재완료",5455,44298,5455,44298]
[1102,1500037241,110,"물품구매(칼라정부화일 등)",2145600440,"칼라정부화일 등 17종",110,null,"다용도테이프 12mm*20m","Z06",456,null,44270,"최종승인",4964,"박혜선",44286,303191,"인성","2021-03-15","2021-03-19",5,"EA",909,1,4545,5,4545,44270,"결제",44295,0,null,4545,44270,4545,44270,"상신","결재완료",4545,44298,4545,44298]
[1102,1500037241,120,"물품구매(칼라정부화일 등)",2145600440,"칼라정부화일 등 17종",120,null,"프러스펜 흑색 12자루","Z06",456,null,44270,"최종승인",4964,"박혜선",44286,303191,"인성","2021-03-15","2021-03-19",2,"EA",2273,1,4546,2,4546,44270,"결제",44295,0,null,4546,44270,4546,44270,"상신","결재완료",4546,44298,4546,44298]
[1102,1500037241,130,"물품구매(칼라정부화일 등)",2145600440,"칼라정부화일 등 17종",130,null,"40매인덱스클리어화일","Z06",456,null,44270,"최종승인",4964,"박혜선",44286,303191,"인성","2021-03-15","2021-03-19",2,"EA",2545,1,5090,2,5090,44270,"결제",44295,0,null,5090,44270,5090,44270,"상신","결재완료",5090,44298,5090,44298]
[1102,1500037241,140,"물품구매(칼라정부화일 등)",2145600440,"칼라정부화일 등 17종",140,null,"클리어화일내지","Z06",456,null,44270,"최종승인",4964,"박혜선",44286,303191,"인성","2021-03-15","2021-03-19",2,"EA",909,1,1818,2,1818,44270,"결제",44295,0,null,1818,44270,1818,44270,"상신","결재완료",1818,44298,1818,44298]
[1102,1500037241,150,"물품구매(칼라정부화일 등)",2145600440,"칼라정부화일 등 17종",150,null,"코팅필름 100장","Z06",456,null,44270,"최종승인",4964,"박혜선",44286,303191,"인성","2021-03-15","2021-03-19",1,"EA",19091,1,19091,1,19091,44270,"결제",44295,0,null,19091,44270,19091,44270,"상신","결재완료",19091,44298,19091,44298]
[1102,1500037241,160,"물품구매(칼라정부화일 등)",2145600440,"칼라정부화일 등 17종",160,null,"더블클립 중 50개입","Z06",456,null,44270,"최종승인",4964,"박혜선",44286,303191,"인성","2021-03-15","2021-03-19",1,"EA",5455,1,5455,1,5455,44270,"결제",44295,0,null,5455,44270,5455,44270,"상신","결재완료",5455,44298,5455,44298]
[1102,1500037241,170,"물품구매(칼라정부화일 등)",2145600440,"칼라정부화일 등 17종",170,null,"스테플러심 33호","Z06",456,null,44270,"최종승인",4964,"박혜선",44286,303191,"인성","2021-03-15","2021-03-19",1,"EA",1455,1,1455,1,1455,44270,"결제",44295,0,null,1455,44270,1455,44270,"상신","결재완료",1455,44298,1455,44298]
[1102,1000074415,10,"물품구매(라이너 외 조*정)",2145600310,"의지하지 실리콘싹스 등 4종",10,"Z20010507","의지하지-실리콘싹스국산(국산) (의지재료) (의지재료)","Z01",456,null,44265,"최종승인",11764,"조혜정",44266,323203,"코스텍","2021-03-10","2021-03-17",4,"EA",120000,1,480000,4,480000,44267,"결제",44271,0,null,480000,44267,480000,44267,"상신","결재완료",480000,44315,480000,44315]
[1102,1000074415,20,"물품구매(라이너 외 조*정)",2145600310,"의지하지 실리콘싹스 등 4종",20,"Z20011313","의지하지-MagLock (하퇴용)","Z01",456,null,44265,"최종승인",11764,"조혜정",44266,323203,"코스텍","2021-03-10","2021-03-17",1,"EA",153600,1,153600,1,153600,44267,"결제",44271,0,null,153600,44267,153600,44267,"상신","결재완료",153600,44315,153600,44315]
[1102,1000074415,30,"물품구매(라이너 외 조*정)",2145600310,"의지하지 실리콘싹스 등 4종",30,"Z20010709","의지하지-실리콘싹스MagFabric라이너(국산) (의지재료)","Z01",456,null,44265,"최종승인",11764,"조혜정",44266,323203,"코스텍","2021-03-10","2021-03-17",2,"EA",138000,1,276000,2,276000,44267,"결제",44271,0,null,276000,44267,276000,44267,"상신","결재완료",276000,44315,276000,44315]
[1102,1000074415,40,"물품구매(라이너 외 조*정)",2145600310,"의지하지 실리콘싹스 등 4종",40,"Z20011310","의지하지-Dummy for Mechanical MagLock","Z01",456,null,44265,"최종승인",11764,"조혜정",44266,323203,"코스텍","2021-03-10","2021-03-17",1,"EA",45200,1,45200,1,45200,44267,"결제",44271,0,null,45200,44267,45200,44267,"상신","결재완료",45200,44315,45200,44315]
[1102,1000074433,10,"물품구매(매트리스)",2145600318,"욕창예방매트리스",10,"Z20130001","욕창예방매트리스공기격자형-국산(870x1970x65mm) (의지재료) (","Z01",456,null,44266,"최종승인",27783,"이미경",44267,323411,"주식회사씰테크 용인지점","2021-03-11","2021-03-18",1,"EA",1300000,1,1300000,1,1300000,44267,"결제",44271,0,null,1300000,44267,1300000,44267,"상신","결재완료",1300000,44315,1300000,44315]
[1102,1000074333,10,"물품구매(매트리스)",2145600304,"욕창예방매트리스 등 3종",10,"Z20130014","욕창예방매트리스교대부양형-Md200(800x1800x50mm) (의지재료","Z01",456,null,44263,"최종승인",27783,"이미경",44264,301766,"은혜메디칼","2021-03-08","2021-03-15",2,"EA",120000,1,240000,2,240000,44265,"결제",44266,0,null,240000,44265,240000,44265,"상신","결재완료",240000,44315,240000,44315]
[1102,1000074333,20,"물품구매(매트리스)",2145600304,"욕창예방매트리스 등 3종",20,"Z20130055","욕창예방매트리스-Md-100 TPU3","Z01",456,null,44263,"최종승인",27783,"이미경",44264,301766,"은혜메디칼","2021-03-08","2021-03-15",1,"EA",350000,1,350000,1,350000,44265,"결제",44266,0,null,350000,44265,350000,44265,"상신","결재완료",350000,44315,350000,44315]
[1102,1000074333,30,"물품구매(매트리스)",2145600304,"욕창예방매트리스 등 3종",30,"Z20130048","욕창예방매트리스교대부양형-Md100 (의지재료)","Z01",456,null,44263,"최종승인",27783,"이미경",44264,301766,"은혜메디칼","2021-03-08","2021-03-15",2,"EA",160000,1,320000,2,320000,44265,"결제",44266,0,null,320000,44265,320000,44265,"상신","결재완료",320000,44315,320000,44315]
[1102,1000074334,10,"물품구매(방석)",2145600303,"욕창예방방석",10,"Z20130023","욕창예방방석공기격자형-로호 (의지재료) (의지재료)","Z01",456,null,44263,"최종승인",27783,"이미경",44264,305386,"(주) 오토복코리아헬스케어","2021-03-08","2021-03-15",7,"EA",370000,1,2590000,7,2590000,44265,"결제",44266,0,null,2590000,44265,2590000,44265,"상신","결재완료",2590000,44315,2590000,44315]
[1102,1000074335,10,"물품구매(매트리스)",2145600302,"욕창예방매트리스",10,"Z20130002","욕창예방매트리스공기격자형-로호(860x2040x89mm) (의지재료) (","Z01",456,null,44263,"최종승인",27783,"이미경",44264,305386,"(주) 오토복코리아헬스케어","2021-03-08","2021-03-15",5,"EA",1650000,1,8250000,5,8250000,44265,"결제",44266,0,null,8250000,44265,8250000,44265,"상신","결재완료",8250000,44315,8250000,44315]
[1102,1000074336,10,"물품구매(맞춤깔창)",2145600306,"시험상용화/맞춤 깔창",10,"Z20050914","맞춤 깔창(포아야)","Z01",456,null,44263,"최종승인",27783,"이미경",44265,325837,"포아야","2021-03-08","2021-03-15",1,"EA",320000,1,320000,1,320000,44265,"결제",44271,0,null,320000,44265,320000,44265,"상신","결재완료",320000,44295,320000,44295]
[1102,1000074353,10,"물품구매/욕창예방방석/조*문",2145600307,"욕창예방방석",10,"Z20130029","욕창예방방석공기격자형-Smdub0003(8x9x5) (의지재료) (의지재","Z01",456,null,44263,"최종승인",6164,"조성문",44265,323411,"주식회사씰테크 용인지점","2021-03-08","2021-03-15",5,"EA",230000,1,1150000,5,1150000,44265,"결제",44266,0,null,1150000,44265,1150000,44265,"상신","결재완료",1150000,44315,1150000,44315]
[1102,1000074402,10,"물품구매(방석)",2145600309,"욕창예방방석",10,"Z20130029","욕창예방방석공기격자형-Smdub0003(8x9x5) (의지재료) (의지재","Z01",456,null,44265,"최종승인",9144,"정창희",44266,323411,"주식회사씰테크 용인지점","2021-03-09","2021-03-17",1,"EA",230000,1,230000,1,230000,44265,"결제",44271,0,null,230000,44265,230000,44265,"상신","결재완료",230000,44315,230000,44315]
[1102,1000074284,10,"물품구매-욕창매트리스/임*은",2145600286,"욕창예방매트리스",10,"Z20130020","욕창예방매트리스교대부양형-Yh0302(890x2450mm) (의지재료)","Z01",456,null,44259,"최종승인",9620,"임성은",44260,301174,"주식회사 영화의료기","2021-03-04","2021-03-11",2,"EA",380000,1,760000,2,760000,44264,"결제",44266,0,null,760000,44264,760000,44264,"상신","결재완료",760000,44315,760000,44315]
[1102,1000074286,10,"물품구매 의지하지/창원센터",2145600291,"의지하지 실리콘싹스 등 2종",10,"Z20010532","의지하지-실리콘싹스컴포트하퇴용(외산) (의지재료) (의지재료)","Z01",456,null,44260,"최종승인",8445,"차민국",44260,301434,"오서코리아주식회사","2021-03-05","2021-03-12",3,"EA",335000,1,1005000,3,1005000,44264,"결제",44266,0,null,1005000,44264,1005000,44264,"상신","결재완료",1005000,44315,1005000,44315]
[1102,1000074286,20,"물품구매 의지하지/창원센터",2145600291,"의지하지 실리콘싹스 등 2종",20,"Z20010226","소모품-아이스로스슬리브(미국산) (의지재료) (의지재료)","Z01",456,null,44260,"최종승인",8445,"차민국",44260,301434,"오서코리아주식회사","2021-03-05","2021-03-12",1,"EA",185000,1,185000,1,185000,44264,"결제",44266,0,null,185000,44264,185000,44264,"상신","결재완료",185000,44315,185000,44315]
[1102,1000074287,10,"물품구매 의지하지/창원센터",2145600289,"의지하지 대퇴무릎장식 등 3종",10,"Z20010445","의지하지-대퇴무릎장식Bk공압식(4절공압식) (의지재료) (의지재료)","Z01",456,null,44260,"최종승인",8445,"차민국",44260,302514,"비케이메디텍","2021-03-05","2021-03-12",1,"EA",777000,1,777000,1,777000,44264,"결제",44265,0,null,777000,44264,777000,44264,"상신","결재완료",777000,44315,777000,44315]
[1102,1000074287,20,"물품구매 의지하지/창원센터",2145600289,"의지하지 대퇴무릎장식 등 3종",20,"Z20010494","의지하지-발Bk(국산) (의지재료) (의지재료)","Z01",456,null,44260,"최종승인",8445,"차민국",44260,302514,"비케이메디텍","2021-03-05","2021-03-12",6,"EA",188000,1,1128000,6,1128000,44264,"결제",44265,0,null,1128000,44264,1128000,44264,"상신","결재완료",1128000,44315,1128000,44315]
[1102,1000074287,30,"물품구매 의지하지/창원센터",2145600289,"의지하지 대퇴무릎장식 등 3종",30,"Z20010489","의지하지-발족부카바Bk(국산) (의지재료) (의지재료)","Z01",456,null,44260,"최종승인",8445,"차민국",44260,302514,"비케이메디텍","2021-03-05","2021-03-12",4,"EA",41000,1,164000,4,164000,44264,"결제",44265,0,null,164000,44264,164000,44264,"상신","결재완료",164000,44315,164000,44315]
[1102,1000074288,10,"물품구매 의지하지/창원센터",2145600290,"의지하지 락장식",10,"Z20010453","의지하지-락장식셔틀락키드하지용(미국하퇴용) (의지재료) (의지재료)","Z01",456,null,44260,"최종승인",8445,"차민국",44260,301263,"성림교역","2021-03-05","2021-03-12",5,"EA",155000,1,775000,5,775000,44264,"결제",44265,0,null,775000,44264,775000,44264,"상신","결재완료",775000,44315,775000,44315]
[1102,1000074298,10,"물품구매-의지상지/임*은",2145600287,"의지상지 상박관절장식 등 4종",10,"Z20010376","의지상지-상박관절장식원통형(외산) (의지재료) (의지재료)","Z01",456,null,44259,"최종승인",9620,"임성은",44260,305386,"(주) 오토복코리아헬스케어","2021-03-04","2021-03-11",2,"EA",360000,1,720000,2,720000,44264,"결제",44266,0,null,720000,44264,720000,44264,"상신","결재완료",720000,44315,720000,44315]
[1102,1000074298,20,"물품구매-의지상지/임*은",2145600287,"의지상지 상박관절장식 등 4종",20,"Z20010943","의지하지-실리콘 젤 라이너(6Y70)(독일산) (의지재료)","Z01",456,null,44259,"최종승인",9620,"임성은",44260,305386,"(주) 오토복코리아헬스케어","2021-03-04","2021-03-11",1,"EA",180000,1,180000,1,180000,44264,"결제",44266,0,null,180000,44264,180000,44264,"상신","결재완료",180000,44315,180000,44315]
[1102,1000074298,30,"물품구매-의지상지/임*은",2145600287,"의지상지 상박관절장식 등 4종",30,"Z20010369","의지상지-미관형의수전자글러브레진(외산) (의지재료) (의지재료)","Z01",456,null,44259,"최종승인",9620,"임성은",44260,305386,"(주) 오토복코리아헬스케어","2021-03-04","2021-03-11",1,"EA",162000,1,162000,1,162000,44264,"결제",44266,0,null,162000,44264,162000,44264,"상신","결재완료",162000,44315,162000,44315]
[1102,1000074298,40,"물품구매-의지상지/임*은",2145600287,"의지상지 상박관절장식 등 4종",40,"Z20010373","의지상지-반자동의수(독일산) (의지재료) (의지재료)","Z01",456,null,44259,"최종승인",9620,"임성은",44260,305386,"(주) 오토복코리아헬스케어","2021-03-04","2021-03-11",2,"EA",363000,1,726000,2,726000,44264,"결제",44266,0,null,726000,44264,726000,44264,"상신","결재완료",726000,44315,726000,44315]
[1102,1000074310,10,"물품구매(김*선-김*호/유*선)",2145600293,"침대형휠체어 등 3종",10,"Z20120628","침대형휠체어-HAL-48알루미늄드럼브레이크(미키코리아) (의지재료)","Z01",456,null,44260,"최종승인",26283,"유재선",44260,301882,"미키메디칼","2021-03-05","2021-03-12",1,"EA",740000,1,740000,1,740000,44264,"결제",44266,0,null,740000,44264,740000,44264,"상신","결재완료",740000,44315,740000,44315]
[1102,1000074310,20,"물품구매(김*선-김*호/유*선)",2145600293,"침대형휠체어 등 3종",20,"Z20120054","휠체어꺽기형-미라지7분리형미키 (의지재료) (의지재료)","Z01",456,null,44260,"최종승인",26283,"유재선",44260,301882,"미키메디칼","2021-03-05","2021-03-12",1,"EA",540000,1,540000,1,540000,44264,"결제",44266,0,null,540000,44264,540000,44264,"상신","결재완료",540000,44315,540000,44315]
[1102,1000074310,30,"물품구매(김*선-김*호/유*선)",2145600293,"침대형휠체어 등 3종",30,"Z20120663","휠체어수리 - 타이어 마라톤플러스(24in)  미키메디칼","Z01",456,null,44260,"최종승인",26283,"유재선",44260,301882,"미키메디칼","2021-03-05","2021-03-12",10,"EA",32000,1,320000,10,320000,44264,"결제",44266,0,null,320000,44264,320000,44264,"상신","결재완료",320000,44315,320000,44315]
[1102,1000074311,10,"물품구매-의지상지/임*은",2145600292,"의지상지 미관형의수",10,"Z20010367","의지상지-미관형의수실리콘두손 (의지재료) (의지재료)","Z01",456,null,44260,"최종승인",9620,"임성은",44260,300508,"두손의수","2021-03-05","2021-03-12",1,"EA",230000,1,230000,1,230000,44264,"결제",44266,0,null,230000,44264,230000,44264,"상신","결재완료",230000,44315,230000,44315]
[1102,1000074314,10,"물품구매 휠체어 강*순,방석 강*식 /창원센터",2145600300,"활동형휠체어 등 2종",10,"Z20120657","활동형 휠체어 - NA-430 ㈜알에스케어 서비스","Z01",456,null,44260,"최종승인",6166,"김현종",44263,324832,"주식회사 이레엠케어","2021-03-05","2021-03-12",1,"EA",950000,1,950000,1,950000,44264,"결제",44265,0,null,950000,44264,950000,44264,"상신","결재완료",950000,44315,950000,44315]
[1102,1000074314,20,"물품구매 휠체어 강*순,방석 강*식 /창원센터",2145600300,"활동형휠체어 등 2종",20,"Z20130023","욕창예방방석공기격자형-로호 (의지재료) (의지재료)","Z01",456,null,44260,"최종승인",6166,"김현종",44263,324832,"주식회사 이레엠케어","2021-03-05","2021-03-12",1,"EA",370000,1,370000,1,370000,44264,"결제",44265,0,null,370000,44264,370000,44264,"상신","결재완료",370000,44315,370000,44315]
[1102,1000074315,10,"물품구매 휠체어 강*식 /창원센터",2145600299,"활동형휠체어",10,"Z20120650","활동형휠체어-P2(미키코리아)","Z01",456,null,44260,"최종승인",6166,"김현종",44263,309507,"미키코리아(주)","2021-03-05","2021-03-12",1,"EA",950000,1,950000,1,950000,44264,"결제",44266,0,null,950000,44264,950000,44264,"상신","결재완료",950000,44315,950000,44315]
[1102,1000074323,10,"물품구매/상지보조기/조*문",2145600297,"보조기상지 보바스슬링",10,"Z20010011","보조기상지-보바스슬링 (의지재료) (의지재료)","Z01",456,null,44260,"최종승인",6164,"조성문",44263,322758,"오르텍주식회사","2021-03-05","2021-03-12",5,"EA",22000,1,110000,5,110000,44264,"결제",44266,0,null,110000,44264,110000,44264,"상신","결재완료",110000,44315,110000,44315]
[1102,1000074324,10,"물품구매/활동형휠체어/김*철/정*우/조*문",2145600298,"활동형휠체어 등 2종",10,"Z20120641","활동형휠체어- 노바제로 A타입 (티오엠)","Z01",456,null,44260,"최종승인",6164,"조성문",44263,325322,"썬메디테크","2021-03-05","2021-03-12",1,"EA",950000,1,950000,1,950000,44264,"결제",44266,0,null,950000,44264,950000,44264,"상신","결재완료",950000,44315,950000,44315]
[1102,1000074324,20,"물품구매/활동형휠체어/김*철/정*우/조*문",2145600298,"활동형휠체어 등 2종",20,"Z20120611","휠체어수리-팔걸이조립-노바제로용-티오엠보빌리티 (의지재료)","Z01",456,null,44260,"최종승인",6164,"조성문",44263,325322,"썬메디테크","2021-03-05","2021-03-12",2,"EA",40000,1,80000,2,80000,44264,"결제",44266,0,null,80000,44264,80000,44264,"상신","결재완료",80000,44315,80000,44315]
[1102,1000074328,10,"물품구매/휠체어(전동,수동)/박*율/권*렬/이*혁/조*문",2145600296,"휠체어일반형 등 4종",10,"Z20120474","휠체어일반형-M1스타트 (의지재료) (의지재료)","Z01",456,null,44260,"최종승인",6164,"조성문",44263,326308,"휠라인 업 스포츠(whell line up sports)","2021-03-05","2021-03-12",2,"EA",410000,1,820000,2,820000,44264,"결제",44266,0,null,820000,44264,820000,44264,"상신","결재완료",820000,44315,820000,44315]
[1102,1000074328,20,"물품구매/휠체어(전동,수동)/박*율/권*렬/이*혁/조*문",2145600296,"휠체어일반형 등 4종",20,"Z20120538","전동휠체어-나래 케어라 (의지재료) (의지재료)","Z01",456,null,44260,"최종승인",6164,"조성문",44263,326308,"휠라인 업 스포츠(whell line up sports)","2021-03-05","2021-03-12",1,"EA",1900000,1,1900000,1,1900000,44264,"결제",44266,0,null,1900000,44264,1900000,44264,"상신","결재완료",1900000,44315,1900000,44315]
[1102,1000074328,30,"물품구매/휠체어(전동,수동)/박*율/권*렬/이*혁/조*문",2145600296,"휠체어일반형 등 4종",30,"Z20120177","휠체어수리-보조바퀴일반형(일반형) (의지재료) (의지재료)","Z01",456,null,44260,"최종승인",6164,"조성문",44263,326308,"휠라인 업 스포츠(whell line up sports)","2021-03-05","2021-03-12",4,"EA",25000,1,100000,4,100000,44264,"결제",44266,0,null,100000,44264,100000,44264,"상신","결재완료",100000,44315,100000,44315]
[1102,1000074328,40,"물품구매/휠체어(전동,수동)/박*율/권*렬/이*혁/조*문",2145600296,"휠체어일반형 등 4종",40,"Z20120268","휠체어수리-앞바퀴조립포밍미키(6in) (의지재료) (의지재료)","Z01",456,null,44260,"최종승인",6164,"조성문",44263,326308,"휠라인 업 스포츠(whell line up sports)","2021-03-05","2021-03-12",2,"EA",30000,1,60000,2,60000,44264,"결제",44266,0,null,60000,44264,60000,44264,"상신","결재완료",60000,44315,60000,44315]
[1102,1000074331,10,"물품구매(배*길-이*경-오*민/유*선)",2145600294,"활동형휠체어 등 2종",10,"Z20120641","활동형휠체어- 노바제로 A타입 (티오엠)","Z01",456,null,44260,"최종승인",26283,"유재선",44260,325322,"썬메디테크","2021-03-05","2021-03-12",1,"EA",950000,1,950000,1,950000,44264,"결제",44264,0,null,950000,44264,950000,44264,"상신","결재완료",950000,44315,950000,44315]
[1102,1000074331,20,"물품구매(배*길-이*경-오*민/유*선)",2145600294,"활동형휠체어 등 2종",20,"Z20120474","휠체어일반형-M1스타트 (의지재료) (의지재료)","Z01",456,null,44260,"최종승인",26283,"유재선",44260,325322,"썬메디테크","2021-03-05","2021-03-12",2,"EA",450000,1,900000,2,900000,44264,"결제",44264,0,null,900000,44264,900000,44264,"상신","결재완료",900000,44315,900000,44315]
[1102,1000074332,10,"물품구매(손의지-김*우 외 조*정)",2145600301,"의지상지 미관형의수 등 2종",10,"Z20010367","의지상지-미관형의수실리콘두손 (의지재료) (의지재료)","Z01",456,null,44263,"최종승인",11764,"조혜정",44263,300508,"두손의수","2021-03-08","2021-03-15",6,"EA",230000,1,1380000,6,1380000,44264,"결제",44265,0,null,1380000,44264,1380000,44264,"상신","결재완료",1380000,44315,1380000,44315]
[1102,1000074332,20,"물품구매(손의지-김*우 외 조*정)",2145600301,"의지상지 미관형의수 등 2종",20,"Z20010372","의지상지-미관형의수지실리콘 (의지재료) (의지재료)","Z01",456,null,44263,"최종승인",11764,"조혜정",44263,300508,"두손의수","2021-03-08","2021-03-15",3,"EA",65000,1,195000,3,195000,44264,"결제",44265,0,null,195000,44264,195000,44264,"상신","결재완료",195000,44315,195000,44315]
[1102,1000074351,10,"물품구매(미관형의수-이*의)",2145600305,"의지상지 미관형의수",10,"Z20010367","의지상지-미관형의수실리콘두손 (의지재료) (의지재료)","Z01",456,null,44263,"최종승인",9144,"정창희",44264,300508,"두손의수","2021-03-08","2021-03-15",4,"EA",230000,1,920000,4,920000,44264,"결제",44271,0,null,920000,44264,920000,44264,"상신","결재완료",920000,44315,920000,44315]
[1102,1000074302,10,"물품구매(무릎장식 외 조*정)",2145600295,"의지하지 대퇴무릎장식 등 4종",10,"Z20010445","의지하지-대퇴무릎장식Bk공압식(4절공압식) (의지재료) (의지재료)","Z01",456,null,44260,"최종승인",11764,"조혜정",44263,302514,"비케이메디텍","2021-03-05","2021-03-12",3,"EA",777000,1,2331000,3,2331000,44263,"결제",44265,0,null,2331000,44263,2331000,44263,"상신","결재완료",2331000,44315,2331000,44315]
[1102,1000074302,20,"물품구매(무릎장식 외 조*정)",2145600295,"의지하지 대퇴무릎장식 등 4종",20,"Z20010504","의지하지-슬관절용무릎장식Bk(국산) (의지재료) (의지재료)","Z01",456,null,44260,"최종승인",11764,"조혜정",44263,302514,"비케이메디텍","2021-03-05","2021-03-12",1,"EA",777000,1,777000,1,777000,44263,"결제",44265,0,null,777000,44263,777000,44263,"상신","결재완료",777000,44315,777000,44315]
[1102,1000074302,30,"물품구매(무릎장식 외 조*정)",2145600295,"의지하지 대퇴무릎장식 등 4종",30,"Z20010461","의지하지-무릎회전장식Bk(국산) (의지재료) (의지재료)","Z01",456,null,44260,"최종승인",11764,"조혜정",44263,302514,"비케이메디텍","2021-03-05","2021-03-12",10,"EA",226000,1,2260000,10,2260000,44263,"결제",44265,0,null,2260000,44263,2260000,44263,"상신","결재완료",2260000,44315,2260000,44315]
[1102,1000074302,40,"물품구매(무릎장식 외 조*정)",2145600295,"의지하지 대퇴무릎장식 등 4종",40,"Z20010494","의지하지-발Bk(국산) (의지재료) (의지재료)","Z01",456,null,44260,"최종승인",11764,"조혜정",44263,302514,"비케이메디텍","2021-03-05","2021-03-12",4,"EA",188000,1,752000,4,752000,44263,"결제",44265,0,null,752000,44263,752000,44263,"상신","결재완료",752000,44315,752000,44315]
[1102,1500037197,10,"물품구매 (MS office 2019 / 카드결제)",2145600320,"로터리구동모듈/ms office 2019 home business",10,null,"MS office 2019","Z06",456,null,44266,"최종승인",28743,"조재성",44267,516557648,"로터리구동모듈-7648","2021-03-01","2021-04-06",5,"EA",1066200,5,1066200,5,1066200,44263,"결제",44273,0,null,1066200,44263,1066200,44263,"상신","결재완료",0,null,1066200,44281]
[1102,1000074067,10,"물품구매(압력센서/세금계산서)",2145600264,"스마트소켓/압력센서",10,"Z20050607","스마트소켓(연구재료) (연구재료)","Z01",456,null,44271,"최종승인",28744,"윤준석",44251,328728,"케이피유압","2021-02-23","2021-03-23",1,"EA",724900,1,724900,1,724900,44259,"결제",44263,0,null,724900,44259,724900,44259,"상신","결재완료",0,null,724900,44280]
[1102,1000074214,10,"물품구매-보조기척추/임*은",2145600285,"보조기척추 등 3종",10,"Z20010036","보조기척추-Tlso몸통보조기 (의지재료) (의지재료)","Z01",456,null,44257,"최종승인",9620,"임성은",44259,322758,"오르텍주식회사","2021-03-02","2021-03-09",3,"EA",70000,1,210000,3,210000,44259,"결제",44263,0,null,210000,44259,210000,44259,"상신","결재완료",210000,44315,210000,44315]
[1102,1000074214,20,"물품구매-보조기척추/임*은",2145600285,"보조기척추 등 3종",20,"Z20010047","보조기하지-단보조기장식(보조기용) (의지재료) (의지재료)","Z01",456,null,44257,"최종승인",9620,"임성은",44259,322758,"오르텍주식회사","2021-03-02","2021-03-09",1,"EA",30000,1,30000,1,30000,44259,"결제",44263,0,null,30000,44259,30000,44259,"상신","결재완료",30000,44315,30000,44315]
[1102,1000074214,30,"물품구매-보조기척추/임*은",2145600285,"보조기척추 등 3종",30,"Z20010072","보조기하지-크렌작장식 (의지재료) (의지재료)","Z01",456,null,44257,"최종승인",9620,"임성은",44259,322758,"오르텍주식회사","2021-03-02","2021-03-09",2,"EA",40000,1,80000,2,80000,44259,"결제",44263,0,null,80000,44259,80000,44259,"상신","결재완료",80000,44315,80000,44315]
[1102,1000074217,10,"물품구매(하지의지-탁*만/유*종)",2145600284,"의지하지 더모웨이브락킹",10,"Z20010722","의지하지-더모웨이브락킹(오서) (의지재료)","Z01",456,null,44258,"최종승인",8664,"유효종",44258,301434,"오서코리아주식회사","2021-03-03","2021-03-10",1,"EA",398000,1,398000,1,398000,44259,"결제",44260,0,null,398000,44259,398000,44259,"상신","결재완료",398000,44315,398000,44315]
[1102,1000074173,10,"물품구매 수부 /창원센터",2145600277,"의지상지 미관형의수 등 2종",10,"Z20010367","의지상지-미관형의수실리콘두손 (의지재료) (의지재료)","Z01",456,null,44257,"최종승인",6166,"김현종",44258,300508,"두손의수","2021-03-02","2021-03-09",4,"EA",230000,1,920000,4,920000,44258,"결제",44259,0,null,920000,44258,920000,44258,"상신","결재완료",920000,44315,920000,44315]
[1102,1000074173,20,"물품구매 수부 /창원센터",2145600277,"의지상지 미관형의수 등 2종",20,"Z20010363","의지상지-미관형의수레진두손 (의지재료) (의지재료)","Z01",456,null,44257,"최종승인",6166,"김현종",44258,300508,"두손의수","2021-03-02","2021-03-09",1,"EA",90000,1,90000,1,90000,44258,"결제",44259,0,null,90000,44258,90000,44258,"상신","결재완료",90000,44315,90000,44315]
[1102,1000074174,10,"물품구매 의지상지 박*순 외 /창원센터",2145600278,"의지상지 미관형의수",10,"Z20010368","의지상지-미관형의수실리콘리갈(외산) (의지재료) (의지재료)","Z01",456,null,44257,"최종승인",6166,"김현종",44258,301263,"성림교역","2021-03-02","2021-03-09",2,"EA",230000,1,460000,2,460000,44258,"결제",44259,0,null,460000,44258,460000,44258,"상신","결재완료",460000,44315,460000,44315]
[1102,1000074175,10,"물품구매 의지하지 /창원센터",2145600279,"의지하지 실리콘싹스",10,"Z20010507","의지하지-실리콘싹스국산(국산) (의지재료) (의지재료)","Z01",456,null,44257,"최종승인",6166,"김현종",44258,323203,"코스텍","2021-03-02","2021-03-09",10,"EA",120000,1,1200000,10,1200000,44258,"결제",44266,0,null,1200000,44258,1200000,44258,"상신","결재완료",1200000,44315,1200000,44315]
[1102,1000074177,10,"물품구매 집뇨기 외 /창원센터",2145600280,"집뇨기유린백 등 3종",10,"Z20130035","집뇨기유린백-외산1000(외산1000cc) (의지재료) (의지재료)","Z01",456,null,44257,"최종승인",6166,"김현종",44258,301700,"(주)휠로피아","2021-03-02","2021-03-09",10,"EA",54000,1,540000,10,540000,44258,"결제",44265,0,null,540000,44258,540000,44258,"상신","결재완료",540000,44315,540000,44315]
[1102,1000074177,20,"물품구매 집뇨기 외 /창원센터",2145600280,"집뇨기유린백 등 3종",20,"Z20120369","휠체어수리-타이어활동형일산휠로피아(24,25in) (의지재료) (의지재료","Z01",456,null,44257,"최종승인",6166,"김현종",44258,301700,"(주)휠로피아","2021-03-02","2021-03-09",4,"EA",23200,1,92800,4,92800,44258,"결제",44265,0,null,92800,44258,92800,44258,"상신","결재완료",92800,44315,92800,44315]
[1102,1000074177,30,"물품구매 집뇨기 외 /창원센터",2145600280,"집뇨기유린백 등 3종",30,"Z20120393","휠체어수리-튜브일산활동형휠로피아(24,25in) (의지재료) (의지재료)","Z01",456,null,44257,"최종승인",6166,"김현종",44258,301700,"(주)휠로피아","2021-03-02","2021-03-09",20,"EA",4000,1,80000,20,80000,44258,"결제",44265,0,null,80000,44258,80000,44258,"상신","결재완료",80000,44315,80000,44315]
[1102,1000074193,10,"물품구매 휠체어부품 /창원센터",2145600281,"휠체어수리 앞바퀴 등 2종",10,"Z20120267","휠체어수리-앞바퀴조립투명휠(3,4,5in) (의지재료) (의지재료)","Z01",456,null,44257,"최종승인",6166,"김현종",44258,309507,"미키코리아(주)","2021-03-02","2021-03-09",20,"EA",20000,1,400000,20,400000,44258,"결제",44260,0,null,400000,44258,400000,44258,"상신","결재완료",400000,44315,400000,44315]
[1102,1000074193,20,"물품구매 휠체어부품 /창원센터",2145600281,"휠체어수리 앞바퀴 등 2종",20,"Z20120435","휠체어수리-핸드림플라스틱미키(22,24in) (의지재료) (의지재료)","Z01",456,null,44257,"최종승인",6166,"김현종",44258,309507,"미키코리아(주)","2021-03-02","2021-03-09",2,"EA",15000,1,30000,2,30000,44258,"결제",44260,0,null,30000,44258,30000,44258,"상신","결재완료",30000,44315,30000,44315]
[1102,1000074121,10,"물품구매(PVC 2T 플레이트 등 2건/ 세금계산서)",2145600268,"직무지원/pvc 2t 등 2종",10,"Z20050113","직무지원 연구재료 (연구재료) (연구재료)","Z01",456,null,44258,"최종승인",28673,"전경진",44252,322296,"위랩","2021-02-24","2021-03-10",1,"EA",35000,1,35000,1,35000,44257,"결제",44258,0,null,35000,44257,35000,44257,"상신","결재완료",35000,44295,35000,44295]
[1102,1000074121,20,"물품구매(PVC 2T 플레이트 등 2건/ 세금계산서)",2145600268,"직무지원/pvc 2t 등 2종",20,"Z20050113","직무지원 연구재료 (연구재료) (연구재료)","Z01",456,null,44258,"최종승인",28673,"전경진",44252,322296,"위랩","2021-02-24","2021-03-10",1,"EA",40000,1,40000,1,40000,44257,"결제",44258,0,null,40000,44257,40000,44257,"상신","결재완료",40000,44295,40000,44295]
[1102,1000074211,10,"물품구매 (Solenoid 등 4건/ 법인카드)",2145600282,"스마트소켓/solenoid 등 4종",10,"Z20050607","스마트소켓(연구재료) (연구재료)","Z01",456,null,44306,"최종승인",27826,"전만기",44258,516541808,"스마트소켓-1808","2021-03-02","2021-04-27",3,"EA",54495,1,163485,3,163485,44257,"결제",44274,0,null,163485,44257,163485,44257,"상신","결재완료",0,null,163485,44281]
[1102,1000074211,20,"물품구매 (Solenoid 등 4건/ 법인카드)",2145600282,"스마트소켓/solenoid 등 4종",20,"Z20050607","스마트소켓(연구재료) (연구재료)","Z01",456,null,44306,"최종승인",27826,"전만기",44258,516541808,"스마트소켓-1808","2021-03-02","2021-04-27",3,"EA",93566,1,280698,3,280698,44257,"결제",44274,0,null,280698,44257,280698,44257,"상신","결재완료",0,null,280698,44281]
[1102,1000074211,30,"물품구매 (Solenoid 등 4건/ 법인카드)",2145600282,"스마트소켓/solenoid 등 4종",30,"Z20050607","스마트소켓(연구재료) (연구재료)","Z01",456,null,44306,"최종승인",27826,"전만기",44258,516541808,"스마트소켓-1808","2021-03-02","2021-04-27",3,"EA",35013,1,105039,3,105039,44257,"결제",44274,0,null,105039,44257,105039,44257,"상신","결재완료",0,null,105039,44281]
[1102,1000074211,40,"물품구매 (Solenoid 등 4건/ 법인카드)",2145600282,"스마트소켓/solenoid 등 4종",40,"Z20050607","스마트소켓(연구재료) (연구재료)","Z01",456,null,44306,"최종승인",27826,"전만기",44258,516541808,"스마트소켓-1808","2021-03-02","2021-04-27",3,"EA",25223,1,75669,3,75669,44257,"결제",44274,0,null,75669,44257,75669,44257,"상신","결재완료",0,null,75669,44281]
[1102,1000074222,10,"물품구매(미관형의수-정*재)",2145600283,"의지상지 미관형의수",10,"Z20010367","의지상지-미관형의수실리콘두손 (의지재료) (의지재료)","Z01",456,null,44257,"최종승인",9144,"정창희",44258,300508,"두손의수","2021-03-02","2021-03-09",1,"EA",230000,1,230000,1,230000,44257,"결제",44263,0,null,230000,44257,230000,44257,"상신","결재완료",230000,44315,230000,44315]
[1102,1000074224,10,"물품구매(손의지-김*자 외 조*정)",2145600288,"의지상지 미관형의수",10,"Z20010367","의지상지-미관형의수실리콘두손 (의지재료) (의지재료)","Z01",456,null,44257,"최종승인",11764,"조혜정",44260,300508,"두손의수","2021-03-02","2021-03-09",2,"EA",230000,1,460000,2,460000,44257,"결제",44263,0,null,460000,44257,460000,44257,"상신","결재완료",460000,44315,460000,44315]
[1102,1500036942,10,"물품구매(사무용품 1SET)",2145600254,"휠체어사용성검증/사무용품",10,null,"사무용품 1SET","Z06",456,null,44250,"최종승인",26292,"오혜정",44250,303191,"인성","2021-02-23","2021-03-02",1,"AU",520800,1,520800,1,520800,44257,"결제",44263,0,null,520800,44257,520800,44257,"상신","결재완료",0,null,520800,44280]
[1102,1000074034,10,"물품구매(리갈의수 외2건)",2145600241,"의지상지 미관형의수 등 3종",10,"Z20010368","의지상지-미관형의수실리콘리갈(외산) (의지재료) (의지재료)","Z01",456,null,44250,"최종승인",6154,"김순종",44249,301263,"성림교역","2021-02-22","2021-03-02",1,"EA",230000,1,230000,1,230000,44253,"결제",44253,0,null,230000,44253,230000,44253,"상신","결재완료",230000,44286,230000,44286]
[1102,1000074034,20,"물품구매(리갈의수 외2건)",2145600241,"의지상지 미관형의수 등 3종",20,"Z20010482","의지하지-발씨에라(미국산) (의지재료) (의지재료)","Z01",456,null,44250,"최종승인",6154,"김순종",44249,301263,"성림교역","2021-02-22","2021-03-02",1,"EA",1790000,1,1790000,1,1790000,44253,"결제",44253,0,null,1790000,44253,1790000,44253,"상신","결재완료",1790000,44286,1790000,44286]
[1102,1000074034,30,"물품구매(리갈의수 외2건)",2145600241,"의지상지 미관형의수 등 3종",30,"Z20010526","의지하지-실리콘싹스이지락킹(미국산) (의지재료) (의지재료)","Z01",456,null,44250,"최종승인",6154,"김순종",44249,301263,"성림교역","2021-02-22","2021-03-02",1,"EA",330000,1,330000,1,330000,44253,"결제",44253,0,null,330000,44253,330000,44253,"상신","결재완료",330000,44286,330000,44286]
[1102,1000074035,10,"물품구매(매트리스-김*중 외3명)",2145600240,"욕창예방매트리스",10,"Z20130048","욕창예방매트리스교대부양형-Md100 (의지재료)","Z01",456,null,44250,"최종승인",6154,"김순종",44249,301766,"은혜메디칼","2021-02-22","2021-03-02",4,"EA",350000,1,1400000,4,1400000,44253,"결제",44253,0,null,1400000,44253,1400000,44253,"상신","결재완료",1400000,44286,1400000,44286]
[1102,1000074036,10,"물품구매(tlso외1건)",2145600239,"보조기상지 헤미슬링 등 2종",10,"Z20010020","보조기상지-헤미슬링 (의지재료) (의지재료)","Z01",456,null,44250,"최종승인",6154,"김순종",44249,322758,"오르텍주식회사","2021-02-22","2021-03-02",1,"EA",28200,1,28200,1,28200,44253,"결제",44253,0,null,28200,44253,28200,44253,"상신","결재완료",28200,44286,28200,44286]
[1102,1000074036,20,"물품구매(tlso외1건)",2145600239,"보조기상지 헤미슬링 등 2종",20,"Z20010967","보조기척추-OT TLSO 몰딩 (의지재료)","Z01",456,null,44250,"최종승인",6154,"김순종",44249,322758,"오르텍주식회사","2021-02-22","2021-03-02",2,"EA",80000,1,160000,2,160000,44253,"결제",44253,0,null,160000,44253,160000,44253,"상신","결재완료",160000,44286,160000,44286]
[1102,1000074122,10,"물품구매(라이너 링 시작업 등 1건/ 세금계산서)",2145600267,"직무지원/라이너 링 시작업",10,"Z20050113","직무지원 연구재료 (연구재료) (연구재료)","Z01",456,null,44253,"최종승인",28673,"전경진",44252,323023,"유디테크","2021-02-24","2021-03-06",1,"EA",840000,1,840000,1,840000,44253,"결제",44259,0,null,840000,44253,840000,44253,"상신","결재완료",840000,44286,840000,44286]
[1102,1000074152,10,"물품구매(상지의지-황*만/양*호)",2145600276,"의지상지 전자의수",10,"Z20010405","의지상지-전자의수Bk(국산) (의지재료) (의지재료)","Z01",456,null,44252,"최종승인",27264,"양철호",44253,302514,"비케이메디텍","2021-02-25","2021-03-04",1,"EA",2685000,1,2685000,1,2685000,44253,"결제",44259,0,null,2685000,44253,2685000,44253,"상신","결재완료",2685000,44286,2685000,44286]
[1102,1000074153,10,"물품구매(전자의수수리/양*호)",2145600275,"의지상지 근전전동의수 등 2종",10,"Z20011059","의지상지-근전전동의수 골격부BK(국산)","Z01",456,null,44252,"최종승인",27264,"양철호",44253,302514,"비케이메디텍","2021-02-25","2021-03-04",6,"EA",940000,1,5640000,6,5640000,44253,"결제",44259,0,null,5640000,44253,5640000,44253,"상신","결재완료",5640000,44286,5640000,44286]
[1102,1000074153,20,"물품구매(전자의수수리/양*호)",2145600275,"의지상지 근전전동의수 등 2종",20,"Z20011131","의지상지-근전전동의수 기어부BK(국산)","Z01",456,null,44252,"최종승인",27264,"양철호",44253,302514,"비케이메디텍","2021-02-25","2021-03-04",6,"EA",140000,1,840000,6,840000,44253,"결제",44259,0,null,840000,44253,840000,44253,"상신","결재완료",840000,44286,840000,44286]
[1102,1000074154,10,"물품구매(전자의수수리/양*호)",2145600274,"의지상지 근전전동의수 등 2종",10,"Z20011057","의지상지-근전전동의수 변속기부BK(국산)","Z01",456,null,44252,"최종승인",27264,"양철호",44253,302514,"비케이메디텍","2021-02-25","2021-03-04",4,"EA",630000,1,2520000,4,2520000,44253,"결제",44259,0,null,2520000,44253,2520000,44253,"상신","결재완료",2520000,44286,2520000,44286]
[1102,1000074154,20,"물품구매(전자의수수리/양*호)",2145600274,"의지상지 근전전동의수 등 2종",20,"Z20011058","의지상지-근전전동의수 모터부BK(국산)","Z01",456,null,44252,"최종승인",27264,"양철호",44253,302514,"비케이메디텍","2021-02-25","2021-03-04",10,"EA",440000,1,4400000,10,4400000,44253,"결제",44259,0,null,4400000,44253,4400000,44253,"상신","결재완료",4400000,44286,4400000,44286]
[1102,1000074070,10,"물품구매(양*모,외래)전*만",2145600259,"보조기척추 등 2종",10,"Z20010967","보조기척추-OT TLSO 몰딩 (의지재료)","Z01",456,null,44250,"최종승인",6160,"전영만",44251,322758,"오르텍주식회사","2021-02-23","2021-03-02",1,"EA",80000,1,80000,1,80000,44252,"결제",44258,0,null,80000,44252,80000,44252,"상신","결재완료",80000,44286,80000,44286]
[1102,1000074070,20,"물품구매(양*모,외래)전*만",2145600259,"보조기척추 등 2종",20,"Z20010038","보조기하지-각도조절돈조이(大,中,小) (의지재료) (의지재료)","Z01",456,null,44250,"최종승인",6160,"전영만",44251,322758,"오르텍주식회사","2021-02-23","2021-03-02",1,"EA",45000,1,45000,1,45000,44252,"결제",44258,0,null,45000,44252,45000,44252,"상신","결재완료",45000,44286,45000,44286]
[1102,1000074073,10,"물품구매(의지재료)전* 만",2145600257,"타이어 등 4종",10,"Z20120561","타이어-24\"마라톤점검 (퓔로피아) (의지재료) (의지재료)","Z01",456,null,44250,"최종승인",6160,"전영만",44251,301700,"(주)휠로피아","2021-02-23","2021-03-02",2,"EA",32000,1,64000,2,64000,44252,"결제",44258,0,null,64000,44252,64000,44252,"상신","결재완료",64000,44286,64000,44286]
[1102,1000074073,20,"물품구매(의지재료)전* 만",2145600257,"타이어 등 4종",20,"Z20120332","휠체어수리-타이어산악용일산(24,25in) (의지재료) (의지재료)","Z01",456,null,44250,"최종승인",6160,"전영만",44251,301700,"(주)휠로피아","2021-02-23","2021-03-02",4,"EA",23200,1,92800,4,92800,44252,"결제",44258,0,null,92800,44252,92800,44252,"상신","결재완료",92800,44286,92800,44286]
[1102,1000074073,30,"물품구매(의지재료)전* 만",2145600257,"타이어 등 4종",30,"Z20120318","휠체어수리-클린튜브활동형형(24in) (의지재료) (의지재료)","Z01",456,null,44250,"최종승인",6160,"전영만",44251,301700,"(주)휠로피아","2021-02-23","2021-03-02",10,"EA",4000,1,40000,10,40000,44252,"결제",44258,0,null,40000,44252,40000,44252,"상신","결재완료",40000,44286,40000,44286]
[1102,1000074073,40,"물품구매(의지재료)전* 만",2145600257,"타이어 등 4종",40,"Z20130035","집뇨기유린백-외산1000(외산1000cc) (의지재료) (의지재료)","Z01",456,null,44250,"최종승인",6160,"전영만",44251,301700,"(주)휠로피아","2021-02-23","2021-03-02",2,"EA",54000,1,108000,2,108000,44252,"결제",44258,0,null,108000,44252,108000,44252,"상신","결재완료",108000,44286,108000,44286]
[1102,1000074074,10,"물품구매(태백중앙병원)전*만",2145600258,"소모품 알무늄클럿치",10,"Z20120016","소모품-알무늄클럿치(大,中,小) (의지재료) (의지재료)","Z01",456,null,44250,"최종승인",6160,"전영만",44251,305283,"(주)부림메디칼","2021-02-23","2021-03-02",60,"EA",4450,1,267000,60,267000,44252,"결제",44258,0,null,267000,44252,267000,44252,"상신","결재완료",267000,44286,267000,44286]
[1102,1000074108,10,"물품구매(양면테이프 외 조*정)",2145600269,"소모품 양면테이프 등 12종",10,"Z20010233","소모품-양면테이프(2mm) (의지재료) (의지재료)","Z01",456,null,44251,"최종승인",11764,"조혜정",44252,301148,"신성메디칼","2021-02-24","2021-03-03",5,"EA",6000,1,30000,5,30000,44252,"결제",44253,0,null,30000,44252,30000,44252,"상신","결재완료",30000,44286,30000,44286]
[1102,1000074108,20,"물품구매(양면테이프 외 조*정)",2145600269,"소모품 양면테이프 등 12종",20,"Z20010174","소모품-석고소석고2급b(25kg) (의지재료) (의지재료)","Z01",456,null,44251,"최종승인",11764,"조혜정",44252,301148,"신성메디칼","2021-02-24","2021-03-03",20,"EA",35000,1,700000,20,700000,44252,"결제",44253,0,null,700000,44252,700000,44252,"상신","결재완료",700000,44286,700000,44286]
[1102,1000074108,30,"물품구매(양면테이프 외 조*정)",2145600269,"소모품 양면테이프 등 12종",30,"Z20010666","소모품-마대 (의지재료)","Z01",456,null,44251,"최종승인",11764,"조혜정",44252,301148,"신성메디칼","2021-02-24","2021-03-03",100,"EA",250,1,25000,100,25000,44252,"결제",44253,0,null,25000,44252,25000,44252,"상신","결재완료",25000,44286,25000,44286]
[1102,1000074108,40,"물품구매(양면테이프 외 조*정)",2145600269,"소모품 양면테이프 등 12종",40,"Z20010170","소모품-석고붕대(10cm) (의지재료) (의지재료)","Z01",456,null,44251,"최종승인",11764,"조혜정",44252,301148,"신성메디칼","2021-02-24","2021-03-03",120,"EA",3000,1,360000,120,360000,44252,"결제",44253,0,null,360000,44252,360000,44252,"상신","결재완료",360000,44286,360000,44286]
[1102,1000074108,50,"물품구매(양면테이프 외 조*정)",2145600269,"소모품 양면테이프 등 12종",50,"Z20010171","소모품-석고붕대(15cm) (의지재료) (의지재료)","Z01",456,null,44251,"최종승인",11764,"조혜정",44252,301148,"신성메디칼","2021-02-24","2021-03-03",144,"EA",3500,1,504000,144,504000,44252,"결제",44253,0,null,504000,44252,504000,44252,"상신","결재완료",504000,44286,504000,44286]
[1102,1000074108,60,"물품구매(양면테이프 외 조*정)",2145600269,"소모품 양면테이프 등 12종",60,"Z20010334","소모품-P.P(12x40x40) (의지재료) (의지재료)","Z01",456,null,44251,"최종승인",11764,"조혜정",44252,301148,"신성메디칼","2021-02-24","2021-03-03",30,"EA",20000,1,600000,30,600000,44252,"결제",44253,0,null,600000,44252,600000,44252,"상신","결재완료",600000,44286,600000,44286]
[1102,1000074108,70,"물품구매(양면테이프 외 조*정)",2145600269,"소모품 양면테이프 등 12종",70,"Z20010189","소모품-수술용장갑 (의지재료) (의지재료)","Z01",456,null,44251,"최종승인",11764,"조혜정",44252,301148,"신성메디칼","2021-02-24","2021-03-03",14,"EA",15000,1,210000,14,210000,44252,"결제",44253,0,null,210000,44252,210000,44252,"상신","결재완료",210000,44286,210000,44286]
[1102,1000074108,80,"물품구매(양면테이프 외 조*정)",2145600269,"소모품 양면테이프 등 12종",80,"Z20010100","소모품-내피피혁(30cm) (의지재료) (의지재료)","Z01",456,null,44251,"최종승인",11764,"조혜정",44252,301148,"신성메디칼","2021-02-24","2021-03-03",50,"EA",5000,1,250000,50,250000,44252,"결제",44253,0,null,250000,44252,250000,44252,"상신","결재완료",250000,44286,250000,44286]
[1102,1000074108,90,"물품구매(양면테이프 외 조*정)",2145600269,"소모품 양면테이프 등 12종",90,"Z20010292","소모품-파우다(백색분말) (의지재료) (의지재료)","Z01",456,null,44251,"최종승인",11764,"조혜정",44252,301148,"신성메디칼","2021-02-24","2021-03-03",4,"EA",20700,1,82800,4,82800,44252,"결제",44253,0,null,82800,44252,82800,44252,"상신","결재완료",82800,44286,82800,44286]
[1102,1000074108,100,"물품구매(양면테이프 외 조*정)",2145600269,"소모품 양면테이프 등 12종",100,"Z20010152","소모품-본드(1kg) (의지재료) (의지재료)","Z01",456,null,44251,"최종승인",11764,"조혜정",44252,301148,"신성메디칼","2021-02-24","2021-03-03",10,"EA",10000,1,100000,10,100000,44252,"결제",44253,0,null,100000,44252,100000,44252,"상신","결재완료",100000,44286,100000,44286]
[1102,1000074108,110,"물품구매(양면테이프 외 조*정)",2145600269,"소모품 양면테이프 등 12종",110,"Z20010246","소모품-위생랩(30cm) (의지재료) (의지재료)","Z01",456,null,44251,"최종승인",11764,"조혜정",44252,301148,"신성메디칼","2021-02-24","2021-03-03",10,"EA",5000,1,50000,10,50000,44252,"결제",44253,0,null,50000,44252,50000,44252,"상신","결재완료",50000,44286,50000,44286]
[1102,1000074108,120,"물품구매(양면테이프 외 조*정)",2145600269,"소모품 양면테이프 등 12종",120,"Z20011312","소모품-실리콘양면테이프","Z01",456,null,44251,"최종승인",11764,"조혜정",44252,301148,"신성메디칼","2021-02-24","2021-03-03",2,"EA",8000,1,16000,2,16000,44252,"결제",44253,0,null,16000,44252,16000,44252,"상신","결재완료",16000,44286,16000,44286]
[1102,1000074116,10,"물품구매(전*성-전*범/유*선)",2145600266,"활동형휠체어 등 3종",10,"Z20120641","활동형휠체어- 노바제로 A타입 (티오엠)","Z01",456,null,44251,"최종승인",26283,"유재선",44251,325322,"썬메디테크","2021-02-24","2021-03-03",2,"EA",950000,1,1900000,2,1900000,44252,"결제",44253,0,null,1900000,44252,1900000,44252,"상신","결재완료",1900000,44286,1900000,44286]
[1102,1000074116,20,"물품구매(전*성-전*범/유*선)",2145600266,"활동형휠체어 등 3종",20,"Z20011291","휠체어수리- 등받이 (스타트-M1)","Z01",456,null,44251,"최종승인",26283,"유재선",44251,325322,"썬메디테크","2021-02-24","2021-03-03",1,"EA",45000,1,45000,1,45000,44252,"결제",44253,0,null,45000,44252,45000,44252,"상신","결재완료",45000,44286,45000,44286]
[1102,1000074116,30,"물품구매(전*성-전*범/유*선)",2145600266,"활동형휠체어 등 3종",30,"Z20120420","휠체어수리-팔받이스타트오토복 (의지재료) (의지재료)","Z01",456,null,44251,"최종승인",26283,"유재선",44251,325322,"썬메디테크","2021-02-24","2021-03-03",2,"EA",26000,1,52000,2,52000,44252,"결제",44253,0,null,52000,44252,52000,44252,"상신","결재완료",52000,44286,52000,44286]
[1102,1000074117,10,"기타(앞바퀴조립,뒷바퀴조립)",2145600265,"휠체어수리 뒷바퀴조립 등 2종",10,"Z20011306","휠체어수리- 뒷바퀴조립 스마트 트윈 22\"(엠코리아)","Z01",456,null,44251,"최종승인",26283,"유재선",44251,325857,"주식회사 엠코리아토탈서비스","2021-02-24","2021-03-03",2,"EA",40000,1,80000,2,80000,44252,"결제",44253,0,null,80000,44252,80000,44252,"상신","결재완료",80000,44286,80000,44286]
[1102,1000074117,20,"기타(앞바퀴조립,뒷바퀴조립)",2145600265,"휠체어수리 뒷바퀴조립 등 2종",20,"Z20011311","휠체어수리- 앞바퀴조립- 제니스 4인치 (엠코리아)","Z01",456,null,44251,"최종승인",26283,"유재선",44251,325857,"주식회사 엠코리아토탈서비스","2021-02-24","2021-03-03",4,"EA",30000,1,120000,4,120000,44252,"결제",44253,0,null,120000,44252,120000,44252,"상신","결재완료",120000,44286,120000,44286]
[1102,1000074135,10,"물품구매(휠체어-정*기)",2145600272,"활동형휠체어",10,"Z20120641","활동형휠체어- 노바제로 A타입 (티오엠)","Z01",456,null,44252,"최종승인",9144,"정창희",44252,325322,"썬메디테크","2021-02-24","2021-03-04",1,"EA",950000,1,950000,1,950000,44252,"결제",44257,0,null,950000,44252,950000,44252,"상신","결재완료",950000,44286,950000,44286]
[1102,1000074138,10,"물품구매-의지하지/임*",2145600273,"의지하지 실리콘싹스",10,"Z20010507","의지하지-실리콘싹스국산(국산) (의지재료) (의지재료)","Z01",456,null,44252,"최종승인",9620,"임성은",44252,323203,"코스텍","2021-02-24","2021-03-03",2,"EA",120000,1,240000,2,240000,44252,"결제",44253,0,null,240000,44252,240000,44252,"상신","결재완료",240000,44286,240000,44286]
[1102,1000073953,10,"물품구매(락장식-권*석 /조*정)",2145600218,"의지하지 락장식",10,"Z20011303","의지하지-락장식 MagLock","Z01",456,null,44245,"최종승인",11764,"조혜정",44249,323203,"코스텍","2021-02-18","2021-02-25",1,"EA",163600,1,163600,1,163600,44251,"결제",44252,0,null,163600,44251,163600,44251,"상신","결재완료",163600,44286,163600,44286]
[1102,1000073961,10,"물품구매(헤드 3D 스캔 등 3건/세금계산서)",2145600203,"화상보조기기/헤드 3d 스캔 등 3종",10,"Z20050966","화상보조기기","Z01",456,null,44245,"최종승인",27685,"황석진",44249,328726,"주식회사 메카코닉","2021-02-18","2021-02-25",1,"EA",330000,1,330000,1,330000,44251,"결제",44252,0,null,330000,44251,330000,44251,"상신","결재완료",0,null,330000,44265]
[1102,1000073961,20,"물품구매(헤드 3D 스캔 등 3건/세금계산서)",2145600203,"화상보조기기/헤드 3d 스캔 등 3종",20,"Z20050966","화상보조기기","Z01",456,null,44245,"최종승인",27685,"황석진",44249,328726,"주식회사 메카코닉","2021-02-18","2021-02-25",1,"EA",2640000,1,2640000,1,2640000,44251,"결제",44252,0,null,2640000,44251,2640000,44251,"상신","결재완료",0,null,2640000,44265]
[1102,1000073961,30,"물품구매(헤드 3D 스캔 등 3건/세금계산서)",2145600203,"화상보조기기/헤드 3d 스캔 등 3종",30,"Z20050966","화상보조기기","Z01",456,null,44245,"최종승인",27685,"황석진",44249,328726,"주식회사 메카코닉","2021-02-18","2021-02-25",1,"EA",2200000,1,2200000,1,2200000,44251,"결제",44252,0,null,2200000,44251,2200000,44251,"상신","결재완료",0,null,2200000,44265]
[1102,1000074028,10,"물품구매(제어기장착부/세금계산서)",2145600248,"전동보조기/제어기장착부",10,"Z20050968","전동 보조기","Z01",456,null,44249,"최종승인",27607,"이종원",44250,322571,"주식회사 비엠케이","2021-02-22","2021-02-26",1,"EA",2904000,1,2904000,1,2904000,44251,"결제",44252,0,null,2904000,44251,2904000,44251,"상신","결재완료",0,null,2904000,44265]
[1102,1000074051,10,"물품구매(의지상지-박*현 외 2명/손*지)",2145600251,"의지상지 미관형의수",10,"Z20010368","의지상지-미관형의수실리콘리갈(외산) (의지재료) (의지재료)","Z01",456,null,44250,"최종승인",28716,"손민지",44250,301263,"성림교역","2021-02-22","2021-03-02",3,"EA",230000,1,690000,3,690000,44251,"결제",44252,0,null,690000,44251,690000,44251,"상신","결재완료",690000,44286,690000,44286]
[1102,1000074055,10,"물품구매(의지상지-이*하)/손*",2145600250,"의지상지 미관형의수 등 2종",10,"Z20010369","의지상지-미관형의수전자글러브레진(외산) (의지재료) (의지재료)","Z01",456,null,44250,"최종승인",28716,"손민지",44250,305386,"(주) 오토복코리아헬스케어","2021-02-22","2021-03-02",1,"EA",162000,1,162000,1,162000,44251,"결제",44252,0,null,162000,44251,162000,44251,"상신","결재완료",162000,44286,162000,44286]
[1102,1000074055,20,"물품구매(의지상지-이*하)/손*",2145600250,"의지상지 미관형의수 등 2종",20,"Z20011072","의지상지-근전전동의수내피(독일산)","Z01",456,null,44250,"최종승인",28716,"손민지",44250,305386,"(주) 오토복코리아헬스케어","2021-02-22","2021-03-02",1,"EA",126000,1,126000,1,126000,44251,"결제",44252,0,null,126000,44251,126000,44251,"상신","결재완료",126000,44286,126000,44286]
[1102,1000074057,10,"물품구매(의지하지-김*수 외 조*정)",2145600256,"보조기척추 마이애미칼라패드 등 3종",10,"Z20011309","보조기척추-마이애미칼라패드","Z01",456,null,44250,"최종승인",11764,"조혜정",44250,301434,"오서코리아주식회사","2021-02-23","2021-03-02",1,"EA",27500,1,27500,1,27500,44251,"결제",44252,0,null,27500,44251,27500,44251,"상신","결재완료",27500,44286,27500,44286]
[1102,1000074057,20,"물품구매(의지하지-김*수 외 조*정)",2145600256,"보조기척추 마이애미칼라패드 등 3종",20,"Z20010532","의지하지-실리콘싹스컴포트하퇴용(외산) (의지재료) (의지재료)","Z01",456,null,44250,"최종승인",11764,"조혜정",44250,301434,"오서코리아주식회사","2021-02-23","2021-03-02",1,"EA",335000,1,335000,1,335000,44251,"결제",44252,0,null,335000,44251,335000,44251,"상신","결재완료",335000,44286,335000,44286]
[1102,1000074057,30,"물품구매(의지하지-김*수 외 조*정)",2145600256,"보조기척추 마이애미칼라패드 등 3종",30,"Z20010722","의지하지-더모웨이브락킹(오서) (의지재료)","Z01",456,null,44250,"최종승인",11764,"조혜정",44250,301434,"오서코리아주식회사","2021-02-23","2021-03-02",1,"EA",398000,1,398000,1,398000,44251,"결제",44252,0,null,398000,44251,398000,44251,"상신","결재완료",398000,44286,398000,44286]
[1102,1000074069,10,"물품구매(컴포트라이너등/천*민)",2145600263,"의지하지 컴포트웨이브 등 3종",10,"Z20010723","의지하지-컴포트웨이브(오서) (의지재료)","Z01",456,null,44250,"최종승인",27784,"천성민",44251,301434,"오서코리아주식회사","2021-02-23","2021-03-02",2,"EA",335000,1,670000,2,670000,44251,"결제",44258,0,null,670000,44251,670000,44251,"상신","결재완료",670000,44286,670000,44286]
[1102,1000074069,20,"물품구매(컴포트라이너등/천*민)",2145600263,"의지하지 컴포트웨이브 등 3종",20,"Z20010672","의지하지-플랙스풋커버(오서) (의지재료)","Z01",456,null,44250,"최종승인",27784,"천성민",44251,301434,"오서코리아주식회사","2021-02-23","2021-03-02",1,"EA",148000,1,148000,1,148000,44251,"결제",44258,0,null,148000,44251,148000,44251,"상신","결재완료",148000,44286,148000,44286]
[1102,1000074069,30,"물품구매(컴포트라이너등/천*민)",2145600263,"의지하지 컴포트웨이브 등 3종",30,"Z20010532","의지하지-실리콘싹스컴포트하퇴용(외산) (의지재료) (의지재료)","Z01",456,null,44250,"최종승인",27784,"천성민",44251,301434,"오서코리아주식회사","2021-02-23","2021-03-02",2,"EA",335000,1,670000,2,670000,44251,"결제",44258,0,null,670000,44251,670000,44251,"상신","결재완료",670000,44286,670000,44286]
[1102,1000074071,10,"물품구매(매트-박*형)",2145600261,"욕창예방매트리스",10,"Z20130015","욕창예방매트리스교대부양형-Md300(800x1800x100mm) (의지재","Z01",456,null,44250,"최종승인",9144,"정창희",44251,301766,"은혜메디칼","2021-02-23","2021-03-02",2,"EA",380000,1,760000,2,760000,44251,"결제",44253,0,null,760000,44251,760000,44251,"상신","결재완료",760000,44286,760000,44286]
[1102,1000074076,10,"물품구매(휠체어-윤*섭)",2145600262,"활동형휠체어 등 6종",10,"Z20120650","활동형휠체어-P2(미키코리아)","Z01",456,null,44250,"최종승인",9144,"정창희",44251,309507,"미키코리아(주)","2021-02-23","2021-03-02",1,"EA",950000,1,950000,1,950000,44251,"결제",44259,0,null,950000,44251,950000,44251,"상신","결재완료",950000,44286,950000,44286]
[1102,1000074076,20,"물품구매(휠체어-윤*섭)",2145600262,"활동형휠체어 등 6종",20,"Z20120643","휠체어활동형-U2/B","Z01",456,null,44250,"최종승인",9144,"정창희",44251,309507,"미키코리아(주)","2021-02-23","2021-03-02",1,"EA",1100000,1,1100000,1,1100000,44251,"결제",44259,0,null,1100000,44251,1100000,44251,"상신","결재완료",1100000,44286,1100000,44286]
[1102,1000074076,30,"물품구매(휠체어-윤*섭)",2145600262,"활동형휠체어 등 6종",30,"Z20120628","침대형휠체어-HAL-48알루미늄드럼브레이크(미키코리아) (의지재료)","Z01",456,null,44250,"최종승인",9144,"정창희",44251,309507,"미키코리아(주)","2021-02-23","2021-03-02",1,"EA",730000,1,730000,1,730000,44251,"결제",44259,0,null,730000,44251,730000,44251,"상신","결재완료",730000,44286,730000,44286]
[1102,1000074076,40,"물품구매(휠체어-윤*섭)",2145600262,"활동형휠체어 등 6종",40,"Z20120367","휠체어수리-타이어활동형미키(24in) (의지재료) (의지재료)","Z01",456,null,44250,"최종승인",9144,"정창희",44251,309507,"미키코리아(주)","2021-02-23","2021-03-02",2,"EA",8000,1,16000,2,16000,44251,"결제",44259,0,null,16000,44251,16000,44251,"상신","결재완료",16000,44286,16000,44286]
[1102,1000074076,50,"물품구매(휠체어-윤*섭)",2145600262,"활동형휠체어 등 6종",50,"Z20120405","휠체어수리-튜브활동형미키(22,24in) (의지재료) (의지재료)","Z01",456,null,44250,"최종승인",9144,"정창희",44251,309507,"미키코리아(주)","2021-02-23","2021-03-02",2,"EA",6000,1,12000,2,12000,44251,"결제",44259,0,null,12000,44251,12000,44251,"상신","결재완료",12000,44286,12000,44286]
[1102,1000074076,60,"물품구매(휠체어-윤*섭)",2145600262,"활동형휠체어 등 6종",60,"Z20120250","휠체어수리-앞바퀴조립솔리드바퀴미키(5,6,7in) (의지재료) (의지재료","Z01",456,null,44250,"최종승인",9144,"정창희",44251,309507,"미키코리아(주)","2021-02-23","2021-03-02",2,"EA",15000,1,30000,2,30000,44251,"결제",44259,0,null,30000,44251,30000,44251,"상신","결재완료",30000,44286,30000,44286]
[1102,1000074119,10,"물품구매(미관형의수-송*덕)",2145600271,"의지상지 미관형의수 등 9종",10,"Z20010368","의지상지-미관형의수실리콘리갈(외산) (의지재료) (의지재료)","Z01",456,null,44251,"최종승인",9144,"정창희",44252,301263,"성림교역","2021-02-23","2021-03-03",1,"EA",230000,1,230000,1,230000,44251,"결제",44257,0,null,230000,44251,230000,44251,"상신","결재완료",230000,44286,230000,44286]
[1102,1000074119,20,"물품구매(미관형의수-송*덕)",2145600271,"의지상지 미관형의수 등 9종",20,"Z20011027","의지하지-기계식브레이크단축무릎(대만제)","Z01",456,null,44251,"최종승인",9144,"정창희",44252,301263,"성림교역","2021-02-23","2021-03-03",2,"EA",640000,1,1280000,2,1280000,44251,"결제",44257,0,null,1280000,44251,1280000,44251,"상신","결재완료",1280000,44286,1280000,44286]
[1102,1000074119,30,"물품구매(미관형의수-송*덕)",2145600271,"의지상지 미관형의수 등 9종",30,"Z20010611","보조기하지-CEPA (의지재료) (의지재료)","Z01",456,null,44251,"최종승인",9144,"정창희",44252,301263,"성림교역","2021-02-23","2021-03-03",1,"EA",80000,1,80000,1,80000,44251,"결제",44257,0,null,80000,44251,80000,44251,"상신","결재완료",80000,44286,80000,44286]
[1102,1000074119,40,"물품구매(미관형의수-송*덕)",2145600271,"의지상지 미관형의수 등 9종",40,"Z20010379","의지상지-상박신경줄호스머(호스머) (의지재료) (의지재료)","Z01",456,null,44251,"최종승인",9144,"정창희",44252,301263,"성림교역","2021-02-23","2021-03-03",4,"EA",95000,1,380000,4,380000,44251,"결제",44257,0,null,380000,44251,380000,44251,"상신","결재완료",380000,44286,380000,44286]
[1102,1000074119,50,"물품구매(미관형의수-송*덕)",2145600271,"의지상지 미관형의수 등 9종",50,"Z20010558","의지하지-피라미드 (의지재료) (의지재료)","Z01",456,null,44251,"최종승인",9144,"정창희",44252,301263,"성림교역","2021-02-23","2021-03-03",2,"EA",30000,1,60000,2,60000,44251,"결제",44257,0,null,60000,44251,60000,44251,"상신","결재완료",60000,44286,60000,44286]
[1102,1000074119,60,"물품구매(미관형의수-송*덕)",2145600271,"의지상지 미관형의수 등 9종",60,"Z20010457","의지하지-락장식필라우더 (의지재료) (의지재료)","Z01",456,null,44251,"최종승인",9144,"정창희",44252,301263,"성림교역","2021-02-23","2021-03-03",2,"EA",155000,1,310000,2,310000,44251,"결제",44257,0,null,310000,44251,310000,44251,"상신","결재완료",310000,44286,310000,44286]
[1102,1000074119,70,"물품구매(미관형의수-송*덕)",2145600271,"의지상지 미관형의수 등 9종",70,"Z20010424","의지하지-단축발알미늄세트(중국산) (의지재료) (의지재료)","Z01",456,null,44251,"최종승인",9144,"정창희",44252,301263,"성림교역","2021-02-23","2021-03-03",2,"EA",162000,1,324000,2,324000,44251,"결제",44257,0,null,324000,44251,324000,44251,"상신","결재완료",324000,44286,324000,44286]
[1102,1000074119,80,"물품구매(미관형의수-송*덕)",2145600271,"의지상지 미관형의수 등 9종",80,"Z20010486","의지하지-발족부외피카바프리덤 (의지재료) (의지재료)","Z01",456,null,44251,"최종승인",9144,"정창희",44252,301263,"성림교역","2021-02-23","2021-03-03",1,"EA",160000,1,160000,1,160000,44251,"결제",44257,0,null,160000,44251,160000,44251,"상신","결재완료",160000,44286,160000,44286]
[1102,1000074119,90,"물품구매(미관형의수-송*덕)",2145600271,"의지상지 미관형의수 등 9종",90,"Z20010378","의지상지-상박관절장식호스머(미국산) (의지재료) (의지재료)","Z01",456,null,44251,"최종승인",9144,"정창희",44252,301263,"성림교역","2021-02-23","2021-03-03",1,"EA",760000,1,760000,1,760000,44251,"결제",44257,0,null,760000,44251,760000,44251,"상신","결재완료",760000,44286,760000,44286]
[1102,1000074120,10,"물품구매(실리콘라이너-한*철)",2145600270,"의지하지 실리콘싹스 등 6종",10,"Z20010543","의지하지-실리콘싹스향균라이너하퇴용(독일산) (의지재료) (의지재료)","Z01",456,null,44251,"최종승인",9144,"정창희",44252,305386,"(주) 오토복코리아헬스케어","2021-02-23","2021-03-03",3,"EA",235000,1,705000,3,705000,44251,"결제",44257,0,null,705000,44251,705000,44251,"상신","결재완료",705000,44286,705000,44286]
[1102,1000074120,20,"물품구매(실리콘라이너-한*철)",2145600270,"의지하지 실리콘싹스 등 6종",20,"Z20010373","의지상지-반자동의수(독일산) (의지재료) (의지재료)","Z01",456,null,44251,"최종승인",9144,"정창희",44252,305386,"(주) 오토복코리아헬스케어","2021-02-23","2021-03-03",1,"EA",363000,1,363000,1,363000,44251,"결제",44257,0,null,363000,44251,363000,44251,"상신","결재완료",363000,44286,363000,44286]
[1102,1000074120,30,"물품구매(실리콘라이너-한*철)",2145600270,"의지하지 실리콘싹스 등 6종",30,"Z20010542","의지하지-실리콘싹스향균라이너대퇴용(독일산) (의지재료) (의지재료)","Z01",456,null,44251,"최종승인",9144,"정창희",44252,305386,"(주) 오토복코리아헬스케어","2021-02-23","2021-03-03",1,"EA",515000,1,515000,1,515000,44251,"결제",44257,0,null,515000,44251,515000,44251,"상신","결재완료",515000,44286,515000,44286]
[1102,1000074120,40,"물품구매(실리콘라이너-한*철)",2145600270,"의지하지 실리콘싹스 등 6종",40,"Z20010369","의지상지-미관형의수전자글러브레진(외산) (의지재료) (의지재료)","Z01",456,null,44251,"최종승인",9144,"정창희",44252,305386,"(주) 오토복코리아헬스케어","2021-02-23","2021-03-03",4,"EA",162000,1,648000,4,648000,44251,"결제",44257,0,null,648000,44251,648000,44251,"상신","결재완료",648000,44286,648000,44286]
[1102,1000074120,50,"물품구매(실리콘라이너-한*철)",2145600270,"의지하지 실리콘싹스 등 6종",50,"Z20130024","욕창예방방석공기격자형-커트로 (의지재료) (의지재료)","Z01",456,null,44251,"최종승인",9144,"정창희",44252,305386,"(주) 오토복코리아헬스케어","2021-02-23","2021-03-03",2,"EA",370000,1,740000,2,740000,44251,"결제",44257,0,null,740000,44251,740000,44251,"상신","결재완료",740000,44286,740000,44286]
[1102,1000074120,60,"물품구매(실리콘라이너-한*철)",2145600270,"의지하지 실리콘싹스 등 6종",60,"Z20130033","욕창예방방석카바공기격자형-커트로 (의지재료) (의지재료)","Z01",456,null,44251,"최종승인",9144,"정창희",44252,305386,"(주) 오토복코리아헬스케어","2021-02-23","2021-03-03",2,"EA",45000,1,90000,2,90000,44251,"결제",44257,0,null,90000,44251,90000,44251,"상신","결재완료",90000,44286,90000,44286]
[1102,1500036913,10,"물품구매(프린터토너 등 5종)",2145600247,"휠체어사용성검증/컬러프린터 토너 등 5종",10,null,"프린터 토너","Z06",456,null,44249,"최종승인",27377,"정성배",44250,321731,"주식회사 소명시스템","2021-02-22","2021-02-26",4,"EA",77000,1,308000,4,308000,44251,"결제",44253,0,null,308000,44251,308000,44251,"상신","결재완료",0,null,308000,44280]
[1102,1500036913,20,"물품구매(프린터토너 등 5종)",2145600247,"휠체어사용성검증/컬러프린터 토너 등 5종",20,null,"컬러프린터 토너(검정)","Z06",456,null,44249,"최종승인",27377,"정성배",44250,321731,"주식회사 소명시스템","2021-02-22","2021-02-26",1,"EA",88000,1,88000,1,88000,44251,"결제",44253,0,null,88000,44251,88000,44251,"상신","결재완료",0,null,88000,44280]
[1102,1500036913,30,"물품구매(프린터토너 등 5종)",2145600247,"휠체어사용성검증/컬러프린터 토너 등 5종",30,null,"컬러프린터 토너(파랑)","Z06",456,null,44249,"최종승인",27377,"정성배",44250,321731,"주식회사 소명시스템","2021-02-22","2021-02-26",1,"EA",99000,1,99000,1,99000,44251,"결제",44253,0,null,99000,44251,99000,44251,"상신","결재완료",0,null,99000,44280]
[1102,1500036913,40,"물품구매(프린터토너 등 5종)",2145600247,"휠체어사용성검증/컬러프린터 토너 등 5종",40,null,"컬러프린터 토너(빨강)","Z06",456,null,44249,"최종승인",27377,"정성배",44250,321731,"주식회사 소명시스템","2021-02-22","2021-02-26",1,"EA",99000,1,99000,1,99000,44251,"결제",44253,0,null,99000,44251,99000,44251,"상신","결재완료",0,null,99000,44280]
[1102,1500036913,50,"물품구매(프린터토너 등 5종)",2145600247,"휠체어사용성검증/컬러프린터 토너 등 5종",50,null,"컬러프린터 토너(노랑)","Z06",456,null,44249,"최종승인",27377,"정성배",44250,321731,"주식회사 소명시스템","2021-02-22","2021-02-26",1,"EA",99000,1,99000,1,99000,44251,"결제",44253,0,null,99000,44251,99000,44251,"상신","결재완료",0,null,99000,44280]
[1102,1000073834,10,"물품구매(Premium PLA 등 2건/세금계산서)",2145600184,"화상보조기기/premium pla 등 2종",10,"Z20050966","화상보조기기","Z01",456,null,44246,"최종승인",27685,"황석진",44242,323374,"비온드테크(BEYOND TECH)","2021-02-10","2021-02-26",3,"EA",44000,1,132000,3,132000,44250,"결제",44252,0,null,132000,44250,132000,44250,"상신","결재완료",0,null,132000,44265]
[1102,1000073834,20,"물품구매(Premium PLA 등 2건/세금계산서)",2145600184,"화상보조기기/premium pla 등 2종",20,"Z20050966","화상보조기기","Z01",456,null,44246,"최종승인",27685,"황석진",44242,323374,"비온드테크(BEYOND TECH)","2021-02-10","2021-02-26",3,"EA",65000,1,195000,3,195000,44250,"결제",44252,0,null,195000,44250,195000,44250,"상신","결재완료",0,null,195000,44265]
[1102,1000073850,10,"물품구매(고관절장착부/세금계산서)",2145600201,"전동보조기/고관절 장착부",10,"Z20050968","전동 보조기","Z01",456,null,44246,"최종승인",27607,"이종원",44245,322571,"주식회사 비엠케이","2021-02-17","2021-02-26",1,"EA",6072000,1,6072000,1,6072000,44250,"결제",44252,0,null,6072000,44250,6072000,44250,"상신","결재완료",0,null,6072000,44265]
[1102,1000073871,10,"물품구매(고관절구동부/세금계산서)",2145600200,"전동보조기/고관절 구동부",10,"Z20050968","전동 보조기","Z01",456,null,44246,"최종승인",27607,"이종원",44245,322571,"주식회사 비엠케이","2021-02-17","2021-02-26",1,"EA",8712000,1,8712000,1,8712000,44250,"결제",44252,0,null,8712000,44250,8712000,44250,"상신","결재완료",0,null,8712000,44265]
[1102,1000073944,10,"물품구매(의지상지-이*선,유*현/김*동)",2145600213,"의지상지 미관형의수",10,"Z20010368","의지상지-미관형의수실리콘리갈(외산) (의지재료) (의지재료)","Z01",456,null,44245,"최종승인",8219,"김수동",44249,301263,"성림교역","2021-02-18","2021-02-25",2,"EA",230000,1,460000,2,460000,44250,"결제",44258,0,null,460000,44250,460000,44250,"상신","결재완료",460000,44286,460000,44286]
[1102,1000073945,10,"물품구매(의지하지-김*마,박*서/김*동)",2145600212,"의지하지 1c53 emd 3종",10,"Z20011298","의지하지-1C53(탈레오LP)","Z01",456,null,44245,"최종승인",8219,"김수동",44249,305386,"(주) 오토복코리아헬스케어","2021-02-18","2021-02-25",1,"EA",1800000,1,1800000,1,1800000,44250,"결제",44258,0,null,1800000,44250,1800000,44250,"상신","결재완료",1800000,44286,1800000,44286]
[1102,1000073945,20,"물품구매(의지하지-김*마,박*서/김*동)",2145600212,"의지하지 1c53 emd 3종",20,"Z20010422","의지하지-단축발발목장식알루미늄포함셋트(독일산) (의지재료) (의지재료)","Z01",456,null,44245,"최종승인",8219,"김수동",44249,305386,"(주) 오토복코리아헬스케어","2021-02-18","2021-02-25",1,"EA",176000,1,176000,1,176000,44250,"결제",44258,0,null,176000,44250,176000,44250,"상신","결재완료",176000,44286,176000,44286]
[1102,1000073945,30,"물품구매(의지하지-김*마,박*서/김*동)",2145600212,"의지하지 1c53 emd 3종",30,"Z20010431","의지하지-대퇴무릎장식3R78공압식(독일산) (의지재료) (의지재료)","Z01",456,null,44245,"최종승인",8219,"김수동",44249,305386,"(주) 오토복코리아헬스케어","2021-02-18","2021-02-25",1,"EA",703000,1,703000,1,703000,44250,"결제",44258,0,null,703000,44250,703000,44250,"상신","결재완료",703000,44286,703000,44286]
[1102,1000073946,10,"물품구매(의지하지-박*서,김*마,양*심/김*동)",2145600211,"의지하지 흡입밸브 등 7종",10,"Z20010570","의지하지-흡입밸브실린라이너대퇴용(미국산) (의지재료) (의지재료)","Z01",456,null,44245,"최종승인",8219,"김수동",44249,301434,"오서코리아주식회사","2021-02-18","2021-02-25",2,"EA",95000,1,190000,2,190000,44250,"결제",44258,0,null,190000,44250,190000,44250,"상신","결재완료",190000,44286,190000,44286]
[1102,1000073946,20,"물품구매(의지하지-박*서,김*마,양*심/김*동)",2145600211,"의지하지 흡입밸브 등 7종",20,"Z20010891","의지하지-실리콘싹스(아이스로스 씰인X-TF(Set) (의지재료)","Z01",456,null,44245,"최종승인",8219,"김수동",44249,301434,"오서코리아주식회사","2021-02-18","2021-02-25",1,"EA",620000,1,620000,1,620000,44250,"결제",44258,0,null,620000,44250,620000,44250,"상신","결재완료",620000,44286,620000,44286]
[1102,1000073946,30,"물품구매(의지하지-박*서,김*마,양*심/김*동)",2145600211,"의지하지 흡입밸브 등 7종",30,"Z20010546","의지하지-실리콘싹스X5씰린대퇴용(미국산) (의지재료) (의지재료)","Z01",456,null,44245,"최종승인",8219,"김수동",44249,301434,"오서코리아주식회사","2021-02-18","2021-02-25",1,"EA",600000,1,600000,1,600000,44250,"결제",44258,0,null,600000,44250,600000,44250,"상신","결재완료",600000,44286,600000,44286]
[1102,1000073946,40,"물품구매(의지하지-박*서,김*마,양*심/김*동)",2145600211,"의지하지 흡입밸브 등 7종",40,"Z20010444","의지하지-대퇴무릎장식토탈니유압식(미국산) (의지재료) (의지재료)","Z01",456,null,44245,"최종승인",8219,"김수동",44249,301434,"오서코리아주식회사","2021-02-18","2021-02-25",1,"EA",2870000,1,2870000,1,2870000,44250,"결제",44258,0,null,2870000,44250,2870000,44250,"상신","결재완료",2870000,44286,2870000,44286]
[1102,1000073946,50,"물품구매(의지하지-박*서,김*마,양*심/김*동)",2145600211,"의지하지 흡입밸브 등 7종",50,"Z20010590","의지하지-토탈니메일피라미드어댑터(외산) (의지재료) (의지재료)","Z01",456,null,44245,"최종승인",8219,"김수동",44249,301434,"오서코리아주식회사","2021-02-18","2021-02-25",1,"EA",130000,1,130000,1,130000,44250,"결제",44258,0,null,130000,44250,130000,44250,"상신","결재완료",130000,44286,130000,44286]
[1102,1000073946,60,"물품구매(의지하지-박*서,김*마,양*심/김*동)",2145600211,"의지하지 흡입밸브 등 7종",60,"Z20011304","의지하지-프로플렉스LP","Z01",456,null,44245,"최종승인",8219,"김수동",44249,301434,"오서코리아주식회사","2021-02-18","2021-02-25",1,"EA",2100000,1,2100000,1,2100000,44250,"결제",44258,0,null,2100000,44250,2100000,44250,"상신","결재완료",2100000,44286,2100000,44286]
[1102,1000073946,70,"물품구매(의지하지-박*서,김*마,양*심/김*동)",2145600211,"의지하지 흡입밸브 등 7종",70,"Z20010532","의지하지-실리콘싹스컴포트하퇴용(외산) (의지재료) (의지재료)","Z01",456,null,44245,"최종승인",8219,"김수동",44249,301434,"오서코리아주식회사","2021-02-18","2021-02-25",1,"EA",335000,1,335000,1,335000,44250,"결제",44258,0,null,335000,44250,335000,44250,"상신","결재완료",335000,44286,335000,44286]
[1102,1000073972,10,"물품구매(후크등/천*민)",2145600249,"의지상지 호스머후크 등 5종",10,"Z20011060","의지상지-호스머후크-대우,스텐(고무X)","Z01",456,null,44245,"최종승인",27784,"천성민",44250,301263,"성림교역","2021-02-18","2021-02-25",2,"EA",510000,1,1020000,2,1020000,44250,"결제",44252,0,null,1020000,44250,1020000,44250,"상신","결재완료",1020000,44286,1020000,44286]
[1102,1000073972,20,"물품구매(후크등/천*민)",2145600249,"의지상지 호스머후크 등 5종",20,"Z20010368","의지상지-미관형의수실리콘리갈(외산) (의지재료) (의지재료)","Z01",456,null,44245,"최종승인",27784,"천성민",44250,301263,"성림교역","2021-02-18","2021-02-25",5,"EA",230000,1,1150000,5,1150000,44250,"결제",44252,0,null,1150000,44250,1150000,44250,"상신","결재완료",1150000,44286,1150000,44286]
[1102,1000073972,30,"물품구매(후크등/천*민)",2145600249,"의지상지 호스머후크 등 5종",30,"Z20010390","의지상지-손목장식꺽임기능(미국) (의지재료) (의지재료)","Z01",456,null,44245,"최종승인",27784,"천성민",44250,301263,"성림교역","2021-02-18","2021-02-25",1,"EA",325000,1,325000,1,325000,44250,"결제",44252,0,null,325000,44250,325000,44250,"상신","결재완료",325000,44286,325000,44286]
[1102,1000073972,40,"물품구매(후크등/천*민)",2145600249,"의지상지 호스머후크 등 5종",40,"Z20010714","소모품-국산양말(Thin,H-35cm) (의지재료)","Z01",456,null,44245,"최종승인",27784,"천성민",44250,301263,"성림교역","2021-02-18","2021-02-25",40,"EA",3500,1,140000,40,140000,44250,"결제",44252,0,null,140000,44250,140000,44250,"상신","결재완료",140000,44286,140000,44286]
[1102,1000073976,20,"물품구매 수부 /창원센터",2145600235,"의지상지 미관형의수 등 2종",20,"Z20010363","의지상지-미관형의수레진두손 (의지재료) (의지재료)","Z01",456,null,44246,"최종승인",6166,"김현종",44249,300508,"두손의수","2021-02-19","2021-02-26",2,"EA",90000,1,180000,2,180000,44250,"결제",44251,0,null,180000,44250,180000,44250,"상신","결재완료",180000,44286,180000,44286]
[1102,1000074017,10,"물품구매(프로플렉스 LP)",2145600245,"시험상용화/프로플렉스lp",10,"Z20050546","하지-고기능인공발(프로플렉스LP)(연구재료) (연구재료)","Z01",456,null,44246,"최종승인",27783,"이미경",44250,301434,"오서코리아주식회사","2021-02-19","2021-02-26",1,"EA",2100000,1,2100000,1,2100000,44250,"결제",44252,0,null,2100000,44250,2100000,44250,"상신","결재완료",2100000,44265,2100000,44265]
[1102,1000073829,20,"물품구매(대퇴의지가방등/천*민)",2145600187,"소모품 하퇴의족용가방 등 2종",20,"Z20011302","소모품- 상완의지가방","Z01",456,null,44242,"최종승인",27784,"천성민",44243,301263,"성림교역","2021-02-15","2021-02-22",500,"EA",2100,1,1050000,500,1050000,44249,"결제",44250,0,null,1050000,44249,1050000,44249,"상신","결재완료",1050000,44286,1050000,44286]
[1102,1000073937,10,"물품구매-휠체어수리/임*은",2145600222,"휠체어수리 브레이크 등 9종",10,"Z20120205","휠체어수리-브레이크활동형미키(활동형) (의지재료) (의지재료)","Z01",456,null,44245,"최종승인",9620,"임성은",44249,309507,"미키코리아(주)","2021-02-18","2021-02-25",2,"EA",22000,1,44000,2,44000,44249,"결제",44252,0,null,44000,44249,44000,44249,"상신","결재완료",44000,44286,44000,44286]
[1102,1000073968,20,"물품구매(의지하지-박*주외3명/김*선)",2145600216,"의지하지 실리콘싹스 등 5종",20,"Z20010570","의지하지-흡입밸브실린라이너대퇴용(미국산) (의지재료) (의지재료)","Z01",456,null,44245,"최종승인",6675,"김훈선",44249,301434,"오서코리아주식회사","2021-02-18","2021-02-25",2,"EA",95000,1,190000,2,190000,44249,"결제",44252,0,null,190000,44249,190000,44249,"상신","결재완료",190000,44286,190000,44286]
[1102,1000073993,10,"물품구매(김*식/유*선)",2145600227,"일반형휠체어",10,"Z20120652","일반형휠체어-SMART-cpu(24D)우리체어메디칼","Z01",456,null,44246,"최종승인",26283,"유재선",44249,324470,"우리체어메디칼","2021-02-19","2021-02-26",1,"EA",450000,1,450000,1,450000,44249,"결제",44250,0,null,450000,44249,450000,44249,"상신","결재완료",450000,44286,450000,44286]
[1102,1000073950,10,"물품구매(하지의지-박*옥)손*호",2145600219,"의지하지 락장식셔틀락 등 2종",10,"Z20010453","의지하지-락장식셔틀락키드하지용(미국하퇴용) (의지재료) (의지재료)","Z01",456,null,44245,"최종승인",6167,"손진호",44249,301263,"성림교역","2021-02-18","2021-02-25",1,"EA",155000,1,155000,1,155000,44246,"결제",44251,0,null,155000,44246,155000,44246,"상신","결재완료",155000,44286,155000,44286]
[1102,1000073902,10,"물품구매(기타재료 네오프렌 외 조*정)",2145600195,"소모품 천네오프렌천 등 4종",10,"Z20010269","소모품-천네오프렌천(5mm) (의지재료) (의지재료)","Z01",456,null,44243,"최종승인",11764,"조혜정",44244,301148,"신성메디칼","2021-02-16","2021-02-23",3,"EA",65000,1,195000,3,195000,44244,"결제",44244,0,null,195000,44244,195000,44244,"상신","결재완료",195000,44286,195000,44286]
[1102,1000073759,10,"물품구매 수부 /창원센터",2145600177,"의지상지 미관형의수",10,"Z20010367","의지상지-미관형의수실리콘두손 (의지재료) (의지재료)","Z01",456,null,44232,"최종승인",6166,"김현종",44235,300508,"두손의수","2021-02-05","2021-02-12",3,"EA",230000,1,690000,3,690000,44236,"결제",44242,0,null,690000,44236,690000,44236,"상신","결재완료",690000,44286,690000,44286]
[1102,1000073723,20,"물품구매/의지재료/조*문",2145600172,"욕창예방방석 등 3종",20,"Z20010422","의지하지-단축발발목장식알루미늄포함셋트(독일산) (의지재료) (의지재료)","Z01",456,null,44230,"최종승인",6164,"조성문",44235,305386,"(주) 오토복코리아헬스케어","2021-02-04","2021-02-10",1,"EA",176000,1,176000,1,176000,44235,"결제",44236,0,null,176000,44235,176000,44235,"상신","결재완료",176000,44286,176000,44286]
[1102,1000073774,10,"물품구매(노*보-조*범/유*선)",2145600173,"침대형휠체어 등 4종",10,"Z20120628","침대형휠체어-HAL-48알루미늄드럼브레이크(미키코리아) (의지재료)","Z01",456,null,44232,"최종승인",26283,"유재선",44235,301882,"미키메디칼","2021-02-05","2021-02-12",2,"EA",740000,1,1480000,2,1480000,44235,"결제",44236,0,null,1480000,44235,1480000,44235,"상신","결재완료",1480000,44286,1480000,44286]
[1102,1500036553,60,"물품구매(스마트2호구급함 등 6종)",2145600135,"구급함 등 6종",60,null,"방독 마스크","Z06",456,null,44222,"최종승인",9294,"최종문",44225,328630,"보호구닷컴","2021-01-27","2021-02-09",24,"EA",15000,1,360000,24,360000,44232,"결제",44260,0,null,360000,44232,360000,44232,"상신","결재완료",360000,44265,360000,44265]
[1102,1000073711,40,"물품구매(하지의지-박*수)/손*호",2145600162,"의지하지 밸런스코폴리머라이너 등 7종",40,"Z20010935","의지하지-더마 프로플렉스 슬리브(453A4)(오토복) (의지재료)","Z01",456,null,44230,"최종승인",6167,"손진호",44231,305386,"(주) 오토복코리아헬스케어","2021-02-03","2021-02-10",1,"EA",130000,1,130000,1,130000,44230,"결제",44235,0,null,130000,44230,130000,44230,"상신","결재완료",130000,44286,130000,44286]
[1102,1000073471,10,"물품구매(호스머후크 등 1건/ 세금계산서)",2145600122,"직무지원/호스머 후크",10,"Z20050113","직무지원 연구재료 (연구재료) (연구재료)","Z01",456,null,44225,"최종승인",28673,"전경진",44223,301263,"성림교역","2021-01-22","2021-02-05",1,"EA",520000,1,520000,1,520000,44229,"결제",44230,0,null,520000,44229,520000,44229,"상신","결재완료",520000,44252,520000,44252]
[1102,1000073504,40,"물품구매(이*호,김*영)전*만",2145600121,"활동형휠체어 등 6종",40,"Z20120267","휠체어수리-앞바퀴조립투명휠(3,4,5in) (의지재료) (의지재료)","Z01",456,null,44222,"최종승인",6160,"전영만",44223,309507,"미키코리아(주)","2021-01-26","2021-02-02",4,"EA",20000,1,80000,4,80000,44225,"결제",44228,0,null,80000,44225,80000,44225,"상신","결재완료",80000,44253,80000,44253]
[1102,1000073590,10,"물품구매(마스크 측정용 센서 및 제어기 7종/법인카드)",2145600148,"화상보조기기/마스크 측정용 센서 및 제어기 7종",10,"Z20050966","화상보조기기","Z01",456,null,44245,"최종승인",27685,"황석진",44229,516567581,"화상보조기기-7581","2021-01-29","2021-02-25",1,"EA",736393,1,736393,1,736393,44225,"결제",44249,0,null,736393,44225,736393,44225,"상신","결재완료",0,null,736393,44253]
[1102,1000073415,30,"물품구매(방석 외2건)",2145600082,"소모품 pp 등 3종",30,"Z20130023","욕창예방방석공기격자형-로호 (의지재료) (의지재료)","Z01",456,null,44216,"최종승인",6154,"김순종",44217,305386,"(주) 오토복코리아헬스케어","2021-01-20","2021-01-27",1,"EA",370000,1,370000,1,370000,44223,"결제",44228,0,null,370000,44223,370000,44223,"상신","결재완료",370000,44253,370000,44253]
[1102,1000073514,70,"물품구매(미관형의수-이*호)",2145600118,"의지상지 미관형의수 등 13종",70,"Z20010526","의지하지-실리콘싹스이지락킹(미국산) (의지재료) (의지재료)","Z01",456,null,44222,"최종승인",9144,"정창희",44222,301263,"성림교역","2021-01-26","2021-02-02",5,"EA",330000,1,1650000,5,1650000,44223,"결제",44225,0,null,1650000,44223,1650000,44223,"상신","결재완료",1650000,44253,1650000,44253]
[1102,1000073437,10,"물품구매 휠체어 이*춘,김*림 /창원센터",2145600097,"휠체어일반형 등 2종",10,"Z20120474","휠체어일반형-M1스타트 (의지재료) (의지재료)","Z01",456,null,44218,"최종승인",6166,"김현종",44221,324832,"주식회사 이레엠케어","2021-01-22","2021-01-29",1,"EA",410000,1,410000,1,410000,44222,"결제",44224,0,null,410000,44222,410000,44222,"상신","결재완료",410000,44253,410000,44253]
[1102,1000073453,40,"물품구매 의지하지/창원센터",2145600105,"소모품 하퇴용스탐프싹스 등 4종",40,"Z20010453","의지하지-락장식셔틀락키드하지용(미국하퇴용) (의지재료) (의지재료)","Z01",456,null,44218,"최종승인",8445,"차민국",44221,301263,"성림교역","2021-01-22","2021-01-29",5,"EA",155000,1,775000,5,775000,44222,"결제",44224,0,null,775000,44222,775000,44222,"상신","결재완료",775000,44253,775000,44253]
[1102,1000073418,10,"물품구매-의지하지/임*은",2145600087,"의지하지 실리콘 젤 라이너 등 5종",10,"Z20010943","의지하지-실리콘 젤 라이너(6Y70)(독일산) (의지재료)","Z01",456,null,44217,"최종승인",9620,"임성은",44218,305386,"(주) 오토복코리아헬스케어","2021-01-21","2021-01-28",4,"EA",180000,1,720000,4,720000,44221,"결제",44224,0,null,720000,44221,720000,44221,"상신","결재완료",720000,44253,720000,44253]
[1102,1000073358,30,"물품구매(지팡이 외2건)",2145600065,"소모품 지팡이 등 3종",30,"Z20120665","휠체어수리 - 팔받이 파트너 P-1003 (대세)","Z01",456,null,44214,"최종승인",6154,"김순종",44215,306977,"(주)대세엠케어 경인지점 (인천)","2021-01-18","2021-01-25",1,"EA",10909,1,10909,1,10909,44218,"결제",44221,0,null,10909,44218,10909,44218,"상신","결재완료",10909,44253,10909,44253]
[1102,1000073381,30,"물품구매(미관형리갈등/천*민)",2145600077,"의지상지 미관형의수 등 13종",30,"Z20010379","의지상지-상박신경줄호스머(호스머) (의지재료) (의지재료)","Z01",456,null,44215,"최종승인",27784,"천성민",44216,301263,"성림교역","2021-01-19","2021-01-26",3,"EA",95000,1,285000,3,285000,44217,"결제",44218,0,null,285000,44217,285000,44217,"상신","결재완료",285000,44253,285000,44253]
[1102,1500036443,60,"1분기 청소용품 구매(점보롤 등 17종)",2145600080,"청소용품 점보롤 등 17종",60,null,"갈대빗자루","Z06",456,null,44214,"최종승인",4398,"원정민",44217,313863,"주식회사 꿈이있는일터","2021-01-18","2021-02-01",5,"EA",3500,1,17500,5,17500,44217,"결제",44218,0,null,17500,44217,17500,44217,"상신","결재완료",17500,44235,17500,44235]
[1102,1000073344,10,"물품구매(파워리프트)",2145600069,"시험상용화/파워 리프트",10,"Z20050001","파워 리프트(PML-100A)-프로메디","Z01",456,null,44214,"최종승인",2778,null,44215,326875,"주식회사 프로메디","2021-01-18","2021-01-25",2,"EA",1992727,1,3985454,2,3985454,44216,"결제",44217,0,null,3985454,44216,3985454,44216,"상신","결재완료",3985454,44221,3985454,44221]
[1102,1500036389,110,"`21년 1/4분기 소모품 구매",2145600049,"전기실 소모품 구매",110,null,"와이어콘넥터(221-412레바)","Z06",456,null,44210,"최종승인",28101,"김형국",44210,300045,"모아이엔티","2021-01-14","2021-01-23",1,"봉",40000,1,40000,1,40000,44216,"결제",44217,0,null,40000,44216,40000,44216,"상신","결재완료",40000,44221,40000,44221]
[1102,1000073325,10,"물품구매(하지의지-김*수)/손*호",2145600053,"의지하지 니트라이트 고관절벨트 등 4종",10,"Z20011287","의자하지-니트라이트 고관절 벨트","Z01",456,null,44211,"최종승인",6167,"손진호",44214,301263,"성림교역","2021-01-15","2021-01-22",1,"EA",120000,1,120000,1,120000,44215,"결제",44218,0,null,120000,44215,120000,44215,"상신","결재완료",120000,44253,120000,44253]
[1102,1300013521,10,"`21년1월 소방점검(중앙소방이엔지)",2145800003,"1월 소방점검",10,null,"`21년 1월 소방점검","Z04",458,null,44203,"최종승인",28101,"김형국",44210,302183,"(주) 중앙소방이앤지","2021-01-12","2021-01-31",1,"식",190000,1,190000,1,190000,44215,"결제",44217,0,null,190000,44215,190000,44215,"상신","결재완료",190000,44221,190000,44221]
[1102,1000073251,50,"물품구매(기타재료)",2145600047,"보조기하지 단보조기장식 등 6종",50,"Z20010555","의지하지-폼카바대퇴용대만(대만산) (의지재료) (의지재료)","Z01",456,null,44209,"최종승인",11764,"조혜정",44210,301263,"성림교역","2021-01-13","2021-01-20",5,"EA",89000,1,445000,5,445000,44210,"결제",44214,0,null,445000,44210,445000,44210,"상신","결재완료",445000,44253,445000,44253]
[1102,1000073083,80,"물품구매(기타재료)",2145600041,"소모품 석고붕대 등 15종",80,"Z20010152","소모품-본드(1kg) (의지재료) (의지재료)","Z01",456,null,44203,"최종승인",11764,"조혜정",44209,301148,"신성메디칼","2021-01-07","2021-01-14",10,"EA",10000,1,100000,10,100000,44209,"결제",44211,0,null,100000,44209,100000,44209,"상신","결재완료",100000,44253,100000,44253]
[1102,1000073201,40,"물품구매(의지하지-조*민 외/김*동)",2145600044,"의지하지 단축발발목장식 등 4종",40,"Z20000010"," 의지하지- 하퇴클램프세트(티탄-2R120)(독일제)","Z01",456,null,44207,"최종승인",8219,"김수동",44209,305386,"(주) 오토복코리아헬스케어","2021-01-11","2021-01-18",1,"EA",215000,1,215000,1,215000,44209,"결제",44217,0,null,215000,44209,215000,44209,"상신","결재완료",215000,44253,215000,44253]
[1102,1000073214,60,"물품구매/수동휠체어/타이어,튜브,/김*훈/조*문",2145600037,"휠체어수리 브레이크 등 6종",60,"Z20120390","휠체어수리-튜브일반형미키(22,24in) (의지재료) (의지재료)","Z01",456,null,44208,"최종승인",6164,"조성문",44209,309507,"미키코리아(주)","2021-01-11","2021-01-19",10,"EA",4000,1,40000,10,40000,44209,"결제",44211,0,null,40000,44209,40000,44209,"상신","결재완료",40000,44253,40000,44253]
[1102,1000073078,40,"물품구매(의지상지-김*호 외 조*정)",2145600001,"의지상지 미관형의수 등 5종",40,"Z20010565","소모품-하퇴용스탐프싹스국산 (의지재료) (의지재료)","Z01",456,null,44203,"최종승인",11764,"조혜정",44204,301263,"성림교역","2021-01-07","2021-01-14",50,"EA",6000,1,300000,50,300000,44208,"결제",44211,0,null,300000,44208,300000,44208,"상신","결재완료",300000,44253,300000,44253]
[1102,1000073114,50,"물품구매-의지하지/임*은",2145600007,"소모품 국산양말 등 5종",50,"Z20010002","보조기구두-목이높은구두 (의지재료) (의지재료)","Z01",456,null,44204,"최종승인",9620,"임성은",44209,301263,"성림교역","2021-01-08","2021-01-15",3,"EA",150000,1,450000,3,450000,44208,"결제",44211,0,null,450000,44208,450000,44208,"상신","결재완료",450000,44253,450000,44253]
[1102,1000073129,20,"물품구매-의지하지/임*은",2145600018,"의지하지 실리콘싹스 등 2종",20,"Z20011146","의지하지-신형단축발셋트(미국산)","Z01",456,null,44204,"최종승인",9620,"임성은",44209,301434,"오서코리아주식회사","2021-01-08","2021-01-15",1,"EA",148000,1,148000,1,148000,44208,"결제",44214,0,null,148000,44208,148000,44208,"상신","결재완료",148000,44253,148000,44253]
[1102,1000073133,10,"물품구매(나*인/유*선)",2145600012,"활동형휠체어 등 5종",10,"Z20120635","활동형 휠체어- CAMEL SPORT A타입 휠로피아","Z01",456,null,44204,"최종승인",26283,"유재선",44209,301700,"(주)휠로피아","2021-01-08","2021-01-15",1,"EA",950000,1,950000,1,950000,44208,"결제",44211,0,null,950000,44208,950000,44208,"상신","결재완료",950000,44253,950000,44253]
[1102,1000073127,50,"물품구매/실리콘내피/박*훈/이*용/박*초/김*원/소*규/조*문",2145600031,"의지하지 실리콘싹스 등 5종",50,"Z20011294","의지하지-플렉스풋커버신형","Z01",456,null,44204,"최종승인",6164,"조성문",44209,301434,"오서코리아주식회사","2021-01-08","2021-01-15",1,"EA",220000,1,220000,1,220000,44207,"결제",44214,0,null,220000,44207,220000,44207,"상신","결재완료",220000,44253,220000,44253]
[1102,1000072064,10,"물품구매(범용착용부 허리 이너 커프5번 3D프린팅 등 3건/세금계산서)",2045601886,"외골격로봇/범용 착용부 허리 이너 커프 5번 3d프린팅 등 3종",10,"Z20050807","외골격로봇(연구재료)","Z01",456,null,44176,"최종승인",26892,"권칠용",44155,327286,"(주) 에이엠코리아","2020-11-17","2020-12-18",2,"EA",1485000,1,2970000,2,2970000,44183,"상신",null,0,null,0,null,0,null,null,null,0,null,0]
[1102,1000072673,50,"물품구매(노즐핀 Φ1.01x10L 등 8건/세금계산서)",2045602056,"스마트소켓/노즐핀 등 8종",50,"Z20050607","스마트소켓(연구재료) (연구재료)","Z01",456,null,44180,"최종승인",26891,"박진국",44180,324705,"주식회사 신성텍","2020-12-11","2020-12-22",50,"EA",8250,1,412500,50,412500,44183,"상신",null,0,null,0,null,0,null,null,null,0,null,0]
[1102,1000072653,10,"물품구매(휠체어 가방외1건)",2045602038,"소모품 휠체어가방 등 2종",10,"Z20120044","소모품-휠체어가방미키(大) (의지재료) (의지재료)","Z01",456,null,44175,"최종승인",6154,"김순종",44176,301882,"미키메디칼","2020-12-10","2020-12-17",5,"EA",10000,1,50000,5,50000,44182,"결제",44183,0,null,50000,44182,50000,44182,"상신","결재완료",0,null,0]
[1102,1000072708,30,"물품구매(미관형의수-정*영)",2045602063,"의지상지 미관형의수 등 3종",30,"Z20010388","의지상지-상박주관절장식키드형중국(중국산) (의지재료) (의지재료)","Z01",456,null,44180,"최종승인",9144,"정창희",44182,301263,"성림교역","2020-12-15","2020-12-22",1,"EA",170000,1,170000,1,170000,44181,"결제",44182,0,null,170000,44181,170000,44181,"상신","결재완료",0,null,0]
[1102,1000072681,30,"물품구매(의지재료)전*만",2045602054,"의지상지 미관형의수 등 5종",30,"Z20010144","소모품-백펄론스타키넷(8cm) (의지재료) (의지재료)","Z01",456,null,44176,"최종승인",6160,"전영만",44179,305386,"(주) 오토복코리아헬스케어","2020-12-11","2020-12-18",1,"EA",112000,1,112000,1,112000,44180,"결제",44182,0,null,112000,44180,112000,44180,"상신","결재완료",0,null,0]
[1102,1000072683,130,"물품구매(소모품)",2045602057,"소모품 바이스그립 등 15종",130,"Z20010111","소모품-뒤플렉스(10x40x40) (의지재료) (의지재료)","Z01",456,null,44176,"최종승인",9144,"정창희",44180,301148,"신성메디칼","2020-12-11","2020-12-18",10,"EA",35000,1,350000,10,350000,44179,"결제",44182,0,null,350000,44179,350000,44179,"상신","결재완료",0,null,0]
[1102,1000072607,20,"물품구매-소모품/임*은",2045602025,"소모품 내피피혁",20,"Z20010111","소모품-뒤플렉스(10x40x40) (의지재료) (의지재료)","Z01",456,null,44174,"최종승인",9620,"임성은",44175,301148,"신성메디칼","2020-12-09","2020-12-16",10,"EA",35000,1,350000,10,350000,44176,"결제",44176,0,null,350000,44176,350000,44176,"상신","결재완료",0,null,0]
[1102,1500035878,10,"운영지원부 토너구매",2045602045,"운영지원부 프린터 토너 구매",10,null,"운영지원부 토너구매","Z06",456,null,44176,"최종승인",4752,"이은아",44176,321731,"주식회사 소명시스템","2020-12-11","2020-12-22",1,"EA",140000,1,140000,1,140000,44176,"결제",44179,0,null,140000,44176,140000,44176,"상신","결재완료",0,null,0]
[1102,1000072510,40,"물품구매(STS 303)",2045602020,"직무지원/sts 303 5종",40,"Z20050113","직무지원 연구재료 (연구재료) (연구재료)","Z01",456,null,44172,"최종승인",6147,"김도완",44173,301345,"두산금속","2020-12-07","2020-12-14",7.5,"EA",9300,1,69750,7.5,69750,44174,"결제",44176,0,null,69750,44174,69750,44174,"상신","결재완료",0,null,0]
[1102,1000072439,40,"물품구매(토탈니2000외)",2045601982,"시험상용화/프로플렉스 등 4종",40,"Z20050020","토탈니 신전보조스프링 (연구재료) (연구재료)","Z01",456,null,44168,"최종승인",27783,"이미경",44169,301434,"오서코리아주식회사","2020-12-03","2020-12-10",1,"EA",98000,1,98000,1,98000,44173,"결제",44174,0,null,98000,44173,98000,44173,"상신","결재완료",0,null,0]
[1102,1000072484,10,"물품구매 휠체어 장*수 /창원센터",2045601999,"전동형휠체어",10,"Z20120674","전동형휠체어- 나래200,210 (썬메디테크)","Z01",456,null,44169,"최종승인",6166,"김현종",44169,324832,"주식회사 이레엠케어","2020-12-04","2020-12-11",1,"EA",1900000,1,1900000,1,1900000,44173,"결제",44173,0,null,1900000,44173,1900000,44173,"상신","결재완료",0,null,0]
[1102,1000072502,20,"물품구매(유*식-박*원-김*철/유*선)",2045601997,"활동형휠체어 등 3종",20,"Z20120474","휠체어일반형-M1스타트 (의지재료) (의지재료)","Z01",456,null,44169,"최종승인",26283,"유재선",44169,325322,"썬메디테크","2020-12-04","2020-12-11",1,"EA",450000,1,450000,1,450000,44173,"결제",44174,0,null,450000,44173,450000,44173,"상신","결재완료",0,null,0]
[1102,1000072284,10,"물품구매(아이-림 커버 등 2건/세금계산서)",2045601964,"스마트소켓/아이림 스킨 내추럴 커버 등 2종",10,"Z20050607","스마트소켓(연구재료) (연구재료)","Z01",456,null,44172,"최종승인",27962,"김승기",44162,301434,"오서코리아주식회사","2020-11-25","2020-12-12",2,"EA",345000,1,690000,2,690000,44169,"결제",44176,0,null,690000,44169,690000,44169,"상신","결재완료",0,null,0]
[1102,1000072441,30,"물품구매(P.P등/천*민)",2045601979,"소모품 pp 등 9종",30,"Z20010544","의지하지-실리콘싹스향균젤라이너대퇴용(독일산) (의지재료) (의지재료)","Z01",456,null,44167,"최종승인",27784,"천성민",44168,305386,"(주) 오토복코리아헬스케어","2020-12-02","2020-12-09",1,"EA",399000,1,399000,1,399000,44169,"결제",44172,0,null,399000,44169,399000,44169,"상신","결재완료",0,null,0]
[1102,1000072370,10,"물품구매 수부 /창원센터",2045601972,"의지상지 미관형의수",10,"Z20010367","의지상지-미관형의수실리콘두손 (의지재료) (의지재료)","Z01",456,null,44166,"최종승인",6166,"김현종",44167,300508,"두손의수","2020-12-01","2020-12-08",3,"EA",230000,1,690000,3,690000,44167,"결제",44168,0,null,690000,44167,690000,44167,"상신","결재완료",0,null,0]
[1102,1000072048,10,"물품구매(익스트루더 외 2건/세금계산서)",2045601879,"외골격로봇/익스트루더 등 3종",10,"Z20050807","외골격로봇(연구재료)","Z01",456,null,44169,"최종승인",27685,"황석진",44153,328203,"비젼쓰리디피(Vision 3DP)","2020-11-16","2020-12-11",2,"EA",363000,1,726000,2,726000,44162,"결제",44165,0,null,726000,44162,726000,44162,"상신","결재완료",0,null,726000,44175]
[1102,1000072304,40,"물품구매(박*규,김*건,김*수,송*자,김*화,태백병원)전*만",2045601952,"보조기상지 긴팔보조기 등 5종",40,"Z20010041","보조기하지-내측측부인대 (의지재료) (의지재료)","Z01",456,null,44161,"최종승인",6160,"전영만",44161,322758,"오르텍주식회사","2020-11-25","2020-12-03",1,"EA",32000,1,32000,1,32000,44162,"결제",44162,0,null,32000,44162,32000,44162,"상신","결재완료",0,null,0]
[1102,1000072316,10,"물품구매(리프트)",2045601947,"시험상용화/파워 리프트",10,"Z20050001","파워 리프트(PML-100A)-프로메디","Z01",456,null,44161,"최종승인",27783,"이미경",44161,326875,"주식회사 프로메디","2020-11-26","2020-12-03",3,"EA",1992727,1,5978181,3,5978181,44162,"결제",44165,0,null,5978181,44162,5978181,44162,"상신","결재완료",5978181,44175,5978181,44175]
[1102,1000072112,10,"물품구매(욕창 매트리스)",2045601893,"욕창예방매트리스",10,"Z20130048","욕창예방매트리스교대부양형-Md100 (의지재료)","Z01",456,null,44154,"최종승인",6154,"김순종",44155,301766,"은혜메디칼","2020-11-19","2020-11-26",1,"EA",350000,1,350000,1,350000,44161,"결제",44162,0,null,350000,44161,350000,44161,"상신","결재완료",0,null,0]
[1102,1000072250,10,"물품구매(도구교체작업의수 시제품 등 1건/ 세금계산서)",2045601959,"작업의수마우스/도구교체작업의수 시제품",10,"Z20050928","작업의수마우스","Z01",456,null,44169,"최종승인",28673,"전경진",44161,328195,"선아정밀","2020-11-24","2020-12-11",1,"EA",1815000,1,1815000,1,1815000,44161,"결제",44165,0,null,1815000,44161,1815000,44161,"상신","결재완료",0,null,1815000,44175]
[1102,1000072258,20,"물품구매-의지상지/임*은",2045601935,"의지상지 미관형의수 등 3종",20,"Z20010611","보조기하지-CEPA (의지재료) (의지재료)","Z01",456,null,44160,"최종승인",9620,"임성은",44160,301263,"성림교역","2020-11-25","2020-12-02",1,"EA",80000,1,80000,1,80000,44161,"결제",44165,0,null,80000,44161,80000,44161,"상신","결재완료",0,null,0]
[1102,1000071333,10,"물품구매(삼각고리 가공 등 1건/ 세금계산서))",2045601659,"직무지원/삼각고리",10,"Z20050113","직무지원 연구재료 (연구재료) (연구재료)","Z01",456,null,44158,"최종승인",27961,"홍범기",44120,320288,"(주) 민성정밀","2020-10-14","2020-11-30",1,"EA",1800000,1,1800000,1,1800000,44160,"결제",44165,0,null,1800000,44160,1800000,44160,"상신","결재완료",1800000,44175,1800000,44175]
[1102,1000072232,20,"물품구매-휠체어수리/임*은",2045601928,"휠체어수리 배터리 등 2종",20,"Z20120200","휠체어수리-브레이크토글휠로피아(대만산) (의지재료) (의지재료)","Z01",456,null,44159,"최종승인",9620,"임성은",44160,301700,"(주)휠로피아","2020-11-24","2020-12-01",8,"EA",25000,1,200000,8,200000,44160,"결제",44162,0,null,200000,44160,200000,44160,"상신","결재완료",0,null,0]
[1102,1000072024,10,"물품구매(도구교체작업의수 시제품 등 1건/ 세금계산서)",2045601925,"작업의수마우스/도구교체작업의수 시제품",10,"Z20050928","작업의수마우스","Z01",456,null,44155,"최종승인",27961,"홍범기",44160,328195,"선아정밀","2020-11-13","2020-11-27",1,"EA",1815000,1,1815000,1,1815000,44159,"결제",44161,0,null,1815000,44159,1815000,44159,"상신","결재완료",0,null,1815000,44175]
[1102,1000072152,20,"물품구매(의지상지-정*근,윤*운/김*동)",2045601921,"의지상지 미관형의수 등 2종",20,"Z20010453","의지하지-락장식셔틀락키드하지용(미국하퇴용) (의지재료) (의지재료)","Z01",456,null,44155,"최종승인",8219,"김수동",44160,301263,"성림교역","2020-11-20","2020-11-27",1,"EA",155000,1,155000,1,155000,44159,"결제",44162,0,null,155000,44159,155000,44159,"상신","결재완료",0,null,0]
[1102,1000072174,20,"물품구매(집뇨기)",2045601932,"집뇨기 유린백 등 2종",20,"Z20130036","집뇨기유린백-외산800(외산800cc) (의지재료) (의지재료)","Z01",456,null,44158,"최종승인",9144,"정창희",44160,301700,"(주)휠로피아","2020-11-23","2020-11-30",10,"EA",54000,1,540000,10,540000,44159,"결제",44165,0,null,540000,44159,540000,44159,"상신","결재완료",0,null,0]
[1102,1000072228,30,"물품구매(하지의지-류*호)/손*호",2045601922,"의지하지 실리콘싹스 등 3종",30,"Z20010532","의지하지-실리콘싹스컴포트하퇴용(외산) (의지재료) (의지재료)","Z01",456,null,44159,"최종승인",6167,"손진호",44160,301434,"오서코리아주식회사","2020-11-24","2020-12-01",1,"EA",335000,1,335000,1,335000,44159,"결제",44162,0,null,335000,44159,335000,44159,"상신","결재완료",0,null,0]
[1102,1500035415,80,"기계실 소모품 구매",2045601871,"기계실 소모품 구매",80,null,"수도가랑(2구용)","Z06",456,null,44152,"최종승인",28102,"김순석",44152,300045,"모아이엔티","2020-11-17","2020-11-30",1,"개",18400,1,18400,1,18400,44158,"결제",44160,0,null,18400,44158,18400,44158,"상신","결재완료",18400,44175,18400,44175]
[1102,1000072118,20,"물품구매(익스트루더 등 4건/ 법인카드)",2045601887,"스마트소켓/extruder 등 4종",20,"Z20050607","스마트소켓(연구재료) (연구재료)","Z01",456,null,44176,"최종승인",28673,"전경진",44155,516502312,"스마트소켓-2312","2020-11-19","2020-12-18",1,"EA",385000,1,385000,1,385000,44154,"결제",44168,0,null,385000,44154,385000,44154,"상신","결재완료",0,null,0]
[1102,1000071994,40,"물품구매-휠체어수리/임*은",2045601870,"휠체어수리 배터리 등 6종",40,"Z20120545","휠체어수리-휠체어타이어-전동용 9' 휠로피아 (의지재료) (의지재료)","Z01",456,null,44147,"최종승인",9620,"임성은",44152,301700,"(주)휠로피아","2020-11-12","2020-11-19",2,"EA",8000,1,16000,2,16000,44152,"결제",44153,0,null,16000,44152,16000,44152,"상신","결재완료",0,null,0]
[1102,1000072027,10,"물품구매 수부 /창원센터",2045601860,"의지상지 미관형의수 등 2종",10,"Z20010367","의지상지-미관형의수실리콘두손 (의지재료) (의지재료)","Z01",456,null,44148,"최종승인",6166,"김현종",44151,300508,"두손의수","2020-11-13","2020-11-20",5,"EA",230000,1,1150000,5,1150000,44152,"결제",44153,0,null,1150000,44152,1150000,44152,"상신","결재완료",0,null,0]
[1102,1000071224,10,"물품구매(휠체어 하중 리프트 장치)",2045601623,"휠체어사용성검증/휠체어 하중 리프트 장치",10,"Z20050915","휠체어사용성검증","Z01",456,null,44141,"최종승인",27377,"정성배",44116,319518,"한울","2020-10-12","2020-11-13",2,"EA",2090000,1,4180000,2,4180000,44148,"결제",44153,0,null,4180000,44148,4180000,44148,"상신","결재완료",0,null,4180000,44160]
[1102,1000071386,40,"물품구매(조종기 하부 케이스 등 12건/세금계산서)",2045601704,"스마트어시스트/조종기 하부 케이스 등 12종",40,"Z20050649","스마트어시스트(연구재료) (연구재료)","Z01",456,null,44141,"최종승인",26892,"권칠용",44125,302038,"이룩스","2020-10-16","2020-11-13",1,"EA",16500,1,16500,1,16500,44146,"결제",44152,0,null,16500,44146,16500,44146,"상신","결재완료",0,null,16500,44160]
[1102,1000071879,10,"물품구매 의지상하지/창원센터",2045601834,"의지하지 실리콘싹스 등 4종",10,"Z20010526","의지하지-실리콘싹스이지락킹(미국산) (의지재료) (의지재료)","Z01",456,null,44141,"최종승인",8445,"차민국",44144,301263,"성림교역","2020-11-06","2020-11-13",1,"EA",330000,1,330000,1,330000,44145,"결제",44146,0,null,330000,44145,330000,44145,"상신","결재완료",0,null,0]
[1102,1000071885,10,"물품구매(양*주-손*화/유*선)",2045601823,"활동형휠체어",10,"Z20011130","활동형휠체어 - 제니스-X (휠라인)","Z01",456,null,44141,"최종승인",26283,"유재선",44144,325857,"주식회사 엠코리아토탈서비스","2020-11-06","2020-11-13",2,"EA",1250000,1,2500000,2,2500000,44145,"결제",44146,0,null,2500000,44145,2500000,44145,"상신","결재완료",0,null,0]
[1102,1000071892,30,"물품구매 수부 /창원센터",2045601831,"의지상지 미관형의수 등 4종",30,"Z20010363","의지상지-미관형의수레진두손 (의지재료) (의지재료)","Z01",456,null,44141,"최종승인",8445,"차민국",44144,300508,"두손의수","2020-11-06","2020-11-13",2,"EA",90000,1,180000,2,180000,44145,"결제",44146,0,null,180000,44145,180000,44145,"상신","결재완료",0,null,0]
[1102,1000071941,20,"물품구매(미관형의수-이*자)",2045601845,"의지상지 미관형의수 등 3종",20,"Z20010372","의지상지-미관형의수지실리콘 (의지재료) (의지재료)","Z01",456,null,44144,"최종승인",9144,"정창희",44145,300508,"두손의수","2020-11-09","2020-11-16",4,"EA",65000,1,260000,4,260000,44145,"결제",44158,0,null,260000,44145,260000,44145,"상신","결재완료",0,null,0]
[1102,1000071857,10,"물품구매/고기능인공발/장*진/조*문",2045601801,"의지하지 프로플렉스",10,"Z20011278","의지하지- 프로-플렉스 피봇 유니티(미국산)","Z01",456,null,44140,"최종승인",6164,"조성문",44140,301434,"오서코리아주식회사","2020-11-05","2020-11-12",1,"EA",8900000,1,8900000,1,8900000,44144,"결제",44146,0,null,8900000,44144,8900000,44144,"상신","결재완료",0,null,0]
[1102,1000071875,70,"물품구매/의지재료(소모품)/조*문",2045601816,"소모품 수술용장갑 등 9종",70,"Z20010139","소모품-박스포장용테이프(6cm) (의지재료) (의지재료)","Z01",456,null,44140,"최종승인",6164,"조성문",44144,301148,"신성메디칼","2020-11-05","2020-11-12",20,"EA",1000,1,20000,20,20000,44144,"결제",44145,0,null,20000,44144,20000,44144,"상신","결재완료",0,null,0]
[1102,1000071844,10,"물품구매(파소니)",2045601797,"시험상용화/파소니",10,"Z20050620","하지-무릎관절장치파소니(연구재료) (연구재료)","Z01",456,null,44139,"최종승인",27783,"이미경",44140,301434,"오서코리아주식회사","2020-11-04","2020-11-11",2,"EA",3700000,1,7400000,2,7400000,44141,"결제",44145,0,null,7400000,44141,7400000,44141,"상신","결재완료",7400000,44160,7400000,44160]
[1102,1000071789,110,"물품구매(의지재료/천*민)",2045601791,"소모품 pp 등 13종",110,"Z20010145","소모품-밴드스타킹 (의지재료) (의지재료)","Z01",456,null,44138,"최종승인",27784,"천성민",44139,301148,"신성메디칼","2020-11-03","2020-11-10",100,"EA",1100,1,110000,100,110000,44140,"결제",44141,0,null,110000,44140,110000,44140,"상신","결재완료",0,null,0]
[1102,1000071777,20,"물품구매(아세탈)",2045601785,"직무지원/아세탈 등 2종",20,"Z20050113","직무지원 연구재료 (연구재료) (연구재료)","Z01",456,null,44137,"최종승인",6147,"김도완",44138,312450,"우남하이텍","2020-11-02","2020-11-09",6,"EA",5500,1,33000,6,33000,44138,"결제",44140,0,null,33000,44138,33000,44138,"상신","결재완료",33000,44145,33000,44145]
[1102,1000071780,10,"물품구매(웨이브 슬리브)",2045601786,"시험상용화/웨이브 슬리브",10,"Z20050957","웨이브 슬리브","Z01",456,null,44137,"최종승인",27783,"이미경",44138,323203,"코스텍","2020-11-02","2020-11-09",1,"EA",120000,1,120000,1,120000,44138,"결제",44140,0,null,120000,44138,120000,44138,"상신","결재완료",120000,44145,120000,44145]
[1102,1000071478,10,"물품구매(릴단위 전자부품 11종 1건/세금계산서)",2045601731,"모듈형휠체어/릴단위 전자부품 11종",10,"Z20050916","모듈형휠체어","Z01",456,null,44138,"최종승인",6363,"홍응표",44127,312856,"세림전자","2020-10-21","2020-11-10",1,"EA",2300100,1,2300100,1,2300100,44133,"결제",44138,0,null,2300100,44133,2300100,44133,"상신","결재완료",0,null,2300100,44160]
[1102,1000071643,20,"물품구매(워커시트)",2045601771,"휠체어수리 팔받이 등 4종",20,"Z20120192","휠체어수리-브레이크일반형대세(일반형) (의지재료) (의지재료)","Z01",456,null,44132,"최종승인",9144,"정창희",44133,323873,"하나엠케어","2020-10-27","2020-11-04",2,"EA",11818,1,23636,2,23636,44133,"결제",44140,0,null,23636,44133,23636,44133,"상신","결재완료",23636,44165,23636,44165]
[1102,1000071674,50,"물품구매(실리콘라이너-강*수)",2045601772,"의지하지 실리콘싹스 등 10종",50,"Z20010388","의지상지-상박주관절장식키드형중국(중국산) (의지재료) (의지재료)","Z01",456,null,44133,"최종승인",9144,"정창희",44134,301263,"성림교역","2020-10-28","2020-11-05",1,"EA",170000,1,170000,1,170000,44133,"결제",44137,0,null,170000,44133,170000,44133,"상신","결재완료",170000,44165,170000,44165]
[1102,1000070534,60,"물품구매(PVA Bags 등 9건/ 세금계산서)",2045601438,"골유착임플란트/pva bags 등 9종",60,"Z20050686","골유착임플란트(연구재료)","Z01",456,null,44140,"최종승인",28673,"전경진",44084,305386,"(주) 오토복코리아헬스케어","2020-09-10","2020-11-12",1,"EA",44000,1,44000,1,44000,44132,"결제",44138,0,null,44000,44132,44000,44132,"상신","결재완료",0,null,44000,44160]
[1102,1000071578,10,"물품구매(김*준/유*선)",2045601755,"전동형휠체어 등 3종",10,"Z20120674","전동형휠체어- 나래200,210 (썬메디테크)","Z01",456,null,44130,"최종승인",26283,"유재선",44132,325322,"썬메디테크","2020-10-26","2020-11-02",1,"EA",1900000,1,1900000,1,1900000,44132,"결제",44134,0,null,1900000,44132,1900000,44132,"상신","결재완료",1900000,44165,1900000,44165]
[1102,1000071621,90,"물품구매(휠체어-최*종)",2045601760,"휠체어침대형 등 10종",90,"Z20120419","휠체어수리-팔받이미키(大,中,小 ) (의지재료) (의지재료)","Z01",456,null,44131,"최종승인",9144,"정창희",44132,309507,"미키코리아(주)","2020-10-27","2020-11-03",6,"EA",12000,1,72000,6,72000,44132,"결제",44137,0,null,72000,44132,72000,44132,"상신","결재완료",72000,44165,72000,44165]
[1102,1000071332,10,"물품구매(K-Foot 2차 Sample 등 1건/ 세금계산서)",2045601654,"직무지원/k foot 2차 샘플",10,"Z20050113","직무지원 연구재료 (연구재료) (연구재료)","Z01",456,null,44158,"최종승인",27961,"홍범기",44120,324453,"(주) 한일산업","2020-10-14","2020-11-30",3,"EA",800000,1,2400000,3,2400000,44131,"결제",44137,0,null,2400000,44131,2400000,44131,"상신","결재완료",2400000,44145,2400000,44145]
[1102,1000071551,40,"물품구매 의지하지/창원센터",2045601749,"소모품 아이스로스슬리브 등 4종",40,"Z20010532","의지하지-실리콘싹스컴포트하퇴용(외산) (의지재료) (의지재료)","Z01",456,null,44127,"최종승인",8445,"차민국",44132,301434,"오서코리아주식회사","2020-10-23","2020-10-30",1,"EA",335000,1,335000,1,335000,44131,"결제",44134,0,null,335000,44131,335000,44131,"상신","결재완료",335000,44165,335000,44165]
[1102,1500034974,10,"물품구매(사무용품 1SET/세금계산서)",2045601724,"외골격로봇/사무용품 1셑",10,null,"사무용품 1SET","Z06",456,null,44123,"최종승인",27158,"정보라",44126,323112,"(주) 드림디포구월점","2020-10-19","2020-11-02",1,"EA",248050,1,248050,1,248050,44130,"결제",44140,0,null,248050,44130,248050,44130,"상신","결재완료",0,null,248050,44160]
[1102,1000071472,40,"물품구매(의지하지-유*영/김*동)",2045601722,"의지하지 실리콘싹스 등 5종",40,"Z20010570","의지하지-흡입밸브실린라이너대퇴용(미국산) (의지재료) (의지재료)","Z01",456,null,44125,"최종승인",8219,"김수동",44126,301434,"오서코리아주식회사","2020-10-21","2020-10-28",1,"EA",95000,1,95000,1,95000,44127,"결제",44134,0,null,95000,44127,95000,44127,"상신","결재완료",95000,44165,95000,44165]
[1102,1000070865,10,"물품구매(디지털 마노미터)",2045601560,"휠체어사용성검증/디지털 마노미터",10,"Z20050915","휠체어사용성검증","Z01",456,null,44120,"최종승인",27377,"정성배",44097,319449,"주식회사 상우과학","2020-09-23","2020-10-23",1,"EA",770000,1,770000,1,770000,44126,"결제",44127,0,null,770000,44126,770000,44126,"상신","결재완료",0,null,770000,44160]
[1102,1000071416,10,"기타(U2팔받이 스윙)",2045601686,"휠체어수리 팔받이",10,"Z20011235","휠체어수리 - U2팔받이 스윙 (미키코리아)","Z01",456,null,44123,"최종승인",26283,"유재선",44124,309507,"미키코리아(주)","2020-10-19","2020-10-26",1,"EA",60000,1,60000,1,60000,44125,"결제",44127,0,null,60000,44125,60000,44125,"상신","결재완료",60000,44165,60000,44165]
[1102,1300012982,10,"20. 10월 방역소독(덕인환경)",2045601698,"10월 방역소독",10,null,"20. 10월 방역소독(덕인환경)","Z04",456,null,44124,"최종승인",4473,"허관",44124,302071,"덕인환경","2020-10-01","2020-10-31",1,"식",160000,1,160000,1,160000,44125,"결제",44126,0,null,160000,44125,160000,44125,"상신","결재완료",160000,44127,160000,44127]
[1102,1000071368,60,"물품구매/실리콘내피(대퇴,하퇴)/인공발/이*학/김*진/김*섭/이*열/조*문",2045601680,"의지하지 실리콘싹스 등 6종",60,"Z20010701"," 의지하지-하퇴메일피라미드소켓어댑터(외산) (의지재료)","Z01",456,null,44123,"최종승인",6164,"조성문",44123,301434,"오서코리아주식회사","2020-10-16","2020-10-23",1,"EA",138000,1,138000,1,138000,44124,"결제",44125,0,null,138000,44124,138000,44124,"상신","결재완료",138000,44165,138000,44165]
[1102,1000071377,10,"물품구매(석고칼날등/천*민)",2045601678,"소모품 석고칼날 등 3종",10,"Z20010177","소모품-석고칼날반원형(반원형외산) (의지재료) (의지재료)","Z01",456,null,44123,"최종승인",27784,"천성민",44123,301263,"성림교역","2020-10-19","2020-10-26",20,"EA",10000,1,200000,20,200000,44124,"결제",44126,0,null,200000,44124,200000,44124,"상신","결재완료",200000,44165,200000,44165]
[1102,1000071382,50,"물품구매/의지재료(소모품)/조*문",2045601667,"소모품 석고 등 16종",50,"Z20010729","소모품-멀티폼3mm(국산) (의지재료)","Z01",456,null,44120,"최종승인",6164,"조성문",44123,301148,"신성메디칼","2020-10-16","2020-10-23",5,"EA",15000,1,75000,5,75000,44124,"결제",44125,0,null,75000,44124,75000,44124,"상신","결재완료",75000,44165,75000,44165]
[1102,1000071182,10,"물품구매(Case Housing 3D 프린팅 제작 등 1건/ 세금계산서)",2045601611,"골유착임플란트/케이스 하우징 등 부품",10,"Z20050686","골유착임플란트(연구재료)","Z01",456,null,44111,"최종승인",28673,"전경진",44112,305414,"(주)알앤디테크","2020-10-07","2020-10-30",5,"EA",176000,1,880000,5,880000,44123,"결제",44133,0,null,880000,44123,880000,44123,"상신","결재완료",0,null,880000,44160]
[1102,1000071343,30,"물품구매(오딧세이K2외)",2045601652,"시험상용화/고기능 인공발 오딧세이 등 3종",30,"Z20050927","블래치포드 유압식 무릎 KX06V2(성림)","Z01",456,null,44119,"최종승인",27783,"이미경",44120,301263,"성림교역","2020-10-15","2020-10-22",1,"EA",4500000,1,4500000,1,4500000,44123,"결제",44126,0,null,4500000,44123,4500000,44123,"상신","결재완료",4500000,44145,4500000,44145]
[1102,1300012891,10,"20년 10월 산업안전점검(케이아이안전보건기술원)",2045800061,"10월 산업안전점검",10,null,"20년 10월 산업안전점검","Z04",458,null,44109,"최종승인",4473,"허관",44110,304163,"케이아이안전보건기술원(주) 지점","2020-10-01","2020-10-31",1,"식",180000,1,180000,1,180000,44123,"결제",44124,0,null,180000,44123,180000,44123,"상신","결재완료",180000,44127,180000,44127]
[1102,1000071293,10,"물품구매(커플링 등 1건/ 세금계산서)",2045601647,"모듈형휠체어/커플링",10,"Z20050916","모듈형휠체어","Z01",456,null,44127,"최종승인",6879,"김용철",44118,301703,"(주) 성일기공","2020-10-13","2020-10-30",3,"EA",37400,1,112200,3,112200,44119,"결제",44126,0,null,112200,44119,112200,44119,"상신","결재완료",0,null,112200,44160]
[1102,1000071251,10,"물품구매(남*찬-신*태-김*철-김*수/유*선)",2045601626,"활동형휠체어 등 4종",10,"Z20120635","활동형 휠체어- CAMEL SPORT A타입 휠로피아","Z01",456,null,44116,"최종승인",26283,"유재선",44117,301700,"(주)휠로피아","2020-10-12","2020-10-19",2,"EA",950000,1,1900000,2,1900000,44118,"결제",44124,0,null,1900000,44118,1900000,44118,"상신","결재완료",1900000,44165,1900000,44165]
[1102,1000071189,20,"물품구매 보조기상지 /창원센터",2045601618,"보조기상지 등 2종",20,"Z20010008","보조기상지-다이나믹스프린트(상지용) (의지재료) (의지재료)","Z01",456,null,44112,"최종승인",6166,"김현종",44116,322758,"오르텍주식회사","2020-10-08","2020-10-15",1,"EA",70000,1,70000,1,70000,44117,"결제",44118,0,null,70000,44117,70000,44117,"상신","결재완료",70000,44165,70000,44165]
[1102,1000071225,40,"물품구매(상,하지의지-신*영 외 5명/양*호)",2045601615,"의지하지 트리톤 등 4종",40,"Z20010369","의지상지-미관형의수전자글러브레진(외산) (의지재료) (의지재료)","Z01",456,null,44116,"최종승인",27264,"양철호",44116,305386,"(주) 오토복코리아헬스케어","2020-10-06","2020-10-13",2,"EA",162000,1,324000,2,324000,44116,"결제",44117,0,null,324000,44116,324000,44116,"상신","결재완료",324000,44165,324000,44165]
[1102,1300012880,10,"20년 10월 소방점검(중앙소방이엔지)",2045800062,"10월 소방점검",10,null,"20년 10월 소방점검","Z04",458,null,44109,"최종승인",4473,"허관",44110,302183,"(주) 중앙소방이앤지","2020-10-01","2020-10-31",1,"식",190000,1,190000,1,190000,44111,"결제",44112,0,null,190000,44111,190000,44111,"상신","결재완료",190000,44116,190000,44116]
[1102,1000071106,50,"물품구매(소모품/천*민)",2045601604,"소모품 pp 등 8종",50,"Z20010152","소모품-본드(1kg) (의지재료) (의지재료)","Z01",456,null,44109,"최종승인",27784,"천성민",44110,301148,"신성메디칼","2020-10-05","2020-10-12",10,"EA",10000,1,100000,10,100000,44110,"결제",44112,0,null,100000,44110,100000,44110,"상신","결재완료",100000,44165,100000,44165]
[1102,1000070972,10,"물품구매(김*귀-유*선)",2045601583,"일반형휠체어",10,"Z20120652","일반형휠체어-SMART-cpu(24D)우리체어메디칼","Z01",456,null,44099,"최종승인",26283,"유재선",44099,324470,"우리체어메디칼","2020-09-25","2020-10-02",1,"EA",450000,1,450000,1,450000,44102,"결제",44103,0,null,450000,44102,450000,44102,"상신","결재완료",450000,44134,450000,44134]
[1102,1500034579,140,"청소용품(점보롤 외 17종)",2045601553,"청소용품 점보롤 등 17종",140,null,"원사마포겅레","Z06",456,null,44097,"최종승인",4473,"허관",44097,313863,"주식회사 꿈이있는일터","2020-09-23","2020-09-30",10,"개",2500,1,25000,10,25000,44102,"결제",44103,0,null,25000,44102,25000,44102,"상신","결재완료",25000,44116,25000,44116]
[1102,1000070829,30,"물품구매-하지",2045601542,"의지하지 단축발발목장식 등 3종",30,"Z20011231","의지하지-이지라인 밸브/4R136(독일산)","Z01",456,null,44095,"최종승인",6154,"김순종",44096,305386,"(주) 오토복코리아헬스케어","2020-09-21","2020-09-28",1,"EA",103000,1,103000,1,103000,44099,"결제",44103,0,null,103000,44099,103000,44099,"상신","결재완료",103000,44134,103000,44134]
[1102,1000070857,10,"물품구매(방석외)",2045601551,"욕창예방방석 등 2종",10,"Z20130029","욕창예방방석공기격자형-Smdub0003(8x9x5) (의지재료) (의지재","Z01",456,null,44096,"최종승인",27783,"이미경",44097,323411,"주식회사씰테크 용인지점","2020-09-22","2020-09-29",10,"EA",230000,1,2300000,10,2300000,44099,"결제",44102,0,null,2300000,44099,2300000,44099,"상신","결재완료",2300000,44134,2300000,44134]
[1102,1000070927,10,"물품구매(의지하지-서*원/김*선)",2045601561,"의지하지 무릎관절장식 등 3종",10,"Z20011034","의지하지-무릎관절장식마우크니플러스(오서)","Z01",456,null,44097,"최종승인",6675,"김훈선",44098,301434,"오서코리아주식회사","2020-09-23","2020-09-30",1,"EA",3980000,1,3980000,1,3980000,44099,"결제",44103,0,null,3980000,44099,3980000,44099,"상신","결재완료",3980000,44134,3980000,44134]
[1102,1000070956,30,"물품구매(권*호,김*술,김*규,이*환)전*만",2045601579,"의지하지 더모웨이브 등 4종",20,"Z20010532","의지하지-실리콘싹스컴포트하퇴용(외산) (의지재료) (의지재료)","Z01",456,null,44098,"최종승인",6160,"전영만",44099,301434,"오서코리아주식회사","2020-09-24","2020-10-01",2,"EA",335000,1,670000,2,670000,44099,"결제",44103,0,null,670000,44099,670000,44099,"상신","결재완료",670000,44134,670000,44134]
[1102,1000070399,10,"물품구매(웨어러블 로봇 허리고정부 L사이즈 카본 외골격 등 5건/세금계산서)",2045601483,"외골격로봇/웨어러블 로봇 허리고정부 L사이즈 카본 외골격 등 5종",10,"Z20050807","외골격로봇(연구재료)","Z01",456,null,44141,"최종승인",26892,"권칠용",44090,405295,"(주) 한일하이테크","2020-09-16","2020-11-13",6,"EA",1155000,1,6930000,6,6930000,44098,"결제",44099,0,null,6930000,44098,6930000,44098,"상신","결재완료",0,null,6930000,44116]
[1102,1000070915,20,"물품구매(소모품)",2045601570,"소모품 대형칼날 등 6종",20,"Z20010250","소모품-재단가위(외산) (의지재료) (의지재료)","Z01",456,null,44097,"최종승인",9144,"정창희",44098,301148,"신성메디칼","2020-09-23","2020-09-30",1,"EA",35000,1,35000,1,35000,44098,"결제",44103,0,null,35000,44098,35000,44098,"상신","결재완료",35000,44134,35000,44134]
[1102,1000070772,60,"물품구매(윤*진,고*태,양*석,박,배)전*만",2045601513,"휠체어수리 튜브 등 7종",60,"Z20120561","타이어-24\"마라톤점검 (퓔로피아) (의지재료) (의지재료)","Z01",456,null,44092,"최종승인",6160,"전영만",44095,301700,"(주)휠로피아","2020-09-18","2020-09-25",4,"EA",32000,1,128000,4,128000,44097,"결제",44102,0,null,128000,44097,128000,44097,"상신","결재완료",128000,44134,128000,44134]
[1102,1500034674,10,"전기실 소모품 구매(수정)",2045601597,"전기실 소모품 10종 구매",10,null,"차동식 감지기","Z06",456,null,44103,"최종승인",28101,"김형국",44103,300045,"모아이엔티","2020-09-10","2020-10-07",10,"개",4500,1,45000,10,45000,44097,"결제",44103,0,null,45000,44097,45000,44097,"상신","결재완료",45000,44116,45000,44116]
[1102,1000070759,10,"물품구매 의지하지/창원센터",2045601523,"의지하지 발트리아스 등 2종",10,"Z20010581","의지하지-발트리아스(독일산) (의지재료) (의지재료)","Z01",456,null,44092,"최종승인",8445,"차민국",44095,305386,"(주) 오토복코리아헬스케어","2020-09-18","2020-09-25",1,"EA",730000,1,730000,1,730000,44096,"결제",44097,0,null,730000,44096,730000,44096,"상신","결재완료",730000,44134,730000,44134]
[1102,1000070789,70,"물품구매-소모품/임*은",2045601521,"소모품 면바도웨빙 등 7종",70,"Z20010198","소모품-스타키넷칼라(4in) (의지재료) (의지재료)","Z01",456,null,44095,"최종승인",9620,"임성은",44095,301148,"신성메디칼","2020-09-21","2020-09-28",40,"EA",3500,1,140000,40,140000,44096,"결제",44097,0,null,140000,44096,140000,44096,"상신","결재완료",140000,44134,140000,44134]
[1102,1000070528,40,"물품구매(MC1600 starter kit 등 4건/ 세금계산서)",2045601460,"모듈형휠체어/mc1600 starter kit 등 4종",40,"Z20050916","모듈형휠체어","Z01",456,null,44120,"최종승인",6879,"김용철",44088,325939,"(주) 카이트로닉스","2020-09-10","2020-10-23",4,"EA",33598,4,33598,4,33598,44095,"결제",44102,0,null,33598,44095,33598,44095,"상신","결재완료",0,null,33598,44116]
[1102,1000070640,140,"물품구매(의지재료소모품/천*민)",2045601494,"소모품 뒤플렉스 등 16종",140,"Z20011122","소모품-AA건전지","Z01",456,null,44088,"최종승인",27784,"천성민",44092,301148,"신성메디칼","2020-09-14","2020-09-21",1,"EA",25000,1,25000,1,25000,44095,"결제",44097,0,null,25000,44095,25000,44095,"상신","결재완료",25000,44134,25000,44134]
[1102,1300012763,10,"20년 9월 승강기점검(서울승강기)",2045800058,"9월 승강기점검",10,null,"20년 9월 승강기점검","Z04",458,null,44081,"최종승인",4473,"허관",44095,315165,"서울승강기서비스","2020-09-01","2020-09-30",1,"식",140000,1,140000,1,140000,44092,"결제",44096,0,null,140000,44092,140000,44092,"상신","결재완료",140000,44099,140000,44099]
[1102,1000070690,50,"물품구매(시에라)",2045601488,"시험상용화/고기능 인공발 시에라 등 5종",50,"Z20050029","미관형 의수(성림) (연구재료) (연구재료)","Z01",456,null,44089,"최종승인",27783,"이미경",44090,301263,"성림교역","2020-09-15","2020-09-22",3,"EA",230000,1,690000,3,690000,44091,"결제",44092,0,null,690000,44091,690000,44091,"상신","결재완료",690000,44099,690000,44099]
[1102,1000070622,30,"물품구매(김*구-김*곤/유*선)",2045601477,"활동형휠체어 등 4종",30,"Z20120613","휠체어수리-브레이크-노바제로용-티오엠모빌리티 (의지재료)","Z01",456,null,44088,"최종승인",26283,"유재선",44088,325322,"썬메디테크","2020-09-14","2020-09-21",4,"EA",40000,1,160000,4,160000,44090,"결제",44090,0,null,160000,44090,160000,44090,"상신","결재완료",160000,44134,160000,44134]
[1102,1000070531,20,"물품구매(근전도센서 인터페이스 등 2건/ 세금계산서)",2045601457,"작업의수마우스/근전도 센서 인터페이스 등 2종",20,"Z20050928","작업의수마우스","Z01",456,null,44140,"최종승인",27961,"홍범기",44085,303359,"주식회사 디엘테크","2020-09-10","2020-11-12",1,"EA",660000,1,660000,1,660000,44089,"결제",44095,0,null,660000,44089,660000,44089,"상신","결재완료",0,null,660000,44099]
[1102,1000070711,10,"물품구매(열처리 SCM 렌치볼트 모음 외 2종 등 1건/법인카드)",2045601498,"외골격로봇/열처리 scm 렌치볼트 모듬 등 2종",10,"Z20050807","외골격로봇(연구재료)","Z01",456,null,44092,"최종승인",26892,"권칠용",44092,516525410,"외골격로봇-5410","2020-09-15","2020-09-25",1,"EA",190840,1,190840,1,190840,44089,"결제",44095,0,null,190840,44089,190840,44089,"상신","결재완료",0,null,190840,44130]
[1102,1000071036,10,"물품구매(노트북컴퓨터 1건/법인카드)",2045601598,"모듈형휠체어/노트북 컴퓨터",10,"Z20050916","모듈형휠체어","Z01",456,null,44103,"최종승인",26927,"허윤",44109,516585676,"모듈형휠체어-5676","2020-09-15","2020-09-30",1,"EA",2487900,1,2487900,1,2487900,44089,"결제",44117,0,null,2487900,44089,2487900,44089,"상신","결재완료",0,null,2487900,44130]
[1102,1000070560,50,"물품구매(미관형리갈등/천*민)",2045601453,"의지상지 미관형의수 등 7종",50,"Z20010714","소모품-국산양말(Thin,H-35cm) (의지재료)","Z01",456,null,44084,"최종승인",27784,"천성민",44085,301263,"성림교역","2020-09-10","2020-09-17",40,"EA",3500,1,140000,40,140000,44088,"결제",44090,0,null,140000,44088,140000,44088,"상신","결재완료",140000,44134,140000,44134]
[1102,1300012761,10,"20년 9월 산업안전점검(케이아이안전보건기술원)",2045601516,"9월 산업안전점검",10,null,"20년 9월 산업안전점검","Z04",456,null,44081,"최종승인",4473,"허관",44095,304163,"케이아이안전보건기술원(주) 지점","2020-09-01","2020-09-30",1,"식",180000,1,180000,1,180000,44088,"결제",44096,0,null,180000,44088,180000,44088,"상신","결재완료",180000,44099,180000,44099]
[1102,1000070491,10,"물품구매(IMU보정용 디지털 서보모터 등 2건/법인카드)",2045601431,"스마트소켓/imu보정용 디지털 서보모터 등 2종",10,"Z20050607","스마트소켓(연구재료) (연구재료)","Z01",456,null,44097,"최종승인",8220,"신현준",44084,516502312,"스마트소켓-2312","2020-09-08","2020-09-30",1,"EA",52998,1,52998,1,52998,44084,"결제",44090,0,null,52998,44084,52998,44084,"상신","결재완료",0,null,52998,44102]
[1102,1000069331,10,"물품구매(속도제어 ass'y/세금계산서)",2045601178,"단차해소보조기기/속도제어 어세이",10,"Z20050917","단차해소보조기기","Z01",456,null,44104,"최종승인",6149,"최기원",44040,303269,"에스씨엠테크놀러지","2020-07-24","2020-10-07",1,"EA",6490000,1,6490000,1,6490000,44082,"결제",44085,0,null,6490000,44082,6490000,44082,"상신","결재완료",0,null,6490000,44099]
[1102,1000070400,20,"물품구매(미관형의수/천*민)",2045601418,"의지상지 미관형의수 등 2종",20,"Z20010372","의지상지-미관형의수지실리콘 (의지재료) (의지재료)","Z01",456,null,44078,"최종승인",27784,"천성민",44083,300508,"두손의수","2020-09-04","2020-09-11",2,"EA",65000,1,130000,2,130000,44082,"결제",44088,0,null,130000,44082,130000,44082,"상신","결재완료",130000,44134,130000,44134]
[1102,1000070420,10,"기타",2045601411,"휠체어수리 앞바퀴 등 2종",10,"Z20120267","휠체어수리-앞바퀴조립투명휠(3,4,5in) (의지재료) (의지재료)","Z01",456,null,44078,"최종승인",26283,"유재선",44083,301882,"미키메디칼","2020-09-04","2020-09-11",30,"EA",18182,1,545460,30,545460,44082,"결제",44088,0,null,545460,44082,545460,44082,"상신","결재완료",545460,44134,545460,44134]
[1102,1000070430,10,"물품구매(센서 마운트 제작용 재료 및 공구/법인카드)",2045601405,"헬스케어/센서 마운트 제작용 재료 및 공구",10,"Z20050765","헬스케어(연구재료)","Z01",456,null,44085,"최종승인",27685,"황석진",44083,516539017,"헬스케어-9017","2020-09-04","2020-09-18",1,"EA",203080,1,203080,1,203080,44078,"결제",44089,0,null,203080,44078,203080,44078,"상신","결재완료",0,null,203080,44102]
[1102,1000070269,80,"물품구매(하지의지-송*욱)/손*호",2045601401,"의지하지 컴포트웨이브 등 9종",80,"Z20010832","의지하지-회전식4-홀피메일피라미드티타늄(외산) (의지재료)","Z01",456,null,44075,"최종승인",6167,"손진호",44078,301434,"오서코리아주식회사","2020-09-01","2020-09-08",1,"EA",155000,1,155000,1,155000,44077,"결제",44088,0,null,155000,44077,155000,44077,"상신","결재완료",155000,44134,155000,44134]
[1102,1000070205,10,"기타",2045601382,"휠체어수리 타이어 등 3종",10,"Z20120335","휠체어수리-타이어스포츠용휠로피아(24in) (의지재료) (의지재료)","Z01",456,null,44071,"최종승인",26283,"유재선",44071,301700,"(주)휠로피아","2020-08-28","2020-09-04",10,"EA",23200,1,232000,10,232000,44074,"결제",44074,0,null,232000,44074,232000,44074,"상신","결재완료",232000,44103,232000,44103]
[1102,1000070070,10,"물품구매(태백중앙병원)전*만",2045601376,"소모품 알무늄클럿치",10,"Z20120016","소모품-알무늄클럿치(大,中,小) (의지재료) (의지재료)","Z01",456,null,44068,"최종승인",6160,"전영만",44069,305283,"(주)부림메디칼","2020-08-25","2020-09-01",60,"EA",4450,1,267000,60,267000,44070,"결제",44074,0,null,267000,44070,267000,44070,"상신","결재완료",267000,44103,267000,44103]
[1102,1000070116,30,"물품구매-의지하지/임*은",2045601377,"의지하지 실리콘 젤 라이너 등 4종",30,"Z20010369","의지상지-미관형의수전자글러브레진(외산) (의지재료) (의지재료)","Z01",456,null,44069,"최종승인",9620,"임성은",44069,305386,"(주) 오토복코리아헬스케어","2020-08-25","2020-09-01",1,"EA",162000,1,162000,1,162000,44070,"결제",44074,0,null,162000,44070,162000,44070,"상신","결재완료",162000,44103,162000,44103]
[1102,1000070088,70,"물품구매(미관형의수-김*곤)",2045601368,"의지상지 미관형의수 등 10종",70,"Z20010611","보조기하지-CEPA (의지재료) (의지재료)","Z01",456,null,44068,"최종승인",9144,"정창희",44069,301263,"성림교역","2020-08-25","2020-09-01",1,"EA",80000,1,80000,1,80000,44069,"결제",44071,0,null,80000,44069,80000,44069,"상신","결재완료",80000,44103,80000,44103]
[1102,1000070141,10,"물품구매(앞바퀴)",2045601379,"휠체어수리 앞바퀴",10,"Z20120254","휠체어수리-앞바퀴조립에어대세(6in) (의지재료) (의지재료)","Z01",456,null,44069,"최종승인",9144,"정창희",44070,307353,"(주)대세엠케어 (대전)","2020-08-25","2020-09-02",10,"EA",16364,1,163640,10,163640,44069,"결제",44074,0,null,163640,44069,163640,44069,"상신","결재완료",163640,44103,163640,44103]
[1102,1000069988,10,"물품구매 수부 /창원센터",2045601313,"의지상지 미관형의수 등 3종",10,"Z20010367","의지상지-미관형의수실리콘두손 (의지재료) (의지재료)","Z01",456,null,44064,"최종승인",6166,"김현종",44067,300508,"두손의수","2020-08-21","2020-08-28",2,"EA",230000,1,460000,2,460000,44068,"결제",44069,0,null,460000,44068,460000,44068,"상신","결재완료",460000,44103,460000,44103]
[1102,1000069996,20,"물품구매(의지하지-최*학,박*옥/김*동)",2045601343,"보조기구두 등 2종",20,"Z20010969","의지하지-피라밋형 알미늄 어댑터+플레이트 (의지재료)","Z01",456,null,44064,"최종승인",8219,"김수동",44067,301263,"성림교역","2020-08-21","2020-08-28",1,"EA",65000,1,65000,1,65000,44068,"결제",44070,0,null,65000,44068,65000,44068,"상신","결재완료",65000,44103,65000,44103]
[1102,1000070017,10,"물품구매(매트리스)",2045601345,"욕창예방매트리스",10,"Z20130055","욕창예방매트리스-Md-100 TPU3","Z01",456,null,44067,"최종승인",27783,"이미경",44067,301766,"은혜메디칼","2020-08-24","2020-08-31",8,"EA",350000,1,2800000,8,2800000,44068,"결제",44069,0,null,2800000,44068,2800000,44068,"상신","결재완료",2800000,44103,2800000,44103]
[1102,1000070031,20,"물품구매(마우크니등/천*민)",2045601341,"의지하지 대퇴무릎장식 등 2종",20,"Z20011192","의지하지-실리콘싹스컴포트락킹","Z01",456,null,44067,"최종승인",27784,"천성민",44067,301434,"오서코리아주식회사","2020-08-24","2020-08-31",3,"EA",335000,1,1005000,3,1005000,44068,"결제",44069,0,null,1005000,44068,1005000,44068,"상신","결재완료",1005000,44103,1005000,44103]
[1102,1000069912,10,"물품구매(소모품-실리콘의수팀)",2045601301,"의지재료 마스터 말러 킷 등 4종",10,"Z20011255","의지재료-Cosmesil Master Colour Kit(P199)","Z01",456,null,44061,"최종승인",8664,"유효종",44061,326382,"주식회사 핸더바이오닉스","2020-08-18","2020-08-25",1,"EA",120000,1,120000,1,120000,44064,"결제",44068,0,null,120000,44064,120000,44064,"상신","결재완료",120000,44103,120000,44103]
[1102,1000069892,10,"물품구매(공*식-박*경/유*선)",2045601284,"활동형휠체어",10,"Z20120650","활동형휠체어-P2(미키코리아)","Z01",456,null,44057,"최종승인",26283,"유재선",44061,309507,"미키코리아(주)","2020-08-14","2020-08-21",2,"EA",950000,1,1900000,2,1900000,44063,"결제",44071,0,null,1900000,44063,1900000,44063,"상신","결재완료",1900000,44103,1900000,44103]
[1102,1000069932,60,"물품구매(의지재료소모품/천*민)",2045601305,"소모품 뒤플렉스 등 12종",60,"Z20010218","소모품-실리콘이형제(420g) (의지재료) (의지재료)","Z01",456,null,44062,"최종승인",27784,"천성민",44063,301148,"신성메디칼","2020-08-19","2020-08-26",20,"EA",5000,1,100000,20,100000,44063,"결제",44069,0,null,100000,44063,100000,44063,"상신","결재완료",100000,44103,100000,44103]
[1102,1000069849,10,"물품구매(락장식,에너지발/천*민)",2045601297,"의지하지 락장식 등 2종",10,"Z20010458","의지하지-락장식Bk(대퇴,하퇴겸용) (의지재료) (의지재료)","Z01",456,null,44057,"최종승인",27784,"천성민",44061,302514,"비케이메디텍","2020-08-14","2020-08-21",15,"EA",223000,1,3345000,15,3345000,44062,"결제",44063,0,null,3345000,44062,3345000,44062,"상신","결재완료",3345000,44103,3345000,44103]
[1102,1000069850,30,"물품구매(미관형의수/천*민)",2045601296,"의지상지 미관형의수 등 3종",30,"Z20010363","의지상지-미관형의수레진두손 (의지재료) (의지재료)","Z01",456,null,44057,"최종승인",27784,"천성민",44061,300508,"두손의수","2020-08-14","2020-08-21",1,"EA",90000,1,90000,1,90000,44061,"결제",44063,0,null,90000,44061,90000,44061,"상신","결재완료",90000,44103,90000,44103]
[1102,1000069872,10,"물품구매(의지재료)전*만",2045601340,"소모품 티렌치 등 10종",10,"Z20010783","소모품-티렌치 (의지재료)","Z01",456,null,44057,"최종승인",6160,"전영만",44067,301148,"신성메디칼","2020-08-14","2020-08-21",8,"EA",5000,1,40000,8,40000,44061,"결제",44070,0,null,40000,44061,40000,44061,"상신","결재완료",40000,44103,40000,44103]
[1102,1300012610,10,"20. 8월 방역소독(덕인환경)",2045800052,"8월 방역소독",10,null,"20. 8월 방역소독(덕인환경)","Z04",458,null,44055,"최종승인",4473,"허관",44056,302071,"덕인환경","2020-08-12","2020-08-31",1,"EA",160000,1,160000,1,160000,44061,"결제",44069,0,null,160000,44061,160000,44061,"상신","결재완료",160000,44084,160000,44084]
[1102,1000069813,10,"물품구매(미관형의수/손*지)",2045601273,"의지상지 미관형의수",10,"Z20010368","의지상지-미관형의수실리콘리갈(외산) (의지재료) (의지재료)","Z01",456,null,44055,"최종승인",28716,"손민지",44056,301263,"성림교역","2020-08-12","2020-08-19",2,"EA",230000,1,460000,2,460000,44057,"결제",44063,0,null,460000,44057,460000,44057,"상신","결재완료",460000,44103,460000,44103]
[1102,1000069164,30,"물품구매(Damper 성형지그 등 4건/ 세금계산서)",2045601104,"스마트소켓/댐퍼 성형지그 등 4종",30,"Z20050607","스마트소켓(연구재료) (연구재료)","Z01",456,null,44057,"최종승인",28673,"전경진",44035,321519,"(주) 우성종합씰","2020-07-20","2020-08-14",1,"EA",275000,1,275000,1,275000,44056,"결제",44069,0,null,275000,44056,275000,44056,"상신","결재완료",0,null,275000,44084]
[1102,1000069225,10,"물품구매(Cable Pull Switch)",2045601096,"농작업보조시스템/케이블 풀 스위치",10,"Z20050918","농작업보조시스템","Z01",456,null,44050,"최종승인",27961,"홍범기",44035,305386,"(주) 오토복코리아헬스케어","2020-07-21","2020-08-14",1,"EA",505000,1,505000,1,505000,44055,"결제",44057,0,null,505000,44055,505000,44055,"상신","결재완료",0,null,505000,44068]
[1102,1000069700,20,"물품구매(헤드컨트롤러 장착 브라켓 포함 등 4건/ 세금계산서)",2045601250,"모듈형휠체어/헤드컨트롤러 장착브라켓 등 4종",20,"Z20050916","모듈형휠체어","Z01",456,null,44092,"최종승인",6879,"김용철",44053,301700,"(주)휠로피아","2020-08-10","2020-09-25",1,"EA",330000,1,330000,1,330000,44055,"결제",44062,0,null,330000,44055,330000,44055,"상신","결재완료",0,null,330000,44068]
[1102,1000069702,10,"물품구매 의지상지 /창원센터",2045601242,"의지상지 미관형의수 등 2종",10,"Z20010368","의지상지-미관형의수실리콘리갈(외산) (의지재료) (의지재료)","Z01",456,null,44050,"최종승인",6166,"김현종",44053,301263,"성림교역","2020-08-07","2020-08-14",2,"EA",230000,1,460000,2,460000,44054,"결제",44062,0,null,460000,44054,460000,44054,"상신","결재완료",460000,44103,460000,44103]
[1102,1000069709,10,"물품구매/워커(앞바퀴부착)/조*문",2045601246,"소모품 워커앞바퀴",10,"Z20120030","소모품-워커앞바퀴부착 (의지재료) (의지재료)","Z01",456,null,44050,"최종승인",6164,"조성문",44053,320519,"(주) 대세엠케어 대구동영업소","2020-08-07","2020-08-14",3,"EA",23000,1,69000,3,69000,44054,"결제",44057,0,null,69000,44054,69000,44054,"상신","결재완료",69000,44103,69000,44103]
[1102,1000069743,50,"물품구매/실리콘내피(대퇴,하퇴)/장*원/김*동/김*완/권*윤/허*무/김*구/조*문",2045601252,"의지하지 더모웨이브락킹 등 5종",50,"Z20010533","의지하지-실리콘싹스코니칼+스텐다드대퇴용(미국산) (의지재료) (의지재료)","Z01",456,null,44053,"최종승인",6164,"조성문",44054,301434,"오서코리아주식회사","2020-08-10","2020-08-17",1,"EA",500000,1,500000,1,500000,44054,"결제",44062,0,null,500000,44054,500000,44054,"상신","결재완료",500000,44103,500000,44103]
[1102,1000069634,10,"물품구매(하이브리드의지 제어기 제작/세금계산서)",2045601227,"스마트소켓/하이브리드 의지 제어드라이브 수정 제작",10,"Z20050607","스마트소켓(연구재료) (연구재료)","Z01",456,null,44067,"최종승인",8220,"신현준",44053,325303,"(주)아이투에이시스템즈","2020-08-06","2020-08-31",4,"EA",825000,1,3300000,4,3300000,44053,"결제",44055,0,null,3300000,44053,3300000,44053,"상신","결재완료",0,null,3300000,44068]
[1102,1000069587,10,"물품구매(트래킹데이터송수신모바일유심/법인카드)",2045601225,"휠체어트래커/트래킹데이터송수신 모바일유심",10,"Z20050738","휠체어트래커(연구재료)","Z01",456,null,44061,"최종승인",11512,"남기태",44053,516501005,"휠체어트래커-1005","2020-08-04","2020-08-25",1,"EA",50000,1,50000,1,50000,44047,"결제",44055,0,null,50000,44047,50000,44047,"상신","결재완료",0,null,50000,44069]
[1102,1000069370,10,"물품구매(김*덕-윤*우/유*선)",2045601184,"휠체어꺽기형 등 5종",10,"Z20120054","휠체어꺽기형-미라지7분리형미키 (의지재료) (의지재료)","Z01",456,null,44039,"최종승인",26283,"유재선",44040,301882,"미키메디칼","2020-07-27","2020-08-03",1,"EA",540000,1,540000,1,540000,44041,"결제",44054,0,null,540000,44041,540000,44041,"상신","결재완료",540000,44074,540000,44074]
[1102,1000069389,10,"물품구매(보조기-한*순)",2045601192,"보조기 등 2종",10,"Z20011247","보조기-Thermoplastic AFO","Z01",456,null,44040,"최종승인",9144,"정창희",44041,305386,"(주) 오토복코리아헬스케어","2020-07-28","2020-08-04",1,"EA",42000,1,42000,1,42000,44041,"결제",44043,0,null,42000,44041,42000,44041,"상신","결재완료",42000,44074,42000,44074]
[1102,1000069415,90,"물품구매(미관형의수-박*식)",2045601189,"의지상지 미관형의수 등 9종",90,"Z20010388","의지상지-상박주관절장식키드형중국(중국산) (의지재료) (의지재료)","Z01",456,null,44040,"최종승인",9144,"정창희",44041,301263,"성림교역","2020-07-28","2020-08-04",1,"EA",170000,1,170000,1,170000,44041,"결제",44055,0,null,170000,44041,170000,44041,"상신","결재완료",170000,44074,170000,44074]
[1102,1000069288,10,"물품구매-소모품",2045601145,"의지상지 상박관절장식 등 7종",10,"Z20010378","의지상지-상박관절장식호스머(미국산) (의지재료) (의지재료)","Z01",456,null,44035,"최종승인",6154,"김순종",44036,301263,"성림교역","2020-07-23","2020-07-30",1,"EA",760000,1,760000,1,760000,44040,"결제",44043,0,null,760000,44040,760000,44040,"상신","결재완료",760000,44074,760000,44074]
[1102,1000069325,20,"물품구매 수부 /창원센터",2045601167,"의지상지 미관형의수 등 2종",20,"Z20010363","의지상지-미관형의수레진두손 (의지재료) (의지재료)","Z01",456,null,44036,"최종승인",6166,"김현종",44039,300508,"두손의수","2020-07-24","2020-07-31",1,"EA",90000,1,90000,1,90000,44040,"결제",44041,0,null,90000,44040,90000,44040,"상신","결재완료",90000,44074,90000,44074]
[1102,1000069397,10,"물품구매-욕창방석/김*채외4명/임*은",2045601194,"욕창예방방석 등 2종",10,"Z20130024","욕창예방방석공기격자형-커트로 (의지재료) (의지재료)","Z01",456,null,44040,"최종승인",9620,"임성은",44041,305386,"(주) 오토복코리아헬스케어","2020-07-27","2020-08-03",5,"EA",370000,1,1850000,5,1850000,44040,"결제",44043,0,null,1850000,44040,1850000,44040,"상신","결재완료",1850000,44074,1850000,44074]
[1102,1500033618,30,"클리어화일등 일반 소모품 구매",2045601196,"사무용품 7종",30,null,"고무밴드","Z06",456,null,44035,"최종승인",4752,"이은아",44041,303191,"인성","2020-07-23","2020-07-28",1,"EA",19090,1,19090,1,19090,44040,"결제",44043,0,null,19090,44040,19090,44040,"상신","결재완료",19090,44053,19090,44053]
[1102,1000069343,10,"물품구매(미관형 의수등/손*지)",2045601181,"의지하지 실리콘싹스 등 3종",10,"Z20010524","의지하지-실리콘싹스알프스Gpdt(미국산) (의지재료) (의지재료)","Z01",456,null,44036,"최종승인",28716,"손민지",44040,301263,"성림교역","2020-07-24","2020-07-31",2,"EA",270000,1,540000,2,540000,44039,"결제",44042,0,null,540000,44039,540000,44039,"상신","결재완료",540000,44074,540000,44074]
[1102,1000069209,40,"물품구매(하지의지-황*인 외/양*호)",2045601127,"의지하지 흡입밸브 등 4종",40,"Z20010891","의지하지-실리콘싹스(아이스로스 씰인X-TF(Set) (의지재료)","Z01",456,null,44033,"최종승인",27264,"양철호",44035,301434,"오서코리아주식회사","2020-07-21","2020-07-28",1,"EA",620000,1,620000,1,620000,44036,"결제",44043,0,null,620000,44036,620000,44036,"상신","결재완료",620000,44074,620000,44074]
[1102,1000069200,10,"물품구매(의지하지-유*현,고*세/김*선)",2045601126,"의지하지 피라밋형 알미늄 등 3종",10,"Z20010969","의지하지-피라밋형 알미늄 어댑터+플레이트 (의지재료)","Z01",456,null,44033,"최종승인",6675,"김훈선",44035,301263,"성림교역","2020-07-21","2020-07-28",2,"EA",65000,1,130000,2,130000,44035,"결제",44039,0,null,130000,44035,130000,44035,"상신","결재완료",130000,44074,130000,44074]
[1102,1000069200,20,"물품구매(의지하지-유*현,고*세/김*선)",2045601126,"의지하지 피라밋형 알미늄 등 3종",20,"Z20010836","의지하지-실리콘싹스더블젤라이너(성림) (의지재료)","Z01",456,null,44033,"최종승인",6675,"김훈선",44035,301263,"성림교역","2020-07-21","2020-07-28",2,"EA",105000,1,210000,2,210000,44035,"결제",44039,0,null,210000,44035,210000,44035,"상신","결재완료",210000,44074,210000,44074]
[1102,1300012499,10,"인버터 급수펌프 압력탱크 긴급수리",2045800044,"인버터 급수펌프 압력탱크 긴급수리",10,null,"인버터 급수펌프 압력탱크 긴급수리","Z04",458,null,44034,"최종승인",28101,"김형국",44035,313036,"(주) 세고산업","2020-07-22","2020-07-31",1,"식",1000000,1,1000000,1,1000000,44035,"결제",44042,0,null,1000000,44035,1000000,44035,"상신","결재완료",1000000,44053,1000000,44053]
[1102,1000069171,50,"기타",2045601109,"휠체어수리 배터리 등 8종",50,"Z20120393","휠체어수리-튜브일산활동형휠로피아(24,25in) (의지재료) (의지재료)","Z01",456,null,44032,"최종승인",26283,"유재선",44035,301700,"(주)휠로피아","2020-07-20","2020-07-27",2,"EA",4000,1,8000,2,8000,44034,"결제",44039,0,null,8000,44034,8000,44034,"상신","결재완료",8000,44074,8000,44074]
[1102,1000069138,10,"미관형의수(실리콘)/",2045601114,"의지상지 미관형의수 등 4종",10,"Z20010368","의지상지-미관형의수실리콘리갈(외산) (의지재료) (의지재료)","Z01",456,null,44029,"최종승인",6164,"조성문",44035,301263,"성림교역","2020-07-17","2020-07-24",7,"EA",230000,1,1610000,7,1610000,44033,"결제",44039,0,null,1610000,44033,1610000,44033,"상신","결재완료",1610000,44074,1610000,44074]
[1102,1000069148,20,"물품구매 수부 /창원센터",2045601088,"의지상지 미관형의수 등 3종",20,"Z20010372","의지상지-미관형의수지실리콘 (의지재료) (의지재료)","Z01",456,null,44029,"최종승인",6166,"김현종",44032,300508,"두손의수","2020-07-17","2020-07-24",3,"EA",65000,1,195000,3,195000,44033,"결제",44039,0,null,195000,44033,195000,44033,"상신","결재완료",195000,44074,195000,44074]
[1102,1000069035,10,"물품구매(LCD제어개발보드/세금계산서)",2045601070,"스마트어시스트/LCD제어 개발보드",10,"Z20050649","스마트어시스트(연구재료) (연구재료)","Z01",456,null,44046,"최종승인",11512,"남기태",44027,327101,"블랭크 (BlANK)","2020-07-13","2020-08-10",1,"EA",330000,1,330000,1,330000,44032,"결제",44039,0,null,330000,44032,330000,44032,"상신","결재완료",0,null,330000,44053]
[1102,1300012409,10,"`20년7월산업안전점검(케이아이안전보건기술원)",2045800039,"7월 산업안전점검",10,null,"`20년7월산업안전점검(케이아이안전보건기술원)","Z04",458,null,44018,"최종승인",28101,"김형국",44018,304163,"케이아이안전보건기술원(주) 지점","2020-07-01","2020-07-31",1,"개",180000,1,180000,1,180000,44032,"결제",44042,0,null,180000,44032,180000,44032,"상신","결재완료",180000,44053,180000,44053]
[1102,1000068974,10,"물품구매(유량조절밸브 등 1건/ 세금계산서)",2045601050,"골유착임플란트/유량조절밸브",10,"Z20050686","골유착임플란트(연구재료)","Z01",456,null,44036,"최종승인",28673,"전경진",44025,319517,"에이치피에스(HPS)","2020-07-10","2020-07-31",10,"EA",23540,1,235400,10,235400,44027,"결제",44039,0,null,235400,44027,235400,44027,"상신","결재완료",0,null,235400,44053]
[1102,1500033468,40,"전기실 소모품 구매(3/4분기)",2045601047,"전기실 소모품 LED 유도등 등 14종",40,null,"방화문 고정빠지링","Z06",456,null,44022,"최종승인",28101,"김형국",44025,300045,"모아이엔티","2020-07-10","2020-07-24",12,"개",36000,12,36000,12,36000,44027,"결제",44039,0,null,36000,44027,36000,44027,"상신","결재완료",36000,44053,36000,44053]
[1102,1000068927,10,"물품구매(기립형 휠체어)",2045601033,"시험상용화/기립형휠체어",10,"Z20050032","기립형 수동휠체어 (연구재료) (연구재료)","Z01",456,null,44020,"최종승인",27783,"이미경",44021,304132,"조영승 (상윤산업)","2020-07-08","2020-07-15",1,"EA",2606000,1,2606000,1,2606000,44026,"결제",44028,0,null,2606000,44026,2606000,44026,"상신","결재완료",2606000,44036,2606000,44036]
[1102,1000068973,60,"물품구매 소모품 /창원센터",2045601066,"소모품 녹제거용 등 7종",60,"Z20011068","소모품-롱로즈","Z01",456,null,44025,"최종승인",6166,"김현종",44026,301148,"신성메디칼","2020-07-10","2020-07-20",5,"EA",15000,1,75000,5,75000,44026,"결제",44027,0,null,75000,44026,75000,44026,"상신","결재완료",75000,44074,75000,44074]
[1102,1000069003,10,"물품구매(의지재료소모품/천*민)",2045601061,"소모품 석고소석고 등 13종",10,"Z20010174","소모품-석고소석고2급b(25kg) (의지재료) (의지재료)","Z01",456,null,44025,"최종승인",27784,"천성민",44026,301148,"신성메디칼","2020-07-13","2020-07-20",20,"EA",35000,1,700000,20,700000,44026,"결제",44027,0,null,700000,44026,700000,44026,"상신","결재완료",700000,44074,700000,44074]
[1102,1000069005,40,"물품구매(반자동의수등/천*민)",2045601063,"의지상지 반자동의수 등 8종",40,"Z20010578","소모품-레진실링(4kg) (의지재료) (의지재료)","Z01",456,null,44025,"최종승인",27784,"천성민",44026,305386,"(주) 오토복코리아헬스케어","2020-07-13","2020-07-20",1,"EA",200000,1,200000,1,200000,44026,"결제",44028,0,null,200000,44026,200000,44026,"상신","결재완료",200000,44074,200000,44074]
[1102,1000068935,20,"물품구매(프로플렉스외)",2045601034,"시험상용화/마우크니 등 5종",20,"Z20050454","하지-고기능인공발(프로플렉스XC)(연구재료) (연구재료)","Z01",456,null,44020,"최종승인",27783,"이미경",44021,301434,"오서코리아주식회사","2020-07-08","2020-07-15",2,"EA",2300000,1,4600000,2,4600000,44025,"결제",44027,0,null,4600000,44025,4600000,44025,"상신","결재완료",4600000,44036,4600000,44036]
[1102,1000068837,80,"물품구매(전자파 차단제 등 9건/세근계산서)",2045601006,"골유착임플란트/전자파 차단제 등 9종",80,"Z20050686","골유착임플란트(연구재료)","Z01",456,null,44028,"최종승인",27962,"김승기",44018,312883,"(주) 엔티렉스","2020-07-06","2020-07-24",1,"EA",45001,1,45001,1,45001,44022,"결제",44026,0,null,45001,44022,45001,44022,"상신","결재완료",0,null,45001,44036]
[1102,1000068872,10,"물품구매(의지재료/천*민)",2045601024,"의지하지 대퇴무릎장식 등 4종",10,"Z20010445","의지하지-대퇴무릎장식Bk공압식(4절공압식) (의지재료) (의지재료)","Z01",456,null,44019,"최종승인",27784,"천성민",44020,302514,"비케이메디텍","2020-07-07","2020-07-14",4,"EA",777000,1,3108000,4,3108000,44021,"결제",44022,0,null,3108000,44021,3108000,44021,"상신","결재완료",3108000,44074,3108000,44074]
[1102,1000068789,10,"물품구매 의지하지/창원센터",2045601000,"의지하지 실리콘싹스",10,"Z20010507","의지하지-실리콘싹스국산(국산) (의지재료) (의지재료)","Z01",456,null,44015,"최종승인",8445,"차민국",44018,323203,"코스텍","2020-07-03","2020-07-10",10,"EA",120000,1,1200000,10,1200000,44019,"결제",44020,0,null,1200000,44019,1200000,44019,"상신","결재완료",1200000,44074,1200000,44074]
[1102,1000068823,10,"물품구매(박*준/유*선)",2045600990,"전동스쿠터",10,"Z20120640","전동스쿠터-나드리200","Z01",456,null,44015,"최종승인",26283,"유재선",44018,302135,"케어114","2020-07-03","2020-07-10",1,"EA",1563636,1,1563636,1,1563636,44019,"결제",44025,0,null,1563636,44019,1563636,44019,"상신","결재완료",1563636,44074,1563636,44074]
[1102,1000068831,10,"물품구매(미관형의수/천*민)",2045601007,"의지상지 미관형의수 등 2종",10,"Z20010367","의지상지-미관형의수실리콘두손 (의지재료) (의지재료)","Z01",456,null,44018,"최종승인",27784,"천성민",44019,300508,"두손의수","2020-07-06","2020-07-13",11,"EA",230000,1,2530000,11,2530000,44019,"결제",44020,0,null,2530000,44019,2530000,44019,"상신","결재완료",2530000,44074,2530000,44074]
[1102,1000068859,30,"물품구매(부품 보관함 등 3건 / 외골격 로봇(법인카드 5410))",2045601011,"외골격로봇/실험용 배터리 모듈 등 3종",30,"Z20050807","외골격로봇(연구재료)","Z01",456,null,44057,"최종승인",27520,"최혁재",44019,516525410,"외골격로봇-5410","2020-07-06","2020-08-21",1,"EA",71388,1,71388,1,71388,44018,"결제",44025,0,null,71388,44018,71388,44018,"상신","결재완료",0,null,71388,44039]
[1102,1000068116,10,"물품구매(휠체어드럼내구성시험-클러치)",2045600810,"휠체어사용성검증/휠체어 드럼 내구성 시험",10,"Z20050915","휠체어사용성검증","Z01",456,null,44005,"최종승인",27377,"정성배",43991,303269,"에스씨엠테크놀러지","2020-06-08","2020-06-30",3,"EA",990000,1,2970000,3,2970000,44011,"결제",44012,0,null,2970000,44011,2970000,44011,"상신","결재완료",0,null,2970000,44022]
[1102,1000068466,20,"물품구매-척추보조기",2045600906,"보조기척추 등 2종",20,"Z20010983","보조기하지-ROM Knee brace ACL (오르텍) (의지재료)","Z01",456,null,44004,"최종승인",6154,"김순종",44005,322758,"오르텍주식회사","2020-06-22","2020-06-29",2,"EA",43000,1,86000,2,86000,44008,"결제",44011,0,null,86000,44008,86000,44008,"상신","결재완료",86000,44043,86000,44043]
[1102,1000068538,10,"물품구매/미관형의수(실리콘)/박*운/강*중/최*삼//최*삼/최*섭/조*문",2045600952,"의지상지 미관형의수 등 2종",10,"Z20010367","의지상지-미관형의수실리콘두손 (의지재료) (의지재료)","Z01",456,null,44006,"최종승인",6164,"조성문",44007,300508,"두손의수","2020-06-24","2020-07-01",4,"EA",230000,1,920000,4,920000,44008,"결제",44011,0,null,920000,44008,920000,44008,"상신","결재완료",920000,44043,920000,44043]
[1102,1000068573,40,"물품구매(머큐리 유압식 단축무릎)",2045600971,"시험상용화/머큐리 유압식 단축무릎 등 4종",40,"Z20050077","상지-호스머 신경줄 세트 (연구재료) (연구재료)","Z01",456,null,44006,"최종승인",27783,"이미경",44008,301263,"성림교역","2020-06-24","2020-07-01",1,"EA",95000,1,95000,1,95000,44008,"결제",44012,0,null,95000,44008,95000,44008,"상신","결재완료",95000,44022,95000,44022]
[1102,1000068474,10,"물품구매(맞춤형 인솔)",2045600931,"시험상용화/맞춤형인솔 등 3종",10,"Z20050638","하지-맞춤형 인솔(연구재료) (연구재료)","Z01",456,null,44004,"최종승인",27783,"이미경",44006,301263,"성림교역","2020-06-22","2020-06-29",2,"EA",350000,1,700000,2,700000,44007,"결제",44008,0,null,700000,44007,700000,44007,"상신","결재완료",700000,44022,700000,44022]
[1102,1000068494,10,"물품구매(상지의지/천*민)",2045600929,"의지상지 미관형의수 등 2종",10,"Z20010368","의지상지-미관형의수실리콘리갈(외산) (의지재료) (의지재료)","Z01",456,null,44005,"최종승인",27784,"천성민",44006,301263,"성림교역","2020-06-23","2020-06-30",5,"EA",230000,1,1150000,5,1150000,44007,"결제",44008,0,null,1150000,44007,1150000,44007,"상신","결재완료",1150000,44043,1150000,44043]
[1102,1000068496,50,"물품구매(미관형의수-이*수)",2045600939,"의지상지 미관형의수 등 11종",50,"Z20011023","의지재료-P-S400-PA(홍콩제 기계식 다축무릎(피라밋)","Z01",456,null,44005,"최종승인",9144,"정창희",44006,301263,"성림교역","2020-06-23","2020-06-30",1,"EA",480000,1,480000,1,480000,44006,"결제",44011,0,null,480000,44006,480000,44006,"상신","결재완료",480000,44043,480000,44043]
[1102,1000068499,50,"물품구매(실리콘라이너-안*준)",2045600945,"의지하지 실리콘싹스 등 7종",50,"Z20010669","의지상지-이너핸드,속커버(독일) (의지재료)","Z01",456,null,44005,"최종승인",9144,"정창희",44007,305386,"(주) 오토복코리아헬스케어","2020-06-23","2020-06-30",2,"EA",126000,1,252000,2,252000,44006,"결제",44008,0,null,252000,44006,252000,44006,"상신","결재완료",252000,44043,252000,44043]
[1102,1000068550,10,"물품구매 (소켓어댑터 등 1건/ 세금계산서)",2045600948,"스마트소켓/소켓 어댑터",10,"Z20050607","스마트소켓(연구재료) (연구재료)","Z01",456,null,44008,"최종승인",28673,"전경진",44007,301263,"성림교역","2020-06-24","2020-07-03",2,"EA",40000,1,80000,2,80000,44006,"결제",44008,0,null,80000,44006,80000,44006,"상신","결재완료",0,null,80000,44022]
[1102,1000068423,10,"물품구매 수부 /창원센터",2045600913,"의지상지 미관형의수 등 2종",10,"Z20010367","의지상지-미관형의수실리콘두손 (의지재료) (의지재료)","Z01",456,null,44001,"최종승인",6166,"김현종",44005,300508,"두손의수","2020-06-19","2020-06-26",4,"EA",230000,1,920000,4,920000,44005,"결제",44006,0,null,920000,44005,920000,44005,"상신","결재완료",920000,44043,920000,44043]
[1102,1000068443,10,"물풒구매( 상지-배*택/김*종)",2045600911,"의지상지 미관형의수 등 3종",10,"Z20010367","의지상지-미관형의수실리콘두손 (의지재료) (의지재료)","Z01",456,null,44004,"최종승인",6154,"김순종",44005,300508,"두손의수","2020-06-22","2020-06-29",2,"EA",230000,1,460000,2,460000,44005,"결제",44011,0,null,460000,44005,460000,44005,"상신","결재완료",460000,44043,460000,44043]
[1102,1000068370,110,"물품구매(Taleo외)",2045600878,"시험상용화/tube clamp adapter 등 11종",110,"Z20050923","Tube Adapter (10 degrees)","Z01",456,null,43999,"최종승인",27783,"이미경",44000,305386,"(주) 오토복코리아헬스케어","2020-06-17","2020-06-24",1,"EA",243000,1,243000,1,243000,44004,"결제",44006,0,null,243000,44004,243000,44004,"상신","결재완료",243000,44007,243000,44007]
[1102,1000068366,50,"물품구매(의지하지-최*민외4명/김*선)",2045600885,"의지하지 실리콘싹스 등 7종",50,"Z20010532","의지하지-실리콘싹스컴포트하퇴용(외산) (의지재료) (의지재료)","Z01",456,null,43999,"최종승인",6675,"김훈선",44004,301434,"오서코리아주식회사","2020-06-17","2020-06-24",1,"EA",335000,1,335000,1,335000,44001,"결제",44006,0,null,335000,44001,335000,44001,"상신","결재완료",335000,44043,335000,44043]
[1102,1500033125,30,"인도 보도블럭 보수 자재구입",2045800037,"보도블럭 보수 자재 구입",30,null,"시멘트/40Kg","Z06",458,null,43998,"최종승인",6176,"김상수",43999,324726,"예향건설 주식회사","2020-06-16","2020-06-30",5,"포",6000,1,30000,5,30000,44000,"결제",44005,0,null,30000,44000,30000,44000,"상신","결재완료",30000,44007,30000,44007]
[1102,1000068271,70,"기타",2045600845,"휠체어수리 배터리 등 8종",70,"Z20120393","휠체어수리-튜브일산활동형휠로피아(24,25in) (의지재료) (의지재료)","Z01",456,null,43994,"최종승인",26283,"유재선",43997,301700,"(주)휠로피아","2020-06-12","2020-06-19",50,"EA",4000,1,200000,50,200000,43999,"결제",44007,0,null,200000,43999,200000,43999,"상신","결재완료",200000,44043,200000,44043]
[1102,1000068290,60,"물품구매/의지재료(소모품)/조*문",2045600871,"소모품 썰린 등 13종",60,"Z20010171","소모품-석고붕대(15cm) (의지재료) (의지재료)","Z01",456,null,43997,"최종승인",6164,"조성문",43999,301148,"신성메디칼","2020-06-15","2020-06-22",72,"EA",3500,1,252000,72,252000,43999,"결제",44004,0,null,252000,43999,252000,43999,"상신","결재완료",252000,44043,252000,44043]
[1102,1000068381,70,"물품구매(라즈베리파이 등 8건/ 법인카드)",2045600882,"스마트어시스트/라즈베리파이 등 8종",70,"Z20050649","스마트어시스트(연구재료) (연구재료)","Z01",456,null,44020,"최종승인",11512,"남기태",44001,516589379,"스마트어시스트-9379","2020-06-17","2020-07-15",10,"EA",6600,1,66000,10,66000,43999,"결제",44005,0,null,66000,43999,66000,43999,"상신","결재완료",0,null,66000,44039]
[1102,1000068261,10,"물품구매/휠체어(활동형)/정*철/송*름/조*문",2045600849,"활동형휠체어",10,"Z20011130","활동형휠체어 - 제니스-X (휠라인)","Z01",456,null,43994,"최종승인",6164,"조성문",43997,326308,"휠라인 업 스포츠(whell line up sports)","2020-06-12","2020-06-19",2,"EA",1250000,1,2500000,2,2500000,43998,"결제",44004,0,null,2500000,43998,2500000,43998,"상신","결재완료",2500000,44043,2500000,44043]
[1102,1000068270,110,"물품구매(의지재료/천*민)",2045600865,"소모품 뒤플렉스 등 14종",110,"Z20010351","소모품-TR펀치 (의지재료) (의지재료)","Z01",456,null,43997,"최종승인",27784,"천성민",43998,301148,"신성메디칼","2020-06-15","2020-06-22",1,"EA",8000,1,8000,1,8000,43998,"결제",44000,0,null,8000,43998,8000,43998,"상신","결재완료",8000,44043,8000,44043]
[1102,1000068211,80,"물품구매(DRV5056 등 13건/세금계산서)",2045600843,"골유착임플란트/drv5056a 등 13종",80,"Z20050686","골유착임플란트(연구재료)","Z01",456,null,44004,"최종승인",27962,"김승기",43994,312883,"(주) 엔티렉스","2020-06-11","2020-06-27",1,"EA",264000,1,264000,1,264000,43997,"결제",44001,0,null,264000,43997,264000,43997,"상신","결재완료",0,null,264000,44007]
[1102,1000068227,10,"물품구매(백*표,정*라)전*만",2045600876,"전동휠체어 등 2종",10,"Z20120614","전동휠체어-카멜 K.7.(휠로피아) (의지재료)","Z01",456,null,43993,"최종승인",6160,"전영만",44000,301700,"(주)휠로피아","2020-06-11","2020-06-18",1,"EA",1900000,1,1900000,1,1900000,43997,"결제",44012,0,null,1900000,43997,1900000,43997,"상신","결재완료",1900000,44043,1900000,44043]
[1102,1000068181,10,"물품구매(석고붕대)",2045600835,"소모품 석고붕대 등 3종",10,"Z20010171","소모품-석고붕대(15cm) (의지재료) (의지재료)","Z01",456,null,43992,"최종승인",9144,"정창희",43993,301148,"신성메디칼","2020-06-10","2020-06-17",72,"EA",3500,1,252000,72,252000,43993,"결제",44006,0,null,252000,43993,252000,43993,"상신","결재완료",252000,44043,252000,44043]
[1102,1000068075,10,"물품구매/휠체어(활동형)/오*윤/조*문",2045600814,"활동형휠체어",10,"Z20120641","활동형휠체어- 노바제로 A타입 (티오엠)","Z01",456,null,43987,"최종승인",6164,"조성문",43991,325322,"썬메디테크","2020-06-05","2020-06-12",1,"EA",950000,1,950000,1,950000,43991,"결제",43992,0,null,950000,43991,950000,43991,"상신","결재완료",950000,44043,950000,44043]
[1102,1000068094,20,"물품구매 휠체어 오*용,김*열 /창원센터",2045600786,"일반형휠체어 등 2종",20,"Z20011130","활동형휠체어 - 제니스-X (휠라인)","Z01",456,null,43987,"최종승인",6166,"김현종",43987,327358,"(주)삼우티에스 연제지점-(폐쇄)사용않음","2020-06-05","2020-06-12",1,"EA",1250000,1,1250000,1,1250000,43991,"결제",43992,0,null,1250000,43991,1250000,43991,"상신","결재완료",1250000,44043,1250000,44043]
[1102,1000068102,20,"물품구매(박*호-김*기-곽*준-노*기/유*선)",2045600803,"활동형휠체어 등 4종",20,"Z20011225","활동형 휠체어 - MF015M(GGANTEX) 썬메디테크","Z01",456,null,43987,"최종승인",26283,"유재선",43990,325322,"썬메디테크","2020-06-05","2020-06-12",1,"EA",1500000,1,1500000,1,1500000,43991,"결제",43992,0,null,1500000,43991,1500000,43991,"상신","결재완료",1500000,44043,1500000,44043]
[1102,1000068102,30,"물품구매(박*호-김*기-곽*준-노*기/유*선)",2045600803,"활동형휠체어 등 4종",30,"Z20120674","전동형휠체어- 나래200,210 (썬메디테크)","Z01",456,null,43987,"최종승인",26283,"유재선",43990,325322,"썬메디테크","2020-06-05","2020-06-12",1,"EA",1900000,1,1900000,1,1900000,43991,"결제",43992,0,null,1900000,43991,1900000,43991,"상신","결재완료",1900000,44043,1900000,44043]
[1102,1000068134,10,"물품구매(미관형의수-윤*용)",2045600827,"의지상지 미관형의수",10,"Z20010367","의지상지-미관형의수실리콘두손 (의지재료) (의지재료)","Z01",456,null,43990,"최종승인",9144,"정창희",43992,300508,"두손의수","2020-06-08","2020-06-15",3,"EA",230000,1,690000,3,690000,43991,"결제",43998,0,null,690000,43991,690000,43991,"상신","결재완료",690000,44043,690000,44043]
[1102,1000068051,20,"물품구매(의지재료/천*민)",2045600781,"의지상지 미관형의수 등 3종",20,"Z20010073","보조기하지-크렌작장식일산 (의지재료) (의지재료)","Z01",456,null,43986,"최종승인",27784,"천성민",43987,301263,"성림교역","2020-06-04","2020-06-11",3,"EA",130000,1,390000,3,390000,43990,"결제",43993,0,null,390000,43990,390000,43990,"상신","결재완료",390000,44043,390000,44043]
[1102,1500032906,10,"낸각수처리제 구입",2045800032,"냉각수처리제 구입",10,null,"옥상쿨링타워(냉각탑)소독제구입","Z06",458,null,43984,"최종승인",6176,"김상수",43985,303581,"성산화학","2020-06-02","2020-06-30",20,"개",35000,1,700000,20,700000,43990,"결제",43993,0,null,700000,43990,700000,43990,"상신","결재완료",700000,44007,700000,44007]
[1102,1500033015,10,"물품구매(사무용품 등 12건/법인카드)",2045600818,"골유착임플란트/사무용품 등 12종",10,null,"사무용품","Z06",456,null,43990,"최종승인",28673,"전경진",43991,516545280,"골유착임플란트-5280","2020-06-08","2020-06-29",1,"SET",464500,1,464500,1,464500,43990,"결제",43997,0,null,464500,43990,464500,43990,"상신","결재완료",0,null,464500,44008]
[1102,1000068047,10,"물품구매(이동형 납땜 집진기 1건/법인카드)",2045600798,"스마트어시스트/이동형 납땜 집진기",10,"Z20050649","스마트어시스트(연구재료) (연구재료)","Z01",456,null,44005,"최종승인",6363,"홍응표",43990,516589379,"스마트어시스트-9379","2020-06-04","2020-06-30",1,"EA",581900,1,581900,1,581900,43986,"결제",43998,0,null,581900,43986,581900,43986,"상신","결재완료",0,null,581900,44008]
[1102,1000067591,10,"물품구매(USB카메라 등 2건/ 세금계산서)",2045600667,"스마트어시스트/usb카메라 등 2종",10,"Z20050649","스마트어시스트(연구재료) (연구재료)","Z01",456,null,43994,"최종승인",11512,"남기태",43970,319888,"트리송","2020-05-15","2020-06-19",2,"EA",61600,1,123200,2,123200,43980,"결제",43983,0,null,123200,43980,123200,43980,"상신","결재완료",0,null,123200,43992]
[1102,1000067793,10,"물품구매(김*효,천*민,홍*연)전*만",2045600739,"욕창예방매트리스",10,"Z20130015","욕창예방매트리스교대부양형-Md300(800x1800x100mm) (의지재","Z01",456,null,43976,"최종승인",6160,"전영만",43978,301766,"은혜메디칼","2020-05-25","2020-06-01",3,"EA",380000,1,1140000,3,1140000,43979,"결제",43980,0,null,1140000,43979,1140000,43979,"상신","결재완료",1140000,44012,1140000,44012]
[1102,1000067852,50,"물품구매(실리콘라이너-김*성)",2045600743,"의지하지 실리콘싹스 등 5종",50,"Z20010373","의지상지-반자동의수(독일산) (의지재료) (의지재료)","Z01",456,null,43978,"최종승인",9144,"정창희",43979,305386,"(주) 오토복코리아헬스케어","2020-05-27","2020-06-03",1,"EA",363000,1,363000,1,363000,43979,"결제",43980,0,null,363000,43979,363000,43979,"상신","결재완료",363000,44012,363000,44012]
[1102,1000067823,30,"물품구매-의지상지/임*은",2045600734,"의지상지 미관형의수 등 3종",30,"Z20130024","욕창예방방석공기격자형-커트로 (의지재료) (의지재료)","Z01",456,null,43977,"최종승인",9620,"임성은",43978,305386,"(주) 오토복코리아헬스케어","2020-05-26","2020-06-02",1,"EA",370000,1,370000,1,370000,43978,"결제",43979,0,null,370000,43978,370000,43978,"상신","결재완료",370000,44012,370000,44012]
[1102,1000067698,10,"물품구매-휠체어(김*종)",2045600690,"일반형휠체어",10,"Z20120676","일반형휠체어-이클립스X2(휠로피아)","Z01",456,null,43972,"최종승인",6154,"김순종",43972,301700,"(주)휠로피아","2020-05-21","2020-05-28",1,"EA",440000,1,440000,1,440000,43977,"결제",43979,0,null,440000,43977,440000,43977,"상신","결재완료",440000,44012,440000,44012]
[1102,1000067760,20,"물품구매(아세톤)",2045600728,"소모품 아세톤 등 2종",20,"Z20010335","소모품-P.P(15x40x40) (의지재료) (의지재료)","Z01",456,null,43976,"최종승인",9144,"정창희",43977,301148,"신성메디칼","2020-05-25","2020-06-01",5,"EA",25500,1,127500,5,127500,43977,"결제",43980,0,null,127500,43977,127500,43977,"상신","결재완료",127500,44012,127500,44012]
[1102,1000067833,20,"물품구매-상지(김*종)",2045600735,"보조기하지 등 2종",20,"Z20010611","보조기하지-CEPA (의지재료) (의지재료)","Z01",456,null,43978,"최종승인",6154,"김순종",43978,301263,"성림교역","2020-05-21","2020-06-03",4,"EA",80000,1,320000,4,320000,43977,"결제",43980,0,null,320000,43977,320000,43977,"상신","결재완료",320000,44012,320000,44012]
[1102,1000067750,70,"물품구매(의지재료/천*민)",2045600708,"소모품 pp 등 9종",70,"Z20011068","소모품-롱로즈","Z01",456,null,43973,"최종승인",27784,"천성민",43976,301148,"신성메디칼","2020-05-22","2020-05-29",1,"EA",35000,1,35000,1,35000,43976,"결제",43977,0,null,35000,43976,35000,43976,"상신","결재완료",35000,44012,35000,44012]
[1102,1000067647,70,"물품구매(배*국,문*대)전*만",2045600719,"휠체어전동형 등 8종",60,"Z20120561","타이어-24\"마라톤점검 (퓔로피아) (의지재료) (의지재료)","Z01",456,null,43970,"최종승인",6160,"전영만",43976,301700,"(주)휠로피아","2020-05-19","2020-05-26",2,"EA",32000,1,64000,2,64000,43973,"결제",43979,0,null,64000,43973,64000,43973,"상신","결재완료",64000,44012,64000,44012]
[1102,1000067687,10,"물품구매(매트-김*호)",2045600678,"욕창예방매트리스",10,"Z20130015","욕창예방매트리스교대부양형-Md300(800x1800x100mm) (의지재","Z01",456,null,43971,"최종승인",9144,"정창희",43972,301766,"은혜메디칼","2020-05-20","2020-05-27",2,"EA",380000,1,760000,2,760000,43972,"결제",43978,0,null,760000,43972,760000,43972,"상신","결재완료",760000,44012,760000,44012]
[1102,1000067643,30,"물품구매(의지재료/천*민)",2045600674,"의지하지 대퇴무릎장식 등 7종",30,"Z20010532","의지하지-실리콘싹스컴포트하퇴용(외산) (의지재료) (의지재료)","Z01",456,null,43970,"최종승인",27784,"천성민",43971,301434,"오서코리아주식회사","2020-05-19","2020-05-26",3,"EA",335000,1,1005000,3,1005000,43971,"결제",43973,0,null,1005000,43971,1005000,43971,"상신","결재완료",1005000,44012,1005000,44012]
[1102,1000067556,10,"물품구매 의지하지/창원센터",2045600661,"의지하지 발트리아스",10,"Z20010581","의지하지-발트리아스(독일산) (의지재료) (의지재료)","Z01",456,null,43966,"최종승인",8445,"차민국",43969,305386,"(주) 오토복코리아헬스케어","2020-05-15","2020-05-22",2,"EA",730000,1,1460000,2,1460000,43970,"결제",43971,0,null,1460000,43970,1460000,43970,"상신","결재완료",1460000,44012,1460000,44012]
[1102,1000067074,10,"물품구매(이승로봇 인체더미 지그)",2045600533,"돌봄로봇평가/이송로봇 인체더미 지그",10,"Z20050814","돌봄로봇평가(연구재료)","Z01",456,null,43966,"최종승인",27377,"정성배",43941,303269,"에스씨엠테크놀러지","2020-04-17","2020-05-22",1,"EA",1815000,1,1815000,1,1815000,43966,"결제",43970,0,null,1815000,43966,1815000,43966,"상신","결재완료",0,null,1815000,43976]
[1102,1000067472,30,"물품구매(의지하지-고*홍,김*민/김*선)",2045600645,"의지하지 발어서 등 3종",30,"Z20010546","의지하지-실리콘싹스X5씰린대퇴용(미국산) (의지재료) (의지재료)","Z01",456,null,43963,"최종승인",6675,"김훈선",43965,301434,"오서코리아주식회사","2020-05-12","2020-05-19",1,"EA",600000,1,600000,1,600000,43966,"결제",43985,0,null,600000,43966,600000,43966,"상신","결재완료",600000,44012,600000,44012]
[1102,1300012047,10,"20년5월 소방점검(중앙소방이앤지)",2045800023,"5월 소방점검",10,null,"20년5월 소방점검","Z04",458,null,43955,"최종승인",6176,"김상수",43957,302183,"(주) 중앙소방이앤지","2020-05-01","2020-05-31",1,"개",190000,1,190000,1,190000,43965,"결제",43973,0,null,190000,43965,190000,43965,"상신","결재완료",190000,43976,190000,43976]
[1102,1000067459,20,"물품구매(서*원-황*인-박*기/유*선)",2045600635,"활동형휠체어 등 2종",20,"Z20120674","전동형휠체어- 나래200,210 (썬메디테크)","Z01",456,null,43962,"최종승인",26283,"유재선",43963,325322,"썬메디테크","2020-05-11","2020-05-18",1,"EA",1900000,1,1900000,1,1900000,43964,"결제",43965,0,null,1900000,43964,1900000,43964,"상신","결재완료",1900000,44012,1900000,44012]
[1102,1000067304,10,"물품구매(이동기기 주행 내구 시험기 센서)",2045600605,"돌봄로봇평가/이동기기 주행 내구 시험기 센서",10,"Z20050814","돌봄로봇평가(연구재료)","Z01",456,null,43957,"최종승인",27377,"정성배",43957,303269,"에스씨엠테크놀러지","2020-05-04","2020-05-13",1,"EA",330000,1,330000,1,330000,43963,"결제",43963,0,null,330000,43963,330000,43963,"상신","결재완료",0,null,330000,43976]
[1102,1000067427,30,"물품구매 의지상지 배*옥 /창원센터",2045600616,"의지상지 상박주관절장식키드 등 3종",30,"Z20010714","소모품-국산양말(Thin,H-35cm) (의지재료)","Z01",456,null,43959,"최종승인",6166,"김현종",43962,301263,"성림교역","2020-05-08","2020-05-15",60,"EA",3500,1,210000,60,210000,43963,"결제",43970,0,null,210000,43963,210000,43963,"상신","결재완료",210000,44012,210000,44012]
[1102,1500032575,20,"신임 소장님 명패 등",2045600630,"신임 소장님 명패 등 4종",20,null,"현수막","Z06",456,null,43962,"최종승인",4752,"이은아",43963,303142,"이삭광고","2020-05-11","2020-05-15",1,"EA",90000,1,90000,1,90000,43962,"결제",43964,0,null,90000,43962,90000,43962,"상신","결재완료",90000,43976,90000,43976]
[1102,1000067269,20,"물품구매(NP-400(호환배터리+LCD1구충전기 등 8건)/세금계산서)",2045600603,"골유착임플란트/np 400 등 8종",20,"Z20050686","골유착임플란트(연구재료)","Z01",456,null,43966,"최종승인",27962,"김승기",43950,320291,"에스제이전자","2020-04-28","2020-05-22",3,"EA",17600,1,52800,3,52800,43957,"결제",43958,0,null,52800,43957,52800,43957,"상신","결재완료",0,null,52800,43962]
[1102,1500032388,80,"전기실 모터냉각팬외12종(2/4분기)",2045600609,"모터 냉각fan 등 13종",80,null,"절연저항측정기1000V","Z06",456,null,43948,"최종승인",28101,"김형국",43958,300045,"모아이엔티","2020-04-27","2020-05-08",1,"개",30000,1,30000,1,30000,43957,"결제",43962,0,null,30000,43957,30000,43957,"상신","결재완료",30000,43976,30000,43976]
[1102,1000067183,60,"물품구매(지팡이 등 8종)",2045600574,"시험상용화/지팡이 등 8종",60,"Z20050897","지팡이-아이온(SS)(시험검사)","Z01",456,null,43950,"최종승인",27377,"정성배",43945,325713,"엔티바이오","2020-04-23","2020-05-06",3,"EA",133200,3,133200,3,133200,43950,"결제",43950,0,null,133200,43950,133200,43950,"상신","결재완료",133200,43962,133200,43962]
[1102,1000067186,160,"물품구매(요실금팬티 등 36종)",2045600573,"요실금팬티 등 36종",160,"Z20050871"," 미끄럼방지용품-삼원스카이(SKM-500)(시험검사)","Z01",456,null,43950,"최종승인",27377,"정성배",43945,325713,"엔티바이오","2020-04-23","2020-05-06",5,"EA",159091,5,159091,5,159091,43950,"결제",43957,0,null,159091,43950,159091,43950,"상신","결재완료",159091,43962,159091,43962]
[1102,1000067186,330,"물품구매(요실금팬티 등 36종)",2045600573,"요실금팬티 등 36종",330,"Z20050888","안전손잡이-유광정밀(YGA001)(시험검사)","Z01",456,null,43950,"최종승인",27377,"정성배",43945,325713,"엔티바이오","2020-04-23","2020-05-06",2,"EA",35455,2,35455,2,35455,43950,"결제",43957,0,null,35455,43950,35455,43950,"상신","결재완료",35455,43962,35455,43962]
[1102,1000067190,20,"물품구매(의지재료/천*민)",2045600587,"소모품 필라이트 등 7종",20,"Z20010318","소모품-필라이트(외산5mm) (의지재료) (의지재료)","Z01",456,null,43948,"최종승인",27784,"천성민",43948,305386,"(주) 오토복코리아헬스케어","2020-04-24","2020-05-04",5,"EA",79000,1,395000,5,395000,43949,"결제",43950,0,null,395000,43949,395000,43949,"상신","결재완료",395000,43980,395000,43980]
[1102,1000067246,20,"물품구매(방석-오*복)",2045600594,"욕창예방방석 등 2종",20,"Z20120191","휠체어수리-브레이크스타트 (의지재료) (의지재료)","Z01",456,null,43948,"최종승인",9144,"정창희",43949,305386,"(주) 오토복코리아헬스케어","2020-04-27","2020-05-04",1,"EA",15000,1,15000,1,15000,43949,"결제",43957,0,null,15000,43949,15000,43949,"상신","결재완료",15000,43980,15000,43980]
[1102,1000066997,10,"물품구매(motor bushing-r2 등 7건/세금계산서)",2045600524,"스마트소켓/motor bushing r2 등 7종",10,"Z20050607","스마트소켓(연구재료) (연구재료)","Z01",456,null,43951,"최종승인",26891,"박진국",43941,324705,"주식회사 신성텍","2020-04-13","2020-05-08",3,"EA",77000,1,231000,3,231000,43945,"결제",43957,0,null,231000,43945,231000,43945,"상신","결재완료",0,null,231000,43962]
[1102,1000067128,10,"물품구매(욕창예방매트리스)",2045600554,"욕창예방매트리스 등 2종",10,"Z20130001","욕창예방매트리스공기격자형-국산(870x1970x65mm) (의지재료) (","Z01",456,null,43942,"최종승인",28716,"손민지",43943,323411,"주식회사씰테크 용인지점","2020-04-21","2020-04-28",2,"EA",1300000,1,2600000,2,2600000,43945,"결제",43950,0,null,2600000,43945,2600000,43945,"상신","결재완료",2600000,43980,2600000,43980]
[1102,1000067181,10,"물품구매-의지상지/임*은",2045600569,"의지상지 미관형의수",10,"Z20010368","의지상지-미관형의수실리콘리갈(외산) (의지재료) (의지재료)","Z01",456,null,43944,"최종승인",9620,"임성은",43945,301263,"성림교역","2020-04-23","2020-04-30",5,"EA",230000,1,1150000,5,1150000,43945,"결제",43949,0,null,1150000,43945,1150000,43945,"상신","결재완료",1150000,43980,1150000,43980]
[1102,1000067086,20,"물품구매(SPRING 등 2건/세금계산서)",2045600537,"헬스케어/spring 등 2종",20,"Z20050765","헬스케어(연구재료)","Z01",456,null,43943,"최종승인",27685,"황석진",43942,304132,"조영승 (상윤산업)","2020-04-17","2020-04-29",100,"EA",880,1,88000,100,88000,43944,"결제",43949,0,null,88000,43944,88000,43944,"상신","결재완료",0,null,88000,43962]
[1102,1000067166,10,"물품구매(PVC글러브외)",2045600566,"시험상용화/pvc글러브 등 5종",10,"Z20050117","미관형 의수-PVC (연구재료) (연구재료)","Z01",456,null,43944,"최종승인",27783,"이미경",43945,305386,"(주) 오토복코리아헬스케어","2020-04-20","2020-04-27",2,"EA",162000,1,324000,2,324000,43943,"결제",43950,0,null,324000,43943,324000,43943,"상신","결재완료",324000,43962,324000,43962]
[1102,1000067038,10,"물품구매(패럴린 코팅)",2045600531,"직무지원/패럴린 코팅",10,"Z20050113","직무지원 연구재료 (연구재료) (연구재료)","Z01",456,null,43937,"최종승인",27783,"이미경",43941,323203,"코스텍","2020-04-16","2020-04-23",2,"EA",50000,1,100000,2,100000,43942,"결제",43943,0,null,100000,43942,100000,43942,"상신","결재완료",100000,43945,100000,43945]
[1102,1000067095,10,"물품구매(매트-손*순)",2045600543,"욕창예방매트리스",10,"Z20130015","욕창예방매트리스교대부양형-Md300(800x1800x100mm) (의지재","Z01",456,null,43941,"최종승인",9144,"정창희",43942,301766,"은혜메디칼","2020-04-20","2020-04-27",1,"EA",380000,1,380000,1,380000,43942,"결제",43957,0,null,380000,43942,380000,43942,"상신","결재완료",380000,43980,380000,43980]
[1102,1000067064,80,"물품구매(의지재료/천*민)",2045600517,"소모품 석고소석고 등 9종",80,"Z20010124","소모품-루핑못(3.2mm) (의지재료) (의지재료)","Z01",456,null,43938,"최종승인",27784,"천성민",43941,301148,"신성메디칼","2020-04-17","2020-04-24",1,"EA",30000,1,30000,1,30000,43941,"결제",43943,0,null,30000,43941,30000,43941,"상신","결재완료",30000,43980,30000,43980]
[1102,1000067035,30,"물품구매(하지의지-최*열)/손*호",2045600511,"의지하지 밸런즈풋 등 4종",30,"Z20010652","의지하지-플렉스풋 EVO 카바 (오서) (의지재료) (의지재료)","Z01",456,null,43937,"최종승인",6167,"손진호",43937,301434,"오서코리아주식회사","2020-04-16","2020-04-23",1,"EA",220000,1,220000,1,220000,43938,"결제",43942,0,null,220000,43938,220000,43938,"상신","결재완료",220000,43980,220000,43980]
[1102,1000066916,10,"물품구매(웨이브형 슬리브 시작업)",2045600495,"직무지원/웨이브형 슬리브 시작업",10,"Z20050113","직무지원 연구재료 (연구재료) (연구재료)","Z01",456,null,43930,"최종승인",6144,"송점식",43934,323203,"코스텍","2020-04-09","2020-04-16",3,"EA",270000,1,810000,3,810000,43935,"결제",null,0,null,810000,43935,810000,43935,"상신","결재완료",810000,43945,810000,43945]
[1102,1000066940,50,"기타",2045600500,"휠체어수리 등 9종",50,"Z20120342","휠체어수리-타이어일반형휠로피아(24in) (의지재료) (의지재료)","Z01",456,null,43931,"최종승인",26283,"유재선",43934,301700,"(주)휠로피아","2020-04-10","2020-04-17",10,"EA",6600,1,66000,10,66000,43935,"결제",43941,0,null,66000,43935,66000,43935,"상신","결재완료",66000,43980,66000,43980]
[1102,1300011868,10,"20년04월소방점검(중앙소방이앤지)",2045800015,"4월 소방점검",10,null,"20년04월소방점검","Z04",458,null,43923,"최종승인",6176,"김상수",43928,302183,"(주) 중앙소방이앤지","2020-04-01","2020-04-30",1,"개",190000,1,190000,1,190000,43935,"결제",43949,0,null,190000,43935,190000,43935,"상신","결재완료",190000,43962,190000,43962]
[1102,1000066815,10,"물품구매(이너핸드, 속커버 외 1건)",2045600471,"시험상용화/이너핸드 속커버 등 2종",10,"Z20050550","상지-근전전동의수 내피/오토복(연구재료) (연구재료)","Z01",456,null,43938,"최종승인",27961,"홍범기",43928,305386,"(주) 오토복코리아헬스케어","2020-04-03","2020-04-24",4,"EA",124000,1,496000,4,496000,43934,"결제",null,0,null,496000,43934,496000,43934,"상신","결재완료",496000,43945,496000,43945]
[1102,1000066769,10,"물품구매(그래프패드 프리즘/세금계산서)",2045600470,"스마트소켓/graphpad prism",10,"Z20050607","스마트소켓(연구재료) (연구재료)","Z01",456,null,43944,"최종승인",8220,"신현준",43928,327162,"주식회사 글래드소프트","2020-04-01","2020-04-30",2,"EA",286000,1,572000,2,572000,43930,"결제",null,0,null,572000,43930,572000,43930,"상신","결재완료",0,null,572000,43945]
[1102,1000066905,10,"물품구매(딥타입홀센서 등 2건/ 법인카드)",2045600496,"휠체어트래커/딥타입홀센서 등 2종",10,"Z20050738","휠체어트래커(연구재료)","Z01",456,null,43944,"최종승인",11512,"남기태",43934,516501005,"휠체어트래커-1005","2020-04-09","2020-04-30",20,"EA",770,1,15400,20,15400,43930,"결제",null,0,null,15400,43930,15400,43930,"상신","결재완료",0,null,15400,43948]
[1102,1000066652,50,"물품구매(파나소닉 Eneloop 에네루프,급속충전기 등 8건/세금계산서)",2045600432,"골유착임플란트/파나소닉 에네루프 급속충전기 등 8종",50,"Z20050686","골유착임플란트(연구재료)","Z01",456,null,43923,"최종승인",27962,"김승기",43916,320291,"에스제이전자","2020-03-26","2020-04-09",1,"EA",102300,1,102300,1,102300,43927,"결제",null,0,null,102300,43927,102300,43927,"상신","결재완료",0,null,102300,43931]
[1102,1000066587,10,"물품구매(로봇 정렬 시스템 전원 및 신호선 관리부품 17종/세금계산서)",2045600433,"외골격로봇/로봇 정렬 시스템 전원 및 신호선 관리부품 17종",10,"Z20050807","외골격로봇(연구재료)","Z01",456,null,43921,"최종승인",27685,"황석진",43917,320291,"에스제이전자","2020-03-24","2020-04-07",1,"EA",861190,1,861190,1,861190,43921,"결제",null,0,null,861190,43921,861190,43921,"상신","결재완료",0,null,861190,43931]
[1102,1000066416,60,"물품구매(하퇴 고정부 A-P [상단] 연결 파트 등 6건/세금계산서)",2045600374,"외골격로봇/하퇴 고정부 등 6종",60,"Z20050807","외골격로봇(연구재료)","Z01",456,null,43944,"최종승인",26892,"권칠용",43908,302038,"이룩스","2020-03-17","2020-03-24",6,"EA",35200,1,211200,6,211200,43920,"결제",null,0,null,211200,43920,211200,43920,"상신","결재완료",0,null,211200,43931]
[1102,1000066656,10,"물품구매(방석-이*걸)",2045600435,"욕창예방방석 등 11종",10,"Z20130024","욕창예방방석공기격자형-커트로 (의지재료) (의지재료)","Z01",456,null,43916,"최종승인",9144,"정창희",43917,305386,"(주) 오토복코리아헬스케어","2020-03-26","2020-04-02",3,"EA",370000,1,1110000,3,1110000,43917,"결제",null,0,null,1110000,43917,1110000,43917,"상신","결재완료",1110000,43950,1110000,43950]
[1102,1000066663,40,"물품구매(미관형의수-추*호)",2045600443,"의지상지 미관형의수 등 5종",40,"Z20010526","의지하지-실리콘싹스이지락킹(미국산) (의지재료) (의지재료)","Z01",456,null,43917,"최종승인",9144,"정창희",43921,301263,"성림교역","2020-03-26","2020-04-03",2,"EA",330000,1,660000,2,660000,43917,"결제",null,0,null,660000,43917,660000,43917,"상신","결재완료",660000,43950,660000,43950]
[1102,1000066621,30,"물품구매(홍*철,의지재료)전*만",2045600431,"의지하지 폼카바대퇴용 등 3종",30,"Z20010397","의지상지-작업의수후크알미늄호스머(미국산) (의지재료) (의지재료)","Z01",456,null,43915,"최종승인",6160,"전영만",43916,301263,"성림교역","2020-03-25","2020-04-01",2,"EA",520000,1,1040000,2,1040000,43916,"결제",null,0,null,1040000,43916,1040000,43916,"상신","결재완료",1040000,43950,1040000,43950]
[1102,1000065968,20,"물품구매(pcb 전면 케이스 등 9건/세금계산서)",2045600297,"스마트소켓/pcb 전면 케이스 등 9종",20,"Z20050607","스마트소켓(연구재료) (연구재료)","Z01",456,null,43914,"최종승인",26892,"권칠용",43893,302038,"이룩스","2020-02-25","2020-03-31",10,"EA",115500,1,1155000,10,1155000,43915,"결제",null,0,null,1155000,43915,1155000,43915,"상신","결재완료",0,null,1155000,43931]
[1102,1000066025,10,"물품구매(K-Leg 유압노즐용 모터기어세트/세금계산서)",2045600301,"직무지원/k leg 유압노즐용 모터 기어세트",10,"Z20050113","직무지원 연구재료 (연구재료) (연구재료)","Z01",456,null,43944,"최종승인",8220,"신현준",43893,305366,"(주) 맥슨모터코리아","2020-02-27","2020-04-30",10,"EA",253000,1,2530000,10,2530000,43915,"결제",null,0,null,2530000,43915,2530000,43915,"상신","결재완료",2530000,43931,2530000,43931]
[1102,1000066589,100,"물품구매(하지의지-김*현)/ 손*호",2045600413,"슬관절무릎 등 10종",100,"Z20011209","의지하지-발탈레오(Taleo-1C50)(독일)","Z01",456,null,43914,"최종승인",6167,"손진호",43914,305386,"(주) 오토복코리아헬스케어","2020-03-24","2020-03-31",1,"EA",2100000,1,2100000,1,2100000,43915,"결제",null,0,null,2100000,43915,2100000,43915,"상신","결재완료",2100000,43950,2100000,43950]
[1102,1000066554,10,"기타",2045600401,"휠체어수리 등 2종",10,"Z20120172","휠체어수리-배터리휠로피아(12V50AH) (의지재료) (의지재료)","Z01",456,null,43910,"최종승인",26283,"유재선",43913,301700,"(주)휠로피아","2020-03-20","2020-03-27",4,"EA",95000,1,380000,4,380000,43914,"결제",null,0,null,380000,43914,380000,43914,"상신","결재완료",380000,43950,380000,43950]
[1102,1000066525,30,"물품구매(의지하지-원*윤 외 양*호)",2045600385,"의지하지 컴포트웨이브 등 3종",30,"Z20010722","의지하지-더모웨이브락킹(오서) (의지재료)","Z01",456,null,43910,"최종승인",27264,"양철호",43910,301434,"오서코리아주식회사","2020-03-20","2020-03-27",1,"EA",398000,1,398000,1,398000,43913,"결제",null,0,null,398000,43913,398000,43913,"상신","결재완료",398000,43950,398000,43950]
[1102,1000066546,40,"물품구매(상지의지-황*철등 5명/천*민)",2045600395,"의지상지 미관형의수 등 4종",40,"Z20011201","하지의지-이클립스 1겹 슬리브(성림)","Z01",456,null,43910,"최종승인",27784,"천성민",43913,301263,"성림교역","2020-03-20","2020-03-27",2,"EA",69000,1,138000,2,138000,43913,"결제",null,0,null,138000,43913,138000,43913,"상신","결재완료",138000,43950,138000,43950]
[1102,1000066492,20,"물품구매(의지하지-김*한,최*오/김*선)",2045600380,"의지하지 발 트리톤 등 3종",20,"Z20011199","의지하지-스텐 피라미드 3프롱 회전 어댑터","Z01",456,null,43908,"최종승인",6675,"김훈선",43909,305386,"(주) 오토복코리아헬스케어","2020-03-18","2020-03-25",2,"EA",150000,1,300000,2,300000,43910,"결제",null,0,null,300000,43910,300000,43910,"상신","결재완료",300000,43950,300000,43950]
[1102,1000066336,90,"물품구매 (Rotary Cylinder 등 10건/ 세금계산서)",2045600346,"스마트소켓/rotary cylinder 등 10종",90,"Z20050607","스마트소켓(연구재료) (연구재료)","Z01",456,null,43902,"최종승인",28673,"전경진",43903,324705,"주식회사 신성텍","2020-03-10","2020-03-19",1,"EA",36300,1,36300,1,36300,43908,"결제",null,0,null,36300,43908,36300,43908,"상신","결재완료",0,null,36300,43915]
[1102,1000066391,70,"물품구매-휠체어수리/임*은",2045600356,"휠체어꺽기형 등 9종",70,"Z20120435","휠체어수리-핸드림플라스틱미키(22,24in) (의지재료) (의지재료)","Z01",456,null,43903,"최종승인",9620,"임성은",43906,309507,"미키코리아(주)","2020-03-13","2020-03-20",2,"EA",15000,1,30000,2,30000,43907,"결제",null,0,null,30000,43907,30000,43907,"상신","결재완료",30000,43950,30000,43950]
[1102,1000066395,10,"물품구매(하지의지-김*남,정*오/천*민)",2045600360,"의지하지 컴포트웨이브",10,"Z20010723","의지하지-컴포트웨이브(오서) (의지재료)","Z01",456,null,43903,"최종승인",27784,"천성민",43906,301434,"오서코리아주식회사","2020-03-13","2020-03-20",2,"EA",335000,1,670000,2,670000,43906,"결제",null,0,null,670000,43906,670000,43906,"상신","결재완료",670000,43950,670000,43950]
[1102,1000066314,40,"물품구매(가공재료)",2045600340,"직무지원/AL6061 등 7종",40,"Z20050113","직무지원 연구재료 (연구재료) (연구재료)","Z01",456,null,43900,"최종승인",6147,"김도완",43902,300799,"(주) 동양기재상사","2020-03-10","2020-03-17",4,"EA",5000,1,20000,4,20000,43902,"결제",null,0,null,20000,43902,20000,43902,"상신","결재완료",20000,43915,20000,43915]
[1102,1500031698,60,"물품구매(토너 등 8건/세금계산서)",2045600361,"스마트소켓/토너 등 8종",60,null,"스마트소켓(연구재료) (연구재료)","Z06",456,null,43921,"최종승인",11511,"이희태",43906,323112,"(주) 드림디포구월점","2020-03-10","2020-04-07",4,"EA",80000,4,80000,4,80000,43902,"결제",null,0,null,80000,43902,80000,43902,"상신","결재완료",0,null,80000,43915]
[1102,1000066309,20,"물품구매-의지상지/김*란/조*용/임*은",2045600334,"의지상지 미관형의수 등 4종",20,"Z20010017","보조기상지-케이슬링 (의지재료) (의지재료)","Z01",456,null,43899,"최종승인",9620,"임성은",43900,301263,"성림교역","2020-03-09","2020-03-16",3,"EA",25000,1,75000,3,75000,43901,"결제",null,0,null,75000,43901,75000,43901,"상신","결재완료",75000,43950,75000,43950]
[1102,1000065910,10,"물품구매(CARBON_TEMPERATURE_CONTROL/세금계산)",2045600266,"스마트소켓/carbon tempera ture control",10,"Z20050607","스마트소켓(연구재료) (연구재료)","Z01",456,null,43899,"최종승인",27962,"김승기",43886,303359,"주식회사 디엘테크","2020-02-24","2020-03-16",10,"EA",209000,1,2090000,10,2090000,43899,"결제",null,0,null,2090000,43899,2090000,43899,"상신","결재완료",0,null,2090000,43915]
[1102,1000066211,10,"물품구매(하지의지-김*철 외 /양*호)",2045600309,"의지하지 실리콘싹스 등 5종",10,"Z20010546","의지하지-실리콘싹스X5씰린대퇴용(미국산) (의지재료) (의지재료)","Z01",456,null,43894,"최종승인",27264,"양철호",43895,301434,"오서코리아주식회사","2020-03-04","2020-03-11",1,"EA",600000,1,600000,1,600000,43896,"결제",null,0,null,600000,43896,600000,43896,"상신","결재완료",600000,43950,600000,43950]
[1102,1000065825,10,"물품구매요구(아이림 스킨 액티브 커버 등 2건/세금계산서)",2045600246,"골유착임플란트/아이림 스킨 액티브 커버 등 2종",10,"Z20050686","골유착임플란트(연구재료)","Z01",456,null,43903,"최종승인",11510,"정성윤",43882,301434,"오서코리아주식회사","2020-02-20","2020-03-20",4,"EA",99000,1,396000,4,396000,43895,"결제",null,0,null,396000,43895,396000,43895,"상신","결재완료",0,null,396000,43915]
[1102,1000065757,70,"물품구매 (Rotary Cylinder 등 10건/ 세금계산서)",2045600229,"스마트소켓/rotary cylinder 등 10종",70,"Z20050607","스마트소켓(연구재료) (연구재료)","Z01",456,null,43901,"최종승인",28673,"전경진",43882,324705,"주식회사 신성텍","2020-02-18","2020-03-18",1,"EA",68200,1,68200,1,68200,43893,"결제",null,0,null,68200,43893,68200,43893,"상신","결재완료",0,null,68200,43900]
[1102,1000066072,10,"물품구매(가공재료)",2045600292,"직무지원/al6061",10,"Z20050113","직무지원 연구재료 (연구재료) (연구재료)","Z01",456,null,43889,"최종승인",6147,"김도완",43892,300799,"(주) 동양기재상사","2020-02-28","2020-03-06",4,"EA",3100,1,12400,4,12400,43892,"결제",null,0,null,12400,43892,12400,43892,"상신","결재완료",12400,43900,12400,43900]
[1102,1000065901,20,"물품구매(휠체어-김*동/김*종)",2045600263,"일반형휠체어 등 4종",20,"Z20130042","욕창예방방석공기격자형-STARLOCK(스타락) (의지재료)","Z01",456,null,43885,"최종승인",6154,"김순종",43885,301700,"(주)휠로피아","2020-02-24","2020-03-02",1,"EA",400000,1,400000,1,400000,43888,"결제",null,0,null,400000,43888,400000,43888,"상신","결재완료",400000,43921,400000,43921]
[1102,1000065922,130,"물품구매(칩세라믹 1608 사이즈 108종 키트 등 15건/세금계산서)",2045600267,"스마트소켓/칩세락믹 등 15종",130,"Z20050607","스마트소켓(연구재료) (연구재료)","Z01",456,null,43892,"최종승인",27962,"김승기",43886,312883,"(주) 엔티렉스","2020-02-24","2020-03-09",1,"EA",264000,1,264000,1,264000,43888,"결제",null,0,null,264000,43888,264000,43888,"상신","결재완료",0,null,264000,43900]
[1102,1000065983,10,"물품구매(클램프-고*국)",2045600282,"의지하지 슬라이딩 클램프",10,"Z20010721","의지하지-슬라이딩 클램프(티탄) (의지재료)","Z01",456,null,43887,"최종승인",9144,"정창희",43888,305386,"(주) 오토복코리아헬스케어","2020-02-26","2020-03-04",2,"EA",162000,1,324000,2,324000,43888,"결제",null,0,null,324000,43888,324000,43888,"상신","결재완료",324000,43921,324000,43921]
[1102,1000065966,20,"물품구매(실리콘라이너-김*환)",2045600281,"의지하지 실리콘싹스 등 5종",20,"Z20010422","의지하지-단축발발목장식알루미늄포함셋트(독일산) (의지재료) (의지재료)","Z01",456,null,43887,"최종승인",9144,"정창희",43887,305386,"(주) 오토복코리아헬스케어","2020-02-25","2020-03-04",1,"EA",176000,1,176000,1,176000,43887,"결제",null,0,null,176000,43887,176000,43887,"상신","결재완료",176000,43921,176000,43921]
[1102,1000065839,30,"물품구매(의지하지-장*순 외 조*정)",2045600238,"의지하지 실리콘싹스 등 9종",30,"Z20010723","의지하지-컴포트웨이브(오서) (의지재료)","Z01",456,null,43881,"최종승인",11764,"조혜정",43882,301434,"오서코리아주식회사","2020-02-14","2020-02-27",2,"EA",335000,1,670000,2,670000,43886,"결제",null,0,null,670000,43886,670000,43886,"상신","결재완료",670000,43921,670000,43921]
[1102,1000065877,10,"물품구매-휠체어수리/임*은",2045600269,"휠체어수리 브레이크",10,"Z20120200","휠체어수리-브레이크토글휠로피아(대만산) (의지재료) (의지재료)","Z01",456,null,43882,"최종승인",9620,"임성은",43886,301700,"(주)휠로피아","2020-02-21","2020-02-28",18,"EA",25000,1,450000,18,450000,43886,"결제",null,0,null,450000,43886,450000,43886,"상신","결재완료",450000,43921,450000,43921]
[1102,1000065955,10,"물품구매(보조기-강*현외/양*호)",2045600271,"보조기상지 보바스슬링 등 7종",10,"Z20010011","보조기상지-보바스슬링 (의지재료) (의지재료)","Z01",456,null,43886,"최종승인",27264,"양철호",43887,322758,"오르텍주식회사","2020-02-21","2020-02-28",1,"EA",22000,1,22000,1,22000,43886,"결제",null,0,null,22000,43886,22000,43886,"상신","결재완료",22000,43921,22000,43921]
[1102,1000065981,90,"물품구매(기타재료)",2045600280,"가스토치 등 48종",90,"Z20010136","소모품-면장갑(작업용) (의지재료) (의지재료)","Z01",456,null,43887,"최종승인",11764,"조혜정",43887,301148,"신성메디칼","2020-02-20","2020-02-28",20,"EA",2000,1,40000,20,40000,43886,"결제",null,0,null,40000,43886,40000,43886,"상신","결재완료",40000,43921,40000,43921]
[1102,1000065981,270,"물품구매(기타재료)",2045600280,"가스토치 등 48종",260,"Z20010151","소모품-복수지(30x30) (의지재료) (의지재료)","Z01",456,null,43887,"최종승인",11764,"조혜정",43887,301148,"신성메디칼","2020-02-20","2020-02-28",50,"EA",6000,1,300000,50,300000,43886,"결제",null,0,null,300000,43886,300000,43886,"상신","결재완료",300000,43921,300000,43921]
[1102,1000065981,440,"물품구매(기타재료)",2045600280,"가스토치 등 48종",430,"Z20010338","소모품-P.P(5x120x240) (의지재료) (의지재료)","Z01",456,null,43887,"최종승인",11764,"조혜정",43887,301148,"신성메디칼","2020-02-20","2020-02-28",3,"EA",95000,1,285000,3,285000,43886,"결제",null,0,null,285000,43886,285000,43886,"상신","결재완료",285000,43921,285000,43921]
[1102,1000065842,20,"물품구매(하지의지-최*호,김*환/천*민)",2045600243,"의지하지 실리콘싹스 등 2종",20,"Z20010530","의지하지-실리콘싹스컴포트대퇴용(외산) (의지재료) (의지재료)","Z01",456,null,43882,"최종승인",27784,"천성민",43882,301434,"오서코리아주식회사","2020-02-21","2020-02-28",1,"EA",500000,1,500000,1,500000,43885,"결제",null,0,null,500000,43885,500000,43885,"상신","결재완료",500000,43921,500000,43921]
[1102,1500031369,100,"사무용품구매",2045600254,"사무용품 16종",100,null,"캐릭터슬림볼펜","Z06",456,null,43882,"최종승인",11764,"조혜정",43885,303191,"인성","2020-02-21","2020-02-25",1,"EA",4090,1,4090,1,4090,43885,"결제",null,0,null,4090,43885,4090,43885,"상신","결재완료",4090,43900,4090,43900]
[1102,1000065841,20,"물품구매(부싱 등 3건/ 세금계산서)",2045600255,"스마트소켓/부싱 등 3종",20,"Z20050607","스마트소켓(연구재료) (연구재료)","Z01",456,null,43888,"최종승인",28673,"전경진",43885,303459,"한국이구스 주식회사","2020-02-20","2020-03-05",50,"EA",561,1,28050,50,28050,43882,"결제",null,0,null,28050,43882,28050,43882,"상신","결재완료",0,null,28050,43900]
[1102,1000065722,10,"물품구매(의지상지-최*오/김*선)",2045600219,"의지상지 미관형의수",10,"Z20010368","의지상지-미관형의수실리콘리갈(외산) (의지재료) (의지재료)","Z01",456,null,43879,"최종승인",6675,"김훈선",43879,301263,"성림교역","2020-02-18","2020-02-25",1,"EA",230000,1,230000,1,230000,43881,"결제",null,0,null,230000,43880,230000,43880,"상신","결재완료",230000,43921,230000,43921]
[1102,1000065674,60,"물품구매 소모품 /창원센터",2045600216,"소모품 석고붕대 등 11종",60,"Z20010156","소모품-부탄가스(220g) (의지재료) (의지재료)","Z01",456,null,43875,"최종승인",6166,"김현종",43878,301148,"신성메디칼","2020-02-14","2020-02-21",20,"EA",1000,1,20000,20,20000,43879,"결제",null,0,null,20000,43879,20000,43879,"상신","결재완료",20000,43921,20000,43921]
[1102,1500031289,10,"토너구매",2045600228,"프린터 토너",10,null,"복사기토너","Z06",456,null,43879,"최종승인",11764,"조혜정",43882,321731,"주식회사 소명시스템","2020-02-17","2020-02-24",2,"EA",70000,1,140000,2,140000,43879,"결제",null,0,null,140000,43879,140000,43879,"상신","결재완료",140000,43886,140000,43886]
[1102,1000065495,20,"물품구매/의지재료/김*광/리*파/박*서/육*경/강*탁/조*문",2045600203,"의지하지 실리콘싹스 등 6종",20,"Z20010891","의지하지-실리콘싹스(아이스로스 씰인X-TF(Set) (의지재료)","Z01",456,null,43868,"최종승인",6164,"조성문",43875,301434,"오서코리아주식회사","2020-02-13","2020-02-20",1,"EA",620000,1,620000,1,620000,43875,"결제",null,0,null,620000,43875,620000,43875,"상신","결재완료",620000,43921,620000,43921]
[1102,1000065581,10,"물품구매(휠체어-서*홍/김8종)",2045600179,"휠체어침대형",10,"Z20120619","휠체어침대형-P.7005파트너(대세) (의지재료)","Z01",456,null,43872,"최종승인",6154,"김순종",43873,306977,"(주)대세엠케어 경인지점 (인천)","2020-02-11","2020-02-18",1,"EA",500000,1,500000,1,500000,43875,"결제",null,0,null,500000,43875,500000,43875,"상신","결재완료",500000,43921,500000,43921]
[1102,1000065587,10,"물품구매-소모품/임*은",2045600209,"소모품 나이론 반도백색 등 17종",10,"Z20010097","소모품-나이론반도백색(1in백색) (의지재료) (의지재료)","Z01",456,null,43873,"최종승인",9620,"임성은",43878,301148,"신성메디칼","2020-02-12","2020-02-19",1,"EA",30000,1,30000,1,30000,43875,"결제",null,0,null,30000,43875,30000,43875,"상신","결재완료",30000,43921,30000,43921]
[1102,1000065591,10,"물품구매(토탈니외)",2045600198,"시험상용화/하지 토탈니 등 3종",10,"Z20050129","하지-토탈니2100 (연구재료) (연구재료)","Z01",456,null,43872,"최종승인",27783,"이미경",43874,301434,"오서코리아주식회사","2020-02-11","2020-02-18",1,"EA",3980000,1,3980000,1,3980000,43875,"결제",null,0,null,3980000,43875,3980000,43875,"상신","결재완료",3980000,43886,3980000,43886]
[1102,1000065649,20,"물품구매/실리콘내피(대퇴,하퇴용)/무릎관절장식/에너지발/강*탁/김*서/김*광",2045600204,"의지하지 더모웨이브락킹 등 3종",20,"Z20010647","의지하지-발 발런스 J풋 (오서) (의지재료) (의지재료)","Z01",456,null,43874,"최종승인",6164,"조성문",43875,301434,"오서코리아주식회사","2020-02-13","2020-02-20",1,"EA",480000,1,480000,1,480000,43875,"결제",null,0,null,480000,43875,480000,43875,"상신","결재완료",480000,43921,480000,43921]
[1102,1000065621,50,"물품구매(이*구/유*선)",2045600188,"일반형휠체어 등 5종",50,"Z20120393","휠체어수리-튜브일산활동형휠로피아(24,25in) (의지재료) (의지재료)","Z01",456,null,43873,"최종승인",26283,"유재선",43874,301700,"(주)휠로피아","2020-02-12","2020-02-19",10,"EA",4000,1,40000,10,40000,43874,"결제",null,0,null,40000,43874,40000,43874,"상신","결재완료",40000,43921,40000,43921]
[1102,1000065467,20,"물품구매/짧은팔보조기/이*수/김*자/조*문",2045600156,"보조기상지 다이나믹스프린트 등 2종",20,"Z20010008","보조기상지-다이나믹스프린트(상지용) (의지재료) (의지재료)","Z01",456,null,43867,"최종승인",6164,"조성문",43871,322758,"오르텍주식회사","2020-02-06","2020-02-13",1,"EA",70000,1,70000,1,70000,43872,"결제",null,0,null,70000,43872,70000,43872,"상신","결재완료",70000,43921,70000,43921]
[1102,1000065512,30,"물품구매 의지상지 김*옥 /창원센터",2045600164,"의지상지 견갑장식 등 3종",30,"Z20010368","의지상지-미관형의수실리콘리갈(외산) (의지재료) (의지재료)","Z01",456,null,43868,"최종승인",6166,"김현종",43871,301263,"성림교역","2020-02-07","2020-02-14",1,"EA",230000,1,230000,1,230000,43872,"결제",null,0,null,230000,43872,230000,43872,"상신","결재완료",230000,43921,230000,43921]
[1102,1000065633,70,"물품구매/의지재료/김*광/박*서/강*호/리*파/조*현/정*석/조*",2045600201,"의지하지 프롱대퇴회전조절소켓 등 8종",70,"Z20010548","의지하지-싸치발셋트 (의지재료) (의지재료)","Z01",456,null,43874,"최종승인",6164,"조성문",43875,305386,"(주) 오토복코리아헬스케어","2020-02-07","2020-02-14",2,"EA",156000,1,312000,2,312000,43872,"결제",null,0,null,312000,43872,312000,43872,"상신","결재완료",312000,43921,312000,43921]
[1102,1000065340,40,"물품구맴(의지하지-박*하 외 4명/김*선)",2045600141,"실리콘싹스알프스 등 6종",40,"Z20011152","실리콘싹스-투명라이너대퇴(성림)","Z01",456,null,43864,"최종승인",6675,"김훈선",43866,301263,"성림교역","2020-02-03","2020-02-10",1,"EA",270000,1,270000,1,270000,43868,"결제",null,0,null,270000,43868,270000,43868,"상신","결재완료",270000,43921,270000,43921]
[1102,1500031059,20,"물품구매(컬러프린트토너(검정)등 8건/세금계산서)",2045600146,"배터리성능평가/컬러프린터 토너 등 8종",20,null,"컬러프린터 토너(파랑)","Z06",456,null,43865,"최종승인",27783,"이미경",43867,321731,"주식회사 소명시스템","2020-02-04","2020-02-18",2,"EA",140000,1,280000,2,280000,43867,"결제",null,0,null,280000,43867,280000,43867,"상신","결재완료",0,null,280000,43871]
[1102,1000065309,10,"물품구매 수부 /창원센터",2045600130,"의지상지 미관형의수",10,"Z20010367","의지상지-미관형의수실리콘두손 (의지재료) (의지재료)","Z01",456,null,43864,"최종승인",6166,"김현종",43865,300508,"두손의수","2020-02-03","2020-02-10",5,"EA",230000,1,1150000,5,1150000,43865,"결제",null,0,null,1150000,43865,1150000,43865,"상신","결재완료",1150000,43921,1150000,43921]
[1102,1300011403,10,"ISO 7176-30 번역",2045800005,"배터리성능평가/iso 7176 30 번역",10,null,"ISO 7176-30 번역","Z04",458,"서비스",43846,"최종승인",6149,"최기원",43847,316443,"리드번역","2020-01-16","2020-02-28",1,"AU",514800,1,514800,1,514800,43865,"결제",null,0,null,514800,43865,514800,43865,"상신","결재완료",0,null,514800,43871]
[1102,1000065180,50,"물품구매(우*택,함*식,송*선)",2045600108,"타이어 등 6종",50,"Z20120391","휠체어수리-튜브일반형외산휠로피아(26in) (의지재료) (의지재료)","Z01",456,null,43858,"최종승인",6160,"전영만",43859,301700,"(주)휠로피아","2020-01-28","2020-02-04",2,"EA",5000,1,10000,2,10000,43860,"결제",null,0,null,10000,43860,10000,43860,"상신","결재완료",10000,43889,10000,43889]
[1102,1000065240,20,"물품구매-휠체어수리/임*은",2045600121,"휠체어수리 등 6종",20,"Z20120405","휠체어수리-튜브활동형미키(22,24in) (의지재료) (의지재료)","Z01",456,null,43859,"최종승인",9620,"임성은",43860,309507,"미키코리아(주)","2020-01-29","2020-02-05",30,"EA",6000,1,180000,30,180000,43860,"결제",null,0,null,180000,43860,180000,43860,"상신","결재완료",180000,43889,180000,43889]
[1102,1000065094,40,"물품구매(의지재료)전**",2045600086,"소모품 피피 등 8종",40,"Z20010171","소모품-석고붕대(15cm) (의지재료) (의지재료)","Z01",456,null,43851,"최종승인",6160,"전영만",43853,301148,"신성메디칼","2020-01-21","2020-01-28",72,"EA",3500,1,252000,72,252000,43858,"결제",null,0,null,252000,43858,252000,43858,"상신","결재완료",252000,43889,252000,43889]
[1102,1000065161,20,"물품구매(김*태 외 조*정)",2045600109,"의지상지 미관형의수 등 3종",20,"Z20010372","의지상지-미관형의수지실리콘 (의지재료) (의지재료)","Z01",456,null,43858,"최종승인",11764,"조혜정",43859,300508,"두손의수","2020-01-28","2020-02-04",4,"EA",65000,1,260000,4,260000,43858,"결제",null,0,null,260000,43858,260000,43858,"상신","결재완료",260000,43889,260000,43889]
[1102,1000064988,10,"물품구매-의지하지/임*은",2045600062,"의지상지 전자의수플라스틱센서더미 등 2종",10,"Z20010404","의지상지-전자의수플라스틱센서더미(외산) (의지재료) (의지재료)","Z01",456,null,43850,"최종승인",9620,"임성은",43851,305386,"(주) 오토복코리아헬스케어","2020-01-20","2020-01-27",2,"EA",48000,1,96000,2,96000,43853,"결제",null,0,null,96000,43853,96000,43853,"상신","결재완료",96000,43889,96000,43889]
[1102,1000065054,150,"물품구매/의지재료(소모품)/조*문",2045600094,"소모품 면장갑 등 30종",150,"Z20010334","소모품-P.P(12x40x40) (의지재료) (의지재료)","Z01",456,null,43851,"최종승인",6164,"조성문",43853,301148,"신성메디칼","2020-01-21","2020-01-28",5,"EA",20000,1,100000,5,100000,43853,"결제",null,0,null,100000,43853,100000,43853,"상신","결재완료",100000,43889,100000,43889]
[1102,1000065083,20,"물품구매(실리콘라이너-박*근)",2045600099,"의지하지 실리콘싹스 등 4종",20,"Z20010369","의지상지-미관형의수전자글러브레진(외산) (의지재료) (의지재료)","Z01",456,null,43851,"최종승인",9144,"정창희",43858,305386,"(주) 오토복코리아헬스케어","2020-01-21","2020-01-28",2,"EA",162000,1,324000,2,324000,43853,"결제",null,0,null,324000,43853,324000,43853,"상신","결재완료",324000,43889,324000,43889]
[1102,1000064902,30,"물품구매(보조기/천*민)",2045600060,"보조기척추 등 4종",30,"Z20011178","상지보조기-Tennis Elbow고주파(BLACK)`","Z01",456,null,43846,"최종승인",27784,"천성민",43851,322758,"오르텍주식회사","2020-01-16","2020-01-23",1,"EA",15000,1,15000,1,15000,43852,"결제",null,0,null,15000,43852,15000,43852,"상신","결재완료",15000,43889,15000,43889]
[1102,1000064986,10,"물품구매(실리콘의수팀/유*종)",2045600052,"의지재료 araform 등 8종",10,"Z20011056","의지재료-Araform Parting Agent(85F3)(오토복)","Z01",456,null,43850,"최종승인",8664,"유효종",43851,305386,"(주) 오토복코리아헬스케어","2020-01-20","2020-01-27",1,"EA",142000,1,142000,1,142000,43852,"결제",null,0,null,142000,43852,142000,43852,"상신","결재완료",142000,43889,142000,43889]
[1102,1000065018,20,"기타",2045600058,"알무늄클럿치 등 3종",20,"Z20120038","소모품-지팡이(4발용) (의지재료) (의지재료)","Z01",456,null,43850,"최종승인",26283,"유재선",43851,306977,"(주)대세엠케어 경인지점 (인천)","2020-01-20","2020-01-27",4,"EA",8000,1,32000,4,32000,43852,"결제",null,0,null,32000,43852,32000,43852,"상신","결재완료",32000,43889,32000,43889]
[1102,1000064936,10,"물품구매 의지하지/창원센터",2045600030,"의지하지 실리콘싹스 등 5종",10,"Z20010532","의지하지-실리콘싹스컴포트하퇴용(외산) (의지재료) (의지재료)","Z01",456,null,43847,"최종승인",8445,"차민국",43850,301434,"오서코리아주식회사","2020-01-17","2020-01-24",6,"EA",335000,1,2010000,6,2010000,43851,"결제",null,0,null,2010000,43851,2010000,43851,"상신","결재완료",2010000,43889,2010000,43889]
[1102,1000064951,40,"물품구매 의지하지/창원센터",2045600033,"의지하지 발목장식 등 4종",40,"Z20010373","의지상지-반자동의수(독일산) (의지재료) (의지재료)","Z01",456,null,43847,"최종승인",8445,"차민국",43850,305386,"(주) 오토복코리아헬스케어","2020-01-17","2020-01-24",2,"EA",363000,1,726000,2,726000,43851,"결제",null,0,null,726000,43851,726000,43851,"상신","결재완료",726000,43889,726000,43889]
[1102,1000064961,70,"물품구매 의지상지 외 /창원센터",2045600020,"의지상지 미관형의수 등 12종",70,"Z20010585","의지하지-일체형튜브어뎁터(하퇴용) (의지재료) (의지재료)","Z01",456,null,43847,"최종승인",6166,"김현종",43850,301263,"성림교역","2020-01-17","2020-01-24",10,"EA",42000,1,420000,10,420000,43851,"결제",null,0,null,420000,43851,420000,43851,"상신","결재완료",420000,43889,420000,43889]
[1102,1000064966,10,"물품구매 매트리스 김*철 외 /창원센터",2045600023,"욕창예방매트리스",10,"Z20130055","욕창예방매트리스-Md-100 TPU3","Z01",456,null,43847,"최종승인",6166,"김현종",43850,301766,"은혜메디칼","2020-01-17","2020-01-24",2,"EA",350000,1,700000,2,700000,43851,"결제",null,0,null,700000,43851,700000,43851,"상신","결재완료",700000,43889,700000,43889]
[1102,1000065008,30,"물품구매(이*복 외 조*정)",2045600076,"의지하지 락장식셔틀락 등 7종",30,"Z20010062","보조기하지-장보조기장식(小) (의지재료) (의지재료)","Z01",456,null,43850,"최종승인",11764,"조혜정",43852,301263,"성림교역","2020-01-20","2020-01-27",1,"EA",35000,1,35000,1,35000,43851,"결제",null,0,null,35000,43851,35000,43851,"상신","결재완료",35000,43889,35000,43889]
[1102,1000065032,30,"물품구매(기타재료)",2045600077,"소모품 피피 등 29종",30,"Z20010334","소모품-P.P(12x40x40) (의지재료) (의지재료)","Z01",456,null,43850,"최종승인",11764,"조혜정",43852,301148,"신성메디칼","2020-01-20","2020-01-27",18,"EA",20000,1,360000,18,360000,43851,"결제",null,0,null,360000,43851,360000,43851,"상신","결재완료",360000,43889,360000,43889]
[1102,1000065032,220,"물품구매(기타재료)",2045600077,"소모품 피피 등 29종",220,"Z20010135","소모품-면스타키넷(국산4in) (의지재료) (의지재료)","Z01",456,null,43850,"최종승인",11764,"조혜정",43852,301148,"신성메디칼","2020-01-20","2020-01-27",50,"EA",1500,1,75000,50,75000,43851,"결제",null,0,null,75000,43851,75000,43851,"상신","결재완료",75000,43889,75000,43889]
[1102,1000065066,10,"물품구매(방석 및 매트리스)",2045600075,"욕창예방매틀리스 등 3종",10,"Z20130002","욕창예방매트리스공기격자형-로호(860x2040x89mm) (의지재료) (","Z01",456,null,43851,"최종승인",11764,"조혜정",43852,305386,"(주) 오토복코리아헬스케어","2020-01-21","2020-01-28",2,"EA",1650000,1,3300000,2,3300000,43851,"결제",null,0,null,3300000,43851,3300000,43851,"상신","결재완료",3300000,43889,3300000,43889]
[1102,1500030845,90,"점보롤 등 청소용품 구매",2045600013,"점보롤 등 청소용품",90,null,"면속장갑","Z06",456,null,43846,"최종승인",4752,"이은아",43847,313863,"주식회사 꿈이있는일터","2020-01-16","2020-01-23",1,"EA",12500,1,12500,1,12500,43847,"결제",null,0,null,12500,43847,12500,43847,"상신","결재완료",12500,43853,12500,43853]
[1102,1000064778,30,"물품구매(카메라모듈 등 9건/ 법인카드)",2045600001,"휠체어트래커/카메라모듈 등 9종",30,"Z20050738","휠체어트래커(연구재료)","Z01",456,null,43860,"최종승인",11512,"남기태",43846,516501005,"휠체어트래커-1005","2020-01-09","2020-02-06",1,"EA",33968,1,33968,1,33968,43839,"결제",null,0,null,33968,43839,33968,43839,"상신","결재완료",0,null,33968,43858]
[1102,1100005276,10,"모니터",1945602281,"모니터구매",10,null,"모니터","Z02",456,null,43811,"최종승인",null,null,43812,301528,"조달청(고지서전용)","2019-12-12","2019-12-27",1,"개",209091,1,209091,1,209091,43826,"결제",null,0,null,209091,43826,209091,43826,"상신","결재완료",209091,43837,209091,43837]
[1102,1000064409,50,"물품구매(실리콘라이너-최*열)",1945602371,"의지하지 실리콘싹스 등 8종",50,"Z20010384","의지상지-상박잠금기능골격식엘보(외산) (의지재료) (의지재료)","Z01",456,null,43822,"최종승인",9144,"정창희",43823,305386,"(주) 오토복코리아헬스케어","2019-12-23","2019-12-30",1,"EA",393000,1,393000,1,393000,43823,"결제",null,0,null,393000,43823,393000,43823,"상신","결재완료",393000,43861,393000,43861]
[1102,1000064419,20,"물품구매(이*순-최*성/유*선)",1945602364,"활동형휠체어 등 2종",20,"Z20120611","휠체어수리-팔걸이조립-노바제로용-티오엠보빌리티 (의지재료)","Z01",456,null,43822,"최종승인",26283,"유재선",43822,325322,"썬메디테크","2019-12-23","2019-12-30",4,"EA",40000,1,160000,4,160000,43823,"결제",null,0,null,160000,43823,160000,43823,"상신","결재완료",160000,43861,160000,43861]
[1102,1000064427,50,"물품구매(이*재 외 조*정)",1945602370,"보조기하지 등 12종",50,"Z20010524","의지하지-실리콘싹스알프스Gpdt(미국산) (의지재료) (의지재료)","Z01",456,null,43822,"최종승인",26461,"조혜정",43823,301263,"성림교역","2019-12-23","2019-12-30",3,"EA",270000,1,810000,3,810000,43823,"결제",null,0,null,810000,43823,810000,43823,"상신","결재완료",810000,43861,810000,43861]
[1102,1000064440,10,"물품구매(알루미늄커플러상단 등 2건/세금계산서)",1945602372,"스마트소켓/알루미늄 커플러상단 등 2종",10,"Z20050607","스마트소켓(연구재료) (연구재료)","Z01",456,null,43823,"최종승인",8220,"신현준",43823,323073,"주식회사 지모션","2019-12-19","2019-12-26",12,"EA",22000,1,264000,12,264000,43822,"결제",null,0,null,264000,43822,264000,43822,"상신","결재완료",0,null,264000,43830]
[1102,1000064090,20,"물품구매(시험인증센터 데이터서버 SU7-2154)",1945602263,"직무지원/시험인증센터 데이터서버",20,"Z20050113","직무지원 연구재료 (연구재료) (연구재료)","Z01",456,null,43812,"최종승인",27377,"정성배",43811,319518,"한울","2019-12-12","2019-12-20",1,"EA",330000,1,330000,1,330000,43818,"결제",null,0,null,330000,43818,330000,43818,"상신","결재완료",330000,43823,330000,43823]
[1102,1000064274,20,"물품구매(리베로 타이어등 2건/ 세금계산서)",1945602343,"스마트어시스트/리베로 타이어 등 2종",20,"Z20050649","스마트어시스트(연구재료) (연구재료)","Z01",456,null,43823,"최종승인",6879,"김용철",43817,325857,"주식회사 엠코리아토탈서비스","2019-12-17","2019-12-31",6,"EA",30800,1,184800,6,184800,43818,"결제",null,0,null,184800,43818,184800,43818,"상신","결재완료",0,null,184800,43823]
[1102,1000064370,70,"물품구매 소모품/창원센터",1945602346,"소모품 본드 등 15종",70,"Z20010338","소모품-P.P(5x120x240) (의지재료) (의지재료)","Z01",456,null,43818,"최종승인",6166,"김현종",43818,301148,"신성메디칼","2019-12-18","2019-12-26",3,"EA",65000,1,195000,3,195000,43818,"결제",null,0,null,195000,43818,195000,43818,"상신","결재완료",195000,43861,195000,43861]
[1102,1000064086,50,"물품 구매(의지 하지-정*오,정*숙,신*철,서*택/신*현)",1945602293,"의지하지 실리콘싹스 등 6종",50,"Z20010832","의지하지-회전식4-홀피메일피라미드티타늄(외산) (의지재료)","Z01",456,null,43810,"최종승인",6158,"신무현",43815,301434,"오서코리아주식회사","2019-12-11","2019-12-18",2,"EA",155000,1,310000,2,310000,43817,"결제",null,0,null,310000,43817,310000,43817,"상신","결재완료",310000,43861,310000,43861]
[1102,1000064246,10,"물품구매/배터리/김*태/조*문",1945602328,"휠체어수리 배터리",10,"Z20120172","휠체어수리-배터리휠로피아(12V50AH) (의지재료) (의지재료)","Z01",456,null,43816,"최종승인",6164,"조성문",43816,301700,"(주)휠로피아","2019-12-17","2019-12-24",2,"EA",95000,1,190000,2,190000,43817,"결제",null,0,null,190000,43817,190000,43817,"상신","결재완료",190000,43861,190000,43861]
[1102,1000064250,50,"물품구매(휠체어-김*주)",1945602323,"활동형휠체어 등 5종",50,"Z20120405","휠체어수리-튜브활동형미키(22,24in) (의지재료) (의지재료)","Z01",456,null,43816,"최종승인",9144,"정창희",43816,309507,"미키코리아(주)","2019-12-16","2019-12-24",2,"EA",6000,1,12000,2,12000,43817,"결제",null,0,null,12000,43817,12000,43817,"상신","결재완료",12000,43861,12000,43861]
[1102,1000064353,10,"물품구매(리튬이온배터리 등 1건/법인카드)",1945602357,"골유착임플란트/리튬이온 배터리 등 2건",10,"Z20050686","골유착임플란트(연구재료)","Z01",456,null,43823,"최종승인",28446,"전경진",43819,516545280,"골유착임플란트-5280","2019-12-18","2019-12-31",1,"EA",28500,1,28500,1,28500,43817,"결제",null,0,null,28500,43817,28500,43817,"상신","결재완료",0,null,28500,43858]
[1102,1000064168,10,"물품구매 수부 /창원센터",1945602297,"의지상지 미관형의수 등 3종",10,"Z20010367","의지상지-미관형의수실리콘두손 (의지재료) (의지재료)","Z01",456,null,43812,"최종승인",6166,"김현종",43815,300508,"두손의수","2019-12-13","2019-12-20",3,"EA",230000,1,690000,3,690000,43816,"결제",null,0,null,690000,43816,690000,43816,"상신","결재완료",690000,43861,690000,43861]
[1102,1000064168,20,"물품구매 수부 /창원센터",1945602297,"의지상지 미관형의수 등 3종",20,"Z20010372","의지상지-미관형의수지실리콘 (의지재료) (의지재료)","Z01",456,null,43812,"최종승인",6166,"김현종",43815,300508,"두손의수","2019-12-13","2019-12-20",7,"EA",65000,1,455000,7,455000,43816,"결제",null,0,null,455000,43816,455000,43816,"상신","결재완료",455000,43861,455000,43861]
[1102,1000064045,20,"물품구매(하지의지-김*호 외/양*호)",1945602275,"의지하지 실리콘싹스 등 4종",20,"Z20010723","의지하지-컴포트웨이브(오서) (의지재료)","Z01",456,null,43809,"최종승인",27264,"양철호",43812,301434,"오서코리아주식회사","2019-12-10","2019-12-17",2,"EA",335000,1,670000,2,670000,43815,"결제",null,0,null,670000,43815,670000,43815,"상신","결재완료",670000,43861,670000,43861]
[1102,1000064074,10,"물품구매(리프트)",1945602258,"자체 시험상용화/이동형리프트",10,"Z20050655","이동형리프트(연구재료) (연구재료)","Z01",456,null,43810,"최종승인",27783,"이미경",43811,302514,"비케이메디텍","2019-12-11","2019-12-18",2,"EA",2110000,1,4220000,2,4220000,43815,"결제",null,0,null,4220000,43815,4220000,43815,"상신","결재완료",4220000,43823,4220000,43823]
[1102,1000064053,10,"물품구매(의지상지-박*호,박*종/김*선)",1945602268,"의지상지 미관형의수 등 2종",10,"Z20010368","의지상지-미관형의수실리콘리갈(외산) (의지재료) (의지재료)","Z01",456,null,43809,"최종승인",6675,"김훈선",43811,301263,"성림교역","2019-12-10","2019-12-17",1,"EA",230000,1,230000,1,230000,43812,"결제",null,0,null,230000,43812,230000,43812,"상신","결재완료",230000,43861,230000,43861]
[1102,1000064025,10,"기타",1945602245,"휠체어수리 배터리 등 2종",10,"Z20120616","휠체어수리-배터리(12V62AH) (의지재료)","Z01",456,null,43808,"최종승인",26283,"유재선",43808,301700,"(주)휠로피아","2019-12-09","2019-12-16",2,"EA",105000,1,210000,2,210000,43810,"결제",null,0,null,210000,43810,210000,43810,"상신","결재완료",210000,43861,210000,43861]
[1102,1000063997,10,"물품구매-의지상지/김*님/임*은",1945602257,"의지상지 미관형의수",10,"Z20010367","의지상지-미관형의수실리콘두손 (의지재료) (의지재료)","Z01",456,null,43805,"최종승인",9620,"임성은",43810,300508,"두손의수","2019-12-06","2019-12-13",1,"EA",230000,1,230000,1,230000,43809,"결제",null,0,null,230000,43809,230000,43809,"상신","결재완료",230000,43861,230000,43861]
[1102,1000063953,10,"물품구매(기타재료)",1945602223,"의지하지 락장식 등 3종",10,"Z20010458","의지하지-락장식Bk(대퇴,하퇴겸용) (의지재료) (의지재료)","Z01",456,null,43803,"최종승인",27264,"양철호",43804,302514,"비케이메디텍","2019-12-04","2019-12-11",30,"EA",223000,1,6690000,30,6690000,43808,"결제",null,0,null,6690000,43808,6690000,43808,"상신","결재완료",6690000,43861,6690000,43861]
[1102,1000063991,10,"물품구매(산업용 터치패널 1/법인카드)",1945602227,"스마트어시스트/산업용 터치패널",10,"Z20050649","스마트어시스트(연구재료) (산업용터치패널)","Z01",456,null,43823,"최종승인",26927,"허윤",43808,516589379,"스마트어시스트-9379","2019-12-05","2019-12-31",1,"EA",1666500,1,1666500,1,1666500,43804,"결제",null,0,null,1666500,43804,1666500,43804,"상신","결재완료",0,null,1666500,43825]
[1102,1000063849,10,"물품구매 방석 김*섭 외 /창원센터",1945602203,"욕창예방방석 등 2종",10,"Z20130023","욕창예방방석공기격자형-로호 (의지재료) (의지재료)","Z01",456,null,43801,"최종승인",6166,"김현종",43802,324832,"주식회사 이레엠케어","2019-12-02","2019-12-09",1,"EA",370000,1,370000,1,370000,43802,"결제",null,0,null,370000,43802,370000,43802,"상신","결재완료",370000,43861,370000,43861]
[1102,1000063333,10,"물품구매(ANKLE JOINT MODULE ASS'Y 1건 / 세금계산서 상윤산업)",1945602098,"외골격로봇/ankle joint module ass`y",10,"Z20050807","외골격로봇(연구재료)","Z01",456,null,43818,"최종승인",27520,"최혁재",43788,304132,"조영승 (상윤산업)","2019-11-12","2019-12-25",5,"EA",793100,1,3965500,5,3965500,43798,"결제",null,0,null,3965500,43798,3965500,43798,"상신","결재완료",0,null,3965500,43811]
[1102,1000063711,30,"물품구매(호스머 후크외 2종)",1945602192,"자체 시험상용화/호스머 후크 등 3종",30,"Z20050297","하지-엔도라이트 에스프리트 (연구재료)","Z01",456,null,43796,"최종승인",27783,"이미경",43798,301263,"성림교역","2019-11-26","2019-12-04",1,"EA",1220000,1,1220000,1,1220000,43798,"결제",null,0,null,1220000,43798,1220000,43798,"상신","결재완료",1220000,43809,1220000,43809]
[1102,1000063676,10,"물품구매 매트리스 박*호 외 /창원센터",1945602185,"욕창예방매트리스",10,"Z20130055","욕창예방매트리스-Md-100 TPU3","Z01",456,null,43796,"최종승인",6166,"김현종",43797,301766,"은혜메디칼","2019-11-27","2019-12-04",3,"EA",350000,1,1050000,3,1050000,43797,"결제",null,0,null,1050000,43797,1050000,43797,"상신","결재완료",1050000,43830,1050000,43830]
[1102,1000063477,10,"물품구매(foot shell size 23 left beige 등 12건/세금계산서)",1945602119,"스마트소켓/foot shell size23left beige 등 12종",10,"Z20050607","스마트소켓(연구재료) (연구재료)","Z01",456,null,43798,"최종승인",26891,"박진국",43789,320868,"주식회사 온써지칼","2019-11-19","2019-12-06",2,"EA",33880,1,67760,2,67760,43796,"결제",null,0,null,67760,43796,67760,43796,"상신","결재완료",0,null,67760,43811]
[1102,1000063477,70,"물품구매(foot shell size 23 left beige 등 12건/세금계산서)",1945602119,"스마트소켓/foot shell size23left beige 등 12종",70,"Z20050607","스마트소켓(연구재료) (연구재료)","Z01",456,null,43798,"최종승인",26891,"박진국",43789,320868,"주식회사 온써지칼","2019-11-19","2019-12-06",2,"EA",33880,1,67760,2,67760,43796,"결제",null,0,null,67760,43796,67760,43796,"상신","결재완료",0,null,67760,43811]
[1102,1000063552,30,"물품구매(권*우,심*섭,의지재료)전*만",1945602133,"활동형휠체어 등 5종",30,"Z20120315","휠체어수리-클린타이어일반형(24in) (의지재료) (의지재료)","Z01",456,null,43790,"최종승인",6160,"전영만",43790,309507,"미키코리아(주)","2019-11-21","2019-11-28",9,"EA",7000,1,63000,9,63000,43796,"결제",null,0,null,63000,43796,63000,43796,"상신","결재완료",63000,43830,63000,43830]
[1102,1000063547,20,"물품구매(매트리스*",1945602137,"욕창예방매트리스 등 2종",20,"Z20130055","욕창예방매트리스-Md-100 TPU3","Z01",456,null,43790,"최종승인",26461,"조혜정",43791,301766,"은혜메디칼","2019-11-20","2019-11-28",5,"EA",350000,1,1750000,5,1750000,43795,"결제",null,0,null,1750000,43795,1750000,43795,"상신","결재완료",1750000,43830,1750000,43830]
[1102,1000063602,10,"물품구매 휠체어 이*훈,천*렬,신*찬 /창원센터",1945602161,"활동형휠체어 등 3종",10,"Z20120635","활동형 휠체어- CAMEL SPORT A타입 휠로피아","Z01",456,null,43794,"최종승인",6166,"김현종",43794,324832,"주식회사 이레엠케어","2019-11-25","2019-12-02",1,"EA",950000,1,950000,1,950000,43795,"결제",null,0,null,950000,43795,950000,43795,"상신","결재완료",950000,43830,950000,43830]
[1102,1000062847,10,"물품구매(엘라스틱 웨빙 등 7건/ 세금계산서 (외골격로봇))",1945601958,"외골격로봇/엘라스틱 웨빙 등 7종",10,"Z20050807","외골격로봇(연구재료)","Z01",456,null,43766,"최종승인",27520,"최혁재",43767,305386,"(주) 오토복코리아헬스케어","2019-10-24","2019-11-30",1,"EA",192500,1,192500,1,192500,43794,"결제",null,0,null,192500,43794,192500,43794,"상신","결재완료",0,null,192500,43811]
[1102,1000063564,20,"물품구매(의지하지-김*성/김*선)",1945602138,"의지하지 실리콘싹스 등 2종",20,"Z20010570","의지하지-흡입밸브실린라이너대퇴용(미국산) (의지재료) (의지재료)","Z01",456,null,43790,"최종승인",6675,"김훈선",43791,301434,"오서코리아주식회사","2019-11-21","2019-11-28",1,"EA",95000,1,95000,1,95000,43794,"결제",null,0,null,95000,43794,95000,43794,"상신","결재완료",95000,43830,95000,43830]
[1102,1000063489,10,"물품구매(하지의지-박*규/양*호)",1945602118,"의지하지 실리콘싹스",10,"Z20010709","의지하지-실리콘싹스MagFabric라이너(국산) (의지재료)","Z01",456,null,43789,"최종승인",27264,"양철호",43789,323203,"코스텍","2019-11-20","2019-11-27",4,"EA",118000,1,472000,4,472000,43791,"결제",null,0,null,472000,43791,472000,43791,"상신","결재완료",472000,43830,472000,43830]
[1102,1000063576,20,"물품구매(관절밴드 등 6건 / 법인카드 5410 (외골격로봇))",1945602149,"외골격로봇/관절밴드 등 6종",20,"Z20050807","외골격로봇(연구재료)","Z01",456,null,43826,"최종승인",27520,"최혁재",43794,516525410,"외골격로봇-5410","2019-11-22","2020-01-03",1,"EA",87000,1,87000,1,87000,43791,"결제",null,0,null,87000,43791,87000,43791,"상신","결재완료",0,null,87000,43825]
[1102,1000063329,20,"물품구매(Bearing Nut 외 4건/ 세금계산서)",1945602070,"스마트소켓/bearing nut 등 5종",20,"Z20050607","스마트소켓(연구재료) (연구재료)","Z01",456,null,43791,"최종승인",28446,"전경진",43784,324705,"주식회사 신성텍","2019-11-11","2019-11-29",1,"EA",68200,1,68200,1,68200,43790,"결제",null,0,null,68200,43790,68200,43790,"상신","결재완료",0,null,68200,43811]
[1102,1000063498,60,"물품구매(단축발-오*식)",1945602117,"의지하지 단축발발목장식 등 8종",60,"Z20010369","의지상지-미관형의수전자글러브레진(외산) (의지재료) (의지재료)","Z01",456,null,43789,"최종승인",9144,"정창희",43789,305386,"(주) 오토복코리아헬스케어","2019-11-20","2019-11-27",1,"EA",162000,1,162000,1,162000,43790,"결제",null,0,null,162000,43790,162000,43790,"상신","결재완료",162000,43830,162000,43830]
[1102,1000063395,20,"물품구매(보조기/천*민)",1945602093,"보조기척추 등 3종",20,"Z20010968","보조기척추-OT CORSET (의지재료)","Z01",456,null,43783,"최종승인",27784,"천성민",43787,322758,"오르텍주식회사","2019-11-14","2019-11-21",3,"EA",35000,1,105000,3,105000,43788,"결제",null,0,null,105000,43788,105000,43788,"상신","결재완료",105000,43830,105000,43830]
[1102,1000063432,10,"물품구매 의지하지/창원센터",1945602096,"의지하지 실리콘싹스",10,"Z20010532","의지하지-실리콘싹스컴포트하퇴용(외산) (의지재료) (의지재료)","Z01",456,null,43787,"최종승인",8445,"차민국",43787,301434,"오서코리아주식회사","2019-11-18","2019-11-25",3,"EA",335000,1,1005000,3,1005000,43788,"결제",null,0,null,1005000,43788,1005000,43788,"상신","결재완료",1005000,43830,1005000,43830]
[1102,1000063497,10,"물품구매(손의지-박*수 외 조*정)",1945602124,"의지상지 미관형의수 등 3종",10,"Z20010367","의지상지-미관형의수실리콘두손 (의지재료) (의지재료)","Z01",456,null,43789,"최종승인",26461,"조혜정",43790,300508,"두손의수","2019-11-19","2019-11-27",7,"EA",230000,1,1610000,7,1610000,43788,"결제",null,0,null,1610000,43788,1610000,43788,"상신","결재완료",1610000,43830,1610000,43830]
[1102,1000063365,50,"물품구매(의지하지=강*호 외 조*정)",1945602110,"의지하지 컴포트웨이브 등 5종",50,"Z20010722","의지하지-더모웨이브락킹(오서) (의지재료)","Z01",456,null,43783,"최종승인",26461,"조혜정",43788,301434,"오서코리아주식회사","2019-11-13","2019-11-21",1,"EA",398000,1,398000,1,398000,43787,"결제",null,0,null,398000,43787,398000,43787,"상신","결재완료",398000,43830,398000,43830]
[1102,1000063071,30,"물품구매(PP filament 등 3건/세금계산서)",1945601993,"외골격로봇/pp filament 등 3건",30,"Z20050807","외골격로봇(연구재료)","Z01",456,null,43819,"최종승인",26892,"권칠용",43774,323283,"제이엠전자","2019-11-01","2019-12-27",6,"EA",199650,1,1197900,6,1197900,43784,"결제",null,0,null,1197900,43784,1197900,43784,"상신","결재완료",0,null,1197900,43815]
[1102,1000063319,30,"물품구매(직무형인공발/트리아스 등 5종)",1945602066,"자체 시험상용화/직무형인공발트리아스 등 5종",30,"Z20050729","하지-튜브클램프어댑터(연구재료)","Z01",456,null,43781,"최종승인",27783,"이미경",43784,305386,"(주) 오토복코리아헬스케어","2019-11-12","2019-11-19",1,"EA",120000,1,120000,1,120000,43784,"결제",null,0,null,120000,43784,120000,43784,"상신","결재완료",120000,43794,120000,43794]
[1102,1000063367,150,"물품구매(기타재료)",1945602107,"소모품 석고소석고 등 16종",150,"Z20010147","소모품-벨크로1미터(1in) (의지재료) (의지재료)","Z01",456,null,43783,"최종승인",26461,"조혜정",43788,301148,"신성메디칼","2019-11-12","2019-11-21",1,"EA",14000,1,14000,1,14000,43784,"결제",null,0,null,14000,43784,14000,43784,"상신","결재완료",14000,43830,14000,43830]
[1102,1000063176,10,"물품구매(의지재료,최*제)전*만",1945602049,"보조기하지 다이나믹보조기 등 5종",10,"Z20010720","보조기하지-다이나믹보조기(신성) (의지재료)","Z01",456,null,43776,"최종승인",6160,"전영만",43781,301148,"신성메디칼","2019-11-07","2019-11-14",2,"EA",90000,1,180000,2,180000,43782,"결제",null,0,null,180000,43782,180000,43782,"상신","결재완료",180000,43830,180000,43830]
[1102,1000063179,10,"물품구매/미관형의수(실리콘)/주*용/노*석/도*수/이*발/김*자/조*문",1945602030,"미관형의수 등 2종",10,"Z20010367","의지상지-미관형의수실리콘두손 (의지재료) (의지재료)","Z01",456,null,43777,"최종승인",6164,"조성문",43780,300508,"두손의수","2019-11-08","2019-11-15",4,"EA",230000,1,920000,4,920000,43781,"결제",null,0,null,920000,43781,920000,43781,"상신","결재완료",920000,43830,920000,43830]
[1102,1000063214,30,"물품구매(박*문-박*웅-전*하/유*선)",1945602034,"휠체어꺽기형 등 6종",30,"Z20120129","휠체어수리-링겔대꽂이미키 (의지재료) (의지재료)","Z01",456,null,43777,"최종승인",26283,"유재선",43780,301882,"미키메디칼","2019-11-08","2019-11-15",20,"EA",4546,1,90920,20,90920,43781,"결제",null,0,null,90920,43781,90920,43781,"상신","결재완료",90920,43830,90920,43830]
[1102,1000063232,40,"물품구매 의지상지 양*갑 외  /창원센터",1945602047,"의지상지 반자동의수 등 4종",40,"Z20010317","소모품-필라이트(외산3mm) (의지재료) (의지재료)","Z01",456,null,43780,"최종승인",6166,"김현종",43781,305386,"(주) 오토복코리아헬스케어","2019-11-11","2019-11-18",1,"EA",47000,1,47000,1,47000,43781,"결제",null,0,null,47000,43781,47000,43781,"상신","결재완료",47000,43830,47000,43830]
[1102,1000063328,10,"물품구매(유압측정용 패널미터/법인카드)",1945602071,"스마트소켓/유압측정용 패널미터",10,"Z20050607","스마트소켓(연구재료) (연구재료)","Z01",456,null,43794,"최종승인",8220,"신현준",43784,516506169,"스마트소켓-6169","2019-11-12","2019-11-30",1,"EA",42500,1,42500,1,42500,43781,"결제",null,0,null,42500,43781,42500,43781,"상신","결재완료",0,null,42500,43825]
[1102,1000063128,20,"물품구매(하지의지-라*언/양*호)",1945602009,"의지하지 등 3종",20,"Z20011155","의지하지-Rotation Adapter(오토복)","Z01",456,null,43774,"최종승인",27264,"양철호",43774,305386,"(주) 오토복코리아헬스케어","2019-11-04","2019-11-11",1,"EA",620000,1,620000,1,620000,43780,"결제",null,0,null,620000,43780,620000,43780,"상신","결재완료",620000,43830,620000,43830]
[1102,1000063164,30,"물품구매/실리콘내피(대퇴,하퇴용)/김*수/김*동/김*진/김*관/박*훈/조*문",1945602020,"의지하지 실리콘싹스 등 3종",30,"Z20010570","의지하지-흡입밸브실린라이너대퇴용(미국산) (의지재료) (의지재료)","Z01",456,null,43775,"최종승인",6164,"조성문",43776,301434,"오서코리아주식회사","2019-11-06","2019-11-13",1,"EA",95000,1,95000,1,95000,43777,"결제",null,0,null,95000,43777,95000,43777,"상신","결재완료",95000,43830,95000,43830]
[1102,1000063089,10,"물품구매/휠체어(소모품)/조*문",1945602000,"휠체어일반형 등 4종",10,"Z20120573","휠체어일반형-M2스타트 (의지재료)","Z01",456,null,43773,"최종승인",6164,"조성문",43774,324832,"주식회사 이레엠케어","2019-11-04","2019-11-11",1,"EA",410000,1,410000,1,410000,43775,"결제",null,0,null,410000,43775,410000,43775,"상신","결재완료",410000,43830,410000,43830]
[1102,1000063093,80,"물품구매/의지재료/조*문",1945602003,"보조기하지 등 8종",80,"Z20010389","의지상지-손목장식국산(국산) (의지재료) (의지재료)","Z01",456,null,43773,"최종승인",6164,"조성문",43774,301263,"성림교역","2019-11-04","2019-11-11",1,"EA",17000,1,17000,1,17000,43775,"결제",null,0,null,17000,43775,17000,43775,"상신","결재완료",17000,43830,17000,43830]
[1102,1000063121,10,"물품구매(의지재료/천*민)",1945601995,"소모품 필라이트",10,"Z20010318","소모품-필라이트(외산5mm) (의지재료) (의지재료)","Z01",456,null,43774,"최종승인",27784,"천성민",43774,305386,"(주) 오토복코리아헬스케어","2019-11-05","2019-11-12",2,"EA",79000,1,158000,2,158000,43775,"결제",null,0,null,158000,43775,158000,43775,"상신","결재완료",158000,43830,158000,43830]
[1102,1000063033,20,"물품구매 수부 /창원센터",1945601987,"의지상지 미관형의수 등 4종",20,"Z20010363","의지상지-미관형의수레진두손 (의지재료) (의지재료)","Z01",456,null,43770,"최종승인",6166,"김현종",43773,300508,"두손의수","2019-11-01","2019-11-08",3,"EA",90000,1,270000,3,270000,43774,"결제",null,0,null,270000,43774,270000,43774,"상신","결재완료",270000,43830,270000,43830]
[1102,1000062669,10,"물품구매요구(욕창예방방석/세금계산서)",1945601926,"작업용의자차/욕창예방방석",10,"Z20050766","작업용의자차(연구재료)","Z01",456,null,43762,"최종승인",11510,"정성윤",43761,323411,"주식회사씰테크 용인지점","2019-10-16","2019-11-08",4,"EA",230000,1,920000,4,920000,43773,"결제",null,0,null,920000,43773,920000,43773,"상신","결재완료",0,null,920000,43781]
[1102,1000062985,10,"물품구매(의수 패럴린 코팅)",1945601992,"직무지원/의수 패럴린 코팅",10,"Z20050113","직무지원 연구재료 (연구재료) (연구재료)","Z01",456,null,43770,"최종승인",26292,"오혜정",43774,323203,"코스텍","2019-11-01","2019-11-08",3,"EA",50000,1,150000,3,150000,43770,"결제",null,0,null,150000,43770,150000,43770,"상신","결재완료",150000,43780,150000,43780]
[1102,1000062881,10,"물품구매(토탈니 2000) 등 4종",1945601968,"자체 시험상용화/무릎관절장치 토탈니 등 4종",10,"Z20050111","하지-토탈니2000 (연구재료) (연구재료)","Z01",456,null,43767,"최종승인",26292,"오혜정",43768,301434,"오서코리아주식회사","2019-10-29","2019-11-05",1,"EA",2870000,1,2870000,1,2870000,43768,"결제",null,0,null,2870000,43768,2870000,43768,"상신","결재완료",2870000,43780,2870000,43780]
[1102,1000062822,10,"물품구매-의지하지/최*영/임*은",1945601953,"의지하지 미관형족지레진",10,"Z20010838","의지하지-미관형족지레진(두손) (의지재료)","Z01",456,null,43763,"최종승인",9620,"임성은",43766,300508,"두손의수","2019-10-25","2019-11-01",1,"EA",90000,1,90000,1,90000,43767,"결제",null,0,null,90000,43767,90000,43767,"상신","결재완료",90000,43798,90000,43798]
[1102,1000062829,10,"물품구매(김*옥,윤*수,박*애)전만",1945601952,"미관형의수/김*옥 등",10,"Z20010367","의지상지-미관형의수실리콘두손 (의지재료) (의지재료)","Z01",456,null,43763,"최종승인",6160,"전영만",43766,300508,"두손의수","2019-10-25","2019-11-01",3,"EA",230000,1,690000,3,690000,43767,"결제",null,0,null,690000,43767,690000,43767,"상신","결재완료",690000,43798,690000,43798]
[1102,1000062886,10,"물품구매(손의지-이*일 외 조*정)",1945601976,"의지상지 미관형의수 등 2종",10,"Z20010367","의지상지-미관형의수실리콘두손 (의지재료) (의지재료)","Z01",456,null,43767,"최종승인",26461,"조혜정",43768,300508,"두손의수","2019-10-29","2019-11-05",2,"EA",230000,1,460000,2,460000,43767,"결제",null,0,null,460000,43767,460000,43767,"상신","결재완료",460000,43798,460000,43798]
[1102,1000062697,40,"물품구매(의지재료/천*민)",1945601934,"보조기척추 등 10종",40,"Z20010189","소모품-수술용장갑 (의지재료) (의지재료)","Z01",456,null,43760,"최종승인",27784,"천성민",43761,301148,"신성메디칼","2019-10-22","2019-10-29",3,"EA",10000,1,30000,3,30000,43762,"결제",null,0,null,30000,43762,30000,43762,"상신","결재완료",30000,43798,30000,43798]
[1102,1000062722,10,"물품구매(미관형의수)",1945601927,"자체 시험상용화/미관형의수",10,"Z20050029","미관형 의수(성림) (연구재료) (연구재료)","Z01",456,null,43760,"최종승인",26292,"오혜정",43761,301263,"성림교역","2019-10-22","2019-10-29",5,"EA",230000,1,1150000,5,1150000,43761,"결제",null,0,null,1150000,43761,1150000,43761,"상신","결재완료",1150000,43780,1150000,43780]
[1102,1000062675,30,"기타",1945601906,"휠체어수리 배터리 등 3종",30,"Z20120561","타이어-24\"마라톤점검 (퓔로피아) (의지재료) (의지재료)","Z01",456,null,43756,"최종승인",26283,"유재선",43759,301700,"(주)휠로피아","2019-10-18","2019-10-25",2,"EA",32000,1,64000,2,64000,43760,"결제",null,0,null,64000,43760,64000,43760,"상신","결재완료",64000,43798,64000,43798]
[1102,1000062723,10,"물품구매(미관형의수 등 2종)",1945601928,"자체 시험상용화/미관형의수 등 2종",10,"Z20050118","미관형 의수-고강도 실리콘 (연구재료) (연구재료)","Z01",456,null,43760,"최종승인",26292,"오혜정",43761,300508,"두손의수","2019-10-22","2019-10-29",5,"EA",230000,1,1150000,5,1150000,43760,"결제",null,0,null,1150000,43760,1150000,43760,"상신","결재완료",1150000,43780,1150000,43780]
[1102,1000062702,20,"물품구매(검정 벨크로 등 4건 / 법인카드)",1945601920,"외골격로봇/검정벨크로 등 4종",20,"Z20050807","외골격로봇(연구재료)","Z01",456,null,43791,"최종승인",27520,"최혁재",43760,516525410,"외골격로봇-5410","2019-10-21","2019-11-29",1,"EA",175000,1,175000,1,175000,43759,"결제",null,0,null,175000,43759,175000,43759,"상신","결재완료",0,null,175000,43795]
[1102,1000062574,10,"물품구매-의지상지/임*은",1945601896,"의지상지 미관형의수 등 2종",10,"Z20010368","의지상지-미관형의수실리콘리갈(외산) (의지재료) (의지재료)","Z01",456,null,43754,"최종승인",9620,"임성은",43755,301263,"성림교역","2019-10-16","2019-10-23",2,"EA",230000,1,460000,2,460000,43756,"결제",null,0,null,460000,43756,460000,43756,"상신","결재완료",460000,43798,460000,43798]
[1102,1000062685,30,"물품구매(모래주머니 등 3건/ 법인카드 5410 외골격로봇)",1945601918,"외골격로봇/모래주머니 등 3종",30,"Z20050807","외골격로봇(연구재료)","Z01",456,null,43791,"최종승인",27520,"최혁재",43759,516525410,"외골격로봇-5410","2019-10-16","2019-11-29",1,"EA",130750,1,130750,1,130750,43754,"결제",null,0,null,130750,43754,130750,43754,"상신","결재완료",0,null,130750,43795]
[1102,1000062440,40,"물품구매(이*환,김*수,김*록,문*혁,이*호,강*섭)전*만",1945601875,"소모품 pp 등 8종",40,"Z20010226","소모품-아이스로스슬리브(미국산) (의지재료) (의지재료)","Z01",456,null,43748,"최종승인",6160,"전영만",43752,301434,"오서코리아주식회사","2019-10-10","2019-10-17",1,"EA",185000,1,185000,1,185000,43753,"결제",null,0,null,185000,43753,185000,43753,"상신","결재완료",185000,43798,185000,43798]
[1102,1000062926,30,"물품구매(김*자,홍*철,김*호)전*만",1945601977,"상지 호스머 엘보 등 3종",20,"Z20010385","의지상지-상박잠금기능엘보(외산) (의지재료) (의지재료)","Z01",456,null,43768,"최종승인",6160,"전영만",43769,301263,"성림교역","2019-10-10","2019-11-06",1,"EA",760000,1,760000,1,760000,43753,"결제",null,0,null,760000,43753,760000,43753,"상신","결재완료",760000,43798,760000,43798]
[1102,1000062399,10,"물품구매(기타재료)/양*호",1945601873,"의지하지 락장식 등 2종",10,"Z20010458","의지하지-락장식Bk(대퇴,하퇴겸용) (의지재료) (의지재료)","Z01",456,null,43748,"최종승인",27264,"양철호",43752,302514,"비케이메디텍","2019-10-08","2019-10-15",10,"EA",223000,1,2230000,10,2230000,43752,"결제",null,0,null,2230000,43752,2230000,43752,"상신","결재완료",2230000,43798,2230000,43798]
[1102,1000062434,10,"물품구매-소모품/임*은",1945601856,"소모품 pp 등 2종",10,"Z20010334","소모품-P.P(12x40x40) (의지재료) (의지재료)","Z01",456,null,43748,"최종승인",9620,"임성은",43749,301148,"신성메디칼","2019-10-10","2019-10-17",10,"EA",20000,1,200000,10,200000,43752,"결제",null,0,null,200000,43752,200000,43752,"상신","결재완료",200000,43798,200000,43798]
[1102,1000062599,30,"물품구매-휠체어수리/임*은",1945601903,"휠체어수리 앞바퀴 등 6종",30,"Z20120206","휠체어수리-브레이크활동형J2(활동형) (의지재료) (의지재료)","Z01",456,null,43755,"최종승인",9620,"임성은",43759,309507,"미키코리아(주)","2019-10-10","2019-10-17",6,"EA",22000,1,132000,6,132000,43752,"결제",null,0,null,132000,43752,132000,43752,"상신","결재완료",132000,43798,132000,43798]
[1102,1000062381,90,"기타",1945601836,"타이어 등 19종",90,"Z20120542","휠체어수리-휠체어튜브-전동용 9' 휠로피아 (의지재료) (의지재료)","Z01",456,null,43746,"최종승인",26283,"유재선",43748,301700,"(주)휠로피아","2019-10-08","2019-10-15",6,"EA",6000,1,36000,6,36000,43749,"결제",null,0,null,36000,43749,36000,43749,"상신","결재완료",36000,43798,36000,43798]
[1102,1000062384,10,"기타",1945601839,"휠체어수리 타이어 등 2종",10,"Z20120371","휠체어수리-타이어J2용미키(22,24x1in) (의지재료) (의지재료)","Z01",456,null,43746,"최종승인",26283,"유재선",43748,309507,"미키코리아(주)","2019-10-08","2019-10-15",30,"EA",8000,1,240000,30,240000,43749,"결제",null,0,null,240000,43749,240000,43749,"상신","결재완료",240000,43798,240000,43798]
[1102,1000062359,10,"물품구매(집뇨기)",1945601849,"집뇨기유린백",10,"Z20130035","집뇨기유린백-외산1000(외산1000cc) (의지재료) (의지재료)","Z01",456,null,43746,"최종승인",9144,"정창희",43748,301700,"(주)휠로피아","2019-10-08","2019-10-15",12,"EA",54000,1,648000,12,648000,43748,"결제",null,0,null,648000,43748,648000,43748,"상신","결재완료",648000,43798,648000,43798]
[1102,1000062297,20,"물품구매(휠체어-김*철)",1945601813,"활동형휠체어 등 6종",20,"Z20010640","휠체어-침대형 HAL-48알루미늄(미키) (의지재료) (의지재료)","Z01",456,null,43742,"최종승인",9144,"정창희",43745,309507,"미키코리아(주)","2019-10-04","2019-10-11",1,"EA",730000,1,730000,1,730000,43746,"결제",null,0,null,730000,43746,730000,43746,"상신","결재완료",730000,43798,730000,43798]
[1102,1000062316,20,"물품구매/미관형의수(실리콘)김*석/권*락/장*원/김*재/이*순/안*복/조*호/조*",1945601818,"보조기하지 등 5종",20,"Z20010368","의지상지-미관형의수실리콘리갈(외산) (의지재료) (의지재료)","Z01",456,null,43742,"최종승인",6164,"조성문",43745,301263,"성림교역","2019-10-04","2019-10-11",5,"EA",230000,1,1150000,5,1150000,43746,"결제",null,0,null,1150000,43746,1150000,43746,"상신","결재완료",1150000,43798,1150000,43798]
[1102,1500029357,70,"물품구매(컬러프린터 토너(검정) 등 9건/세금계산서)",1945601804,"스마트어시스트/컬러프린터 등 9종",70,null,"컬러프린터 잉크 (파랑)","Z06",456,null,43740,"최종승인",26892,"권칠용",43742,321731,"주식회사 소명시스템","2019-10-02","2019-10-31",2,"EA",19800,1,39600,2,39600,43745,"결제",null,0,null,39600,43745,39600,43745,"상신","결재완료",0,null,39600,43763]
[1102,1000061809,10,"물품구매(내구성 부하 승강장치)",1945601760,"돌봄로봇평가/내구성 부하 승강장치",10,"Z20050814","돌봄로봇평가(연구재료)","Z01",456,null,43733,"최종승인",27377,"정성배",43724,319518,"한울","2019-09-16","2019-10-02",1,"EA",968000,1,968000,1,968000,43738,"결제",null,0,null,968000,43738,968000,43738,"상신","결재완료",0,null,968000,43748]
[1102,1000060467,20,"물품구매(웨어러블 로봇 하퇴고정부 L사이즈 좌측 카본 외골격 등 4종/세금계",1945601431,"외골격로봇/웨어러블 로봇 하퇴고정부 l사이즈 좌측 카본 외골격 등 4종",20,"Z20050807","외골격로봇(연구재료)","Z01",456,null,43728,"최종승인",26892,"권칠용",43671,405295,"(주) 한일하이테크","2019-07-22","2019-09-27",5,"EA",470800,1,2354000,5,2354000,43735,"결제",null,0,null,2354000,43735,2354000,43735,"상신","결재완료",0,null,2354000,43748]
[1102,1300010685,10,"19년9월산업안전점검(케이아이안전보건기술원)",1945800065,"9월 산업안전점검",10,null,"19년9월산업안전점검","Z04",458,null,43711,"최종승인",6176,"김상수",43712,304163,"케이아이안전보건기술원(주) 지점","2019-09-01","2019-09-30",1,"개",180000,1,180000,1,180000,43733,"결제",null,0,null,180000,43733,180000,43733,"상신","결재완료",180000,43748,180000,43748]
[1102,1000061725,10,"물품구매(건측 손 3d스캔 등 4건/세금계산서)",1945601743,"골유착임플란트/건측 손 3d스캔 등 4종",10,"Z20050686","건측 손 3d스캔","Z01",456,null,43731,"최종승인",11509,"장대진",43714,324326,"퍼스트 케이","2019-09-05","2019-09-30",1,"EA",220000,1,220000,1,220000,43727,"결제",null,0,null,220000,43727,220000,43727,"상신","결재완료",0,null,220000,43733]
[1102,1000061814,20,"물품구매(손의지 등 2종)",1945601765,"자체 시험상용화/손의지 등 2종",20,"Z20050644","상지-손의지(연구재료) (연구재료)","Z01",456,null,43724,"최종승인",26292,"오혜정",43725,305173,"한국보훈복지의료공단중앙보훈병원","2019-09-16","2019-09-23",1,"EA",768000,1,768000,1,768000,43725,"결제",null,0,null,768000,43725,768000,43725,"상신","결재완료",768000,43733,768000,43733]
[1102,1000061684,20,"물품구맴(의지하지-김*민,왕*영/김*선)",1945601748,"의지하지 실리콘싹스 등 4종",20,"Z20010570","의지하지-흡입밸브실린라이너대퇴용(미국산) (의지재료) (의지재료)","Z01",456,null,43712,"최종승인",6675,"김훈선",43714,301434,"오서코리아주식회사","2019-09-04","2019-09-11",2,"EA",95000,1,190000,2,190000,43717,"결제",null,0,null,190000,43717,190000,43717,"상신","결재완료",190000,43769,190000,43769]
[1102,1000061716,10,"물품구매(미관형의수등-조*호등 5명/천*민)",1945601750,"보조기하지 등 3종",10,"Z20010894","보조기하지-UDFlex짧은다리보조기 보아식 (성림) (의지재료)","Z01",456,null,43714,"최종승인",27784,"천성민",43714,301263,"성림교역","2019-09-06","2019-09-13",2,"EA",120000,1,240000,2,240000,43717,"결제",null,0,null,240000,43717,240000,43717,"상신","결재완료",240000,43769,240000,43769]
[1102,1000061722,10,"물품구매(인티그라클러치락 등 3종)",1945601736,"자체 시험상용화/인티그라 클러치락 등 3종",10,"Z20050821","하지-인티그라클러치락(연구재료)","Z01",456,null,43713,"최종승인",26292,"오혜정",43714,301263,"성림교역","2019-09-05","2019-09-12",1,"EA",130000,1,130000,1,130000,43717,"결제",null,0,null,130000,43717,130000,43717,"상신","결재완료",130000,43733,130000,43733]
[1102,1000061627,20,"물품구매(매트리스)",1945601715,"욕창예방매트리스 등 2종",20,"Z20130055","욕창예방매트리스-Md-100 TPU3","Z01",456,null,43711,"최종승인",26461,"조혜정",43712,301766,"은혜메디칼","2019-09-02","2019-09-10",3,"EA",380000,1,1140000,3,1140000,43714,"결제",null,0,null,1140000,43714,1140000,43714,"상신","결재완료",1140000,43769,1140000,43769]
[1102,1000061506,10,"물품구매/미관형의수(실리콘)황*철/박*남/이*기/조*문",1945601698,"의지상지 미관형의수 등 2종",10,"Z20010367","의지상지-미관형의수실리콘두손 (의지재료) (의지재료)","Z01",456,null,43707,"최종승인",6164,"조성문",43710,300508,"두손의수","2019-08-30","2019-09-06",2,"EA",230000,1,460000,2,460000,43711,"결제",null,0,null,460000,43711,460000,43711,"상신","결재완료",460000,43769,460000,43769]
[1102,1000061388,10,"물품구매(리튬전지2600mAh 1건/세금계산서)",1945601687,"휠체어트래커/리튬전지",10,"Z20050738","휠체어트래커(연구재료)","Z01",456,null,43731,"최종승인",6363,"홍응표",43706,325988,"주식회사 벡셀","2019-08-28","2019-09-30",5,"EA",209000,1,1045000,5,1045000,43710,"결제",null,0,null,1045000,43710,1045000,43710,"상신","결재완료",0,null,1045000,43733]
[1102,1000061345,20,"물품구매(김*욱-이*현/유*선)",1945601664,"일반형휠체어 등 2종",20,"Z20120654","일반형휠체어-SMART-Twin(22D)(우리체어메디칼)","Z01",456,null,43704,"최종승인",26283,"유재선",43705,324470,"우리체어메디칼","2019-08-27","2019-09-03",1,"EA",450000,1,450000,1,450000,43706,"결제",null,0,null,450000,43706,450000,43706,"상신","결재완료",450000,43738,450000,43738]
[1102,1000061384,60,"물품구매-소모품/임*은",1945601697,"소모품 피피 등 8종",60,"Z20010257","소모품-전기테이프(19mm) (의지재료) (의지재료)","Z01",456,null,43705,"최종승인",9620,"임성은",43710,301148,"신성메디칼","2019-08-28","2019-09-04",20,"EA",500,1,10000,20,10000,43706,"결제",null,0,null,10000,43706,10000,43706,"상신","결재완료",10000,43738,10000,43738]
[1102,1000061272,60,"물품구매(의지재료/천*민)",1945601627,"소모품 석고소석고 등 7종",60,"Z20010145","소모품-밴드스타킹 (의지재료) (의지재료)","Z01",456,null,43700,"최종승인",27784,"천성민",43703,301148,"신성메디칼","2019-08-23","2019-08-30",50,"EA",1100,1,55000,50,55000,43705,"결제",null,0,null,55000,43705,55000,43705,"상신","결재완료",55000,43738,55000,43738]
[1102,1000061399,10,"물품구매(방석및매트리스)",1945601691,"욕창예방방석 등 2종",10,"Z20130029","욕창예방방석공기격자형-Smdub0003(8x9x5) (의지재료) (의지재","Z01",456,null,43705,"최종승인",26461,"조혜정",43706,323411,"주식회사씰테크 용인지점","2019-08-27","2019-09-04",10,"EA",230000,1,2300000,10,2300000,43705,"결제",null,0,null,2300000,43705,2300000,43705,"상신","결재완료",2300000,43738,2300000,43738]
[1102,1000061267,20,"물품구매(직무형인공발/프로플렉스XC 등 3종)",1945601658,"자체 시험상용화/직무형인공발 프로플렉스 등 3종",20,"Z20050546","하지-고기능인공발(프로플렉스LP)(연구재료) (연구재료)","Z01",456,null,43703,"최종승인",26292,"오혜정",43704,301434,"오서코리아주식회사","2019-08-26","2019-09-02",1,"EA",2100000,1,2100000,1,2100000,43704,"결제",null,0,null,2100000,43704,2100000,43704,"상신","결재완료",2100000,43718,2100000,43718]
[1102,1000061283,10,"물품구매(손의지-문*금 외 조*정)",1945601642,"의지상지 미관형의수 등 2종",10,"Z20010367","의지상지-미관형의수실리콘두손 (의지재료) (의지재료)","Z01",456,null,43700,"최종승인",26461,"조혜정",43704,300508,"두손의수","2019-08-23","2019-08-30",5,"EA",230000,1,1150000,5,1150000,43704,"결제",null,0,null,1150000,43704,1150000,43704,"상신","결재완료",1150000,43738,1150000,43738]
[1102,1000061326,20,"물품구매(미관형의수-김*식)",1945601670,"의지상지 미관형의수 등 2종",20,"Z20010838","의지하지-미관형족지레진(두손) (의지재료)","Z01",456,null,43704,"최종승인",9144,"정창희",43705,300508,"두손의수","2019-08-27","2019-09-03",1,"EA",90000,1,90000,1,90000,43704,"결제",null,0,null,90000,43704,90000,43704,"상신","결재완료",90000,43738,90000,43738]
[1102,1000061367,50,"물품구매(실리콘라이너-신*길)",1945601684,"의지하지 실리콘싹스 등 8종",50,"Z20010543","의지하지-실리콘싹스향균라이너하퇴용(독일산) (의지재료) (의지재료)","Z01",456,null,43704,"최종승인",9144,"정창희",43705,305386,"(주) 오토복코리아헬스케어","2019-08-27","2019-09-03",1,"EA",235000,1,235000,1,235000,43704,"결제",null,0,null,235000,43704,235000,43704,"상신","결재완료",235000,43738,235000,43738]
[1102,1000061249,10,"물품구매(매트리스-김*주 외 조*정)",1945601638,"욕창예방매트리스",10,"Z20130002","욕창예방매트리스공기격자형-로호(860x2040x89mm) (의지재료) (","Z01",456,null,43700,"최종승인",26461,"조혜정",43704,305386,"(주) 오토복코리아헬스케어","2019-08-23","2019-08-30",3,"EA",1650000,1,4950000,3,4950000,43703,"결제",null,0,null,4950000,43703,4950000,43703,"상신","결재완료",4950000,43738,4950000,43738]
[1102,1000061102,10,"물품구매(의지하지-고*석,장*규/김*동)",1945601600,"의지하지 실리콘 젤 라이너 등 2종",10,"Z20010943","의지하지-실리콘 젤 라이너(6Y70)(독일산) (의지재료)","Z01",456,null,43696,"최종승인",8219,"김수동",43699,305386,"(주) 오토복코리아헬스케어","2019-08-19","2019-08-23",1,"EA",180000,1,180000,1,180000,43700,"결제",null,0,null,180000,43700,180000,43700,"상신","결재완료",180000,43738,180000,43738]
[1102,1000061183,10,"물품구매/의지재료(소모품)/조*문",1945601594,"소모품 뒤플렉스 등 5종",10,"Z20010111","소모품-뒤플렉스(10x40x40) (의지재료) (의지재료)","Z01",456,null,43698,"최종승인",6164,"조성문",43699,301148,"신성메디칼","2019-08-21","2019-08-28",10,"EA",35000,1,350000,10,350000,43700,"결제",null,0,null,350000,43700,350000,43700,"상신","결재완료",350000,43738,350000,43738]
[1102,1000061163,20,"물품구매(한*진/유*선)",1945601589,"활동형휠체어 등 4종",20,"Z20120616","휠체어수리-배터리(12V62AH) (의지재료)","Z01",456,null,43697,"최종승인",26283,"유재선",43698,301700,"(주)휠로피아","2019-08-20","2019-08-27",4,"EA",105000,1,420000,4,420000,43699,"결제",null,0,null,420000,43699,420000,43699,"상신","결재완료",420000,43738,420000,43738]
[1102,1000061205,110,"물품구매(기타재료)",1945601605,"소모품 피피 등 16종",110,"Z20010145","소모품-밴드스타킹 (의지재료) (의지재료)","Z01",456,null,43698,"최종승인",26461,"조혜정",43699,301148,"신성메디칼","2019-08-19","2019-08-28",100,"EA",1100,1,110000,100,110000,43699,"결제",null,0,null,110000,43699,110000,43699,"상신","결재완료",110000,43738,110000,43738]
[1102,1000061205,120,"물품구매(기타재료)",1945601605,"소모품 피피 등 16종",120,"Z20010259","소모품-젤렉스(A급) (의지재료) (의지재료)","Z01",456,null,43698,"최종승인",26461,"조혜정",43699,301148,"신성메디칼","2019-08-19","2019-08-28",5,"EA",35000,1,175000,5,175000,43699,"결제",null,0,null,175000,43699,175000,43699,"상신","결재완료",175000,43738,175000,43738]
[1102,1000061208,40,"물품구매(의지하지-정*용 외 조*정)",1945601608,"의지하지 실리콘싹스 등 6종",40,"Z20010546","의지하지-실리콘싹스X5씰린대퇴용(미국산) (의지재료) (의지재료)","Z01",456,null,43698,"최종승인",26461,"조혜정",43699,301434,"오서코리아주식회사","2019-08-21","2019-08-28",1,"EA",600000,1,600000,1,600000,43699,"결제",null,0,null,600000,43699,600000,43699,"상신","결재완료",600000,43738,600000,43738]
[1102,1300010512,10,"(주)중앙소방이앤지",1945800055,"8월 소방점검",10,null,"19년08월소방점검","Z04",458,null,43678,"최종승인",6176,"김상수",43678,302183,"(주) 중앙소방이앤지","2019-08-01","2019-08-31",1,"개",190000,1,190000,1,190000,43699,"결제",null,0,null,190000,43699,190000,43699,"상신","결재완료",190000,43718,190000,43718]
[1102,1000061212,70,"물품구매(노루페인트 핑고 제네럴 스프레이 베이스코트 등 9건/법인카드)",1945601593,"작업용의자차/노루페인트 핑고 제네럴 등 9종",70,"Z20050766","작업용의자차(연구재료)","Z01",456,null,43728,"최종승인",26892,"권칠용",43698,507597926,"보조기구부합화-7926","2019-08-21","2019-09-27",1,"EA",67100,1,67100,1,67100,43698,"결제",null,0,null,67100,43698,67100,43698,"상신","결재완료",0,null,67100,43752]
[1102,1000061064,10,"물품구매 의지상지 지*득 외 /창원센터",1945601578,"의지상지 미관형의수/지*득 등",10,"Z20010368","의지상지-미관형의수실리콘리갈(외산) (의지재료) (의지재료)","Z01",456,null,43693,"최종승인",6166,"김현종",43696,301263,"성림교역","2019-08-16","2019-08-23",2,"EA",230000,1,460000,2,460000,43697,"결제",null,0,null,460000,43697,460000,43697,"상신","결재완료",460000,43738,460000,43738]
[1102,1000061004,10,"물품구매 (ASSY 2.4 Φ 등 4건/ 세금계산서)",1945601554,"스마트소켓/assy2.4 등 4종",10,"Z20050607","스마트소켓(연구재료) (연구재료)","Z01",456,null,43718,"최종승인",27826,"전만기",43690,322572,"앤트와이어","2019-08-13","2019-09-17",5,"EA",19800,1,99000,5,99000,43696,"결제",null,0,null,99000,43696,99000,43696,"상신","결재완료",0,null,99000,43718]
[1102,1000060035,10,"물품구매요구(WORMGEAR SET/세금계산서)",1945601286,"직무지원/worm gear set",10,"Z20050113","직무지원 연구재료 (연구재료) (연구재료)","Z01",456,null,43686,"최종승인",26346,"정성윤",43651,324705,"주식회사 신성텍","2019-07-04","2019-08-16",100,"EA",67000,1,6700000,100,6700000,43691,"결제",null,0,null,6700000,43691,6700000,43691,"상신","결재완료",6700000,43718,6700000,43718]
[1102,1000060989,30,"물품구매(한*주-황*택-김*민-이*화/유*선)",1945601560,"활동형휠체어 등 5종",30,"Z20120561","타이어-24\"마라톤점검 (퓔로피아) (의지재료) (의지재료)","Z01",456,null,43689,"최종승인",26283,"유재선",43691,301700,"(주)휠로피아","2019-08-12","2019-08-19",10,"EA",32000,1,320000,10,320000,43691,"결제",null,0,null,320000,43691,320000,43691,"상신","결재완료",320000,43738,320000,43738]
[1102,1000060963,20,"물품구매-의지상지/임*",1945601562,"의지상지 미관형의수 등 2종",20,"Z20010838","의지하지-미관형족지레진(두손) (의지재료)","Z01",456,null,43686,"최종승인",9620,"임성은",43691,300508,"두손의수","2019-08-09","2019-08-16",1,"EA",90000,1,90000,1,90000,43690,"결제",null,0,null,90000,43690,90000,43690,"상신","결재완료",90000,43738,90000,43738]
[1102,1000060918,50,"물품구매(베리플렉스퀵얼라인) 등 5종",1945601522,"자체 시험상용화/직무형인공발 베리플렉스퀵얼라인 등 5종",50,"Z20050454","하지-고기능인공발(프로플렉스XC)(연구재료) (연구재료)","Z01",456,null,43684,"최종승인",26292,"오혜정",43686,301434,"오서코리아주식회사","2019-08-07","2019-08-14",1,"EA",2300000,1,2300000,1,2300000,43689,"결제",null,0,null,2300000,43689,2300000,43689,"상신","결재완료",2300000,43700,2300000,43700]
[1102,1300010518,10,"19년08월승강기점검(서울승강기서비스)",1945800058,"8월 승강기점검",10,null,"19년승강기점검","Z04",458,null,43678,"최종승인",6176,"김상수",43678,315165,"서울승강기서비스","2019-08-01","2019-08-31",1,"개",110000,1,110000,1,110000,43689,"결제",null,0,null,110000,43689,110000,43689,"상신","결재완료",110000,43700,110000,43700]
[1102,1000060960,10,"물품구매요구(초음파 세척기/법인카드)",1945601535,"골유착임플란트/초음파세척기",10,"Z20050686","골유착임플란트(연구재료)","Z01",456,null,43691,"최종승인",26346,"정성윤",43689,516545280,"골유착임플란트-5280","2019-08-09","2019-08-22",1,"EA",220000,1,220000,1,220000,43686,"결제",null,0,null,220000,43686,220000,43686,"상신","결재완료",0,null,220000,43703]
[1102,1500028700,60,"사무용 소모품 구매 (정부화일등 7종)",1945601539,"사무용품 7종",60,null,"플러스펜","Z06",456,null,43689,"최종승인",4752,"이은아",43690,303191,"인성","2019-08-09","2019-08-14",1,"EA",6818,1,6818,1,6818,43686,"결제",null,0,null,6818,43686,6818,43686,"상신","결재완료",6818,43700,6818,43700]
[1102,1000060945,10,"물품구매(울트라캐패시터 등 5종 1건/법인카드)",1945601533,"휠체어트래커/울트라캐패시터 등 5종",10,"Z20050738","휠체어트래커(연구재료)","Z01",456,null,43700,"최종승인",6363,"홍응표",43686,516501005,"휠체어트래커-1005","2019-08-08","2019-08-30",1,"EA",892100,1,892100,1,892100,43685,"결제",null,0,null,892100,43685,892100,43685,"상신","결재완료",0,null,892100,43703]
[1102,1000060649,10,"물품구매(무릎관절장치/3R60)",1945601486,"자체 시험상용화/무릎관절장치 등 7종",10,"Z20050082","하지-대퇴용무릎장식 3R60 (연구재료) (연구재료)","Z01",456,null,43675,"최종승인",26292,"오혜정",43676,305386,"(주) 오토복코리아헬스케어","2019-07-29","2019-08-05",1,"EA",3690000,1,3690000,1,3690000,43678,"결제",null,0,null,3690000,43678,3690000,43678,"상신","결재완료",3690000,43689,3690000,43689]
[1102,1000060480,20,"물품구매(성인용보행기(휴먼스텝산아2) 등 4종)",1945601433,"자체 시험상용화/성인용보행기 등 4종",20,"Z20050790","성인용보행기-보성메디케어(BS-302)(시험검사)","Z01",456,null,43672,"최종승인",27377,"정성배",43671,325772,"100세동안 사당점","2019-07-23","2019-08-02",3,"EA",185000,1,555000,3,555000,43676,"결제",null,0,null,555000,43676,555000,43676,"상신","결재완료",555000,43689,555000,43689]
[1102,1000060562,20,"물품구매(휠체어수리/천*민)",1945601472,"휠체어수리 등 2종",20,"Z20120097","휠체어수리-뒷바퀴조립일반형(22,24in) (의지재료) (의지재료)","Z01",456,null,43671,"최종승인",27784,"천성민",43675,306977,"(주)대세엠케어 경인지점 (인천)","2019-07-25","2019-07-31",2,"EA",40000,1,80000,2,80000,43676,"결제",null,0,null,80000,43676,80000,43676,"상신","결재완료",80000,43707,80000,43707]
[1102,1000060627,10,"물품구매(전*옥-조*용/유*선)",1945601494,"활동형휠체어/전*옥 등",10,"Z20120641","활동형휠체어- 노바제로 A타입 (티오엠)","Z01",456,null,43675,"최종승인",26283,"유재선",43677,325322,"썬메디테크","2019-07-29","2019-08-05",2,"EA",950000,1,1900000,2,1900000,43676,"결제",null,0,null,1900000,43676,1900000,43676,"상신","결재완료",1900000,43707,1900000,43707]
[1102,1300010478,10,"리튬배터리팩(7S129)사이클 시험",1945800052,"배터리성능평가/리튬배터리팩사이클시험",10,null,"리튬배터리팩(7S129)사이클 시험","Z04",458,null,43672,"최종승인",6149,"최기원",43676,325721,"한국전기연구원","2019-07-26","2019-12-29",1,"EA",5869000,1,5869000,1,5869000,43676,"결제",null,0,null,5869000,43676,5869000,43676,"상신","결재완료",0,null,5869000,43689]
[1102,1000060623,40,"물품구매(오딧세이 등 5종)",1945601487,"자체 시험상용화/직무형인공발 오딧세이 등 5종",40,"Z20050812","하지-이지슬리브(연구재료)","Z01",456,null,43675,"최종승인",26292,"오혜정",43676,301263,"성림교역","2019-07-29","2019-08-05",1,"EA",130000,1,130000,1,130000,43675,"결제",null,0,null,130000,43675,130000,43675,"상신","결재완료",130000,43689,130000,43689]
[1102,1000060586,10,"물품구매(이*구,정*자)전*만",1945601469,"휠체어꺽기형",10,"Z20120055","휠체어꺽기형-미라지7일반형미키 (의지재료) (의지재료)","Z01",456,null,43672,"최종승인",6160,"전영만",43675,309507,"미키코리아(주)","2019-07-26","2019-08-02",2,"EA",440000,1,880000,2,880000,43672,"결제",null,0,null,880000,43672,880000,43672,"상신","결재완료",880000,43707,880000,43707]
[1102,1000060511,20,"물품구매(방석-우*준 외 조*정)",1945601445,"욕창예방매트리스",20,"Z20130014","욕창예방매트리스교대부양형-Md200(800x1800x50mm) (의지재료","Z01",456,null,43670,"최종승인",26461,"조혜정",43671,301766,"은혜메디칼","2019-07-24","2019-07-31",5,"EA",120000,1,600000,5,600000,43671,"결제",null,0,null,600000,43671,600000,43671,"상신","결재완료",600000,43707,600000,43707]
[1102,1000060563,40,"물품구매 커버 등 14건 / 법인카드 5410",1945601464,"외골격로봇/커버 등 14종",40,"Z20050807","외골격로봇(연구재료)","Z01",456,null,43707,"최종승인",27520,"최혁재",43672,516525410,"외골격로봇-5410","2019-07-25","2019-09-06",1,"EA",8500,1,8500,1,8500,43671,"결제",null,0,null,8500,43671,8500,43671,"상신","결재완료",0,null,8500,43703]
[1102,1000060418,10,"물품구매(형*순/유*선)",1945601416,"일반형휠체어",10,"Z20120652","일반형휠체어-SMART-cpu(24D)우리체어메디칼","Z01",456,null,43668,"최종승인",26283,"유재선",43669,324470,"우리체어메디칼","2019-07-22","2019-07-29",1,"EA",450000,1,450000,1,450000,43670,"결제",null,0,null,450000,43670,450000,43670,"상신","결재완료",450000,43707,450000,43707]
[1102,1000060475,20,"물품구매(젤렉스)",1945601442,"소모품 젤렉스 등 2종",20,"Z20010555","의지하지-폼카바대퇴용대만(대만산) (의지재료) (의지재료)","Z01",456,null,43669,"최종승인",9144,"정창희",43671,301148,"신성메디칼","2019-07-23","2019-07-30",10,"EA",88000,1,880000,10,880000,43670,"결제",null,0,null,880000,43670,880000,43670,"상신","결재완료",880000,43707,880000,43707]
[1102,1000060353,20,"물품구매/회전테이블,상박관절장식,짧은다리플라스틱보조기/장*현/김*재/장재",1945601395,"의지하지 무릎회전장식 등 4종",20,"Z20010620","의지하지-3-프롱대퇴회전조절소켓 (의지재료) (의지재료)","Z01",456,null,43664,"최종승인",6164,"조성문",43665,305386,"(주) 오토복코리아헬스케어","2019-07-18","2019-07-25",1,"EA",103000,1,103000,1,103000,43669,"결제",null,0,null,103000,43669,103000,43669,"상신","결재완료",103000,43707,103000,43707]
[1102,1000060388,40,"물품구매(의지재료/천*민)",1945601401,"소모품 핑킹가위 등 9종",40,"Z20010862","소모품-스키반창 (의지재료)","Z01",456,null,43665,"최종승인",27784,"천성민",43668,301148,"신성메디칼","2019-07-19","2019-07-26",2,"EA",10000,1,20000,2,20000,43669,"결제",null,0,null,20000,43669,20000,43669,"상신","결재완료",20000,43707,20000,43707]
[1102,1000060392,20,"물품구매 휠체어 신*현,강*근,서*우 외 /창원센터",1945601404,"휠체어일반형 등 4종",20,"Z20120570","전동휠체어-나래디럭스 (케어라인) (의지재료) (의지재료)","Z01",456,null,43665,"최종승인",6166,"김현종",43668,324832,"주식회사 이레엠케어","2019-07-19","2019-07-26",1,"EA",1900000,1,1900000,1,1900000,43669,"결제",null,0,null,1900000,43669,1900000,43669,"상신","결재완료",1900000,43707,1900000,43707]
[1102,1000060470,30,"물품구매(의지하지-최*준 외 조*정)",1945601449,"의지하지 실리콘싹스 등 6종",30,"Z20010891","의지하지-실리콘싹스(아이스로스 씰인X-TF(Set) (의지재료)","Z01",456,null,43669,"최종승인",26461,"조혜정",43671,301434,"오서코리아주식회사","2019-07-22","2019-07-30",2,"EA",620000,1,1240000,2,1240000,43669,"결제",null,0,null,1240000,43669,1240000,43669,"상신","결재완료",1240000,43707,1240000,43707]
[1102,1000060454,10,"물품구매(타이밍풀리 외 17건/ 법인카드)",1945601436,"스마트소켓/타이밍플리 등 16건",10,"Z20050607","스마트소켓(연구재료) (연구재료)","Z01",456,null,43682,"최종승인",27826,"전만기",43671,516506169,"스마트소켓-6169","2019-07-22","2019-08-12",1,"EA",1953782,1,1953782,1,1953782,43668,"결제",null,0,null,1953782,43668,1953782,43668,"상신","결재완료",0,null,1953782,43703]
[1102,1000060066,20,"물품구매 ( Roatary Cylinder ver1.0 외 3건/ 세금계산서)",1945601327,"직무지원/rota교 cylinder 등 4종",20,"Z20050113","직무지원 연구재료 (연구재료) (연구재료)","Z01",456,null,43705,"최종승인",28446,"전경진",43656,324705,"주식회사 신성텍","2019-07-09","2019-09-04",1,"EA",700000,1,700000,1,700000,43664,"결제",null,0,null,700000,43664,700000,43664,"상신","결재완료",700000,43671,700000,43671]
[1102,1000060326,10,"물품구매(AL6061)",1945601392,"직무지원/al6061",10,"Z20050113","직무지원 연구재료 (연구재료) (연구재료)","Z01",456,null,43663,"최종승인",6147,"김도완",43664,300799,"(주) 동양기재상사","2019-07-17","2019-07-24",1,"EA",13400,1,13400,1,13400,43664,"결제",null,0,null,13400,43664,13400,43664,"상신","결재완료",13400,43689,13400,43689]
[1102,1000060171,10,"물품구매(의지상지-문*동 외/김*동)",1945601356,"의지상지 미관형의수 등 4종",10,"Z20010368","의지상지-미관형의수실리콘리갈(외산) (의지재료) (의지재료)","Z01",456,null,43656,"최종승인",8219,"김수동",43661,301263,"성림교역","2019-07-10","2019-07-16",6,"EA",230000,1,1380000,6,1380000,43662,"결제",null,0,null,1380000,43662,1380000,43662,"상신","결재완료",1380000,43707,1380000,43707]
[1102,1000060181,30,"물품구매(상지의지-신*균 외 9명/양*호)",1945601335,"의지상지 미관형의수 등 4종",30,"Z20010388","의지상지-상박주관절장식키드형중국(중국산) (의지재료) (의지재료)","Z01",456,null,43657,"최종승인",27264,"양철호",43656,301263,"성림교역","2019-07-10","2019-07-18",1,"EA",170000,1,170000,1,170000,43662,"결제",null,0,null,170000,43662,170000,43662,"상신","결재완료",170000,43707,170000,43707]
[1102,1000060245,20,"물품구매(기타재료)",1945601381,"소모품 석고붕대 등 30종",20,"Z20010259","소모품-젤렉스(A급) (의지재료) (의지재료)","Z01",456,null,43658,"최종승인",26461,"조혜정",43664,301148,"신성메디칼","2019-07-12","2019-07-19",5,"EA",35000,1,175000,5,175000,43662,"결제",null,0,null,175000,43662,175000,43662,"상신","결재완료",175000,43707,175000,43707]
[1102,1000060245,190,"물품구매(기타재료)",1945601381,"소모품 석고붕대 등 30종",190,"Z20010312","소모품-피혁칼(제화용) (의지재료) (의지재료)","Z01",456,null,43658,"최종승인",26461,"조혜정",43664,301148,"신성메디칼","2019-07-12","2019-07-19",2,"EA",10000,1,20000,2,20000,43662,"결제",null,0,null,20000,43662,20000,43662,"상신","결재완료",20000,43707,20000,43707]
[1102,1000060288,30,"물품구매(상지의지-이*술 외 조*정)",1945601380,"의지상지 미관형의수 등 8종",30,"Z20010062","보조기하지-장보조기장식(小) (의지재료) (의지재료)","Z01",456,null,43662,"최종승인",26461,"조혜정",43664,301263,"성림교역","2019-07-16","2019-07-19",5,"EA",35000,1,175000,5,175000,43662,"결제",null,0,null,175000,43662,175000,43662,"상신","결재완료",175000,43707,175000,43707]
[1102,1000060230,10,"물품구매(기립형 휠체어)",1945601389,"자체 시험상용화/기립형 수동휠체어",10,"Z20050032","기립형 수동휠체어 (연구재료) (연구재료)","Z01",456,null,43661,"최종승인",26292,"오혜정",43664,304132,"조영승 (상윤산업)","2019-07-15","2019-07-22",1,"EA",2606000,1,2606000,1,2606000,43661,"결제",null,0,null,2606000,43661,2606000,43661,"상신","결재완료",2606000,43671,2606000,43671]
[1102,1000060124,120,"물품구매(안전손잡이-대구정공(DGP-0001) 등 21종",1945601313,"자체 시험상용화/안전손잡이 등 3종",120,"Z20050189","간이변기HD-UW-001(시험검사센터) (연구재료)","Z01",456,null,43658,"최종승인",27377,"정성배",43655,320195,"가정복지","2019-07-08","2019-07-19",1,"EA",8182,1,8182,1,8182,43658,"결제",null,0,null,8182,43658,8182,43658,"상신","결재완료",8182,43671,8182,43671]
[1102,1000060122,50,"물품구매(전동침대-한국베드(HB-110) 등 6종)",1945601314,"자체 시험상용화/전동침대 등 6종",50,"Z20050780","경사로-케어맥스코리아(R-125SL)(시험검사)","Z01",456,null,43658,"최종승인",27377,"정성배",43655,325713,"엔티바이오","2019-07-08","2019-07-19",1,"EA",904545,1,904545,1,904545,43657,"결제",null,0,null,904545,43657,904545,43657,"상신","결재완료",904545,43671,904545,43671]
[1102,1000060067,10,"물품구매 (Rotational Blade 외 5건/ 세금계산서)",1945601326,"직무지원/rotaional blade hd 등 6종",10,"Z20050113","직무지원 연구재료 (연구재료) (연구재료)","Z01",456,null,43705,"최종승인",28446,"전경진",43656,324705,"주식회사 신성텍","2019-07-04","2019-09-04",3,"EA",469000,1,1407000,3,1407000,43656,"결제",null,0,null,1407000,43656,1407000,43656,"상신","결재완료",1407000,43671,1407000,43671]
[1102,1000060137,30,"물품구매(차*천/유*선)",1945601308,"활동형휠체어 등 3종",30,"Z20120667","휠체어 수리 - 팔받이 이클립스","Z01",456,null,43654,"최종승인",26283,"유재선",43655,301700,"(주)휠로피아","2019-07-08","2019-07-15",2,"EA",10000,1,20000,2,20000,43656,"결제",null,0,null,20000,43656,20000,43656,"상신","결재완료",20000,43707,20000,43707]
[1102,1000060176,10,"물품구매(브레이크)",1945601339,"휠체어수리",10,"Z20120192","휠체어수리-브레이크일반형대세(일반형) (의지재료) (의지재료)","Z01",456,null,43657,"최종승인",9144,"정창희",43657,323873,"하나엠케어","2019-07-09","2019-07-18",2,"EA",11818,1,23636,2,23636,43656,"결제",null,0,null,23636,43656,23636,43656,"상신","결재완료",23636,43707,23636,43707]
[1102,1000060127,20,"물품구매 집뇨기 외 /창원센터",1945601317,"집뇨기유린백 등 3종",20,"Z20120392","휠체어수리-튜브일반형휠로피아(24x13/8in) (의지재료) (의지재료)","Z01",456,null,43655,"최종승인",6166,"김현종",43655,301700,"(주)휠로피아","2019-07-05","2019-07-16",20,"EA",4400,1,88000,20,88000,43655,"결제",null,0,null,88000,43655,88000,43655,"상신","결재완료",88000,43707,88000,43707]
[1102,1000060015,20,"물품구매(킴와이프스 등 8건/세금계산서)",1945601277,"직무지원/킴와이프스 등 8종",20,"Z20050113","직무지원 연구재료 (연구재료) (연구재료)","Z01",456,null,43670,"최종승인",6146,"차국찬",43650,322296,"위랩","2019-07-03","2019-07-31",1,"EA",55000,1,55000,1,55000,43651,"결제",null,0,null,55000,43651,55000,43651,"상신","결재완료",55000,43671,55000,43671]
[1102,1000060015,30,"물품구매(킴와이프스 등 8건/세금계산서)",1945601277,"직무지원/킴와이프스 등 8종",30,"Z20050113","직무지원 연구재료 (연구재료) (연구재료)","Z01",456,null,43670,"최종승인",6146,"차국찬",43650,322296,"위랩","2019-07-03","2019-07-31",1,"EA",150000,1,150000,1,150000,43651,"결제",null,0,null,150000,43651,150000,43651,"상신","결재완료",150000,43671,150000,43671]
[1102,1000060020,40,"물품구매(휠체어-이*수)",1945601269,"휠체어꺽기형 등 9종",40,"Z20120390","휠체어수리-튜브일반형미키(22,24in) (의지재료) (의지재료)","Z01",456,null,43649,"최종승인",9144,"정창희",43649,309507,"미키코리아(주)","2019-07-03","2019-07-10",10,"EA",4000,1,40000,10,40000,43650,"결제",null,0,null,40000,43650,40000,43650,"상신","결재완료",40000,43707,40000,43707]
[1102,1000059846,10,"물품구매(미관형의수-김*석)",1945601265,"의지상지 미관형의수 등 2종",10,"Z20010367","의지상지-미관형의수실리콘두손 (의지재료) (의지재료)","Z01",456,null,43644,"최종승인",9144,"정창희",43649,300508,"두손의수","2019-06-28","2019-07-05",3,"EA",213099,1,639297,3,639297,43648,"결제",null,0,null,639297,43648,639297,43648,"상신","결재완료",639297,43707,639297,43707]
[1102,1000060040,10,"물품구매(손의지-김*자 외 조*정)",1945601302,"의지상지 미관형의수 등 3종",10,"Z20010367","의지상지-미관형의수실리콘두손 (의지재료) (의지재료)","Z01",456,null,43650,"최종승인",26461,"조혜정",43654,300508,"두손의수","2019-07-02","2019-07-11",3,"EA",213099,1,639297,3,639297,43648,"결제",null,0,null,639297,43648,639297,43648,"상신","결재완료",639297,43707,639297,43707]
[1102,1000059821,20,"물품구매(의지재료/천*민)",1945601252,"소모품 석고붕대 등 3종",20,"Z20010170","소모품-석고붕대(10cm) (의지재료) (의지재료)","Z01",456,null,43643,"최종승인",27784,"천성민",43644,301148,"신성메디칼","2019-06-27","2019-07-04",120,"EA",1900,1,228000,120,228000,43644,"결제",null,0,null,228000,43644,228000,43644,"상신","결재완료",228000,43677,228000,43677]
[1102,1000059675,30,"물품구매(작업용 의수SET 등 4종)",1945601231,"자체 시험상용화/작업용의수 등 4종",30,"Z20050131","상지-호스머 꺾임기능 손목장식 (연구재료) (연구재료)","Z01",456,null,43640,"최종승인",26292,"오혜정",43642,301263,"성림교역","2019-06-25","2019-07-01",1,"EA",325000,1,325000,1,325000,43642,"결제",null,0,null,325000,43642,325000,43642,"상신","결재완료",325000,43656,325000,43656]
[1102,1000059455,20,"물품구매(작업자용 모델 대퇴 고정부 프레임 등 5건/세금계산서)",1945601111,"맞춤형근골격/작업자용 모델 대퇴 고정부 프레임 등 5종",20,"Z20050524","맞춤형근골격(연구재료) (연구재료)","Z01",456,null,43637,"최종승인",26892,"권칠용",43630,316049,"(주)씨이피테크","2019-06-14","2019-06-28",1,"EA",396000,1,396000,1,396000,43641,"결제",null,0,null,396000,43641,396000,43641,"상신","결재완료",0,null,396000,43656]
[1102,1000059649,10,"물품구매/반자동의수카바/김*석/신*동/조*문",1945601181,"의지상지 미관형의수 등 2종",10,"Z20010369","의지상지-미관형의수전자글러브레진(외산) (의지재료) (의지재료)","Z01",456,null,43637,"최종승인",6164,"조성문",43640,305386,"(주) 오토복코리아헬스케어","2019-06-21","2019-06-28",1,"EA",162000,1,162000,1,162000,43641,"결제",null,0,null,162000,43641,162000,43641,"상신","결재완료",162000,43677,162000,43677]
[1102,1000059725,30,"물품구매(방석-김*길 외 조*정)",1945601239,"욕창예방방석커바 등 3종",30,"Z20130002","욕창예방매트리스공기격자형-로호(860x2040x89mm) (의지재료) (","Z01",456,null,43641,"최종승인",26461,"조혜정",43643,305386,"(주) 오토복코리아헬스케어","2019-06-24","2019-07-02",3,"EA",1650000,1,4950000,3,4950000,43641,"결제",null,0,null,4950000,43641,4950000,43641,"상신","결재완료",4950000,43677,4950000,43677]
[1102,1000059571,10,"물품구매(의지상지-김*태/김*동)",1945601169,"의지상지 반자동의수 등 2종",10,"Z20010373","의지상지-반자동의수(독일산) (의지재료) (의지재료)","Z01",456,null,43635,"최종승인",8219,"김수동",43636,305386,"(주) 오토복코리아헬스케어","2019-06-19","2019-06-24",2,"EA",363000,1,726000,2,726000,43640,"결제",null,0,null,726000,43640,726000,43640,"상신","결재완료",726000,43677,726000,43677]
[1102,1000059691,10,"물품구매(태백중앙병원)전*만",1945601212,"보조기척추 등 2종",10,"Z20010026","보조기척추-소프트칼라(大,中,小) (의지재료) (의지재료)","Z01",456,null,43640,"최종승인",6160,"전영만",43641,301641,"솜리통상(이*)","2019-06-24","2019-07-01",10,"EA",3636,1,36360,10,36360,43640,"결제",null,0,null,36360,43640,36360,43640,"상신","결재완료",36360,43677,36360,43677]
[1102,1000059548,10,"물품구매(하지보조기-연*구,이*원/양*호)",1945601157,"보조기구두",10,"Z20010610","보조기구두-특수보조화(목이높은구두) (의지재료) (의지재료)","Z01",456,null,43634,"최종승인",27264,"양철호",43635,325230,"함길수제화&의지보조기","2019-06-18","2019-06-25",2,"EA",237500,1,475000,2,475000,43637,"결제",null,0,null,475000,43637,475000,43637,"상신","결재완료",475000,43677,475000,43677]
[1102,1000059723,30,"물품구매(의지하지-이*황 외 조*정)",1945601237,"의지하지 실리콘싹스 등 3종",30,"Z20010570","의지하지-흡입밸브실린라이너대퇴용(미국산) (의지재료) (의지재료)","Z01",456,null,43641,"최종승인",26461,"조혜정",43643,301434,"오서코리아주식회사","2019-06-21","2019-07-02",1,"EA",95000,1,95000,1,95000,43637,"결제",null,0,null,95000,43637,95000,43637,"상신","결재완료",95000,43677,95000,43677]
[1102,1000059532,50,"물품구매(직무형인공발/프로플렉스LP 등 7종)",1945601145,"자체 시험상용화/직무형 인공발 프로플렉스 등 7종",50,"Z20050454","하지-고기능인공발(프로플렉스XC)(연구재료) (연구재료)","Z01",456,null,43633,"최종승인",26292,"오혜정",43634,301434,"오서코리아주식회사","2019-06-17","2019-06-24",2,"EA",2300000,1,4600000,2,4600000,43636,"결제",null,0,null,4600000,43636,4600000,43636,"상신","결재완료",4600000,43656,4600000,43656]
[1102,1000059537,150,"물품구매(소모품)",1945601171,"소모품 삼중마스크 등 21종",150,"Z20010233","소모품-양면테이프(2mm) (의지재료) (의지재료)","Z01",456,null,43634,"최종승인",26461,"조혜정",43636,301148,"신성메디칼","2019-06-18","2019-06-25",5,"EA",6000,1,30000,5,30000,43636,"결제",null,0,null,30000,43636,30000,43636,"상신","결재완료",30000,43677,30000,43677]
[1102,1000059390,10,"물품구매(마이크로 벨크로/세금계산서)",1945601136,"맞춤형근골격/마이크로 벨크로",10,"Z20050524","맞춤형근골격(연구재료) (연구재료)","Z01",456,null,43637,"최종승인",27685,"황석진",43633,301148,"신성메디칼","2019-06-11","2019-06-28",50,"EA",9900,1,495000,50,495000,43635,"결제",null,0,null,495000,43635,495000,43635,"상신","결재완료",0,null,495000,43656]
[1102,1000059536,10,"물품구매(의지하지-이*철 외 조*정)",1945601163,"의지하지 대퇴무릎장식 등 2종",10,"Z20010896","의지하지-대퇴무릎장식VGK(성림) (의지재료)","Z01",456,null,43634,"최종승인",26461,"조혜정",43635,301263,"성림교역","2019-06-18","2019-06-25",1,"EA",13000000,1,13000000,1,13000000,43635,"결제",null,0,null,13000000,43635,13000000,43635,"상신","결재완료",13000000,43677,13000000,43677]
[1102,1000059593,10,"물품구매(미관형의수-장*희)",1945601166,"의지상지 미관형의수 등 7종",10,"Z20010368","의지상지-미관형의수실리콘리갈(외산) (의지재료) (의지재료)","Z01",456,null,43635,"최종승인",9144,"정창희",43636,301263,"성림교역","2019-06-18","2019-06-26",3,"EA",230000,1,690000,3,690000,43635,"결제",null,0,null,690000,43635,690000,43635,"상신","결재완료",690000,43677,690000,43677]
[1102,1000059372,20,"물품구매(작업자용 모델 가변강성모듈 하우징 등 5건 / 세금계산서)",1945601100,"맞춤형근골격/작업자용 모델 가변강성모듈하으징 등 5종",20,"Z20050524","맞춤형근골격(연구재료) (연구재료)","Z01",456,null,43637,"최종승인",26892,"권칠용",43627,316049,"(주)씨이피테크","2019-06-04","2019-06-28",1,"EA",448800,1,448800,1,448800,43634,"결제",null,0,null,448800,43634,448800,43634,"상신","결재완료",0,null,448800,43641]
[1102,1000059485,20,"물품구매 방석 /창원센터",1945601129,"욕창예방방석 등 2종",20,"Z20130029","욕창예방방석공기격자형-Smdub0003(8x9x5) (의지재료) (의지재","Z01",456,null,43630,"최종승인",6166,"김현종",43633,324832,"주식회사 이레엠케어","2019-06-14","2019-06-21",3,"EA",230000,1,690000,3,690000,43634,"결제",null,0,null,690000,43634,690000,43634,"상신","결재완료",690000,43677,690000,43677]
[1102,1000059533,10,"물품구매(미관형의수-이*순)",1945601150,"의지상지 미관형의수 등 2종",10,"Z20010367","의지상지-미관형의수실리콘두손 (의지재료) (의지재료)","Z01",456,null,43633,"최종승인",9144,"정창희",43635,300508,"두손의수","2019-06-17","2019-06-24",3,"EA",213099,1,639297,3,639297,43634,"결제",null,0,null,639297,43634,639297,43634,"상신","결재완료",639297,43677,639297,43677]
[1102,1000059339,20,"물품 구매(의지 하지-이*범/신*현)",1945601105,"의지하지 토탈니메일피라미드어댑터 등 3종",20,"Z20010659","의지하지-토탈니신전보조스프링 (의지재료) (의지재료)","Z01",456,null,43623,"최종승인",6158,"신무현",43628,301434,"오서코리아주식회사","2019-06-07","2019-06-14",1,"EA",98000,1,98000,1,98000,43630,"결제",null,0,null,98000,43630,98000,43630,"상신","결재완료",98000,43677,98000,43677]
[1102,1100004701,10,"인천서비스센터 캐비닛 구매",1945600983,"인천서비스센터 캐비닛 구매",10,null,"캐비닛","Z02",456,null,43606,"최종승인",26461,"조혜정",43608,301528,"조달청(고지서전용)","2019-05-21","2019-06-20",1,"EA",244546,1,244546,1,244546,43630,"결제",null,0,null,244546,43630,244546,43630,"상신","결재완료",244546,43637,244546,43637]
[1102,1000059343,10,"물품구매(김*호,김*규,권*섭.김*수)전*만",1945601196,"의지상지 미관형의수",10,"Z20010367","의지상지-미관형의수실리콘두손 (의지재료) (의지재료)","Z01",456,null,43623,"최종승인",6160,"전영만",43640,300508,"두손의수","2019-06-07","2019-06-14",4,"EA",213099,1,852396,4,852396,43627,"결제",null,0,null,852396,43627,852396,43627,"상신","결재완료",852396,43677,852396,43677]
[1102,1000059361,10,"물품구매(이*호-이*철-S*R/유*선)",1945601096,"활동형휠체어//이*호 등",10,"Z20120641","활동형휠체어- 노바제로 A타입 (티오엠)","Z01",456,null,43623,"최종승인",26283,"유재선",43626,325322,"썬메디테크","2019-06-07","2019-06-14",3,"EA",950000,1,2850000,3,2850000,43627,"결제",null,0,null,2850000,43627,2850000,43627,"상신","결재완료",2850000,43677,2850000,43677]
[1102,1000059040,20,"물품구매(7.4V 2000mAh 배터리 등 5건/세금계산서)",1945601052,"골유착임플란트/7.4v2000mah배터리 등 5종",20,"Z20050686","골유착임플란트(연구재료)","Z01",456,null,43626,"최종승인",27962,"김승기",43615,320291,"에스제이전자","2019-05-27","2019-06-17",5,"EA",13750,1,68750,5,68750,43623,"결제",null,0,null,68750,43623,68750,43623,"상신","결재완료",0,null,68750,43641]
[1102,1000059261,10,"물품구매(의지하지-이*심,박*체/김*선)",1945601082,"의지하지 단축발발목장식 등 2종/이*심 등",10,"Z20010422","의지하지-단축발발목장식알루미늄포함셋트(독일산) (의지재료) (의지재료)","Z01",456,null,43619,"최종승인",6675,"김훈선",43621,305386,"(주) 오토복코리아헬스케어","2019-06-03","2019-06-10",1,"EA",176000,1,176000,1,176000,43621,"결제",null,0,null,176000,43621,176000,43621,"상신","결재완료",176000,43677,176000,43677]
[1102,1500027761,60,"청소용품(점보롤 등 11종) 구매",1945601080,"청소용품 11종",60,null,"철수세미/40g","Z06",456,null,43620,"최종승인",4960,"송상달",43620,313863,"주식회사 꿈이있는일터","2019-06-04","2019-06-14",10,"EA",4000,10,4000,10,4000,43621,"결제",null,0,null,4000,43621,4000,43621,"상신","결재완료",4000,43641,4000,43641]
[1102,1000059030,10,"물품구매(슬링)",1945601021,"자체 시험상용화/슬링",10,"Z20050036","홈리프트용 슬링 (연구재료) (연구재료)","Z01",456,null,43630,"최종승인",27961,"홍범기",43613,300139,"(주)하우메디케어","2019-05-27","2019-06-21",20,"EA",72000,1,1440000,20,1440000,43619,"결제",null,0,null,1440000,43619,1440000,43619,"상신","결재완료",1440000,43641,1440000,43641]
[1102,1000059172,50,"물품구매(단자압착기 등 6건/ 법인카드)",1945601060,"휠체어트래커/단자압착기 등 6종",50,"Z20050738","휠체어트래커(연구재료)","Z01",456,null,43637,"최종승인",26940,"남기태",43619,516501005,"휠체어트래커-1005","2019-05-31","2019-06-28",1,"EA",64735,1,64735,1,64735,43616,"결제",null,0,null,64735,43616,64735,43616,"상신","결재완료",0,null,64735,43642]
[1102,1000059099,10,"물품구매-의지하지/임*은",1945601054,"욕창예방방석 등 2종",10,"Z20130024","욕창예방방석공기격자형-커트로 (의지재료) (의지재료)","Z01",456,null,43614,"최종승인",9620,"임성은",43615,305386,"(주) 오토복코리아헬스케어","2019-05-29","2019-06-05",1,"EA",370000,1,370000,1,370000,43615,"결제",null,0,null,370000,43615,370000,43615,"상신","결재완료",370000,43644,370000,43644]
[1102,1000059075,10,"물품구매(전동휠체어-황*철,김*배/천*민)",1945601031,"휠체어전동형/황*철 등",10,"Z20120540","휠체어전동형-나래 (의지재료) (의지재료)","Z01",456,null,43613,"최종승인",27784,"천성민",43614,302135,"케어114","2019-05-28","2019-06-04",2,"EA",1900000,1,3800000,2,3800000,43614,"결제",null,0,null,3800000,43614,3800000,43614,"상신","결재완료",3800000,43644,3800000,43644]
[1102,1000058980,20,"물품구매 휠체어 배*한 외 /창원센터",1945601000,"활동형휠체어 등 2종",20,"Z20130029","욕창예방방석공기격자형-Smdub0003(8x9x5) (의지재료) (의지재","Z01",456,null,43609,"최종승인",6166,"김현종",43612,324832,"주식회사 이레엠케어","2019-05-24","2019-05-31",5,"EA",230000,1,1150000,5,1150000,43613,"결제",null,0,null,1150000,43613,1150000,43613,"상신","결재완료",1150000,43644,1150000,43644]
[1102,1000058990,20,"기타",1945601009,"휠체어수리 등 2종",20,"Z20120542","휠체어수리-휠체어튜브-전동용 9' 휠로피아 (의지재료) (의지재료)","Z01",456,null,43609,"최종승인",26283,"유재선",43612,301700,"(주)휠로피아","2019-05-24","2019-05-31",2,"EA",6000,1,12000,2,12000,43613,"결제",null,0,null,12000,43613,12000,43613,"상신","결재완료",12000,43644,12000,43644]
[1102,1000059014,20,"물품구매/실리콘내피(대퇴,하퇴용)신*동/외10명/조*문",1945601005,"의지하지 실리콘싹스 등 7종",20,"Z20010893","의지하지-실리콘싹스(아이스로스 씰인 X-TF) (의지재료)","Z01",456,null,43609,"최종승인",6164,"조성문",43612,301434,"오서코리아주식회사","2019-05-24","2019-05-31",1,"EA",465000,1,465000,1,465000,43613,"결제",null,0,null,465000,43613,465000,43613,"상신","결재완료",465000,43644,465000,43644]
[1102,1000059028,80,"물품구매/의지재료(소모품)/조*문",1945601019,"소모품 tr압축단추 등 15종",80,"Z20010336","소모품-P.P(3x120x240) (의지재료) (의지재료)","Z01",456,null,43612,"최종승인",6164,"조성문",43612,301148,"신성메디칼","2019-05-27","2019-06-03",2,"EA",45000,1,90000,2,90000,43613,"결제",null,0,null,90000,43613,90000,43613,"상신","결재완료",90000,43644,90000,43644]
[1102,1000059080,40,"물품구매(휠체어-정*호)",1945601046,"휠체어꺽기형 등 4종",40,"Z20120600","휠체어수리-브레이크브라켓 (의지재료)","Z01",456,null,43613,"최종승인",9144,"정창희",43614,309507,"미키코리아(주)","2019-05-27","2019-06-04",2,"EA",8000,1,16000,2,16000,43613,"결제",null,0,null,16000,43613,16000,43613,"상신","결재완료",16000,43644,16000,43644]
[1102,1000059101,90,"물품구매(견갑장식-박*균)",1945601044,"의지상지 견갑장식 등 10종",90,"Z20010526","의지하지-실리콘싹스이지락킹(미국산) (의지재료) (의지재료)","Z01",456,null,43613,"최종승인",9144,"정창희",43614,301263,"성림교역","2019-05-27","2019-06-04",3,"EA",330000,1,990000,3,990000,43613,"결제",null,0,null,990000,43613,990000,43613,"상신","결재완료",990000,43644,990000,43644]
[1102,1000058946,20,"물품구매(의지재료)",1945601055,"소모품 대퇴의족용 가방 등 2종",20,"Z20010320","소모품-하퇴의족용가방 (의지재료)","Z01",456,null,43608,"최종승인",6160,"전영만",43615,301263,"성림교역","2019-05-23","2019-05-30",50,"EA",8600,1,430000,50,430000,43609,"결제",null,0,null,430000,43609,430000,43609,"상신","결재완료",430000,43644,430000,43644]
[1102,1000058972,10,"물품구매(의지보조기가방/천*민)",1945600988,"소모품 대퇴의족용가방 등 2종",10,"Z20010320","소모품-하퇴의족용가방 (의지재료)","Z01",456,null,43608,"최종승인",27784,"천성민",43609,301263,"성림교역","2019-05-23","2019-05-30",50,"EA",8600,1,430000,50,430000,43609,"결제",null,0,null,430000,43609,430000,43609,"상신","결재완료",430000,43644,430000,43644]
[1102,1000058841,80,"물품구매(의지재료-실리콘의수)",1945600957,"의재재료 fibersil 등 15종",80,"Z20011087","의지재료-Pigmisil paste, White (25g)(오토복)","Z01",456,null,43602,"최종승인",8664,"유효종",43606,305386,"(주) 오토복코리아헬스케어","2019-05-17","2019-05-24",8,"EA",69000,1,552000,8,552000,43608,"결제",null,0,null,552000,43608,552000,43608,"상신","결재완료",552000,43644,552000,43644]
[1102,1000058820,30,"물품구매(이*규-정*수/유*선)",1945600952,"전동형휠체어 등 5종/이*규 등",30,"Z20120172","휠체어수리-배터리휠로피아(12V50AH) (의지재료) (의지재료)","Z01",456,null,43601,"최종승인",26283,"유재선",43605,301700,"(주)휠로피아","2019-05-16","2019-05-23",2,"EA",95000,1,190000,2,190000,43606,"결제",null,0,null,190000,43606,190000,43606,"상신","결재완료",190000,43644,190000,43644]
[1102,1000058822,10,"물품구매(채*욱/유*선)",1945600950,"휠체어 꺽기형 등 3종/채*욱",10,"Z20010641","휠체어-꺽기형미라지7 드럼브레이크(미키) (의지재료) (의지재료)","Z01",456,null,43601,"최종승인",26283,"유재선",43605,301882,"미키메디칼","2019-05-16","2019-05-23",1,"EA",490000,1,490000,1,490000,43606,"결제",null,0,null,490000,43606,490000,43606,"상신","결재완료",490000,43644,490000,43644]
[1102,1000058874,30,"물품구매(pigment paste 등 4종)",1945600976,"직무지원/pigment paste 등 4종",30,"Z20050113","직무지원 연구재료 (연구재료) (연구재료)","Z01",456,null,43605,"최종승인",26292,"오혜정",43607,305386,"(주) 오토복코리아헬스케어","2019-05-20","2019-05-27",1,"EA",97000,1,97000,1,97000,43606,"결제",null,0,null,97000,43606,97000,43606,"상신","결재완료",97000,43626,97000,43626]
[1102,1000058874,40,"물품구매(pigment paste 등 4종)",1945600976,"직무지원/pigment paste 등 4종",40,"Z20050113","직무지원 연구재료 (연구재료) (연구재료)","Z01",456,null,43605,"최종승인",26292,"오혜정",43607,305386,"(주) 오토복코리아헬스케어","2019-05-20","2019-05-27",1,"EA",185000,1,185000,1,185000,43606,"결제",null,0,null,185000,43606,185000,43606,"상신","결재완료",185000,43626,185000,43626]
[1102,1300010175,10,"전산실(4층) 에어콘 수리",1945800036,"전산실 에어컨 수리",10,null,"전산실 에어콘 수리","Z04",458,null,43606,"최종승인",4960,null,43607,507196932,"운영지원부-6932","2019-05-21","2019-05-23",1,"식",66364,1,66364,1,66364,43606,"결제",null,0,null,66364,43606,66364,43606,"상신","결재완료",66364,43658,66364,43658]
[1102,1000058883,30,"물품구매(박*복,박*희,권*봉,한*용,황*일,김*규,권*춘)전*만",1945600966,"의지하지 실리콘싹스 등 5종",30,"Z20010509","의지하지-실리콘싹스더모(미국산) (의지재료) (의지재료)","Z01",456,null,43605,"최종승인",6160,"전영만",43607,301434,"오서코리아주식회사","2019-05-20","2019-05-27",1,"EA",398000,1,398000,1,398000,43605,"결제",null,0,null,398000,43605,398000,43605,"상신","결재완료",398000,43644,398000,43644]
[1102,1000058651,20,"물품구매(반자동의수 세트 등 5종)",1945600915,"자체 시험상용화/반자동의수 세트 등 5종",20,"Z20050531","상지-반자동의수외피(연구재료) (연구재료)","Z01",456,null,43594,"최종승인",26292,"오혜정",43599,305386,"(주) 오토복코리아헬스케어","2019-05-10","2019-05-17",1,"EA",162000,1,162000,1,162000,43601,"결제",null,0,null,162000,43601,162000,43601,"상신","결재완료",162000,43609,162000,43609]
[1102,1000058802,20,"물품구매(토마스칼라)",1945600929,"보조기척추 등 11종",20,"Z20010134","소모품-면스타키넷(국산3in) (의지재료) (의지재료)","Z01",456,null,43601,"최종승인",9144,"정창희",43601,301148,"신성메디칼","2019-05-15","2019-05-23",50,"EA",800,1,40000,50,40000,43601,"결제",null,0,null,40000,43601,40000,43601,"상신","결재완료",40000,43644,40000,43644]
[1102,1000058676,60,"물품구매(마우크니플러스 등 8종)",1945600924,"자체 시험상용화/마우크니플러스 등 8종",60,"Z20050558","하지-아이스락씰인밸브(하퇴용)(연구재료) (연구재료)","Z01",456,null,43598,"최종승인",26292,"오혜정",43600,301434,"오서코리아주식회사","2019-05-14","2019-05-20",1,"EA",95000,1,95000,1,95000,43600,"결제",null,0,null,95000,43600,95000,43600,"상신","결재완료",95000,43609,95000,43609]
[1102,1000058794,40,"물품구매(의지하지-전*수 외 조*정)",1945600934,"의지하지 실리콘싹스 등 10종",30,"Z20010982","의지하지-프로플렉스XC (오서) (의지재료)","Z01",456,null,43600,"최종승인",26461,"조혜정",43602,301434,"오서코리아주식회사","2019-05-15","2019-05-22",1,"EA",2300000,1,2300000,1,2300000,43600,"결제",null,0,null,2300000,43600,2300000,43600,"상신","결재완료",2300000,43644,2300000,43644]
[1102,1000058678,20,"물품구매 수부 /창원센터",1945600904,"의지상지 미관형의수 등 2종",20,"Z20010372","의지상지-미관형의수지실리콘 (의지재료) (의지재료)","Z01",456,null,43595,"최종승인",6166,"김현종",43598,300508,"두손의수","2019-05-10","2019-05-17",7,"EA",51901,1,363307,7,363307,43599,"결제",null,0,null,363307,43599,363307,43599,"상신","결재완료",363307,43644,363307,43644]
[1102,1000058686,20,"물품구매(임*호/유*선)",1945600909,"활동형휠체어 등 9종",20,"Z20120600","휠체어수리-브레이크브라켓 (의지재료)","Z01",456,null,43595,"최종승인",26283,"유재선",43598,301700,"(주)휠로피아","2019-05-10","2019-05-17",30,"EA",5000,1,150000,30,150000,43599,"결제",null,0,null,150000,43599,150000,43599,"상신","결재완료",150000,43644,150000,43644]
[1102,1000058633,20,"물품구매(하지의지-김*한,최*호/양*호)",1945600889,"의지하지 실리콘싹스 등 2종/김*한 등",20,"Z20010422","의지하지-단축발발목장식알루미늄포함셋트(독일산) (의지재료) (의지재료)","Z01",456,null,43593,"최종승인",27264,"양철호",43594,305386,"(주) 오토복코리아헬스케어","2019-05-08","2019-05-15",1,"EA",176000,1,176000,1,176000,43598,"결제",null,0,null,176000,43598,176000,43598,"상신","결재완료",176000,43644,176000,43644]
[1102,1000058653,10,"물품구매 (마그넷 등 3건/ 법인카드)",1945600897,"스마트소켓/마그넷 등 4건",10,"Z20050607","스마트소켓(연구재료) (연구재료)","Z01",456,null,43601,"최종승인",28446,"전경진",43595,516506169,"스마트소켓-6169","2019-05-09","2019-05-23",1,"EA",971318,1,971318,1,971318,43594,"결제",null,0,null,971318,43594,971318,43594,"상신","결재완료",0,null,971318,43612]
[1102,1000058619,20,"물품구매(휠체어-양*남)",1945600878,"휠체어꺽기형 등 6종",20,"Z20120650","활동형휠체어-P2(미키코리아)","Z01",456,null,43592,"최종승인",9144,"정창희",43593,309507,"미키코리아(주)","2019-05-07","2019-05-14",1,"EA",1010000,1,1010000,1,1010000,43593,"결제",null,0,null,1010000,43593,1010000,43593,"상신","결재완료",1010000,43644,1010000,43644]
[1102,1000058548,10,"물품구매 집뇨기 외 /창원센터",1945600863,"집뇨기유린백 등 3종",10,"Z20130035","집뇨기유린백-외산1000(외산1000cc) (의지재료) (의지재료)","Z01",456,null,43588,"최종승인",6166,"김현종",43592,301700,"(주)휠로피아","2019-05-03","2019-05-10",20,"EA",54000,1,1080000,20,1080000,43592,"결제",null,0,null,1080000,43592,1080000,43592,"상신","결재완료",1080000,43644,1080000,43644]
[1102,1000058567,10,"물품구매(강*명/유*선)",1945600870,"활동형휠체어/강*명",10,"Z20120635","활동형 휠체어- CAMEL SPORT A타입 휠로피아","Z01",456,null,43588,"최종승인",26283,"유재선",43593,301700,"(주)휠로피아","2019-05-03","2019-05-10",1,"EA",950000,1,950000,1,950000,43592,"결제",null,0,null,950000,43592,950000,43592,"상신","결재완료",950000,43644,950000,43644]
[1102,1000058657,40,"물품구매/미관형의수(실리콘)/의지재료/엄*흠/신*동/곽*락/김*현/조*문",1945600894,"의지하지 단축발알미늄세트 등 5종",40,"Z20010611","보조기하지-CEPA (의지재료) (의지재료)","Z01",456,null,43595,"최종승인",6164,"조성문",43595,301263,"성림교역","2019-05-03","2019-05-17",1,"EA",80000,1,80000,1,80000,43592,"결제",null,0,null,80000,43592,80000,43592,"상신","결재완료",80000,43644,80000,43644]
[1102,1000058331,10,"물품구매(의수외피 등 2종)",1945600823,"자체 시험상용화/의수 외피 등 2종",10,"Z20050333","상지-의수용외피(연구재료) (연구재료)","Z01",456,null,43580,"최종승인",26292,"오혜정",43581,305386,"(주) 오토복코리아헬스케어","2019-04-25","2019-05-02",1,"EA",162000,1,162000,1,162000,43587,"결제",null,0,null,162000,43587,162000,43587,"상신","결재완료",162000,43595,162000,43595]
[1102,1000057869,40,"물품구매(Rotational Blade HT 등 6건/ 세금계산서)",1945600638,"스마트소켓/rotaional blade ht 등 6종",40,"Z20050607","스마트소켓(연구재료) (연구재료)","Z01",456,null,43614,"최종승인",28446,"전경진",43563,324705,"주식회사 신성텍","2019-04-05","2019-06-05",2,"EA",72600,1,145200,2,145200,43585,"결제",null,0,null,145200,43585,145200,43585,"상신","결재완료",0,null,145200,43595]
[1102,1300009703,10,"스마트소켓 IP RND 보고서용 특허조사 의뢰비(동력형 의족부)",1945800008,"스마트소켓/ip rnd보고서용 특허조사 의뢰비 동력부 의족부",10,null,"스마트소켓 IP RND 보고서용 특허조사 의뢰비(동력형 의족부)","Z04",458,"서비스",43508,"최종승인",8220,"신현준",43509,324959,"특허법인 이룸리온","2019-02-12","2019-04-30",1,"AU",9900000,1,9900000,1,9900000,43585,"결제",null,0,null,9900000,43585,9900000,43585,"상신","결재완료",0,null,9900000,43595]
[1102,1000058337,50,"물품구매(직무형인공발/레니게이드 등 5종)",1945600816,"자체 시험상용화/직무형인공발 레니게이드등 5종",50,"Z20050278","하지-디스탈컵 (연구재료)","Z01",456,null,43580,"최종승인",26292,"오혜정",43581,301263,"성림교역","2019-04-25","2019-05-02",1,"EA",110000,1,110000,1,110000,43584,"결제",null,0,null,110000,43584,110000,43584,"상신","결재완료",110000,43595,110000,43595]
[1102,1000058063,60,"물품구매(C-Check-F-Lower 등 7건/세금계산서)",1945600737,"스마트소켓/c check f lower 등 7종",60,"Z20050607","스마트소켓(연구재료) (연구재료)","Z01",456,null,43588,"최종승인",26891,"박진국",43573,302514,"비케이메디텍","2019-04-15","2019-05-10",2,"EA",880000,1,1760000,2,1760000,43580,"결제",null,0,null,1760000,43580,1760000,43580,"상신","결재완료",0,null,1760000,43595]
[1102,1000058283,30,"물품구매-소모품/임*은",1945600794,"의지하지 폼카바대퇴용 등 5종",30,"Z20010171","소모품-석고붕대(15cm) (의지재료) (의지재료)","Z01",456,null,43580,"최종승인",9620,"임성은",43579,301148,"신성메디칼","2019-04-24","2019-05-02",36,"EA",2500,1,90000,36,90000,43580,"결제",null,0,null,90000,43580,90000,43580,"상신","결재완료",90000,43616,90000,43616]
[1102,1000058149,30,"물품구매(의지상지-신*분,황*석,최*원/김*동)",1945600729,"보조기구두 정형화 등 4종",30,"Z20010537","의지하지-실리콘싹스투명하퇴용(미국산) (의지재료) (의지재료)","Z01",456,null,43573,"최종승인",8219,"김수동",43573,301263,"성림교역","2019-04-18","2019-04-25",1,"EA",270000,1,270000,1,270000,43579,"결제",null,0,null,270000,43579,270000,43579,"상신","결재완료",270000,43616,270000,43616]
[1102,1000058250,120,"물품구매(의지재료/천*민)",1945600788,"소모품 피피 등 15종",120,"Z20010958","소모품-세제 (의지재료)","Z01",456,null,43578,"최종승인",27784,"천성민",43578,301148,"신성메디칼","2019-04-23","2019-04-30",1,"EA",10000,1,10000,1,10000,43579,"결제",null,0,null,10000,43579,10000,43579,"상신","결재완료",10000,43616,10000,43616]
[1102,1000058376,60,"물품구매(의지하지-정*희 외 조*정)",1945600827,"소모품 하퇴용스탐프 등 11종",60,"Z20010379","의지상지-상박신경줄호스머(호스머) (의지재료) (의지재료)","Z01",456,null,43581,"최종승인",26461,"조혜정",43584,301263,"성림교역","2019-04-22","2019-05-02",5,"EA",95000,1,475000,5,475000,43579,"결제",null,0,null,475000,43579,475000,43579,"상신","결재완료",475000,43616,475000,43616]
[1102,1000058180,50,"물품구매-의지하지/임*은",1945600771,"의지하지 실리콘싹스 등 5종",50,"Z20130024","욕창예방방석공기격자형-커트로 (의지재료) (의지재료)","Z01",456,null,43574,"최종승인",9620,"임성은",43578,305386,"(주) 오토복코리아헬스케어","2019-04-19","2019-04-26",3,"EA",370000,1,1110000,3,1110000,43578,"결제",null,0,null,1110000,43578,1110000,43578,"상신","결재완료",1110000,43616,1110000,43616]
[1102,1000058192,40,"물품구매-휠체어수리/임*은",1945600770,"휠체어수리 배터리 등 6종",40,"Z20120542","휠체어수리-휠체어튜브-전동용 9' 휠로피아 (의지재료) (의지재료)","Z01",456,null,43574,"최종승인",9620,"임성은",43578,301700,"(주)휠로피아","2019-04-19","2019-04-26",2,"EA",6000,1,12000,2,12000,43578,"결제",null,0,null,12000,43578,12000,43578,"상신","결재완료",12000,43616,12000,43616]
[1102,1000058222,30,"물품구매 수부 /창원센터",1945600766,"의지상지 미관형의수 등 3종",30,"Z20010363","의지상지-미관형의수레진두손 (의지재료) (의지재료)","Z01",456,null,43577,"최종승인",6166,"김현종",43578,300508,"두손의수","2019-04-22","2019-04-29",2,"EA",90000,1,180000,2,180000,43578,"결제",null,0,null,180000,43578,180000,43578,"상신","결재완료",180000,43616,180000,43616]
[1102,1500027118,10,"청소용품(왁스 등 13종) 구매",1945600720,"청소용품 13종 구매",10,null,"k-1 박리제","Z06",456,null,43572,"최종승인",4960,null,43572,313863,"주식회사 꿈이있는일터","2019-04-12","2019-04-23",7,"말",20000,1,140000,7,140000,43578,"결제",null,0,null,140000,43578,140000,43578,"상신","결재완료",140000,43595,140000,43595]
[1102,1000058142,10,"물품구매(무릎관절장치/레오니)",1945600736,"자체 시험상용화/무릎관절장치 레오니",10,"Z20050744","하지-무릎관절장치(전자제어식/레오니)","Z01",456,null,43572,"최종승인",26292,"오혜정",43573,301434,"오서코리아주식회사","2019-04-17","2019-04-24",1,"EA",17880000,1,17880000,1,17880000,43577,"결제",null,0,null,17880000,43577,17880000,43577,"상신","결재완료",17880000,43595,17880000,43595]
[1102,1000058236,10,"물품구매(이*모)전*만",1945600782,"욕창예방방석/이*모",10,"Z20130029","욕창예방방석공기격자형-Smdub0003(8x9x5) (의지재료) (의지재","Z01",456,null,43577,"최종승인",6160,"전영만",43578,323411,"주식회사씰테크 용인지점","2019-04-22","2019-04-29",1,"EA",230000,1,230000,1,230000,43577,"결제",null,0,null,230000,43577,230000,43577,"상신","결재완료",230000,43616,230000,43616]
[1102,1000058170,40,"물품구매(본드)",1945600739,"소모품 본드 등 4종",40,"Z20010224","소모품-아세톤 (의지재료) (의지재료)","Z01",456,null,43573,"최종승인",9144,"정창희",43574,301148,"신성메디칼","2019-04-18","2019-04-25",5,"EA",3200,1,16000,5,16000,43574,"결제",null,0,null,16000,43574,16000,43574,"상신","결재완료",16000,43616,16000,43616]
[1102,1000058200,10,"물품구매요구(소경베어링 외 10건/법인카드)",1945600750,"골유착임플란트/소경 베어링 등 10건",10,"Z20050686","골유착임플란트(연구재료)","Z01",456,null,43581,"최종승인",26346,"정성윤",43577,516545280,"골유착임플란트-5280","2019-04-19","2019-05-03",1,"EA",717220,1,717220,1,717220,43574,"결제",null,0,null,717220,43574,717220,43574,"상신","결재완료",0,null,717220,43612]
[1102,1000058160,20,"물품구매(기타재료)",1945600744,"소모품 석고붕대 등 5종",20,"Z20010171","소모품-석고붕대(15cm) (의지재료) (의지재료)","Z01",456,null,43573,"최종승인",26461,"조혜정",43574,301148,"신성메디칼","2019-04-18","2019-04-25",144,"EA",2500,1,360000,144,360000,43573,"결제",null,0,null,360000,43573,360000,43573,"상신","결재완료",360000,43616,360000,43616]
[1102,1000057836,20,"물품구매(brake part 2 등 4건/세금계산서)",1945600672,"스마트소켓/brake part2 등 4종",20,"Z20050607","스마트소켓(연구재료) (연구재료)","Z01",456,null,43588,"최종승인",26891,"박진국",43566,302514,"비케이메디텍","2019-04-03","2019-05-10",2,"EA",55000,1,110000,2,110000,43571,"결제",null,0,null,110000,43571,110000,43571,"상신","결재완료",0,null,110000,43580]
[1102,1000058158,10,"물품구매(손의지-장*례 외 조*정)",1945600742,"의지상지 미관형의수 등 2종/장*례 등",10,"Z20010367","의지상지-미관형의수실리콘두손 (의지재료) (의지재료)","Z01",456,null,43573,"최종승인",26461,"조혜정",43574,300508,"두손의수","2019-04-15","2019-04-25",7,"EA",213099,1,1491693,7,1491693,43571,"결제",null,0,null,1491693,43571,1491693,43571,"상신","결재완료",1491693,43616,1491693,43616]
[1102,1000057980,10,"물품구매(의지상지-유*득/김*선)",1945600692,"의지상지 미관형의수/유*득",10,"Z20010368","의지상지-미관형의수실리콘리갈(외산) (의지재료) (의지재료)","Z01",456,null,43565,"최종승인",6675,"김훈선",43567,301263,"성림교역","2019-04-10","2019-04-17",1,"EA",230000,1,230000,1,230000,43570,"결제",null,0,null,230000,43570,230000,43570,"상신","결재완료",230000,43616,230000,43616]
[1102,1000058021,150,"물품구매/의지재료(소모품)/조*문",1945600684,"의지하지 폼카바대퇴용 등 27종",150,"Z20010139","소모품-박스포장용테이프(6cm) (의지재료) (의지재료)","Z01",456,null,43566,"최종승인",6164,"조성문",43567,301148,"신성메디칼","2019-04-11","2019-04-18",10,"EA",800,1,8000,10,8000,43570,"결제",null,0,null,8000,43570,8000,43570,"상신","결재완료",8000,43616,8000,43616]
[1102,1000058033,30,"물품구매(전*표-이*환/유*선)",1945600685,"활동형 휠체어 등 5종",30,"Z20120393","휠체어수리-튜브일산활동형휠로피아(24,25in) (의지재료) (의지재료)","Z01",456,null,43566,"최종승인",26283,"유재선",43567,301700,"(주)휠로피아","2019-04-11","2019-04-18",50,"EA",4000,1,200000,50,200000,43570,"결제",null,0,null,200000,43570,200000,43570,"상신","결재완료",200000,43616,200000,43616]
[1102,1000058052,10,"물품구매(평행봉 운동기 등 2건/법인카드)",1945600701,"직무지원/평행봉 등 2종",10,"Z20050113","직무지원 연구재료 (연구재료) (연구재료)","Z01",456,null,43602,"최종승인",27158,"정보라",43570,507196932,"운영지원부-6932","2019-04-12","2019-05-24",1,"EA",51819,1,51819,1,51819,43567,"결제",null,0,null,51819,43567,51819,43567,"상신","결재완료",51819,43598,51819,43598]
[1102,1000058018,60,"물품구매(의지하지-김*환 외 조*정)",1945600690,"의지하지 실리콘싹스 등 6종",60,"Z20010832","의지하지-회전식4-홀피메일피라미드티타늄(외산) (의지재료)","Z01",456,null,43566,"최종승인",26461,"조혜정",43567,301434,"오서코리아주식회사","2019-04-11","2019-04-18",2,"EA",155000,1,310000,2,310000,43566,"결제",null,0,null,310000,43566,310000,43566,"상신","결재완료",310000,43616,310000,43616]
[1102,1000057992,10,"물품구매(의지재료)전*만",1945600697,"소모품 피피 등 10종",10,"Z20010336","소모품-P.P(3x120x240) (의지재료) (의지재료)","Z01",456,null,43565,"최종승인",6160,"전영만",43570,301148,"신성메디칼","2019-04-10","2019-04-17",3,"EA",45000,1,135000,3,135000,43565,"결제",null,0,null,135000,43565,135000,43565,"상신","결재완료",135000,43616,135000,43616]
[1102,1500026961,10,"물품구매(사무용품 Set 등 1건/ 세금계산서)",1945600659,"스마트소켓/사무용품 50종",10,null,"사무용품","Z06",456,null,43563,"최종승인",28446,"전경진",43564,303467,"(주) 드림디포글로벌","2019-04-08","2019-04-15",1,"SET",395000,1,395000,1,395000,43565,"결제",null,0,null,395000,43565,395000,43565,"상신","결재완료",0,null,395000,43580]
[1102,1000057905,10,"물품구매 매트리스 /창원센터",1945600655,"욕창예방매트리스",10,"Z20130055","욕창예방매트리스-Md-1000 TPU3","Z01",456,null,43563,"최종승인",6166,"김현종",43564,301766,"은혜메디칼","2019-04-08","2019-04-15",2,"EA",380000,1,760000,2,760000,43564,"결제",null,0,null,760000,43564,760000,43564,"상신","결재완료",760000,43616,760000,43616]
[1102,1000057918,20,"물품구매(미관형의수 등 3종)",1945600675,"자체 시험상용화/미관형의수 등 3종",20,"Z20050030","미관형 의수(두손) (연구재료) (연구재료)","Z01",456,null,43563,"최종승인",26292,"오혜정",43566,300508,"두손의수","2019-04-08","2019-04-15",1,"EA",51901,1,51901,1,51901,43564,"결제",null,0,null,51901,43564,51901,43564,"상신","결재완료",51901,43580,51901,43580]
[1102,1000057872,20,"물품구매(유*종-엄*기-심*자-강*완-이*남/유*선)",1945600612,"활동형휠체어 등 3종/유*종 등",20,"Z20120557","휠체어일반형-이클립스+바퀴분리형 휠로피아 (의지재료) (의지재료)","Z01",456,null,43560,"최종승인",26283,"유재선",43563,301700,"(주)휠로피아","2019-04-05","2019-04-12",3,"EA",400000,1,1200000,3,1200000,43563,"결제",null,0,null,1200000,43563,1200000,43563,"상신","결재완료",1200000,43616,1200000,43616]
[1102,1000057872,30,"물품구매(유*종-엄*기-심*자-강*완-이*남/유*선)",1945600612,"활동형휠체어 등 3종/유*종 등",30,"Z20120616","휠체어수리-배터리(12V62AH) (의지재료)","Z01",456,null,43560,"최종승인",26283,"유재선",43563,301700,"(주)휠로피아","2019-04-05","2019-04-12",2,"EA",105000,1,210000,2,210000,43563,"결제",null,0,null,210000,43563,210000,43563,"상신","결재완료",210000,43616,210000,43616]
[1102,1000057864,10,"물품구매(의수 패럴린 코팅 등 2종)",1945600637,"직무지지원/의수 패럴린 코팅 등 2종",10,"Z20050113","직무지원 연구재료 (연구재료) (연구재료)","Z01",456,null,43559,"최종승인",26292,"오혜정",43563,323203,"코스텍","2019-04-04","2019-04-11",3,"EA",50000,1,150000,3,150000,43560,"결제",null,0,null,150000,43560,150000,43560,"상신","결재완료",150000,43580,150000,43580]
[1102,1000057337,20,"물품구매(에폭시 접착제 EP0-30G 셋트 등 4건/ 세금계산서)",1945600542,"스마트소켓/에폭시접착제 등 4종",20,"Z20050607","스마트소켓(연구재료) (연구재료)","Z01",456,null,43563,"최종승인",9294,"최종문",43549,313051,"(주) 엘레파츠","2019-03-15","2019-04-15",1,"EA",268972,1,268972,1,268972,43558,"결제",null,0,null,268972,43558,268972,43558,"상신","결재완료",0,null,268972,43580]
[1102,1000057713,10,"물품구매 방석 박*수 /창원센터",1945600590,"욕창예방방석/박*수 등",10,"Z20130023","욕창예방방석공기격자형-로호 (의지재료) (의지재료)","Z01",456,null,43556,"최종승인",6166,"김현종",43556,324832,"주식회사 이레엠케어","2019-04-01","2019-04-08",1,"EA",370000,1,370000,1,370000,43557,"결제",null,0,null,370000,43557,370000,43557,"상신","결재완료",370000,43616,370000,43616]
[1102,1000057763,20,"물품구매(미관형의수-김*성)",1945600603,"의지상지 미관형의수 등 2종/김*성",20,"Z20010372","의지상지-미관형의수지실리콘 (의지재료) (의지재료)","Z01",456,null,43557,"최종승인",9144,"정창희",43558,300508,"두손의수","2019-04-01","2019-04-09",1,"EA",51901,1,51901,1,51901,43557,"결제",null,0,null,51901,43557,51901,43557,"상신","결재완료",51901,43616,51901,43616]
[1102,1000057667,70,"물품구매(몰렉스 커넥터 클림프 등 11건/법인카드)",1945600602,"맞춤형근골격/몰렉스 커넥터 클림프 등 11종",70,"Z20050524","맞춤형근골격(연구재료) (연구재료)","Z01",456,null,43565,"최종승인",27685,"황석진",43557,516570269,"연구-0269(맞춤형근골격)","2019-03-29","2019-04-17",5,"EA",4070,1,20350,5,20350,43553,"결제",null,0,null,20350,43553,20350,43553,"상신","결재완료",0,null,20350,43581]
[1102,1000057607,50,"기타",1945600574,"전동용 통타이어 등 9종",50,"Z20120542","휠체어수리-휠체어튜브-전동용 9' 휠로피아 (의지재료) (의지재료)","Z01",456,null,43551,"최종승인",26283,"유재선",43552,301700,"(주)휠로피아","2019-03-27","2019-04-03",4,"EA",6000,1,24000,4,24000,43552,"결제",null,0,null,24000,43552,24000,43552,"상신","결재완료",24000,43585,24000,43585]
[1102,1000057405,10,"물품구매(박판스프링고정부/세금계산서)",1945600494,"맞춤형근골격/박판스프링고정부",10,"Z20050524","맞춤형근골격(연구재료) (연구재료)","Z01",456,null,43546,"최종승인",27607,"이종원",43544,322571,"주식회사 비엠케이","2019-03-20","2019-03-29",10,"EA",39600,1,396000,10,396000,43551,"결제",null,0,null,396000,43551,396000,43551,"상신","결재완료",0,null,396000,43565]
[1102,1000057567,10,"물품구매(무릎장식-박*근)",1945600566,"의지하지 대퇴무릎장식/박*근",10,"Z20010446","의지하지-대퇴무릎장식Bk인공지능(인공지능) (의지재료) (의지재료)","Z01",456,null,43551,"최종승인",9144,"정창희",43551,302514,"비케이메디텍","2019-03-26","2019-04-03",1,"EA",2071000,1,2071000,1,2071000,43551,"결제",null,0,null,2071000,43551,2071000,43551,"상신","결재완료",2071000,43585,2071000,43585]
[1102,1000057459,30,"물품구매 방석 양*남 외, 휠체어 최*욱 외 /창원센터",1945600525,"욕창예방방석 등 3종/양*남 등",30,"Z20120573","휠체어일반형-M2스타트 (의지재료)","Z01",456,null,43546,"최종승인",6166,"김현종",43549,324832,"주식회사 이레엠케어","2019-03-22","2019-03-29",1,"EA",410000,1,410000,1,410000,43550,"결제",null,0,null,410000,43550,410000,43550,"상신","결재완료",410000,43585,410000,43585]
[1102,1000057486,40,"기타",1945600546,"휠체어수리 전동용충전기 등 4종",40,"Z20120407","휠체어수리-튜브휠로피아(22in) (의지재료) (의지재료)","Z01",456,null,43546,"최종승인",26283,"유재선",43550,301700,"(주)휠로피아","2019-03-22","2019-03-29",20,"EA",4400,1,88000,20,88000,43550,"결제",null,0,null,88000,43550,88000,43550,"상신","결재완료",88000,43585,88000,43585]
[1102,1000057505,20,"물품구매(미관형의수 등 2종)",1945600556,"자체 시험상용화/미관형의수 등 2종",20,"Z20050030","미관형 의수(두손) (연구재료) (연구재료)","Z01",456,null,43549,"최종승인",26292,"오혜정",43550,300508,"두손의수","2019-03-25","2019-04-01",1,"EA",51901,1,51901,1,51901,43550,"결제",null,0,null,51901,43550,51901,43550,"상신","결재완료",51901,43565,51901,43565]
[1102,1000057464,10,"물품구매(실험용 하의 등 3건/법인카드)",1945600544,"맞춤형근골격/실험용 하의 등 3종",10,"Z20050524","맞춤형근골격(연구재료) (연구재료)","Z01",456,null,43556,"최종승인",27158,"정보라",43550,516570269,"연구-0269(맞춤형근골격)","2019-03-22","2019-04-08",4,"EA",18125,1,72500,4,72500,43549,"결제",null,0,null,72500,43549,72500,43549,"상신","결재완료",0,null,72500,43581]
[1102,1000057501,50,"물품구매(유*호,박*호,권*종,한*협,김*봉)전*만",1945600530,"휠체어꺽기형 등 8종/유*호 등",50,"Z20120340","휠체어수리-타이어일반형미키(22,24in) (의지재료) (의지재료)","Z01",456,null,43549,"최종승인",6160,"전영만",43549,309507,"미키코리아(주)","2019-03-25","2019-04-01",2,"EA",7000,1,14000,2,14000,43549,"결제",null,0,null,14000,43549,14000,43549,"상신","결재완료",14000,43585,14000,43585]
[1102,1000057381,60,"물품구매(의지재료)/양*호",1945600485,"소모품 레진실링 등 9종",60,"Z20010216","소모품-실리콘본드 (의지재료) (의지재료)","Z01",456,null,43543,"최종승인",27264,"양철호",43544,305386,"(주) 오토복코리아헬스케어","2019-03-19","2019-03-26",5,"EA",34000,1,170000,5,170000,43546,"결제",null,0,null,170000,43546,170000,43546,"상신","결재완료",170000,43585,170000,43585]
[1102,1000057410,20,"물품구매/일반형휠체어(소모품)/조*문",1945600495,"소모품 지팡이 등 3종",20,"Z20120327","휠체어수리-타이어대세(22in) (의지재료) (의지재료)","Z01",456,null,43544,"최종승인",6164,"조성문",43545,320519,"(주) 대세엠케어 대구동영업소","2019-03-20","2019-03-27",2,"EA",18182,1,36364,2,36364,43546,"결제",null,0,null,36364,43546,36364,43546,"상신","결재완료",36364,43585,36364,43585]
[1102,1000057448,20,"물품구매(의지하지-박*제 외 조*정)",1945600534,"의지하지 실리콘싹스 등 6종/박*제 등",20,"Z20010570","의지하지-흡입밸브실린라이너대퇴용(미국산) (의지재료) (의지재료)","Z01",456,null,43546,"최종승인",26461,"조혜정",43549,301434,"오서코리아주식회사","2019-03-22","2019-03-29",3,"EA",95000,1,285000,3,285000,43546,"결제",null,0,null,285000,43546,285000,43546,"상신","결재완료",285000,43585,285000,43585]
[1102,1300009862,10,"산업안전점검('19.3월)-안전보건기술원",1945800019,"3월 산업안전점검",10,null,"19.3월 산업안전점검","Z04",458,null,43542,"최종승인",4960,"송상달",43543,304163,"케이아이안전보건기술원(주) 지점","2019-03-01","2019-03-31",1,"EA",180000,1,180000,1,180000,43546,"결제",null,0,null,180000,43546,180000,43546,"상신","결재완료",180000,43565,180000,43565]
[1102,1000057406,20,"물품구매(임*수,송*선)전*만",1945600529,"의지하지 실리콘싹스 등 3종/임*수 등",20,"Z20010216","소모품-실리콘본드 (의지재료) (의지재료)","Z01",456,null,43544,"최종승인",6160,"전영만",43549,305386,"(주) 오토복코리아헬스케어","2019-03-20","2019-03-27",1,"EA",34000,1,34000,1,34000,43544,"결제",null,0,null,34000,43544,34000,43544,"상신","결재완료",34000,43585,34000,43585]
[1102,1000057294,60,"물품구매(기타재료)",1945600484,"의지상지 폼카바대퇴용 등 27종",60,"Z20010224","소모품-아세톤 (의지재료) (의지재료)","Z01",456,null,43539,"최종승인",26461,"조혜정",43544,301148,"신성메디칼","2019-03-19","2019-03-22",5,"EA",3200,1,16000,5,16000,43543,"결제",null,0,null,16000,43543,16000,43543,"상신","결재완료",16000,43585,16000,43585]
[1102,1000057294,230,"물품구매(기타재료)",1945600484,"의지상지 폼카바대퇴용 등 27종",230,"Z20011065","소모품-광목천","Z01",456,null,43543,"최종승인",26461,"조혜정",43544,301148,"신성메디칼","2019-03-19","2019-03-22",3,"EA",8000,1,24000,3,24000,43543,"결제",null,0,null,24000,43543,24000,43543,"상신","결재완료",24000,43585,24000,43585]
[1102,1000057304,10,"물품구매 의지하지 이*용 외 /창원센터",1945600470,"의지하지 실리콘싹스 등 3종/이*용 등",10,"Z20010526","의지하지-실리콘싹스이지락킹(미국산) (의지재료) (의지재료)","Z01",456,null,43539,"최종승인",6166,"김현종",43542,301263,"성림교역","2019-03-15","2019-03-22",1,"EA",330000,1,330000,1,330000,43543,"결제",null,0,null,330000,43543,330000,43543,"상신","결재완료",330000,43585,330000,43585]
[1102,1000057352,10,"물품구매(실리콘라이너-찬*나)",1945600492,"의지하지 실리콘싹스/찬*나",10,"Z20010532","의지하지-실리콘싹스컴포트하퇴용(외산) (의지재료) (의지재료)","Z01",456,null,43542,"최종승인",9144,"정창희",43544,301434,"오서코리아주식회사","2019-03-18","2019-03-25",3,"EA",338000,1,1014000,3,1014000,43543,"결제",null,0,null,1014000,43543,1014000,43543,"상신","결재완료",1014000,43585,1014000,43585]
[1102,1000057358,20,"물품구매(무릎관절장치토탈니2000 등 3종)",1945600488,"자체 시험상용화/무릎관절장치 토탈니 등 3종",20,"Z20050282","하지-토탈니메일피라미드어댑터 (연구재료)","Z01",456,null,43542,"최종승인",26292,"오혜정",43544,301434,"오서코리아주식회사","2019-03-18","2019-03-25",1,"EA",130000,1,130000,1,130000,43542,"결제",null,0,null,130000,43542,130000,43542,"상신","결재완료",130000,43565,130000,43565]
[1102,1000057173,10,"물품구매(전자의수 부품/양*호)",1945600445,"의지상지 근전전동의수 등 2종",10,"Z20011057","의지상지-근전전동의수 변속기부BK(국산)","Z01",456,null,43535,"최종승인",27264,"양철호",43537,302514,"비케이메디텍","2019-03-11","2019-03-18",2,"EA",600000,1,1200000,2,1200000,43538,"결제",null,0,null,1200000,43538,1200000,43538,"상신","결재완료",1200000,43585,1200000,43585]
[1102,1000057240,20,"물품구매(금형스프링 등 4건/법인카드)",1945600456,"스마트소켓/코일스프링 등 4종",20,"Z20050607","스마트소켓(연구재료) (연구재료)","Z01",456,null,43563,"최종승인",28446,"전경진",43539,516506169,"스마트소켓-6169","2019-03-13","2019-04-13",10,"EA",40392,10,40392,10,40392,43537,"결제",null,0,null,40392,43537,40392,43537,"상신","결재완료",0,null,40392,43581]
[1102,1000057109,40,"물품구매(상지의지-이희조 외 5명/양*호)",1945600402,"의지상지 상박신경줄호스머 등 6종/ 이*조 등",40,"Z20010368","의지상지-미관형의수실리콘리갈(외산) (의지재료) (의지재료)","Z01",456,null,43531,"최종승인",27264,"양철호",43532,301263,"성림교역","2019-03-07","2019-03-14",2,"EA",230000,1,460000,2,460000,43536,"결제",null,0,null,460000,43536,460000,43536,"상신","결재완료",460000,43585,460000,43585]
[1102,1000057150,10,"물품구매 의지하지/창원센터",1945600410,"의지하지 락장식 등 5종",10,"Z20010453","의지하지-락장식셔틀락키드하지용(미국하퇴용) (의지재료) (의지재료)","Z01",456,null,43532,"최종승인",8445,"차민국",43535,301263,"성림교역","2019-03-08","2019-03-15",10,"EA",155000,1,1550000,10,1550000,43536,"결제",null,0,null,1550000,43536,1550000,43536,"상신","결재완료",1550000,43585,1550000,43585]
[1102,1000057159,20,"물품구매/4바퀴보행차/워커(일반형)/곽*관/김*혜/유*경/조*문",1945600430,"소모품 워커보행기 등 2종",20,"Z20120030","소모품-워커앞바퀴부착 (의지재료) (의지재료)","Z01",456,null,43532,"최종승인",6164,"조성문",43536,320519,"(주) 대세엠케어 대구동영업소","2019-03-08","2019-03-15",2,"EA",28500,1,57000,2,57000,43536,"결제",null,0,null,57000,43536,57000,43536,"상신","결재완료",57000,43585,57000,43585]
[1102,1000057185,10,"물품구매(신*갑-김*득/유*선)",1945600418,"일반형휠체어/신*갑 등",10,"Z20120654","일반형휠체어-SMART-Twin(22D)(우리체어메디칼)","Z01",456,null,43532,"최종승인",26283,"유재선",43536,324470,"우리체어메디칼","2019-03-08","2019-03-15",2,"EA",450000,1,900000,2,900000,43536,"결제",null,0,null,900000,43536,900000,43536,"상신","결재완료",900000,43585,900000,43585]
[1102,1000057192,10,"물품구매(보조배터리 등 2건/ 법인카드)",1945600416,"휠체어트래커/보조배터리 등 2종",10,"Z20050738","휠체어트래커(연구재료)","Z01",456,null,43556,"최종승인",26940,"남기태",43536,516501005,"휠체어트래커-1005","2019-03-11","2019-04-08",3,"EA",23570,1,70710,3,70710,43535,"결제",null,0,null,70710,43535,70710,43535,"상신","결재완료",0,null,70710,43550]
[1102,1000057096,10,"물품구매(실리콘라이너-최*배)",1945600399,"의지하지 실리콘싹스/최*배",10,"Z20010520","의지하지-실리콘싹스씰린라이너대퇴용(외산) (의지재료) (의지재료)","Z01",456,null,43530,"최종승인",9144,"정창희",43531,301434,"오서코리아주식회사","2019-03-05","2019-03-13",1,"EA",600000,1,600000,1,600000,43530,"결제",null,0,null,600000,43530,600000,43530,"상신","결재완료",600000,43585,600000,43585]
[1102,1000056919,20,"물품구매(PP 필라멘트 2Kg 등 2건/세금계산서)",1945600358,"스마트소켓/pp filament 등 2종",20,"Z20050607","스마트소켓(연구재료) (연구재료)","Z01",456,null,43543,"최종승인",6898,"고창용",43524,323283,"제이엠전자","2019-02-26","2019-03-26",2,"EA",103400,1,206800,2,206800,43529,"결제",null,0,null,206800,43529,206800,43529,"상신","결재완료",0,null,206800,43535]
[1102,1000056973,50,"기타",1945600366,"휠체어수리 등 7종",50,"Z20120222","휠체어수리-스쿠터용튜브10in3.00-4휠로피아(10in) (의지재료)","Z01",456,null,43524,"최종승인",26283,"유재선",43528,301700,"(주)휠로피아","2019-02-28","2019-03-07",4,"EA",6000,1,24000,4,24000,43529,"결제",null,0,null,24000,43529,24000,43529,"상신","결재완료",24000,43585,24000,43585]
[1102,1000057088,20,"물품구매(손의지-김*혁 외 조*정)",1945600448,"의지상지 미관형의수 등 3종/김*혁 등",20,"Z20010367","의지상지-미관형의수실리콘두손 (의지재료) (의지재료)","Z01",456,null,43530,"최종승인",26461,"조혜정",43537,300508,"두손의수","2019-03-04","2019-03-13",3,"EA",213099,1,639297,3,639297,43529,"결제",null,0,null,639297,43529,639297,43529,"상신","결재완료",639297,43585,639297,43585]
[1102,1000056896,10,"물품구매(레니게이드 등6종)",1945600349,"자체 시험상용화/직무형인공발 레니게이드 등 6종",10,"Z20050457","하지-고기능인공발(레니게이드)(연구재료) (연구재료)","Z01",456,null,43522,"최종승인",26292,"오혜정",43523,301263,"성림교역","2019-02-26","2019-03-05",1,"EA",3550000,1,3550000,1,3550000,43524,"결제",null,0,null,3550000,43524,3550000,43524,"상신","결재완료",3550000,43535,3550000,43535]
[1102,1000056932,10,"물품구매(의수 패럴린 코팅)",1945600361,"직무지지원/의수패럴린 코팅",10,"Z20050113","직무지원 연구재료 (연구재료) (연구재료)","Z01",456,null,43523,"최종승인",26292,"오혜정",43524,323203,"코스텍","2019-02-27","2019-03-06",4,"EA",50000,1,200000,4,200000,43524,"결제",null,0,null,200000,43524,200000,43524,"상신","결재완료",200000,43535,200000,43535]
[1102,1000056809,10,"물품구매 수부 /창원센터",1945600309,"의지상지 미관형의수",10,"Z20010367","의지상지-미관형의수실리콘두손 (의지재료) (의지재료)","Z01",456,null,43521,"최종승인",6166,"김현종",43521,300508,"두손의수","2019-02-22","2019-03-04",4,"EA",213099,1,852396,4,852396,43522,"결제",null,0,null,852396,43522,852396,43522,"상신","결재완료",852396,43553,852396,43553]
[1102,1000056825,20,"물품구매(손의지-노*수 외 조*정)",1945600308,"의지상지 미관형의수 등 2종/노*수",20,"Z20010372","의지상지-미관형의수지실리콘 (의지재료) (의지재료)","Z01",456,null,43521,"최종승인",26461,"조혜정",43521,300508,"두손의수","2019-02-22","2019-03-04",1,"EA",51901,1,51901,1,51901,43522,"결제",null,0,null,51901,43522,51901,43522,"상신","결재완료",51901,43553,51901,43553]
[1102,1000056906,90,"물품구매(기타재료)",1945600337,"소모품 나이론반도백색 등 11종",90,"Z20010337","소모품-P.P(4x120x240) (의지재료) (의지재료)","Z01",456,null,43522,"최종승인",26461,"조혜정",43523,301148,"신성메디칼","2019-02-26","2019-03-05",3,"EA",51000,1,153000,3,153000,43522,"결제",null,0,null,153000,43522,153000,43522,"상신","결재완료",153000,43553,153000,43553]
[1102,1000056827,10,"물품구매(방석)",1945600306,"욕창예방방석",10,"Z20130029","욕창예방방석공기격자형-Smdub0003(8x9x5) (의지재료) (의지재","Z01",456,null,43521,"최종승인",26461,"조혜정",43521,323411,"주식회사씰테크 용인지점","2019-02-22","2019-03-04",20,"EA",230000,1,4600000,20,4600000,43521,"결제",null,0,null,4600000,43521,4600000,43521,"상신","결재완료",4600000,43553,4600000,43553]
[1102,1000056861,20,"물품구매(미관형의수-박*옥)",1945600326,"의지상지 미관형의수 등 4종/박*옥",20,"Z20010373","의지상지-반자동의수(독일산) (의지재료) (의지재료)","Z01",456,null,43521,"최종승인",9144,"정창희",43522,305386,"(주) 오토복코리아헬스케어","2019-02-22","2019-03-04",1,"EA",363000,1,363000,1,363000,43521,"결제",null,0,null,363000,43521,363000,43521,"상신","결재완료",363000,43553,363000,43553]
[1102,1000056814,10,"물품구매(의지상지-황*돈 외 조*정)",1945600316,"의지상지 호스머후크 등 11종",10,"Z20011060","의지상지-호스머후크-대우,스텐(고무X)","Z01",456,null,43521,"최종승인",26461,"조혜정",43521,301263,"성림교역","2019-02-22","2019-03-04",1,"EA",510000,1,510000,1,510000,43518,"결제",null,0,null,510000,43518,510000,43518,"상신","결재완료",510000,43553,510000,43553]
[1102,1000056710,10,"물품구매(VisiJet Crystal 등 2건/세금계산서)",1945600288,"스마트어시스트/visijet crystal 등 2종",10,"Z20050649","스마트어시스트(연구재료) (연구재료)","Z01",456,null,43539,"최종승인",26892,"권칠용",43515,316049,"(주)씨이피테크","2019-02-18","2019-03-22",3,"EA",1078000,1,3234000,3,3234000,43517,"결제",null,0,null,3234000,43517,3234000,43517,"상신","결재완료",0,null,3234000,43535]
[1102,1000056710,20,"물품구매(VisiJet Crystal 등 2건/세금계산서)",1945600288,"스마트어시스트/visijet crystal 등 2종",20,"Z20050649","스마트어시스트(연구재료) (연구재료)","Z01",456,null,43539,"최종승인",26892,"권칠용",43515,316049,"(주)씨이피테크","2019-02-18","2019-03-22",2,"EA",682000,1,1364000,2,1364000,43517,"결제",null,0,null,1364000,43517,1364000,43517,"상신","결재완료",0,null,1364000,43535]
[1102,1000056764,10,"물품구매(김*민)전*만",1945600345,"활동형휠체어/김*민",10,"Z20120641","활동형휠체어- 노바제로 A타입 (티오엠)","Z01",456,null,43516,"최종승인",6160,"전영만",43523,319782,"주식회사 티오엠모빌리티 (TOM MOBILITY)-폐쇄","2019-02-20","2019-02-27",1,"EA",950000,1,950000,1,950000,43516,"결제",null,0,null,950000,43516,950000,43516,"상신","결재완료",950000,43553,950000,43553]
[1102,1000056669,10,"물품구매 휠체어부품 김*섭 /창원센터",1945600277,"휠체어수리 배터리",10,"Z20120169","휠체어수리-배터리(55Ah) (의지재료) (의지재료)","Z01",456,null,43511,"최종승인",6166,"김현종",43514,324832,"주식회사 이레엠케어","2019-02-15","2019-02-22",2,"EA",105000,1,210000,2,210000,43515,"결제",null,0,null,210000,43515,210000,43515,"상신","결재완료",210000,43553,210000,43553]
[1102,1500026183,20,"전기실 LAN커넥터외15종 구입",1945600241,"전기실 lan커넥터 등 17종",20,null,"유도등 충전밧테리","Z06",456,null,43507,"최종승인",28101,"김형국",43508,300045,"모아이엔티","2019-02-11","2019-02-23",5,"개",21000,5,21000,5,21000,43515,"결제",null,0,null,21000,43515,21000,43515,"상신","결재완료",21000,43521,21000,43521]
[1102,1000056665,20,"물품구매(무릎관절장치 토탈니 2000등 2종)",1945600280,"자체 시험상용화/무릎관절장치 토탈니 등 2종",20,"Z20050094","하지-토탈니피라미드어댑터 (연구재료) (연구재료)","Z01",456,null,43511,"최종승인",26292,"오혜정",43514,301434,"오서코리아주식회사","2019-02-15","2019-02-22",1,"EA",130000,1,130000,1,130000,43514,"결제",null,0,null,130000,43514,130000,43514,"상신","결재완료",130000,43521,130000,43521]
[1102,1000056653,20,"물품구매(휠체어-경*호)",1945600258,"휠체어꺽기형 등 2종/경*호",20,"Z20120650","활동형휠체어-P2(미키코리아)","Z01",456,null,43510,"최종승인",9144,"정창희",43511,309507,"미키코리아(주)","2019-02-14","2019-02-21",1,"EA",950000,1,950000,1,950000,43511,"결제",null,0,null,950000,43511,950000,43511,"상신","결재완료",950000,43553,950000,43553]
[1102,1000056576,30,"물품구매-의지상지/임*은",1945600229,"자체 시험상용화/손의지",30,"Z20010373","의지상지-반자동의수(독일산) (의지재료) (의지재료)","Z01",456,null,43507,"최종승인",9620,"임성은",43508,305386,"(주) 오토복코리아헬스케어","2019-02-11","2019-02-18",1,"EA",363000,1,363000,1,363000,43509,"결제",null,0,null,363000,43509,363000,43509,"상신","결재완료",363000,43553,363000,43553]
[1102,1000055961,20,"물품구매(AFO 회전 모듈 상부 파트 등 2건/세금계산서)",1945600057,"맞춤형근골격/afo 회전 모듈 상부 파트 등 2종",20,"Z20050524","맞춤형근골격(연구재료) (연구재료)","Z01",456,null,43504,"최종승인",26892,"권칠용",43479,302038,"이룩스","2019-01-14","2019-02-15",2,"EA",33000,1,66000,2,66000,43508,"결제",null,0,null,66000,43508,66000,43508,"상신","결재완료",0,null,66000,43521]
[1102,1000056408,10,"물품구매(VisiJet Crystal 등 2건/세금계산서)",1945600214,"맞춤형근골격/visijet crystal 등 2종",10,"Z20050524","맞춤형근골격(연구재료) (연구재료)","Z01",456,null,43517,"최종승인",26892,"권칠용",43503,316049,"(주)씨이피테크","2019-01-31","2019-02-28",2,"EA",1078000,1,2156000,2,2156000,43507,"결제",null,0,null,2156000,43507,2156000,43507,"상신","결재완료",0,null,2156000,43521]
[1102,1000056415,10,"물품구매(B*N-P*S-손*리-이*흠-김*삼/유*선)",1945600211,"휠체어꺽기형 등 3종",10,"Z20010641","휠체어-꺽기형미라지7 드럼브레이크(미키) (의지재료) (의지재료)","Z01",456,null,43497,"최종승인",26283,"유재선",43497,301882,"미키메디칼","2019-02-01","2019-02-08",3,"EA",490000,1,1470000,3,1470000,43503,"결제",null,0,null,1470000,43503,1470000,43503,"상신","결재완료",1470000,43553,1470000,43553]
[1102,1000056434,10,"기타",1945600208,"휠체어수리 타이어",10,"Z20120371","휠체어수리-타이어J2용미키(22,24x1in) (의지재료) (의지재료)","Z01",456,null,43497,"최종승인",26283,"유재선",43497,309507,"미키코리아(주)","2019-02-01","2019-02-08",30,"EA",8000,1,240000,30,240000,43503,"결제",null,0,null,240000,43503,240000,43503,"상신","결재완료",240000,43553,240000,43553]
[1102,1000056407,10,"물품구매(초고속 데이터 처리용 컴퓨터/법인카드)",1945600202,"맞춤형근골격/초고속 데이터 처리용 컴퓨터",10,"Z20050524","맞춤형근골격(연구재료) (연구재료)","Z01",456,null,43510,"최종승인",27184,"배주환",43497,516570269,"연구-0269(맞춤형근골격)","2019-01-31","2019-02-21",1,"EA",4865400,1,4865400,1,4865400,43496,"결제",null,0,null,4865400,43496,4865400,43496,"상신","결재완료",0,null,4865400,43522]
[1102,1000056318,10,"물품구매(의수패럴린 코팅)",1945600199,"직무지지원/의수 패럴린 코팅",10,"Z20050113","직무지원 연구재료 (연구재료) (연구재료)","Z01",456,null,43494,"최종승인",26292,"오혜정",43495,323203,"코스텍","2019-01-29","2019-02-05",3,"EA",50000,1,150000,3,150000,43495,"결제",null,0,null,150000,43495,150000,43495,"상신","결재완료",150000,43504,150000,43504]
[1102,1000055844,10,"물품구매(엔코더프로그래머 등 3건/세금계산서)",1945600008,"스마트어시스트/엔코더 프로그래머 등 3종",10,"Z20050649","스마트어시스트(연구재료) (연구재료)","Z01",456,null,43510,"최종승인",26940,"남기태",43476,302993,"주식회사 트론","2019-01-10","2019-02-21",1,"EA",440000,1,440000,1,440000,43494,"결제",null,0,null,440000,43494,440000,43494,"상신","결재완료",0,null,440000,43504]
[1102,1000056242,10,"물품구매/미관형의수(실리콘)/이*환/박*숙/차*혁/한*주/조*문",1945600165,"의지상지 미관형의수/이*환 등",10,"Z20010367","의지상지-미관형의수실리콘두손 (의지재료) (의지재료)","Z01",456,null,43490,"최종승인",6164,"조성문",43493,300508,"두손의수","2019-01-25","2019-02-01",4,"EA",213099,1,852396,4,852396,43494,"결제",null,0,null,852396,43494,852396,43494,"상신","결재완료",852396,43524,852396,43524]
[1102,1000056317,20,"물품구매(손의지-정*열 외 조*정)",1945600194,"의지상지 미관형의수 등 3종/정*열 등",20,"Z20010372","의지상지-미관형의수지실리콘 (의지재료) (의지재료)","Z01",456,null,43494,"최종승인",26461,"조혜정",43495,300508,"두손의수","2019-01-29","2019-02-05",3,"EA",51901,1,155703,3,155703,43494,"결제",null,0,null,155703,43494,155703,43494,"상신","결재완료",155703,43524,155703,43524]
[1102,1000056199,10,"물품구매(실리콘-이*구)",1945600155,"의지하지 아이스로스/이*구",10,"Z20010987","의지하지-아이스로스 씰인 x 하퇴라이너+씰링 (미국산) (의지재료)","Z01",456,null,43489,"최종승인",9144,"정창희",43490,301434,"오서코리아주식회사","2019-01-24","2019-01-31",1,"EA",520000,1,520000,1,520000,43490,"결제",null,0,null,520000,43490,520000,43490,"상신","결재완료",520000,43524,520000,43524]
[1102,1000056109,20,"물품구매(상지의지-강*집,박*수/양*호)",1945600116,"의지상지 미관형의수 등 2종/강*집 등",20,"Z20010997","의지하지-실리콘싹스알프스플렉스슬리브(성림)","Z01",456,null,43486,"최종승인",27264,"양철호",43486,301263,"성림교역","2019-01-21","2019-01-28",1,"EA",130000,1,130000,1,130000,43489,"결제",null,0,null,130000,43489,130000,43489,"상신","결재완료",130000,43524,130000,43524]
[1102,1000056196,130,"물품구매(기타재료)",1945600169,"의지상지 손목장식 등 23종",130,"Z20010276","소모품-카타칼大(10개입) (의지재료) (의지재료)","Z01",456,null,43488,"최종승인",26461,"조혜정",43493,301148,"신성메디칼","2019-01-23","2019-01-30",40,"EA",1350,1,54000,40,54000,43489,"결제",null,0,null,54000,43489,54000,43489,"상신","결재완료",54000,43524,54000,43524]
[1102,1000056235,10,"물품구매(김*숙,성*종,태백중안병원)전*만",1945600163,"보조기척추 등 3종/김*숙 등",10,"Z20010967","보조기척추-OT TLSO 몰딩 (의지재료)","Z01",456,null,43489,"최종승인",null,null,43493,322758,"오르텍주식회사","2019-01-24","2019-01-31",2,"EA",80000,1,160000,2,160000,43489,"결제",null,0,null,160000,43489,160000,43489,"상신","결재완료",160000,43524,160000,43524]
[1102,1000056171,10,"물품구매(기타재료)",1945600141,"소모품 c폼 등 2종",10,"Z20010932","소모품-C-폼 4X4yd(10/box) (의지재료)","Z01",456,null,43487,"최종승인",26461,"조혜정",43488,301263,"성림교역","2019-01-22","2019-01-29",1,"EA",40000,1,40000,1,40000,43488,"결제",null,0,null,40000,43488,40000,43488,"상신","결재완료",40000,43524,40000,43524]
[1102,1000056053,20,"물품구매 의지하지/창원센터",1945600108,"의지하지 실리콘싹스 등 2종",20,"Z20010570","의지하지-흡입밸브실린라이너대퇴용(미국산) (의지재료) (의지재료)","Z01",456,null,43483,"최종승인",8445,"차민국",43486,301434,"오서코리아주식회사","2019-01-18","2019-01-25",2,"EA",95000,1,190000,2,190000,43487,"결제",null,0,null,190000,43487,190000,43487,"상신","결재완료",190000,43524,190000,43524]
[1102,1000056106,10,"물품구매(방석-최*우)",1945600120,"욕창예방방석/최*우",10,"Z20130024","욕창예방방석공기격자형-커트로 (의지재료) (의지재료)","Z01",456,null,43486,"최종승인",9144,"정창희",43487,319782,"주식회사 티오엠모빌리티 (TOM MOBILITY)-폐쇄","2019-01-21","2019-01-28",1,"EA",370000,1,370000,1,370000,43487,"결제",null,0,null,370000,43487,370000,43487,"상신","결재완료",370000,43524,370000,43524]
[1102,1000055993,10,"물품구매(기타재료)",1945600065,"소모품 석고칼날",10,"Z20010177","소모품-석고칼날반원형(반원형외산) (의지재료) (의지재료)","Z01",456,null,43481,"최종승인",26461,"조혜정",43482,301263,"성림교역","2019-01-16","2019-01-23",12,"EA",10000,1,120000,12,120000,43486,"결제",null,0,null,120000,43486,120000,43486,"상신","결재완료",120000,43524,120000,43524]
[1102,1000056079,20,"물품구매(의지재료-실리콘의수형틀준비)",1945600092,"실리콘고무 등 2종",20,"Z20011042","의지재료-내열퍼티(일범)","Z01",456,null,43483,"최종승인",8664,"유효종",43483,324848,"(주) 일범","2019-01-18","2019-01-25",10,"EA",16000,1,160000,10,160000,43486,"결제",null,0,null,160000,43486,160000,43486,"상신","결재완료",160000,43524,160000,43524]
[1102,1500025934,40,"청소용품(점보롤 등 10종) 구매",1945600129,"청소용품 10종",40,null,"무궁화가루비누/800*12","Z06",456,null,43486,"최종승인",4960,"송상달",43487,313863,"주식회사 꿈이있는일터","2019-01-21","2019-01-21",2,"포",24000,2,24000,2,24000,43486,"결제",null,0,null,24000,43486,24000,43486,"상신","결재완료",24000,43504,24000,43504]
[1102,1000055953,20,"물품구매(상,하지의지-김*태,NJUIPS*,김*자,김*수/천*민)",1945600068,"보조기하지 등 3종/김*태",20,"Z20010368","의지상지-미관형의수실리콘리갈(외산) (의지재료) (의지재료)","Z01",456,null,43479,"최종승인",27784,"천성민",43482,301263,"성림교역","2019-01-14","2019-01-21",2,"EA",230000,1,460000,2,460000,43482,"결제",null,0,null,460000,43482,460000,43482,"상신","결재완료",460000,43524,460000,43524]
[1102,1000055947,20,"물품구매(의지하지-정*희,김*규/김*선)",1945600070,"의지하지 프로플렉스 등 2종/정*희",20,"Z20010570","의지하지-흡입밸브실린라이너대퇴용(미국산) (의지재료) (의지재료)","Z01",456,null,43479,"최종승인",6675,"김훈선",43482,301434,"오서코리아주식회사","2019-01-14","2019-01-21",1,"EA",95000,1,95000,1,95000,43481,"결제",null,0,null,95000,43481,95000,43481,"상신","결재완료",95000,43524,95000,43524]
[1102,1000055850,10,"물품구매(상지의지-김*철 외 6명/양*호)",1945600017,"의지상지 미관형의수 등 3종/김*철 등",10,"Z20010368","의지상지-미관형의수실리콘리갈(외산) (의지재료) (의지재료)","Z01",456,null,43475,"최종승인",27264,"양철호",43476,301263,"성림교역","2019-01-10","2019-01-17",6,"EA",230000,1,1380000,6,1380000,43480,"결제",null,0,null,1380000,43480,1380000,43480,"상신","결재완료",1380000,43524,1380000,43524]
[1102,1000055922,20,"물품구매- 미관형의수/임*은",1945600050,"의지상지 미관형의수 등 2종",20,"Z20010372","의지상지-미관형의수지실리콘 (의지재료) (의지재료)","Z01",456,null,43479,"최종승인",9620,"임성은",43479,300508,"두손의수","2019-01-14","2019-01-21",4,"EA",51901,1,207604,4,207604,43480,"결제",null,0,null,207604,43480,207604,43480,"상신","결재완료",207604,43524,207604,43524]
[1102,1000055937,10,"물품구매(미관형의수-한*덕)",1945600061,"의지상지 미관형의수 등 2종/한*덕",10,"Z20010372","의지상지-미관형의수지실리콘 (의지재료) (의지재료)","Z01",456,null,43479,"최종승인",9144,"정창희",43482,300508,"두손의수","2019-01-14","2019-01-21",1,"EA",51901,1,51901,1,51901,43480,"결제",null,0,null,51901,43480,51901,43480,"상신","결재완료",51901,43524,51901,43524]
[1102,1000055875,30,"물품구매(김*길/유*선)",1945600011,"휠체어침대형 등 3종/김*길",30,"Z20120440","휠체어수리-휭판대세 (의지재료) (의지재료)","Z01",456,null,43475,"최종승인",26283,"유재선",43476,306977,"(주)대세엠케어 경인지점 (인천)","2019-01-10","2019-01-17",10,"EA",5600,1,56000,10,56000,43479,"결제",null,0,null,56000,43479,56000,43479,"상신","결재완료",56000,43524,56000,43524]
[1102,1000055939,80,"물품구매(극세선 내열 난연성 전선(배선용)등 12종/법인카드)",1945600048,"맞춤형근골격/극세선 내열 난연성 전선 등 12종",80,"Z20050524","맞춤형근골격(연구재료) (연구재료)","Z01",456,null,43517,"최종승인",27685,"황석진",43479,516570269,"연구-0269(맞춤형근골격)","2019-01-11","2019-02-28",3,"EA",1705,1,5115,3,5115,43479,"결제",null,0,null,5115,43479,5115,43479,"상신","결재완료",0,null,5115,43522]
[1102,1000055845,10,"물품구매(송*호,의지재료)전*만",1945600006,"휠체어꺽기형 등 5종/송*호 등",10,"Z20120055","휠체어꺽기형-미라지7일반형미키 (의지재료) (의지재료)","Z01",456,null,43475,"최종승인",6160,"전영만",43476,309507,"미키코리아(주)","2019-01-10","2019-01-17",1,"EA",440000,1,440000,1,440000,43475,"결제",null,0,null,440000,43475,440000,43475,"상신","결재완료",440000,43524,440000,43524]
[1102,1000055917,10,"물품구매(의지상지-육*진/조*정)",1945600034,"의지상지 전자의수",10,"Z20010405","의지상지-전자의수Bk(국산) (의지재료) (의지재료)","Z01",456,null,43476,"최종승인",26461,"조혜정",43479,302514,"비케이메디텍","2019-01-08","2019-01-18",1,"EA",2430000,1,2430000,1,2430000,43473,"결제",null,0,null,2430000,43473,2430000,43473,"상신","결재완료",2430000,43524,2430000,43524]
[1102,1000055172,30,"물품구매(손가락고정프레임(L)등 4건/세금계산서)",1845602513,"골유착임플란트/손가락고정프레임 등 4종",30,"Z20050686","손가락베이스(손가락)","Z01",456,null,43458,"최종승인",26286,"장대진",43444,405295,"(주) 한일하이테크","2018-12-06","2018-12-31",8,"EA",137500,1,1100000,8,1100000,43455,"결제",null,0,null,1100000,43455,1100000,43455,"상신","결재완료",0,null,1100000,43475]
[1102,1000055450,40,"물품구매-휠체어소모품/임*은",1845602634,"휠체어활동형 등 8종",40,"Z20120267","휠체어수리-앞바퀴조립투명휠(3,4,5in) (의지재료) (의지재료)","Z01",456,null,43453,"최종승인",9620,"임성은",43454,309507,"미키코리아(주)","2018-12-18","2018-12-26",10,"EA",20000,1,200000,10,200000,43454,"결제",null,0,null,200000,43454,200000,43454,"상신","결재완료",200000,43496,200000,43496]
[1102,1000055499,20,"물품구매/미관형의수(실리콘)/김*규/조*문",1845602611,"의지상지 미관형의수 등 4종/김*규 등",20,"Z20010395","의지상지-작업의수후크스텐호스머(미국산) (의지재료) (의지재료)","Z01",456,null,43453,"최종승인",6164,"조성문",43454,301263,"성림교역","2018-12-19","2018-12-26",1,"EA",690000,1,690000,1,690000,43454,"결제",null,0,null,690000,43454,690000,43454,"상신","결재완료",690000,43496,690000,43496]
[1102,1000055512,80,"물품구매 소모품 /창원센터",1845602619,"소모품 토치머리 등 9종",80,"Z20010111","소모품-뒤플렉스(10x40x40) (의지재료) (의지재료)","Z01",456,null,43453,"최종승인",6166,"김현종",43454,301148,"신성메디칼","2018-12-19","2018-12-26",10,"EA",35000,1,350000,10,350000,43454,"결제",null,0,null,350000,43454,350000,43454,"상신","결재완료",350000,43496,350000,43496]
[1102,1000055546,40,"물품구매(기타재료)",1845602653,"소모품 등 4종",40,"Z20010619","의지하지-대퇴하이스텐 (의지재료) (의지재료)","Z01",456,null,43454,"최종승인",26461,"조혜정",43455,301148,"신성메디칼","2018-12-19","2018-12-27",1,"EA",600000,1,600000,1,600000,43454,"결제",null,0,null,600000,43454,600000,43454,"상신","결재완료",600000,43496,600000,43496]
[1102,1000055554,50,"물품구매(상박장식-유*덕)",1845602659,"의지상지 상박주관절장식 등 8종/유*덕 등",50,"Z20010424","의지하지-단축발알미늄세트(중국산) (의지재료) (의지재료)","Z01",456,null,43454,"최종승인",9144,"정창희",43458,301263,"성림교역","2018-12-19","2018-12-27",1,"EA",162000,1,162000,1,162000,43454,"결제",null,0,null,162000,43454,162000,43454,"상신","결재완료",162000,43496,162000,43496]
[1102,1000055327,90,"물품구매(브레드보드용 점퍼 WJW-60B 등 11건/세금계산서)",1845602573,"골유착임플란트/브레드보드용 점퍼 등 11종",90,"Z20050686","골유착임플란트(연구재료)","Z01",456,null,43447,"최종승인",27962,"김승기",43451,312883,"(주) 엔티렉스","2018-12-13","2018-12-20",3,"EA",14190,1,42570,3,42570,43453,"결제",null,0,null,42570,43453,42570,43453,"상신","결재완료",0,null,42570,43458]
[1102,1000055473,20,"물품구매(기타재료)",1845602630,"소모품 엘라스틱밴드 등 6종",20,"Z20010117","소모품-레진경화제(150g) (의지재료) (의지재료)","Z01",456,null,43453,"최종승인",26461,"조혜정",43454,305386,"(주) 오토복코리아헬스케어","2018-12-18","2018-12-26",4,"EA",11000,1,44000,4,44000,43453,"결제",null,0,null,44000,43453,44000,43453,"상신","결재완료",44000,43496,44000,43496]
[1102,1000055386,20,"물품구매(손*택/유*선)",1845602607,"휠체어꺽기형 등 2종/손*택",20,"Z20120267","휠체어수리-앞바퀴조립투명휠(3,4,5in) (의지재료) (의지재료)","Z01",456,null,43448,"최종승인",26283,"유재선",43452,301882,"미키메디칼","2018-12-14","2018-12-21",20,"EA",18182,1,363640,20,363640,43452,"결제",null,0,null,363640,43452,363640,43452,"상신","결재완료",363640,43496,363640,43496]
[1102,1000055434,10,"물품구매/발/이*엽/조*문",1845602599,"의지하지 단축발신형/이*엽",10,"Z20010861","의지하지-단축발신형(미국산) (의지재료)","Z01",456,null,43451,"최종승인",6164,"조성문",43452,301434,"오서코리아주식회사","2018-12-17","2018-12-24",1,"EA",220000,1,220000,1,220000,43452,"결제",null,0,null,220000,43452,220000,43452,"상신","결재완료",220000,43496,220000,43496]
[1102,1000055436,10,"물품구매/4바퀴보행기/문*관/조*문",1845602600,"소모품 워커보행기/문*관",10,"Z20120029","소모품-워커보행기(4바퀴) (의지재료) (의지재료)","Z01",456,null,43451,"최종승인",6164,"조성문",43452,320519,"(주) 대세엠케어 대구동영업소","2018-12-17","2018-12-24",1,"EA",90000,1,90000,1,90000,43452,"결제",null,0,null,90000,43452,90000,43452,"상신","결재완료",90000,43496,90000,43496]
[1102,1000055318,10,"물품구매/미관형의수(실리콘)/황*환/한*주/조*문",1845602548,"의지상지 미관형의수/황*환 등",10,"Z20010367","의지상지-미관형의수실리콘두손 (의지재료) (의지재료)","Z01",456,null,43447,"최종승인",6164,"조성문",43448,300508,"두손의수","2018-12-13","2018-12-20",2,"EA",213099,1,426198,2,426198,43451,"결제",null,0,null,426198,43451,426198,43451,"상신","결재완료",426198,43496,426198,43496]
[1102,1000055328,10,"물품구매/맞춤형교정용신발/남*서/조*문",1845602553,"보조기구두/남*서",10,"Z20010610","보조기구두-특수보조화(목이높은구두) (의지재료) (의지재료)","Z01",456,null,43447,"최종승인",6164,"조성문",43448,322794,"편한메디케어(폐업-190120)","2018-12-13","2018-12-20",1,"EA",130000,1,130000,1,130000,43451,"결제",null,0,null,130000,43451,130000,43451,"상신","결재완료",130000,43496,130000,43496]
[1102,1000055357,20,"물품구매/의지재료(소모품)/조*문",1845602583,"소모품 박스포장용테이프 등 13종",20,"Z20010257","소모품-전기테이프(19mm) (의지재료) (의지재료)","Z01",456,null,43448,"최종승인",6164,"조성문",43451,301148,"신성메디칼","2018-12-14","2018-12-21",10,"EA",500,1,5000,10,5000,43451,"결제",null,0,null,5000,43451,5000,43451,"상신","결재완료",5000,43496,5000,43496]
[1102,1000055359,50,"물품구매(상지의지-김*호 외 조*정)",1845602576,"의지하지 맞춤형 실리콘 등 7종/김*호 등",50,"Z20010003","보조기구두-정형화 (의지재료) (의지재료)","Z01",456,null,43448,"최종승인",26461,"조혜정",43451,301263,"성림교역","2018-12-14","2018-12-21",1,"EA",55000,1,55000,1,55000,43451,"결제",null,0,null,55000,43451,55000,43451,"상신","결재완료",55000,43496,55000,43496]
[1102,1000055392,40,"물품구매 (핀게이지세트 등 6건/ 법인카드)",1845602574,"골유착임플란트/핀게이지세트 등 6종",40,"Z20050686","골유착임플란트(연구재료)","Z01",456,null,43448,"최종승인",27826,"전만기",43451,516545280,"골유착임플란트-5280","2018-12-14","2018-12-21",1,"EA",139700,1,139700,1,139700,43451,"결제",null,0,null,139700,43451,139700,43451,"상신","결재완료",0,null,139700,43493]
[1102,1000055566,130,"물품구매(기타재료)",1845602656,"소모품 삼중마스크 등 19종",130,"Z20010259","소모품-젤렉스(A급) (의지재료) (의지재료)","Z01",456,null,43455,"최종승인",26461,"조혜정",43458,301148,"신성메디칼","2018-12-17","2018-12-28",5,"EA",31000,1,155000,5,155000,43451,"결제",null,0,null,155000,43451,155000,43451,"상신","결재완료",155000,43496,155000,43496]
[1102,1000055165,10,"물품구매(SUS 볼락핀)",1845602524,"직무지원/sus 볼락핀",10,"Z20050113","직무지원 연구재료 (연구재료) (연구재료)","Z01",456,null,43448,"최종승인",27961,"홍범기",43445,324543,"다우테크","2018-12-06","2018-12-21",50,"EA",16000,1,800000,50,800000,43448,"결제",null,0,null,800000,43448,800000,43448,"상신","결재완료",800000,43458,800000,43458]
[1102,1000055297,10,"물품구매(cobalte Jet tap 등 7종)",1845602542,"직무지원/cobalte jet tap",10,"Z20050113","직무지원 연구재료 (연구재료) (연구재료)","Z01",456,null,43446,"최종승인",6147,"김도완",43447,312606,"(주) 엘토","2018-12-13","2018-12-19",5,"EA",15200,1,76000,5,76000,43448,"결제",null,0,null,76000,43448,76000,43448,"상신","결재완료",76000,43458,76000,43458]
[1102,1000055348,10,"물품구매(맞춤형 인솔)",1845602566,"자체 시험상용화/맞춤형 인솔",10,"Z20050638","하지-맞춤형 인솔(연구재료) (연구재료)","Z01",456,null,43447,"최종승인",26292,"오혜정",43448,301263,"성림교역","2018-12-14","2018-12-20",1,"EA",150000,1,150000,1,150000,43448,"결제",null,0,null,150000,43448,150000,43448,"상신","결재완료",150000,43458,150000,43458]
[1102,1000055356,60,"물품구매(레니게이드LP 등 6종)",1845602569,"자체 시험상용화/직무형인공발 레니게이드 등 6종",60,"Z20050029","미관형 의수(성림) (연구재료) (연구재료)","Z01",456,null,43448,"최종승인",26292,"오혜정",43448,301263,"성림교역","2018-12-14","2018-12-21",2,"EA",230000,1,460000,2,460000,43448,"결제",null,0,null,460000,43448,460000,43448,"상신","결재완료",460000,43458,460000,43458]
[1102,1000055136,10,"물품구매(전동드라이버(DELVO))",1845602496,"직무지원/전동드라이버",10,"Z20050113","직무지원 연구재료 (연구재료) (연구재료)","Z01",456,null,43448,"최종승인",27961,"홍범기",43441,324558,"미진하이텍 (HI-TEC)","2018-12-05","2018-12-21",1,"EA",490000,1,490000,1,490000,43447,"결제",null,0,null,490000,43447,490000,43447,"상신","결재완료",490000,43458,490000,43458]
[1102,1000055244,10,"물품구매(자동엄지 회전용 손바닥 프레임(L)등 3건/세금계산서)",1845602525,"골유착임플란트/자동 엄지 회전용 손바닥 프레임 등 3종",10,"Z20050686","자동엄지 회전용 손바닥 프레임(L)","Z01",456,null,43448,"최종승인",26286,"장대진",43446,324487,"제이엔텍","2018-12-10","2018-12-21",1,"EA",54450,1,54450,1,54450,43446,"결제",null,0,null,54450,43446,54450,43446,"상신","결재완료",0,null,54450,43458]
[1102,1000055344,30,"물품구매(손의지-최*준 외 조*정)",1845602554,"의지상지 미관형의수 등 4종/최*준 등",30,"Z20010360","의지상지-미관형발레진 (의지재료) (의지재료)","Z01",456,null,43447,"최종승인",26461,"조혜정",43448,300508,"두손의수","2018-12-10","2018-12-20",1,"EA",90000,1,90000,1,90000,43445,"결제",null,0,null,90000,43445,90000,43445,"상신","결재완료",90000,43496,90000,43496]
[1102,1000055181,20,"물품구매(하지의지-박*하)/손*호",1845602488,"의지하지 더마 프로플렉스 등 2종/박*하",20,"Z20010422","의지하지-단축발발목장식알루미늄포함셋트(독일산) (의지재료) (의지재료)","Z01",456,null,43440,"최종승인",6167,"손진호",43441,305386,"(주) 오토복코리아헬스케어","2018-12-06","2018-12-13",1,"EA",176000,1,176000,1,176000,43444,"결제",null,0,null,176000,43444,176000,43444,"상신","결재완료",176000,43496,176000,43496]
[1102,1000054840,20,"물품구매(부싱 1 등 9건/세금계산서)",1845602480,"스마트소켓/부싱 등 9종",20,"Z20050607","스마트소켓(연구재료) (연구재료)","Z01",456,null,43441,"최종승인",26891,"박진국",43439,301759,"창신정공","2018-11-26","2018-12-14",12,"EA",13200,1,158400,12,158400,43440,"결제",null,0,null,158400,43440,158400,43440,"상신","결재완료",0,null,158400,43458]
[1102,1000055120,20,"물품구매(상지의지-김*순/유*종)",1845602477,"의지상지 미관형의수/김*순",20,"Z20010611","보조기하지-CEPA (의지재료) (의지재료)","Z01",456,null,43438,"최종승인",8664,"유효종",43439,301263,"성림교역","2018-12-04","2018-12-11",1,"EA",80000,1,80000,1,80000,43440,"결제",null,0,null,80000,43440,80000,43440,"상신","결재완료",80000,43496,80000,43496]
[1102,1000054994,20,"물품구매(USB페달 외 3건)",1845602466,"직무지원/USB페달 등 4종",20,"Z20050113","직무지원 연구재료 (연구재료) (연구재료)","Z01",456,null,43448,"최종승인",27961,"홍범기",43438,303371,"토탈솔루션과학","2018-11-30","2018-12-21",2,"EA",53500,1,107000,2,107000,43438,"결제",null,0,null,107000,43438,107000,43438,"상신","결재완료",107000,43458,107000,43458]
[1102,1000055091,20,"물품구매/미관형의수(실리콘)/신*근/김*덕/조*문",1845602471,"의지상지 미관형의수 등 2종/신*근",20,"Z20010372","의지상지-미관형의수지실리콘 (의지재료) (의지재료)","Z01",456,null,43437,"최종승인",6164,"조성문",43438,300508,"두손의수","2018-12-03","2018-12-10",2,"EA",51901,1,103802,2,103802,43438,"결제",null,0,null,103802,43438,103802,43438,"상신","결재완료",103802,43496,103802,43496]
[1102,1000055007,10,"물품구매(정밀 복스 드라이버 세트 등 12종/법인카드)",1845602449,"맞춤형근골격/정밀 복스 드라이버 세트 등 12종",10,"Z20050524","맞춤형근골격(연구재료) (연구재료)","Z01",456,null,43444,"최종승인",27685,"황석진",43437,516570269,"연구-0269(맞춤형근골격)","2018-11-30","2018-12-17",1,"EA",775735,1,775735,1,775735,43437,"결제",null,0,null,775735,43437,775735,43437,"상신","결재완료",0,null,775735,43460]
[1102,1000054928,10,"물품구매-욕창예방방석/임*은",1845602445,"욕창예방방석",10,"Z20130023","욕창예방방석공기격자형-로호 (의지재료) (의지재료)","Z01",456,null,43432,"최종승인",9620,"임성은",43434,319782,"주식회사 티오엠모빌리티 (TOM MOBILITY)-폐쇄","2018-11-28","2018-12-05",1,"EA",370000,1,370000,1,370000,43433,"결제",null,0,null,370000,43433,370000,43433,"상신","결재완료",370000,43465,370000,43465]
[1102,1500025102,150,"복사지 등 사무용품 1set",1845602423,"휠체어안전표준화/사무용품 복사지 등 39종",150,null,"밀크복사지","Z06",456,null,43431,"최종승인",26292,"오혜정",43432,303467,"(주) 드림디포글로벌","2018-11-27","2018-12-04",1,"EA",38000,1,38000,1,38000,43433,"결제",null,0,null,38000,43433,38000,43433,"상신","결재완료",0,null,38000,43458]
[1102,1500025102,320,"복사지 등 사무용품 1set",1845602423,"휠체어안전표준화/사무용품 복사지 등 39종",320,null,"더블크립(특소형)","Z06",456,null,43431,"최종승인",26292,"오혜정",43432,303467,"(주) 드림디포글로벌","2018-11-27","2018-12-04",1,"EA",4800,1,4800,1,4800,43433,"결제",null,0,null,4800,43433,4800,43433,"상신","결재완료",0,null,4800,43458]
[1102,1000054844,10,"물품구매-활동형휠체어외1종/임*은",1845602403,"활동형휠체어 등 2종",10,"Z20120641","활동형휠체어- 노바제로 A타입 (티오엠)","Z01",456,null,43430,"최종승인",9620,"임성은",43431,319782,"주식회사 티오엠모빌리티 (TOM MOBILITY)-폐쇄","2018-11-26","2018-12-03",1,"EA",950000,1,950000,1,950000,43432,"결제",null,0,null,950000,43432,950000,43432,"상신","결재완료",950000,43465,950000,43465]
[1102,1000054879,40,"물품구매(기타재료)",1845602418,"의지하지 발 등 4종",40,"Z20010461","의지하지-무릎회전장식Bk(국산) (의지재료) (의지재료)","Z01",456,null,43431,"최종승인",26461,"조혜정",43432,302514,"비케이메디텍","2018-11-27","2018-12-04",10,"EA",177670,1,1776700,10,1776700,43432,"결제",null,0,null,1776700,43432,1776700,43432,"상신","결재완료",1776700,43465,1776700,43465]
[1102,1000054915,10,"물품구매(기타재료)",1845602431,"보조기하지 /한*희",10,"Z20010336","소모품-P.P(3x120x240) (의지재료) (의지재료)","Z01",456,null,43432,"최종승인",26461,"조혜정",43433,301148,"신성메디칼","2018-11-27","2018-12-05",1,"EA",40000,1,40000,1,40000,43432,"결제",null,0,null,40000,43432,40000,43432,"상신","결재완료",40000,43465,40000,43465]
[1102,1500025105,40,"흑백프린터 토너 등 5종",1845602424,"휠체어안전표준화/흑백프린터 토너 등 5종",40,null,"컬러프린터 토너(빨강)","Z06",456,null,43431,"최종승인",26292,"오혜정",43432,321731,"주식회사 소명시스템","2018-11-27","2018-12-04",1,"EA",143000,1,143000,1,143000,43432,"결제",null,0,null,143000,43432,143000,43432,"상신","결재완료",0,null,143000,43444]
[1102,1000054778,70,"물품구매 소모품 /창원센터",1845602400,"소모품 젤렉스 등 9종",70,"Z20010084","소모품-가스도찌(소형) (의지재료) (의지재료)","Z01",456,null,43427,"최종승인",6166,"김현종",43430,301148,"신성메디칼","2018-11-23","2018-11-30",2,"EA",60000,1,120000,2,120000,43431,"결제",null,0,null,120000,43431,120000,43431,"상신","결재완료",120000,43465,120000,43465]
[1102,1000054827,10,"물품구매(방석-한*문)",1845602383,"욕창예방방석/한*문",10,"Z20130024","욕창예방방석공기격자형-커트로 (의지재료) (의지재료)","Z01",456,null,43430,"최종승인",9144,"정창희",43430,319782,"주식회사 티오엠모빌리티 (TOM MOBILITY)-폐쇄","2018-11-26","2018-12-03",2,"EA",370000,1,740000,2,740000,43431,"결제",null,0,null,740000,43431,740000,43431,"상신","결재완료",740000,43465,740000,43465]
[1102,1500025061,10,"흑백프린터 토너 등 6종",1845602409,"휠체어안전표준화/흑백프린터 토너 등 6종",10,null,"흑백프린터 토너(ML-1673)","Z06",456,null,43427,"최종승인",6151,"육선우",43431,321731,"주식회사 소명시스템","2018-11-23","2018-11-30",2,"EA",88000,1,176000,2,176000,43431,"결제",null,0,null,176000,43431,176000,43431,"상신","결재완료",0,null,176000,43444]
[1102,1000054811,10,"물품구매(테프론 래핑와이어 등 13건/세금계산서)",1845602439,"스마트소켓/테프론 래핑와이어 등 13종",10,"Z20050607","스마트소켓(연구재료) (연구재료)","Z01",456,null,43427,"최종승인",27174,"이희태",43434,313051,"(주) 엘레파츠","2018-11-23","2018-11-30",1,"EA",23650,1,23650,1,23650,43430,"결제",null,0,null,23650,43430,23650,43430,"상신","결재완료",0,null,23650,43458]
[1102,1000054744,10,"물품구매(의지하지-박*원/김*선)",1845602361,"의지하지 실리콘싹스/박*원",10,"Z20010532","의지하지-실리콘싹스컴포트하퇴용(외산) (의지재료) (의지재료)","Z01",456,null,43425,"최종승인",6675,"김훈선",43426,301434,"오서코리아주식회사","2018-11-21","2018-11-28",1,"EA",338000,1,338000,1,338000,43427,"결제",null,0,null,338000,43427,338000,43427,"상신","결재완료",338000,43465,338000,43465]
[1102,1000054801,10,"물품구매(생체신호 측정대/법인카드)",1845602389,"맞춤형근골격/생체신호 측정대",10,"Z20050524","맞춤형근골격(연구재료) (연구재료)","Z01",456,null,43434,"최종승인",27158,"정보라",43430,516570269,"연구-0269(맞춤형근골격)","2018-11-23","2018-12-07",1,"EA",60000,1,60000,1,60000,43427,"결제",null,0,null,60000,43427,60000,43427,"상신","결재완료",0,null,60000,43460]
[1102,1000054697,100,"물품구매(rotation Adapter 등 10종)",1845602354,"자체 시험상용화/rotation adepter 등 10종",100,"Z20050402","하지-회전조절오목켓아답터(오토복)(연구재료) (연구재료)","Z01",456,null,43424,"최종승인",26292,"오혜정",43425,305386,"(주) 오토복코리아헬스케어","2018-11-20","2018-11-27",1,"EA",163000,1,163000,1,163000,43426,"결제",null,0,null,163000,43426,163000,43426,"상신","결재완료",163000,43444,163000,43444]
[1102,1000054713,30,"물품구매(직무형인공발/베리플렉스 등 3종)",1845602349,"자체 시험상용화/직무형인공발 베리플렉스 등 3종",30,"Z20050707","하지-아이스로스스포츠라이너(연구재료)","Z01",456,null,43424,"최종승인",26292,"오혜정",43425,301434,"오서코리아주식회사","2018-11-20","2018-11-27",1,"EA",430000,1,430000,1,430000,43426,"결제",null,0,null,430000,43426,430000,43426,"상신","결재완료",430000,43444,430000,43444]
[1102,1500024995,10,"물품구매(교세라 FS-1370토너 등 2건)세금계산서(맞춤형근골격)",1845602343,"맞춤형근골격/재생토너 등 2종",10,null,"맞춤형근골격(연구재료) (연구재료)","Z06",456,null,43455,"최종승인",27520,"최혁재",43425,302969,"늘푸른직업재활원","2018-11-20","2018-11-28",4,"EA",66000,1,264000,4,264000,43426,"결제",null,0,null,264000,43426,264000,43426,"상신","결재완료",0,null,264000,43444]
[1102,1000054685,40,"물품구매(안*섭-이*봉-송*근-이*준-김*금/유*선)",1845602333,"휠체어꺽기형 등 4종/안*섭등",40,"Z20120628","침대형휠체어-HAL-48알루미늄드럼브레이크(미키코리아) (의지재료)","Z01",456,null,43423,"최종승인",26283,"유재선",43424,301882,"미키메디칼","2018-11-19","2018-11-26",1,"EA",740000,1,740000,1,740000,43425,"결제",null,0,null,740000,43425,740000,43425,"상신","결재완료",740000,43465,740000,43465]
[1102,1000054533,20,"물품구매(기판 고정 PCB 홀더 보조기 받침대 등 2건/세금계산서)",1845602276,"골유착임플란트/기판 고정 pcb홀더 보조기 받침대 등 3종",20,"Z20050686","골유착임플란트(연구재료)","Z01",456,null,43430,"최종승인",27962,"김승기",43418,320291,"에스제이전자","2018-11-12","2018-12-03",5,"EA",74250,1,371250,5,371250,43424,"결제",null,0,null,371250,43424,371250,43424,"상신","결재완료",0,null,371250,43444]
[1102,1000054715,20,"물품구매 휠체어 배*상,방석 김*국 외 /창원센터",1845602337,"활동형휠체어 등 5종/배*상 등",20,"Z20130023","욕창예방방석공기격자형-로호 (의지재료) (의지재료)","Z01",456,null,43424,"최종승인",6166,"김현종",43425,311792,"이레엠케어// 폐쇄-법인변경190101","2018-11-16","2018-11-27",1,"EA",370000,1,370000,1,370000,43424,"결제",null,0,null,370000,43424,370000,43424,"상신","결재완료",370000,43465,370000,43465]
[1102,1000054650,10,"물품구매(타이어)",1845602312,"휠체어수리 타이어 등 2종",10,"Z20120367","휠체어수리-타이어활동형미키(24in) (의지재료) (의지재료)","Z01",456,null,43420,"최종승인",9144,"정창희",43423,309507,"미키코리아(주)","2018-11-16","2018-11-23",10,"EA",8000,1,80000,10,80000,43423,"결제",null,0,null,80000,43423,80000,43423,"상신","결재완료",80000,43465,80000,43465]
[1102,1000054569,10,"물품구매(상지의지-염*성,백*남,이*순,김*대/양*호)",1845602309,"의지상지 미관형의수/염*성 등",10,"Z20010368","의지상지-미관형의수실리콘리갈(외산) (의지재료) (의지재료)","Z01",456,null,43417,"최종승인",27264,"양철호",43420,301263,"성림교역","2018-11-13","2018-11-20",4,"EA",230000,1,920000,4,920000,43420,"결제",null,0,null,920000,43420,920000,43420,"상신","결재완료",920000,43465,920000,43465]
[1102,1000054578,90,"물품구매(기타재료)",1845602305,"소모품 석고소석고 등 12종",90,"Z20010259","소모품-젤렉스(A급) (의지재료) (의지재료)","Z01",456,null,43419,"최종승인",26461,"조혜정",43420,301148,"신성메디칼","2018-11-15","2018-11-22",5,"EA",35000,1,175000,5,175000,43420,"결제",null,0,null,175000,43420,175000,43420,"상신","결재완료",175000,43465,175000,43465]
[1102,1000054620,20,"물품구매(방석-매트 김*덕 외 조*정)",1845602304,"욕창예방매트리스 등 2종/김*덕",20,"Z20130024","욕창예방방석공기격자형-커트로 (의지재료) (의지재료)","Z01",456,null,43419,"최종승인",26461,"조혜정",43420,319782,"주식회사 티오엠모빌리티 (TOM MOBILITY)-폐쇄","2018-11-15","2018-11-22",1,"EA",370000,1,370000,1,370000,43420,"결제",null,0,null,370000,43420,370000,43420,"상신","결재완료",370000,43465,370000,43465]
[1102,1000054649,50,"물품구매(의지하지-이*환 외 조*정)",1845602319,"의지하지 실리콘싹스 등 8종",50,"Z20010476","의지하지-발베리플랙스(미국산) (의지재료) (의지재료)","Z01",456,null,43420,"최종승인",26461,"조혜정",43423,301434,"오서코리아주식회사","2018-11-15","2018-11-23",2,"EA",1870000,1,3740000,2,3740000,43420,"결제",null,0,null,3740000,43420,3740000,43420,"상신","결재완료",3740000,43465,3740000,43465]
[1102,1000054534,10,"물품구매(척추보조기/천*민)",1845602310,"보조기척추 등 2종",10,"Z20010967","보조기척추-OT TLSO 몰딩 (의지재료)","Z01",456,null,43416,"최종승인",27784,"천성민",43420,322758,"오르텍주식회사","2018-11-12","2018-11-19",6,"EA",80000,1,480000,6,480000,43419,"결제",null,0,null,480000,43419,480000,43419,"상신","결재완료",480000,43465,480000,43465]
[1102,1000054527,10,"물품구매/활동형휠체어/정*호/조*문",1845602264,"휠체어활동형 등 2종/정*호",10,"Z20120610","휠체어-활동형-노바제로-티오엠모빌리티 (의지재료)","Z01",456,null,43416,"최종승인",6164,"조성문",43416,319782,"주식회사 티오엠모빌리티 (TOM MOBILITY)-폐쇄","2018-11-12","2018-11-19",1,"EA",720000,1,720000,1,720000,43418,"결제",null,0,null,720000,43418,720000,43418,"상신","결재완료",720000,43465,720000,43465]
[1102,1000054353,10,"물품구매(battery, charger)",1845602193,"배터리성능평가/배터리 등 2종",10,"Z20050606","배터리성능평가(연구재료) (연구재료)","Z01",456,null,43426,"최종승인",6149,"최기원",43409,318479,"주식회사 엠피에스코리아","2018-11-05","2018-11-29",1,"EA",704000,1,704000,1,704000,43417,"결제",null,0,null,704000,43417,704000,43417,"상신","결재완료",0,null,704000,43427]
[1102,1000054520,10,"물품구매 의지상,하지 /창원센터",1845602257,"의지하지 락장식 등 4종",10,"Z20010453","의지하지-락장식셔틀락키드하지용(미국하퇴용) (의지재료) (의지재료)","Z01",456,null,43413,"최종승인",6166,"김현종",43416,301263,"성림교역","2018-11-09","2018-11-16",10,"EA",155000,1,1550000,10,1550000,43417,"결제",null,0,null,1550000,43417,1550000,43417,"상신","결재완료",1550000,43465,1550000,43465]
[1102,1000054553,20,"물품구매(미관형 의수 2종)",1845602281,"자체 시험상용화/미관형의수 등 2종",20,"Z20050030","미관형 의수(두손) (연구재료) (연구재료)","Z01",456,null,43417,"최종승인",26292,"오혜정",43418,300508,"두손의수","2018-11-13","2018-11-20",1,"EA",51901,1,51901,1,51901,43417,"결제",null,0,null,51901,43417,51901,43417,"상신","결재완료",51901,43444,51901,43444]
[1102,1000054451,40,"물품구매(상하지의지-이*자,정*영,이*성,송*언/양*호)",1845602246,"의지하지 실리콘싹스 등 4종/이*자 등",40,"Z20010581","의지하지-발트리아스(독일산) (의지재료) (의지재료)","Z01",456,null,43411,"최종승인",27264,"양철호",43416,305386,"(주) 오토복코리아헬스케어","2018-11-07","2018-11-14",1,"EA",730000,1,730000,1,730000,43416,"결제",null,0,null,730000,43416,730000,43416,"상신","결재완료",730000,43465,730000,43465]
[1102,1000054239,10,"물품구매(U2(B))",1845602162,"자체 시험상용화/활동형휠체어u2",10,"Z20050511","활동형휠체어-미키코리아(U2)(시험검사) (연구재료)","Z01",456,null,43406,"최종승인",27377,"정성배",43406,301882,"미키메디칼","2018-11-01","2018-11-09",1,"EA",1140000,1,1140000,1,1140000,43413,"결제",null,0,null,1140000,43413,1140000,43413,"상신","결재완료",1140000,43427,1140000,43427]
[1102,1000054405,20,"물품구매(하지의지-전*진/유*종)",1845602214,"의지상지 상박관절장식 등 4종/전*진 등",20,"Z20010917","의지하지-밸런스코폴리머라이너(오토복) (의지재료)","Z01",456,null,43410,"최종승인",8664,"유효종",43411,305386,"(주) 오토복코리아헬스케어","2018-11-06","2018-11-13",1,"EA",365000,1,365000,1,365000,43412,"결제",null,0,null,365000,43412,365000,43412,"상신","결재완료",365000,43465,365000,43465]
[1102,1000054410,30,"물품구매(휠체어-김*기)",1845602210,"휠체어 꺽기형 등 6종/김*기 등",30,"Z20120650","활동형휠체어-P2(미키코리아)","Z01",456,null,43410,"최종승인",9144,"정창희",43411,309507,"미키코리아(주)","2018-11-06","2018-11-13",1,"EA",950000,1,950000,1,950000,43411,"결제",null,0,null,950000,43411,950000,43411,"상신","결재완료",950000,43465,950000,43465]
[1102,1000054319,10,"물품구매(손의지-김*팔 외 조*정)",1845602187,"의지상지 미관형의수 등 2종/김*팔 등",10,"Z20010367","의지상지-미관형의수실리콘두손 (의지재료) (의지재료)","Z01",456,null,43406,"최종승인",26461,"조혜정",43409,300508,"두손의수","2018-11-02","2018-11-09",7,"EA",213099,1,1491693,7,1491693,43410,"결제",null,0,null,1491693,43410,1491693,43410,"상신","결재완료",1491693,43465,1491693,43465]
[1102,1500024758,10,"맞춤형 전동휠체어전달식 현수막 제작",1845800102,"맞춤형 전동힐체어전달식 현수막 제작",10,null,"맞춤형 전동휠체어전달식 현수막 제작","Z06",458,null,43410,"최종승인",5031,"김찬호",43411,303142,"이삭광고","2018-11-06","2018-11-13",1,"EA",60000,1,60000,1,60000,43410,"결제",null,0,null,60000,43410,60000,43410,"상신","결재완료",60000,43427,60000,43427]
[1102,1000054308,40,"물품구매(최*교-임*진-박*국-여*호/유*선)",1845602177,"휠체어전동형 등 5종/최*교 등",40,"Z20120566","14\"전동용 통타이어 우레탄-휠로피아 (의지재료) (의지재료)","Z01",456,null,43405,"최종승인",26283,"유재선",43409,301700,"(주)휠로피아","2018-11-01","2018-11-08",2,"EA",50000,1,100000,2,100000,43409,"결제",null,0,null,100000,43409,100000,43409,"상신","결재완료",100000,43465,100000,43465]
[1102,1000054230,10,"물품구매(욕창예방매트리스/YB-1104A)",1845602168,"자체 시험상용화/욕창예방매트리스",10,"Z20050608","욕창예방매트리스-영화의료기(YB-1104A)(시험검사) (연구재료)","Z01",456,null,43405,"최종승인",26292,"오혜정",43406,301174,"주식회사 영화의료기","2018-11-01","2018-11-08",2,"EA",317000,1,634000,2,634000,43406,"결제",null,0,null,634000,43406,634000,43406,"상신","결재완료",634000,43427,634000,43427]
[1102,1000054151,20,"물품구매(바디제작 등 2건/세금계산서)",1845602145,"체감형휠체어/바디제작등 2종",20,"Z20050687","체감형휠체어(연구재료)","Z01",456,null,43402,"최종승인",6898,"고창용",43403,324297,"주식회사 에이치엠","2018-10-19","2018-10-31",1,"EA",4400000,1,4400000,1,4400000,43404,"결제",null,0,null,4400000,43404,4400000,43404,"상신","결재완료",0,null,4400000,43413]
[1102,1500024630,20,"일반 소모품 구매",1845602157,"일반소모품 구매 18종",20,null,"칼라정부화일","Z06",456,null,43403,"최종승인",4752,"이은아",43403,303191,"인성","2018-10-30","2018-11-05",1,"EA",11364,1,11364,1,11364,43404,"결제",null,0,null,11364,43404,11364,43404,"상신","결재완료",11364,43413,11364,43413]
[1102,1000054103,10,"물품구매 휠체어 김*성 외 /창원센터",1845602120,"활동형휠체어 등 2종/김*성 등",10,"Z20120635","활동형 휠체어- CAMEL SPORT A타입 휠로피아","Z01",456,null,43399,"최종승인",6166,"김현종",43402,311792,"이레엠케어// 폐쇄-법인변경190101","2018-10-26","2018-11-02",1,"EA",950000,1,950000,1,950000,43403,"결제",null,0,null,950000,43403,950000,43403,"상신","결재완료",950000,43434,950000,43434]
[1102,1000054115,40,"물품구매(손의지-차*영 외 조*정)",1845602132,"의지상지 미관형의수 등 4종",40,"Z20010363","의지상지-미관형의수레진두손 (의지재료) (의지재료)","Z01",456,null,43399,"최종승인",26461,"조혜정",43402,300508,"두손의수","2018-10-26","2018-11-02",1,"EA",90000,1,90000,1,90000,43403,"결제",null,0,null,90000,43403,90000,43403,"상신","결재완료",90000,43434,90000,43434]
[1102,1000054176,10,"물품구매(밧*수,김*걸,김*오,김*규)전*만",1845602158,"보조기척추",10,"Z20010967","보조기척추-OT TLSO 몰딩 (의지재료)","Z01",456,null,43403,"최종승인",6160,"전영만",43405,322758,"오르텍주식회사","2018-10-30","2018-11-06",2,"EA",80000,1,160000,2,160000,43403,"결제",null,0,null,160000,43403,160000,43403,"상신","결재완료",160000,43434,160000,43434]
[1102,1000054128,40,"물품구매(방석-조*현)",1845602141,"욕창에방방석 등 10종",40,"Z20010376","의지상지-상박관절장식원통형(외산) (의지재료) (의지재료)","Z01",456,null,43402,"최종승인",9144,"정창희",43403,305386,"(주) 오토복코리아헬스케어","2018-10-26","2018-11-05",1,"EA",360000,1,360000,1,360000,43402,"결제",null,0,null,360000,43402,360000,43402,"상신","결재완료",360000,43434,360000,43434]
[1102,1000054130,20,"물품구매(폼카바)",1845602143,"의지하지 폼카바대퇴용 등 5종",20,"Z20010259","소모품-젤렉스(A급) (의지재료) (의지재료)","Z01",456,null,43402,"최종승인",9144,"정창희",43403,301148,"신성메디칼","2018-10-26","2018-11-05",10,"EA",31000,1,310000,10,310000,43402,"결제",null,0,null,310000,43402,310000,43402,"상신","결재완료",310000,43434,310000,43434]
[1102,1000054059,20,"물품구매(구두-신*섭 외 조*정)",1845602114,"의지하지 단축발알미늄 등 6종",20,"Z20010368","의지상지-미관형의수실리콘리갈(외산) (의지재료) (의지재료)","Z01",456,null,43398,"최종승인",26461,"조혜정",43399,301263,"성림교역","2018-10-25","2018-11-01",2,"EA",230000,1,460000,2,460000,43399,"결제",null,0,null,460000,43399,460000,43399,"상신","결재완료",460000,43434,460000,43434]
[1102,1000053981,10,"물품구매-활동형휠체어/임*은",1845602096,"휠체어활동형 등 2종",10,"Z20120610","휠체어-활동형-노바제로-티오엠모빌리티 (의지재료)","Z01",456,null,43396,"최종승인",9620,"임성은",43398,319782,"주식회사 티오엠모빌리티 (TOM MOBILITY)-폐쇄","2018-10-23","2018-10-30",1,"EA",720000,1,720000,1,720000,43398,"결제",null,0,null,720000,43398,720000,43398,"상신","결재완료",720000,43434,720000,43434]
[1102,1000053442,40,"물품구매(대퇴소켓취형용 스타킹 등 5건/세금계산서)",1845601920,"스마트소켓/body cover set 등 5종",40,"Z20050607","스마트소켓(연구재료) (연구재료)","Z01",456,null,43406,"최종승인",6145,"조현석",43371,305386,"(주) 오토복코리아헬스케어","2018-09-28","2018-11-09",1,"EA",150700,1,150700,1,150700,43396,"결제",null,0,null,150700,43396,150700,43396,"상신","결재완료",0,null,150700,43413]
[1102,1000053853,10,"물품구매(직무형인공발/프로플렉스XC 등 4종)",1845602074,"자체 시험상용화/직무형 인공팔 등 4종",10,"Z20050454","하지-고기능인공발(프로플렉스XC)(연구재료) (연구재료)","Z01",456,null,43391,"최종승인",26292,"오혜정",43395,301434,"오서코리아주식회사","2018-10-18","2018-10-25",1,"EA",2300000,1,2300000,1,2300000,43396,"결제",null,0,null,2300000,43396,2300000,43396,"상신","결재완료",2300000,43413,2300000,43413]
[1102,1000053899,10,"물품구매/의지재료/조*문",1845602054,"의지하지 싸치발셋트 등 2종",10,"Z20010548","의지하지-싸치발셋트 (의지재료) (의지재료)","Z01",456,null,43392,"최종승인",6164,"조성문",43395,305386,"(주) 오토복코리아헬스케어","2018-10-19","2018-10-26",1,"EA",162000,1,162000,1,162000,43396,"결제",null,0,null,162000,43396,162000,43396,"상신","결재완료",162000,43434,162000,43434]
[1102,1000053917,10,"물품구매 특수화 이*율 /창원센터",1845602062,"보조기구두/이*율",10,"Z20010610","보조기구두-특수보조화(목이높은구두) (의지재료) (의지재료)","Z01",456,null,43392,"최종승인",6166,"김현종",43395,322794,"편한메디케어(폐업-190120)","2018-10-19","2018-10-26",1,"EA",150000,1,150000,1,150000,43396,"결제",null,0,null,150000,43396,150000,43396,"상신","결재완료",150000,43434,150000,43434]
[1102,1000053929,20,"물품구매/의지재료/조*문",1845602055,"소모품 복수지 등 5종",20,"Z20010100","소모품-내피피혁(30cm) (의지재료) (의지재료)","Z01",456,null,43392,"최종승인",6164,"조성문",43395,301148,"신성메디칼","2018-10-19","2018-10-26",60,"EA",3300,1,198000,60,198000,43396,"결제",null,0,null,198000,43396,198000,43396,"상신","결재완료",198000,43434,198000,43434]
[1102,1000053826,10,"물품구매(vr위생마스크/세금계산서)",1845602026,"체감형휠체어/vr 위생마스크",10,"Z20050687","체감형휠체어(연구재료)","Z01",456,null,43396,"최종승인",27158,"정보라",43391,324311,"에스에이컴퍼니","2018-10-16","2018-10-30",10,"EA",14850,1,148500,10,148500,43395,"결제",null,0,null,148500,43395,148500,43395,"상신","결재완료",0,null,148500,43413]
[1102,1000053935,10,"물품구매(박*오)전*만",1845602070,"욕창예방매트리스/박*오",10,"Z20130007","욕창예방매트리스교대부양형-Ad1200tube(860x2000x110mm)","Z01",456,null,43395,"최종승인",6160,"전영만",43395,303862,"(주) 영원메디칼","2018-10-22","2018-10-29",1,"EA",287000,1,287000,1,287000,43395,"결제",null,0,null,287000,43395,287000,43395,"상신","결재완료",287000,43434,287000,43434]
[1102,1000053857,10,"물품구매(이동형 리프트)",1845602076,"자체 시험상용화/이동형리프트",10,"Z20050655","이동형리프트(연구재료) (연구재료)","Z01",456,null,43391,"최종승인",26292,"오혜정",43395,302514,"비케이메디텍","2018-10-18","2018-10-25",2,"EA",2110000,1,4220000,2,4220000,43391,"결제",null,0,null,4220000,43391,4220000,43391,"상신","결재완료",4220000,43413,4220000,43413]
[1102,1000053747,70,"물품구매(기타재료)",1845602022,"소모품 석고붕대 등 8종",70,"Z20010259","소모품-젤렉스(A급) (의지재료) (의지재료)","Z01",456,null,43384,"최종승인",26461,"조혜정",43389,301148,"신성메디칼","2018-10-11","2018-10-18",5,"EA",31000,1,155000,5,155000,43390,"결제",null,0,null,155000,43390,155000,43390,"상신","결재완료",155000,43434,155000,43434]
[1102,1500024315,60,"물품구매(투명홀더 외 25종사무용품)/세금계산서)",1845601979,"체감형휠체어/투명홀더 등 26종",60,null,"포스트잇 팝업","Z06",456,null,43383,"최종승인",27158,"정보라",43384,323112,"(주) 드림디포구월점","2018-10-10","2018-10-31",1,"EA",22000,1,22000,1,22000,43390,"결제",null,0,null,22000,43390,22000,43390,"상신","결재완료",0,null,22000,43398]
[1102,1500024315,240,"물품구매(투명홀더 외 25종사무용품)/세금계산서)",1845601979,"체감형휠체어/투명홀더 등 26종",240,null,"잉크칼라","Z06",456,null,43383,"최종승인",27158,"정보라",43384,323112,"(주) 드림디포구월점","2018-10-10","2018-10-31",3,"EA",11900,1,35700,3,35700,43390,"결제",null,0,null,35700,43390,35700,43390,"상신","결재완료",0,null,35700,43398]
[1102,1000053801,10,"물품구매(휠체어-김*자)",1845602013,"휠체어꺽기형 등 3종/김*자",10,"Z20120055","휠체어꺽기형-미라지7일반형미키 (의지재료) (의지재료)","Z01",456,null,43388,"최종승인",9144,"정창희",43389,309507,"미키코리아(주)","2018-10-15","2018-10-22",2,"EA",440000,1,880000,2,880000,43389,"결제",null,0,null,880000,43389,880000,43389,"상신","결재완료",880000,43434,880000,43434]
[1102,1000053664,10,"물품 구매(의지 하지-노*근/신*현)",1845601981,"의지하지 대퇴무릎장식/노*근",10,"Z20010584","의지하지-대퇴무릎장식마우크니(외산) (의지재료) (의지재료)","Z01",456,null,43381,"최종승인",6158,"신무현",43384,301434,"오서코리아주식회사","2018-10-08","2018-10-15",1,"EA",3640000,1,3640000,1,3640000,43388,"결제",null,0,null,3640000,43388,3640000,43388,"상신","결재완료",3640000,43434,3640000,43434]
[1102,1500024391,120,"청소용품(점보롤/500m) 구매",1845602008,"청소용품 구매",120,null,"무궁화가루비누/800g","Z06",456,null,43388,"최종승인",26609,"이미현",43388,313863,"주식회사 꿈이있는일터","2018-10-15","2018-10-22",1,"EA",12000,1,12000,1,12000,43388,"결제",null,0,null,12000,43388,12000,43388,"상신","결재완료",12000,43398,12000,43398]
[1102,1000053564,130,"물품구매(NT-PCB서포트 샘플키트 등 14건/세금계산서)",1845601969,"골유착임플란트/nt pcb서포크 샘플키트 등 14종",130,"Z20050686","골유착임플란트(연구재료)","Z01",456,null,43396,"최종승인",27962,"김승기",43383,312883,"(주) 엔티렉스","2018-10-02","2018-10-30",50,"EA",1980,1,99000,50,99000,43385,"결제",null,0,null,99000,43385,99000,43385,"상신","결재완료",0,null,99000,43398]
[1102,1000052851,10,"물품구매(생체신호 실시간데이터송신기/세금계산서)",1845601738,"체감형휠체어/생체신호 실시간데이터송신기",10,"Z20050687","체감형휠체어(연구재료)","Z01",456,null,43367,"최종승인",6898,"고창용",43347,324107,"(주)신승하이텍","2018-08-31","2018-10-19",1,"EA",8943000,1,8943000,1,8943000,43384,"결제",null,0,null,8943000,43384,8943000,43384,"상신","결재완료",0,null,8943000,43398]
[1102,1000053624,10,"물품구매(박*규,임*희)전*만",1845601957,"의지상지 미관형의수/박*규/임*희",10,"Z20010367","의지상지-미관형의수실리콘두손 (의지재료) (의지재료)","Z01",456,null,43378,"최종승인",6160,"전영만",43383,300508,"두손의수","2018-10-05","2018-10-12",2,"EA",213099,1,426198,2,426198,43383,"결제",null,0,null,426198,43383,426198,43383,"상신","결재완료",426198,43434,426198,43434]
[1102,1000053677,20,"물품구매 의지 상.하지 /창원센터",1845601952,"소모품 하퇴용스타킹 등 4종",20,"Z20010104","소모품-대퇴용스타킹 (의지재료) (의지재료)","Z01",456,null,43381,"최종승인",6166,"김현종",43383,305386,"(주) 오토복코리아헬스케어","2018-10-08","2018-10-15",20,"EA",11000,1,220000,20,220000,43383,"결제",null,0,null,220000,43383,220000,43383,"상신","결재완료",220000,43434,220000,43434]
[1102,1000053712,10,"물품구매(미관형 의수)",1845601997,"자체 시험상용화/미관형 의수 등 2종",10,"Z20050118","미관형 의수-고강도 실리콘 (연구재료) (연구재료)","Z01",456,null,43383,"최종승인",26292,"오혜정",43385,300508,"두손의수","2018-10-10","2018-10-17",1,"EA",213099,1,213099,1,213099,43383,"결제",null,0,null,213099,43383,213099,43383,"상신","결재완료",213099,43413,213099,43413]
[1102,1500024377,150,"물품구매(다용도 OPP테이프 등 19건 / 법인카드)",1845602044,"골유착임플란트/다용도 opp테이프 등 19건",150,null,"디자인컷터칼","Z06",456,null,43385,"최종승인",28222,"한지영",43392,516545280,"골유착임플란트-5280","2018-10-10","2018-10-26",2,"EA",7200,1,14400,2,14400,43383,"결제",null,0,null,14400,43383,14400,43383,"상신","결재완료",0,null,14400,43399]
[1102,1000052917,40,"물품구매(아이스로스슬리브 등4건/세금계산서)",1845601739,"직무지원/아이로스 씰인라이너 등 4종",40,"Z20050113","직무지원 연구재료 (연구재료) (연구재료)","Z01",456,null,43371,"최종승인",6898,"고창용",43347,301434,"오서코리아주식회사","2018-08-27","2018-10-05",1,"EA",60000,1,60000,1,60000,43378,"결제",null,0,null,60000,43378,60000,43378,"상신","결재완료",60000,43398,60000,43398]
[1102,1000053625,20,"물품구매(윤*자,이*화,심*국,김*걸,하*철)전*만",1845601956,"보조기척추 등 2종/윤*자/이*화 등",20,"Z20010038","보조기하지-각도조절돈조이(大,中,小) (의지재료) (의지재료)","Z01",456,null,43378,"최종승인",6160,"전영만",43383,322758,"오르텍주식회사","2018-10-05","2018-10-12",1,"EA",45000,1,45000,1,45000,43378,"결제",null,0,null,45000,43378,45000,43378,"상신","결재완료",45000,43434,45000,43434]
[1102,1500024243,30,"컬러프린터 드럼 3종 구매",1845601949,"컬러프린터 드럼 3종",30,null,"컬러프린터 드럼(Y)","Z06",456,null,43377,"최종승인",4732,"이경진",43377,321731,"주식회사 소명시스템","2018-10-04","2018-10-12",1,"EA",260000,1,260000,1,260000,43378,"결제",null,0,null,260000,43378,260000,43378,"상신","결재완료",260000,43398,260000,43398]
[1102,1500024206,30,"물품구매(흑백프린터 토너 등 4종)",1845601941,"휠체어안전표준화/흑백프린터 토너 등 4종",30,null,"컬러프린트 토너(빨강)","Z06",456,null,43374,"최종승인",26292,"오혜정",43375,321731,"주식회사 소명시스템","2018-10-01","2018-10-08",1,"EA",198000,1,198000,1,198000,43377,"결제",null,0,null,198000,43377,198000,43377,"상신","결재완료",0,null,198000,43398]
[1102,1000053510,10,"물품구매(미관형 의수)",1845601939,"자체 시험상용화/미관혀의수/김*우",10,"Z20050118","미관형 의수-고강도 실리콘 (연구재료) (연구재료)","Z01",456,null,43374,"최종승인",26292,"오혜정",43375,300508,"두손의수","2018-10-01","2018-10-08",1,"EA",213099,1,213099,1,213099,43375,"결제",null,0,null,213099,43375,213099,43375,"상신","결재완료",213099,43398,213099,43398]
[1102,1000053320,90,"물품구매(서보모터 등 13건/세금계산서)",1845601883,"체감형휠체어/서보모터 등 13종",90,"Z20050687","체감형휠체어(연구재료)","Z01",456,null,43392,"최종승인",27607,"이종원",43362,324106,"텔콤씨앤에스 주식회사","2018-09-19","2018-10-26",1,"EA",11000,1,11000,1,11000,43374,"결제",null,0,null,11000,43374,11000,43374,"상신","결재완료",0,null,11000,43398]
[1102,1000053459,30,"물품구매(방석-김*수)",1845601924,"욕창예방방석 등 3종/김*수",30,"Z20010369","의지상지-미관형의수전자글러브레진(외산) (의지재료) (의지재료)","Z01",456,null,43371,"최종승인",9144,"정창희",43374,305386,"(주) 오토복코리아헬스케어","2018-09-27","2018-10-05",5,"EA",162000,1,810000,5,810000,43371,"결제",null,0,null,810000,43371,810000,43371,"상신","결재완료",810000,43404,810000,43404]
[1102,1000053336,10,"물품구매(기타재료)",1845601891,"소모품 pp 등 18종",10,"Z20010336","소모품-P.P(3x120x240) (의지재료) (의지재료)","Z01",456,null,43362,"최종승인",26461,"조혜정",43362,301148,"신성메디칼","2018-09-19","2018-09-27",2,"EA",40000,1,80000,2,80000,43370,"결제",null,0,null,80000,43370,80000,43370,"상신","결재완료",80000,43404,80000,43404]
[1102,1000053402,10,"물품구매(보조기-유*한/조*정)",1845601916,"보조기구두/우*한",10,"Z20010610","보조기구두-특수보조화(목이높은구두) (의지재료) (의지재료)","Z01",456,null,43370,"최종승인",26461,"조혜정",43370,322794,"편한메디케어(폐업-190120)","2018-09-27","2018-10-04",1,"EA",130000,1,130000,1,130000,43370,"결제",null,0,null,130000,43370,130000,43370,"상신","결재완료",130000,43404,130000,43404]
[1102,1000053342,20,"물품구매(박*임-양*익-김*명/유*선)",1845601896,"휠체어전동형 등 6종/박*임 등",20,"Z20120559","휠체어전동형 KP31 (휠로피아) (의지재료) (의지재료)","Z01",456,null,43362,"최종승인",26283,"유재선",43364,301700,"(주)휠로피아","2018-09-19","2018-09-26",1,"EA",1860000,1,1860000,1,1860000,43364,"결제",null,0,null,1860000,43364,1860000,43364,"상신","결재완료",1860000,43404,1860000,43404]
[1102,1000053357,50,"물품구매(휠체어-함*선)",1845601903,"휠체어꺽기형 등 5종/함*선 등",50,"Z20120206","휠체어수리-브레이크활동형J2(활동형) (의지재료) (의지재료)","Z01",456,null,43363,"최종승인",9144,"정창희",43364,309507,"미키코리아(주)","2018-09-20","2018-09-27",6,"EA",22000,1,132000,6,132000,43364,"결제",null,0,null,132000,43364,132000,43364,"상신","결재완료",132000,43404,132000,43404]
[1102,1000053258,20,"물품구매(의지하지-박*급/김*동)",1845601865,"의지하지 하퇴용소켓어댑터 등 2종/박*급",20,"Z20010422","의지하지-단축발발목장식알루미늄포함셋트(독일산) (의지재료) (의지재료)","Z01",456,null,43360,"최종승인",8219,"김수동",43361,305386,"(주) 오토복코리아헬스케어","2018-09-17","2018-09-24",1,"EA",176000,1,176000,1,176000,43363,"결제",null,0,null,176000,43363,176000,43363,"상신","결재완료",176000,43404,176000,43404]
[1102,1000053772,10,"물품구매(핀치 및 악력 측정기/법인카드)",1845602002,"골유착임플란트/핀치 및 악력 측정기",10,"Z20050686","골유착임플란트(연구재료)","Z01",456,null,43385,"최종승인",27158,"정보라",43388,516545280,"골유착임플란트-5280","2018-09-19","2018-10-19",1,"EA",3176339,1,3176339,1,3176339,43363,"결제",null,0,null,3176339,43363,3176339,43363,"상신","결재완료",0,null,3176339,43399]
[1102,1000053134,10,"물품구매(상,하지보조기-안*순 등/천*민)",1845601862,"보조기하지 등 2종/안*순",10,"Z20010983","보조기하지-ROM Knee brace ACL (오르텍) (의지재료)","Z01",456,null,43355,"최종승인",27784,"천성민",43361,322758,"오르텍주식회사","2018-09-12","2018-09-19",3,"EA",43000,1,129000,3,129000,43361,"결제",null,0,null,129000,43361,129000,43361,"상신","결재완료",129000,43404,129000,43404]
[1102,1000053200,30,"물품구매 의지상지 외 /창원센터",1845601850,"의지상지 미관형의수 등 3종",30,"Z20010889","소모품-멀티폼 2mm(성림) (의지재료)","Z01",456,null,43357,"최종승인",6166,"김현종",43360,301263,"성림교역","2018-09-14","2018-09-21",1,"EA",44000,1,44000,1,44000,43361,"결제",null,0,null,44000,43361,44000,43361,"상신","결재완료",44000,43404,44000,43404]
[1102,1000053219,20,"물품구매(기타재료)",1845601839,"소모품 국산양말 등 7종",20,"Z20010714","소모품-국산양말(Thin,H-35cm) (의지재료)","Z01",456,null,43357,"최종승인",26461,"조혜정",43360,301263,"성림교역","2018-09-14","2018-09-21",20,"EA",3500,1,70000,20,70000,43360,"결제",null,0,null,70000,43360,70000,43360,"상신","결재완료",70000,43404,70000,43404]
[1102,1000053101,30,"물품구매(반자동의수세트 등 5종)",1845601807,"자체 시험상용화/반자동의수 등 5종",30,"Z20050531","상지-반자동의수외피(연구재료) (연구재료)","Z01",456,null,43353,"최종승인",26292,"오혜정",43354,305386,"(주) 오토복코리아헬스케어","2018-09-10","2018-09-17",2,"EA",162000,1,324000,2,324000,43357,"결제",null,0,null,324000,43357,324000,43357,"상신","결재완료",324000,43364,324000,43364]
[1102,1000053147,10,"물품구매(선*일-김*율/유*선)",1845601825,"휠체어활동형 등 4종/선*일/김*을 등",10,"Z20120643","휠체어활동형-U2/B","Z01",456,null,43355,"최종승인",26283,"유재선",43356,301882,"미키메디칼","2018-09-12","2018-09-19",1,"EA",1140000,1,1140000,1,1140000,43357,"결제",null,0,null,1140000,43357,1140000,43357,"상신","결재완료",1140000,43404,1140000,43404]
[1102,1300008914,10,"복지용구 위탁시험의뢰(미끄럼방지용품 등 7종)",1845800088,"자체 시험상용화/위탁시험의뢰",10,null,"복지용구 위탁시험의뢰","Z04",458,"서비스",43353,"최종승인",27377,"정성배",43354,322379,"재단법인 부산테크노파크","2018-09-10","2018-10-05",1,"AU",2866000,1,2866000,1,2866000,43357,"결제",null,0,null,2866000,43357,2866000,43357,"상신","결재완료",2866000,43383,2866000,43383]
[1102,1000053104,10,"물품구매/휠체어(소모품)/조*문",1845601801,"휠체어수리 앞바퀴",10,"Z20120267","휠체어수리-앞바퀴조립투명휠(3,4,5in) (의지재료) (의지재료)","Z01",456,null,43353,"최종승인",6164,"조성문",43353,309507,"미키코리아(주)","2018-09-10","2018-09-17",4,"EA",20000,1,80000,4,80000,43356,"결제",null,0,null,80000,43356,80000,43356,"상신","결재완료",80000,43404,80000,43404]
[1102,1000052966,30,"물품구매(CNLinko방수커넥터 등 3건/세금계산서)",1845601752,"직무지원/cnlinko방수커넥터 등 3종",30,"Z20050113","직무지원 연구재료 (연구재료) (연구재료)","Z01",456,null,43368,"최종승인",26940,"남기태",43349,319888,"트리송","2018-09-04","2018-10-02",3,"EA",56000,1,168000,3,168000,43354,"결제",null,0,null,168000,43354,168000,43354,"상신","결재완료",168000,43364,168000,43364]
[1102,1000053040,20,"물품구매 의지하지/창원센터",1845601785,"의지하지 실리콘싹스더모 등 2종",20,"Z20010532","의지하지-실리콘싹스컴포트하퇴용(외산) (의지재료) (의지재료)","Z01",456,null,43350,"최종승인",8445,"차민국",43353,301434,"오서코리아주식회사","2018-09-07","2018-09-14",2,"EA",338000,1,676000,2,676000,43354,"결제",null,0,null,676000,43354,676000,43354,"상신","결재완료",676000,43404,676000,43404]
[1102,1000053116,20,"물품구매(손의지-황*식 외 조*정)",1845601818,"의지상지 미관형의수 등 2종/황*식 등",20,"Z20010372","의지상지-미관형의수지실리콘 (의지재료) (의지재료)","Z01",456,null,43354,"최종승인",26461,"조혜정",43355,300508,"두손의수","2018-09-10","2018-09-18",4,"EA",51901,1,207604,4,207604,43354,"결제",null,0,null,207604,43354,207604,43354,"상신","결재완료",207604,43404,207604,43404]
[1102,1000052976,30,"물품구매(레니게이드 등 3종)",1845601754,"자체 시험상용화/직무형 인공발 레니게이드 등 3종",30,"Z20050095","하지-프리덤 씨에라풋 (연구재료) (연구재료)","Z01",456,null,43347,"최종승인",null,null,43349,301263,"성림교역","2018-09-04","2018-09-11",1,"EA",1790000,1,1790000,1,1790000,43353,"결제",null,0,null,1790000,43353,1790000,43353,"상신","결재완료",1790000,43364,1790000,43364]
[1102,1000053054,20,"물품구매(의지하지-김*득,정*태/김*선)",1845601787,"의지하지 피라밋형 알미늄어탭터 등 2종/김*득 등",20,"Z20010424","의지하지-단축발알미늄세트(중국산) (의지재료) (의지재료)","Z01",456,null,43349,"최종승인",6675,"김훈선",43353,301263,"성림교역","2018-09-06","2018-09-13",1,"EA",162000,1,162000,1,162000,43353,"결제",null,0,null,162000,43353,162000,43353,"상신","결재완료",162000,43404,162000,43404]
[1102,1000052897,20,"물품구매(하지의지-임*수/양*호)",1845601734,"의지하지 밸런스코폴리머라이너 등 2종/임*수",20,"Z20010422","의지하지-단축발발목장식알루미늄포함셋트(독일산) (의지재료) (의지재료)","Z01",456,null,43346,"최종승인",27264,"양철호",43347,305386,"(주) 오토복코리아헬스케어","2018-09-03","2018-09-10",1,"EA",176000,1,176000,1,176000,43350,"결제",null,0,null,176000,43350,176000,43350,"상신","결재완료",176000,43404,176000,43404]
[1102,1000053066,10,"물품구매(페라이트코어 등 7건/세금계산서)",1845601799,"직무지원/페라이트코어 등 7종",10,"Z20050113","직무지원 연구재료 (연구재료) (연구재료)","Z01",456,null,43371,"최종승인",26940,"남기태",43353,324152,"이테크전자주식회사","2018-09-07","2018-10-05",10,"EA",320,1,3200,10,3200,43350,"결제",null,0,null,3200,43350,3200,43350,"상신","결재완료",3200,43364,3200,43364]
[1102,1000052809,50,"물품구매(서보모터 등 13건/세금계산서)",1845601714,"체감형휠체어/서보모터 등 13종",50,"Z20050687","체감형휠체어(연구재료)","Z01",456,null,43346,"최종승인",27607,"이종원",43343,324106,"텔콤씨앤에스 주식회사","2018-08-30","2018-09-08",1,"EA",11000,1,11000,1,11000,43349,"결제",null,0,null,11000,43349,11000,43349,"상신","결재완료",0,null,11000,43364]
[1102,1000052635,20,"물품구매(BAR_HIP 등 8건/세금계산서)",1845601641,"맞춤형근골격/bar hip 등 8종",20,"Z20050524","맞춤형근골격(연구재료) (연구재료)","Z01",456,null,43343,"최종승인",27607,"이종원",43336,322571,"주식회사 비엠케이","2018-08-23","2018-09-07",1,"EA",121000,1,121000,1,121000,43348,"결제",null,0,null,121000,43348,121000,43348,"상신","결재완료",0,null,121000,43364]
[1102,1000052908,10,"물품구매(기타재료)",1845601737,"의지상지 전자의수 등 2종",10,"Z20010405","의지상지-전자의수Bk(국산) (의지재료) (의지재료)","Z01",456,null,43346,"최종승인",26461,"조혜정",43347,302514,"비케이메디텍","2018-09-03","2018-09-10",4,"EA",2430000,1,9720000,4,9720000,43348,"결제",null,0,null,9720000,43348,9720000,43348,"상신","결재완료",9720000,43404,9720000,43404]
[1102,1000052858,20,"물품구매 수부 /창원센터",1845601729,"의지상지 미관형의수 등 3종",20,"Z20010372","의지상지-미관형의수지실리콘 (의지재료) (의지재료)","Z01",456,null,43346,"최종승인",6166,"김현종",43347,300508,"두손의수","2018-09-03","2018-09-10",5,"EA",51901,1,259505,5,259505,43347,"결제",null,0,null,259505,43347,259505,43347,"상신","결재완료",259505,43404,259505,43404]
[1102,1000052785,10,"물품구매(TOE FLEX KEEL)",1845601719,"직무지원/toe flex keel",10,"Z20050113","직무지원 연구재료 (연구재료) (연구재료)","Z01",456,null,43342,"최종승인",6147,"김도완",43343,405295,"(주) 한일하이테크","2018-08-30","2018-09-06",10,"EA",68000,1,680000,10,680000,43346,"결제",null,0,null,680000,43346,680000,43346,"상신","결재완료",680000,43364,680000,43364]
[1102,1000052697,20,"물품구매(반자동 의수 세트 등 3종)",1845601682,"자체 시험상용화/반자동의수세트 등 3종",20,"Z20050531","상지-반자동의수외피(연구재료) (연구재료)","Z01",456,null,43339,"최종승인",26292,"오혜정",43340,305386,"(주) 오토복코리아헬스케어","2018-08-27","2018-09-03",1,"EA",162000,1,162000,1,162000,43343,"결제",null,0,null,162000,43343,162000,43343,"상신","결재완료",162000,43353,162000,43353]
[1102,1000052814,70,"물품구매(미관형의수-최*만)",1845601717,"의지상지 미관형의수 등 9종",70,"Z20010457","의지하지-락장식필라우더 (의지재료) (의지재료)","Z01",456,null,43342,"최종승인",9144,"정창희",43343,301263,"성림교역","2018-08-29","2018-09-06",2,"EA",145000,1,290000,2,290000,43342,"결제",null,0,null,290000,43342,290000,43342,"상신","결재완료",290000,43371,290000,43371]
[1102,1000052708,10,"물품구매(보조기하지-김*섭 외 조*정)",1845601695,"보조기구두 특수보조화/김*섭",10,"Z20010610","보조기구두-특수보조화(목이높은구두) (의지재료) (의지재료)","Z01",456,null,43340,"최종승인",26461,"조혜정",43342,322794,"편한메디케어(폐업-190120)","2018-08-28","2018-09-04",2,"EA",140000,1,280000,2,280000,43341,"결제",null,0,null,280000,43341,280000,43341,"상신","결재완료",280000,43371,280000,43371]
[1102,1000052776,50,"물품구매(소모품)",1845601709,"의지하지 폼카바 등 11종",50,"Z20010846","소모품-대형칼날 (의지재료)","Z01",456,null,43341,"최종승인",9144,"정창희",43342,301148,"신성메디칼","2018-08-28","2018-09-05",20,"EA",1350,1,27000,20,27000,43341,"결제",null,0,null,27000,43341,27000,43341,"상신","결재완료",27000,43371,27000,43371]
[1102,1000052645,10,"물품구매-욕창방석/배*철/임*은",1845601676,"욕창예방방석/배*철",10,"Z20130024","욕창예방방석공기격자형-커트로 (의지재료) (의지재료)","Z01",456,null,43336,"최종승인",9620,"임성은",43339,305386,"(주) 오토복코리아헬스케어","2018-08-24","2018-08-31",1,"EA",370000,1,370000,1,370000,43340,"결제",null,0,null,370000,43340,370000,43340,"상신","결재완료",370000,43371,370000,43371]
[1102,1000052700,30,"물품구매(기타재료)",1845601679,"소모품 pva 등 4종",30,"Z20010344","소모품-P.V.A외산(8in) (의지재료) (의지재료)","Z01",456,null,43339,"최종승인",26461,"조혜정",43340,301263,"성림교역","2018-08-27","2018-09-03",2,"EA",83000,1,166000,2,166000,43340,"결제",null,0,null,166000,43340,166000,43340,"상신","결재완료",166000,43371,166000,43371]
[1102,1000052554,10,"물품구매(미끄럼방지용품(DSNS6095)등 2종)",1845601605,"자체 시험상용화/미끄럼방지용품 등 2종",10,"Z20050696","미끄럼방지용품-대성화학공업(DSNS6095)(시험검사)","Z01",456,null,43332,"최종승인",27377,"정성배",43333,322153,"제이피테크","2018-08-20","2018-08-27",5,"EA",49272,1,246360,5,246360,43339,"결제",null,0,null,246360,43339,246360,43339,"상신","결재완료",246360,43353,246360,43353]
[1102,1000052613,20,"물품구매-미관형의수/임*은",1845601651,"의지상지 상박신경호스머 등 4종",20,"Z20010378","의지상지-상박관절장식호스머(미국산) (의지재료) (의지재료)","Z01",456,null,43335,"최종승인",9620,"임성은",43336,301263,"성림교역","2018-08-23","2018-08-30",2,"EA",760000,1,1520000,2,1520000,43339,"결제",null,0,null,1520000,43339,1520000,43339,"상신","결재완료",1520000,43371,1520000,43371]
[1102,1000052589,10,"물품구매/발목관절보조기/최*선/김*곤/조*문",1845601633,"보조기하지",10,"Z20010611","보조기하지-CEPA (의지재료) (의지재료)","Z01",456,null,43334,"최종승인",6164,"조성문",43335,301263,"성림교역","2018-08-22","2018-08-29",2,"EA",80000,1,160000,2,160000,43336,"결제",null,0,null,160000,43336,160000,43336,"상신","결재완료",160000,43371,160000,43371]
[1102,1000052651,10,"물품구매(매트리스-심*길 외 조*정)",1845601652,"욕창예방매트리스 등 2종/심*길 등",10,"Z20130015","욕창예방매트리스교대부양형-Md300(800x1800x100mm) (의지재","Z01",456,null,43336,"최종승인",26461,"조혜정",43339,301766,"은혜메디칼","2018-08-23","2018-08-31",4,"EA",380000,1,1520000,4,1520000,43336,"결제",null,0,null,1520000,43336,1520000,43336,"상신","결재완료",1520000,43371,1520000,43371]
[1102,1000052623,20,"물품구매(샤프트 등 2건/법인카드)",1845601642,"맞춤형근골격/샤프트 등 2종",20,"Z20050524","맞춤형근골격(연구재료) (연구재료)","Z01",456,null,43343,"최종승인",27607,"이종원",43336,516570269,"연구-0269(맞춤형근골격)","2018-08-23","2018-09-07",2,"EA",19217,1,38434,2,38434,43335,"결제",null,0,null,38434,43335,38434,43335,"상신","결재완료",0,null,38434,43370]
[1102,1000052538,30,"물품구매-휠체어소모품/임*은",1845601602,"휠체어수리 등 7종",30,"Z20120545","휠체어수리-휠체어타이어-전동용 9' 휠로피아 (의지재료) (의지재료)","Z01",456,null,43332,"최종승인",9620,"임성은",43333,301700,"(주)휠로피아","2018-08-20","2018-08-27",2,"EA",8000,1,16000,2,16000,43334,"결제",null,0,null,16000,43334,16000,43334,"상신","결재완료",16000,43371,16000,43371]
[1102,1000052584,10,"물품구매(허리보조기-김*진)",1845601636,"보조기척추/김*진",10,"Z20010036","보조기척추-Tlso몸통보조기 (의지재료) (의지재료)","Z01",456,null,43333,"최종승인",9144,"정창희",43335,322758,"오르텍주식회사","2018-08-21","2018-08-28",1,"EA",70000,1,70000,1,70000,43334,"결제",null,0,null,70000,43334,70000,43334,"상신","결재완료",70000,43371,70000,43371]
[1102,1000052469,10,"물품구매 의지하지 /창원센터",1845601590,"의지하지 발족부카바트리아스/황*진",10,"Z20010487","의지하지-발족부카바트리아스(외산) (의지재료) (의지재료)","Z01",456,null,43329,"최종승인",6166,"김현종",43332,305386,"(주) 오토복코리아헬스케어","2018-08-17","2018-08-24",1,"EA",140000,1,140000,1,140000,43333,"결제",null,0,null,140000,43333,140000,43333,"상신","결재완료",140000,43371,140000,43371]
[1102,1000052489,10,"물품구매/욕창예방방석/노*철/조*문",1845601589,"욕창예방방석/노*철",10,"Z20130023","욕창예방방석공기격자형-로호 (의지재료) (의지재료)","Z01",456,null,43329,"최종승인",6164,"조성문",43332,319782,"주식회사 티오엠모빌리티 (TOM MOBILITY)-폐쇄","2018-08-17","2018-08-24",1,"EA",370000,1,370000,1,370000,43333,"결제",null,0,null,370000,43333,370000,43333,"상신","결재완료",370000,43371,370000,43371]
[1102,1000052492,10,"물품구매 수부 /창원센터",1845601591,"의지상지 미관형의수 등 2종",10,"Z20010367","의지상지-미관형의수실리콘두손 (의지재료) (의지재료)","Z01",456,null,43329,"최종승인",6166,"김현종",43332,300508,"두손의수","2018-08-17","2018-08-24",5,"EA",213099,1,1065495,5,1065495,43333,"결제",null,0,null,1065495,43333,1065495,43333,"상신","결재완료",1065495,43371,1065495,43371]
[1102,1000052604,20,"물품구매(손의지-이*재 외 조*정)",1845601631,"의지상지 미관형의수 등 2종/이*재 등",20,"Z20010372","의지상지-미관형의수지실리콘 (의지재료) (의지재료)","Z01",456,null,43334,"최종승인",26461,"조혜정",43335,300508,"두손의수","2018-08-20","2018-08-29",4,"EA",51901,1,207604,4,207604,43333,"결제",null,0,null,207604,43333,207604,43333,"상신","결재완료",207604,43371,207604,43371]
[1102,1000052479,10,"물품구매(의지상지-박*선/김*동)",1845601596,"의지상지 미관형의수/박*선",10,"Z20010368","의지상지-미관형의수실리콘리갈(외산) (의지재료) (의지재료)","Z01",456,null,43329,"최종승인",8219,"김수동",43332,301263,"성림교역","2018-08-17","2018-08-24",1,"EA",230000,1,230000,1,230000,43332,"결제",null,0,null,230000,43332,230000,43332,"상신","결재완료",230000,43371,230000,43371]
[1102,1000052437,10,"물품구매(기타재료)",1845601571,"소모품 등 20종",10,"Z20010338","소모품-P.P(5x120x240) (의지재료) (의지재료)","Z01",456,null,43328,"최종승인",26461,"조혜정",43329,301148,"신성메디칼","2018-08-14","2018-08-23",3,"EA",65000,1,195000,3,195000,43328,"결제",null,0,null,195000,43328,195000,43328,"상신","결재완료",195000,43371,195000,43371]
[1102,1000052437,180,"물품구매(기타재료)",1845601571,"소모품 등 20종",180,"Z20010241","소모품-연삭벨트(4x36x40) (의지재료) (의지재료)","Z01",456,null,43328,"최종승인",26461,"조혜정",43329,301148,"신성메디칼","2018-08-14","2018-08-23",50,"EA",1500,1,75000,50,75000,43328,"결제",null,0,null,75000,43328,75000,43328,"상신","결재완료",75000,43371,75000,43371]
[1102,1000052314,40,"물품구매 소모품 /창원센터",1845601557,"의지하지 폼카바대퇴용 등 13종",40,"Z20010259","소모품-젤렉스(A급) (의지재료) (의지재료)","Z01",456,null,43321,"최종승인",6166,"김현종",43326,301148,"신성메디칼","2018-08-08","2018-08-16",5,"EA",31000,1,155000,5,155000,43326,"결제",null,0,null,155000,43326,155000,43326,"상신","결재완료",155000,43371,155000,43371]
[1102,1000052366,20,"물품구매 의지하지 /창원센터",1845601554,"의지하지 하퇴용소켓어댑터스틸 등 5종",20,"Z20010837","의지하지-알프스유니버셜마운팅플레이트(성림) (의지재료)","Z01",456,null,43322,"최종승인",6166,"김현종",43326,301263,"성림교역","2018-08-10","2018-08-17",10,"EA",33000,1,330000,10,330000,43326,"결제",null,0,null,330000,43326,330000,43326,"상신","결재완료",330000,43371,330000,43371]
[1102,1000052379,30,"물품구매(손의지-문*일 외 조*정)",1845601543,"의지상지 미관형의수 등 3종/문*일 등",30,"Z20010362","의지상지-미관형발족부레진 (의지재료) (의지재료)","Z01",456,null,43325,"최종승인",26461,"조혜정",43325,300508,"두손의수","2018-08-13","2018-08-20",1,"EA",90000,1,90000,1,90000,43326,"결제",null,0,null,90000,43326,90000,43326,"상신","결재완료",90000,43371,90000,43371]
[1102,1000052312,40,"물품구매(의지하지-문*덕 외 조*정)",1845601544,"의지하지 실리콘싹스 등 5종/문*덕 등",40,"Z20010723","의지하지-컴포트웨이브(오서) (의지재료)","Z01",456,null,43321,"최종승인",26461,"조혜정",43325,301434,"오서코리아주식회사","2018-08-08","2018-08-16",1,"EA",338000,1,338000,1,338000,43325,"결제",null,0,null,338000,43325,338000,43325,"상신","결재완료",338000,43371,338000,43371]
[1102,1000052346,10,"물품구매(방석-배*수 외 /조*정)",1845601530,"욕창예방방석/배*수 등",10,"Z20130023","욕창예방방석공기격자형-로호 (의지재료) (의지재료)","Z01",456,null,43321,"최종승인",26461,"조혜정",43322,305386,"(주) 오토복코리아헬스케어","2018-08-09","2018-08-16",2,"EA",370000,1,740000,2,740000,43322,"결제",null,0,null,740000,43322,740000,43322,"상신","결재완료",740000,43371,740000,43371]
[1102,1000051964,90,"물품구매(하우징 수정 등 9건/세금계산서)",1845601459,"스마트소켓/하우징 수정 등 9종",90,"Z20050607","스마트소켓(연구재료) (연구재료)","Z01",456,null,43322,"최종승인",26891,"박진국",43311,301759,"창신정공","2018-07-27","2018-08-17",1,"EA",19800,1,19800,1,19800,43320,"결제",null,0,null,19800,43320,19800,43320,"상신","결재완료",0,null,19800,43336]
[1102,1000052199,20,"물품구매 수부 /창원센터",1845601498,"의지상지 미관형의수 등 2종",20,"Z20010362","의지상지-미관형발족부레진 (의지재료) (의지재료)","Z01",456,null,43315,"최종승인",6166,"김현종",43319,300508,"두손의수","2018-08-03","2018-08-10",1,"EA",90000,1,90000,1,90000,43319,"결제",null,0,null,90000,43319,90000,43319,"상신","결재완료",90000,43371,90000,43371]
[1102,1000052234,10,"물품구매(손의지-이*상 외 조*정)",1845601510,"의지상지 미관형의수 등 2종/이*상 등",10,"Z20010367","의지상지-미관형의수실리콘두손 (의지재료) (의지재료)","Z01",456,null,43318,"최종승인",26461,"조혜정",43319,300508,"두손의수","2018-08-06","2018-08-13",9,"EA",213099,1,1917891,9,1917891,43319,"결제",null,0,null,1917891,43319,1917891,43319,"상신","결재완료",1917891,43371,1917891,43371]
[1102,1200001298,10,"LED 전등교체공사",1845700001,"LED전등교체공사",10,null,"LED 전등교체공사","Z03",457,null,43318,"최종승인",5031,"김찬호",43321,323954,"(주) 지앤비전력","2018-07-09","2018-08-08",1,"식",3526400,1,3526400,1,3526400,43319,"결제",null,0,null,3526400,43319,3526400,43319,"상신","결재완료",3526400,43336,3526400,43336]
[1102,1000051989,30,"물품구매(직무형인공발(레니게이드LP) 등 6종)",1845601469,"자체 시험상용화/직무형인공발 레니게이드 등 6종",30,"Z20050230","상지-작업용의수(후크형) (연구재료)","Z01",456,null,43311,"최종승인",26292,"오혜정",43312,301263,"성림교역","2018-07-30","2018-08-06",1,"EA",2135000,1,2135000,1,2135000,43315,"결제",null,0,null,2135000,43315,2135000,43315,"상신","결재완료",2135000,43322,2135000,43322]
[1102,1000052139,20,"물품구매(매트리-남*우/조*정)",1845601492,"욕창예방매트리스 등 2종/남*우",20,"Z20130029","욕창예방방석공기격자형-Smdub0003(8x9x5) (의지재료) (의지재","Z01",456,null,43313,"최종승인",26461,"조혜정",43314,323411,"주식회사씰테크 용인지점","2018-08-01","2018-08-08",10,"EA",230000,1,2300000,10,2300000,43315,"결제",null,0,null,2300000,43315,2300000,43315,"상신","결재완료",2300000,43371,2300000,43371]
[1102,1000052073,10,"물품구매 의지상지하지/창원센터",1845601477,"의지하지 발목장식 등 3종",10,"Z20010471","의지하지-발목장식오토복단축식알루미늄(독일산) (의지재료) (의지재료)","Z01",456,null,43313,"최종승인",8445,"차민국",43313,305386,"(주) 오토복코리아헬스케어","2018-08-01","2018-08-08",5,"EA",176000,1,880000,5,880000,43314,"결제",null,0,null,880000,43314,880000,43314,"상신","결재완료",880000,43371,880000,43371]
[1102,1500023278,90,"물품구매(결재판 등 31건/ 법인카드)",1845601486,"스마트소켓/결재판 등 31종",90,null,"스카치 강력투명 폼 양면 테이프","Z06",456,null,43313,"최종승인",28006,"오용식",43314,516506169,"스마트소켓-6169","2018-08-01","2018-10-01",5,"EA",5700,1,28500,5,28500,43314,"결제",null,0,null,28500,43314,28500,43314,"상신","결재완료",0,null,28500,43339]
[1102,1500023278,270,"물품구매(결재판 등 31건/ 법인카드)",1845601486,"스마트소켓/결재판 등 31종",270,null,"컬러정부화일(청색)","Z06",456,null,43313,"최종승인",28006,"오용식",43314,516506169,"스마트소켓-6169","2018-08-01","2018-10-01",3,"EA",2500,1,7500,3,7500,43314,"결제",null,0,null,7500,43314,7500,43314,"상신","결재완료",0,null,7500,43339]
[1102,1000052057,20,"물품구매(오*택/유*선)",1845601472,"휠체어활동형 등 2종/오*택",20,"Z20120612","휠체어수리-앞바퀴조립-4~5\"노바제로용-티오엠모빌리티 (의지재료)","Z01",456,null,43312,"최종승인",26283,"유재선",43313,319782,"주식회사 티오엠모빌리티 (TOM MOBILITY)-폐쇄","2018-07-31","2018-08-07",4,"EA",50000,1,200000,4,200000,43313,"결제",null,0,null,200000,43313,200000,43313,"상신","결재완료",200000,43371,200000,43371]
[1102,1000051916,20,"물품구매/미관형의수(실리콘)/윤*숙/조*문",1845601430,"의지상지 미관형의수 등 3종/윤*숙 등",20,"Z20010895","소모품-PVA백 4inch (의지재료)","Z01",456,null,43306,"최종승인",6164,"조성문",43307,301263,"성림교역","2018-07-25","2018-08-01",1,"EA",66000,1,66000,1,66000,43311,"결제",null,0,null,66000,43311,66000,43311,"상신","결재완료",66000,43343,66000,43343]
[1102,1000051998,20,"물품구매(방석-양*규)",1845601464,"욕창예방방석 등 6종/양*규 등",20,"Z20010387","의지상지-상박주관절장식(독일산) (의지재료) (의지재료)","Z01",456,null,43311,"최종승인",9144,"정창희",43312,305386,"(주) 오토복코리아헬스케어","2018-07-27","2018-08-06",1,"EA",860000,1,860000,1,860000,43311,"결제",null,0,null,860000,43311,860000,43311,"상신","결재완료",860000,43343,860000,43343]
[1102,1000051955,10,"물품구매(젤렉스)",1845601452,"소모품 제렉스 등 4종",10,"Z20010259","소모품-젤렉스(A급) (의지재료) (의지재료)","Z01",456,null,43307,"최종승인",9144,"정창희",43308,301148,"신성메디칼","2018-07-26","2018-08-02",10,"EA",31000,1,310000,10,310000,43308,"결제",null,0,null,310000,43308,310000,43308,"상신","결재완료",310000,43343,310000,43343]
[1102,1000051902,10,"물품구매-욕창매트리스(강*희/임*은)",1845601449,"욕창예방매트리스/강*희",10,"Z20130001","욕창예방매트리스공기격자형-국산(870x1970x65mm) (의지재료) (","Z01",456,null,43305,"최종승인",9620,"임성은",43308,323411,"주식회사씰테크 용인지점","2018-07-24","2018-07-31",1,"EA",1300000,1,1300000,1,1300000,43307,"결제",null,0,null,1300000,43307,1300000,43307,"상신","결재완료",1300000,43343,1300000,43343]
[1102,1000051864,10,"물품구매(이동형 리프트)",1845601439,"자체 시험상용화/이동형리프트",10,"Z20050655","이동형리프트(연구재료) (연구재료)","Z01",456,null,43304,"최종승인",26292,"오혜정",43307,302514,"비케이메디텍","2018-07-23","2018-07-30",3,"EA",2110000,1,6330000,3,6330000,43306,"결제",null,0,null,6330000,43306,6330000,43306,"상신","결재완료",6330000,43322,6330000,43322]
[1102,1500023167,10,"자동결재인",1845601446,"자동결재인",10,null,"자동결재인","Z06",456,null,43307,"최종승인",4752,"이은아",43307,303142,"이삭광고","2018-07-25","2018-07-31",1,"EA",38000,1,38000,1,38000,43306,"결제",null,0,null,38000,43306,38000,43306,"상신","결재완료",38000,43322,38000,43322]
[1102,1000051865,20,"물품구매(미관형의수 등 2종)",1845601440,"자체 시험상용화/미관형의수 등 2종",20,"Z20050118","미관형 의수-고강도 실리콘 (연구재료) (연구재료)","Z01",456,null,43304,"최종승인",26292,"오혜정",43307,300508,"두손의수","2018-07-23","2018-07-30",1,"EA",213099,1,213099,1,213099,43305,"결제",null,0,null,213099,43305,213099,43305,"상신","결재완료",213099,43322,213099,43322]
[1102,1000051875,20,"물품구매(권*호,김*수)전*만",1845601424,"의지하지 실리콘싹스 등 2종/권*호/김*수",10,"Z20010532","의지하지-실리콘싹스컴포트하퇴용(외산) (의지재료) (의지재료)","Z01",456,null,43304,"최종승인",6160,"전영만",43305,301434,"오서코리아주식회사","2018-07-23","2018-07-30",1,"EA",338000,1,338000,1,338000,43304,"결제",null,0,null,338000,43304,338000,43304,"상신","결재완료",338000,43343,338000,43343]
[1102,1000051765,10,"물품구매(소모품)",1845601391,"소모품 필라이트",10,"Z20010318","소모품-필라이트(외산5mm) (의지재료) (의지재료)","Z01",456,null,43299,"최종승인",26461,"조혜정",43300,305386,"(주) 오토복코리아헬스케어","2018-07-18","2018-07-25",3,"EA",79000,1,237000,3,237000,43301,"결제",null,0,null,237000,43301,237000,43301,"상신","결재완료",237000,43343,237000,43343]
[1102,1000051787,10,"물품구매(방석-강*규 외 조*정)",1845601407,"욕창예방방석/강*규",10,"Z20130024","욕창예방방석공기격자형-커트로 (의지재료) (의지재료)","Z01",456,null,43300,"최종승인",26461,"조혜정",43301,319782,"주식회사 티오엠모빌리티 (TOM MOBILITY)-폐쇄","2018-07-19","2018-07-26",7,"EA",370000,1,2590000,7,2590000,43301,"결제",null,0,null,2590000,43301,2590000,43301,"상신","결재완료",2590000,43343,2590000,43343]
[1102,1000051643,10,"물품구매(휴대용 멀티미터 외 26건/세금계산서)",1845601347,"스마트소켓/휴대용 멀티미터 등 27종",10,"Z20050607","스마트소켓(연구재료) (연구재료)","Z01",456,null,43378,"최종승인",27962,"김승기",43294,312883,"(주) 엔티렉스","2018-07-13","2018-10-12",1,"EA",952996,1,952996,1,952996,43300,"결제",null,0,null,952996,43300,952996,43300,"상신","결재완료",0,null,952996,43306]
[1102,1000051560,30,"물품구매(자세변환용구(MTSF100)등 10종)",1845601341,"자체 시험상용화/자세변화용구 등 10종",30,"Z20050361","안전손잡이-대구정공(DGP-0005)(시험검사) (연구재료)","Z01",456,null,43301,"최종승인",27377,"정성배",43292,320195,"가정복지","2018-07-10","2018-07-27",2,"EA",370909,2,370909,2,370909,43299,"결제",null,0,null,370909,43299,370909,43299,"상신","결재완료",370909,43306,370909,43306]
[1102,1000051714,20,"물품구매(의지하지-조*현/조*정)",1845601385,"의지하지 실리콘싹스 등 6종/조*현",20,"Z20010584","의지하지-대퇴무릎장식마우크니(외산) (의지재료) (의지재료)","Z01",456,null,43298,"최종승인",26461,"조혜정",43299,301434,"오서코리아주식회사","2018-07-17","2018-07-24",1,"EA",3640000,1,3640000,1,3640000,43299,"결제",null,0,null,3640000,43299,3640000,43299,"상신","결재완료",3640000,43343,3640000,43343]
[1102,1000051181,10,"물품구매(Dressing Tree)",1845601252,"자체 시험상용화/dressing tree",10,"Z20050665","상지-Dressing Tree(연구재료)","Z01",456,null,43294,"최종승인",27961,"홍범기",43278,315459,"새힘멀티시스","2018-06-26","2018-07-20",2,"EA",900000,1,1800000,2,1800000,43298,"결제",null,0,null,1800000,43298,1800000,43298,"상신","결재완료",1800000,43306,1800000,43306]
[1102,1000051651,30,"물품구매 방석 차*경 외 /창원센터",1845601362,"욕창예방방석 등 4종/차*경 등",30,"Z20130045","욕창예방매트리스-소플렉스(오토복) (의지재료)","Z01",456,null,43294,"최종승인",6166,"김현종",43297,311792,"이레엠케어// 폐쇄-법인변경190101","2018-07-13","2018-07-20",1,"EA",1380000,1,1380000,1,1380000,43298,"결제",null,0,null,1380000,43298,1380000,43298,"상신","결재완료",1380000,43343,1380000,43343]
[1102,1000051715,10,"물품구매(의지상지-조*정)",1845601386,"의지상지 미관형의수",10,"Z20010369","의지상지-미관형의수전자글러브레진(외산) (의지재료) (의지재료)","Z01",456,null,43298,"최종승인",26461,"조혜정",43299,305386,"(주) 오토복코리아헬스케어","2018-07-14","2018-07-24",1,"EA",162000,1,162000,1,162000,43297,"결제",null,0,null,162000,43297,162000,43297,"상신","결재완료",162000,43343,162000,43343]
[1102,1000051594,20,"물품구매(이*호/유*선)",1845601351,"휠체어활동형 등 3종/이*호",20,"Z20120206","휠체어수리-브레이크활동형J2(활동형) (의지재료) (의지재료)","Z01",456,null,43293,"최종승인",26283,"유재선",43294,309507,"미키코리아(주)","2018-07-12","2018-07-19",10,"EA",22000,1,220000,10,220000,43294,"결제",null,0,null,220000,43294,220000,43294,"상신","결재완료",220000,43343,220000,43343]
[1102,1000051087,20,"직무지원(RevoFit Versa 등 2건/세금계산서)",1845601217,"직무지원/revofit versa",20,"Z20050113","직무지원 연구재료 (연구재료) (연구재료)","Z01",456,null,43294,"최종승인",6898,"고창용",43276,301263,"성림교역","2018-06-22","2018-07-20",5,"EA",220000,1,1100000,5,1100000,43292,"결제",null,0,null,1100000,43292,1100000,43292,"상신","결재완료",1100000,43306,1100000,43306]
[1102,1000051469,20,"물품구매/활동형휠체어/황*연/차*호/조*문",1845601317,"휠체어수리 배터리 등 2건/황*연 등",20,"Z20120466","휠체어일반형-카멜 (의지재료) (의지재료)","Z01",456,null,43287,"최종승인",6164,"조성문",43290,301700,"(주)휠로피아","2018-07-06","2018-07-13",1,"EA",720000,1,720000,1,720000,43291,"결제",null,0,null,720000,43291,720000,43291,"상신","결재완료",720000,43343,720000,43343]
[1102,1000051522,10,"물품구매(휠체어-유*재)",1845601334,"휠체어꺽기형 등 4종/유*재",10,"Z20120055","휠체어꺽기형-미라지7일반형미키 (의지재료) (의지재료)","Z01",456,null,43290,"최종승인",9144,"정창희",43292,309507,"미키코리아(주)","2018-07-09","2018-07-16",2,"EA",440000,1,880000,2,880000,43291,"결제",null,0,null,880000,43291,880000,43291,"상신","결재완료",880000,43343,880000,43343]
[1102,1000051538,10,"물품구매요구서 MRSG5.0-21.9 등 2건/법인카드 6932)",1845601344,"직무지원/mrsg5.0-21.9 등 2종",10,"Z20050113","직무지원 연구재료 (연구재료) (연구재료)","Z01",456,null,43321,"최종승인",27520,"최혁재",43292,507196932,"운영지원부-6932","2018-07-09","2018-08-16",10,"EA",6240,1,62400,10,62400,43290,"결제",null,0,null,62400,43290,62400,43290,"상신","결재완료",62400,43325,62400,43325]
[1102,1000051143,10,"물품구매(근전전동의수)",1845601251,"자체 시험상용화/근전전동의수/ 김*철",10,"Z20050054","근전전동의수 (연구재료) (연구재료)","Z01",456,null,43280,"최종승인",27961,"홍범기",43278,302514,"비케이메디텍","2018-06-25","2018-07-06",1,"EA",2430000,1,2430000,1,2430000,43286,"결제",null,0,null,2430000,43286,2430000,43286,"상신","결재완료",2430000,43306,2430000,43306]
[1102,1000051401,10,"물품구매(유*수-정*일-윤*숙-권*도-이*국/유*선)",1845601289,"휠체어꺽기형 등 4종/유*수/정*일 등",10,"Z20120055","휠체어꺽기형-미라지7일반형미키 (의지재료) (의지재료)","Z01",456,null,43284,"최종승인",26283,"유재선",43285,301882,"미키메디칼","2018-07-03","2018-07-10",2,"EA",440000,1,880000,2,880000,43285,"결제",null,0,null,880000,43285,880000,43285,"상신","결재완료",880000,43343,880000,43343]
[1102,1000051267,10,"물품구매 휠체어부품 /창원센터",1845601271,"휠체어수리 타이어 등 4종",10,"Z20120369","휠체어수리-타이어활동형일산휠로피아(24,25in) (의지재료) (의지재료","Z01",456,null,43283,"최종승인",6166,"김현종",43283,301700,"(주)휠로피아","2018-07-02","2018-07-09",10,"EA",23200,1,232000,10,232000,43284,"결제",null,0,null,232000,43284,232000,43284,"상신","결재완료",232000,43343,232000,43343]
[1102,1300008538,10,"휴먼엔비젼-용역비('18.6월)",1845800068,"6월 용역비 청구-청소및운전 5명",10,null,"휴먼엔비젼-용역비('18.6월)","Z04",458,"서비스",43279,"최종승인",4473,"허관",43283,321510,"주식회사 휴먼앤비젼","2018-06-01","2018-06-30",1,"AU",11196090,1,11196090,1,11196090,43281,"결제",null,0,null,11196090,43281,11196090,43281,"상신","결재완료",11196090,43291,11196090,43291]
[1102,1000050724,10,"물품구매(K-Leg 노즐-실린더 세트/세금계산서)",1845601081,"스마트소켓/k leg 노즐 실린더 세트",10,"Z20050607","스마트소켓(연구재료) (연구재료)","Z01",456,null,43276,"최종승인",8220,"신현준",43259,301754,"무한정밀","2018-06-07","2018-06-30",6,"EA",9090400,6,9090400,6,9090400,43280,"결제",null,0,null,9090400,43280,9090400,43280,"상신","결재완료",0,null,9090400,43291]
[1102,1000051157,10,"물품구매(기타재료)",1845601246,"보조기척추 등 29종",10,"Z20010034","보조기척추-필라델피아 (의지재료) (의지재료)","Z01",456,null,43277,"최종승인",26461,"조혜정",43277,301148,"신성메디칼","2018-06-26","2018-07-03",7,"EA",18000,1,126000,7,126000,43278,"결제",null,0,null,126000,43278,126000,43278,"상신","결재완료",126000,43312,126000,43312]
[1102,1000051157,190,"물품구매(기타재료)",1845601246,"보조기척추 등 29종",190,"Z20010350","소모품-TR압축단추 (의지재료) (의지재료)","Z01",456,null,43277,"최종승인",26461,"조혜정",43277,301148,"신성메디칼","2018-06-26","2018-07-03",3,"EA",40000,1,120000,3,120000,43278,"결제",null,0,null,120000,43278,120000,43278,"상신","결재완료",120000,43312,120000,43312]
[1102,1000051073,10,"물품구매 의지하지/창원센터",1845601224,"의지하지 실리콘싹스",10,"Z20010532","의지하지-실리콘싹스컴포트하퇴용(외산) (의지재료) (의지재료)","Z01",456,null,43273,"최종승인",8445,"차민국",43276,301434,"오서코리아주식회사","2018-06-22","2018-06-29",4,"EA",338000,1,1352000,4,1352000,43277,"결제",null,0,null,1352000,43277,1352000,43277,"상신","결재완료",1352000,43312,1352000,43312]
[1102,1000051080,170,"물품구매(소모품)",1845601245,"소모품 티렌치 등 20종",170,"Z20011006","소모품-망치세트","Z01",456,null,43277,"최종승인",26461,"조혜정",43277,301148,"신성메디칼","2018-06-22","2018-07-03",1,"EA",57000,1,57000,1,57000,43277,"결제",null,0,null,57000,43277,57000,43277,"상신","결재완료",57000,43312,57000,43312]
[1102,1000051103,80,"물품구매 소모품 /창원센터",1845601221,"소모품 석고붕대 등 8종",80,"Z20010555","의지하지-폼카바대퇴용대만(대만산) (의지재료) (의지재료)","Z01",456,null,43273,"최종승인",6166,"김현종",43276,301148,"신성메디칼","2018-06-22","2018-06-29",5,"EA",75000,1,375000,5,375000,43277,"결제",null,0,null,375000,43277,375000,43277,"상신","결재완료",375000,43312,375000,43312]
[1102,1000051120,10,"물품구매(손의지-김*천 외 조*정)",1845601237,"의지상지 미관형의수 등 3종/김*천 등",10,"Z20010367","의지상지-미관형의수실리콘두손 (의지재료) (의지재료)","Z01",456,null,43276,"최종승인",26461,"조혜정",43277,300508,"두손의수","2018-06-25","2018-07-02",3,"EA",213099,1,639297,3,639297,43277,"결제",null,0,null,639297,43277,639297,43277,"상신","결재완료",639297,43312,639297,43312]
[1102,1000051033,10,"물품구매(상지의지-조*양, 윤*영/양*호)",1845601201,"의지상지 미관형의수/조*양/윤*영",10,"Z20010368","의지상지-미관형의수실리콘리갈(외산) (의지재료) (의지재료)","Z01",456,null,43272,"최종승인",27264,"양철호",43273,301263,"성림교역","2018-06-21","2018-06-28",2,"EA",230000,1,460000,2,460000,43276,"결제",null,0,null,460000,43276,460000,43276,"상신","결재완료",460000,43312,460000,43312]
[1102,1000051109,20,"물품구매(최*경-이*철-박*식/유*선)",1845601228,"활동형휠체어 등 3종/최*경 등",20,"Z20120557","휠체어일반형-이클립스+바퀴분리형 휠로피아 (의지재료) (의지재료)","Z01",456,null,43273,"최종승인",26283,"유재선",43276,301700,"(주)휠로피아","2018-06-22","2018-06-29",2,"EA",400000,1,800000,2,800000,43276,"결제",null,0,null,800000,43276,800000,43276,"상신","결재완료",800000,43312,800000,43312]
[1102,1000051129,70,"물품구매(실리콘-윤*호)",1845601234,"의지하지 실리콘싹스 등 10종",70,"Z20010526","의지하지-실리콘싹스이지락킹(미국산) (의지재료) (의지재료)","Z01",456,null,43276,"최종승인",9144,"정창희",43277,301263,"성림교역","2018-06-22","2018-07-02",1,"EA",330000,1,330000,1,330000,43276,"결제",null,0,null,330000,43276,330000,43276,"상신","결재완료",330000,43312,330000,43312]
[1102,1000050906,10,"물품구매(EBIMU 등 3건/세금계산서)",1845601171,"스마트소켓/ebimu v3 등 3종",10,"Z20050607","스마트소켓(연구재료) (연구재료)","Z01",456,null,43301,"최종승인",27174,"이희태",43270,312883,"(주) 엔티렉스","2018-06-15","2018-07-27",2,"EA",159500,1,319000,2,319000,43273,"결제",null,0,null,319000,43273,319000,43273,"상신","결재완료",0,null,319000,43291]
[1102,1000051054,10,"물품구매(방석)",1845601203,"욕창예방방석",10,"Z20130029","욕창예방방석공기격자형-Smdub0003(8x9x5) (의지재료) (의지재","Z01",456,null,43272,"최종승인",26461,"조혜정",43273,323411,"주식회사씰테크 용인지점","2018-06-21","2018-06-28",10,"EA",230000,1,2300000,10,2300000,43273,"결제",null,0,null,2300000,43273,2300000,43273,"상신","결재완료",2300000,43312,2300000,43312]
[1102,1000050975,40,"물품구매-소모품/임*은",1845601175,"소모품 젤렉스 등 5종",40,"Z20010218","소모품-실리콘이형제(420g) (의지재료) (의지재료)","Z01",456,null,43270,"최종승인",9620,"임성은",43271,301148,"신성메디칼","2018-06-19","2018-06-26",5,"EA",3000,1,15000,5,15000,43272,"결제",null,0,null,15000,43272,15000,43272,"상신","결재완료",15000,43312,15000,43312]
[1102,1000050963,10,"물품구매-욕창방석/임*은",1845601168,"욕창예방방석",10,"Z20130029","욕창예방방석공기격자형-Smdub0003(8x9x5) (의지재료) (의지재","Z01",456,null,43269,"최종승인",9620,"임성은",43270,323411,"주식회사씰테크 용인지점","2018-06-18","2018-06-25",4,"EA",230000,1,920000,4,920000,43271,"결제",null,0,null,920000,43271,920000,43271,"상신","결재완료",920000,43312,920000,43312]
[1102,1000050895,40,"물품구매 방석 김*식 외 /창원센터",1845601133,"욕창예방방석 등 4종/김*식 등",40,"Z20120420","휠체어수리-팔받이스타트오토복 (의지재료) (의지재료)","Z01",456,null,43266,"최종승인",6166,"김현종",43269,311792,"이레엠케어// 폐쇄-법인변경190101","2018-06-15","2018-06-22",2,"EA",10800,1,21600,2,21600,43270,"결제",null,0,null,21600,43270,21600,43270,"상신","결재완료",21600,43312,21600,43312]
[1102,1000050907,30,"물품구매(직무형인공발/레니게이드 등 3종)",1845601146,"자체 시험상용화/직무형 인공발 레니게이드등 3종",30,"Z20050662","하지-바그너티탄회전볼록어댑터(연구재료)","Z01",456,null,43266,"최종승인",26292,"오혜정",43269,301263,"성림교역","2018-06-15","2018-06-22",1,"EA",135000,1,135000,1,135000,43270,"결제",null,0,null,135000,43270,135000,43270,"상신","결재완료",135000,43276,135000,43276]
[1102,1000050913,10,"물품구매(이*승/유*선)",1845601141,"휠체어일반형/이*승",10,"Z20120474","휠체어일반형-M1스타트 (의지재료) (의지재료)","Z01",456,null,43266,"최종승인",26283,"유재선",43269,305386,"(주) 오토복코리아헬스케어","2018-06-15","2018-06-22",1,"EA",450000,1,450000,1,450000,43270,"결제",null,0,null,450000,43270,450000,43270,"상신","결재완료",450000,43312,450000,43312]
[1102,1000051000,30,"물품구매(직무형 인공발/트리아스 등 4종)",1845601196,"자체 시험상용화/직무형 인공발 트리아스 등 4종",30,"Z20050081","하지-대퇴용무릎장식 3R46 (연구재료) (연구재료)","Z01",456,null,43270,"최종승인",26292,"오혜정",43272,305386,"(주) 오토복코리아헬스케어","2018-06-19","2018-06-26",1,"EA",2850000,1,2850000,1,2850000,43270,"결제",null,0,null,2850000,43270,2850000,43270,"상신","결재완료",2850000,43291,2850000,43291]
[1102,1000050843,20,"물품구매/의지재료/황*서/윤*우/정*애/조*문",1845601114,"의지하지 단축발발목장식 등 3종/황*서/윤*우/정*애",20,"Z20010044","보조기하지-다이나앵클보조기(독일산) (의지재료) (의지재료)","Z01",456,null,43265,"최종승인",6164,"조성문",43266,305386,"(주) 오토복코리아헬스케어","2018-06-14","2018-06-21",1,"EA",115000,1,115000,1,115000,43269,"결제",null,0,null,115000,43269,115000,43269,"상신","결재완료",115000,43312,115000,43312]
[1102,1000050871,10,"물품구매(하지의지-손*근)/손*호",1845601130,"의지하지 발트리아스/손*근",10,"Z20010581","의지하지-발트리아스(독일산) (의지재료) (의지재료)","Z01",456,null,43265,"최종승인",6167,"손진호",43266,305386,"(주) 오토복코리아헬스케어","2018-06-14","2018-06-21",1,"EA",730000,1,730000,1,730000,43269,"결제",null,0,null,730000,43269,730000,43269,"상신","결재완료",730000,43312,730000,43312]
[1102,1000050856,10,"물품구매(매트리스-강*연 외 /조*정)",1845601140,"욕창예방매트리스 등 2종/강*연 등",10,"Z20130015","욕창예방매트리스교대부양형-Md300(800x1800x100mm) (의지재","Z01",456,null,43265,"최종승인",26461,"조혜정",43269,301766,"은혜메디칼","2018-06-14","2018-06-21",4,"EA",380000,1,1520000,4,1520000,43266,"결제",null,0,null,1520000,43266,1520000,43266,"상신","결재완료",1520000,43312,1520000,43312]
[1102,1000050555,50,"물품구매(motor shaft holder 등 5건/세금계산서)",1845601048,"스마트소켓/motor shaft holder 등 5종",50,"Z20050607","스마트소켓(연구재료) (연구재료)","Z01",456,null,43259,"최종승인",26891,"박진국",43255,301759,"창신정공","2018-05-31","2018-06-15",10,"EA",13200,1,132000,10,132000,43263,"결제",null,0,null,132000,43263,132000,43263,"상신","결재완료",0,null,132000,43276]
[1102,1000050776,10,"물품구매 특수화 송*진 /창원센터",1845601089,"보조기구두/송*진",10,"Z20010610","보조기구두-특수보조화(목이높은구두) (의지재료) (의지재료)","Z01",456,null,43259,"최종승인",6166,"김현종",43262,322794,"편한메디케어(폐업-190120)","2018-06-08","2018-06-15",1,"EA",150000,1,150000,1,150000,43263,"결제",null,0,null,150000,43263,150000,43263,"상신","결재완료",150000,43312,150000,43312]
[1102,1000050789,30,"물품구매(휠체어-이*관)",1845601097,"휠체어꺽기형 등 4종/이*관",30,"Z20120340","휠체어수리-타이어일반형미키(22,24in) (의지재료) (의지재료)","Z01",456,null,43262,"최종승인",9144,"정창희",43263,309507,"미키코리아(주)","2018-06-11","2018-06-18",10,"EA",7000,1,70000,10,70000,43263,"결제",null,0,null,70000,43263,70000,43263,"상신","결재완료",70000,43312,70000,43312]
[1102,1000050338,10,"물품구매(하위제어기 PCB 설계제작/세금계산서)",1845600975,"맞춤형근골격/하위제어기 pcb설계제작",10,"Z20050524","맞춤형근골격(연구재료) (연구재료)","Z01",456,null,43336,"최종승인",27685,"황석진",43244,317337,"에스아이지아이","2018-05-21","2018-08-31",1,"EA",6050000,1,6050000,1,6050000,43262,"결제",null,0,null,6050000,43262,6050000,43262,"상신","결재완료",0,null,6050000,43276]
[1102,1000050622,20,"물품구매(의지상지-김*현,전*철/김*동)",1845601056,"의지상지 견갑장식 등 2종/김*현/전*철",20,"Z20010487","의지하지-발족부카바트리아스(외산) (의지재료) (의지재료)","Z01",456,null,43252,"최종승인",8219,"김수동",43256,305386,"(주) 오토복코리아헬스케어","2018-06-01","2018-06-08",1,"EA",140000,1,140000,1,140000,43259,"결제",null,0,null,140000,43259,140000,43259,"상신","결재완료",140000,43312,140000,43312]
[1102,1000050757,10,"물품구매(방석-박*희 외 /조*정)",1845601074,"욕창예방방석 등 3종/박*희 등",10,"Z20130024","욕창예방방석공기격자형-커트로 (의지재료) (의지재료)","Z01",456,null,43258,"최종승인",26461,"조혜정",43259,319782,"주식회사 티오엠모빌리티 (TOM MOBILITY)-폐쇄","2018-06-07","2018-06-14",8,"EA",370000,1,2960000,8,2960000,43259,"결제",null,0,null,2960000,43259,2960000,43259,"상신","결재완료",2960000,43312,2960000,43312]
[1102,1000050578,20,"물품구매-미관현의수(이*일/성*헌/임*은)",1845601047,"의지상지 미관형의수 등 2종/이*일/성*헌",20,"Z20010362","의지상지-미관형발족부레진 (의지재료) (의지재료)","Z01",456,null,43252,"최종승인",9620,"임성은",43255,300508,"두손의수","2018-06-01","2018-06-08",1,"EA",90000,1,90000,1,90000,43256,"결제",null,0,null,90000,43256,90000,43256,"상신","결재완료",90000,43312,90000,43312]
[1102,1000050646,70,"물품구매(황*수-최*구-김*진-이*환/유*선)",1845601046,"활동형휠체어 등 9종",70,"Z20120542","휠체어수리-휠체어튜브-전동용 9' 휠로피아 (의지재료) (의지재료)","Z01",456,null,43252,"최종승인",26283,"유재선",43255,301700,"(주)휠로피아","2018-06-01","2018-06-08",4,"EA",6000,1,24000,4,24000,43256,"결제",null,0,null,24000,43256,24000,43256,"상신","결재완료",24000,43312,24000,43312]
[1102,1000049943,20,"물품구매 (Filament True Black 등 3건/ 세금계산서)",1845600820,"스마트소켓/filamwnt true black 등 3종",20,"Z20050607","스마트소켓(연구재료) (연구재료)","Z01",456,null,43244,"최종승인",27826,"전만기",43224,320878,"(주) 영일교육시스템","2018-05-03","2018-05-31",2,"EA",108400,1,216800,2,216800,43251,"결제",null,0,null,216800,43251,216800,43251,"상신","결재완료",0,null,216800,43262]
[1102,1000050507,10,"물품구매(매트-유*현)",1845601036,"욕창예방매트리스/유*현",10,"Z20130015","욕창예방매트리스교대부양형-Md300(800x1800x100mm) (의지재","Z01",456,null,43251,"최종승인",9144,"정창희",43251,301766,"은혜메디칼","2018-05-29","2018-06-07",2,"EA",380000,1,760000,2,760000,43250,"결제",null,0,null,760000,43250,760000,43250,"상신","결재완료",760000,43280,760000,43280]
[1102,1000050434,10,"물품구매/미관형의수(실리콘)/송*옥/구*애/조*문",1845600994,"의지상지 미관형의수 등 2종/송*옥",10,"Z20010367","의지상지-미관형의수실리콘두손 (의지재료) (의지재료)","Z01",456,null,43245,"최종승인",6164,"조성문",43245,300508,"두손의수","2018-05-25","2018-06-01",1,"EA",213099,1,213099,1,213099,43249,"결제",null,0,null,213099,43249,213099,43249,"상신","결재완료",213099,43280,213099,43280]
[1102,1000050498,40,"물품구매(실리콘싹스)",1845601027,"소모품 등 6종",40,"Z20010457","의지하지-락장식필라우더 (의지재료) (의지재료)","Z01",456,null,43249,"최종승인",9144,"정창희",43249,301263,"성림교역","2018-05-28","2018-06-05",5,"EA",145000,1,725000,5,725000,43249,"결제",null,0,null,725000,43249,725000,43249,"상신","결재완료",725000,43280,725000,43280]
[1102,1500022236,120,"물품구매(샤프 등 47건/세금계산서)",1845600980,"맞춤형근골격/로얄블루 샤프 등 47종",120,null,"점보실버크립","Z06",456,null,43244,"최종승인",27158,"정보라",43244,323112,"(주) 드림디포구월점","2018-05-24","2018-06-07",4,"EA",3150,1,12600,4,12600,43249,"결제",null,0,null,12600,43249,12600,43249,"상신","결재완료",0,null,12600,43262]
[1102,1500022236,300,"물품구매(샤프 등 47건/세금계산서)",1845600980,"맞춤형근골격/로얄블루 샤프 등 47종",300,null,"스테들러홀더심","Z06",456,null,43244,"최종승인",27158,"정보라",43244,323112,"(주) 드림디포구월점","2018-05-24","2018-06-07",1,"EA",8000,1,8000,1,8000,43249,"결제",null,0,null,8000,43249,8000,43249,"상신","결재완료",0,null,8000,43262]
[1102,1500022236,470,"물품구매(샤프 등 47건/세금계산서)",1845600980,"맞춤형근골격/로얄블루 샤프 등 47종",470,null,"쫄대화일","Z06",456,null,43244,"최종승인",27158,"정보라",43244,323112,"(주) 드림디포구월점","2018-05-24","2018-06-07",2,"EA",3500,1,7000,2,7000,43249,"결제",null,0,null,7000,43249,7000,43249,"상신","결재완료",0,null,7000,43262]
[1102,1000050331,10,"물품구매(기타재료)",1845600964,"소모품 등 5종",10,"Z20010895","소모품-PVA백 4inch (의지재료)","Z01",456,null,43241,"최종승인",26461,"조혜정",43241,301263,"성림교역","2018-05-21","2018-05-28",1,"EA",66000,1,66000,1,66000,43245,"결제",null,0,null,66000,43245,66000,43245,"상신","결재완료",66000,43280,66000,43280]
[1102,1000050433,20,"물품구매(FLAT-SPRINGS 등 2건/법인카드)",1845601004,"맞춤형근골격/flat springs 등 2종",20,"Z20050524","맞춤형근골격(연구재료) (연구재료)","Z01",456,null,43273,"최종승인",27685,"황석진",43245,516570269,"연구-0269(맞춤형근골격)","2018-05-23","2018-06-29",3,"EA",49500,1,148500,3,148500,43245,"결제",null,0,null,148500,43245,148500,43245,"상신","결재완료",0,null,148500,43277]
[1102,1000050387,10,"물품구매(최*진-양*석-안*철-김*성-황*용-장*석-강*옥/유*선)",1845600991,"휠체어꺽기형 등 4종/최*진 등",10,"Z20120055","휠체어꺽기형-미라지7일반형미키 (의지재료) (의지재료)","Z01",456,null,43243,"최종승인",26283,"유재선",43245,301882,"미키메디칼","2018-05-23","2018-05-30",4,"EA",440000,1,1760000,4,1760000,43244,"결제",null,0,null,1760000,43244,1760000,43244,"상신","결재완료",1760000,43280,1760000,43280]
[1102,1500022206,80,"물품구매(동해서비스센터 공구류/전*만)",1845600979,"동해센터 공구류 9종",80,null,"겸용드라이버4*150","Z06",456,null,43243,"최종승인",6160,"전영만",43244,306047,"우성종합상사","2018-05-23","2018-05-31",1,"EA",4090,1,4090,1,4090,43244,"결제",null,0,null,4090,43244,4090,43244,"상신","결재완료",4090,43262,4090,43262]
[1102,1000050306,50,"물품구매 소모품 /창원센터",1845600960,"의지하지 폼카바대퇴용 등 5종",50,"Z20010389","의지상지-손목장식국산(국산) (의지재료) (의지재료)","Z01",456,null,43238,"최종승인",6166,"김현종",43241,301148,"신성메디칼","2018-05-18","2018-05-25",10,"EA",15000,1,150000,10,150000,43243,"결제",null,0,null,150000,43243,150000,43243,"상신","결재완료",150000,43280,150000,43280]
[1102,1000050231,10,"물품구매/의지재료(소모품)/조*문",1845600917,"소모품 등 22종",10,"Z20010642"," 소모품-L렌치셋 (의지재료) (의지재료)","Z01",456,null,43236,"최종승인",6164,"조성문",43237,301148,"신성메디칼","2018-05-16","2018-05-23",1,"EA",30000,1,30000,1,30000,43241,"결제",null,0,null,30000,43241,30000,43241,"상신","결재완료",30000,43280,30000,43280]
[1102,1000050231,190,"물품구매/의지재료(소모품)/조*문",1845600917,"소모품 등 22종",190,"Z20010353","소모품-Wd40(녹제거용) (의지재료) (의지재료)","Z01",456,null,43236,"최종승인",6164,"조성문",43237,301148,"신성메디칼","2018-05-16","2018-05-23",2,"EA",4400,1,8800,2,8800,43241,"결제",null,0,null,8800,43241,8800,43241,"상신","결재완료",8800,43280,8800,43280]
[1102,1000050190,10,"물품구매(진열장 애칭 유리판)",1845600936,"직무지원/진열장 애칭유리판",10,"Z20050113","직무지원 연구재료 (연구재료) (연구재료)","Z01",456,null,43237,"최종승인",27961,"홍범기",43238,303142,"이삭광고","2018-05-15","2018-05-24",1,"EA",130000,1,130000,1,130000,43238,"결제",null,0,null,130000,43238,130000,43238,"상신","결재완료",130000,43245,130000,43245]
[1102,1000050259,10,"물품구매(보조기하지-이*호/조*정)",1845600913,"보조기하지 긴다리보조기/이*호",10,"Z20010996","보조기하지-긴다리보조기반자동장식일제(성림)","Z01",456,null,43237,"최종승인",26461,"조혜정",43237,301263,"성림교역","2018-05-17","2018-05-24",2,"EA",309000,1,618000,2,618000,43238,"결제",null,0,null,618000,43238,618000,43238,"상신","결재완료",618000,43280,618000,43280]
[1102,1000050195,20,"물품구매-의지소모품/임*은",1845600906,"의지하지 대퇴무릎장식 등 3종",20,"Z20010494","의지하지-발Bk(국산) (의지재료) (의지재료)","Z01",456,null,43235,"최종승인",9620,"임성은",43237,302514,"비케이메디텍","2018-05-15","2018-05-22",6,"EA",179850,1,1079100,6,1079100,43237,"결제",null,0,null,1079100,43237,1079100,43237,"상신","결재완료",1079100,43280,1079100,43280]
[1102,1000050205,50,"물품구매(박*수-이*기/유*선)",1845600918,"활동형휠체어 등 5종/ 박*수/이*기",50,"Z20120291","휠체어수리-전동용충전기휠로피아 (의지재료) (의지재료)","Z01",456,null,43235,"최종승인",26283,"유재선",43237,301700,"(주)휠로피아","2018-05-15","2018-05-22",1,"EA",100000,1,100000,1,100000,43237,"결제",null,0,null,100000,43237,100000,43237,"상신","결재완료",100000,43280,100000,43280]
[1102,1500022148,10,"물품구매(프린터 토너(검정등 4건/세금계산서)",1845600873,"직무지원/컬러프린트 토너 4종",10,null,"프린터 토너 (검정)","Z06",456,null,43236,"최종승인",6898,"고창용",43237,321731,"주식회사 소명시스템","2018-05-16","2018-05-30",1,"EA",109091,1,109091,1,109091,43237,"결제",null,0,null,109091,43237,109091,43237,"상신","결재완료",109091,43245,109091,43245]
[1102,1000050079,60,"물품구매(하지의지-김*호,오*혁,김*덕,라*식,이*오/천*민)",1845600884,"의지하지 프로플렉스 등 6종/김*호/오*혁 등",60,"Z20010546","의지하지-실리콘싹스X5씰린대퇴용(미국산) (의지재료) (의지재료)","Z01",456,null,43229,"최종승인",27784,"천성민",43237,301434,"오서코리아주식회사","2018-05-09","2018-05-16",1,"EA",600000,1,600000,1,600000,43236,"결제",null,0,null,600000,43236,600000,43236,"상신","결재완료",600000,43280,600000,43280]
[1102,1000050208,20,"물품구매(이*성/유*선)",1845600920,"휠체어침대형 등 3종/ 이*성",20,"Z20120630","휠체어수리-발걸이 파트너 P-1004(대세)","Z01",456,null,43235,"최종승인",26283,"유재선",43237,306977,"(주)대세엠케어 경인지점 (인천)","2018-05-15","2018-05-22",4,"EA",40000,1,160000,4,160000,43236,"결제",null,0,null,160000,43236,160000,43236,"상신","결재완료",160000,43280,160000,43280]
[1102,1000050080,10,"물품구매(하지의지-손*식,김*덕,박*복,윤*현/천*민)",1845600883,"의지하지 컴포트웨이브 등 4종/손*식/김*덕 등",10,"Z20010723","의지하지-컴포트웨이브(오서) (의지재료)","Z01",456,null,43230,"최종승인",27784,"천성민",43237,301434,"오서코리아주식회사","2018-05-10","2018-05-17",1,"EA",338000,1,338000,1,338000,43235,"결제",null,0,null,338000,43235,338000,43235,"상신","결재완료",338000,43280,338000,43280]
[1102,1000050140,10,"물품구매/의지재료(보조기용장식)/조*문",1845600902,"보조기하지 장보지장식",10,"Z20010061","보조기하지-장보조기장식(大) (의지재료) (의지재료)","Z01",456,null,43231,"최종승인",6164,"조성문",43237,322758,"오르텍주식회사","2018-05-11","2018-05-18",1,"EA",40000,1,40000,1,40000,43235,"결제",null,0,null,40000,43235,40000,43235,"상신","결재완료",40000,43280,40000,43280]
[1102,1000049942,10,"물품구매 (2018 Lower Body 02/ 세금계산서)",1845600821,"스마트소켓/2018 lower body 02",10,"Z20050607","스마트소켓(연구재료) (연구재료)","Z01",456,null,43244,"최종승인",27826,"전만기",43224,301759,"창신정공","2018-05-03","2018-05-31",1,"EA",968000,1,968000,1,968000,43234,"결제",null,0,null,968000,43234,968000,43234,"상신","결재완료",0,null,968000,43245]
[1102,1000050024,10,"물품구매(방석)",1845600865,"욕창예방방석",10,"Z20130029","욕창예방방석공기격자형-Smdub0003(8x9x5) (의지재료) (의지재","Z01",456,null,43228,"최종승인",26461,"조혜정",43230,323411,"주식회사씰테크 용인지점","2018-05-08","2018-05-15",10,"EA",230000,1,2300000,10,2300000,43231,"결제",null,0,null,2300000,43231,2300000,43231,"상신","결재완료",2300000,43280,2300000,43280]
[1102,1000050309,20,"물품구매(의지하지-유*영,이*표/김*동)",1845600961,"의지하지 실리콘싹스 등 3종/유*영/이*표",20,"Z20010532","의지하지-실리콘싹스컴포트하퇴용(외산) (의지재료) (의지재료)","Z01",456,null,43238,"최종승인",8219,"김수동",43241,301434,"오서코리아주식회사","2018-05-11","2018-05-21",1,"EA",338000,1,338000,1,338000,43231,"결제",null,0,null,338000,43231,338000,43231,"상신","결재완료",338000,43280,338000,43280]
[1102,1500022064,10,"지진대피훈련 현수막제작",1845800052,"지진대피훈련 현수막 제작",10,null,"지진대피훈련 현수막제작","Z06",458,"서비스",43230,"최종승인",4473,"허관",43243,303142,"이삭광고","2018-05-10","2018-05-18",1,"AU",70000,1,70000,1,70000,43230,"결제",null,0,null,70000,43230,70000,43230,"상신","결재완료",70000,43245,70000,43245]
[1102,1000049967,20,"물품구매/휠체어(소모품)/조*문",1845600843,"휠체어수리 타이어 등 2종",20,"Z20120561","타이어-24\"마라톤점검 (퓔로피아) (의지재료) (의지재료)","Z01",456,null,43224,"최종승인",6164,"조성문",43228,301700,"(주)휠로피아","2018-05-04","2018-05-11",4,"EA",32000,1,128000,4,128000,43229,"결제",null,0,null,128000,43229,128000,43229,"상신","결재완료",128000,43280,128000,43280]
[1102,1000050010,20,"물품구매 방석 안*익 외 /창원센터",1845600848,"욕창예방방석 등 2종/안*익",20,"Z20130029","욕창예방방석공기격자형-Smdub0003(8x9x5) (의지재료) (의지재","Z01",456,null,43228,"최종승인",6166,"김현종",43228,311792,"이레엠케어// 폐쇄-법인변경190101","2018-05-08","2018-05-15",5,"EA",230000,1,1150000,5,1150000,43229,"결제",null,0,null,1150000,43229,1150000,43229,"상신","결재완료",1150000,43280,1150000,43280]
[1102,1000049955,20,"물품구매(아이스로스 락 등 3종)",1845600823,"자체 시험상용화/아이스로스 락 등 3종/박*용",20,"Z20050403","하지-아이스로스씰인라이너(연구재료) (연구재료)","Z01",456,null,43223,"최종승인",26292,"오혜정",43224,301434,"오서코리아주식회사","2018-05-03","2018-05-10",1,"EA",340000,1,340000,1,340000,43228,"결제",null,0,null,340000,43228,340000,43228,"상신","결재완료",340000,43245,340000,43245]
[1102,1000050007,50,"기타",1845600836,"휠체어수리 배터리 등 11종",50,"Z20120393","휠체어수리-튜브일산활동형휠로피아(24,25in) (의지재료) (의지재료)","Z01",456,null,43224,"최종승인",26283,"유재선",43228,301700,"(주)휠로피아","2018-05-04","2018-05-11",50,"EA",4000,1,200000,50,200000,43228,"결제",null,0,null,200000,43228,200000,43228,"상신","결재완료",200000,43280,200000,43280]
[1102,1000049814,20,"물품구매(RevoFit Versa 등 2종)",1845600800,"자체 시험상용화/revofit versa 등 2종",20,"Z20050657","하지-ROVOFIT DIRECT(연구재료)","Z01",456,null,43220,"최종승인",26292,"오혜정",43220,301263,"성림교역","2018-04-30","2018-05-07",1,"EA",220000,1,220000,1,220000,43223,"결제",null,0,null,220000,43223,220000,43223,"상신","결재완료",220000,43230,220000,43230]
[1102,1000049944,20,"물품구매(상지의지-유*순 등 7명/천*민)",1845600834,"의지상지 미관형의수 등 2종/유*순 등",20,"Z20010372","의지상지-미관형의수지실리콘 (의지재료) (의지재료)","Z01",456,null,43223,"최종승인",27784,"천성민",43228,300508,"두손의수","2018-04-30","2018-05-10",4,"EA",51901,1,207604,4,207604,43221,"결제",null,0,null,207604,43221,207604,43221,"상신","결재완료",207604,43280,207604,43280]
[1102,1300008231,10,"체크엠-용역비 ('18.4월)",1845800046,"대전-4월 청소 용역비",10,null,"체크엠-용역비 ('18.4월)","Z04",458,"서비스",43217,"최종승인",4473,"허관",43222,321668,"체크엠주식회사","2018-04-01","2018-04-30",1,"AU",518182,1,518182,1,518182,43220,"결제",null,0,null,518182,43220,518182,43220,"상신","결재완료",518182,43230,518182,43230]
[1102,1000049775,30,"물품구매(욕창예방방석/커트로/이*성/의지재료)",1845600793,"욕창예방방석 등 4종/이*성 등",30,"Z20130052","욕창예방방석공기격자형-MINI1515C","Z01",456,null,43217,"최종승인",26292,"오혜정",43220,319782,"주식회사 티오엠모빌리티 (TOM MOBILITY)-폐쇄","2018-04-27","2018-05-04",1,"EA",370000,1,370000,1,370000,43217,"결제",null,0,null,370000,43217,370000,43217,"상신","결재완료",370000,43251,370000,43251]
[1102,1000049712,40,"물품구매(의지재료/천*민)",1845600783,"소모품 썰린 등 18종",40,"Z20010239","소모품-연삭벨트(30cm) (의지재료)","Z01",456,null,43215,"최종승인",27784,"천성민",43217,301148,"신성메디칼","2018-04-24","2018-05-02",50,"EA",1200,1,60000,50,60000,43216,"결제",null,0,null,60000,43216,60000,43216,"상신","결재완료",60000,43251,60000,43251]
[1102,1000049741,20,"물품구매(전조등세트우 등 2건/세금계산서)",1845600777,"직무지원/전조등세트 등 2종",20,"Z20050113","직무지원 연구재료 (연구재료)","Z01",456,null,43229,"최종승인",26940,"남기태",43216,301700,"(주)휠로피아","2018-04-25","2018-05-16",3,"EA",32000,1,96000,3,96000,43216,"결제",null,0,null,96000,43216,96000,43216,"상신","결재완료",96000,43230,96000,43230]
[1102,1000049678,30,"물품구매(TFT-LCD 등 3건/세금계산서)",1845600760,"맞춤형근골격/tft lcd 등 3종",30,"Z20050524","맞춤형근골격(연구재료)","Z01",456,null,43244,"최종승인",27685,"황석진",43214,320291,"에스제이전자","2018-04-23","2018-05-31",4,"EA",159500,1,638000,4,638000,43215,"결제",null,0,null,638000,43215,638000,43215,"상신","결재완료",0,null,638000,43230]
[1102,1000049592,70,"물품구매/의지재료(소모품)/조*문",1845600722,"소모품 pp 등 12종",70,"Z20010196","소모품-스타키넷나이론(9cm) (의지재료)","Z01",456,null,43209,"최종승인",6164,"조성문",43210,305386,"(주) 오토복코리아헬스케어","2018-04-19","2018-04-26",2,"EA",83000,1,166000,2,166000,43214,"결제",null,0,null,166000,43214,166000,43214,"상신","결재완료",166000,43251,166000,43251]
[1102,1000049638,30,"물품구매(상지의지-홍*유 등 6명/천*민)",1845600737,"의지상지 미관형의수 등 3종/홍*유 등",30,"Z20010363","의지상지-미관형의수레진두손 (의지재료)","Z01",456,null,43210,"최종승인",27784,"천성민",43213,300508,"두손의수","2018-04-20","2018-04-27",1,"EA",90000,1,90000,1,90000,43214,"결제",null,0,null,90000,43214,90000,43214,"상신","결재완료",90000,43251,90000,43251]
[1102,1000049706,20,"물품구매(미관형 의수 등 2종)",1845600768,"자체 시험상용화/미관형의수 등 2종/정*열/김*희 등",20,"Z20050117","미관형 의수-PVC (연구재료)","Z01",456,null,43215,"최종승인",26292,"오혜정",43215,300508,"두손의수","2018-04-24","2018-05-02",1,"EA",90000,1,90000,1,90000,43214,"결제",null,0,null,90000,43214,90000,43214,"상신","결재완료",90000,43230,90000,43230]
[1102,1000049506,30,"물품구매/의지재료(소모품)/조*문",1845600696,"소모품 등 50종",30,"Z20010334","소모품-P.P(12x40x40) (의지재료)","Z01",456,null,43207,"최종승인",6164,"조성문",43208,301148,"신성메디칼","2018-04-17","2018-04-24",10,"EA",20000,1,200000,10,200000,43210,"결제",null,0,null,200000,43210,200000,43210,"상신","결재완료",200000,43251,200000,43251]
[1102,1000049506,200,"물품구매/의지재료(소모품)/조*문",1845600696,"소모품 등 50종",200,"Z20010153","소모품-본드솔 (의지재료)","Z01",456,null,43207,"최종승인",6164,"조성문",43208,301148,"신성메디칼","2018-04-17","2018-04-24",10,"EA",1000,1,10000,10,10000,43210,"결제",null,0,null,10000,43210,10000,43210,"상신","결재완료",10000,43251,10000,43251]
[1102,1000049506,370,"물품구매/의지재료(소모품)/조*문",1845600696,"소모품 등 50종",370,"Z20010145","소모품-밴드스타킹 (의지재료)","Z01",456,null,43207,"최종승인",6164,"조성문",43208,301148,"신성메디칼","2018-04-17","2018-04-24",50,"EA",1100,1,55000,50,55000,43210,"결제",null,0,null,55000,43210,55000,43210,"상신","결재완료",55000,43251,55000,43251]
[1102,1000049546,10,"물품구매(상지의지-곽*나/천*민)",1845600712,"의지상지 전자의수/곽*나",10,"Z20010405","의지상지-전자의수Bk(국산) (의지재료)","Z01",456,null,43208,"최종승인",27784,"천성민",43209,302514,"비케이메디텍","2018-04-18","2018-04-25",1,"EA",2430000,1,2430000,1,2430000,43210,"결제",null,0,null,2430000,43210,2430000,43210,"상신","결재완료",2430000,43251,2430000,43251]
[1102,1000049591,60,"물품구매(미관형의수-이*호)",1845600742,"의지상지 미관형의수 등 7종/이*호",60,"Z20010424","의지하지-단축발알미늄세트(중국산) (의지재료)","Z01",456,null,43209,"최종승인",9144,"정창희",43213,301263,"성림교역","2018-04-19","2018-04-26",4,"EA",162000,1,648000,4,648000,43210,"결제",null,0,null,648000,43210,648000,43210,"상신","결재완료",648000,43251,648000,43251]
[1102,1000049634,10,"물품구매(클램프)",1845600739,"의지하지 클램프알미늄",10,"Z20010075","의지하지-클램프알미늄(알미늄) (의지재료)","Z01",456,null,43210,"최종승인",9144,"정창희",43213,301263,"성림교역","2018-04-19","2018-04-27",10,"EA",39000,1,390000,10,390000,43210,"결제",null,0,null,390000,43210,390000,43210,"상신","결재완료",390000,43251,390000,43251]
[1102,1000049541,10,"물품구매(하지의지-박*수/유*종)",1845600716,"하지의지 하퇴용더마실 등 3종/박*수",10,"Z20010577","하지의지-하퇴용더마실(외산) (의지재료)","Z01",456,null,43207,"최종승인",8664,"유효종",43209,301263,"성림교역","2018-04-17","2018-04-24",1,"EA",110000,1,110000,1,110000,43209,"결제",null,0,null,110000,43209,110000,43209,"상신","결재완료",110000,43251,110000,43251]
[1102,1000049515,40,"물품구매(김*순-곽*성/유*선)",1845600693,"휠체어꺽기형 등 4종/김*순/곽*성",40,"Z20120267","휠체어수리-앞바퀴조립투명휠(3,4,5in) (의지재료)","Z01",456,null,43206,"최종승인",26283,"유재선",43208,301882,"미키메디칼","2018-04-16","2018-04-23",20,"EA",18182,1,363640,20,363640,43208,"결제",null,0,null,363640,43208,363640,43208,"상신","결재완료",363640,43251,363640,43251]
[1102,1000049482,10,"물품구매 방석 김*원 외 /창원센터",1845600684,"욕창예방방석/김*원 등",10,"Z20130023","욕창예방방석공기격자형-로호 (의지재료)","Z01",456,null,43203,"최종승인",6166,"김현종",43206,311792,"이레엠케어// 폐쇄-법인변경190101","2018-04-13","2018-04-20",6,"EA",370000,1,2220000,6,2220000,43207,"결제",null,0,null,2220000,43207,2220000,43207,"상신","결재완료",2220000,43251,2220000,43251]
[1102,1000049548,10,"물품구매(상지의지-송*영 등 10명/천*민)",1845600711,"의지상지 미관형의수 등 3종/송*영 등",10,"Z20010367","의지상지-미관형의수실리콘두손 (의지재료)","Z01",456,null,43208,"최종승인",27784,"천성민",43209,300508,"두손의수","2018-04-16","2018-04-25",6,"EA",213099,1,1278594,6,1278594,43207,"결제",null,0,null,1278594,43207,1278594,43207,"상신","결재완료",1278594,43251,1278594,43251]
[1102,1000048844,30,"물품구매요구(더스트씰 등 3건/세금계산서)",1845600498,"직무지원/vari seal 등 3종",30,"Z20050113","직무지원 연구재료 (연구재료)","Z01",456,null,43189,"최종승인",26346,"정성윤",43182,321519,"(주) 우성종합씰","2018-03-21","2018-04-13",10,"EA",5000,1,50000,10,50000,43203,"결제",null,0,null,50000,43203,50000,43203,"상신","결재완료",50000,43215,50000,43215]
[1102,1000049372,30,"물품구매(상지 및 하지의지-유*록,백*현,김*배,김*현/천*민)",1845600657,"의지상지 미관형의수 등 3종/유*록/백*현 등",30,"Z20010901","의지하지-엔도라이트 에스프리트발(성림)","Z01",456,null,43200,"최종승인",27784,"천성민",43202,301263,"성림교역","2018-04-10","2018-04-17",1,"EA",1220000,1,1220000,1,1220000,43203,"결제",null,0,null,1220000,43203,1220000,43203,"상신","결재완료",1220000,43251,1220000,43251]
[1102,1000049534,30,"물품구매(PVC와샤 등 6건/ 법인카드)",1845600705,"스마트어시스트/pvc와샤 등 6종",30,"Z20050649","스마트어시스트(연구재료)","Z01",456,null,43207,"최종승인",6879,"김용철",43208,516589379,"스마트어시스트-9379","2018-04-13","2018-04-20",1,"EA",16500,1,16500,1,16500,43203,"결제",null,0,null,16500,43203,16500,43203,"상신","결재완료",0,null,16500,43248]
[1102,1500021656,40,"물품구매(사무용품(1공 펀치 등 35건)/세금계산서)",1845600668,"사무용품 35종",40,null,"매직테이프 세이빙팩","Z06",456,null,43200,"최종승인",27158,"정보라",43202,323112,"(주) 드림디포구월점","2018-04-10","2018-04-20",1,"EA",7300,1,7300,1,7300,43202,"결제",null,0,null,7300,43202,7300,43202,"상신","결재완료",0,null,7300,43215]
[1102,1500021656,210,"물품구매(사무용품(1공 펀치 등 35건)/세금계산서)",1845600668,"사무용품 35종",210,null,"nt캇타","Z06",456,null,43200,"최종승인",27158,"정보라",43202,323112,"(주) 드림디포구월점","2018-04-10","2018-04-20",5,"EA",4200,1,21000,5,21000,43202,"결제",null,0,null,21000,43202,21000,43202,"상신","결재완료",0,null,21000,43215]
[1102,1000049274,10,"물품구매(하지의지-순*환/양*호)",1845600628,"의지하지 실리콘싹스/순*환",10,"Z20010545","의지하지-실리콘싹스향균젤라이너하퇴용(독일산) (의지재료)","Z01",456,null,43195,"최종승인",27264,"양철호",43199,305386,"(주) 오토복코리아헬스케어","2018-04-05","2018-04-12",1,"EA",235000,1,235000,1,235000,43201,"결제",null,0,null,235000,43201,235000,43201,"상신","결재완료",235000,43251,235000,43251]
[1102,1000049340,10,"물품구매(이*문/유*선)",1845600651,"휠체어활동형/이*문",10,"Z20120610","휠체어-활동형-노바제로-티오엠모빌리티","Z01",456,null,43199,"최종승인",26283,"유재선",43200,319782,"주식회사 티오엠모빌리티 (TOM MOBILITY)-폐쇄","2018-04-09","2018-04-16",1,"EA",720000,1,720000,1,720000,43201,"결제",null,0,null,720000,43201,720000,43201,"상신","결재완료",720000,43251,720000,43251]
[1102,1000049373,60,"물품구매(감마전조등우 등 6건 / 세금계산서)",1845600665,"스마트어시스트/감마전조등  등 6종",60,"Z20050649","스마트어시스트(연구재료)","Z01",456,null,43215,"최종승인",26940,"남기태",43202,301700,"(주)휠로피아","2018-04-10","2018-05-01",2,"EA",16500,1,33000,2,33000,43201,"결제",null,0,null,33000,43201,33000,43201,"상신","결재완료",0,null,33000,43215]
[1102,1000049388,10,"물품구매(미관형의수-이*훈)",1845600661,"의지상지 미관형의수 등 3종/이*훈",10,"Z20010367","의지상지-미관형의수실리콘두손 (의지재료)","Z01",456,null,43200,"최종승인",9144,"정창희",43202,300508,"두손의수","2018-04-09","2018-04-17",2,"EA",213099,1,426198,2,426198,43200,"결제",null,0,null,426198,43200,426198,43200,"상신","결재완료",426198,43251,426198,43251]
[1102,1500021409,110,"물품구매(대구 서비스센터/천*민)",1845600580,"대구센터 가스토치 등 11종",110,null,"원형 고무판","Z06",456,null,43186,"최종승인",27784,"천성민",43189,301148,"신성메디칼","2018-03-27","2018-04-10",1,"EA",38000,1,38000,1,38000,43200,"결제",null,0,null,38000,43200,38000,43200,"상신","결재완료",38000,43215,38000,43215]
[1102,1500021543,60,"전기용품(LED Bulb Lamp 등 16종)",1845600647,"led 램프 등 16종",60,null,"콘크리트 비트날","Z06",456,null,43193,"최종승인",4473,"허관",43200,300045,"모아이엔티","2018-04-03","2018-04-16",1,"개",15000,1,15000,1,15000,43200,"결제",null,0,null,15000,43200,15000,43200,"상신","결재완료",15000,43215,15000,43215]
[1102,1100003635,30,"대구서비스센터 중량랙 구매",1845600612,"대구센터 중량랙 구매",30,null,"중량랙","Z02",456,null,43192,"최종승인",6164,"조성문",43193,323428,"유강앵글","2018-04-02","2018-04-20",1,"EA",200000,1,200000,1,200000,43199,"결제",null,0,null,200000,43199,200000,43199,"상신","결재완료",200000,43215,200000,43215]
[1102,1500021542,130,"청소용품(철수세미 등 14종)",1845600649,"청소용품 14종",130,null,"포장테이프","Z06",456,null,43193,"최종승인",4473,"허관",43200,313863,"주식회사 꿈이있는일터","2018-04-03","2018-04-16",1,"BOX",50000,1,50000,1,50000,43199,"결제",null,0,null,50000,43199,50000,43199,"상신","결재완료",50000,43215,50000,43215]
[1102,1000049195,10,"물품구매(정*길/유*선)",1845600610,"휠체어활동형 등 2종/정*길",10,"Z20120610","휠체어-활동형-노바제로-티오엠모빌리티","Z01",456,null,43192,"최종승인",26283,"유재선",43192,319782,"주식회사 티오엠모빌리티 (TOM MOBILITY)-폐쇄","2018-04-02","2018-04-09",1,"EA",720000,1,720000,1,720000,43195,"결제",null,0,null,720000,43195,720000,43195,"상신","결재완료",720000,43251,720000,43251]
[1102,1000047824,10,"물품구매(소프트 써린 등 8건/세금계산서)",1845600220,"직무지원/antibacterial thermolyn soft colorless 등 8종",10,"Z20050113","직무지원 연구재료 (연구재료)","Z01",456,null,43157,"최종승인",6898,"고창용",43139,305386,"(주) 오토복코리아헬스케어","2018-02-05","2018-04-04",2,"EA",75000,1,150000,2,150000,43193,"결제",null,0,null,150000,43193,150000,43193,"상신","결재완료",150000,43215,150000,43215]
[1102,1000049142,10,"물품구매(직무형인공발씨에라 등 4종)",1845600630,"자체 시험상용화/직무형 인공발 등 4종",10,"Z20050095","하지-프리덤 씨에라풋 (연구재료)","Z01",456,null,43192,"최종승인",26292,"오혜정",43199,301263,"성림교역","2018-04-02","2018-04-09",1,"EA",1790000,1,1790000,1,1790000,43193,"결제",null,0,null,1790000,43193,1790000,43193,"상신","결재완료",1790000,43215,1790000,43215]
[1102,1000048816,10,"물품구매(작업자용근력보조시스템/세금계산서)",1845600485,"맞춤형근골격/작업자용 근력보조시스템",10,"Z20050524","맞춤형근골격(연구재료)","Z01",456,null,43182,"최종승인",27607,"이종원",43180,322571,"주식회사 비엠케이","2018-03-21","2018-03-30",1,"EA",4917000,1,4917000,1,4917000,43189,"결제",null,0,null,4917000,43189,4917000,43189,"상신","결재완료",0,null,4917000,43200]
[1102,1100003610,10,"대구서비스센터 냉장고 구매",1845600592,"대구센터 냉장고",10,null,"냉장고","Z02",456,null,43189,"최종승인",6164,"조성문",43192,507196932,"운영지원부-6932","2018-03-30","2018-04-27",1,"EA",186363,1,186363,1,186363,43189,"결제",null,0,null,186363,43189,186363,43189,"상신","결재완료",186363,43234,186363,43234]
[1102,1500021449,140,"물품구매(수정테이프 등 21건/세금계산서)",1845600579,"스마트어시스트/수정테이프 등 21건",140,null,"멀티펜(블루)","Z06",456,null,43188,"최종승인",27158,"정보라",43189,323112,"(주) 드림디포구월점","2018-03-29","2018-04-10",2,"EA",3200,1,6400,2,6400,43189,"결제",null,0,null,6400,43189,6400,43189,"상신","결재완료",0,null,6400,43200]
[1102,1000048932,40,"물품구매(의지재료 및 상지의지-최*준 등 9명/천*민)",1845600528,"보조기하지 장보조기 등 11종",40,"Z20010415","의지하지-국산단소하퇴장식(국산) (의지재료)","Z01",456,null,43185,"최종승인",27784,"천성민",43186,301263,"성림교역","2018-03-26","2018-04-02",3,"EA",75000,1,225000,3,225000,43188,"결제",null,0,null,225000,43188,225000,43188,"상신","결재완료",225000,43220,225000,43220]
[1102,1000049024,20,"물품구매(미관형의수-수*)",1845600577,"의지상지 미관형의수 등 5종",20,"Z20010388","의지상지-상박주관절장식키드형중국(중국산) (의지재료)","Z01",456,null,43187,"최종승인",9144,"정창희",43188,301263,"성림교역","2018-03-28","2018-04-04",2,"EA",170000,1,340000,2,340000,43188,"결제",null,0,null,340000,43188,340000,43188,"상신","결재완료",340000,43220,340000,43220]
[1102,1000049228,20,"물품구매(김*하/유*선)",1845600617,"휠체어전동형 등 4종/김*하",20,"Z20120345","휠체어수리-타이어전동용(16in) (의지재료)","Z01",456,null,43193,"최종승인",26298,"강호선",43194,301700,"(주)휠로피아","2018-03-28","2018-04-10",2,"EA",18000,1,36000,2,36000,43188,"결제",null,0,null,36000,43188,36000,43188,"상신","결재완료",36000,43220,36000,43220]
[1102,1000048931,10,"물품구매(구동부 모터 등 2건/ 세금계산서)",1845600536,"스마트어시스트/구동부 모터 등 2종",10,"Z20050649","스마트어시스트(연구재료)","Z01",456,null,43189,"최종승인",6879,"김용철",43186,321968,"(주) 진보","2018-03-26","2018-04-06",2,"EA",330000,1,660000,2,660000,43187,"결제",null,0,null,660000,43187,660000,43187,"상신","결재완료",0,null,660000,43200]
[1102,1300008010,10,"대청환경-폐스치로폼처리",1845800029,"폐스치로폼 처리",10,null,"대청환경-폐스치로폼처리","Z04",458,"서비스",43186,"최종승인",4473,"허관",43186,316678,"대청환경","2018-03-27","2018-04-06",1,"AU",350000,1,350000,1,350000,43187,"결제",null,0,null,350000,43187,350000,43187,"상신","결재완료",350000,43200,350000,43200]
[1102,1000048921,10,"물품구매 의지하지 김*수 외 /창원센터",1845600511,"의지하지 실리콘싹스 등 3종/김*수",10,"Z20010526","의지하지-실리콘싹스이지락킹(미국산) (의지재료)","Z01",456,null,43182,"최종승인",6166,"김현종",43185,301263,"성림교역","2018-03-23","2018-03-30",1,"EA",330000,1,330000,1,330000,43186,"결제",null,0,null,330000,43186,330000,43186,"상신","결재완료",330000,43220,330000,43220]
[1102,1000048987,10,"물품구매(미관형 의수)",1845600558,"자체 시험상용화/미관형의수/김*현/이*복",10,"Z20050118","미관형 의수-고강도 실리콘 (연구재료)","Z01",456,null,43186,"최종승인",26292,"오혜정",43187,300508,"두손의수","2018-03-27","2018-04-03",1,"EA",213099,1,213099,1,213099,43186,"결제",null,0,null,213099,43186,213099,43186,"상신","결재완료",213099,43200,213099,43200]
[1102,1000048935,20,"물품구매(황*링,강*섭)전*만",1845600550,"의지하지 실리콘싹스 등 2종/황8림/강*섭",20,"Z20010532","의지하지-실리콘싹스컴포트하퇴용(외산) (의지재료)","Z01",456,null,43185,"최종승인",6160,"전영만",43187,301434,"오서코리아주식회사","2018-03-26","2018-04-02",1,"EA",338000,1,338000,1,338000,43185,"결제",null,0,null,338000,43185,338000,43185,"상신","결재완료",338000,43220,338000,43220]
[1102,1000048848,20,"물품구매(의지재료)",1845600496,"소모품 나이론반도백색 등 7종",20,"Z20010846","소모품-대형칼날","Z01",456,null,43181,"최종승인",27784,"천성민",43182,301148,"신성메디칼","2018-03-22","2018-03-29",10,"EA",1350,1,13500,10,13500,43182,"결제",null,0,null,13500,43181,13500,43182,"상신","결재완료",13500,43220,13500,43220]
[1102,1000048883,10,"물품구매(최*종,한*협,정*교,윤*섭,권*종)전*만",1845600525,"휠체어활동형/최*종/한*협/정*교 등",10,"Z20120528","휠체어활동형-J2 (의지재료)","Z01",456,null,43182,"최종승인",6160,"전영만",43185,309507,"미키코리아(주)","2018-03-23","2018-03-30",5,"EA",720000,1,3600000,5,3600000,43182,"결제",null,0,null,3600000,43182,3600000,43182,"상신","결재완료",3600000,43220,3600000,43220]
[1102,1000048527,10,"물품구매(Dynamic AFO Straight MD Lt 등 2건 / 세금계산서)",1845600401,"맞춤형근골격/dynamic afo straight md lt 등 2종",10,"Z20050524","맞춤형근골격(연구재료)","Z01",456,null,43196,"최종승인",26892,"권칠용",43168,301263,"성림교역","2018-03-08","2018-04-13",2,"EA",510000,1,1020000,2,1020000,43180,"결제",null,0,null,1020000,43180,1020000,43180,"상신","결재완료",0,null,1020000,43200]
[1102,1000048503,20,"물품구매(허리고정부 고령자용 외측 커프 3D프린팅 등 2건 / 세금계산서)",1845600394,"맞춤형근골격/허리고정부 고령자용 외측커프 3d프린팅 등 2종",20,"Z20050524","맞춤형근골격(연구재료)","Z01",456,null,43187,"최종승인",26892,"권칠용",43167,322095,"BluEyes(블루아이즈)","2018-03-07","2018-04-04",1,"EA",935000,1,935000,1,935000,43179,"결제",null,0,null,935000,43179,935000,43179,"상신","결재완료",0,null,935000,43200]
[1102,1000048817,10,"물품구매(미관형의수-윤*팔)",1845600491,"의지상지 미관형의수실리콘 등 2종/윤*팔",10,"Z20010367","의지상지-미관형의수실리콘두손 (의지재료)","Z01",456,null,43180,"최종승인",9144,"정창희",43181,300508,"두손의수","2018-03-19","2018-03-28",2,"EA",213099,1,426198,2,426198,43179,"결제",null,0,null,426198,43179,426198,43179,"상신","결재완료",426198,43220,426198,43220]
[1102,1000048676,60,"물품구매 (Polyplus PLA(1.75mm) 등 6건/세금계산서)",1845600463,"직무지원/polyplus pla 등 6종",60,"Z20050113","직무지원 연구재료 (연구재료)","Z01",456,null,43196,"최종승인",6898,"고창용",43175,323288,"(주) 아이디맥스","2018-03-14","2018-04-13",1,"EA",50000,1,50000,1,50000,43178,"결제",null,0,null,50000,43178,50000,43178,"상신","결재완료",50000,43200,50000,43200]
[1102,1000048669,50,"물품구매(의지하지-송*식 등 9명/천*민)",1845600458,"의지하지 발베리프랙스 등 6종/송*식",50,"Z20010982","의지하지-프로플렉스XC (오서)","Z01",456,null,43173,"최종승인",27784,"천성민",43174,301434,"오서코리아주식회사","2018-03-14","2018-03-21",1,"EA",2300000,1,2300000,1,2300000,43175,"결제",null,0,null,2300000,43175,2300000,43175,"상신","결재완료",2300000,43220,2300000,43220]
[1102,1000048657,10,"물품구매요구(손가락 마디 모형기/세금계산서)",1845600452,"스마트소켓/손가락 마디 모형기",10,"Z20050607","스마트소켓(연구재료)","Z01",456,null,43173,"최종승인",26346,"정성윤",43174,323159,"디에스테크","2018-03-13","2018-03-21",1,"EA",1734700,1,1734700,1,1734700,43174,"결제",null,0,null,1734700,43174,1734700,43174,"상신","결재완료",0,null,1734700,43200]
[1102,1000048499,10,"물품구매(상지의지-고*희 및 의지재료/천*민)",1845600402,"의지하지 발 등 2종",10,"Z20010494","의지하지-발Bk(국산) (의지재료)","Z01",456,null,43167,"최종승인",27784,"천성민",43168,302514,"비케이메디텍","2018-03-08","2018-03-15",19,"EA",179850,1,3417150,19,3417150,43173,"결제",null,0,null,3417150,43173,3417150,43173,"상신","결재완료",3417150,43220,3417150,43220]
[1102,1000048553,40,"물품구매(보링 홀더 등 5건)",1845600417,"직무지원/보링 홀더 등 5종",40,"Z20050113","직무지원 연구재료 (연구재료)","Z01",456,null,43167,"최종승인",6147,"김도완",43168,312606,"(주) 엘토","2018-03-08","2018-03-15",1,"EA",75000,1,75000,1,75000,43172,"결제",null,0,null,75000,43172,75000,43172,"상신","결재완료",75000,43200,75000,43200]
[1102,1000048599,10,"물품구매(상지의지-홍*운 등 7명/천*민)",1845600438,"의지상지 미관형의수 등 3종/홍*운",10,"Z20010367","의지상지-미관형의수실리콘두손 (의지재료)","Z01",456,null,43171,"최종승인",27784,"천성민",43171,300508,"두손의수","2018-03-12","2018-03-19",3,"EA",213099,1,639297,3,639297,43172,"결제",null,0,null,639297,43172,639297,43172,"상신","결재완료",639297,43220,639297,43220]
[1102,1000048535,10,"물품구매(상지의지-이*호)/손*호",1845600403,"의지상지 반자동의수 등 2종/이*호",10,"Z20010373","의지상지-반자동의수(독일산) (의지재료)","Z01",456,null,43167,"최종승인",6167,"손진호",43168,305386,"(주) 오토복코리아헬스케어","2018-03-08","2018-03-15",2,"EA",363000,1,726000,2,726000,43171,"결제",null,0,null,726000,43171,726000,43171,"상신","결재완료",726000,43220,726000,43220]
[1102,1000048557,70,"물품구매(직무형 인공발 등 8종)",1845600411,"자체 시험상용화/직무형 인공발 등 8종",70,"Z20050122","상지-호스머 후크 (연구재료)","Z01",456,null,43167,"최종승인",26292,"오혜정",43168,301263,"성림교역","2018-03-08","2018-03-15",1,"EA",1045000,1,1045000,1,1045000,43171,"결제",null,0,null,1045000,43171,1045000,43171,"상신","결재완료",1045000,43182,1045000,43182]
[1102,1000048496,20,"물품구매(아세톤)",1845600404,"소모품 본드 등 2종",20,"Z20010224","소모품-아세톤 (의지재료)","Z01",456,null,43167,"최종승인",9144,"정창희",43168,301148,"신성메디칼","2018-03-08","2018-03-15",10,"EA",3200,1,32000,10,32000,43168,"결제",null,0,null,32000,43168,32000,43168,"상신","결재완료",32000,43220,32000,43220]
[1102,1000048308,20,"물품구매(MCP7383XEV-DIBC 등 6건/세금계산서)",1845600386,"스마트소켓/mcp7383xev d1bc",20,"Z20050607","스마트소켓(연구재료)","Z01",456,null,43187,"최종승인",27174,"이희태",43166,320291,"에스제이전자","2018-02-28","2018-04-04",2,"EA",385000,1,770000,2,770000,43167,"결제",null,0,null,770000,43167,770000,43167,"상신","결재완료",0,null,770000,43182]
[1102,1000048208,50,"물품구매(External body 2 등 5건/세금계산서)",1845600334,"스마트소켓/external body2 등 5종",50,"Z20050607","스마트소켓(연구재료)","Z01",456,null,43167,"최종승인",26891,"박진국",43158,302514,"비케이메디텍","2018-02-23","2018-03-15",3,"EA",11000,1,33000,3,33000,43166,"결제",null,0,null,33000,43166,33000,43166,"상신","결재완료",0,null,33000,43182]
[1102,1000048378,20,"물품구매 수부 /창원센터",1845600354,"의지상지 미관형의수 등 2종",20,"Z20010363","의지상지-미관형의수레진두손 (의지재료)","Z01",456,null,43161,"최종승인",6166,"김현종",43164,300508,"두손의수","2018-03-02","2018-03-09",1,"EA",90000,1,90000,1,90000,43165,"결제",null,0,null,90000,43165,90000,43165,"상신","결재완료",90000,43220,90000,43220]
[1102,1300007833,10,"물품구매(2017년 연구논문집 제작)",1845600340,"2017년 연구논문집 제작",10,null,"2017년 연구논문집 제작","Z04",456,"서비스",43158,"최종승인",26292,"오혜정",43159,316824,"디자인 나무","2018-02-27","2018-03-30",1,"AU",3376000,1,3376000,1,3376000,43165,"결제",null,0,null,3376000,43165,3376000,43165,"상신","결재완료",3376000,43182,3376000,43182]
[1102,1000048461,40,"물품구매(래더락 등 3건/법인카드)",1845600377,"맞춤형근골격/래더락 등 4종",40,"Z20050524","맞춤형근골격(연구재료)","Z01",456,null,43182,"최종승인",27607,"이종원",43165,516570269,"연구-0269(맞춤형근골격)","2018-03-05","2018-03-30",1,"EA",50000,1,50000,1,50000,43164,"결제",null,0,null,50000,43164,50000,43164,"상신","결재완료",0,null,50000,43185]
[1102,1000048226,10,"물품구매(5CH_BD65496MU3_REV1.0 1건)",1845600338,"스마트소켓/5초 bd65496mu3rev1.0",10,"Z20050607","스마트소켓(연구재료)","Z01",456,null,43157,"최종승인",6138,"박세훈",43158,303359,"주식회사 디엘테크","2018-02-20","2018-02-28",6,"EA",737000,1,4422000,6,4422000,43159,"결제",null,0,null,4422000,43159,4422000,43159,"상신","결재완료",0,null,4422000,43171]
[1102,1000048176,10,"물품구매(상지의지-황*수 등 7명/천*민)",1845600307,"의지상지 미관형의수 등 2종/황*수 등 7명",10,"Z20010367","의지상지-미관형의수실리콘두손 (의지재료)","Z01",456,null,43154,"최종승인",27784,"천성민",43157,300508,"두손의수","2018-02-23","2018-03-02",5,"EA",213099,1,1065495,5,1065495,43158,"결제",null,0,null,1065495,43158,1065495,43158,"상신","결재완료",1065495,43189,1065495,43189]
[1102,1000048251,60,"물품구매(의지재료/천*민)",1845600339,"소모품 등 15종",60,"Z20010217","소모품-실리콘유리용(급속형) (의지재료)","Z01",456,null,43157,"최종승인",27784,"천성민",43159,301148,"신성메디칼","2018-02-26","2018-03-05",25,"EA",3000,1,75000,25,75000,43158,"결제",null,0,null,75000,43158,75000,43158,"상신","결재완료",75000,43189,75000,43189]
[1102,1000048101,10,"물품 구매(의지 상지-이*상/신*현)",1845600286,"의지상지 미관형의수/이*상",10,"Z20010368","의지상지-미관형의수실리콘리갈(외산) (의지재료)","Z01",456,null,43151,"최종승인",6158,"신무현",43152,301263,"성림교역","2018-02-20","2018-02-27",1,"EA",230000,1,230000,1,230000,43157,"결제",null,0,null,230000,43157,230000,43157,"상신","결재완료",230000,43189,230000,43189]
[1102,1000047768,30,"물품구매(G2/C7급 볼나사 등 3건/세금계산서)",1845600181,"맞춤형근골격/g2 c7급 볼나사 등 3종",30,"Z20050524","맞춤형근골격(연구재료)","Z01",456,null,43147,"최종승인",27607,"이종원",43133,303488,"삼익THK(주)인천영업소","2018-02-02","2018-02-23",2,"EA",12100,1,24200,2,24200,43154,"결제",null,0,null,24200,43154,24200,43154,"상신","결재완료",0,null,24200,43171]
[1102,1000048174,10,"물품구매(회전장식)",1845600298,"의지하지 무플회전장식",10,"Z20010461","의지하지-무릎회전장식Bk(국산) (의지재료)","Z01",456,null,43154,"최종승인",9144,"정창희",43154,302514,"비케이메디텍","2018-02-22","2018-03-02",5,"EA",177670,1,888350,5,888350,43154,"결제",null,0,null,888350,43154,888350,43154,"상신","결재완료",888350,43189,888350,43189]
[1102,1000048278,30,"물품구매(렌치볼트 등 6건/ 법인카드)",1845600347,"스마트어시스트/렌치볼트 등 6종",30,"Z20050649","스마트어시스트(연구재료)","Z01",456,null,43158,"최종승인",6879,"김용철",43161,516589379,"스마트어시스트-9379","2018-02-23","2018-03-06",1,"EA",16500,1,16500,1,16500,43154,"결제",null,0,null,16500,43154,16500,43154,"상신","결재완료",0,null,16500,43185]
[1102,1000048278,40,"물품구매(렌치볼트 등 6건/ 법인카드)",1845600347,"스마트어시스트/렌치볼트 등 6종",40,"Z20050649","스마트어시스트(연구재료)","Z01",456,null,43158,"최종승인",6879,"김용철",43161,516589379,"스마트어시스트-9379","2018-02-23","2018-03-06",1,"EA",17820,1,17820,1,17820,43154,"결제",null,0,null,17820,43154,17820,43154,"상신","결재완료",0,null,17820,43185]
[1102,1000048160,20,"물품구매(송*선,김*봉,이*형,배*국)전*만",1845600306,"집뇨기유린백 등 2종/송*선/김*봉/이*형/배*국",20,"Z20120332","휠체어수리-타이어산악용일산(24,25in) (의지재료)","Z01",456,null,43154,"최종승인",6160,"전영만",43157,301700,"(주)휠로피아","2018-02-22","2018-03-02",2,"EA",23200,1,46400,2,46400,43153,"결제",null,0,null,46400,43153,46400,43153,"상신","결재완료",46400,43189,46400,43189]
[1102,1100003429,10,"안산서비스센터 캐비넷 구매",1845600123,"안산센터 캐비넛",10,null,"캐비넷","Z02",456,null,43123,"최종승인",27784,"천성민",43126,301528,"조달청(고지서전용)","2018-01-23","2018-02-24",1,"EA",244546,1,244546,1,244546,43153,"결제",null,0,null,244546,43153,244546,43153,"상신","결재완료",244546,43161,244546,43161]
[1102,1000047999,10,"물품구매(직무형인공발/씨에라 등 2종)",1845600270,"자체 시험상용화/하지 프리덤 등 2종",10,"Z20050095","하지-프리덤 씨에라풋 (연구재료)","Z01",456,null,43143,"최종승인",26292,"오혜정",43150,301263,"성림교역","2018-02-12","2018-02-19",1,"EA",1790000,1,1790000,1,1790000,43150,"결제",null,0,null,1790000,43150,1790000,43150,"상신","결재완료",1790000,43168,1790000,43168]
[1102,1300007963,10,"2018년 2월 보건관리대행료",1845800022,"2월 보건대행 수수료 지급",10,null,"2018년 2월 보건관리대행료","Z04",458,null,43172,"최종승인",4729,"김선경",43172,302198,"근로복지공단 인천병원","2018-02-01","2018-02-28",1,"EA",281400,1,281400,1,281400,43145,"결제",null,0,null,281400,43145,281400,43145,"상신","결재완료",281400,43182,281400,43182]
[1102,1000047954,20,"물품구매(박*윤-이*풍/강*선)",1845600248,"휠체어일반형 등 3종/박*윤/이*풍",20,"Z20120306","휠체어수리-측받이분리형미키 (의지재료)","Z01",456,null,43140,"최종승인",26298,"강호선",43143,301882,"미키메디칼","2018-02-09","2018-02-16",2,"EA",13636,1,27272,2,27272,43144,"결제",null,0,null,27272,43144,27272,43144,"상신","결재완료",27272,43189,27272,43189]
[1102,1000047968,10,"물품구매(미관형의수-김*자)",1845600261,"의지상지 미관형의수 등 2종/김*자",10,"Z20010367","의지상지-미관형의수실리콘두손 (의지재료)","Z01",456,null,43143,"최종승인",9144,"정창희",43143,300508,"두손의수","2018-02-12","2018-02-19",4,"EA",213099,1,852396,4,852396,43144,"결제",null,0,null,852396,43144,852396,43144,"상신","결재완료",852396,43189,852396,43189]
[1102,1000047816,10,"물품구매(IPX7수조/세금계산서)",1845600203,"배터리성능평가/ipx7 수조",10,"Z20050606","배터리성능평가(연구재료)","Z01",456,null,43165,"최종승인",6149,"최기원",43138,303269,"에스씨엠테크놀러지","2018-02-06","2018-03-13",1,"EA",2200000,1,2200000,1,2200000,43143,"결제",null,0,null,2200000,43143,2200000,43143,"상신","결재완료",0,null,2200000,43154]
[1102,1000047896,50,"물품구매(의지재료/천*민)",1845600231,"소모품 전기테이프 등 20종",50,"Z20010136","소모품-면장갑(작업용) (의지재료)","Z01",456,null,43139,"최종승인",27784,"천성민",43140,301148,"신성메디칼","2018-02-08","2018-02-15",20,"EA",2000,1,40000,20,40000,43140,"결제",null,0,null,40000,43140,40000,43140,"상신","결재완료",40000,43189,40000,43189]
[1102,1000047909,10,"물품구매(니케이지)",1845600225,"보조기하지 니게이지",10,"Z20010042","보조기하지-니게이지(大,中,小) (의지재료)","Z01",456,null,43139,"최종승인",9144,"정창희",43140,322758,"오르텍주식회사","2018-02-08","2018-02-15",5,"EA",25000,1,125000,5,125000,43140,"결제",null,0,null,125000,43140,125000,43140,"상신","결재완료",125000,43189,125000,43189]
[1102,1000047864,10,"물품구매요구(모조 모델링 베이스/세금계산서)",1845600210,"스마트소켓/mojo modelling bases",10,"Z20050607","스마트소켓(연구재료)","Z01",456,null,43137,"최종승인",26346,"정성윤",43138,316949,"(주)프로토텍","2018-02-06","2018-02-13",1,"EA",118800,1,118800,1,118800,43139,"결제",null,0,null,118800,43139,118800,43139,"상신","결재완료",0,null,118800,43154]
[1102,1500020740,30,"물품구매 (프린터 토너 951XL 등 4건/ 법인카드)",1845600222,"스마트소켓/프린터 토너 등 4종",30,null,"프린터 토너 951XL 파랑","Z06",456,null,43138,"최종승인",27826,"전만기",43139,516506169,"스마트소켓-6169","2018-02-07","2018-02-28",3,"EA",40200,1,120600,3,120600,43138,"결제",null,0,null,120600,43138,120600,43138,"상신","결재완료",0,null,120600,43157]
[1102,1000047575,30,"물품구매(손가락 Ass'y 교환 등 5건/세금계산서)",1845600175,"직무지원/손가락 ass`y 등 5종",30,"Z20050113","직무지원 연구재료 (연구재료)","Z01",456,null,43143,"최종승인",27174,"이희태",43133,302514,"비케이메디텍","2018-01-29","2018-02-19",1,"EA",50000,1,50000,1,50000,43137,"결제",null,0,null,50000,43137,50000,43137,"상신","결재완료",50000,43154,50000,43154]
[1102,1000047771,10,"물품구매(정*동/강*선)",1845600186,"휠체어걱기형/정*동",10,"Z20120055","휠체어꺽기형-미라지7일반형미키 (의지재료)","Z01",456,null,43133,"최종승인",26298,"강호선",43136,301882,"미키메디칼","2018-02-02","2018-02-09",1,"EA",440000,1,440000,1,440000,43137,"결제",null,0,null,440000,43137,440000,43137,"상신","결재완료",440000,43189,440000,43189]
[1102,1000047340,50,"물품구매(ankle upper body-2 등 6건/세금계산서)",1845600093,"스마트인공대체기/ankle upper body 등 6종",50,"Z20050272","스마트인공대체기기(연구재료)","Z01",456,null,43133,"최종승인",26891,"박진국",43123,301754,"무한정밀","2018-01-19","2018-02-09",20,"EA",2750,1,55000,20,55000,43136,"결제",null,0,null,55000,43136,55000,43136,"상신","결재완료",0,null,55000,43154]
[1102,1000047678,20,"물품구매(기타)",1845600173,"소모품 등 3종",20,"Z20120037","소모품-지팡이(2단) (의지재료)","Z01",456,null,43132,"최종승인",26298,"강호선",43133,306977,"(주)대세엠케어 경인지점 (인천)","2018-02-01","2018-02-08",20,"EA",5000,1,100000,20,100000,43132,"결제",null,0,null,100000,43132,100000,43132,"상신","결재완료",100000,43189,100000,43189]
[1102,1000047507,10,"물품구매 매트리스 박*남 /창원센터",1845600138,"욕창예방매트리스/박*남",10,"Z20130002","욕창예방매트리스공기격자형-로호(860x2040x89mm) (의지재료)","Z01",456,null,43126,"최종승인",6166,"김현종",43129,311792,"이레엠케어// 폐쇄-법인변경190101","2018-01-26","2018-02-02",1,"EA",1650000,1,1650000,1,1650000,43130,"결제",null,0,null,1650000,43130,1650000,43130,"상신","결재완료",1650000,43159,1650000,43159]
[1102,1000047512,30,"물품구매 상지하지/창원센터",1845600140,"의지하지 발목장식 등 7종",30,"Z20010143","소모품-백펄론스타키넷(6cm) (의지재료)","Z01",456,null,43126,"최종승인",8445,"차민국",43129,305386,"(주) 오토복코리아헬스케어","2018-01-26","2018-02-02",2,"EA",112000,1,224000,2,224000,43130,"결제",null,0,null,224000,43130,224000,43130,"상신","결재완료",224000,43159,224000,43159]
[1102,1000047495,10,"물품구매(의지재료/천*민)",1845600121,"의지하지 발",10,"Z20010494","의지하지-발Bk(국산) (의지재료)","Z01",456,null,43125,"최종승인",27784,"천성민",43126,302514,"비케이메디텍","2018-01-25","2018-02-01",1,"EA",179850,1,179850,1,179850,43129,"결제",null,0,null,179850,43129,179850,43129,"상신","결재완료",179850,43159,179850,43159]
[1102,1500020616,110,"복사용지등 사무용",1845600161,"복사용지 등 사무용품 13종 구매",110,null,"형광펜","Z06",456,null,43130,"최종승인",4752,"이은아",43131,303191,"인성","2018-01-29","2018-02-02",1,"EA",3272,1,3272,1,3272,43129,"결제",null,0,null,3272,43129,3272,43129,"상신","결재완료",3272,43140,3272,43140]
[1102,1000047510,10,"물품구매(척추보조기 및 의지재료/천*민)",1845600135,"보조기척추 등 2종",10,"Z20010967","보조기척추-OT TLSO 몰딩","Z01",456,null,43126,"최종승인",27784,"천성민",43129,322758,"오르텍주식회사","2018-01-25","2018-02-02",13,"EA",80000,1,1040000,13,1040000,43126,"결제",null,0,null,1040000,43126,1040000,43126,"상신","결재완료",1040000,43159,1040000,43159]
[1102,1500020541,30,"물품구매(컬러프린트토너(검정) 등 4건/세금계산서)",1845600105,"직무지원/컬러프린터 등 4종",30,null,"컬러프린트토너(빨강)","Z06",456,null,43123,"최종승인",27158,"정보라",43124,321731,"주식회사 소명시스템","2018-01-23","2018-01-30",1,"EA",80000,1,80000,1,80000,43125,"결제",null,0,null,80000,43125,80000,43125,"상신","결재완료",80000,43140,80000,43140]
[1102,1000047334,20,"물품구매 수부 /창원센터",1845600083,"의지상지 미관형의수 등 2종",20,"Z20010372","의지상지-미관형의수지실리콘 (의지재료)","Z01",456,null,43119,"최종승인",6166,"김현종",43122,300508,"두손의수","2018-01-19","2018-01-26",1,"EA",51901,1,51901,1,51901,43123,"결제",null,0,null,51901,43123,51901,43123,"상신","결재완료",51901,43159,51901,43159]
[1102,1000047306,10,"물품구매(상지의지-신*균,성*제,최*운/양*호)",1845600079,"의지상지 미관형의수/신*균/성*제/최*윤",10,"Z20010368","의지상지-미관형의수실리콘리갈(외산) (의지재료)","Z01",456,null,43118,"최종승인",27264,"양철호",43119,301263,"성림교역","2018-01-18","2018-01-25",3,"EA",230000,1,690000,3,690000,43122,"결제",null,0,null,690000,43122,690000,43122,"상신","결재완료",690000,43159,690000,43159]
[1102,1000047302,10,"물품구매(집뇨기)",1845600071,"집뇨기유린백",10,"Z20130035","집뇨기유린백-외산1000(외산1000cc) (의지재료)","Z01",456,null,43118,"최종승인",9144,"정창희",43119,301700,"(주)휠로피아","2018-01-18","2018-01-25",10,"EA",54000,1,540000,10,540000,43119,"결제",null,0,null,540000,43119,540000,43119,"상신","결재완료",540000,43159,540000,43159]
[1102,1000047201,60,"물품구매/휠체어(소모품)/이*진/조*문",1845600057,"휠체어수리 등 11종",60,"Z20120390","휠체어수리-튜브일반형미키(22,24in) (의지재료)","Z01",456,null,43116,"최종승인",6164,"조성문",43118,309507,"미키코리아(주)","2018-01-16","2018-01-23",6,"EA",4000,1,24000,6,24000,43118,"결제",null,0,null,24000,43118,24000,43118,"상신","결재완료",24000,43159,24000,43159]
[1102,1000047145,40,"물품구매(상지의지 및 의지재료-조*운,김*철,황*자/천*민)",1845600050,"의지상지 미관형의수 등 4종/조*운/김*철",40,"Z20010613","소모품-국산양말(Thick) (의지재료)","Z01",456,null,43112,"최종승인",27784,"천성민",43115,301263,"성림교역","2018-01-12","2018-01-19",40,"EA",3500,1,140000,40,140000,43117,"결제",null,0,null,140000,43117,140000,43117,"상신","결재완료",140000,43159,140000,43159]
[1102,1000047146,170,"물품구매(의지재료/천*민)",1845600066,"소모품 양면테이프 등 21종",170,"Z20010114","소모품-라이터용가스 (의지재료)","Z01",456,null,43112,"최종승인",27784,"천성민",43118,301148,"신성메디칼","2018-01-12","2018-01-19",10,"EA",1000,1,10000,10,10000,43117,"결제",null,0,null,10000,43117,10000,43117,"상신","결재완료",10000,43159,10000,43159]
[1102,1000047231,30,"물품구매(실리콘-김*환)",1845600055,"의지하지 실리콘싹스 등 5종/김*환",30,"Z20010369","의지상지-미관형의수전자글러브레진(외산) (의지재료)","Z01",456,null,43116,"최종승인",9144,"정창희",43118,305386,"(주) 오토복코리아헬스케어","2018-01-16","2018-01-23",1,"EA",162000,1,162000,1,162000,43117,"결제",null,0,null,162000,43117,162000,43117,"상신","결재완료",162000,43159,162000,43159]
[1102,1000047031,30,"물품구매(신규 인공발 외피 등 3건/세금계산서)",1845600015,"직무지원/신규 인공발 외피 등 3종",30,"Z20050113","직무지원 연구재료 (연구재료)","Z01",456,null,43136,"최종승인",6146,"차국찬",43109,320415,"광성목형","2018-01-08","2018-02-12",40,"EA",22000,1,880000,40,880000,43116,"결제",null,0,null,880000,43116,880000,43116,"상신","결재완료",880000,43125,880000,43125]
[1102,1000047066,70,"물품구매(맞춤형 교정신발-기*수 등 16명/천*민)",1845600026,"보조기구두 등 7종/기*수 등 16명",70,"Z20010610","보조기구두-특수보조화(목이높은구두) (의지재료)","Z01",456,null,43110,"최종승인",27784,"천성민",43112,322794,"편한메디케어(폐업-190120)","2018-01-10","2018-01-17",1,"EA",170000,1,170000,1,170000,43116,"결제",null,0,null,170000,43116,170000,43116,"상신","결재완료",170000,43159,170000,43159]
[1102,1000047132,20,"물품구매 하지상지/창원센터",1845600046,"의지하지 대퇴무릎장식 등 2종",20,"Z20010405","의지상지-전자의수Bk(국산) (의지재료)","Z01",456,null,43112,"최종승인",8445,"차민국",43115,302514,"비케이메디텍","2018-01-12","2018-01-19",1,"EA",2430000,1,2430000,1,2430000,43116,"결제",null,0,null,2430000,43116,2430000,43116,"상신","결재완료",2430000,43159,2430000,43159]
[1102,1000047133,10,"물품구매 상지하지/창원센터",1845600047,"의지하지 실리콘싹스 등 2종",10,"Z20010507","의지하지-실리콘싹스국산(국산) (의지재료)","Z01",456,null,43112,"최종승인",8445,"차민국",43115,303282,"메텍스 [폐업]180206 코스텍으로 변경","2018-01-12","2018-01-19",10,"EA",100000,1,1000000,10,1000000,43116,"결제",null,0,null,1000000,43116,1000000,43116,"상신","결재완료",1000000,43159,1000000,43159]
[1102,1000047133,20,"물품구매 상지하지/창원센터",1845600047,"의지하지 실리콘싹스 등 2종",20,"Z20010864","의지상지-근전전동의수내피(국산)","Z01",456,null,43112,"최종승인",8445,"차민국",43115,303282,"메텍스 [폐업]180206 코스텍으로 변경","2018-01-12","2018-01-19",2,"EA",60000,1,120000,2,120000,43116,"결제",null,0,null,120000,43116,120000,43116,"상신","결재완료",120000,43159,120000,43159]
[1102,1000047134,10,"물품구매 의지하지/창원센터",1845600048,"의지하지 실리콘싹스컴포트",10,"Z20010532","의지하지-실리콘싹스컴포트하퇴용(외산) (의지재료)","Z01",456,null,43112,"최종승인",8445,"차민국",43115,301434,"오서코리아주식회사","2018-01-12","2018-01-19",2,"EA",338000,1,676000,2,676000,43116,"결제",null,0,null,676000,43116,676000,43116,"상신","결재완료",676000,43159,676000,43159]
[1102,1000047141,10,"물품구매 휠체어부품 /창원센터",1845600040,"휠체어수리 등 2종",10,"Z20120367","휠체어수리-타이어활동형미키(24in) (의지재료)","Z01",456,null,43112,"최종승인",6166,"김현종",43115,309507,"미키코리아(주)","2018-01-12","2018-01-19",10,"EA",8000,1,80000,10,80000,43116,"결제",null,0,null,80000,43116,80000,43116,"상신","결재완료",80000,43159,80000,43159]
[1102,1000047141,20,"물품구매 휠체어부품 /창원센터",1845600040,"휠체어수리 등 2종",20,"Z20120267","휠체어수리-앞바퀴조립투명휠(3,4,5in) (의지재료)","Z01",456,null,43112,"최종승인",6166,"김현종",43115,309507,"미키코리아(주)","2018-01-12","2018-01-19",10,"EA",20000,1,200000,10,200000,43116,"결제",null,0,null,200000,43116,200000,43116,"상신","결재완료",200000,43159,200000,43159]
[1102,1000047150,10,"물품구매(임*희)전*만",1845600091,"의지상지 미관형의수/임*희",10,"Z20010367","의지상지-미관형의수실리콘두손 (의지재료)","Z01",456,null,43115,"최종승인",6160,"전영만",43123,300508,"두손의수","2018-01-12","2018-01-22",1,"EA",213099,1,213099,1,213099,43116,"결제",null,0,null,213099,43116,213099,43116,"상신","결재완료",213099,43159,213099,43159]
[1102,1000047176,10,"물품구매(미관형 의수)",1845600068,"자체 시험상용화/미관형의수",10,"Z20050118","미관형 의수-고강도 실리콘 (연구재료)","Z01",456,null,43115,"최종승인",26292,"오혜정",43118,300508,"두손의수","2018-01-15","2018-01-22",10,"EA",213099,1,2130990,10,2130990,43116,"결제",null,0,null,2130990,43116,2130990,43116,"상신","결재완료",2130990,43125,2130990,43125]
[1102,1000047197,10,"물품구매(미관형의수-산*)",1845600053,"의지상지 미관형의수/산*",10,"Z20010367","의지상지-미관형의수실리콘두손 (의지재료)","Z01",456,null,43116,"최종승인",9144,"정창희",43118,300508,"두손의수","2018-01-15","2018-01-23",5,"EA",213099,1,1065495,5,1065495,43116,"결제",null,0,null,1065495,43116,1065495,43116,"상신","결재완료",1065495,43159,1065495,43159]
[1102,1000047494,10,"물품구매(상지의지-홍*화 등 34명/천*민)",1845600163,"의지상지 미관형의수 등 3종/황*화",10,"Z20010367","의지상지-미관형의수실리콘두손 (의지재료)","Z01",456,null,43125,"최종승인",27784,"천성민",43131,300508,"두손의수","2018-01-15","2018-01-25",26,"EA",213099,1,5540574,26,5540574,43116,"결제",null,0,null,5540574,43116,5540574,43116,"상신","결재완료",5540574,43159,5540574,43159]
[1102,1000047494,20,"물품구매(상지의지-홍*화 등 34명/천*민)",1845600163,"의지상지 미관형의수 등 3종/황*화",20,"Z20010372","의지상지-미관형의수지실리콘 (의지재료)","Z01",456,null,43125,"최종승인",27784,"천성민",43131,300508,"두손의수","2018-01-15","2018-01-25",8,"EA",51901,1,415208,8,415208,43116,"결제",null,0,null,415208,43116,415208,43116,"상신","결재완료",415208,43159,415208,43159]
[1102,1000047494,30,"물품구매(상지의지-홍*화 등 34명/천*민)",1845600163,"의지상지 미관형의수 등 3종/황*화",30,"Z20010838","의지하지-미관형족지레진(두손)","Z01",456,null,43125,"최종승인",27784,"천성민",43131,300508,"두손의수","2018-01-15","2018-01-25",3,"EA",90000,1,270000,3,270000,43116,"결제",null,0,null,270000,43116,270000,43116,"상신","결재완료",270000,43159,270000,43159]
[1102,1000046976,10,"물품 구매(의지 하지-박*근/신*현)",1845600005,"의지하지 실리콘싹스/박*근",10,"Z20010546","의지하지-실리콘싹스X5씰린대퇴용(미국산) (의지재료)","Z01",456,null,43108,"최종승인",6158,"신무현",43108,301434,"오서코리아주식회사","2018-01-08","2018-01-15",1,"EA",600000,1,600000,1,600000,43115,"결제",null,0,null,600000,43115,600000,43115,"상신","결재완료",600000,43159,600000,43159]
[1102,1000047002,10,"물품구매(하지의지-유*춘, 황*홍/양*호)",1845600001,"의지하지 실리콘싹스 / 유*춘/황*홍",10,"Z20010532","의지하지-실리콘싹스컴포트하퇴용(외산) (의지재료)","Z01",456,null,43108,"최종승인",27264,"양철호",43108,301434,"오서코리아주식회사","2018-01-08","2018-01-15",2,"EA",338000,1,676000,2,676000,43115,"결제",null,0,null,676000,43115,676000,43115,"상신","결재완료",676000,43159,676000,43159]
[1102,1000047003,10,"물품구매(하지의지-최*우/양*호)",1845600002,"의지하지 실리콘싹스/최*우",10,"Z20010508","의지하지-실리콘싹스대퇴용(대퇴용) (의지재료)","Z01",456,null,43108,"최종승인",27264,"양철호",43108,305386,"(주) 오토복코리아헬스케어","2018-01-08","2018-01-15",1,"EA",399000,1,399000,1,399000,43115,"결제",null,0,null,399000,43115,399000,43115,"상신","결재완료",399000,43159,399000,43159]
[1102,1000047004,10,"물품구매(안*일 외 3명/양*호)",1845600003,"의지상지 미관형의수 등 2종/안*일 등",10,"Z20010368","의지상지-미관형의수실리콘리갈(외산) (의지재료)","Z01",456,null,43108,"최종승인",27264,"양철호",43108,301263,"성림교역","2018-01-08","2018-01-15",3,"EA",230000,1,690000,3,690000,43115,"결제",null,0,null,690000,43115,690000,43115,"상신","결재완료",690000,43159,690000,43159]
[1102,1000047004,20,"물품구매(안*일 외 3명/양*호)",1845600003,"의지상지 미관형의수 등 2종/안*일 등",20,"Z20010424","의지하지-단축발알미늄세트(중국산) (의지재료)","Z01",456,null,43108,"최종승인",27264,"양철호",43108,301263,"성림교역","2018-01-08","2018-01-15",1,"EA",162000,1,162000,1,162000,43115,"결제",null,0,null,162000,43115,162000,43115,"상신","결재완료",162000,43159,162000,43159]
[1102,1000047088,10,"물품구매(패럴린코팅)",1845600033,"직무지원/패럴린 코팅",10,"Z20050113","직무지원 연구재료 (연구재료)","Z01",456,null,43111,"최종승인",26292,"오혜정",43112,303282,"메텍스 [폐업]180206 코스텍으로 변경","2018-01-11","2018-01-18",15,"EA",30000,1,450000,15,450000,43115,"결제",null,0,null,450000,43115,450000,43115,"상신","결재완료",450000,43125,450000,43125]
[1102,1000047164,10,"물품구매(양*철)전*만",1845600144,"휠체어침대형/양*철",10,"Z20120515","휠체어침대형-P1003 (의지재료)","Z01",456,null,43115,"최종승인",6160,"전영만",43129,306977,"(주)대세엠케어 경인지점 (인천)","2018-01-15","2018-01-22",1,"EA",320000,1,320000,1,320000,43115,"결제",null,0,null,320000,43115,320000,43115,"상신","결재완료",320000,43159,320000,43159]
[1102,1000047028,10,"물품구매(의지하지-김*훈/김*선)",1845600018,"의지하지 실리콘싹스/김*훈",10,"Z20010508","의지하지-실리콘싹스대퇴용(대퇴용) (의지재료)","Z01",456,null,43109,"최종승인",6675,"김훈선",43110,305386,"(주) 오토복코리아헬스케어","2018-01-09","2018-01-16",1,"EA",399000,1,399000,1,399000,43112,"결제",null,0,null,399000,43112,399000,43112,"상신","결재완료",399000,43159,399000,43159]
[1102,1000047029,10,"물품구매(의지하지-김*규/김*선)",1845600017,"의지하지 실리콘싹스 등 2종/김*규",10,"Z20010546","의지하지-실리콘싹스X5씰린대퇴용(미국산) (의지재료)","Z01",456,null,43109,"최종승인",6675,"김훈선",43110,301434,"오서코리아주식회사","2018-01-09","2018-01-16",1,"EA",600000,1,600000,1,600000,43112,"결제",null,0,null,600000,43112,600000,43112,"상신","결재완료",600000,43159,600000,43159]
[1102,1000047029,20,"물품구매(의지하지-김*규/김*선)",1845600017,"의지하지 실리콘싹스 등 2종/김*규",20,"Z20010570","의지하지-흡입밸브실린라이너대퇴용(미국산) (의지재료)","Z01",456,null,43109,"최종승인",6675,"김훈선",43110,301434,"오서코리아주식회사","2018-01-09","2018-01-16",1,"EA",95000,1,95000,1,95000,43112,"결제",null,0,null,95000,43112,95000,43112,"상신","결재완료",95000,43159,95000,43159]
[1102,1000047043,10,"물품구매(의지하지-이*엽/김*선)",1845600021,"의지하지 실리콘싹스/이*엽",10,"Z20010533","의지하지-실리콘싹스코니칼+스텐다드대퇴용(미국산) (의지재료)","Z01",456,null,43109,"최종승인",6675,"김훈선",43110,301434,"오서코리아주식회사","2018-01-09","2018-01-16",1,"EA",500000,1,500000,1,500000,43112,"결제",null,0,null,500000,43112,500000,43112,"상신","결재완료",500000,43159,500000,43159]
[1102,1000047044,10,"물품구매(의지하지-권*욱/김*선)",1845600020,"의지하지 회전조절오목소켓/권*욱",10,"Z20010568","의지하지-회전조절오목소켓아답타 (의지재료)","Z01",456,null,43109,"최종승인",6675,"김훈선",43110,301263,"성림교역","2018-01-09","2018-01-16",1,"EA",102000,1,102000,1,102000,43112,"결제",null,0,null,102000,43112,102000,43112,"상신","결재완료",102000,43159,102000,43159]
[1102,1000047074,10,"물품구매(욕창예방방석/로호/이*환/의지재료)",1845600028,"욕창예방방석 등 2종/이*환",10,"Z20130023","욕창예방방석공기격자형-로호 (의지재료)","Z01",456,null,43111,"최종승인",26292,"오혜정",43112,305386,"(주) 오토복코리아헬스케어","2018-01-11","2018-01-18",4,"EA",370000,1,1480000,4,1480000,43112,"결제",null,0,null,1480000,43112,1480000,43112,"상신","결재완료",1480000,43159,1480000,43159]
[1102,1000047074,20,"물품구매(욕창예방방석/로호/이*환/의지재료)",1845600028,"욕창예방방석 등 2종/이*환",20,"Z20130002","욕창예방매트리스공기격자형-로호(860x2040x89mm) (의지재료)","Z01",456,null,43111,"최종승인",26292,"오혜정",43112,305386,"(주) 오토복코리아헬스케어","2018-01-11","2018-01-18",4,"EA",1650000,1,6600000,4,6600000,43112,"결제",null,0,null,6600000,43112,6600000,43112,"상신","결재완료",6600000,43159,6600000,43159]
[1102,1000047075,10,"물품구매(욕창예방매트리스/MD300/임*준/의지재료)",1845600029,"욕창예방매트리스등 2종/임*준",10,"Z20130015","욕창예방매트리스교대부양형-Md300(800x1800x100mm) (의지재","Z01",456,null,43111,"최종승인",26292,"오혜정",43112,301766,"은혜메디칼","2018-01-11","2018-01-18",3,"EA",380000,1,1140000,3,1140000,43112,"결제",null,0,null,1140000,43112,1140000,43112,"상신","결재완료",1140000,43159,1140000,43159]
[1102,1000047075,20,"물품구매(욕창예방매트리스/MD300/임*준/의지재료)",1845600029,"욕창예방매트리스등 2종/임*준",20,"Z20130014","욕창예방매트리스교대부양형-Md200(800x1800x50mm) (의지재료","Z01",456,null,43111,"최종승인",26292,"오혜정",43112,301766,"은혜메디칼","2018-01-11","2018-01-18",1,"EA",120000,1,120000,1,120000,43112,"결제",null,0,null,120000,43112,120000,43112,"상신","결재완료",120000,43159,120000,43159]
[1102,1000047079,10,"물품구매(집뇨기/1000cc/의지재료)",1845600030,"집뇨기유린백",10,"Z20130035","집뇨기유린백-외산1000(외산1000cc) (의지재료)","Z01",456,null,43111,"최종승인",26292,"오혜정",43112,301700,"(주)휠로피아","2018-01-11","2018-01-18",20,"EA",54000,1,1080000,20,1080000,43112,"결제",null,0,null,1080000,43112,1080000,43112,"상신","결재완료",1080000,43159,1080000,43159]
[1102,1000047086,10,"물품구매(욕창예방방석/커트로/허*열/의지재료)",1845600031,"욕창예방방석/허*열",10,"Z20130024","욕창예방방석공기격자형-커트로 (의지재료)","Z01",456,null,43111,"최종승인",26292,"오혜정",43112,319782,"주식회사 티오엠모빌리티 (TOM MOBILITY)-폐쇄","2018-01-11","2018-01-18",2,"EA",370000,1,740000,2,740000,43112,"결제",null,0,null,740000,43112,740000,43112,"상신","결재완료",740000,43159,740000,43159]
[1102,1000047087,10,"물품구매(욕창예방매트리스/YH0302/한*석/의지재료)",1845600032,"욕창예방매트리스/한*석",10,"Z20130020","욕창예방매트리스교대부양형-Yh0302(890x2450mm) (의지재료)","Z01",456,null,43111,"최종승인",26292,"오혜정",43112,301174,"주식회사 영화의료기","2018-01-11","2018-01-18",1,"EA",380000,1,380000,1,380000,43112,"결제",null,0,null,380000,43112,380000,43112,"상신","결재완료",380000,43159,380000,43159]
[1102,1000047090,10,"물품구매(맞춤형 구두)",1845600034,"자체 시험상용화/맞춤형구두",10,"Z20050641","하지-맞춤형 구두(연구재료)","Z01",456,null,43111,"최종승인",26292,"오혜정",43112,322794,"편한메디케어(폐업-190120)","2018-01-11","2018-01-18",1,"EA",120000,1,120000,1,120000,43112,"결제",null,0,null,120000,43112,120000,43112,"상신","결재완료",120000,43125,120000,43125]
[1102,1000047139,10,"물품구매(황*진/강*선)",1845600039,"휠체어침대형/황*진",10,"Z20120619","휠체어침대형-P.7005파트너(대세)","Z01",456,null,43112,"최종승인",26298,"강호선",43115,306977,"(주)대세엠케어 경인지점 (인천)","2018-01-12","2018-01-19",1,"EA",450000,1,450000,1,450000,43112,"결제",null,0,null,450000,43112,450000,43112,"상신","결재완료",450000,43159,450000,43159]
[1102,1000046984,10,"물품구매(하지의지-정*영)/손*호",1845600004,"의지하지 실리콘싹스 등 5종/정*영",10,"Z20010523","의지하지-실리콘싹스알프스Akdt(미국산) (의지재료)","Z01",456,null,43108,"최종승인",6167,"손진호",43108,301263,"성림교역","2018-01-08","2018-01-15",1,"EA",290000,1,290000,1,290000,43111,"결제",null,0,null,290000,43111,290000,43111,"상신","결재완료",290000,43159,290000,43159]
[1102,1000046984,20,"물품구매(하지의지-정*영)/손*호",1845600004,"의지하지 실리콘싹스 등 5종/정*영",20,"Z20010453","의지하지-락장식셔틀락키드하지용(미국하퇴용) (의지재료)","Z01",456,null,43108,"최종승인",6167,"손진호",43108,301263,"성림교역","2018-01-08","2018-01-15",1,"EA",145000,1,145000,1,145000,43111,"결제",null,0,null,145000,43111,145000,43111,"상신","결재완료",145000,43159,145000,43159]
[1102,1000046984,30,"물품구매(하지의지-정*영)/손*호",1845600004,"의지하지 실리콘싹스 등 5종/정*영",30,"Z20010368","의지상지-미관형의수실리콘리갈(외산) (의지재료)","Z01",456,null,43108,"최종승인",6167,"손진호",43108,301263,"성림교역","2018-01-08","2018-01-15",2,"EA",230000,1,460000,2,460000,43111,"결제",null,0,null,460000,43111,460000,43111,"상신","결재완료",460000,43159,460000,43159]
[1102,1000046984,40,"물품구매(하지의지-정*영)/손*호",1845600004,"의지하지 실리콘싹스 등 5종/정*영",40,"Z20010621","의지하지-이지슬리브 (의지재료)","Z01",456,null,43108,"최종승인",6167,"손진호",43108,301263,"성림교역","2018-01-08","2018-01-15",1,"EA",130000,1,130000,1,130000,43111,"결제",null,0,null,130000,43111,130000,43111,"상신","결재완료",130000,43159,130000,43159]
[1102,1000046984,50,"물품구매(하지의지-정*영)/손*호",1845600004,"의지하지 실리콘싹스 등 5종/정*영",50,"Z20010568","의지하지-회전조절오목소켓아답타 (의지재료)","Z01",456,null,43108,"최종승인",6167,"손진호",43108,301263,"성림교역","2018-01-08","2018-01-15",1,"EA",102000,1,102000,1,102000,43111,"결제",null,0,null,102000,43111,102000,43111,"상신","결재완료",102000,43159,102000,43159]
[1102,1000047077,10,"물품구매(양*구/강*선)",1845600023,"휠체어활동형 등 2종/양*구",10,"Z20120610","휠체어-활동형-노바제로-티오엠모빌리티","Z01",456,null,43110,"최종승인",26298,"강호선",43112,319782,"주식회사 티오엠모빌리티 (TOM MOBILITY)-폐쇄","2018-01-10","2018-01-17",1,"EA",720000,1,720000,1,720000,43111,"결제",null,0,null,720000,43111,720000,43111,"상신","결재완료",720000,43159,720000,43159]
[1102,1000047077,20,"물품구매(양*구/강*선)",1845600023,"휠체어활동형 등 2종/양*구",20,"Z20120191","휠체어수리-브레이크스타트 (의지재료)","Z01",456,null,43110,"최종승인",26298,"강호선",43112,319782,"주식회사 티오엠모빌리티 (TOM MOBILITY)-폐쇄","2018-01-10","2018-01-17",2,"EA",14000,1,28000,2,28000,43111,"결제",null,0,null,28000,43111,28000,43111,"상신","결재완료",28000,43159,28000,43159]
[1102,1500020442,10,"문서 출력 및 제본",1845600035,"배터리성능평가/문서출력 및 제본",10,null,"문서 출력 및 제본","Z06",456,null,43111,"최종승인",26292,"오혜정",43112,303376,"대동상사","2018-01-11","2018-01-18",1,"EA",476300,1,476300,1,476300,43111,"결제",null,0,null,476300,43111,476300,43111,"상신","결재완료",0,null,476300,43125]
[1102,1000046989,10,"물품구매(김*원-박*표-임*수/강*선)",1845600007,"휠체어꺽기형/김*원/박*표",10,"Z20010641","휠체어-꺽기형미라지7 드럼브레이크(미키) (의지재료)","Z01",456,null,43108,"최종승인",26298,"강호선",43108,301882,"미키메디칼","2018-01-08","2018-01-15",3,"EA",490000,1,1470000,3,1470000,43110,"결제",null,0,null,1470000,43110,1470000,43110,"상신","결재완료",1470000,43159,1470000,43159]
[1102,1000047041,10,"물품구매(기타)",1845600016,"휠체어수리등 5종",10,"Z20120169","휠체어수리-배터리(55Ah) (의지재료)","Z01",456,null,43109,"최종승인",26298,"강호선",43109,301700,"(주)휠로피아","2018-01-09","2018-01-16",4,"EA",100000,1,400000,4,400000,43110,"결제",null,0,null,400000,43110,400000,43110,"상신","결재완료",400000,43159,400000,43159]
[1102,1000047041,20,"물품구매(기타)",1845600016,"휠체어수리등 5종",20,"Z20120163","휠체어수리-배터리(12V,34Ah) (의지재료)","Z01",456,null,43109,"최종승인",26298,"강호선",43109,301700,"(주)휠로피아","2018-01-09","2018-01-16",2,"EA",65000,1,130000,2,130000,43110,"결제",null,0,null,130000,43110,130000,43110,"상신","결재완료",130000,43159,130000,43159]
[1102,1000047041,30,"물품구매(기타)",1845600016,"휠체어수리등 5종",30,"Z20120335","휠체어수리-타이어스포츠용휠로피아(24in) (의지재료)","Z01",456,null,43109,"최종승인",26298,null,43109,301700,"(주)휠로피아","2018-01-09","2018-01-16",10,"EA",23200,1,232000,10,232000,43110,"결제",null,0,null,232000,43110,232000,43110,"상신","결재완료",232000,43159,232000,43159]
[1102,1000047041,40,"물품구매(기타)",1845600016,"휠체어수리등 5종",40,"Z20120561","타이어-24\"마라톤점검 (퓔로피아) (의지재료)","Z01",456,null,43109,"최종승인",26298,"강호선",43109,301700,"(주)휠로피아","2018-01-09","2018-01-16",10,"EA",32000,1,320000,10,320000,43110,"결제",null,0,null,320000,43110,320000,43110,"상신","결재완료",320000,43159,320000,43159]
[1102,1000047041,50,"물품구매(기타)",1845600016,"휠체어수리등 5종",50,"Z20120222","휠체어수리-스쿠터용튜브10in3.00-4휠로피아(10in) (의지재료)","Z01",456,null,43109,"최종승인",26298,"강호선",43109,301700,"(주)휠로피아","2018-01-09","2018-01-16",4,"EA",6000,1,24000,4,24000,43110,"결제",null,0,null,24000,43110,24000,43110,"상신","결재완료",24000,43159,24000,43159]
[1102,1000047053,10,"물품구매(김*길)전*만",1845600027,"욕창예방방석/김*길",10,"Z20130024","욕창예방방석공기격자형-커트로 (의지재료)","Z01",456,null,43110,"최종승인",6160,"전영만",43112,305386,"(주) 오토복코리아헬스케어","2018-01-10","2018-01-17",1,"EA",370000,1,370000,1,370000,43110,"결제",null,0,null,370000,43110,370000,43110,"상신","결재완료",370000,43159,370000,43159]
[1102,1000046988,10,"물품구매(김*근-고*아-임*수/강*선)",1845600006,"휠체어활동형 등 2종/김*근/고*아/임*수",10,"Z20120610","휠체어-활동형-노바제로-티오엠모빌리티","Z01",456,null,43108,"최종승인",26298,"강호선",43108,319782,"주식회사 티오엠모빌리티 (TOM MOBILITY)-폐쇄","2018-01-08","2018-01-15",3,"EA",720000,1,2160000,3,2160000,43109,"결제",null,0,null,2160000,43109,2160000,43109,"상신","결재완료",2160000,43159,2160000,43159]
[1102,1000046988,20,"물품구매(김*근-고*아-임*수/강*선)",1845600006,"휠체어활동형 등 2종/김*근/고*아/임*수",20,"Z20120611","휠체어수리-팔걸이조립-노바제로용-티오엠보빌리티","Z01",456,null,43108,"최종승인",26298,"강호선",43108,319782,"주식회사 티오엠모빌리티 (TOM MOBILITY)-폐쇄","2018-01-08","2018-01-15",3,"EA",40000,1,120000,3,120000,43109,"결제",null,0,null,120000,43109,120000,43109,"상신","결재완료",120000,43159,120000,43159]
[1102,1000046990,10,"물품구매(윤*식/강*선)",1845600008,"휠체어전동형/윤*식",10,"Z20120559","휠체어전동형 KP31 (휠로피아) (의지재료)","Z01",456,null,43108,"최종승인",26298,"강호선",43108,301700,"(주)휠로피아","2018-01-08","2018-01-15",1,"EA",1860000,1,1860000,1,1860000,43109,"결제",null,0,null,1860000,43109,1860000,43109,"상신","결재완료",1860000,43159,1860000,43159]
[1102,1000047011,10,"물품구매(기타)",1845600009,"휠체어수리 배터리 등 4종",10,"Z20120616","휠체어수리-배터리(12V62AH)","Z01",456,null,43108,"최종승인",26298,"강호선",43108,301700,"(주)휠로피아","2018-01-08","2018-01-15",4,"EA",105000,1,420000,4,420000,43109,"결제",null,0,null,420000,43109,420000,43109,"상신","결재완료",420000,43159,420000,43159]
[1102,1000047011,20,"물품구매(기타)",1845600009,"휠체어수리 배터리 등 4종",20,"Z20120332","휠체어수리-타이어산악용일산(24,25in) (의지재료)","Z01",456,null,43108,"최종승인",26298,"강호선",43108,301700,"(주)휠로피아","2018-01-08","2018-01-15",10,"EA",23200,1,232000,10,232000,43109,"결제",null,0,null,232000,43109,232000,43109,"상신","결재완료",232000,43159,232000,43159]
[1102,1000047011,30,"물품구매(기타)",1845600009,"휠체어수리 배터리 등 4종",30,"Z20120545","휠체어수리-휠체어타이어-전동용 9' 휠로피아 (의지재료)","Z01",456,null,43108,"최종승인",26298,"강호선",43108,301700,"(주)휠로피아","2018-01-08","2018-01-15",4,"EA",8000,1,32000,4,32000,43109,"결제",null,0,null,32000,43109,32000,43109,"상신","결재완료",32000,43159,32000,43159]
[1102,1000047011,40,"물품구매(기타)",1845600009,"휠체어수리 배터리 등 4종",40,"Z20120542","휠체어수리-휠체어튜브-전동용 9' 휠로피아 (의지재료)","Z01",456,null,43108,"최종승인",26298,"강호선",43108,301700,"(주)휠로피아","2018-01-08","2018-01-15",4,"EA",6000,1,24000,4,24000,43109,"결제",null,0,null,24000,43109,24000,43109,"상신","결재완료",24000,43159,24000,43159]
[1102,1000047013,10,"물품구매(최*훈/강*선)",1845600011,"전동휠체어/최*훈",10,"Z20010856","전동휠체어-P30 이지무브","Z01",456,null,43108,"최종승인",26298,"강호선",43108,302366,"주식회사 이지무브","2018-01-08","2018-01-15",1,"EA",2050000,1,2050000,1,2050000,43109,"결제",null,0,null,2050000,43109,2050000,43109,"상신","결재완료",2050000,43159,2050000,43159]
[1102,1000047012,10,"물품구매(최*수/강*선)",1845600010,"휠체어침대형/최*수",10,"Z20120619","휠체어침대형-P.7005파트너(대세)","Z01",456,null,43108,"최종승인",26298,null,43108,306977,"(주)대세엠케어 경인지점 (인천)","2018-01-08","2018-01-15",1,"EA",450000,1,450000,1,450000,43108,"결제",null,0,null,450000,43108,450000,43108,"상신","결재완료",450000,43159,450000,43159]
[1102,1000047016,10,"물품구매(테크니컬하네스/법인카드)",1845600013,"맞춤형근골격/테크니컬하네스",10,"Z20050524","맞춤형근골격(연구재료)","Z01",456,null,43133,"최종승인",27607,"이종원",43109,516570269,"연구-0269(맞춤형근골격)","2018-01-08","2018-02-09",2,"EA",146000,1,292000,2,292000,43108,"결제",null,0,null,292000,43108,292000,43108,"상신","결재완료",0,null,292000,43126]
[1102,1000047017,10,"물품구매(IMU센서모듈/법인카드)",1845600012,"맞춤형근골격/imu센서모듈",10,"Z20050524","맞춤형근골격(연구재료)","Z01",456,null,43133,"최종승인",27607,"이종원",43109,516570269,"연구-0269(맞춤형근골격)","2018-01-08","2018-02-09",3,"EA",159500,1,478500,3,478500,43108,"결제",null,0,null,478500,43108,478500,43108,"상신","결재완료",0,null,478500,43126]
[1102,1000072237,10,null,null,null,0,"Z20050649","로봇용 고정밀 감속기 성능시험기","Z01",456,null,44186,"최종승인",11509,"장대진",null,null,null,null,null,0,"EA",0,0,0,0,0,null,null,null,0,null,0,null,0,null,null,null,0,null,0]
[1102,1000072237,20,null,null,null,0,"Z20050649","지그설계","Z01",456,null,44186,"최종승인",11509,"장대진",null,null,null,null,null,0,"EA",0,0,0,0,0,null,null,null,0,null,0,null,0,null,null,null,0,null,0]
[1102,1000072508,10,null,null,null,0,"Z20010533","의지하지-실리콘싹스코니칼+스텐다드대퇴용(미국산) (의지재료) (의지재료)","Z01",456,null,44172,"미상신(반려)",28716,"손민지",null,null,null,null,null,0,"EA",0,0,0,0,0,null,null,null,0,null,0,null,0,null,null,null,0,null,0]
[1102,1000072687,10,null,null,null,0,"Z20010422","의지하지-단축발발목장식알루미늄포함셋트(독일산) (의지재료) (의지재료)","Z01",456,null,44176,"미상신(반려)",8219,"김수동",null,null,null,null,null,0,"EA",0,0,0,0,0,null,null,null,0,null,0,null,0,null,null,null,0,null,0]
[1102,1000072687,20,null,null,null,0,"Z20010581","의지하지-발트리아스(독일산) (의지재료) (의지재료)","Z01",456,null,44176,"미상신(반려)",8219,"김수동",null,null,null,null,null,0,"EA",0,0,0,0,0,null,null,null,0,null,0,null,0,null,null,null,0,null,0]
[1102,1000072688,10,null,null,null,0,"Z20010532","의지하지-실리콘싹스컴포트하퇴용(외산) (의지재료) (의지재료)","Z01",456,null,44176,"미상신(반려)",8219,"김수동",null,null,null,null,null,0,"EA",0,0,0,0,0,null,null,null,0,null,0,null,0,null,null,null,0,null,0]
[1102,1000072688,20,null,null,null,0,"Z20010546","의지하지-실리콘싹스X5씰린대퇴용(미국산) (의지재료) (의지재료)","Z01",456,null,44176,"미상신(반려)",8219,"김수동",null,null,null,null,null,0,"EA",0,0,0,0,0,null,null,null,0,null,0,null,0,null,null,null,0,null,0]
[1102,1000072688,30,null,null,null,0,"Z20010570","의지하지-흡입밸브실린라이너대퇴용(미국산) (의지재료) (의지재료)","Z01",456,null,44176,"미상신(반려)",8219,"김수동",null,null,null,null,null,0,"EA",0,0,0,0,0,null,null,null,0,null,0,null,0,null,null,null,0,null,0]
[1102,1000072688,40,null,null,null,0,"Z20011294","의지하지-풋커버신형","Z01",456,null,44176,"미상신(반려)",8219,"김수동",null,null,null,null,null,0,"EA",0,0,0,0,0,null,null,null,0,null,0,null,0,null,null,null,0,null,0]
[1102,1000072689,10,null,null,null,0,"Z20010368","의지상지-미관형의수실리콘리갈(외산) (의지재료) (의지재료)","Z01",456,null,44179,"미상신(반려)",11764,"조혜정",null,null,null,null,null,0,"EA",0,0,0,0,0,null,null,null,0,null,0,null,0,null,null,null,0,null,0]
[1102,1000072754,10,null,null,null,0,"Z20050765","헬스케어(연구재료)","Z01",456,null,44181,"최종승인",27685,"황석진",null,null,null,null,null,0,"EA",0,0,0,0,0,null,null,null,0,null,0,null,0,null,null,null,0,null,0]
[1102,1000072754,20,null,null,null,0,"Z20050765","헬스케어(연구재료)","Z01",456,null,44181,"최종승인",27685,"황석진",null,null,null,null,null,0,"EA",0,0,0,0,0,null,null,null,0,null,0,null,0,null,null,null,0,null,0]
[1102,1000072789,10,null,null,null,0,"Z20050807","외골격로봇(연구재료)","Z01",456,null,44188,"상신",27520,"최혁재",null,null,null,null,null,0,"EA",0,0,0,0,0,null,null,null,0,null,0,null,0,null,null,null,0,null,0]
[1102,1200002139,10,"방수.방풍 및 철거 보수공사",2045700001,"방수 방품 철거 보수공사",10,null,"방수.방풍 철거보수공사","Z03",457,null,44179,"최종승인",28101,"김형국",44180,324726,"예향건설 주식회사","2020-12-14","2020-12-31",1,"식",4700000,1,4700000,0,0,null,null,null,0,null,0,null,0,null,null,null,0,null,0]
[1102,1300013178,10,null,null,null,0,null,"연구실 정밀안전진단 비용","Z04",456,null,44159,"최종승인",9294,"최종문",null,null,null,null,null,0,"AU",0,0,0,0,0,null,null,null,0,null,0,null,0,null,null,null,0,null,0]
[1102,1300013398,10,null,null,null,0,null,"로봇용 고정밀 감속기 성능 시험기","Z04",456,null,44183,"최종승인",11509,"장대진",null,null,null,null,null,0,"AU",0,0,0,0,0,null,null,null,0,null,0,null,0,null,null,null,0,null,0]
[1102,1300013398,20,null,null,null,0,null,"지그 설계","Z04",456,null,44183,"최종승인",11509,"장대진",null,null,null,null,null,0,"AU",0,0,0,0,0,null,null,null,0,null,0,null,0,null,null,null,0,null,0]
[1102,1500032731,10,null,null,null,0,"Z20050765","헬스케어(연구재료)","Z06",456,null,43979,"최종승인",27353,"강정선",null,null,null,null,null,0,"EA",0,0,0,0,0,null,null,null,0,null,0,null,0,null,null,null,0,null,0]
[1102,1500035966,10,"청소용품 구매",2045602065,"염화칼슘 등 3종",10,null,"트리오/1Kg*12","Z06",456,null,44180,"최종승인",null,null,44182,313863,"주식회사 꿈이있는일터","2020-12-15","2020-12-18",1,"BOX",21000,1,21000,0,0,null,null,null,0,null,0,null,0,null,null,null,0,null,0]
[1102,1500035966,20,"청소용품 구매",2045602065,"염화칼슘 등 3종",20,null,"박리제/K-1","Z06",456,null,44180,"최종승인",null,null,44182,313863,"주식회사 꿈이있는일터","2020-12-15","2020-12-18",3,"말",23000,1,69000,0,0,null,null,null,0,null,0,null,0,null,null,null,0,null,0]
[1102,1500035966,30,"청소용품 구매",2045602065,"염화칼슘 등 3종",30,null,"염화칼슘 94% 20Kg","Z06",456,null,44180,"최종승인",null,null,44182,313863,"주식회사 꿈이있는일터","2020-12-15","2020-12-18",6,"포",17000,1,102000,0,0,null,null,null,0,null,0,null,0,null,null,null,0,null,0]
[1102,1000061744,10,null,null,null,0,"Z20010372","의지상지-미관형의수지실리콘 (의지재료) (의지재료)","Z01",456,null,43714,"최종승인",6166,"김현종",null,null,null,null,null,0,"EA",0,0,0,0,0,null,null,null,0,null,0,null,0,null,null,null,0,null,0]
[1102,1000061749,10,null,null,null,0,"Z20010471","의지하지-발목장식오토복단축식알루미늄(독일산) (의지재료) (의지재료)","Z01",456,null,43714,"최종승인",8445,"차민국",null,null,null,null,null,0,"EA",0,0,0,0,0,null,null,null,0,null,0,null,0,null,null,null,0,null,0]
[1102,1000061749,20,null,null,null,0,"Z20010943","의지하지-실리콘 젤 라이너(6Y70)(독일산) (의지재료)","Z01",456,null,43714,"최종승인",8445,"차민국",null,null,null,null,null,0,"EA",0,0,0,0,0,null,null,null,0,null,0,null,0,null,null,null,0,null,0]
[1102,1000061749,30,null,null,null,0,"Z20010545","의지하지-실리콘싹스향균젤라이너하퇴용(독일산) (의지재료) (의지재료)","Z01",456,null,43714,"최종승인",8445,"차민국",null,null,null,null,null,0,"EA",0,0,0,0,0,null,null,null,0,null,0,null,0,null,null,null,0,null,0]
[1102,1300009752,10,null,null,null,0,null,"4층 연구원실 복합기 임차 및 유지보수","Z04",458,null,43516,"미상신(반려)",null,null,null,null,null,null,null,0,"AU",0,0,0,0,0,null,null,null,0,null,0,null,0,null,null,null,0,null,0]
[1102,1500026133,10,null,null,null,0,null,"팩스(L174)용 토너","Z06",456,null,43497,"미상신(반려)",4732,"이경진",null,null,null,null,null,0,"EA",0,0,0,0,0,null,null,null,0,null,0,null,0,null,null,null,0,null,0]
[1102,1500028286,10,null,null,null,0,null,"전기용품 도어체크외 16종","Z06",456,null,43658,"미상신(반려)",28101,"김형국",null,null,null,null,null,0,"식",0,0,0,0,0,null,null,null,0,null,0,null,0,null,null,null,0,null,0]
[1102,1500028731,10,"홍보용 물품(블루투스 이어폰) 구매",1945601565,"홍보용물품 블루투스 이어폰",10,null,"홍보용 물품(블루투스 이어폰) 구매","Z06",456,null,43690,"최종승인",4411,"이영경",43691,325915,"주식회사 빅트레이더스","2019-08-13","2019-08-26",100,"EA",24300,1,2430000,0,0,null,null,null,0,null,0,null,0,null,null,null,0,null,0]
[1102,1500029565,10,null,null,null,0,null,"무릎보호대","Z06",456,null,43754,"최종승인",27520,"최혁재",null,null,null,null,null,0,"EA",0,0,0,0,0,null,null,null,0,null,0,null,0,null,null,null,0,null,0]
[1102,1500029566,10,null,null,null,0,null,"모래주머니","Z06",456,null,43754,"최종승인",27520,"최혁재",null,null,null,null,null,0,"SET",0,0,0,0,0,null,null,null,0,null,0,null,0,null,null,null,0,null,0]
[1102,1500029566,20,null,null,null,0,null,"무릎쿠션보호대","Z06",456,null,43754,"최종승인",27520,"최혁재",null,null,null,null,null,0,"SET",0,0,0,0,0,null,null,null,0,null,0,null,0,null,null,null,0,null,0]
[1102,1500029566,30,null,null,null,0,null,"욕창방지매트","Z06",456,null,43754,"최종승인",27520,"최혁재",null,null,null,null,null,0,"SET",0,0,0,0,0,null,null,null,0,null,0,null,0,null,null,null,0,null,0]
[1102,1500029567,10,null,null,null,0,null,"체간부지지 버클","Z06",456,null,43754,"최종승인",27520,"최혁재",null,null,null,null,null,0,"SET",0,0,0,0,0,null,null,null,0,null,0,null,0,null,null,null,0,null,0]
[1102,1500029567,20,null,null,null,0,null,"체간부지지 버클 조리개","Z06",456,null,43754,"최종승인",27520,"최혁재",null,null,null,null,null,0,"SET",0,0,0,0,0,null,null,null,0,null,0,null,0,null,null,null,0,null,0]
[1102,1500029567,30,null,null,null,0,null,"체간부지지 알루이늄 버클","Z06",456,null,43754,"최종승인",27520,"최혁재",null,null,null,null,null,0,"SET",0,0,0,0,0,null,null,null,0,null,0,null,0,null,null,null,0,null,0]
[1102,1500029567,40,null,null,null,0,null,"체간부지지 버클 조리개","Z06",456,null,43754,"최종승인",27520,"최혁재",null,null,null,null,null,0,"SET",0,0,0,0,0,null,null,null,0,null,0,null,0,null,null,null,0,null,0]
[1102,1500030386,10,null,null,null,0,null,"사무용책상_연구원","Z06",456,null,43811,"최종승인",null,null,null,null,null,null,null,0,"개",0,0,0,0,0,null,null,null,0,null,0,null,0,null,null,null,0,null,0]
[1102,1500030404,10,null,null,null,0,null,"캐비닛_연구원실_신규연구원","Z06",456,null,43811,"최종승인",null,null,null,null,null,null,null,0,"개",0,0,0,0,0,null,null,null,0,null,0,null,0,null,null,null,0,null,0]
[1102,1000049087,10,null,null,null,0,"Z20010367","의지상지-미관형의수실리콘두손 (의지재료)","Z01",456,null,43189,"최종승인",6166,"김현종",null,null,null,null,null,0,"EA",0,0,0,0,0,null,null,null,0,null,0,null,0,null,null,null,0,null,0]
[1102,1000049087,20,null,null,null,0,"Z20010372","의지상지-미관형의수지실리콘 (의지재료)","Z01",456,null,43189,"최종승인",6166,"김현종",null,null,null,null,null,0,"EA",0,0,0,0,0,null,null,null,0,null,0,null,0,null,null,null,0,null,0]
[1102,1000049088,10,null,null,null,0,"Z20120056","휠체어꺽기형-미라지7핸드림스텐미키 (의지재료)","Z01",456,null,43189,"최종승인",6166,"김현종",null,null,null,null,null,0,"EA",0,0,0,0,0,null,null,null,0,null,0,null,0,null,null,null,0,null,0]
[1102,1000049089,10,null,null,null,0,"Z20010542","의지하지-실리콘싹스향균라이너대퇴용(독일산) (의지재료)","Z01",456,null,43189,"최종승인",6166,"김현종",null,null,null,null,null,0,"EA",0,0,0,0,0,null,null,null,0,null,0,null,0,null,null,null,0,null,0]
[1102,1000049090,10,null,null,null,0,"Z20010507","의지하지-실리콘싹스국산(국산) (의지재료)","Z01",456,null,43189,"최종승인",6166,"김현종",null,null,null,null,null,0,"EA",0,0,0,0,0,null,null,null,0,null,0,null,0,null,null,null,0,null,0]
[1102,1000049091,10,null,null,null,0,"Z20010368","의지상지-미관형의수실리콘리갈(외산) (의지재료)","Z01",456,null,43189,"최종승인",6166,"김현종",null,null,null,null,null,0,"EA",0,0,0,0,0,null,null,null,0,null,0,null,0,null,null,null,0,null,0]
[1102,1000049093,10,null,null,null,0,"Z20010610","보조기구두-특수보조화(목이높은구두) (의지재료)","Z01",456,null,43189,"최종승인",6166,"김현종",null,null,null,null,null,0,"EA",0,0,0,0,0,null,null,null,0,null,0,null,0,null,null,null,0,null,0]
[1102,1000049094,10,null,null,null,0,"Z20010900","의지상지-전자의수완관절용BK(국산)","Z01",456,null,43189,"최종승인",6166,"김현종",null,null,null,null,null,0,"EA",0,0,0,0,0,null,null,null,0,null,0,null,0,null,null,null,0,null,0]
[1102,1000049560,10,null,null,null,0,"Z20050113","직무지원 연구재료 (연구재료)","Z01",456,null,43187,"미상신(반려)",6140,"강성재",null,null,null,null,null,0,"EA",0,0,0,0,0,null,null,null,0,null,0,null,0,null,null,null,0,null,0]
[1102,1000050228,30,null,null,null,0,"Z20010339","소모품-P.P외산(3x120x240) (의지재료) (의지재료)","Z01",456,null,43236,"최종승인",26461,"조혜정",null,null,null,null,null,0,"EA",0,0,0,0,0,null,null,null,0,null,0,null,0,null,null,null,0,null,0]
[1102,1000050228,40,null,null,null,0,"Z20010340","소모품-P.P외산(4x100x200) (의지재료) (의지재료)","Z01",456,null,43236,"최종승인",26461,"조혜정",null,null,null,null,null,0,"EA",0,0,0,0,0,null,null,null,0,null,0,null,0,null,null,null,0,null,0]
[1102,1000052109,10,null,null,null,0,"Z20130029","욕창예방방석공기격자형-Smdub0003(8x9x5) (의지재료) (의지재","Z01",456,null,43313,"최종승인",6166,"김현종",null,null,null,null,null,0,"EA",0,0,0,0,0,null,null,null,0,null,0,null,0,null,null,null,0,null,0]
[1102,1000052131,20,null,null,null,0,"Z20010565","소모품-하퇴용스탐프싹스국산 (의지재료) (의지재료)","Z01",456,null,43313,"최종승인",26461,"조혜정",null,null,null,null,null,0,"EA",0,0,0,0,0,null,null,null,0,null,0,null,0,null,null,null,0,null,0]
[1102,1000052252,10,null,null,null,0,"Z20050607","스마트소켓(연구재료) (연구재료)","Z01",456,null,43403,"미상신(반려)",28006,"오용식",null,null,null,null,null,0,"EA",0,0,0,0,0,null,null,null,0,null,0,null,0,null,null,null,0,null,0]
[1102,1000052295,10,null,null,null,0,"Z20050686","골유착임플란트(연구재료)","Z01",456,null,43336,"최종승인",6138,"박세훈",null,null,null,null,null,0,"EA",0,0,0,0,0,null,null,null,0,null,0,null,0,null,null,null,0,null,0]
[1102,1000052304,10,null,null,null,0,"Z20050607","스마트소켓(연구재료) (연구재료)","Z01",456,null,43383,"최종승인",28006,"오용식",null,null,null,null,null,0,"EA",0,0,0,0,0,null,null,null,0,null,0,null,0,null,null,null,0,null,0]
[1102,1000052304,20,null,null,null,0,"Z20050607","스마트소켓(연구재료) (연구재료)","Z01",456,null,43383,"최종승인",28006,"오용식",null,null,null,null,null,0,"EA",0,0,0,0,0,null,null,null,0,null,0,null,0,null,null,null,0,null,0]
[1102,1000052304,30,null,null,null,0,"Z20050607","스마트소켓(연구재료) (연구재료)","Z01",456,null,43383,"최종승인",28006,"오용식",null,null,null,null,null,0,"EA",0,0,0,0,0,null,null,null,0,null,0,null,0,null,null,null,0,null,0]
[1102,1000052304,40,null,null,null,0,"Z20050607","스마트소켓(연구재료) (연구재료)","Z01",456,null,43383,"최종승인",28006,"오용식",null,null,null,null,null,0,"EA",0,0,0,0,0,null,null,null,0,null,0,null,0,null,null,null,0,null,0]
[1102,1000053572,10,"물품구매(HTC VIVE 등 2건/세금계산서)",1845601944,"직무지원/htc vive 등 2종",10,"Z20050113","직무지원 연구재료 (연구재료) (연구재료)","Z01",456,null,43399,"최종승인",6898,"고창용",43375,301193,"제이씨현시스템(주)","2018-10-02","2018-11-02",1,"EA",735455,1,735455,0,0,null,null,null,0,null,0,null,0,null,null,null,0,null,0]
[1102,1000053572,20,"물품구매(HTC VIVE 등 2건/세금계산서)",1845601944,"직무지원/htc vive 등 2종",20,"Z20050113","직무지원 연구재료 (연구재료) (연구재료)","Z01",456,null,43399,"최종승인",6898,"고창용",43375,301193,"제이씨현시스템(주)","2018-10-02","2018-11-02",1,"EA",69091,1,69091,0,0,null,null,null,0,null,0,null,0,null,null,null,0,null,0]
[1102,1000053782,10,null,null,null,0,"Z20010367","의지상지-미관형의수실리콘두손 (의지재료) (의지재료)","Z01",456,null,43385,"최종승인",6166,"김현종",null,null,null,null,null,0,"EA",0,0,0,0,0,null,null,null,0,null,0,null,0,null,null,null,0,null,0]
[1102,1000053782,20,null,null,null,0,"Z20010363","의지상지-미관형의수레진두손 (의지재료) (의지재료)","Z01",456,null,43385,"최종승인",6166,"김현종",null,null,null,null,null,0,"EA",0,0,0,0,0,null,null,null,0,null,0,null,0,null,null,null,0,null,0]
[1102,1000054398,10,null,null,null,0,"Z20050686","골유착임플란트(연구재료)","Z01",456,null,43423,"미상신(반려)",6138,"박세훈",null,null,null,null,null,0,"EA",0,0,0,0,0,null,null,null,0,null,0,null,0,null,null,null,0,null,0]
[1102,1000054398,20,null,null,null,0,"Z20050686","골유착임플란트(연구재료)","Z01",456,null,43423,"미상신(반려)",6138,"박세훈",null,null,null,null,null,0,"EA",0,0,0,0,0,null,null,null,0,null,0,null,0,null,null,null,0,null,0]
[1102,1000054443,10,null,null,null,0,"Z20010508","의지하지-실리콘싹스대퇴용(대퇴용) (의지재료) (의지재료)","Z01",456,null,43411,"최종승인",6158,"신무현",null,null,null,null,null,0,"EA",0,0,0,0,0,null,null,null,0,null,0,null,0,null,null,null,0,null,0]
[1102,1000054601,10,null,null,null,0,"Z20010367","의지상지-미관형의수실리콘두손 (의지재료) (의지재료)","Z01",456,null,43419,"최종승인",26461,"조혜정",null,null,null,null,null,0,"EA",0,0,0,0,0,null,null,null,0,null,0,null,0,null,null,null,0,null,0]
[1102,1000054601,20,null,null,null,0,"Z20010363","의지상지-미관형의수레진두손 (의지재료) (의지재료)","Z01",456,null,43419,"최종승인",26461,"조혜정",null,null,null,null,null,0,"EA",0,0,0,0,0,null,null,null,0,null,0,null,0,null,null,null,0,null,0]
[1102,1000054601,30,null,null,null,0,"Z20010360","의지상지-미관형발레진 (의지재료) (의지재료)","Z01",456,null,43419,"최종승인",26461,"조혜정",null,null,null,null,null,0,"EA",0,0,0,0,0,null,null,null,0,null,0,null,0,null,null,null,0,null,0]
[1102,1000054986,10,null,null,null,0,"Z20010532","의지하지-실리콘싹스컴포트하퇴용(외산) (의지재료) (의지재료)","Z01",456,null,43434,"최종승인",8445,"차민국",null,null,null,null,null,0,"EA",0,0,0,0,0,null,null,null,0,null,0,null,0,null,null,null,0,null,0]
[1102,1000054987,10,null,null,null,0,"Z20010507","의지하지-실리콘싹스국산(국산) (의지재료) (의지재료)","Z01",456,null,43434,"최종승인",8445,"차민국",null,null,null,null,null,0,"EA",0,0,0,0,0,null,null,null,0,null,0,null,0,null,null,null,0,null,0]
[1102,1000055137,10,null,null,null,0,"Z20050113","직무지원 연구재료 (연구재료) (연구재료)","Z01",456,null,43448,"최종승인",27961,"홍범기",null,null,null,null,null,0,"EA",0,0,0,0,0,null,null,null,0,null,0,null,0,null,null,null,0,null,0]
[1102,1100004364,10,null,null,null,0,null,"진공펌프","Z02",456,null,43451,"미상신(반려)",6154,"김순종",null,null,null,null,null,0,"EA",0,0,0,0,0,null,null,null,0,null,0,null,0,null,null,null,0,null,0]
[1102,1100004364,20,null,null,null,0,null,"공업용미싱","Z02",456,null,43451,"미상신(반려)",6154,"김순종",null,null,null,null,null,0,"EA",0,0,0,0,0,null,null,null,0,null,0,null,0,null,null,null,0,null,0]
[1102,1100004434,10,null,null,null,0,null,"항온항습기","Z02",456,null,43460,"미상신(반려)",6154,"김순종",null,null,null,null,null,0,"EA",0,0,0,0,0,null,null,null,0,null,0,null,0,null,null,null,0,null,0]
[1102,1300007940,10,null,null,null,0,null,"2018년 1월 보건관리대행료","Z04",458,null,43168,"최종승인",4729,"김선경",null,null,null,null,null,0,"EA",0,0,0,0,0,null,null,null,0,null,0,null,0,null,null,null,0,null,0]
[1102,1300009262,10,null,null,null,0,null,"대구서비스센터 환경개선공사","Z04",458,null,43431,"최종승인",5031,"김찬호",null,null,null,null,null,0,"EA",0,0,0,0,0,null,null,null,0,null,0,null,0,null,null,null,0,null,0]
[1102,1300009287,10,null,null,null,0,null,"인공지능기반 디지털 소켓제작 SW개발 연구용역","Z04",456,null,43434,"미상신(반려)",6145,"조현석",null,null,null,null,null,0,"AU",0,0,0,0,0,null,null,null,0,null,0,null,0,null,null,null,0,null,0]
[1102,1500023175,10,null,null,null,0,null,"LED Buib Lamp","Z06",456,null,43307,"미상신(반려)",28101,"김형국",null,null,null,null,null,0,"개",0,0,0,0,0,null,null,null,0,null,0,null,0,null,null,null,0,null,0]
[1102,1500023175,20,null,null,null,0,null,"정욘식 감지기","Z06",456,null,43307,"미상신(반려)",28101,"김형국",null,null,null,null,null,0,"개",0,0,0,0,0,null,null,null,0,null,0,null,0,null,null,null,0,null,0]
[1102,1500023175,30,null,null,null,0,null,"연기식 감지기","Z06",456,null,43307,"미상신(반려)",28101,"김형국",null,null,null,null,null,0,"개",0,0,0,0,0,null,null,null,0,null,0,null,0,null,null,null,0,null,0]
[1102,1500023175,40,null,null,null,0,null,"차동식감지기","Z06",456,null,43307,"미상신(반려)",28101,"김형국",null,null,null,null,null,0,"개",0,0,0,0,0,null,null,null,0,null,0,null,0,null,null,null,0,null,0]
[1102,1500023175,50,null,null,null,0,null,"Multi Consent","Z06",456,null,43307,"미상신(반려)",28101,"김형국",null,null,null,null,null,0,"개",0,0,0,0,0,null,null,null,0,null,0,null,0,null,null,null,0,null,0]
[1102,1500023175,60,null,null,null,0,null,"AL-ka Battery AAA","Z06",456,null,43307,"미상신(반려)",28101,"김형국",null,null,null,null,null,0,"개",0,0,0,0,0,null,null,null,0,null,0,null,0,null,null,null,0,null,0]
[1102,1500023175,70,null,null,null,0,null,"AL-ka Battery AA","Z06",456,null,43307,"미상신(반려)",28101,"김형국",null,null,null,null,null,0,"개",0,0,0,0,0,null,null,null,0,null,0,null,0,null,null,null,0,null,0]
[1102,1500023175,80,null,null,null,0,null,"CCTV용 교류Adaptor","Z06",456,null,43307,"미상신(반려)",28101,"김형국",null,null,null,null,null,0,"개",0,0,0,0,0,null,null,null,0,null,0,null,0,null,null,null,0,null,0]
[1102,1500023175,90,null,null,null,0,null,"T-5 Lamp 28w","Z06",456,null,43307,"미상신(반려)",28101,"김형국",null,null,null,null,null,0,"개",0,0,0,0,0,null,null,null,0,null,0,null,0,null,null,null,0,null,0]
[1102,1500023175,100,null,null,null,0,null,"Terminal 압착기","Z06",456,null,43307,"미상신(반려)",28101,"김형국",null,null,null,null,null,0,"개",0,0,0,0,0,null,null,null,0,null,0,null,0,null,null,null,0,null,0]
[1102,1500023175,110,null,null,null,0,null,"철판기리 2.5 sus","Z06",456,null,43307,"미상신(반려)",28101,"김형국",null,null,null,null,null,0,"개",0,0,0,0,0,null,null,null,0,null,0,null,0,null,null,null,0,null,0]
[1102,1500023175,120,null,null,null,0,null,"LED 조명컨버터","Z06",456,null,43307,"미상신(반려)",28101,"김형국",null,null,null,null,null,0,"개",0,0,0,0,0,null,null,null,0,null,0,null,0,null,null,null,0,null,0]
[1102,1500023799,10,null,null,null,0,null,"컬러프린트토너(검정)","Z06",456,null,43347,"미상신(반려)",27158,"정보라",null,null,null,null,null,0,"EA",0,0,0,0,0,null,null,null,0,null,0,null,0,null,null,null,0,null,0]
[1102,1500023799,20,null,null,null,0,null,"컬러프린트토너(파랑)","Z06",456,null,43347,"미상신(반려)",27158,"정보라",null,null,null,null,null,0,"EA",0,0,0,0,0,null,null,null,0,null,0,null,0,null,null,null,0,null,0]
[1102,1500023799,30,null,null,null,0,null,"컬러프린트토너(빨강)","Z06",456,null,43347,"미상신(반려)",27158,"정보라",null,null,null,null,null,0,"EA",0,0,0,0,0,null,null,null,0,null,0,null,0,null,null,null,0,null,0]
[1102,1500023799,40,null,null,null,0,null,"컬러프린트토너(노랑)","Z06",456,null,43347,"미상신(반려)",27158,"정보라",null,null,null,null,null,0,"EA",0,0,0,0,0,null,null,null,0,null,0,null,0,null,null,null,0,null,0]
[1102,1500024594,10,null,null,null,0,null,"혼합형메모지","Z06",456,null,43399,"미상신(반려)",4752,"이은아",null,null,null,null,null,0,"EA",0,0,0,0,0,null,null,null,0,null,0,null,0,null,null,null,0,null,0]
[1102,1500024594,20,null,null,null,0,null,"칼라정부화일(노랑)","Z06",456,null,43399,"미상신(반려)",4752,"이은아",null,null,null,null,null,0,"EA",0,0,0,0,0,null,null,null,0,null,0,null,0,null,null,null,0,null,0]
[1102,1500024594,30,null,null,null,0,null,"무선프리젠더","Z06",456,null,43399,"미상신(반려)",4752,"이은아",null,null,null,null,null,0,"EA",0,0,0,0,0,null,null,null,0,null,0,null,0,null,null,null,0,null,0]
[1102,1500024594,40,null,null,null,0,null,"경조사봉투(부의)","Z06",456,null,43399,"미상신(반려)",4752,"이은아",null,null,null,null,null,0,"EA",0,0,0,0,0,null,null,null,0,null,0,null,0,null,null,null,0,null,0]
[1102,1500024594,50,null,null,null,0,null,"경조사봉투(화혼)","Z06",456,null,43399,"미상신(반려)",4752,"이은아",null,null,null,null,null,0,"EA",0,0,0,0,0,null,null,null,0,null,0,null,0,null,null,null,0,null,0]
[1102,1500024594,60,null,null,null,0,null,"경조사봉투(결혼)","Z06",456,null,43399,"미상신(반려)",4752,"이은아",null,null,null,null,null,0,"EA",0,0,0,0,0,null,null,null,0,null,0,null,0,null,null,null,0,null,0]
[1102,1500024594,70,null,null,null,0,null,"듀라셀건전지AA","Z06",456,null,43399,"미상신(반려)",4752,"이은아",null,null,null,null,null,0,"EA",0,0,0,0,0,null,null,null,0,null,0,null,0,null,null,null,0,null,0]
[1102,1500024594,80,null,null,null,0,null,"듀라셀건전지AAA","Z06",456,null,43399,"미상신(반려)",4752,"이은아",null,null,null,null,null,0,"EA",0,0,0,0,0,null,null,null,0,null,0,null,0,null,null,null,0,null,0]
[1102,1500024594,90,null,null,null,0,null,"종이양면테이프","Z06",456,null,43399,"미상신(반려)",4752,"이은아",null,null,null,null,null,0,"EA",0,0,0,0,0,null,null,null,0,null,0,null,0,null,null,null,0,null,0]
[1102,1500024594,100,null,null,null,0,null,"강력면테이프","Z06",456,null,43399,"미상신(반려)",4752,"이은아",null,null,null,null,null,0,"EA",0,0,0,0,0,null,null,null,0,null,0,null,0,null,null,null,0,null,0]
[1102,1500024594,110,null,null,null,0,null,"박스테이프갈색","Z06",456,null,43399,"미상신(반려)",4752,"이은아",null,null,null,null,null,0,"EA",0,0,0,0,0,null,null,null,0,null,0,null,0,null,null,null,0,null,0]
[1102,1500024594,120,null,null,null,0,null,"박스테이프투명","Z06",456,null,43399,"미상신(반려)",4752,"이은아",null,null,null,null,null,0,"EA",0,0,0,0,0,null,null,null,0,null,0,null,0,null,null,null,0,null,0]
[1102,1500024594,130,null,null,null,0,null,"매직테이프세이빙백","Z06",456,null,43399,"미상신(반려)",4752,"이은아",null,null,null,null,null,0,"EA",0,0,0,0,0,null,null,null,0,null,0,null,0,null,null,null,0,null,0]
[1102,1500024594,140,null,null,null,0,null,"칼라정부화일(핑크)","Z06",456,null,43399,"미상신(반려)",4752,"이은아",null,null,null,null,null,0,"EA",0,0,0,0,0,null,null,null,0,null,0,null,0,null,null,null,0,null,0]
[1102,1500024594,150,null,null,null,0,null,"딱풀","Z06",456,null,43399,"미상신(반려)",4752,"이은아",null,null,null,null,null,0,"EA",0,0,0,0,0,null,null,null,0,null,0,null,0,null,null,null,0,null,0]
[1102,1500024594,160,null,null,null,0,null,"제도지","Z06",456,null,43399,"미상신(반려)",4752,"이은아",null,null,null,null,null,0,"EA",0,0,0,0,0,null,null,null,0,null,0,null,0,null,null,null,0,null,0]
[1102,1500024594,170,null,null,null,0,null,"아트지","Z06",456,null,43399,"미상신(반려)",4752,"이은아",null,null,null,null,null,0,"EA",0,0,0,0,0,null,null,null,0,null,0,null,0,null,null,null,0,null,0]
[1102,1500024594,180,null,null,null,0,null,"양면쇼케이스","Z06",456,null,43399,"미상신(반려)",4752,"이은아",null,null,null,null,null,0,"EA",0,0,0,0,0,null,null,null,0,null,0,null,0,null,null,null,0,null,0]
[1102,1000073247,10,null,null,null,0,"Z20050967","지능형 휠체어","Z01",456,null,44230,"미상신(반려)",11512,"남기태",null,null,null,null,null,0,"EA",0,0,0,0,0,null,null,null,0,null,0,null,0,null,null,null,0,null,0]
[1102,1000073326,10,null,null,null,0,"Z20010368","의지상지-미관형의수실리콘리갈(외산) (의지재료) (의지재료)","Z01",456,null,44211,"미상신(반려)",28716,"손민지",null,null,null,null,null,0,"EA",0,0,0,0,0,null,null,null,0,null,0,null,0,null,null,null,0,null,0]
[1102,1000073865,10,null,null,null,0,"Z20050649","스마트어시스트(연구재료) (연구재료)","Z01",456,null,44253,"미상신(반려)",11512,"남기태",null,null,null,null,null,0,"EA",0,0,0,0,0,null,null,null,0,null,0,null,0,null,null,null,0,null,0]
[1102,1000074326,10,null,null,null,0,"Z20050970","로터리 구동모듈","Z01",456,null,44285,"최종승인",28743,"조재성",null,null,null,null,null,0,"EA",0,0,0,0,0,null,null,null,0,null,0,null,0,null,null,null,0,null,0]
[1102,1000074357,10,"물품구매(Gluing membrane 등 3종)",2145600316,"돌봄로봇평가/gluing membrane 등 3종",10,"Z20050814","돌봄로봇평가(연구재료)","Z01",456,null,44309,"최종승인",27377,"정성배",44267,319449,"주식회사 상우과학","2021-03-09","2021-04-30",1,"EA",1320000,1,1320000,0,0,null,null,null,0,null,0,null,0,null,null,null,0,null,0]
[1102,1000074357,20,"물품구매(Gluing membrane 등 3종)",2145600316,"돌봄로봇평가/gluing membrane 등 3종",20,"Z20050814","돌봄로봇평가(연구재료)","Z01",456,null,44309,"최종승인",27377,"정성배",44267,319449,"주식회사 상우과학","2021-03-09","2021-04-30",1,"EA",660000,1,660000,0,0,null,null,null,0,null,0,null,0,null,null,null,0,null,0]
[1102,1000074357,30,"물품구매(Gluing membrane 등 3종)",2145600316,"돌봄로봇평가/gluing membrane 등 3종",30,"Z20050814","돌봄로봇평가(연구재료)","Z01",456,null,44309,"최종승인",27377,"정성배",44267,319449,"주식회사 상우과학","2021-03-09","2021-04-30",1,"EA",495000,1,495000,0,0,null,null,null,0,null,0,null,0,null,null,null,0,null,0]
[1102,1000074644,10,null,null,null,0,"Z20050835","하지-직무형인공발(오딧세이 K3)(연구재료)","Z01",456,null,44278,"최종승인",27783,"이미경",null,null,null,null,null,0,"EA",0,0,0,0,0,null,null,null,0,null,0,null,0,null,null,null,0,null,0]
[1102,1000074644,20,null,null,null,0,"Z20050138","하지-프리덤 하이렌더풋 (연구재료)","Z01",456,null,44278,"최종승인",27783,"이미경",null,null,null,null,null,0,"EA",0,0,0,0,0,null,null,null,0,null,0,null,0,null,null,null,0,null,0]
[1102,1000074644,30,null,null,null,0,"Z20050646","하지-오목로테이팅클램프(연구재료) (연구재료)","Z01",456,null,44278,"최종승인",27783,"이미경",null,null,null,null,null,0,"EA",0,0,0,0,0,null,null,null,0,null,0,null,0,null,null,null,0,null,0]
[1102,1000074644,40,null,null,null,0,"Z20050647","상지-오목형로테이팅스텐(연구재료) (연구재료)","Z01",456,null,44278,"최종승인",27783,"이미경",null,null,null,null,null,0,"EA",0,0,0,0,0,null,null,null,0,null,0,null,0,null,null,null,0,null,0]
[1102,1000074644,50,null,null,null,0,"Z20050230","상지-작업용의수(후크형) (연구재료)","Z01",456,null,44278,"최종승인",27783,"이미경",null,null,null,null,null,0,"EA",0,0,0,0,0,null,null,null,0,null,0,null,0,null,null,null,0,null,0]
[1102,1000074644,60,null,null,null,0,"Z20050077","상지-호스머 신경줄 세트 (연구재료) (연구재료)","Z01",456,null,44278,"최종승인",27783,"이미경",null,null,null,null,null,0,"EA",0,0,0,0,0,null,null,null,0,null,0,null,0,null,null,null,0,null,0]
[1102,1000074644,70,null,null,null,0,"Z20050029","미관형 의수(성림) (연구재료) (연구재료)","Z01",456,null,44278,"최종승인",27783,"이미경",null,null,null,null,null,0,"EA",0,0,0,0,0,null,null,null,0,null,0,null,0,null,null,null,0,null,0]
[1102,1000074700,10,"물품구매요구(DCX10S+GPS10A등 1건/세금계산서)",2145600410,"골유착임플란트/dcx10s gpx10a 등 2종",10,"Z20050686","골유착임플란트(연구재료)","Z01",456,null,44309,"최종승인",11510,"정성윤",44281,305366,"(주) 맥슨모터코리아","2021-03-25","2021-04-30",15,"EA",286000,1,4290000,0,0,null,null,null,0,null,0,null,0,null,null,null,0,null,0]
[1102,1000074700,20,"물품구매요구(DCX10S+GPS10A등 1건/세금계산서)",2145600410,"골유착임플란트/dcx10s gpx10a 등 2종",20,"Z20050686","골유착임플란트(연구재료)","Z01",456,null,44309,"최종승인",11510,"정성윤",44281,305366,"(주) 맥슨모터코리아","2021-03-25","2021-04-30",15,"EA",290400,1,4356000,0,0,null,null,null,0,null,0,null,0,null,null,null,0,null,0]
[1102,1000074711,10,"물품구매요구(엄지 회전모듈 제작/세금계산서)",2145600411,"골유착임플란트/엄지 회전 모듈 제작",10,"Z20050686","골유착임플란트(연구재료)","Z01",456,null,44309,"최종승인",11510,"정성윤",44281,324705,"주식회사 신성텍","2021-03-25","2021-04-30",4,"EA",1469600,1,5878400,0,0,null,null,null,0,null,0,null,0,null,null,null,0,null,0]
[1102,1000074712,10,"물품구매요구(오지전동의수 부품 제작/세금계산서)",2145600465,"스마트소켓/오지전동의수 부품 제작",10,"Z20050607","스마트소켓(연구재료) (연구재료)","Z01",456,null,44309,"최종승인",11510,"정성윤",44293,324705,"주식회사 신성텍","2021-03-25","2021-04-30",4,"EA",1156100,1,4624400,0,0,null,null,null,0,null,0,null,0,null,null,null,0,null,0]
[1102,1000074749,10,"물품구매(오실로스코프/ 세금계산서)",2145600482,"모듈형휠체어/오실로스코프",10,"Z20050916","모듈형휠체어","Z01",456,null,44340,"최종승인",11512,"남기태",44294,328929,"주식회사 젠프로","2021-03-29","2021-05-31",2,"EA",2442000,1,4884000,0,0,null,null,null,0,null,0,null,0,null,null,null,0,null,0]
[1102,1000074949,10,"물품구매(발목장치 PCB 제작 1건/세금계산서)",2145600476,"스마트소켓/ankle PCB M4 제작",10,"Z20050607","스마트소켓(연구재료) (연구재료)","Z01",456,null,44340,"최종승인",11511,"이희태",44293,327104,"시기인더스트리(주)","2021-04-05","2021-05-31",10,"EA",390500,1,3905000,0,0,null,null,null,0,null,0,null,0,null,null,null,0,null,0]
[1102,1000074959,10,"물품구매요구(손가락 마디 PP 제작/세금계산서)",2145600484,"스마트소켓/손가락 마디 pp제작",10,"Z20050607","스마트소켓(연구재료) (연구재료)","Z01",456,null,44309,"최종승인",11510,"정성윤",44294,324705,"주식회사 신성텍","2021-04-05","2021-04-30",4,"EA",1100000,1,4400000,0,0,null,null,null,0,null,0,null,0,null,null,null,0,null,0]
[1102,1000074960,10,"물품구매요구(손가락 모듈 부품 제작/세금계산서)",2145600485,"골유착임플란트/손가락 모듈 부품 제작",10,"Z20050686","골유착임플란트(연구재료)","Z01",456,null,44309,"최종승인",11510,"정성윤",44294,324705,"주식회사 신성텍","2021-04-05","2021-04-30",4,"EA",1573000,1,6292000,0,0,null,null,null,0,null,0,null,0,null,null,null,0,null,0]
[1102,1000075012,10,"물품구매(오일씰 등 1건/세금계산서)",2145600490,"스마트어시스트/오일씰",10,"Z20050649","스마트어시스트(연구재료) (연구재료)","Z01",456,null,44349,"최종승인",28870,"오영찬",44295,328949,"주식회사 현진피에스","2021-04-07","2021-06-09",20,"EA",2240,1,44800,0,0,null,null,null,0,null,0,null,0,null,null,null,0,null,0]
[1102,1000075013,10,"물품구매(타이밍 벨트 등 2건/세금계산서)",2145600491,"스마트어시스트/타이밍 풀리 등 2종",10,"Z20050649","스마트어시스트(연구재료) (연구재료)","Z01",456,null,44328,"최종승인",28870,"오영찬",44295,328959,"우양물산","2021-04-07","2021-05-19",20,"EA",15400,1,308000,0,0,null,null,null,0,null,0,null,0,null,null,null,0,null,0]
[1102,1000075013,20,"물품구매(타이밍 벨트 등 2건/세금계산서)",2145600491,"스마트어시스트/타이밍 풀리 등 2종",20,"Z20050649","스마트어시스트(연구재료) (연구재료)","Z01",456,null,44328,"최종승인",28870,"오영찬",44295,328959,"우양물산","2021-04-07","2021-05-19",10,"EA",1650,1,16500,0,0,null,null,null,0,null,0,null,0,null,null,null,0,null,0]
[1102,1000075019,10,"물품구매(맥슨모터-엔코더포함/세금계산서)",2145600494,"스마트소켓/맥슨모터",10,"Z20050607","스마트소켓(연구재료) (연구재료)","Z01",456,null,44400,"최종승인",8220,"신현준",44295,305366,"(주) 맥슨모터코리아","2021-04-08","2021-07-30",20,"EA",427900,1,8558000,0,0,null,null,null,0,null,0,null,0,null,null,null,0,null,0]
[1102,1000075028,10,"물품구매요구(웜기어 set 제작/세금계산서)",2145600495,"골유착임플란트/웜기어 set 제작",10,"Z20050686","골유착임플란트(연구재료)","Z01",456,null,44370,"최종승인",11510,"정성윤",44295,305358,"(주) 도호코리아","2021-04-08","2021-06-30",25,"EA",236500,1,5912500,0,0,null,null,null,0,null,0,null,0,null,null,null,0,null,0]
[1102,1000075029,10,"물품구매요구(손가락 마디 DP MP 제작/세금계산서)",2145600528,"스마트소켓/손가락 마디 dp<(>&<)>mp제작",10,"Z20050607","스마트소켓(연구재료) (연구재료)","Z01",456,null,44309,"최종승인",11510,"정성윤",44301,324705,"주식회사 신성텍","2021-04-08","2021-04-30",4,"EA",962500,1,3850000,0,0,null,null,null,0,null,0,null,0,null,null,null,0,null,0]
[1102,1000075070,10,"물품구매(맥슨모터-엔코더제외/세금계산서)",2145600525,"스마트소켓/맥슨모터",10,"Z20050607","스마트소켓(연구재료) (연구재료)","Z01",456,null,44400,"최종승인",8220,"신현준",44301,305366,"(주) 맥슨모터코리아","2021-04-12","2021-07-30",20,"EA",276100,1,5522000,0,0,null,null,null,0,null,0,null,0,null,null,null,0,null,0]
[1102,1000075218,10,"물품구매요구(little hand 손가락 마디 제작/세금계산서)",2145600545,"골유착임플란트/리틀 핸드 손가락 마디 제작",10,"Z20050686","골유착임플란트(연구재료)","Z01",456,null,44330,"최종승인",11510,"정성윤",44302,324705,"주식회사 신성텍","2021-04-15","2021-05-21",5,"EA",1650000,1,8250000,0,0,null,null,null,0,null,0,null,0,null,null,null,0,null,0]
[1102,1000075245,10,"물품구매(핸드바이크 충전기)",2145600568,"휠체어사용성검증/핸드바이크 충전기",10,"Z20050915","휠체어사용성검증","Z01",456,null,44308,"최종승인",27377,"정성배",44305,301700,"(주)휠로피아","2021-04-19","2021-04-29",1,"EA",66000,1,66000,0,0,null,null,null,0,null,0,null,0,null,null,null,0,null,0]
[1102,1000075269,10,"물품구매(Knee PCB M7 제작 1건/세금계산서)",2145600578,"스마트소켓/Knee PCB M7 제작",10,"Z20050607","스마트소켓(연구재료) (연구재료)","Z01",456,null,44329,"최종승인",11511,"이희태",44307,327104,"시기인더스트리(주)","2021-04-19","2021-05-20",5,"EA",1210000,1,6050000,0,0,null,null,null,0,null,0,null,0,null,null,null,0,null,0]
[1102,1000075329,10,"물품구매(MyoSkin Natural 등 1건/ 세금계산서)",2145600617,"농작업보조시스템/myoskin natural",10,"Z20050918","농작업보조시스템","Z01",456,null,44323,"최종승인",28673,"전경진",44312,305386,"(주) 오토복코리아헬스케어","2021-04-21","2021-05-14",1,"EA",300000,1,300000,0,0,null,null,null,0,null,0,null,0,null,null,null,0,null,0]
[1102,1000075330,10,"물품구매(ThermoPaper 등 1건/ 세금계산서)",2145600618,"농작업보조시스템/thermopaper",10,"Z20050918","농작업보조시스템","Z01",456,null,44323,"최종승인",28673,"전경진",44312,305386,"(주) 오토복코리아헬스케어","2021-04-21","2021-05-14",1,"EA",85800,1,85800,0,0,null,null,null,0,null,0,null,0,null,null,null,0,null,0]
[1102,1000075347,10,"물품구매(감속기 케이스 시금형 제작 등 1건/ 세금계산서)",2145600637,"스마트어시스트/감속기 케이스 케스팅 시금형 제작",10,"Z20050649","스마트어시스트(연구재료) (연구재료)","Z01",456,null,44370,"최종승인",6879,"김용철",44313,329029,"주식회사 포스트몰드택","2021-04-27","2021-06-30",1,"EA",19800000,1,19800000,0,0,null,null,null,0,null,0,null,0,null,null,null,0,null,0]
[1102,1000075376,10,"물품구매(09863등 21종 1건/법인카드)",2145600593,"모듈형휠체어/09864 등 21종",10,"Z20050916","모듈형휠체어","Z01",456,null,44329,"최종승인",6363,"홍응표",44309,516585676,"모듈형휠체어-5676","2021-04-22","2021-05-20",1,"EA",897580,1,897580,0,0,null,null,null,0,null,0,null,0,null,null,null,0,null,0]
[1102,1000075377,10,"물품구매(랙캐비넷 등 2종/세금계산서)",2145600594,"모듈형휠체어/랙캐비넷 등 2종",10,"Z20050916","모듈형휠체어","Z01",456,null,44329,"최종승인",6363,"홍응표",44309,323396,"스마트솔루션","2021-04-22","2021-05-20",1,"EA",987800,1,987800,0,0,null,null,null,0,null,0,null,0,null,null,null,0,null,0]
[1102,1000075383,10,"물품구매(외골격로봇 신발 1건/법인카드 5410)외골격로봇",2145600619,"외골격로봇/범용착용부 외골격로봇 신발",10,"Z20050807","외골격로봇(연구재료)","Z01",456,null,44365,"최종승인",27520,"최혁재",44312,516525410,"외골격로봇-5410","2021-04-22","2021-06-25",1,"EA",825000,1,825000,0,0,null,null,null,0,null,0,null,0,null,null,null,0,null,0]
[1102,1000075411,10,null,null,null,0,"Z20050807","외골격로봇(연구재료)","Z01",456,null,44316,"최종승인",27685,"황석진",null,null,null,null,null,0,"EA",0,0,0,0,0,null,null,null,0,null,0,null,0,null,null,null,0,null,0]
[1102,1000075426,10,"물품구매(호스머퀵체인지손목장치 등 1건/ 세금계산서)",2145600636,"농작업보조시스템/호스머퀵체인지손목장치",10,"Z20050918","농작업보조시스템","Z01",456,null,44316,"최종승인",28673,"전경진",44313,301263,"성림교역","2021-04-26","2021-05-07",2,"EA",190000,1,380000,0,0,null,null,null,0,null,0,null,0,null,null,null,0,null,0]
[1102,1000075458,10,null,null,null,0,"Z20050686","골유착임플란트(연구재료)","Z01",456,null,44335,"최종승인",11511,"이희태",null,null,null,null,null,0,"EA",0,0,0,0,0,null,null,null,0,null,0,null,0,null,null,null,0,null,0]
[1102,1000075459,10,"물품구매(미관형의수-오*식)",2145600647,"의지상지 미관형의수 등 12종",10,"Z20010368","의지상지-미관형의수실리콘리갈(외산) (의지재료) (의지재료)","Z01",456,null,44315,"최종승인",9144,"정창희",44315,301263,"성림교역","2021-04-28","2021-05-06",5,"EA",230000,1,1150000,0,0,null,null,null,0,null,0,null,0,null,null,null,0,null,0]
[1102,1000075459,20,"물품구매(미관형의수-오*식)",2145600647,"의지상지 미관형의수 등 12종",20,"Z20010558","의지하지-피라미드 (의지재료) (의지재료)","Z01",456,null,44315,"최종승인",9144,"정창희",44315,301263,"성림교역","2021-04-28","2021-05-06",3,"EA",30000,1,90000,0,0,null,null,null,0,null,0,null,0,null,null,null,0,null,0]
[1102,1000075459,30,"물품구매(미관형의수-오*식)",2145600647,"의지상지 미관형의수 등 12종",30,"Z20010457","의지하지-락장식필라우더 (의지재료) (의지재료)","Z01",456,null,44315,"최종승인",9144,"정창희",44315,301263,"성림교역","2021-04-28","2021-05-06",3,"EA",155000,1,465000,0,0,null,null,null,0,null,0,null,0,null,null,null,0,null,0]
[1102,1000075459,40,"물품구매(미관형의수-오*식)",2145600647,"의지상지 미관형의수 등 12종",40,"Z20010682","의지하지-퀀텀발외피(중국) (의지재료)","Z01",456,null,44315,"최종승인",9144,"정창희",44315,301263,"성림교역","2021-04-28","2021-05-06",1,"EA",40000,1,40000,0,0,null,null,null,0,null,0,null,0,null,null,null,0,null,0]
[1102,1000075459,50,"물품구매(미관형의수-오*식)",2145600647,"의지상지 미관형의수 등 12종",50,"Z20010388","의지상지-상박주관절장식키드형중국(중국산) (의지재료) (의지재료)","Z01",456,null,44315,"최종승인",9144,"정창희",44315,301263,"성림교역","2021-04-28","2021-05-06",1,"EA",170000,1,170000,0,0,null,null,null,0,null,0,null,0,null,null,null,0,null,0]
[1102,1000075459,60,"물품구매(미관형의수-오*식)",2145600647,"의지상지 미관형의수 등 12종",60,"Z20010424","의지하지-단축발알미늄세트(중국산) (의지재료) (의지재료)","Z01",456,null,44315,"최종승인",9144,"정창희",44315,301263,"성림교역","2021-04-28","2021-05-06",2,"EA",162000,1,324000,0,0,null,null,null,0,null,0,null,0,null,null,null,0,null,0]
[1102,1000075459,70,"물품구매(미관형의수-오*식)",2145600647,"의지상지 미관형의수 등 12종",70,"Z20010526","의지하지-실리콘싹스이지락킹(미국산) (의지재료) (의지재료)","Z01",456,null,44315,"최종승인",9144,"정창희",44315,301263,"성림교역","2021-04-28","2021-05-06",2,"EA",330000,1,660000,0,0,null,null,null,0,null,0,null,0,null,null,null,0,null,0]
[1102,1000075459,80,"물품구매(미관형의수-오*식)",2145600647,"의지상지 미관형의수 등 12종",80,"Z20010075","의지하지-클램프알미늄(알미늄) (의지재료) (의지재료)","Z01",456,null,44315,"최종승인",9144,"정창희",44315,301263,"성림교역","2021-04-28","2021-05-06",15,"EA",39000,1,585000,0,0,null,null,null,0,null,0,null,0,null,null,null,0,null,0]
[1102,1000075459,90,"물품구매(미관형의수-오*식)",2145600647,"의지상지 미관형의수 등 12종",90,"Z20010555","의지하지-폼카바대퇴용대만(대만산) (의지재료) (의지재료)","Z01",456,null,44315,"최종승인",9144,"정창희",44315,301263,"성림교역","2021-04-28","2021-05-06",5,"EA",89000,1,445000,0,0,null,null,null,0,null,0,null,0,null,null,null,0,null,0]
[1102,1000075459,100,"물품구매(미관형의수-오*식)",2145600647,"의지상지 미관형의수 등 12종",100,"Z20010379","의지상지-상박신경줄호스머(호스머) (의지재료) (의지재료)","Z01",456,null,44315,"최종승인",9144,"정창희",44315,301263,"성림교역","2021-04-28","2021-05-06",1,"EA",95000,1,95000,0,0,null,null,null,0,null,0,null,0,null,null,null,0,null,0]
[1102,1000075459,110,"물품구매(미관형의수-오*식)",2145600647,"의지상지 미관형의수 등 12종",110,"Z20010397","의지상지-작업의수후크알미늄호스머(미국산) (의지재료) (의지재료)","Z01",456,null,44315,"최종승인",9144,"정창희",44315,301263,"성림교역","2021-04-28","2021-05-06",1,"EA",520000,1,520000,0,0,null,null,null,0,null,0,null,0,null,null,null,0,null,0]
[1102,1000075459,120,"물품구매(미관형의수-오*식)",2145600647,"의지상지 미관형의수 등 12종",120,"Z20010389","의지상지-손목장식국산(국산) (의지재료) (의지재료)","Z01",456,null,44315,"최종승인",9144,"정창희",44315,301263,"성림교역","2021-04-28","2021-05-06",3,"EA",17000,1,51000,0,0,null,null,null,0,null,0,null,0,null,null,null,0,null,0]
[1102,1000075460,10,"물품구매(슬리브-김*진)",2145600646,"의지하지 더마 프로플렉스 등 8종",10,"Z20010935","의지하지-더마 프로플렉스 슬리브(453A4)(오토복) (의지재료)","Z01",456,null,44315,"최종승인",9144,"정창희",44315,305386,"(주) 오토복코리아헬스케어","2021-04-28","2021-05-06",2,"EA",130000,1,260000,0,0,null,null,null,0,null,0,null,0,null,null,null,0,null,0]
[1102,1000075460,20,"물품구매(슬리브-김*진)",2145600646,"의지하지 더마 프로플렉스 등 8종",20,"Z20011072","의지상지-근전전동의수내피(독일산)","Z01",456,null,44315,"최종승인",9144,"정창희",44315,305386,"(주) 오토복코리아헬스케어","2021-04-28","2021-05-06",3,"EA",126000,1,378000,0,0,null,null,null,0,null,0,null,0,null,null,null,0,null,0]
[1102,1000075460,30,"물품구매(슬리브-김*진)",2145600646,"의지하지 더마 프로플렉스 등 8종",30,"Z20010543","의지하지-실리콘싹스향균라이너하퇴용(독일산) (의지재료) (의지재료)","Z01",456,null,44315,"최종승인",9144,"정창희",44315,305386,"(주) 오토복코리아헬스케어","2021-04-28","2021-05-06",1,"EA",235000,1,235000,0,0,null,null,null,0,null,0,null,0,null,null,null,0,null,0]
[1102,1000075460,40,"물품구매(슬리브-김*진)",2145600646,"의지하지 더마 프로플렉스 등 8종",40,"Z20010369","의지상지-미관형의수전자글러브레진(외산) (의지재료) (의지재료)","Z01",456,null,44315,"최종승인",9144,"정창희",44315,305386,"(주) 오토복코리아헬스케어","2021-04-28","2021-05-06",3,"EA",162000,1,486000,0,0,null,null,null,0,null,0,null,0,null,null,null,0,null,0]
[1102,1000075460,50,"물품구매(슬리브-김*진)",2145600646,"의지하지 더마 프로플렉스 등 8종",50,"Z20010404","의지상지-전자의수플라스틱센서더미(외산) (의지재료) (의지재료)","Z01",456,null,44315,"최종승인",9144,"정창희",44315,305386,"(주) 오토복코리아헬스케어","2021-04-28","2021-05-06",2,"EA",48000,1,96000,0,0,null,null,null,0,null,0,null,0,null,null,null,0,null,0]
[1102,1000075460,60,"물품구매(슬리브-김*진)",2145600646,"의지하지 더마 프로플렉스 등 8종",60,"Z20010508","의지하지-실리콘싹스대퇴용(대퇴용) (의지재료) (의지재료)","Z01",456,null,44315,"최종승인",9144,"정창희",44315,305386,"(주) 오토복코리아헬스케어","2021-04-28","2021-05-06",1,"EA",399000,1,399000,0,0,null,null,null,0,null,0,null,0,null,null,null,0,null,0]
[1102,1000075460,70,"물품구매(슬리브-김*진)",2145600646,"의지하지 더마 프로플렉스 등 8종",70,"Z20010376","의지상지-상박관절장식원통형(외산) (의지재료) (의지재료)","Z01",456,null,44315,"최종승인",9144,"정창희",44315,305386,"(주) 오토복코리아헬스케어","2021-04-28","2021-05-06",1,"EA",360000,1,360000,0,0,null,null,null,0,null,0,null,0,null,null,null,0,null,0]
[1102,1000075460,80,"물품구매(슬리브-김*진)",2145600646,"의지하지 더마 프로플렉스 등 8종",80,"Z20010044","보조기하지-다이나앵클보조기(독일산) (의지재료) (의지재료)","Z01",456,null,44315,"최종승인",9144,"정창희",44315,305386,"(주) 오토복코리아헬스케어","2021-04-28","2021-05-06",1,"EA",115000,1,115000,0,0,null,null,null,0,null,0,null,0,null,null,null,0,null,0]
[1102,1000075470,10,"물품구매(방석)",2145600650,"욕창예방방석",10,"Z20130029","욕창예방방석공기격자형-Smdub0003(8x9x5) (의지재료) (의지재","Z01",456,null,44315,"최종승인",9144,"정창희",44315,323411,"주식회사씰테크 용인지점","2021-04-27","2021-05-06",5,"EA",230000,1,1150000,0,0,null,null,null,0,null,0,null,0,null,null,null,0,null,0]
[1102,1000075471,10,"물품구매(슬링)",2145600649,"보조기상지 견갑탈골보조기 등 3종",10,"Z20010006","보조기상지-견갑탈골보조기 (의지재료) (의지재료)","Z01",456,null,44315,"최종승인",9144,"정창희",44315,322758,"오르텍주식회사","2021-04-27","2021-05-06",5,"EA",28000,1,140000,0,0,null,null,null,0,null,0,null,0,null,null,null,0,null,0]
[1102,1000075471,20,"물품구매(슬링)",2145600649,"보조기상지 견갑탈골보조기 등 3종",20,"Z20010033","보조기척추-토마스칼라(中) (의지재료) (의지재료)","Z01",456,null,44315,"최종승인",9144,"정창희",44315,322758,"오르텍주식회사","2021-04-27","2021-05-06",5,"EA",3000,1,15000,0,0,null,null,null,0,null,0,null,0,null,null,null,0,null,0]
[1102,1000075471,30,"물품구매(슬링)",2145600649,"보조기상지 견갑탈골보조기 등 3종",30,"Z20010031","보조기척추-토마스칼라(大) (의지재료) (의지재료)","Z01",456,null,44315,"최종승인",9144,"정창희",44315,322758,"오르텍주식회사","2021-04-27","2021-05-06",5,"EA",3000,1,15000,0,0,null,null,null,0,null,0,null,0,null,null,null,0,null,0]
[1102,1000075472,10,"물품구매(매트-김*옥)",2145600648,"욕창예방매트리스",10,"Z20130015","욕창예방매트리스교대부양형-Md300(800x1800x100mm) (의지재","Z01",456,null,44315,"최종승인",9144,"정창희",44315,301766,"은혜메디칼","2021-04-27","2021-05-06",3,"EA",380000,1,1140000,0,0,null,null,null,0,null,0,null,0,null,null,null,0,null,0]
[1102,1000075479,10,"물품구매(실리콘라이너-김*진)",2145600651,"의지하지 실리콘싹스 등 4종",10,"Z20011049","의지하지-실리콘싹스씰인X하퇴용(오서)","Z01",456,null,44315,"최종승인",9144,"정창희",44315,301434,"오서코리아주식회사","2021-04-28","2021-05-06",1,"EA",400000,1,400000,0,0,null,null,null,0,null,0,null,0,null,null,null,0,null,0]
[1102,1000075479,20,"물품구매(실리콘라이너-김*진)",2145600651,"의지하지 실리콘싹스 등 4종",20,"Z20010532","의지하지-실리콘싹스컴포트하퇴용(외산) (의지재료) (의지재료)","Z01",456,null,44315,"최종승인",9144,"정창희",44315,301434,"오서코리아주식회사","2021-04-28","2021-05-06",1,"EA",335000,1,335000,0,0,null,null,null,0,null,0,null,0,null,null,null,0,null,0]
[1102,1000075479,30,"물품구매(실리콘라이너-김*진)",2145600651,"의지하지 실리콘싹스 등 4종",30,"Z20010546","의지하지-실리콘싹스X5씰린대퇴용(미국산) (의지재료) (의지재료)","Z01",456,null,44315,"최종승인",9144,"정창희",44315,301434,"오서코리아주식회사","2021-04-28","2021-05-06",1,"EA",600000,1,600000,0,0,null,null,null,0,null,0,null,0,null,null,null,0,null,0]
[1102,1000075479,40,"물품구매(실리콘라이너-김*진)",2145600651,"의지하지 실리콘싹스 등 4종",40,"Z20010509","의지하지-실리콘싹스더모(미국산) (의지재료) (의지재료)","Z01",456,null,44315,"최종승인",9144,"정창희",44315,301434,"오서코리아주식회사","2021-04-28","2021-05-06",1,"EA",398000,1,398000,0,0,null,null,null,0,null,0,null,0,null,null,null,0,null,0]
[1102,1000075481,10,"물품구매(방석-남*명)",2145600645,"욕창예방방석",10,"Z20130024","욕창예방방석공기격자형-커트로 (의지재료) (의지재료)","Z01",456,null,44315,"최종승인",9144,"정창희",44315,305386,"(주) 오토복코리아헬스케어","2021-04-28","2021-05-06",1,"EA",370000,1,370000,0,0,null,null,null,0,null,0,null,0,null,null,null,0,null,0]
[1102,1000075492,10,"물품구매(휠체어-봉*윤)",2145600652,"휠체어꺽기형 등 5종",10,"Z20120054","휠체어꺽기형-미라지7분리형미키 (의지재료) (의지재료)","Z01",456,null,44315,"최종승인",9144,"정창희",44315,309507,"미키코리아(주)","2021-04-28","2021-05-06",2,"EA",540000,1,1080000,0,0,null,null,null,0,null,0,null,0,null,null,null,0,null,0]
[1102,1000075492,20,"물품구매(휠체어-봉*윤)",2145600652,"휠체어꺽기형 등 5종",20,"Z20120419","휠체어수리-팔받이미키(大,中,小 ) (의지재료) (의지재료)","Z01",456,null,44315,"최종승인",9144,"정창희",44315,309507,"미키코리아(주)","2021-04-28","2021-05-06",6,"EA",12000,1,72000,0,0,null,null,null,0,null,0,null,0,null,null,null,0,null,0]
[1102,1000075492,30,"물품구매(휠체어-봉*윤)",2145600652,"휠체어꺽기형 등 5종",30,"Z20010602","휠체어수리-브레이크(일반형)-미키 (의지재료) (의지재료)","Z01",456,null,44315,"최종승인",9144,"정창희",44315,309507,"미키코리아(주)","2021-04-28","2021-05-06",2,"EA",15000,1,30000,0,0,null,null,null,0,null,0,null,0,null,null,null,0,null,0]
[1102,1000075492,40,"물품구매(휠체어-봉*윤)",2145600652,"휠체어꺽기형 등 5종",40,"Z20120405","휠체어수리-튜브활동형미키(22,24in) (의지재료) (의지재료)","Z01",456,null,44315,"최종승인",9144,"정창희",44315,309507,"미키코리아(주)","2021-04-28","2021-05-06",10,"EA",6000,1,60000,0,0,null,null,null,0,null,0,null,0,null,null,null,0,null,0]
[1102,1000075492,50,"물품구매(휠체어-봉*윤)",2145600652,"휠체어꺽기형 등 5종",50,"Z20120267","휠체어수리-앞바퀴조립투명휠(3,4,5in) (의지재료) (의지재료)","Z01",456,null,44315,"최종승인",9144,"정창희",44315,309507,"미키코리아(주)","2021-04-28","2021-05-06",8,"EA",20000,1,160000,0,0,null,null,null,0,null,0,null,0,null,null,null,0,null,0]
[1102,1300013522,10,null,null,null,0,null,"`21년 1월 승강기점검","Z04",458,null,44203,"최종승인",28101,"김형국",null,null,null,null,null,0,"식",0,0,0,0,0,null,null,null,0,null,0,null,0,null,null,null,0,null,0]
[1102,1400010357,10,"복합기프린터수리(G4900)",2145600566,"복합기프린터수리",10,null,"복합기프린터수리","Z05",456,"서비스",44294,"최종승인",6164,"조성문",44305,329016,"에이원시스템","2021-04-08","2021-04-30",1,"AU",93182,1,93182,0,0,null,null,null,0,null,0,null,0,null,null,null,0,null,0]
[1102,1500036442,10,null,null,null,0,null,"점보롤 500m","Z06",456,null,44214,"미상신(반려)",4398,"원정민",null,null,null,null,null,0,"BOX",0,0,0,0,0,null,null,null,0,null,0,null,0,null,null,null,0,null,0]
[1102,1500036442,20,null,null,null,0,null,"핸드타올 5000매","Z06",456,null,44214,"미상신(반려)",4398,"원정민",null,null,null,null,null,0,"BOX",0,0,0,0,0,null,null,null,0,null,0,null,0,null,null,null,0,null,0]